{"text_format":"1","workbook":"xlsx","n_sheets":3,"sheets":["POOL","GEWEBEFOLIE","PREISE"],"not_rendered":{"charts":0,"images":33,"macros":1,"external_links":0,"defined_names":5,"comments":2,"pivot_tables":0},"unopened":[],"bounds":{"document_bytes":16777216,"sheet_cells":100000,"rows_first":2000,"rows_last":500,"rows_between":2000,"halvings":0,"cell_chars":16384,"cell_head_chars":4096},"cells_cut":0,"cells_raw":0,"read":"whole","date_system":"1900"}

{"sheet":"POOL","index":0,"n_rows":144,"n_cols":20,"rows_kept":144,"cut":false,"hidden":false,"merged":[[10,13,10,14],[11,13,11,14],[10,15,10,16],[9,9,9,10],[10,9,10,10],[11,9,11,10],[10,11,10,12],[11,11,11,12],[1,8,3,8],[2,9,3,10],[8,15,8,16],[9,17,9,18],[9,15,9,16],[9,13,9,14],[9,11,9,12],[7,13,7,14],[7,11,7,12],[7,9,7,10],[8,9,8,10],[8,11,8,12],[8,13,8,14],[1,16,1,17],[6,9,6,10],[6,11,6,12],[6,13,6,14],[6,15,6,16],[6,17,6,18],[3,16,3,17],[2,16,2,17],[132,2,132,5],[17,2,17,5],[18,2,18,5],[123,2,123,4],[124,3,124,4],[126,1,126,3],[126,4,126,5],[29,2,29,5],[28,2,28,4],[101,2,101,3],[16,2,16,5],[1,0,4,1],[1,2,1,5],[2,2,2,5],[3,2,3,5],[4,2,4,5],[10,4,10,5],[11,2,11,5],[12,2,12,5],[13,2,13,5],[14,2,14,5],[15,2,15,5],[117,8,117,17],[118,8,118,17],[115,8,115,17],[116,8,116,17],[27,2,27,4]]}
["POOL Kalkulator PRO",null,null,null,null,"© WUNDERWORKS",null,null,null,null,null,{"$f":"IF(I2>0,IF(VLOOKUP(POOL!I2,#REF!,9,FALSE)=0,\"\",VLOOKUP(POOL!I2,#REF!,9,FALSE)),\"\")","v":""},{"$f":"IF(AND(M3<>\"\",N3<>\"\",O3<>\"\"),SUBSTITUTE(CONCATENATE(\"POOL-SET-\",I2,\"-\",L3,\"-\",M3,\"x\",N3,\"x\",O3,\"-\",P3,\"-\",SUBSTITUTE(Q3,\" \",\"\"),SUBSTITUTE(Q4,\" \",\"\"),\"-\",S3,\".xlsm\"),\"-.xlsm\",\".xlsm\"),\"\")","v":""},null,null,null,null,null,null,{"$f":"IF(I2>0,  ROUND((VLOOKUP(POOL!I2,#REF!,11,FALSE) - J3),0), \"\" )","v":""}]
[null,null,"POOLDOKTOR Handels GmbH"]
[null,null,"Kotzinastrasse 15 - 4030 Linz - AT"]
[null,null,"Telefon: + 43 732 38 22 22"]
[null,null,"Email: office@pooldoktor.at"]
[]
["Datum:",{"$f":"TODAY()","v":"2023-09-21"},"Angebot gültig bis:",null,null,{"$f":"B7+30","v":"2023-10-21"}]
[null,null,null,null,null,"(Angebot freibleibend - Datum und Preise nur gültig mit aktuelle Inhalten bei PDF oder Ausdruck)"]
["Ihre Anschrift - Kundendaten"]
[null,"bitte vollständig ausfüllen:"]
["Rechnungsadresse",null,"Lieferadresse?",null,"falls abweichend"]
["Titel"]
["Name"]
["Straße"]
["PLZ"]
["Ort",null,null,null,null,null,null,null,"Seit über 17 Jahren sind wir spezialisiert auf Beratung & Verkauf von Styroporpools!"]
["Land","Österreich",null,null,null,null,null,null,"Über 11.000 Styroporpools wurden von unseren Kunden erfolgreich erstellt!"]
["Telefon",null,null,null,null,null,null,null,">> ERFAHRUNGSBERICHTE & FOTOS unserer Styroporpool Kunden"]
["Email",null,null,null,null,null,null,null,">> REFERENZEN - wer hat einen Styroporpool gebaut?"]
[null,null,{"$f":"IF($C$22=\"\",\"\",$C$22/100)","v":8},{"$f":"IF($D$22=\"\",\"\",$D$22/100)","v":4}]
["Fragen bzw. Angaben zu Ihrem Pool",null,"Länge?","Breite?","Form?",null,null,null,"Warum bei Pooldoktor kaufen? Wir beraten Sie gerne objektiv:"]
["Bitte geben Sie das INNENMASS ihres Schwimmbeckens an (in cm):",null,800,400,"ECKIG",null,null,null,">> Wie plane ich einen Pool?"]
["Wie TIEF soll ihr Pool werden? (in cm):",null,150,"cm",null,null,null,null,">> SET Unterschiede in der Ausstattung im Vergleich zum Mitbewerb"]
[]
["Folie:"]
["Soll bei ihnen 1.5mm Gewebefolie durch eine Fachfirma verlegt werden? Oder einen 0,8mm Foliensack selber einhängen?   "]
["Achtung! Stufen sind nur bei einem Pool mit Gewebefolie möglich!  Fertigtreppe hingegen nur bei einem Pool mit Foliensack!"]
["Bitte Folie wählen - Gewebefolie verlegt oder Foliensack selber einhängen?",null,"GEWEBEFOLIE"]
[]
[{"$f":"IF(C28=\"GEWEBEFOLIE\",\"Hat ihr Pool eine RÖMISCHE Treppe ? Bitte wählen sie den Radius:\",\"\")","v":"Hat ihr Pool eine RÖMISCHE Treppe ? Bitte wählen sie den Radius:"}]
[{"$f":"IF(C28=\"GEWEBEFOLIE\",\"Hat ihr Pool eine AUSSENLIEGENDE GERADE Treppe? Innenmass in cm ein:\",\"\")","v":"Hat ihr Pool eine AUSSENLIEGENDE GERADE Treppe? Innenmass in cm ein:"},null,null,null,{"$f":"IF(C28=\"GEWEBEFOLIE\",\"(Länge x Breite in cm)\",\"\")","v":"(Länge x Breite in cm)"}]
[]
[]
["Foliensack 0,8 mm / zum Selber Einhängen",null,null,null,null,null,null,null,"↑nach oben"]
["Innenhüllen - Standardgrössen (nur bei 6x3, 7x3.5, 8x4, 9x4, 10x5 mit 150cm Tiefe möglich!)",null,null,null,null,null,null,null,null,null,null,null,null,null,">> DETAILS Einhängefolien"]
[null,"Modell 3 - runde Ecke - mit Keilbiese:"]
[{"$f":"IF(AND($C$22=600,$D$22=300,$C$23=150,$E$22=\"ECKIG\"),25004997,           IF(AND($C$22=700,$D$22=350,$C$23=150,$E$22=\"ECKIG\"),25004893,           IF(AND($C$22=800,$D$22=400,$C$23=150,$E$22=\"ECKIG\"),25004999,           IF(AND($C$22=900,$D$22=400,$C$23=150,$E$22=\"ECKIG\"),25004000,           IF(AND($C$22=1000,$D$22=500,$C$23=150,$E$22=\"ECKIG\"),25004002,           \"\"         )          )          )          )         )","v":25004999},{"$f":"IFERROR(VLOOKUP(A37,PREISE!$A:$B,2,FALSE),\"Kein Standardmass!\")","v":"INNENHÜLLE Eckig 8,00x4,00x1,50m, PVC 0,8 mm, BLAU, Mod.3"},{"$f":"IF(SUM(C51:C56)>0,\"\",IF(AND(SUM(C38:C41)=0,A37<>\"\",C28=\"FOLIENSACK\"),1,\"\"))","v":""},"Stk.",{"$f":"IFERROR(VLOOKUP(A37,PREISE!$A:$C,3,FALSE),\"\")","v":790.83},{"$f":"IF(C37=\"\",\"\",C37*E37)","v":""},{"$f":"IF(F37=\"\",\"\",CONCATENATE(C37,\"*\",A37))","v":""},null,null,null,null,null,null,null,"Info - zu Lieferzeiten"]
[{"$f":"IF(AND($C$22=600,$D$22=300,$C$23=150,$E$22=\"ECKIG\"),25003997,           IF(AND($C$22=700,$D$22=350,$C$23=150,$E$22=\"ECKIG\"),25006893,           IF(AND($C$22=800,$D$22=400,$C$23=150,$E$22=\"ECKIG\"),25002999,           IF(AND($C$22=900,$D$22=400,$C$23=150,$E$22=\"ECKIG\"),25003000,           IF(AND($C$22=1000,$D$22=500,$C$23=150,$E$22=\"ECKIG\"),25009002,           \"\"         )         )          )                   )          )","v":25002999},{"$f":"IFERROR(VLOOKUP(A38,PREISE!$A:$B,2,FALSE),\"\")","v":"INNENHÜLLE Eckig 8,00x4,00x1,50m, PVC 0,8 mm, SAND, Mod.3"},null,"Stk.",{"$f":"IFERROR(VLOOKUP(A38,PREISE!$A:$C,3,FALSE),\"\")","v":874.17},"","",null,null,null,null,null,null,null,"Standardgrössen in div. Farben sind meist Lagerware!"]
[{"$f":"IF(AND($C$22=600,$D$22=300,$C$23=150,$E$22=\"ECKIG\"),24950082,           IF(AND($C$22=700,$D$22=350,$C$23=150,$E$22=\"ECKIG\"),24950081,           IF(AND($C$22=800,$D$22=400,$C$23=150,$E$22=\"ECKIG\"),24950080,           \"\"         )                   )          )","v":24950080},{"$f":"IFERROR(VLOOKUP(A39,PREISE!$A:$B,2,FALSE),\"\")","v":"Innenhülle 0,8mm - ECKIG - 800 x 400 x 150 - Mod 3 - Farbe GRAU"},null,"Stk.",{"$f":"IFERROR(VLOOKUP(A39,PREISE!$A:$C,3,FALSE),\"\")","v":832.5},"","",null,null,null,null,null,null,null,"Sonderanfertigungen hingegen haben sehr lange Lieferzeiten!"]
[{"$f":"IF(AND($C$22=600,$D$22=300,$C$23=150,$E$22=\"ECKIG\"),24950052,           IF(AND($C$22=700,$D$22=350,$C$23=150,$E$22=\"ECKIG\"),24950051,           IF(AND($C$22=800,$D$22=400,$C$23=150,$E$22=\"ECKIG\"),24950050,           \"\"         )                   )          )","v":24950050},{"$f":"IFERROR(VLOOKUP(A40,PREISE!$A:$B,2,FALSE),\"\")","v":"Innenhülle 0,8mm - ECKIG - 800 x 400 x 150 - Mod 3 - Farbe WEISS"},null,"Stk.",{"$f":"IFERROR(VLOOKUP(A40,PREISE!$A:$C,3,FALSE),\"\")","v":832.5},{"$f":"IF(C40=\"\",\"\",C40*E40)","v":""},"",null,null,null,null,null,null,null,"(im Jahr 2021 zB. 12 - 20 Wochen)"]
[{"$f":"IF(AND($C$22=600,$D$22=300,$C$23=150,$E$22=\"ECKIG\"),24950062,           IF(AND($C$22=700,$D$22=350,$C$23=150,$E$22=\"ECKIG\"),24950061,           IF(AND($C$22=800,$D$22=400,$C$23=150,$E$22=\"ECKIG\"),24950060,           \"\"         )                   )          )","v":24950060},{"$f":"IFERROR(VLOOKUP(A41,PREISE!$A:$B,2,FALSE),\"\")","v":"Innenhülle 0,8mm - ECKIG - 800 x 400 x 150 - Mod 3 - Farbe HELLBLAU"},null,"Stk.",{"$f":"IFERROR(VLOOKUP(A41,PREISE!$A:$C,3,FALSE),\"\")","v":832.5},"",""]
[null,{"$f":"IF(AND(C28=\"FOLIENSACK\",SUM(C37:C41)=0),\"Bitte tragen sie die m2 der gewünschen Sonderanfertigung ein!\",\"\")","v":""},null,null,null,null,null,null,null,null,null,null,null,null,"Es ist daher ratsam sich beim Poolbau an Standardgrössen zu orientieren!"]
["Innenhüllen - Sonderanfertigungen in verschiedenen Farben (Mod 1 o. 3)",null,null,{"$f":"IF(AND(C22<>\"\",D22<>\"\",C23<>\"\"),IF(E22=\"ECKIG\",ROUNDUP((2*C22/100+2*D22/100)*1.5 + C22*D22/10000,0),          IF(OR(E22=\"RUND\",E22=\"OVAL\",E22=\"ACHTFORM\"), ROUNDUP( (( (C22-D22)*2/100)  +   D22*3.14/100 ) * 1.5  + C22*D22/10000, 0),           \"\"             )             )                )","v":68},"m2"]
[null,"Modell 3 - runde Ecke - mit Keilbiese ODER Einhängebiese (auch bei OVAL, RUND möglich!!!):",null,null,null,null,null,null,null,null,null,null,null,null,"Welche Farbe? Das ist Geschmacksache!",null,null,null,">> Beispiele Poolfarben"]
[25002030,{"$f":"IFERROR(VLOOKUP(A45,PREISE!$A:$B,2,FALSE),\"Kein Standardmass!\")","v":"HIT- Folie 0.80 mm, Sonderanfertigung - BLAU, per m2, Mod. 3"},{"$f":"IF(AND(C28=\"FOLIENSACK\",OR(E22=\"OVAL\",E22=\"RUND\",E22=\"ACHTFORM\"),SUM(F37:F41)=0),D43,   IF(AND(C28=\"FOLIENSACK\",E22=\"ECKIG\",SUM(F37:F41)=0),D43,\"\")    )","v":""},"m2",{"$f":"IFERROR(VLOOKUP(A45,PREISE!$A:$C,3,FALSE),\"\")","v":19.079999999999998},{"$f":"IF(C45=\"\",\"\",C45*E45)","v":""},{"$f":"IF(F45=\"\",\"\",CONCATENATE(C45,\"*\",A45))","v":""},null,null,null,null,null,null,null,"Aber je heller desto mehr sieht man den Schmutz,"]
[25002055,{"$f":"IFERROR(VLOOKUP(A46,PREISE!$A:$B,2,FALSE),\"\")","v":"HIT- Folie 0.80 mm, Sonderanfertigung - SAND, per m2, Mod. 3"},null,"m2",{"$f":"IFERROR(VLOOKUP(A46,PREISE!$A:$C,3,FALSE),\"\")","v":19.079999999999998},"","",null,null,null,null,null,null,null,"je dunkler desto mehr Ausbleichung durch Desinfektion / Sonne!"]
[25002075,{"$f":"IFERROR(VLOOKUP(A47,PREISE!$A:$B,2,FALSE),\"\")","v":"HIT- Folie 0.80 mm, Sonderanfertigung - GRAU, per m2, Mod. 3"},null,"m2",{"$f":"IFERROR(VLOOKUP(A47,PREISE!$A:$C,3,FALSE),\"\")","v":19.079999999999998},"",""]
[25002036,{"$f":"IFERROR(VLOOKUP(A48,PREISE!$A:$B,2,FALSE),\"\")","v":"HIT- Folie 0.80 mm, Sonderanfertigung - WEISS, per m2, Mod. 3"},null,"m2",{"$f":"IFERROR(VLOOKUP(A48,PREISE!$A:$C,3,FALSE),\"\")","v":19.079999999999998},{"$f":"IF(C48=\"\",\"\",C48*E48)","v":""},""]
[25002035,{"$f":"IFERROR(VLOOKUP(A49,PREISE!$A:$B,2,FALSE),\"\")","v":"HIT- Folie 0.80 mm, Sonderanfertigung - HELLBLAU, per m2, Mod. 3"},null,"m2",{"$f":"IFERROR(VLOOKUP(A49,PREISE!$A:$C,3,FALSE),\"\")","v":19.079999999999998},"","",null,null,null,null,">> Montage Folie"]
[null,"Modell 1 - geschweisste Ecke - mit Keilbiese (nur ECKIG möglich !!!):",null,null,null,null,""]
[25006030,{"$f":"IFERROR(VLOOKUP(A51,PREISE!$A:$B,2,FALSE),\"Kein Standardmass!\")","v":"HIT- Folie 0.80 mm, Sonderanfertigung - BLAU, per m2, Mod. 1"},null,"m2",{"$f":"IFERROR(VLOOKUP(A51,PREISE!$A:$C,3,FALSE),\"\")","v":22.42},{"$f":"IF(C51=\"\",\"\",C51*E51)","v":""},""]
[25008055,{"$f":"IFERROR(VLOOKUP(A52,PREISE!$A:$B,2,FALSE),\"\")","v":"HIT- Folie 0.80 mm, Sonderanfertigung - SAND, per m2, Mod. 1"},null,"m2",{"$f":"IFERROR(VLOOKUP(A52,PREISE!$A:$C,3,FALSE),\"\")","v":22.42},"",""]
[25008075,{"$f":"IFERROR(VLOOKUP(A53,PREISE!$A:$B,2,FALSE),\"\")","v":"HIT- Folie 0.80 mm, Sonderanfertigung - GRAU, per m2, Mod. 1"},null,"m2",{"$f":"IFERROR(VLOOKUP(A53,PREISE!$A:$C,3,FALSE),\"\")","v":22.42},"",""]
[25006036,{"$f":"IFERROR(VLOOKUP(A54,PREISE!$A:$B,2,FALSE),\"\")","v":"HIT- Folie 0.80 mm, Sonderanfertigung - WEISS, per m2, Mod. 1"},null,"m2",{"$f":"IFERROR(VLOOKUP(A54,PREISE!$A:$C,3,FALSE),\"\")","v":22.42},"",""]
[25006035,{"$f":"IFERROR(VLOOKUP(A55,PREISE!$A:$B,2,FALSE),\"\")","v":"HIT- Folie 0.80 mm, Sonderanfertigung - HELLBLAU, per m2, Mod. 1"},null,"m2",{"$f":"IFERROR(VLOOKUP(A55,PREISE!$A:$C,3,FALSE),\"\")","v":22.42},{"$f":"IF(C55=\"\",\"\",C55*E55)","v":""},""]
[25006036,{"$f":"IFERROR(VLOOKUP(A56,PREISE!$A:$B,2,FALSE),\"\")","v":"HIT- Folie 0.80 mm, Sonderanfertigung - WEISS, per m2, Mod. 1"},null,"m2",{"$f":"IFERROR(VLOOKUP(A56,PREISE!$A:$C,3,FALSE),\"\")","v":22.42},{"$f":"IF(C56=\"\",\"\",C56*E56)","v":""},"",null,"Modell 3 - Runde Ecken:",null,null,null,null,null,"Modell 1 - Ausgebildete Ecke:"]
[null,"Versandkosten - Folie Sonderanfertigung AB Werk:",null,null,null,null,"",null,"Die Folie hat Folienprofile mit „RUNDUNG“ in der Ecke.",null,null,null,null,null,"Jede Ecke hat eine eigene senkrechte Schweißnaht. "]
[81008160,{"$f":"IFERROR(VLOOKUP(A58,PREISE!$A:$B,2,FALSE),\"\")","v":"AT+ DE Versandkosten POOL - FOLIE"},{"$f":"IF(OR(SUM(C45:C56)>0,SUM(C37:C41)>0),1,\"\")","v":""},"Stk.",{"$f":"IFERROR(VLOOKUP(A58,PREISE!$A:$C,3,FALSE),\"\")","v":95},"","",null,"Die vertikale Fläche wird mit einer Bahn und nur 1 Schweißnaht produziert",null,null,null,null,null,"Folienprofile sind 90° Im Winkel montiert."]
[null,null,null,null,null,null,null,null,"Wir empfehlen Modell 3 - da preiswerter in der Fertigung und EINFACHER zu montieren!"]
["Zubehör für Innenhüllen",null,null,{"$f":"IF(E22=\"ECKIG\", CEILING(2*C22/100+2*D22/100,2),   IF(OR(E22=\"RUND\",E22=\"OVAL\"), CEILING(ROUNDUP( (( (C22-D22)*2/100)  +   D22*3.14/100 ), 0),2), \"\" )   )","v":24},"lfm"]
[25003001,{"$f":"IFERROR(VLOOKUP(A61,PREISE!$A:$B,2,FALSE),\"Kein Standardmass!\")","v":"Vlies weiss 300 gr./m2 (50 lfm/ H165 =82,5m2)"},{"$f":"IF(AND(C28=\"FOLIENSACK\",D43>0,D43<=70,SUM(C37:C56)>0),1, IF(AND(C28=\"FOLIENSACK\",D43>70,D43<=140,SUM(C37:C56)>0),2, \"\"   )   )","v":""},"Stk.",{"$f":"IFERROR(VLOOKUP(A61,PREISE!$A:$C,3,FALSE),\"\")","v":249.17},{"$f":"IF(C61=\"\",\"\",C61*E61)","v":""},{"$f":"IF(F61=\"\",\"\",CONCATENATE(C61,\"*\",A61))","v":""}]
[25006813,{"$f":"IFERROR(VLOOKUP(A62,PREISE!$A:$B,2,FALSE),\"\")","v":"Desinfektionsmittel für den Untergrund 1000 ml - (Vlies)"},{"$f":"IF(AND(C28=\"FOLIENSACK\",D43>0,D43<=70,SUM(C37:C56)>0),1, IF(AND(C28=\"FOLIENSACK\",D43>70,D43<=140,SUM(C37:C56)>0),2, \"\"   )   )","v":""},"Stk.",{"$f":"IFERROR(VLOOKUP(A62,PREISE!$A:$C,3,FALSE),\"\")","v":42.75},{"$f":"IF(C62=\"\",\"\",C62*E62)","v":""},""]
[25002190,{"$f":"IFERROR(VLOOKUP(A63,PREISE!$A:$B,2,FALSE),\"\")","v":"Folieneinhängeprofil - Breite 105 mm, L= 200 cm"},{"$f":"IF(AND(C28=\"FOLIENSACK\",SUM(C37:C56)>0),    IF(E22=\"ECKIG\", CEILING(2*C22/100+2*D22/100,2)/2,   IF(OR(E22=\"RUND\",E22=\"OVAL\"), CEILING(ROUNDUP( (( (C22-D22)*2/100)  +   D22*3.14/100 ), 0),2)/2, \"\" )   ), \"\"     )","v":""},"Stk.",{"$f":"IFERROR(VLOOKUP(A63,PREISE!$A:$C,3,FALSE),\"\")","v":9.92},"",""]
[25002198,{"$f":"IFERROR(VLOOKUP(A64,PREISE!$A:$B,2,FALSE),\"\")","v":"Eckprofil 90° - Breite 105 mm, für Folie Modell 3 - per Stk"},{"$f":"IF(AND(C28=\"FOLIENSACK\",E22=\"ECKIG\",SUM(C37:C56)>0),4,\"\")","v":""},"Stk.",{"$f":"IFERROR(VLOOKUP(A64,PREISE!$A:$C,3,FALSE),\"\")","v":9.92},"",""]
[25002182,{"$f":"IFERROR(VLOOKUP(A65,PREISE!$A:$B,2,FALSE),\"\")","v":"Klemmprofil (Kederprofil) für Folie, weiss - Menge 25 lfm"},null,"Stk.",{"$f":"IFERROR(VLOOKUP(A65,PREISE!$A:$C,3,FALSE),\"\")","v":50.44},{"$f":"IF(C65=\"\",\"\",C65*E65)","v":""},""]
[null,null,null,{"$f":"IF(SUM(F37:F65)>0,\"Gesamt:\",\"\")","v":""},{"$f":"IF(SUM(F37:F65)>0,SUM(F37:F65),\"\")","v":""}]
[]
["Gewebefolie 1.5mm / Komplett verlegt vor Ort durch Fachfirma",null,null,null,null,null,null,null,"↑nach oben"]
["Die Folie wird fachgerecht verlegt bzw. verschweisst - inkl. Garantie!",null,null,{"$f":"IF(AND(C22<>\"\",D22<>\"\",C23<>\"\"),IF(E22=\"ECKIG\",ROUNDUP((2*C22/100+2*D22/100)*1.5 + C22*D22/10000,0),          IF(OR(E22=\"RUND\",E22=\"OVAL\"), ROUNDUP( (( (C22-D22)*2/100)  +   D22*3.14/100 ) * 1.5  + C22*D22/10000, 0),           \"\"             )             )                )","v":68},"m2",null,null,null,"Professionelle Verlegung durch eine Fachfirma! Sie suchen die Farbe aus!"]
[null,"Alkorplan m2 Folie zum Sonderpreis für unserer Poolkunden:"]
[25108995,{"$f":"LEFT(VLOOKUP(A71,PREISE!$A:$B,2,FALSE),60)","v":"Gewebefolie (1,5 mm) - Verlegung mit ALKORPLAN 2000 - SETKAU"},{"$f":"IF(C104=\"\",IF(SUM(C72:C74)>0,\"\",IF(AND(C28=\"GEWEBEFOLIE\",D69>0),D69,\"\")),\"\")","v":68},"m2",{"$f":"IFERROR(VLOOKUP(A71,PREISE!$A:$C,3,FALSE),\"\")","v":55},{"$f":"IF(C71=\"\",\"\",C71*E71)","v":3740},{"$f":"IF(F71=\"\",\"\",CONCATENATE(C71,\"*\",A71))","v":"68*25108995"}]
[25108014,{"$f":"LEFT(VLOOKUP(A72,PREISE!$A:$B,2,FALSE),60)","v":"Gewebefolie (1,5 mm) - Verlegung mit ALKORPLAN Xtreme - SETK"},null,"m2",{"$f":"IFERROR(VLOOKUP(A72,PREISE!$A:$C,3,FALSE),\"\")","v":82.9},"",""]
[25108996,{"$f":"LEFT(VLOOKUP(A73,PREISE!$A:$B,2,FALSE),60)","v":"Gewebefolie (1,5mm) - Verlegung mit ALKORPLAN 3000 - MOSAIK "},null,"m2",{"$f":"IFERROR(VLOOKUP(A73,PREISE!$A:$C,3,FALSE),\"\")","v":89},"",""]
[25108993,{"$f":"LEFT(VLOOKUP(A74,PREISE!$A:$B,2,FALSE),60)","v":"Gewebefolie (1,5 mm) - Verlegung mit ALKORPLAN - TOUCH / VOG"},null,"m2",{"$f":"IFERROR(VLOOKUP(A74,PREISE!$A:$C,3,FALSE),\"\")","v":109},"",""]
[25108028,{"$f":"LEFT(VLOOKUP(A75,PREISE!$A:$B,2,FALSE),60)","v":"Mehrkosten *35 m2 pro Rolle Verlegungsfläche - bei Touch, Mo"},{"$f":"IF(C74<>\"\",CEILING(C74,35)-C74,\"\")","v":""},"x",{"$f":"IFERROR(VLOOKUP(A75,PREISE!$A:$C,3,FALSE),\"\")","v":55},"","",null,null,null,null,"5 Jahre Garantie auf Verlegung"]
[25108096,{"$f":"LEFT(VLOOKUP(A76,PREISE!$A:$B,2,FALSE),60)","v":"Aufpreis Gewebefolie (1,5 mm) - Mindermenge unter 45 m2 Fläc"},{"$f":"IF(C104=\"\",IF(AND(C28=\"GEWEBEFOLIE\",SUM(C71:C74)<45),45-SUM(C71:C74),\"\"),\"\")","v":""},"m2",{"$f":"IFERROR(VLOOKUP(A76,PREISE!$A:$C,3,FALSE),\"\")","v":55},{"$f":"IF(C76=\"\",\"\",C76*E76)","v":""},{"$f":"IF(OR(F76=\"\",C76=0),\"\",CONCATENATE(C76,\"*\",A76))","v":""},null,null,null,null,"10 Jahre Garantie auf das Material der Folie"]
["Die gewünschte Farbe der Folie wird dann VOR der Verlegung DIREKT mit unserer Partnerfirma besprochen!",null,null,null,null,null,null,null,null,null,null,"acrylbeschichtete Folie"]
[null,"Verlegung der Stufen, Einbinden der Einbauteile:",null,null,null,null,""]
[25108998,{"$f":"LEFT(VLOOKUP(A79,PREISE!$A:$B,2,FALSE),60)","v":"Gewebefolie - Verlegung - Stufen gerade Kante - bis 250 cm B"},{"$f":"IF(C104=\"\",IF(SUM(C80:C82)>0,\"\",IF(C28=\"GEWEBEFOLIE\",4,\"\")),\"\")","v":4},"Stk.",{"$f":"IFERROR(VLOOKUP(A79,PREISE!$A:$C,3,FALSE),\"\")","v":175},{"$f":"IF(C79=\"\",\"\",C79*E79)","v":700},"4*25108998",null,"Die Stufen werden mit Trittschutzfolie (Noppen) verkleidet!"]
[25108999,{"$f":"LEFT(VLOOKUP(A80,PREISE!$A:$B,2,FALSE),60)","v":"Gewebefolie - Verlegung - Römer Stufe - bis 250 cm Breite - "},{"$f":"IF(OR(C30=\"R100 - 200cm breit\",C30=\"R125 - 250cm breit\"),IF(C28=\"GEWEBEFOLIE\",4,\"\"), \"\")","v":""},"Stk.",{"$f":"IFERROR(VLOOKUP(A80,PREISE!$A:$C,3,FALSE),\"\")","v":200},"",""]
[25108000,{"$f":"LEFT(VLOOKUP(A81,PREISE!$A:$B,2,FALSE),60)","v":"Gewebefolie - Verlegung - Stufe gerade Kante - über 250 cm B"},{"$f":"IF(D31>250,IF(C28=\"GEWEBEFOLIE\",4,\"\"), \"\")","v":""},"Stk.",{"$f":"IFERROR(VLOOKUP(A81,PREISE!$A:$C,3,FALSE),\"\")","v":245},"","",null,">> DETAILS zur Gewebefolienverlegung"]
[25108001,{"$f":"LEFT(VLOOKUP(A82,PREISE!$A:$B,2,FALSE),60)","v":"Gewebefolie - Verlegung - Römer Stufe - über 250 cm Breite -"},{"$f":"IF(C30=\"R150 - 300cm breit\",IF(C28=\"GEWEBEFOLIE\",4,\"\"), \"\")","v":""},"Stk.",{"$f":"IFERROR(VLOOKUP(A82,PREISE!$A:$C,3,FALSE),\"\")","v":245},"",""]
[25108005,{"$f":"LEFT(VLOOKUP(A83,PREISE!$A:$B,2,FALSE),60)","v":"Gewebefolie - Verlegung - Sitz-/ Massagebank bis 250 cm - SE"},null,"Stk.",{"$f":"IFERROR(VLOOKUP(A83,PREISE!$A:$C,3,FALSE),\"\")","v":250},"","",null,">> HINWEISE zur Verarbeitung / Alkorplan"]
[25108003,{"$f":"LEFT(VLOOKUP(A84,PREISE!$A:$B,2,FALSE),60)","v":"Gewebefolie - Verlegung - Einbauteile einbinden - SETKAUF"},6,"Stk.",{"$f":"IFERROR(VLOOKUP(A84,PREISE!$A:$C,3,FALSE),\"\")","v":12},{"$f":"IF(C84=\"\",\"\",C84*E84)","v":72},"6*25108003"]
[null,"Aufpreis High Level Pool:",null,null,null,null,"",null,">> Welche Farben sind möglich?"]
[25108002,{"$f":"LEFT(VLOOKUP(A86,PREISE!$A:$B,2,FALSE),60)","v":"Gewebefolie - Verlegung - Einkleiden der Überlaufrinne - SET"},null,"lfm.",{"$f":"IFERROR(VLOOKUP(A86,PREISE!$A:$C,3,FALSE),\"\")","v":130},{"$f":"IF(C86=\"\",\"\",C86*E86)","v":""},""]
[25108950,{"$f":"LEFT(VLOOKUP(A87,PREISE!$A:$B,2,FALSE),60)","v":"Gewebefolie (1,5 mm) - Ausgleichsbehälter High Level Pool pe"},null,"m2",{"$f":"IFERROR(VLOOKUP(A87,PREISE!$A:$C,3,FALSE),\"\")","v":55},"",""]
[null,"Technikverrohrung gewünscht?",null,null,null,null,""]
[25108007,{"$f":"LEFT(VLOOKUP(A89,PREISE!$A:$B,2,FALSE),60)","v":"Technikverrohrung Filteranlage im Filterschacht (nur bei Gew"},null,"x",{"$f":"IFERROR(VLOOKUP(A89,PREISE!$A:$C,3,FALSE),\"\")","v":650},{"$f":"IF(C89=\"\",\"\",C89*E89)","v":""},"",null,"Die Gewebefolienverleger sind Poolbauer und können auch ihre Pooltechnik montieren!"]
[25108010,{"$f":"LEFT(VLOOKUP(A90,PREISE!$A:$B,2,FALSE),60)","v":"Technikeinbau je (z.B Gegenstromanlage, Salzanlage, pH-Regel"},null,"x",{"$f":"IFERROR(VLOOKUP(A90,PREISE!$A:$C,3,FALSE),\"\")","v":115},{"$f":"IF(C90=\"\",\"\",C90*E90)","v":""},""]
[{"$f":"IF(B17=\"Deutschland\",25102097,\"\")","v":""},{"$f":"IFERROR(LEFT(VLOOKUP(A91,PREISE!$A:$B,2,FALSE),58),\"\")","v":""},null,null,{"$f":"IFERROR(VLOOKUP(A91,PREISE!$A:$C,3,FALSE),\"\")","v":""},{"$f":"IF(C91=\"\",\"\",C91*E91)","v":""},""]
["Die Gewebefolienverlegung ist nur in AT und DE je nach ihrer PLZ mit verschiedenen Partnerfirmen möglich!",null,null,null,null,null,""]
[null,"Anfahrtsspesen zum Kunden (2x - hin/retour) - bitte eintragen:","Wels","oder","Leipzig",null,"",null,"Bitte berechnen sie die Kilometer x 2 mit Google Maps (AT + Bayern nach Wels, sonst. DE aus Leipzig)"]
["Kunden aus Österreich und Bayern berechnen die Distanz von Wels, Kunden aus Deutschland jene von Leipzig bitte! KM Mal 2 - hin und retour",null,null,null,null,null,""]
[25108004,{"$f":"LEFT(VLOOKUP(A95,PREISE!$A:$B,2,FALSE),60)","v":"Anfahrtsspesen - für Gewebefolienverlegung - SETKAUF"},250,"KM",{"$f":"IFERROR(VLOOKUP(A95,PREISE!$A:$C,3,FALSE),\"\")","v":0.9},{"$f":"IF(C95=\"\",\"\",C95*E95)","v":225},"250*25108004"]
[null,null,null,{"$f":"IF(AND(C28=\"GEWEBEFOLIE\",SUM(F71:F76,F79:F84,F86:F87,F89:F90)>0),\"Gesamt:\",\"\")","v":"Gesamt:"},{"$f":"IF(AND(C28=\"GEWEBEFOLIE\",SUM(F71:F76,F79:F84,F86:F87,F89:F90)>0),SUM(F71:F76,F79:F84,F86:F87,F89:F90,F95),\"\")","v":4737},null,""]
[null,null,null,null,null,null,""]
["Gewebefolie 1.5mm - nur Material zur Selbstverlegung / Rollenware + Zubehör",null,null,null,null,null,"",null,"↑nach oben"]
["Die Berechnung des Materials finden sie im Tabellenblatt \"GEWEBEFOLIE\":",null,null,">> Zur Berechnung",null,null,""]
[null,"Für ihren Pool (Länge x Breite in cm):",{"$f":"IFERROR(IF(GEWEBEFOLIE!C22<>\"\",GEWEBEFOLIE!C22,\"\"),\"\")","v":800},{"$f":"IFERROR(IF(GEWEBEFOLIE!D22<>\"\",GEWEBEFOLIE!D22,\"\"),\"\")","v":400},{"$f":"IFERROR(IF(GEWEBEFOLIE!E22<>\"\",GEWEBEFOLIE!E22,\"\"),\"\")","v":"ECKIG"},null,""]
[null,"Wurde eine Treppe berechnet? Anzahl der Stufen?",{"$f":"IFERROR(IF(GEWEBEFOLIE!E23<>\"\",GEWEBEFOLIE!E23,\"\"),\"\")","v":4},"Stufen",null,null,""]
[null,"Welche Farbe soll die Folie haben?","HELLBLAU",null,null,null,""]
[null,null,null,null,null,null,""]
[25309999,"Gewebefolien SET (Rollenware, Zubehör) lt. Berechnung   >>>>  ",null,"x",{"$f":"IFERROR(IF(GEWEBEFOLIE!F89<>\"\",GEWEBEFOLIE!F89,\"\"),\"\")","v":3680.0899999999997},{"$f":"IF(C104=\"\",\"\",C104*E104)","v":""},"",null,">> DETAILS zur ROLLENWARE ALKORPLAN (inkl. Zubehör, Winkel, Vlies usw.)"]
[null,null,null,null,null,null,""]
[null,null,null,null,null,null,{"$f":"IF(F106=\"\",\"\",CONCATENATE(C106,\"*\",A106))","v":""}]
["Ihre Ergänzungen",null,null,null,null,null,""]
[null,"bitte unsere 8-stellige Artikelnr links eintragen:",null,null,null,null,"",null,"Vom Billigsten und vom Besten"]
[null,{"$f":"IF(A109=\"\",\" <<<<\",IFERROR(LEFT(VLOOKUP(A109,PREISE!$A:$B,2,FALSE),60),\"\"))","v":" <<<<"},null,"Stk.",{"$f":"IF(A109=\"\",\"\",IFERROR(VLOOKUP(A109,PREISE!$A:$C,3,FALSE),\"\"))","v":""},{"$f":"IF(C109=\"\",\"\",C109*E109)","v":""},{"$f":"IF(AND(A109=\"\",F109=\"\"),\"\",CONCATENATE(C109,\"*\",A109))","v":""},null,"\"Es ist unklug, viel zu zahlen. Aber es ist schlimmer, zu wenig zu zahlen."]
[null,{"$f":"IF(A110=\"\",\" <<<<\",IFERROR(VLOOKUP(A110,PREISE!$A:$B,2,FALSE),\"\"))","v":" <<<<"},null,"Stk.",{"$f":"IF(A110=\"\",\"\",IFERROR(VLOOKUP(A110,PREISE!$A:$C,3,FALSE),\"\"))","v":""},"",{"$f":"IF(AND(A110=\"\",F110=\"\"),\"\",CONCATENATE(C110,\"*\",A110))","v":""},null,"Wenn Sie zu viel zahlen, verlieren Sie ein wenig Geld -"]
[null,{"$f":"IF(A111=\"\",\" <<<<\",IFERROR(VLOOKUP(A111,PREISE!$A:$B,2,FALSE),\"\"))","v":" <<<<"},null,"Stk.",{"$f":"IF(A111=\"\",\"\",IFERROR(VLOOKUP(A111,PREISE!$A:$C,3,FALSE),\"\"))","v":""},"","",null,"das ist alles."]
[null,{"$f":"IF(A112=\"\",\" <<<<\",IFERROR(VLOOKUP(A112,PREISE!$A:$B,2,FALSE),\"\"))","v":" <<<<"},null,"Stk.",{"$f":"IF(A112=\"\",\"\",IFERROR(VLOOKUP(A112,PREISE!$A:$C,3,FALSE),\"\"))","v":""},"","",null,"Wenn Sie zu wenig zahlen, verlieren Sie manchmal alles."]
[null,{"$f":"IF(A113=\"\",\" <<<<\",IFERROR(VLOOKUP(A113,PREISE!$A:$B,2,FALSE),\"\"))","v":" <<<<"},null,"Stk.",{"$f":"IF(A113=\"\",\"\",IFERROR(VLOOKUP(A113,PREISE!$A:$C,3,FALSE),\"\"))","v":""},{"$f":"IF(C113=\"\",\"\",C113*E113)","v":""},"",null,"Weil das, was Sie gekauft haben, nicht in der Lage ist, das zu tun,"]
[null,{"$f":"IF(A114=\"\",\" <<<<\",IFERROR(VLOOKUP(A114,PREISE!$A:$B,2,FALSE),\"\"))","v":" <<<<"},null,"Stk.",{"$f":"IF(A114=\"\",\"\",IFERROR(VLOOKUP(A114,PREISE!$A:$C,3,FALSE),\"\"))","v":""},"","",null,"wozu es gekauft wurde."]
[null,{"$f":"IF(A115=\"\",\" <<<<\",IFERROR(VLOOKUP(A115,PREISE!$A:$B,2,FALSE),\"\"))","v":" <<<<"},null,"Stk.",{"$f":"IF(A115=\"\",\"\",IFERROR(VLOOKUP(A115,PREISE!$A:$C,3,FALSE),\"\"))","v":""},"","",null,"Das Gesetz vom Gleichgewicht der Wirtschaft untersagt es, wenig zu zahlen um viel zu bekommen -"]
[null,{"$f":"IF(A116=\"\",\" <<<<\",IFERROR(VLOOKUP(A116,PREISE!$A:$B,2,FALSE),\"\"))","v":" <<<<"},null,"Stk.",{"$f":"IF(A116=\"\",\"\",IFERROR(VLOOKUP(A116,PREISE!$A:$C,3,FALSE),\"\"))","v":""},"","",null,"das ist nicht möglich."]
[null,{"$f":"IF(A117=\"\",\" <<<<\",IFERROR(VLOOKUP(A117,PREISE!$A:$B,2,FALSE),\"\"))","v":" <<<<"},null,"Stk.",{"$f":"IF(A117=\"\",\"\",IFERROR(VLOOKUP(A117,PREISE!$A:$C,3,FALSE),\"\"))","v":""},"","",null,"Wenn Sie mit dem niedrigsten Anbieter Geschäfte machen, ist es ratsam etwas für das Risiko aufzuschlagen, das Sie eingehen."]
[null,{"$f":"IF(A118=\"\",\" <<<<\",IFERROR(VLOOKUP(A118,PREISE!$A:$B,2,FALSE),\"\"))","v":" <<<<"},null,"Stk.",{"$f":"IF(A118=\"\",\"\",IFERROR(VLOOKUP(A118,PREISE!$A:$C,3,FALSE),\"\"))","v":""},"","",null,"Wenn Sie das tun, haben Sie genug, um für etwas Besseres zu zahlen.\""]
[null,{"$f":"IF(A119=\"\",\" <<<<\",IFERROR(VLOOKUP(A119,PREISE!$A:$B,2,FALSE),\"\"))","v":" <<<<"},null,"Stk.",{"$f":"IF(A119=\"\",\"\",IFERROR(VLOOKUP(A119,PREISE!$A:$C,3,FALSE),\"\"))","v":""},"","",null,"John Ruskin, 1829 - 1900"]
[null,null,null,{"$f":"IF(SUM(F109:F119)>0,\"Gesamt\",\"\")","v":""},{"$f":"IF(SUM(F109:F119)>0,SUM(F109:F119),\"\")","v":""}]
[]
[null,null,null,null,null,null,null,null,"Sie haben Fragen? - Wir beraten Sie sehr gerne!"]
["Summe:"]
[null,{"$f":"IF(OR($C$22=\"\",$D$22=\"\"),\"Bitte geben Sie oben die Länge x Breite ihres Pools ein!\",\"\")","v":""},"Nettosumme exkl.",null,null,{"$f":"SUM(F33:F120)","v":4737},null,null,"Bitte schreiben Sie uns ihre Fragen & Wünsche schriftlich:"]
["Land:",{"$f":"IF($B$17=\"\",\"Bitte wählen Sie oben ihr Land aus!\",$B$17)","v":"Österreich"},{"$f":"IF($B$17=\"Österreich\",0.2,IF($B$17=\"Deutschland\",0.19,0))","v":0.2},"Mehrwertsteuer",null,{"$f":"ROUNDUP(F124*C125,2)","v":947.4},null,null,">> KONTAKTFORMULAR",null,null,"office@pooldoktor.at"]
[null,null,null,null,null,null,null,null,"(ein auf ihr Anliegen geschulter Mitarbeiter wird sich bei ihnen melden!)"]
[null,"Angebostsumme inklusive Mehrwertsteuer:",null,null,{"$f":"IF(F124<250,\"Daten fehlen!\",SUM(F124:F125))","v":5684.4}]
[null,null,null,null,null,null,null,null,"Sie möchten angerufen werden? Beratung per Telefon?"]
["Die Lieferzeit von Folien ist bitte nur auf Anfrage!!!",null,"Zahlungsart: auf Rechnung",null,null,null,null,null,">> RÜCKRUFSERVICE",null,null,"+43 732 38 22 22"]
[null,"Auf Anfrage",null,null,null,"Banküberweisung nach Warenerhalt",null,null,null,null,null,"+49 851 20 42 824"]
[null,null,null,null,null,null,null,null,"Sie möchten einen KOSTENLOSEN Beratungstermin in Linz?"]
["Bitte lesen sie unsere Allgemeinen Geschäftsbedingungen:",null,"Angebot gültig bis:",null,null,{"$f":"B7+30","v":"2023-10-21"},null,null,">> BERATUNGSTERMIN VEREINBAREN",null,null,null,">> ANFAHRT"]
["http://www.pooldoktor.net/shop/geschaeftsbedingungen",null,"Preisänderungen wegen Irrtümer vorbehalten!"]
[null,null,null,null,null,null,null,null,"Unseren Schauraum in Linz besuchen? ",null,null,">> VIRTUELLER RUNDGANG in 3D",null,null,"Unser Team freut sich Sie kennenzulernen!"]
[">>>>>>>>","Wir Beraten Sie gerne - Fragen Sie uns!     office@pooldoktor.at",null,null,null,"Jetzt Termin vereinbaren!"]
["POOLDOKTOR Handels GmbH, Kotzinastrasse 15 - 4030 Linz, Österreich - FN 256113 m - AT68 3800 0000 0089 2687"]
[]
["Sie möchten dieses Angebot bestellen? >>>> Wir freuen uns sehr und danken Ihnen vielmals für ihr Vertrauen!"]
["1.  Bitte Senden Sie dieses Angebot als Excel- oder PDF-Datei mit ihren Adressdaten an office@pooldoktor.at"]
["2.  Ihr persönlicher Ansprechpartner, der ihnen beim ihrem Projekt mit Rat & Tat zur Seite steht, wird sich umgehend melden!"]
[]
[]
[]
[null,null,null,null,null,null,null,null,"Die Fa. Pooldoktor existiert seit über 17 Jahren!",null,null,null,"Mittlerweile wurden über 10.000 Styroporpools von unseren Kunden erstellt!"]

{"sheet":"GEWEBEFOLIE","index":1,"n_rows":101,"n_cols":15,"rows_kept":101,"cut":false,"hidden":false,"merged":[[97,2,97,5],[24,2,24,3],[17,2,17,5],[18,2,18,5],[88,2,88,4],[89,3,89,4],[91,1,91,3],[91,4,91,5],[16,2,16,5],[1,0,4,1],[1,2,1,5],[2,2,2,5],[3,2,3,5],[4,2,4,5],[10,4,10,5],[11,2,11,5],[12,2,12,5],[13,2,13,5],[14,2,14,5],[15,2,15,5]]}
["POOL Kalkulator PRO",null,null,null,null,"© WUNDERWORKS"]
[null,null,"POOLDOKTOR Handels GmbH"]
[null,null,"Kotzinastrasse 15 - 4030 Linz - AT"]
[null,null,"Telefon: + 43 732 38 22 22"]
[null,null,"Email: office@pooldoktor.at"]
[]
["Datum:",{"$f":"TODAY()","v":"2023-09-21"},"Angebot gültig bis:",null,null,{"$f":"B7+30","v":"2023-10-21"}]
[null,null,null,null,null,"(Datum gültig bei PDF oder Ausdruck)"]
["Ihre Anschrift - Kundendaten"]
[null,"bitte vollständig ausfüllen:"]
["Rechnungsadresse",null,"Lieferadresse?",null,"falls abweichend"]
["Titel",{"$f":"IFERROR(IF(POOL!B12<>\"\",POOL!B12,\"\"),\"\")","v":""},{"$f":"IFERROR(IF(POOL!C12<>\"\",POOL!C12,\"\"),\"\")","v":""}]
["Name",{"$f":"IFERROR(IF(POOL!B13<>\"\",POOL!B13,\"\"),\"\")","v":""},{"$f":"IFERROR(IF(POOL!C13<>\"\",POOL!C13,\"\"),\"\")","v":""}]
["Straße",{"$f":"IFERROR(IF(POOL!B14<>\"\",POOL!B14,\"\"),\"\")","v":""},{"$f":"IFERROR(IF(POOL!C14<>\"\",POOL!C14,\"\"),\"\")","v":""}]
["PLZ",{"$f":"IFERROR(IF(POOL!B15<>\"\",POOL!B15,\"\"),\"\")","v":""},{"$f":"IFERROR(IF(POOL!C15<>\"\",POOL!C15,\"\"),\"\")","v":""}]
["Ort",{"$f":"IFERROR(IF(POOL!B16<>\"\",POOL!B16,\"\"),\"\")","v":""},{"$f":"IFERROR(IF(POOL!C16<>\"\",POOL!C16,\"\"),\"\")","v":""}]
["Land",{"$f":"IFERROR(IF(POOL!B17<>\"\",POOL!B17,\"Österreich\"),\"Österreich\")","v":"Österreich"},{"$f":"IFERROR(IF(POOL!C17<>\"\",POOL!C17,\"\"),\"\")","v":""}]
["Telefon",{"$f":"IFERROR(IF(POOL!B18<>\"\",POOL!B18,\"\"),\"\")","v":""},{"$f":"IFERROR(IF(POOL!C18<>\"\",POOL!C18,\"\"),\"\")","v":""}]
["Email",{"$f":"IFERROR(IF(POOL!B19<>\"\",POOL!B19,\"\"),\"\")","v":""},{"$f":"IFERROR(IF(POOL!C19<>\"\",POOL!C19,\"\"),\"\")","v":""}]
[null,null,{"$f":"IF($C$22=\"\",\"\",$C$22/100)","v":8},{"$f":"IF($D$22=\"\",\"\",$D$22/100)","v":4}]
["Fragen bzw. Angaben zu Ihrem Pool",null,"Länge?","Breite?","Form?"]
["Bitte geben Sie das INNENMASS ihres Schwimmbeckens an (in cm):",null,{"$f":"IFERROR(IF(POOL!C22<>\"\",POOL!C22,600),600)","v":800},{"$f":"IFERROR(IF(POOL!D22<>\"\",POOL!D22,300),300)","v":400},{"$f":"IFERROR(IF(POOL!E22<>\"\",POOL!E22,\"ECKIG\"),\"ECKIG\")","v":"ECKIG"}]
["Hat ihr Pool eine Treppe?  Abmessungen / Anzahl Stufen?",null,150,150,4,{"$f":"IF(E23<>\"\",\" Stufen\",\"\")","v":" Stufen"}]
["Wie tief ist ihr Pool? Bitte die Nächsthöhere Tiefe wählen:",null,{"$f":"IFERROR(IF(POOL!C23<>\"\",POOL!C23,150),150)","v":150},"cm"]
["Welche FARBE soll die Folie haben?",null,"SAND"]
[null,"Umfang:",{"$f":"IF(E22=\"ECKIG\",(2*C22+2*D22)/100,IF(E22=\"OVAL\",(D22*3.14+(C22-D22)*2)/100, IF(E22=\"RUND\",D22*3.14/100, \"\")   ))","v":24},"m",null,null,null,null,"Wir verkaufen die Alkorplan 2000 Gewebefolie ausschliesslich in ROLLENWARE (Keine Meterware - nur bei Trittschutz!)"]
[null,"Wandfläche (Umfang x Tiefe):",{"$f":"C26*C24/100","v":36},"m2",null,null,null,null,"Info zur Berechnung:"]
[null,"Bodenfläche (Länge x Breite):",{"$f":"C22*D22/10000","v":32},"m2",null,null,null,null,"Bei den Wänden nimmt man dem Umfang und der Tiefe entsprechend eine 1,65cm oder 2,05m Bahn."]
[null,null,null,null,null,null,null,null,"Den Boden muss man leider immer stückeln - entweder längs oder quer je nach Poolbreite bzw. -länge."]
[null,"Rollenhöhe:","165 cm","205 cm",null,null,null,null,"Bitte ausreichend Reserven einplanen und immer nachrechnen!"]
[null,"Benötigte Rollen Wand:",{"$f":"IF(C24=150,C26/25,\"\")","v":0.96},{"$f":"IF(C24=180,C26/25,\"\")","v":""}]
[null,"Benötigte Rollen Boden:",{"$f":"IF(D22<301,(D22/150*C22/100)/25,\"\")","v":""},{"$f":"IF(D22>300,(D22/150*C22/100)/25,\"\")","v":0.85333333333333317},null,null,null,null,null,null,null,null,null,null,">> Farben KONFIGURATOR"]
[null,"Empfehlung (ohne Gewähr):",{"$f":"IF(SUM(C31:C32)=0,\"\",ROUNDUP(SUM(C31:C32),0))","v":1},{"$f":"IF(SUM(D31:D32)=0,\"\",ROUNDUP(SUM(D31:D32),0))","v":1},null,null,null,null,null,null,null,null,null,null,"(welche Farbe hat der Pool mit Wasser befüllt?)"]
["Info: Bitte kalkulieren sie auch die benötigte Folienmenge selber nach! Dies ist ein automatisierter Vorschlag!"]
[null,null,null,null,null,null,null,null,">> DETAILS ROLLENWARE Alkorplan Gewebefolien"]
["ANGEBOT - GEWEBEFOLIEN zum SELBER VERLEGEN / nur MATERIAL"]
[null,null,null,null,null,null,null,null,"Sie möchten die 1.5mm Gewebefolie von Alkorplan selber verlegen/verschweissen oder kennen jemanden (Dachdecker usw.)?"]
["Artikelnr.","Artikelname","Menge",null,"Preis","Summe"]
[null,null,null,null,null,null,null,null,"Bitte vorab lesen:"]
["ALKORPLAN",null,null,null,null,null,null,null,">> Verarbeitungshinweise ALKORPLAN"]
["Acrylbeschichtete Gewebefolie für Boden und Wand:",null,null,null,null,null,null,null,">> Welche Farben sind möglich?"]
[25110010,{"$f":"VLOOKUP(A42,PREISE!$A:$B,2,FALSE)","v":"Alkorplan 2000 - adriablau - 1,65 - 25 lfm - 41,25m2"},{"$f":"IF(AND($C$25=\"ADRIABLAU\",$C$33<>\"\"),$C$33,\"\")","v":""},"Stk.",{"$f":"VLOOKUP(A42,PREISE!$A:$C,3,FALSE)","v":1082.5},{"$f":"IF(C42=\"\",\"\",C42*E42)","v":""},{"$f":"IF(F42=\"\",\"\",CONCATENATE(C42,\"*\",A42))","v":""}]
[25110011,{"$f":"VLOOKUP(A43,PREISE!$A:$B,2,FALSE)","v":"Alkorplan 2000 - adriablau - 2,05 - 25 lfm - 51,25m2"},{"$f":"IF(AND($C$25=\"ADRIABLAU\",$D$33<>\"\"),$D$33,\"\")","v":""},"Stk.",{"$f":"VLOOKUP(A43,PREISE!$A:$C,3,FALSE)","v":1332.5},"",{"$f":"IF(F43=\"\",\"\",CONCATENATE(C43,\"*\",A43))","v":""}]
[25110012,{"$f":"VLOOKUP(A44,PREISE!$A:$B,2,FALSE)","v":"Alkorplan 2000 - hellblau - 1,65 - 25 lfm - 41,25m2"},{"$f":"IF(AND($C$25=\"HELLBLAU\",$C$33<>\"\"),$C$33,\"\")","v":""},"Stk.",{"$f":"VLOOKUP(A44,PREISE!$A:$C,3,FALSE)","v":1082.5},"",""]
[25110013,{"$f":"VLOOKUP(A45,PREISE!$A:$B,2,FALSE)","v":"Alkorplan 2000 - hellblau - 2,05 - 25 lfm - 51,25m2"},{"$f":"IF(AND($C$25=\"HELLBLAU\",$D$33<>\"\"),$D$33,\"\")","v":""},"Stk.",{"$f":"VLOOKUP(A45,PREISE!$A:$C,3,FALSE)","v":1332.5},"",""]
[25110016,{"$f":"VLOOKUP(A46,PREISE!$A:$B,2,FALSE)","v":"Alkorplan 2000 - weiß - 1,65 - 25 lfm - 41,25m2"},{"$f":"IF(AND($C$25=\"WEISS\",$C$33<>\"\"),$C$33,\"\")","v":""},"Stk.",{"$f":"VLOOKUP(A46,PREISE!$A:$C,3,FALSE)","v":1082.5},"",""]
[25110017,{"$f":"VLOOKUP(A47,PREISE!$A:$B,2,FALSE)","v":"Alkorplan 2000 - weiß - 2,05 - 25 lfm - 51,25m2"},{"$f":"IF(AND($C$25=\"WEISS\",$D$33<>\"\"),$D$33,\"\")","v":""},"Stk.",{"$f":"VLOOKUP(A47,PREISE!$A:$C,3,FALSE)","v":1332.5},"",""]
[25110018,{"$f":"VLOOKUP(A48,PREISE!$A:$B,2,FALSE)","v":"Alkorplan 2000 - sand - 1,65 - 25 lfm - 41,25m2"},{"$f":"IF(AND($C$25=\"SAND\",$C$33<>\"\"),$C$33,\"\")","v":1},"Stk.",{"$f":"VLOOKUP(A48,PREISE!$A:$C,3,FALSE)","v":1082.5},1082.5,"1*25110018"]
[25110019,{"$f":"VLOOKUP(A49,PREISE!$A:$B,2,FALSE)","v":"Alkorplan 2000 - sand - 2,05 - 25 lfm - 51,25m2"},{"$f":"IF(AND($C$25=\"SAND\",$D$33<>\"\"),$D$33,\"\")","v":1},"Stk.",{"$f":"VLOOKUP(A49,PREISE!$A:$C,3,FALSE)","v":1332.5},1332.5,"1*25110019"]
[25110020,{"$f":"VLOOKUP(A50,PREISE!$A:$B,2,FALSE)","v":"Alkorplan 2000 - grau - 1,65 - 25 lfm - 41,25m2"},{"$f":"IF(AND($C$25=\"GRAU\",$C$33<>\"\"),$C$33,\"\")","v":""},"Stk.",{"$f":"VLOOKUP(A50,PREISE!$A:$C,3,FALSE)","v":1082.5},{"$f":"IF(C50=\"\",\"\",C50*E50)","v":""},""]
[25110021,{"$f":"VLOOKUP(A51,PREISE!$A:$B,2,FALSE)","v":"Alkorplan 2000 - grau - 2,05 - 25 lfm - 51,25m2"},{"$f":"IF(AND($C$25=\"GRAU\",$D$33<>\"\"),$D$33,\"\")","v":""},"Stk.",{"$f":"VLOOKUP(A51,PREISE!$A:$C,3,FALSE)","v":1332.5},"",""]
[25110022,{"$f":"VLOOKUP(A52,PREISE!$A:$B,2,FALSE)","v":"Alkorplan 2000 - dunkelgrau - 1,65 - 25 lfm - 41,25m2"},{"$f":"IF(AND($C$25=\"DUNKELGRAU\",$C$33<>\"\"),$C$33,\"\")","v":""},"Stk.",{"$f":"VLOOKUP(A52,PREISE!$A:$C,3,FALSE)","v":1082.5},"",""]
[25110023,{"$f":"VLOOKUP(A53,PREISE!$A:$B,2,FALSE)","v":"Alkorplan 2000 - dunkelgrau - 2,05 - 25 lfm - 51,25m2"},{"$f":"IF(AND($C$25=\"DUNKELGRAU\",$D$33<>\"\"),$D$33,\"\")","v":""},"Stk.",{"$f":"VLOOKUP(A53,PREISE!$A:$C,3,FALSE)","v":1332.5},"",""]
[]
["Antislipfolie für Stufen:",null,null,null,null,null,""]
[25110040,{"$f":"VLOOKUP(A56,PREISE!$A:$B,2,FALSE)","v":"Alkorplan - Antislipfolie - adriablau - 1,65 - per lfm"},{"$f":"IF(AND(C25=\"ADRIABLAU\",E23<>\"\",C23<>\"\",D23<>\"\"),ROUNDUP(D23*1.5/100*E23/4,0),\"\")","v":""},"lfm",{"$f":"VLOOKUP(A56,PREISE!$A:$C,3,FALSE)","v":99.17},"",""]
[25110041,{"$f":"VLOOKUP(A57,PREISE!$A:$B,2,FALSE)","v":"Alkorplan - Antislipfolie - hellblau - 1,65 - per lfm"},{"$f":"IF(AND(C25=\"HELLBLAU\",E23<>\"\",C23<>\"\",D23<>\"\"),ROUNDUP(D23*1.5/100*E23/4,0),\"\")","v":""},"lfm",{"$f":"VLOOKUP(A57,PREISE!$A:$C,3,FALSE)","v":99.17},"",""]
[25110043,{"$f":"VLOOKUP(A58,PREISE!$A:$B,2,FALSE)","v":"Alkorplan - Antislipfolie - weiß - 1,65 - per lfm"},{"$f":"IF(AND(C25=\"WEISS\",E23<>\"\",C23<>\"\",D23<>\"\"),ROUNDUP(D23*1.5/100*E23/4,0),\"\")","v":""},"lfm",{"$f":"VLOOKUP(A58,PREISE!$A:$C,3,FALSE)","v":99.17},"",""]
[25110044,{"$f":"VLOOKUP(A59,PREISE!$A:$B,2,FALSE)","v":"Alkorplan - Antislipfolie - sand - 1,65 - per lfm"},{"$f":"IF(AND(C25=\"SAND\",E23<>\"\",C23<>\"\",D23<>\"\"),ROUNDUP(D23*1.5/100*E23/4,0),\"\")","v":3},"lfm",{"$f":"VLOOKUP(A59,PREISE!$A:$C,3,FALSE)","v":99.17},297.51,"3*25110044"]
[25110045,{"$f":"VLOOKUP(A60,PREISE!$A:$B,2,FALSE)","v":"Alkorplan - Antislipfolie - grau - 1,65 - per lfm"},{"$f":"IF(AND(C25=\"GRAU\",E23<>\"\",C23<>\"\",D23<>\"\"),ROUNDUP(D23*1.5/100*E23/4,0),\"\")","v":""},"lfm",{"$f":"VLOOKUP(A60,PREISE!$A:$C,3,FALSE)","v":99.17},"",""]
[25110046,{"$f":"VLOOKUP(A61,PREISE!$A:$B,2,FALSE)","v":"Alkorplan - Antislipfolie - dunkelgrau - 1,65 - per lfm"},{"$f":"IF(AND(C25=\"DUNKELGRAU\",E23<>\"\",C23<>\"\",D23<>\"\"),ROUNDUP(D23*1.5/100*E23/4,0),\"\")","v":""},"lfm",{"$f":"VLOOKUP(A61,PREISE!$A:$C,3,FALSE)","v":99.17},"",""]
[null,null,null,null,null,null,""]
["Flüssigfolie / Nahtversiegelung",null,null,null,null,null,""]
[25110051,{"$f":"VLOOKUP(A64,PREISE!$A:$B,2,FALSE)","v":"Alkorplan - Nahtversiegelung - Flüssigfolie - adriablau - 1L"},{"$f":"IF(C25=\"ADRIABLAU\",2,\"\")","v":""},"Stk.",{"$f":"VLOOKUP(A64,PREISE!$A:$C,3,FALSE)","v":45.83},{"$f":"IF(C64=\"\",\"\",C64*E64)","v":""},"",null,null,null,null,"Die Nahtversiegelung füllt man in die Dosierflasche und spritzt diese in die Fugen!"]
[25110050,{"$f":"VLOOKUP(A65,PREISE!$A:$B,2,FALSE)","v":"Alkorplan - Nahtversiegelung - Flüssigfolie - hellblau - 1L"},{"$f":"IF(C25=\"HELLBLAU\",2,\"\")","v":""},"Stk.",{"$f":"VLOOKUP(A65,PREISE!$A:$C,3,FALSE)","v":45.83},"","",null,null,null,null,"Mit Quellschweissmittel kann man die Flüssigfolie verdünnen!"]
[25110052,{"$f":"VLOOKUP(A66,PREISE!$A:$B,2,FALSE)","v":"Alkorplan - Nahtversiegelung - Flüssigfolie - weiß - 1L"},{"$f":"IF(C25=\"WEISS\",2,\"\")","v":""},"Stk.",{"$f":"VLOOKUP(A66,PREISE!$A:$C,3,FALSE)","v":45.83},"",""]
[25110053,{"$f":"VLOOKUP(A67,PREISE!$A:$B,2,FALSE)","v":"Alkorplan - Nahtversiegelung - Flüssigfolie - sand - 1L"},{"$f":"IF(C25=\"SAND\",2,\"\")","v":2},"Stk.",{"$f":"VLOOKUP(A67,PREISE!$A:$C,3,FALSE)","v":45.83},91.66,"2*25110053",null,null,null,null,null,"Auf dem Blechwinkel ist eine blaue PVC Beschichtung!"]
[25110058,{"$f":"VLOOKUP(A68,PREISE!$A:$B,2,FALSE)","v":"Alkorplan - Nahtversiegelung - Flüssigfolie - grau - 1L"},{"$f":"IF(C25=\"GRAU\",2,\"\")","v":""},"Stk.",{"$f":"VLOOKUP(A68,PREISE!$A:$C,3,FALSE)","v":53.08},"","",null,null,null,null,null,"Auf diese kann mit Heissluft die PVC Gewebefolie verschweisst werden!"]
[25110158,{"$f":"VLOOKUP(A69,PREISE!$A:$B,2,FALSE)","v":"Alkorplan - Nahtversiegelung - Flüssigfolie - dunkelgrau - 1L"},{"$f":"IF(C25=\"DUNKELGRAU\",2,\"\")","v":""},"Stk.",{"$f":"VLOOKUP(A69,PREISE!$A:$C,3,FALSE)","v":45.83},{"$f":"IF(C69=\"\",\"\",C69*E69)","v":""},"",null,null,null,null,null,"Die Winkel selber werden mit Blitzdübel am Betonkranz vestgedübelt!"]
[25110054,{"$f":"VLOOKUP(A70,PREISE!$A:$B,2,FALSE)","v":"Dosierflasche für Nahtversiegelung"},1,"Stk.",{"$f":"VLOOKUP(A70,PREISE!$A:$C,3,FALSE)","v":20.72},20.72,"1*25110054",null,null,null,null,null,"(Bei Renovierungen kann auf der Poolwand auch ein Blech angedübelt werden)"]
[null,null,null,null,null,null,""]
["Bleckwinkel zu Befestigung",null,null,null,null,null,""]
[25105025,{"$f":"VLOOKUP(A73,PREISE!$A:$B,2,FALSE)","v":"Folienbeschichteter Blechwinkel 20 x 80 x 2000 mm - außen"},{"$f":"IF(C26<>\"\",C26/2,\"\")","v":12},"Stk.",{"$f":"VLOOKUP(A73,PREISE!$A:$C,3,FALSE)","v":16.579999999999998},{"$f":"IF(C73=\"\",\"\",C73*E73)","v":198.95999999999998},"12*25105025",null,null,null,null,null,"Das Vlies wird mit Sprühkleber am Untergrund befestigt!"]
[25105026,{"$f":"VLOOKUP(A74,PREISE!$A:$B,2,FALSE)","v":"Folienbeschichteter Blechwinkel 50 x 50 x 2000 mm - außen"},{"$f":"IF(AND(C23<>\"\",D23<>\"\",E23<>\"\"),D23/200*E23*E23/4,\"\")","v":3},"Stk.",{"$f":"VLOOKUP(A74,PREISE!$A:$C,3,FALSE)","v":16.579999999999998},49.739999999999995,"3*25105026",null,null,null,null,null,"(man braucht zumeist 3 Dosen)"]
[25105027,{"$f":"VLOOKUP(A75,PREISE!$A:$B,2,FALSE)","v":"Folienbeschichteter Blechwinkel 50 x 50 x 2000 mm - innen"},{"$f":"IF(AND(C23<>\"\",D23<>\"\",E23<>\"\"),D23/200*E23*E23/4,\"\")","v":3},"Stk.",{"$f":"VLOOKUP(A75,PREISE!$A:$C,3,FALSE)","v":16.579999999999998},49.739999999999995,"3*25105027",null,null,null,null,null,"Der Untergrund wurde zuvor mit Desinfektionsmittel gereinigt!"]
[25110055,{"$f":"VLOOKUP(A76,PREISE!$A:$B,2,FALSE)","v":"Blitzdübel 6 x 30 mm zur Folienblechbefestigung (500 Stück)"},1,"Stk.",{"$f":"VLOOKUP(A76,PREISE!$A:$C,3,FALSE)","v":60.08},60.08,"1*25110055",null,null,null,null,null,"(1 L Desinfektion für 75m2 Fläche)"]
[null,null,null,null,null,null,""]
["Vlies und Desinfektion",null,null,null,null,null,""]
[25003001,{"$f":"VLOOKUP(A79,PREISE!$A:$B,2,FALSE)","v":"Vlies weiss 300 gr./m2 (50 lfm/ H165 =82,5m2)"},{"$f":"IF(C24=150,ROUNDUP(SUM(C27:C28)/82.5,0),\"\")","v":1},"Stk.",{"$f":"VLOOKUP(A79,PREISE!$A:$C,3,FALSE)","v":249.17},{"$f":"IF(C79=\"\",\"\",C79*E79)","v":249.17},"1*25003001",null,"Sie haben Fragen? - Wir beraten Sie sehr gerne!"]
[25003002,{"$f":"VLOOKUP(A80,PREISE!$A:$B,2,FALSE)","v":"Vlies weiss 300 gr./m2 (50 lfm/ H200 =100 m2)"},{"$f":"IF(C24=180,ROUNDUP(SUM(C27:C28)/100,0),\"\")","v":""},"Stk.",{"$f":"VLOOKUP(A80,PREISE!$A:$C,3,FALSE)","v":290.83},"",""]
[25105080,{"$f":"VLOOKUP(A81,PREISE!$A:$B,2,FALSE)","v":"Sprühkleber für Vlies - hohe Sofortklebekraft"},3,"Stk.",{"$f":"VLOOKUP(A81,PREISE!$A:$C,3,FALSE)","v":19.920000000000002},{"$f":"IF(C81=\"\",\"\",C81*E81)","v":59.760000000000005},null,null,"Bitte schreiben Sie uns ihre Fragen & Wünsche schriftlich:"]
[25006813,{"$f":"VLOOKUP(A82,PREISE!$A:$B,2,FALSE)","v":"Desinfektionsmittel für den Untergrund 1000 ml - (Vlies)"},1,"Stk.",{"$f":"VLOOKUP(A82,PREISE!$A:$C,3,FALSE)","v":42.75},42.75,"1*25006813",null,">> KONTAKTFORMULAR",null,null,"office@pooldoktor.at"]
[null,null,null,null,null,null,"",null,"(ein auf ihr Anliegen geschulter Mitarbeiter wird sich bei ihnen melden!)"]
[{"$f":"IF(B17=\"\",\"Bitte wählen Sie oben Ihr Land aus!\",\"\")","v":""},null,null,null,null,null,""]
["Versandkosten (nur AT + DE möglich!)",null,null,null,null,null,"",null,"Sie möchten angerufen werden? Beratung per Telefon?"]
[81008100,{"$f":"VLOOKUP(A86,PREISE!$A:$B,2,FALSE)","v":"Verpackung + Versandkosten + Verwaltung"},{"$f":"IF(AND(B17<>\"\",C26>0),1,\"\")","v":1},"x",145,{"$f":"IF(C86=\"\",\"\",C86*E86)","v":145},"1*81008100",null,">> RÜCKRUFSERVICE",null,null,"+43 732 38 22 22"]
[]
["Summe:",null,null,null,null,null,null,null,"Sie möchten einen KOSTENLOSEN Beratungstermin in Linz?"]
[null,{"$f":"IF(OR($C$22=\"\",$D$22=\"\"),\"Bitte geben Sie oben die Länge x Breite ihres Pools ein!\",\"\")","v":""},"Nettosumme exkl.",null,null,{"$f":"SUM(F42:F86)","v":3680.0899999999997},null,null,">> BERATUNGSTERMIN VEREINBAREN",null,null,null,">> ANFAHRT"]
["Land:",{"$f":"IF($B$17=\"\",\"Bitte wählen Sie oben ihr Land aus!\",$B$17)","v":"Österreich"},{"$f":"IF($B$17=\"Österreich\",0.2,IF($B$17=\"Deutschland\",0.19,0))","v":0.2},"Mehrwertsteuer",null,{"$f":"ROUNDUP(F89*C90,2)","v":736.02}]
[null,null,null,null,null,null,null,null,"Unseren Schauraum in Linz besuchen? ",null,null,">> VIRTUELLER RUNDGANG in 3D",null,null,"Unser Team freut sich Sie kennenzulernen!"]
[null,"Angebostsumme inklusive Mehrwertsteuer:",null,null,{"$f":"IF(F89<250,\"Daten fehlen!\",SUM(F89:F90))","v":4416.1099999999997}]
[]
["Die Lieferzeit für die Gewebefolie samt Zubehör beträgt voraussichtlich:",null,"Zahlungsart: auf Rechnung"]
[25109955,{"$f":"VLOOKUP(A95,PREISE!$A:$B,2,FALSE)","v":"2 - 4 Wochen"},null,null,null,"Banküberweisung nach Warenerhalt"]
[]
["Bitte lesen sie unsere Allgemeinen Geschäftsbedingungen:",null,"Angebot gültig bis:",null,null,{"$f":"B7+30","v":"2023-10-21"}]
["http://www.pooldoktor.net/shop/geschaeftsbedingungen",null,"Preisänderungen wegen Irrtümer vorbehalten!"]
[]
[">>>>>>>>","Wir Beraten Sie gerne - Fragen Sie uns!     office@pooldoktor.at",null,null,null,"Jetzt Termin vereinbaren!"]
["POOLDOKTOR Handels GmbH, Kotzinastrasse 15 - 4030 Linz, Österreich - FN 256113 m - AT74 1860 0000 1120 8626",null,null,null,null,null,null,null,"Die Fa. Pooldoktor existiert seit über 17 Jahren!",null,null,null,"Mittlerweile wurden über 10.000 Styroporpools von unseren Kunden erstellt!"]

{"sheet":"PREISE","index":2,"n_rows":7405,"n_cols":3,"rows_kept":7405,"cut":false,"hidden":true,"merged":[]}
["Artikelnummer","Kurzname","Preis"]
[0,"KEIN STANDARDMASS",0]
[1,"Spezialanfertigung - bitte Angebot einholen",0]
[10009999,"20% Aufpreis für Kundenservice ohne Kaufnachweis / Vorkasse. Sonderbestellung",0]
[11000608,"Steine IGLU",10]
[11000609,"Steine IGLU",0]
[11000615,"Steine IGLU",0]
[11000616,"Steine IGLU",0]
[11000808,"ISO MASSIV Schalstein - gerade (100x25x25 cm)",11.96]
[11000809,"ISO-MASSIV Bogenschalstein 100x25x25 cm H30",15.18]
[11000908,"ISO-MASSIV - ISOLIERPLATTE PS 50 +-10% Toleranz (100x50x5cm) Bodenisolierung, trittfest",10.75]
[11002161,"Steine IGLU",0]
[11002814,"ISO-MASSIV - Endschuber",0.75]
[11005540,"ISO MASSIV - Sonderelement - zur Wand-Eckaussteifung 116 x 61 cm.",33.25]
[11006030,"ISO MASSIV Set 19 - 600x300x150 Eckig - Ecktreppe - Überdachungsbausatz Klasik",9401.67]
[11007035,"ISO MASSIV Set 20 - 700x350x 150 Eckig - Ecktreppe - Überdachungsbausatz Klasik",12135]
[11007650,"ISO-MASSIV BIGSTONE PS 40 +-10% Toleranz - GERADE - bei Setkauf!",16.579999999999998]
[11007651,"ISO-MASSIV - BOGENSTEIN PS30 (+-10% Toleranz)",14.08]
[11007652,"ISO-MASSIV BIGSTONE Plus H45 - Schalstein gerade",24.38]
[11007653,"ISO-MASSIV BIGSTONE Plus H45 - Bogenschalstein",26.22]
[11007654,"ISO-MASSIV - Bogenschuber DM 200",1.25]
[11007655,"ISO-MASSIV - Bogenschuber DM 250",1.25]
[11007656,"ISO-MASSIV - Bogenschuber DM 300",1.25]
[11007657,"ISO-MASSIV - Bogenschuber DM 400",1.25]
[11007658,"ISO-MASSIV - Bogenschuber DM 500",1.25]
[11007659,"ISO-MASSIV - Bogenschuber DM 600",1.25]
[11008000,"WUNDER-STONE- ISOLIERSTEIN PS 50 +-10% Toleranz - SET",15.75]
[11008020,"WUNDER-STONE- ISOLIERSTEINHÄLFTE PS 50 +-10%",7.42]
[11008040,"ISO MASSIV Set 21 - 800x400x150 Eckig - Ecktreppe - Überdachungsbausatz Klasik",12529.17]
[11008050,"WUNDER-STONE - ABS Verbinder ( 8 Stk für 2 Hälften)",0.25]
[11008090,"WUNDER-STONE ENDSCHUBER",1.58]
[11008650,"ISO MASSIV SET NEPTUN BIGSTONE Plus - ab Werk, (125x25x30 cm)",15.64]
[11009500,"WUNDER-STONE- ISOLIERSTEIN PS 50 +-10% Toleranz - KEIN SET",15.75]
[11009650,"ISO-MASSIV BIGSTONE PS 40 (+-10%) - gerade (125x25x30 cm) - KEIN SET",16.579999999999998]
[11009775,"1 - 2 Wochen",0]
[11009901,"AT - ISO-MASSIV Verpackungs- und Versandkosten",399]
[11009902,"DE - ISO-MASSIV Verpackungs- und Versandkosten",499]
[11009903,"CH - ISO-MASSIV Verpackungs- und Versandkosten",899]
[11109901,"AT - WUNDER-STONE Verpackungs- und Versandkosten",199]
[11109902,"DE - WUNDER-STONE Verpackungs- und Versandkosten",299]
[11109903,"CH - WUNDER-STONE Verpackungs- und Versandkosten",699]
[11202011,"ECKIG - ISO MASSIV PS 40 - BASISSET 4 - 900 x 400 x 150 cm - ohne Technik",2624.17]
[11202015,"ECKIG - ISO MASSIV PS 40 - BASISSET 5 - 1000 x 500 x 150 cm - ohne Technik",3124.17]
[11202030,"ECKIG - ISO MASSIV PS 40 - BASISSET 1 - 600 x 300 x 150 cm - ohne Technik",1874.17]
[11202035,"ECKIG - ISO MASSIV PS 40 - BASISSET 2 - 700 x 350 x 150 cm- ohne Technik",2165.83]
[11202050,"ECKIG - ISO MASSIV PS 40 - BASISSET 3 - 800 x 400 x 150 cm - ohne Technik",2457.5]
[11203050,"HALBOVAL - ISO MASSIV BASISSET 1 - 600 x 300 x 150 cm - ohne Technik",2040.83]
[11203060,"HALBOVAL - ISO MASSIV BASISSET 2 - 700 x 350 x 150 cm - ohne Technik",2332.5]
[11203070,"HALBOVAL - ISO MASSIV BASISSET 3 - 800 x 400 x 150 cm - ohne Technik",2624.17]
[11203080,"HALBOVAL - ISO MASSIV BASISSET 4 - 900 x 450 x 150 cm - ohne Technik",2957.5]
[11203090,"HALBOVAL - ISO MASSIV BASISSET 5 - 1000 x 500 x 150 cm - ohne Technik",3332.5]
[11204001,"POOL-SET-1-ECKIG-400x250x150-FOLIENSACK-Leiter",6162.53]
[11204002,"POOL-SET-2-ECKIG-400x250x150-FOLIENSACK-Fertigtreppe 200cm",3982.41]
[11204003,"POOL-SET-3-ECKIG-400x250x150-FOLIENSACK-Eck - Einstelltreppe",4425.6499999999996]
[11204004,"POOL-SET-4-ECKIG-400x250x150-GEWEBEFOLIE",5218.92]
[11204005,"POOL-SET-5-ECKIG-400x250x150-GEWEBEFOLIE-R100 - 200cm breit",5552.16]
[11204006,"POOL-SET-6-ECKIG-500x300x150-FOLIENSACK-Leiter",3856.41]
[11204007,"POOL-SET-7-ECKIG-500x300x150-FOLIENSACK-Fertigtreppe 200cm",4655.4799999999996]
[11204008,"POOL-SET-8-ECKIG-500x300x150-FOLIENSACK-Eck - Einstelltreppe",5098.72]
[11204009,"POOL-SET-9-ECKIG-500x300x150-GEWEBEFOLIE",5731.16]
[11204010,"POOL-SET-10-ECKIG-500x300x150-GEWEBEFOLIE--R100 - 200cm breit",6064.4]
[11204011,"POOL-SET-11-ECKIG-600x300x150-FOLIENSACK-Leiter",3685.71]
[11204012,"POOL-SET-12-ECKIG-600x300x150-FOLIENSACK-Fertigtreppe 200cm",4489.8999999999996]
[11204013,"POOL-SET-13-ECKIG-600x300x150-FOLIENSACK-Eck - Einstelltreppe",4933.1400000000003]
[11204014,"POOL-SET-14-ECKIG-600x300x150-GEWEBEFOLIE",5847.16]
[11204015,"POOL-SET-15-ECKIG-600x300x150-GEWEBEFOLIE--R100 - 200cm breit",6190.4]
[11204016,"POOL-SET-16-ECKIG-600x350x150-FOLIENSACK-Leiter",4363.75]
[11204017,"POOL-SET-17-ECKIG-600x350x150-FOLIENSACK-Fertigtreppe 250cm",5328.78]
[11204018,"POOL-SET-18-ECKIG-600x350x150-FOLIENSACK-Eck - Einstelltreppe",5721.75]
[11204019,"POOL-SET-19-ECKIG-600x350x150-GEWEBEFOLIE",6454.74]
[11204020,"POOL-SET-20-ECKIG-600x350x150-GEWEBEFOLIE--R125 - 250cm breit",6832.8]
[11204021,"POOL-SET-21-ECKIG-700x350x150-FOLIENSACK-Leiter",4123.92]
[11204022,"POOL-SET-22-ECKIG-700x350x150-FOLIENSACK-Fertigtreppe 250cm",5088.95]
[11204023,"POOL-SET-23-ECKIG-700x350x150-FOLIENSACK-Eck - Einstelltreppe",5481.92]
[11204024,"POOL-SET-24-ECKIG-700x350x150-GEWEBEFOLIE",6910.74]
[11204025,"POOL-SET-25-ECKIG-700x350x150-GEWEBEFOLIE--R125 - 250cm breit",7288.8]
[11204026,"POOL-SET-26-ECKIG-700x400x150-FOLIENSACK-Leiter",4871.75]
[11204027,"POOL-SET-27-ECKIG-700x400x150-FOLIENSACK-Fertigtreppe 300cm",6129.56]
[11204028,"POOL-SET-28-ECKIG-700x400x150-FOLIENSACK-Eck - Einstelltreppe",6229.75]
[11204029,"POOL-SET-29-ECKIG-700x400x150-GEWEBEFOLIE",7363.65]
[11204030,"POOL-SET-30-ECKIG-700x400x150-GEWEBEFOLIE--R150 - 300cm breit",7966.53]
[11204031,"POOL-SET-31-ECKIG-800x400x150-FOLIENSACK-Leiter",4549.58]
[11204032,"POOL-SET-32-ECKIG-800x400x150-FOLIENSACK-Fertigtreppe 300cm",5807.39]
[11204033,"POOL-SET-33-ECKIG-800x400x150-FOLIENSACK-Eck - Einstelltreppe",5907.58]
[11204034,"POOL-SET-34-ECKIG-800x400x150-GEWEBEFOLIE",7874.65]
[11204035,"POOL-SET-35-ECKIG-800x400x150-GEWEBEFOLIE--R150 - 300cm breit",8477.5300000000007]
[11204036,"POOL-SET-36-ECKIG-900x400x150-FOLIENSACK-Leiter",5145.63]
[11204037,"POOL-SET-37-ECKIG-900x400x150-FOLIENSACK-Fertigtreppe 300cm",6403.44]
[11204038,"POOL-SET-38-ECKIG-900x400x150-FOLIENSACK-Eck - Einstelltreppe",6503.63]
[11204039,"POOL-SET-39-ECKIG-900x400x150-GEWEBEFOLIE",8385.65]
[11204040,"POOL-SET-40-ECKIG-900x400x150-GEWEBEFOLIE--R150 - 300cm breit",8988.5300000000007]
[11204041,"POOL-SET-41-ECKIG-1000x500x150-FOLIENSACK-Leiter",6046.08]
[11204042,"POOL-SET-42-ECKIG-1000x500x150-FOLIENSACK-Fertigtreppe 300cm",7303.89]
[11204043,"POOL-SET-43-ECKIG-1000x500x150-FOLIENSACK-Eck - Einstelltreppe",7404.08]
[11204044,"POOL-SET-44-ECKIG-1000x500x150-GEWEBEFOLIE",10196.68]
[11204045,"POOL-SET-45-ECKIG-1000x500x150-GEWEBEFOLIE--R150 - 300cm breit",10789.87]
[11204046,"POOL-SET-46-OVAL-600x300x150-FOLIENSACK-Leiter",4110.38]
[11204047,"POOL-SET-47-OVAL-600x300x150-FOLIENSACK-Fertigtreppe 200cm",5009.82]
[11204048,"POOL-SET-48-OVAL-600x300x150-GEWEBEFOLIE",6118.7]
[11204049,"POOL-SET-49-OVAL-600x300x150-GEWEBEFOLIE--R100 - 200cm breit",6436.14]
[11204050,"POOL-SET-50-OVAL-700x350x150-FOLIENSACK-Leiter",4566.8]
[11204051,"POOL-SET-51-OVAL-700x350x150-FOLIENSACK-Fertigtreppe 250cm",5516.51]
[11204052,"POOL-SET-52-OVAL-700x350x150-GEWEBEFOLIE",6773.51]
[11204053,"POOL-SET-53-OVAL-700x350x150-GEWEBEFOLIE--R125 - 250cm breit",7135.77]
[11204054,"POOL-SET-54-OVAL-800x400x150-FOLIENSACK-Leiter",5110.26]
[11204055,"POOL-SET-55-OVAL-800x400x150-FOLIENSACK-Fertigtreppe 300cm",6352.74]
[11204056,"POOL-SET-56-OVAL-800x400x150-GEWEBEFOLIE",7709.06]
[11204057,"POOL-SET-57-OVAL-800x400x150-GEWEBEFOLIE--R150 - 300cm breit",8296.14]
[11204058,"POOL-SET-58-OVAL-1000x500x150-FOLIENSACK-Leiter",6701.27]
[11204059,"POOL-SET-59-OVAL-1000x500x150-FOLIENSACK-Fertigtreppe 300cm",7902.81]
[11204060,"POOL-SET-60-OVAL-1000x500x150-GEWEBEFOLIE",9842.31]
[11204061,"POOL-SET-61-OVAL-1000x500x150-GEWEBEFOLIE--R150 - 300cm breit",10420.17]
[11204062,"POOL-SET-62-RUND-350x350x150-FOLIENSACK-Leiter",3350.79]
[11204063,"POOL-SET-63-RUND-350x350x150-GEWEBEFOLIE",5475.86]
[11204064,"POOL-SET-64-RUND-400x400x150-FOLIENSACK-Leiter",3951.07]
[11204065,"POOL-SET-65-RUND-400x400x150-GEWEBEFOLIE",5951.74]
[11204066,"POOL-SET-66-RUND-450x450x150-FOLIENSACK-Leiter",4190.83]
[11204067,"POOL-SET-67-RUND-450x450x150-GEWEBEFOLIE",6177.63]
[11204068,"POOL-SET-68-RUND-500x500x150-FOLIENSACK-Leiter",4468.4399999999996]
[11204069,"POOL-SET-69-RUND-500x500x150-GEWEBEFOLIE",6550.27]
[11204070,"POOL-SET-70-RUND-550x550x150-FOLIENSACK-Leiter",4885.6499999999996]
[11204071,"POOL-SET-71-RUND-550x550x150-GEWEBEFOLIE",7257.82]
[11204072,"POOL-SET-72-RUND-600x600x150-FOLIENSACK-Leiter",5191.3900000000003]
[11204073,"POOL-SET-73-RUND-600x600x150-GEWEBEFOLIE",7850.46]
[11204074,"POOL-SET-74-ECKIG-600x300x150-FOLIENSACK-Eck - Einstelltreppe--KLASIK-A",8307.7199999999993]
[11204075,"POOL-SET-75-ECKIG-700x350x150-FOLIENSACK-Eck - Einstelltreppe--KLASIK-B",10551.27]
[11204076,"POOL-SET-76-ECKIG-800x400x150-FOLIENSACK-Eck - Einstelltreppe--KLASIK-B",10974.74]
[11204077,"POOL-SET-77-ECKIG-1000x500x150-FOLIENSACK-Eck - Einstelltreppe--KLASIK-C",14578.94]
[11204080,"RUND - ISO MASSIV BASISSET 4 - 500 x1 50 cm - ohne Technik",2082.5]
[11204090,"RUND - ISO MASSIV BASISSET 5 - 600 x 150 cm - ohne Technik",2457.5]
[11205025,"ISO MASSIV SPARSET 500 x 250 x 150 ECKIG mit Leiter",2665.83]
[11205030,"OVAL - ISO MASSIV BASISSET 1 - 600 x 300 x 150 cm - ohne Technik",1999.17]
[11205035,"OVAL - ISO MASSIV BASISSET 2 - 700 x 350 x 150 cm - ohne Technik",2207.5]
[11205050,"OVAL - ISO MASSIV BASISSET 3 - 800 x 400 x 150 cm - ohne Technik",2374.17]
[11206030,"ISO MASSIV SPARSET 600 x 300 x 150 ECKIG mit Leiter",2832.5]
[11207035,"ISO MASSIV SPARSET 700 x 350 x 150 ECKIG mit Leiter",3332.5]
[11208002,"ISO MASSIV Set 02 - 600x300x150 ECKIG - mit Leiter",3165.83]
[11208003,"ISO MASSIV Set 03 - 600x300x150 OVAL - mit Leiter",3249.17]
[11208005,"ISO MASSIV Set 05 - 700x350x150 ECKIG - mit Leiter",3749.17]
[11208006,"ISO MASSIV Set 06 - 700x350x150 Oval - mit Leiter",3540.83]
[11208007,"ISO MASSIV Set 07 - 700x400x150 ECKIG - mit Leiter",3999.17]
[11208009,"ISO MASSIV Set 09 - 800x400x150 ECKIG - mit Leiter",4082.5]
[11208010,"ISO MASSIV Set 10 - 800x400x150 Oval - mit Leiter",3915.83]
[11208011,"ISO MASSIV Set 11 - 900x400x150 Eckig - mit Leiter",4165.83]
[11208012,"ISO MASSIV Set 12 - 900x400x150 Oval - mit Leiter",4249.17]
[11208013,"ISO MASSIV Set 13 - 900x500x150 Eckig - mit Leiter",5082.5]
[11208014,"ISO MASSIV Set 14 - 1000x500x150 Oval - mit Leiter",5332.5]
[11208015,"ISO MASSIV Set 15 - 1000x500x150 Eckig - mit Leiter",5082.5]
[11208016,"ISO MASSIV Set 16 - 600x300x150 Eckig - m. Römischer Polyestertreppe",4249.17]
[11208017,"ISO MASSIV Set 17 - 700x350x150 Eckig - m. Römischer Polyestertreppe",4749.17]
[11208018,"ISO MASSIV Set 18 - 800x400x150 Eckig - m. Römischer Polyestertreppe",5165.83]
[11208020,"OVAL - ISO MASSIV BASISSET 4 - 900 x 400 x 150 cm - ohne Technik",2749.17]
[11208025,"ISO MASSIV Set 25 - 600x300x150 Eckig m. Treppe und Gewebefolie",5082.5]
[11208026,"ISO MASSIV Set 26 - 600x300x150 ECKIG m. Römischer Treppe",5332.5]
[11208027,"ISO MASSIV Set 27 - 600x300x150 OVAL m. Römischer Polyestertreppe",4165.83]
[11208028,"ISO MASSIV Set 28 - 700x350x150 Eckig m. Teppe und Gewebefolie",5832.5]
[11208029,"ISO MASSIV Set 29 - 700x350x150 Eckig m. Röm. Treppe u. Gewebefolie",6249.17]
[11208030,"ISO MASSIV Set 30 - 700x350x150 OVAL m. Römischer Polyestertreppe",4582.5]
[11208031,"ISO MASSIV Set 31 - 800x400x150 Eckig m. Teppe u. Gewebefolie",6749.17]
[11208032,"ISO MASSIV Set 32 - 800x400x150 Eckig m. Röm. Treppe u. Gewebefolie",7165.83]
[11208033,"ISO MASSIV Set 33 - 800x400x150 OVAL m. Römischer Polyestertreppe",5332.5]
[11208034,"ISO MASSIV Set 34 - 900x400x150 Eckig m. Teppe u. Gewebefolie",7165.83]
[11208035,"ISO MASSIV Set 35 - 900x400x150 Eckig m. Röm. Treppe u. Gewebefolie",7582.5]
[11208036,"ISO MASSIV Set 36 - 1000x400x150 Eckig m. Ecktreppe u. Gewebefolie",7582.5]
[11208037,"ISO MASSIV Set 37 - 1000x400x150 Eckig m. Röm. Treppe u. Gewebefolie",7999.17]
[11208038,"ISO MASSIV Set 38 - 1000x500x150 Eckig m. Teppe u. Gewebefolie",8999.17]
[11208039,"ISO MASSIV Set 39 - 1000x500x150 Eckig m. Röm. Treppe u. Gewebefolie",9249.17]
[11208040,"ISO MASSIV Set 40 - 600x300x150 Eckig - Gewebef.+Randst.+ Ecktreppe + Überdachung individuell",12083.33]
[11208041,"ISO MASSIV Set 41 - 600x300x150 Röm.Trepp.-Gewebef.+Randst.+Überdachung individuell",13076.68]
[11208042,"ISO MASSIV Set 42 - 700x350x150 Eckig - Gewebef.+Randst.+Überdachung individuell",14205]
[11208043,"ISO MASSIV Set 43 - 700x350x150 Röm.Treppe, Gewebef.+Randst.+ Überdachung individuell",15775.83]
[11208044,"ISO MASSIV Set 44 - 800x400x150 Eckig - Gewebef.+Randstein+ÜberdachungI individuell",16786.669999999998]
[11208045,"ISO MASSIV Set 45 - 800x400x150 Röm.Trepp. Gewebef.+Randst.+Überdachung individuell",18109.169999999998]
[11208048,"ISO MASSIV Set 48 - 700x400x150 m.Röm.Trepp - Gewebef.+ Randstein + Überdachungsbausatz einseitige Laufschiene",14746.67]
[11208050,"ISO MASSIV SPARSET 800 x 400 x 150 ECKIG mit Leiter",3415.83]
[11208055,"ISO MASSIV SPARSET 1200 x 250 x 150 ECKIG mit Leiter",3999.17]
[11208060,"OVAL - ISO MASSIV BASISSET 5 - 1000 x 500 x 150 cm - ohne Technik",3332.5]
[11208061,"ISO MASSIV Set 60 - 800x400x150 Eckig - Gewebef.+Randst.+ Überdachung am Beckenrand, Technikschacht",17050]
[11208063,"ISO MASSIV Set 63 - 600x300x150 Eckig - Gewebef.+Randst.+ Überdachung am Beckenrand, Technikschacht",12258.33]
[11208065,"ISO MASSIV Set 65 - 800x400x150 Eckig - m. ECKIGER Polyestertreppe KANTO",6749.17]
[11208066,"ISO MASSIV Set 66 - 800x400x150 Eckig - m. Ecktreppe Ravenna / Polyestertreppe",6915.83]
[11208067,"ISO MASSIV Set 67 - 1000x400x150 Eckig - m. Ecktreppe Ravenna / Polyestertreppe",7999.17]
[11208070,"ISO MASSIV Set 50 - 600x300x150 Röm.Polyestertreppe + Randstein + Überdachung individuell",11930.83]
[11208074,"ISO MASSIV Set 51 - 700x350x150 Röm.Polyestertreppe + Randstein + Überdachung individuell",14293.33]
[11208075,"ISO MASSIV Set 61 - 700x350x150 Röm.Polyestertreppe +Randstein + Überdachung am Beckenrand, Technikschacht",14423.33]
[11208080,"ISO MASSIV Set 52 - 800x400x150 Röm.Polyestertreppe + Randstein + Überdachung individuell",16366.67]
[11208083,"ISO MASSIV Set 83 - HIGH LEVEL POOL 600x300x150 Eckig m. Treppe (Ecke) + Gewebefolie + Randsteine",9165.83]
[11208084,"ISO MASSIV Set 84 - HIGH LEVEL POOL 700x350x150 Eckig m. Treppe (Ecke) + Gewebefolie + Randsteine",10499.17]
[11208085,"ISO MASSIV Set 49 - 700x400x150 Röm.Polyestertreppe + Randstein + Überdachungsbausatz einseitige Laufschiene",13201.67]
[11208086,"ISO MASSIV Set 86 - HIGH LEVEL POOL 600x300x150 Eckig m. Treppe (Ecke) + Gewebefolie + Überdachung SELEKT (schienenlos)",15824.17]
[11208087,"ISO MASSIV Set 87 - HIGH LEVEL POOL 700x350x150 Eckig m. Treppe (Ecke) + Gewebefolie + Randsteine + Überdachung SELEKT (schienenlos)",18213.330000000002]
[11208088,"ISO MASSIV Set 88 - HIGH LEVEL POOL 700x350x150 Eckig m. Treppe (Ecke) + Gewebefolie + Randsteine + Überdachung Selekt (schienenlos)",20600]
[11208090,"ISO MASSIV Set 80 - 600x300x150 Eckig m. griechischer Treppe (eckig) + Gewebefolie",5165.83]
[11208092,"ISO MASSIV Set 81 - 700x350x150 Eckig m. griechischer Treppe (eckig) + Gewebefolie",6124.17]
[11208094,"ISO MASSIV Set 82 - 800x400x150 Eckig m. griechischer Treppe (eckig) + Gewebefolie",7082.5]
[11208101,"ISO MASSIV Set 101 - RUNDBECKEN 350x150 - mit Leiter",2915.83]
[11208102,"ISO MASSIV Set 102 - RUNDBECKEN 400x150 - mit Leiter",3082.5]
[11208103,"ISO MASSIV Set 103 - RUNDBECKEN 450x150 - mit Leiter",3332.5]
[11208104,"ISO MASSIV Set 104 - RUNDBECKEN 500x150 - mit Leiter",3332.5]
[11208105,"ISO MASSIV Set 105 - RUNDBECKEN 600x150 - mit Leiter",3874.17]
[11208185,"ISO MASSIV Set 85 - HIGH LEVEL POOL 800x400x150 Eckig m. Treppe (Ecke) + Gewebefolie + Randsteine",11540.83]
[11208201,"ISO MASSIV Set 201 - HALBOVAL 600 x 300 x 150 - mit Leiter",3332.5]
[11208202,"ISO MASSIV Set 202 - HALBOVAL 700 x 350 x 150 - mit Leiter",3832.5]
[11208203,"ISO MASSIV Set 203 - HALBOVAL 800 x 400 x 150 - mit Leiter",4165.83]
[11208204,"ISO MASSIV Set 204 - HALBOVAL 900 x 450 x 150 - mit Leiter",4582.5]
[11208205,"ISO MASSIV Set 205 - HALBOVAL 1000 x 500 x 150 - mit Leiter",5415.83]
[11208600,"ISO MASSIV Set 68 - 600x300x150 Eckig - Gewebef.+Randst.+ Überdachung - einseitige Schiene, Technikschacht",13574.17]
[11208690,"ISO MASSIV Set 69 - 700x350x150 Eckig - Gewebef.+Randst.+ Überdachung - einseitige Laufschiene, Technikschacht",15788.33]
[11208700,"ISO MASSIV Set 70 - 800x400x150 Eckig - Gewebef.+Randst.+ Überdachung - einseitige Laufschiene, Technikschacht",18250.830000000002]
[11252011,"ECKIG - WUNDER STONE PS 50 - BASISSET 4 - 900 x 400 x 150 cm",2540.83]
[11252015,"ECKIG - WUNDER STONE PS 50 - BASISSET 5 - 1000 x 500 x 150 cm",3040.83]
[11252030,"ECKIG - WUNDER STONE PS 50 - BASISSET 1 - 600 x 300 x 150 cm",1832.5]
[11252035,"ECKIG - WUNDER STONE PS 50 - BASISSET 2 - 700 x 350 x 150 cm",2124.17]
[11252050,"ECKIG - WUNDER STONE PS 50 - BASISSET 3 - 800 x 400 x 150 cm",2415.83]
[11506030,"ISO MASSIV Set 22 - 600x300x150 Eckig - Ecktreppe - m. Überdachung individuell",10115.83]
[11507035,"ISO MASSIV Set 23 - 700x350x150 Eckig - Ecktreppe - m. Überdachung individuell",12705.83]
[11508040,"ISO MASSIV Set 24 - 800x400x150 Eckig - Ecktreppe - m. Überdachung individuell",13478.33]
[12100400,"RUNDBECKEN 400 cm *120 cm - 0,8 mm Folie, BLAU",907.5]
[12100450,"RUNDBECKEN 450 cm *120 cm - 0,8 mm Folie, BLAU",1129.17]
[12100463,"FP - RUNDBECKEN 300 cm*120 cm - 0,8 mm Folie, SAND",615.83000000000004]
[12100500,"RUNDBECKEN 500 cm *150 cm - 0,8 mm Folie, BLAU",1465.83]
[12100555,"FP - RUNDBECKEN 300 cm *150 cm - 0,8 mm Folie, BLAU",926.65]
[12100556,"FP - RUNDBECKEN 320 cm *150 cm - 0,8 mm Folie, BLAU",803.43]
[12100557,"FP - RUNDBECKEN 350 cm *150 cm - 0,8 mm Folie, BLAU",1040.83]
[12100563,"FP - RUNDBECKEN 300 cm*120 cm - 0,6 mm Folie, BLAU",540]
[12100564,"FP - RUNDBECKEN 320 cm*120 cm - 0,6 mm Folie, BLAU",540.83000000000004]
[12100565,"FP - RUNDBECKEN 350 cm*120 cm - 0,6 mm Folie, BLAU",582.5]
[12100566,"FP - RUNDBECKEN 400 cm*120 cm - 0,6 mm Folie, BLAU",624.16999999999996]
[12100567,"FP - RUNDBECKEN 420 cm*120 cm - 0,6 mm Folie, BLAU",699.17]
[12100568,"FP - RUNDBECKEN 450 cm*120 cm - 0,6 mm Folie, BLAU",749.17]
[12100569,"FP - RUNDBECKEN 500 cm*120 cm - 0,6 mm Folie, BLAU",749.17]
[12100570,"FP - RUNDBECKEN 550 cm*120 cm - 0,6 mm Folie, BLAU",890.83]
[12100571,"FP - RUNDBECKEN 600 cm*120 cm - 0,6 mm Folie, BLAU",999.17]
[12100572,"FP - RUNDBECKEN 700 cm*120 cm - 0,6 mm Folie BLAU",1215.83]
[12100573,"FP - RUNDBECKEN 800 cm*120 cm - 0,6 mm Folie BLAU",1440.83]
[12100574,"FP - RUNDBECKEN 400 cm*150 cm - 0,6 mm Folie, BLAU",857.5]
[12100575,"FP - RUNDBECKEN 500 cm*150 cm - 0,6 mm Folie, BLAU",1032.5]
[12100576,"FP - RUNDBECKEN 550 cm*150 cm - 0,6 mm Folie, BLAU",1157.5]
[12100577,"FP - RUNDBECKEN 600 cm*150 cm - 0,6 mm Folie BLAU",1332.5]
[12100578,"FP - RUNDBECKEN 700 cm*150 cm - 0,6 mm Folie BLAU",1507.5]
[12100579,"FP - RUNDBECKEN 800 cm*150 cm - 0,6 mm Folie BLAU",1749.17]
[12100699,"Massivholz-Schwimmbad Trinidad - Modell 593 - GR. 7 - ohne Zubehör",1749.17]
[12100700,"Holzpool CAPRI - Modell 593 A",2749.17]
[12100702,"Holzpool KORSIKA Gr.1 - Modell 593 B",2957.5]
[12100703,"Holzpool KORSIKA Gr. 1 - SET",2665.83]
[12100704,"Sonnendeck für Modell KORSIKA / 593 B u. 594 / 594 A",749.17]
[12100705,"Holzpool KORSIKA Gr. 2 - Modell",3749.17]
[12100706,"Holzpool KORSIKA Mod. 593 B2 - SET",3415.83]
[12100707,"Sonnendeck für Modell KORSIKA 2 - 593 B Gr.2",790.83]
[12100711,"Einhängeleiter, Edelstahl - 3 Stufen mit Halterung",368.21]
[12100713,"Technikraum 1 - zu Holzbecken Capri / Korsika - ab Mod. 2009",542.29999999999995]
[12100714,"Sandfilteranlage Medi",515.74]
[12100715,"Sandfilteranlage Maxi",957.09]
[12100716,"Wasserpflege-Set DeLuxe Starter Kit",75.760000000000005]
[12100717,"Bodenreinigungs-Set",137.4]
[12100718,"PE-Abdeckplane für CAPRI und KORSIKA 593 Gr. 1 - 420 cm DM",149.16999999999999]
[12100719,"PE-Abdeckplane für KORSIKA 2 593 B - 550 cm DM",224.17]
[12100721,"Holzpool KORFU Gr. 1 - Modell 594",3999.17]
[12100722,"Holzpool KORFU 1 - SET",3933.37]
[12100724,"Holzpool KORFU 2 - Modell 594 A",4999.17]
[12100725,"Holzpool KORFU 2 - SET",4999.17]
[12100732,"PE-Abdeckplane für KORFU GR.1 / Mod. 594",265.83]
[12100733,"PE-Abdeckplane für Ovalbecken KORFU Gr.2 - 594 A",324.17]
[12100735,"PE-Abdeckplane für TRINIDAD - Mod. 593",115.83]
[12100790,"WEKA Skimmerstahlwand - Teil beim Skimmer zum Dichten",25.2]
[12100863,"RUNDBECKEN FUN WOOD 320 cm x 120 cm - Folie BLAU",1890.83]
[12100865,"RUNDBECKEN FUN WOOD 350 cm x 120 cm - Folie BLAU",2249.17]
[12100866,"RUNDBECKEN FUN WOOD 400 cm x 120 cm - Folie BLAU",2574.17]
[12100867,"RUNDBECKEN FUN WOOD 450 cm x 120 cm - Folie BLAU",2815.83]
[12100868,"RUNDBECKEN FUN WOOD 500 cm x 120 cm - Folie BLAU",3124.17]
[12100869,"RUNDBECKEN FUN WOOD 600 cm x 120 cm - Folie BLAU",3832.5]
[12100870,"RUNDBECKEN FUN WOOD 700 cm x 120 cm - Folie BLAU",3832.5]
[12100871,"RUNDBECKEN FUN WOOD 800 cm x 120 cm - Folie BLAU",4374.17]
[12100888,"FP - RUNDBECKEN 320 cm *135 cm - 0,8 mm Folie, BLAU",795.55]
[12100890,"FP - RUNDBECKEN 320 cm *135 cm - 0,8 mm Folie, SAND",917.2]
[12100900,"32% Abzug - WOOD 120 cm ohne Holz / Verkleidung",0]
[12100905,"RUNDBECKEN FUN WOOD 400 cm x 120 cm - Folie SAND",2624.17]
[12100906,"RUNDBECKEN FUN WOOD 500 cm x 120 cm - Folie SAND",3190.83]
[12100907,"RUNDBECKEN FUN WOOD 600 cm x 120 cm - Folie SAND",3915.83]
[12101510,"Weka Wärmeplane für 593 A und B",332.5]
[12101511,"Weka Wärmeplane für Mod. 593 B / KORSIKA Gr. 2",440.83]
[12101512,"Weka Wärmeplane für Mod. 594 - KORFU Gr. 1",465.83]
[12101513,"Weka Wärmeplane für Mod. 594 A - KURFU Gr. 2",540.83000000000004]
[12101801,"Toprail, Handlaufverbreiterung für 593 A und B (Capri/Korsika 1)",349.17]
[12101802,"Toprail, Handlaufverbreiterung für 593 B Gr. 2 (Korsika 2)",432.5]
[12101803,"Toprail, Handlaufverbreiterung für 3131 / 593 / Trinidad",290.83]
[12101804,"Toprail, Handlaufverbreiterung für 594 Korfu Gr. 1",415.83]
[12101805,"Toprail, Handlaufverbreiterung für 594A Korfu Gr. 2 / Malta",482.5]
[12102008,"FP - RUNDBECKEN 750 cm*120 cm - 0,6 mm Folie BLAU",1365.83]
[12102009,"FP - RUNDBECKEN 450 cm*150 cm - 0,6 mm Folie, BLAU",932.5]
[12102186,"FP - RUNDBECKEN 640 cm*120 cm - 0,6 mm Folie BLAU",1140.83]
[12102206,"FP - RUNDBECKEN 500 cm *120 cm - 0,8 mm Folie, BLAU",915.83]
[12102207,"FP - RUNDBECKEN 600 cm *120 cm - 0,8 mm Folie, BLAU",1224.17]
[12102208,"FP - RUNDBECKEN 500 cm *150 cm - 0,8 mm Folie, BLAU",1107.5]
[12102209,"FP - RUNDBECKEN 600 cm *150 cm - 0,8 mm Folie, BLAU",1365.83]
[12102350,"RUNDBECKEN 350 cm *120 cm - 0,8 mm Folie, BLAU",799.17]
[12103009,"FP - RUNDBECKEN 450 cm *150 cm - 0,8 mm Folie, BLAU",1024.17]
[12103045,"FP - RUNDBECKEN 350 cm *135 cm - 0,8 mm Folie, BLAU",774.17]
[12103050,"FP - RUNDBECKEN 400 cm *135 cm - 0,8 mm Folie, BLAU",999.17]
[12103052,"FP - RUNDBECKEN 500 cm *135 cm - 0,8 mm Folie, BLAU",1332.5]
[12103054,"FP - RUNDBECKEN 500 cm *135 cm - 0,8 mm Folie, SAND",1349.6]
[12103055,"FP - RUNDBECKEN 450 cm *135 cm - 0,8 mm Folie, BLAU",1015.83]
[12103058,"FP - RUNDBECKEN 450 cm *135 cm - 0,8 mm Folie, SAND",1254.8]
[12103059,"FP - RUNDBECKEN 400 cm *135 cm - 0,8 mm Folie, SAND",1012]
[12103060,"FP - RUNDBECKEN 600 cm *135 cm - 0,8 mm Folie, BLAU",1332.5]
[12103062,"FP - RUNDBECKEN 600 cm *135 cm - 0,8 mm Folie, SAND",1687.2]
[12103088,"FP - RUNDBECKEN 350 cm *135 cm - 0,8 mm Folie, SAND",931.2]
[12104300,"RUNDBECKEN 400 cm*120 cm - 0,8 mm Folie, SAND",982.5]
[12104304,"RUNDBECKEN 500 cm*150 cm - 0,8 mm Folie, SAND",1565.83]
[12104305,"RUNDBECKEN 500 cm*120 cm - 0,8 mm Folie, SAND",1249.17]
[12104308,"RUNDBECKEN 600 cm*150 cm - 0,8 mm Folie, SAND",1949.17]
[12104309,"RUNDBECKEN 600 cm*120 cm - 0,8 mm Folie, SAND",1582.5]
[12104310,"RUNDBECKEN 450 cm*120 cm - 0,8 mm Folie, SAND",1149.17]
[12104312,"RUNDBECKEN 450 cm*150 cm - 0,8 mm Folie, SAND",1382.5]
[12104325,"FP - RUNDBECKEN 400 cm *150 cm - 0,8 mm Folie, SAND",1190.2]
[12104330,"FP - RUNDBECKEN 300 cm *150 cm - 0,8 mm Folie, SAND",936.8]
[12104335,"FP - RUNDBECKEN 320 cm *150 cm - 0,8 mm Folie, SAND",955.6]
[12104339,"FP - RUNDBECKEN 350 cm *150 cm - 0,8 mm Folie, SAND",1030.5999999999999]
[12104350,"RUNDBECKEN 350 cm*120 cm - 0,8 mm Folie, SAND",915.83]
[12104564,"FP - RUNDBECKEN 320 cm *120 cm - 0,8 mm Folie, SAND",744.17]
[12105050,"Ersatz - INNENHÜLLE zu Weka Pool - TRINIDAD - 0,6mm blau",282.5]
[12105055,"Ersatz - INNENHÜLLE zu Weka Pool - 5,54 x 5,54 achteckig - 0,6mm blau",516.25]
[12105060,"Ersatz - INNENHÜLLE zu Weka Pool - CAPRI/KORSIKA - 0,6mm blau",349.17]
[12105070,"Ersatz - INNENHÜLLE zu Weka Pool - MADEIRA/KORSIKA 2 - 0,6mm bl",482.5]
[12105080,"Ersatz - INNENHÜLLE zu Weka Pool - KORFU - 0,6mm blau",499.17]
[12105090,"Ersatz - INNENHÜLLE zu Weka Pool - MALTA - 0,6mm blau",615.83000000000004]
[12105150,"Ersatz - INNENHÜLLE zu Weka Pool - TRINIDAD - 0,8mm blau",290.83]
[12105155,"Ersatz - INNENHÜLLE zu Weka Pool - 554 x 554 cm achteckig - 0,8mm blau",854]
[12105160,"Ersatz - INNENHÜLLE zu Weka Pool - CAPRI/KORSIKA - 0,8mm blau",390.83]
[12105170,"Ersatz - INNENHÜLLE zu Weka Pool - MADEIRA/KORSIKA 2 - 0,8mm bl",532.5]
[12105180,"Ersatz - INNENHÜLLE zu Weka Pool - KORFU - 0,8mm blau",565.83000000000004]
[12105190,"Ersatz - INNENHÜLLE zu Weka Pool - MALTA - 0,8mm blau",657.5]
[12105250,"Ersatz - INNENHÜLLE zu Weka Pool - TRINIDAD - 0,8mm sand",332.5]
[12105255,"Ersatz - INNENHÜLLE zu Weka Pool - 554 x 554 cm - achteckig - 0,8mm sand",939.75]
[12105260,"Ersatz - INNENHÜLLE zu Weka Pool - CAPRI/KORSIKA - 0,8mm sand",415.83]
[12105270,"Ersatz - INNENHÜLLE zu Weka Pool - MADEIRA/KORSIKA 2 - 0,8mm sand",607.5]
[12105280,"Ersatz - INNENHÜLLE zu Weka Pool - KORFU - 0,8mm sand",615.83000000000004]
[12105290,"Ersatz - INNENHÜLLE zu Weka Pool - MALTA - 0,8mm sand",715.83]
[12105309,"RUNDBECKEN 700 cm*120 cm - 0,8 mm Folie, SAND",2057.5]
[12106309,"RUNDBECKEN 700 cm*150 cm - 0,8 mm Folie, SAND",2499.17]
[12106569,"FP - RUNDBECKEN 500 cm*120 cm - 0,8 mm Folie, SAND",869.17]
[12106571,"FP - RUNDBECKEN 600 cm*120 cm - 0,8 mm Folie, SAND",1046.67]
[12106575,"FP - RUNDBECKEN 500 cm*150 cm - 0,8 mm Folie, SAND",1098.8]
[12106577,"FP - RUNDBECKEN 600 cm*150 cm - 0,8 mm Folie, SAND",1318.92]
[12106600,"Stahlwand + Alu Profilpaket (ohne Folie) für RUNDBECKEN 600 cm*150 cm",1221.26]
[12107450,"Stahlwand + Alu Profilpaket (ohne Folie) für RUNDBECKEN 450 cm*150 cm",985.7]
[12107500,"Stahlwand + Alu Profilpaket (ohne Folie) für RUNDBECKEN 500 cm*150 cm",1336.78]
[12107600,"Stahlwand + Alu Profilpaket (ohne Folie) für RUNDBECKEN 600 cm*120 cm",1095.26]
[12108450,"Stahlwand + Alu Profilpaket (ohne Folie) für RUNDBECKEN 450 cm*120 cm",854.54]
[12108500,"RUNDBECKEN 500 cm *120 cm - 0,8 mm Folie, BLAU",1182.5]
[12108564,"FP - RUNDBECKEN 320 cm *120 cm - 0,8 mm Folie, BLAU",628.25]
[12108565,"FP - RUNDBECKEN 350 cm *120 cm - 0,8 mm Folie, BLAU",679.53]
[12108566,"FP - RUNDBECKEN 400 cm *120 cm - 0,8 mm Folie, BLAU",766.68]
[12108567,"FP - RUNDBECKEN 420 cm *120 cm - 0,8 mm Folie, BLAU",824.17]
[12108568,"FP - RUNDBECKEN 450 cm *120 cm - 0,8 mm Folie, BLAU",857.5]
[12108570,"FP - RUNDBECKEN 550 cm *120 cm - 0,8 mm Folie, BLAU",1082.5]
[12108572,"FP - RUNDBECKEN 700 cm *120 cm - 0,8 mm Folie, BLAU",1399.17]
[12108573,"FP - RUNDBECKEN 800 cm *120 cm - 0,8 mm Folie, BLAU",1499.17]
[12108574,"FP - RUNDBECKEN 400 cm *150 cm - 0,8 mm Folie, BLAU",1278.9000000000001]
[12108576,"FP - RUNDBECKEN 550 cm *150 cm - 0,8 mm Folie, BLAU",1290.83]
[12108578,"FP - RUNDBECKEN 700 cm *150 cm - 0,8 mm Folie, BLAU",1624.17]
[12108579,"FP - RUNDBECKEN 800 cm *150 cm - 0,8 mm Folie, BLAU",1865.83]
[12108600,"RUNDBECKEN 600 cm *120 cm - 0,8 mm Folie, BLAU",1490.83]
[12108700,"RUNDBECKEN 700 cm *120 cm - 0,8 mm Folie, BLAU",1782.5]
[12109350,"Stahlwand + Alu Profilpaket (ohne Folie) für RUNDBECKEN 350 cm*120 cm",684.1]
[12109400,"Stahlwand + Alu Profilpaket (ohne Folie) für RUNDBECKEN 400 cm*120 cm",788.48]
[12109450,"RUNDBECKEN 450 cm *150 cm - 0,8 mm Folie, BLAU",1290.83]
[12109500,"Stahlwand + Alu Profilpaket (ohne Folie) für RUNDBECKEN 500 cm*120 cm",910.61]
[12109600,"RUNDBECKEN 600 cm *150 cm - 0,8 mm Folie, BLAU",1832.5]
[12109700,"RUNDBECKEN 700 cm *150 cm - 0,8 mm Folie, BLAU",2165.83]
[12115564,"WEKA Holzpool 5% BONUS ab einem Warenwert von 3.000 EUR",-125]
[12115565,"4 - 6 Wochen AB WERK (in der Saison auf Anfrage)",0.83]
[12126655,"5% Sonder - Rabatt auf Stahlwandpools !",-83.33]
[12126656,"3% Sonder - Rabatt auf Stahlwandpool Zubehör!",-50]
[12172320,"Stahlwand für Rundbecken 320*120 cm (15000)",305.16000000000003]
[12172350,"Stahlwand für Rundbecken 350 *120 cm (15005)",369.64]
[12172400,"Stahlwand für Rundbecken 400 *120 cm (15010)",461.37]
[12172420,"Stahlwand für Rundbecken 420 *120 cm (15015)",356.46]
[12172450,"Stahlwand für Rundbecken 450 *120 cm (15017)",506.45]
[12172500,"Stahlwand für Rundbecken 500 *120 cm (15020)",564.29]
[12172600,"Stahlwand für Rundbecken 600 *120 cm (15030)",649.54999999999995]
[12172700,"Stahlwand für Rundbecken 700 *120 cm (15035)",728.72]
[12175350,"Stahlwand für Rundbecken 350 *150 cm (15063)",693.37]
[12175400,"Stahlwand für Rundbecken 400 *150 cm (15065)",622.94000000000005]
[12175450,"Stahlwand für Rundbecken 450 *150 cm (15067)",791.65]
[12175500,"Stahlwand für Rundbecken 500 *150 cm (15070)",844.41]
[12175600,"Stahlwand für Rundbecken 600 *150 cm (15080)",960.12]
[12175700,"Stahlwand für Rundbecken 700 *150 cm (15085 + 15086)",1128.75]
[12182350,"Aluminium - Profilpaket Rundbecken 350 cm (14560)",441]
[12182400,"Aluminium - Profilpaket Rundbecken 400 cm (14562)",511.52]
[12182420,"Aluminium - Profilpaket Rundbecken 420 cm (14563)",524.16]
[12182450,"Aluminium - Profilpaket Rundbecken 450 cm (14564)",553.44000000000005]
[12182500,"Aluminium - Profilpaket Rundbecken 500 cm (14566)",614]
[12182600,"Aluminium - Profilpaket Rundbecken 600 cm (14567)",684.96]
[12184349,"Aluminium - Profilpaket Rundbecken WOOD 320 cm (14502)",766.88]
[12184350,"Aluminium - Profilpaket Rundbecken WOOD 350 cm (14509)",817.92]
[12184400,"Aluminium - Profilpaket Rundbecken WOOD 400 cm (14512)",899.04]
[12184420,"Aluminium - Profilpaket Rundbecken WOOD 420 cm (14513)",951.84]
[12184450,"Aluminium - Profilpaket Rundbecken WOOD 450 cm (14516)",1067]
[12184500,"Aluminium - Profilpaket Rundbecken WOOD 500 cm (14522)",1110.56]
[12184600,"Aluminium - Profilpaket Rundbecken WOOD 600 cm (14532)",1321.28]
[12184700,"Aluminium - Profilpaket Rundbecken WOOD 700 cm (14539)",1585.6]
[12185000,"Profilpaket Rundbecken 500 cm - SAND (14521)",205.1]
[12185300,"Profilpaket Rundbecken 300 cm - SAND",113.44]
[12185320,"Profilpaket Rundbecken 320 cm - SAND (14501)",132.93]
[12185350,"Profilpaket Rundbecken 350 cm - SAND (14506)",147.07]
[12185400,"Profilpaket Rundbecken 400 cm - SAND (14511)",180.7]
[12185420,"Profilpaket Rundbecken 420 cm - SAND (14514)",172]
[12185450,"Profilpaket Rundbecken 450 cm - SAND (14519)",191.8]
[12185460,"Profilpaket Rundbecken 460 cm - SAND (14523)",192.13]
[12185550,"Profilpaket Rundbecken 550 cm - SAND (14526)",235.2]
[12185600,"Profilpaket Rundbecken 600 cm - SAND (14531)",253.8]
[12185700,"Profilpaket Rundbecken 700 cm - SAND (14536)",276.99]
[12188300,"Profilpaket Rundbecken 300 cm - BLAU",108]
[12188320,"Profilpaket Rundbecken 320 cm - BLAU (14500)",111.02]
[12188350,"Profilpaket Rundbecken 350 cm - BLAU (14505)",171.2]
[12188400,"Profilpaket Rundbecken 400 cm - BLAU (14510)",192.28]
[12188420,"Profilpaket Rundbecken 420 cm - BLAU (14515)",150.32]
[12188450,"Profilpaket Rundbecken 450 cm - BLAU (14517)",201.51]
[12188500,"Profilpaket Rundbecken 500 cm - BLAU (14520)",203.24]
[12188550,"Profilpaket Rundbecken 550 cm - BLAU (14530)",175.74]
[12188600,"Profilpaket Rundbecken 600 cm - BLAU (14530)",216.2]
[12188640,"Profilpaket Rundbecken 640 cm - BLAU (14533)",223.52]
[12188700,"Profilpaket Rundbecken 700 cm - BLAU (14535)",255.2]
[12188800,"Profilpaket Rundbecken 800 cm - BLAU (14540)",344.34]
[12189320,"Profilpaket Rundbecken 320 cm - GRAU",124.64]
[12189350,"Profilpaket Rundbecken 350 cm - GRAU",147.80000000000001]
[12189400,"Profilpaket Rundbecken 400 cm - GRAU",171.14]
[12189420,"Profilpaket Rundbecken 420 cm - GRAU",167.81]
[12189450,"Profilpaket Rundbecken 450 cm - GRAU",181.62]
[12189460,"Profilpaket Rundbecken 460 cm - GRAU",187.44]
[12189500,"Profilpaket Rundbecken 500 cm - GRAU",210.2]
[12189550,"Profilpaket Rundbecken 550 cm - GRAU",222.74]
[12189600,"Profilpaket Rundbecken 600 cm - GRAU",240.38]
[12189700,"Profilpaket Rundbecken 700 cm - GRAU",283.92]
[12190350,"SET- RUNDBECKEN 350 cm *120 cm - 0,8 mm Folie, BLAU",1165.83]
[12190400,"SET- RUNDBECKEN 400 cm *120 cm - 0,8 mm Folie, BLAU",1249.17]
[12190450,"SET- RUNDBECKEN 450 cm *120 cm - 0,8 mm Folie, BLAU",1332.5]
[12190451,"SET- RUNDBECKEN 450 cm *120 cm - 0,8 mm Folie, SAND",1374.17]
[12190500,"SET- RUNDBECKEN 500 cm *150 cm - 0,8 mm Folie, BLAU",1749.17]
[12191400,"ABVERKAUF SET- RUNDBECKEN 400 cm *120 cm - 0,8 mm Folie, BLAU",1249.17]
[12191450,"ABVERKAUF SET- RUNDBECKEN 450 cm *120 cm - 0,8 mm Folie, BLAU",1365.83]
[12195300,"Profilpaket Rundbecken 300 cm - GRAU",113.44]
[12198500,"SET- RUNDBECKEN 500 cm *120 cm - 0,8 mm Folie, BLAU",1415.83]
[12198510,"ABVERKAUF SET- RUNDBECKEN 500 cm *120 cm - 0,8 mm Folie, BLAU",1291.67]
[12199450,"SET- RUNDBECKEN 450 cm *150 cm - 0,8 mm Folie, BLAU",1582.5]
[12199451,"ABVERKAUF SET- RUNDBECKEN 450 cm *150 cm - 0,8 mm Folie, BLAU",1749.17]
[12200570,"FP - KINDER - RUNDPOOL 300 x 90 cm - 0,6 mm Folie, BLAU",457.5]
[12200571,"FP - KINDER - RUNDPOOL 350 x 90 cm - 0,6 mm Folie, BLAU",499.17]
[12200572,"FP - KINDER - RUNDPOOL 400 x 90 cm - 0,6 mm Folie, BLAU",582.5]
[12200580,"FP - OVALBECKEN 450 x 300 x 120 cm Höhe - 0,6 mm Folie, BLAU",749.17]
[12200581,"FP - OVALBECKEN 530 x 320 x 120 cm Höhe - 0,6 mm Folie, BLAU",790.83]
[12200582,"FP - OVALBECKEN 623 x 360 x 120 cm Höhe - 0,6 mm Folie, BLAU",957.5]
[12200583,"FP - OVALBECKEN 700 x 350 x 120 cm Höhe - 0,6 mm Folie, BLAU",1499.17]
[12200584,"FP - OVALBECKEN 737 x 360 x 120 cm Höhe - 0,6 mm Folie, BLAU",1082.5]
[12200585,"FP - OVALBECKEN 800 x 400 x 120 cm Höhe - 0,6 mm Folie, BLAU",1165.83]
[12200586,"FP - OVALBECKEN 916 x 460 x 120 cm Höhe - 0,6 mm Folie, BLAU",1307.5]
[12200587,"FP - OVALBECKEN 1100 x 550 x 120 cm Höhe - 0,6 mm Folie, BLAU",1665.83]
[12200588,"FP - OVALBECKEN 530 x 320 x 150 cm Höhe - 0,6 mm Folie, BLAU",1082.5]
[12200589,"FP - OVALBECKEN 623 x 360 x 150 cm Höhe - 0,6 mm Folie, BLAU",1140.83]
[12200590,"FP - OVALBECKEN 700 x 350 x 150 cm Höhe - 0,6 mm Folie, BLAU",1224.17]
[12200591,"FP - OVALBECKEN 737 x 360 x 150 cm Höhe - 0,6 mm Folie, BLAU",1249.17]
[12200592,"FP - OVALBECKEN 800 x 400 x 150 cm Höhe - 0,6 mm Folie, BLAU",1457.5]
[12200593,"FP - OVALBECKEN 916 x 460 x 150 cm Höhe - 0,6 mm Folie, BLAU",1724.17]
[12200594,"FP - OVALBECKEN 1100 x 550 x 150 cm Höhe - 0,6 mm Folie, BLAU",2032.5]
[12202210,"FP - OVALBECKEN 623 x 360 x 120 cm Höhe - 0,8 mm Folie, BLAU",1065.83]
[12202211,"FP - OVALBECKEN 737 x 360 x 120 cm Höhe - 0,8 mm Folie, BLAU",1165.83]
[12202212,"FP - OVALBECKEN 800 x 400 x 120 cm Höhe - 0,8 mm Folie, BLAU",1249.17]
[12202213,"FP - OVALBECKEN 530 x 320 x 150 cm Höhe - 0,8 mm Folie, BLAU",1165.83]
[12202214,"FP - OVALBECKEN 623 x 360 x 135 cm Höhe - 0,8 mm Folie, BLAU",1207.5]
[12202215,"FP - OVALBECKEN 737 x 360 x 135 cm Höhe - 0,8 mm Folie, BLAU",1324.17]
[12202216,"FP - OVALBECKEN 800 x 400 x 150 cm Höhe - 0,8 mm Folie, BLAU",1499.17]
[12202218,"FP - OVALBECKEN 737 x 360 x 135 cm Höhe - 0,8 mm Folie, SAND",1677.8]
[12202219,"FP - OVALBECKEN 623 x 360 x 135 cm Höhe - 0,8 mm Folie, SAND",1527.8]
[12202221,"FP - OVALBECKEN 700 x 350 x 120 cm Höhe - 0,8 mm Folie, BLAU",1140.83]
[12202222,"FP - OVALBECKEN 600 x 320 x 120 cm Höhe - 0,8 mm Folie, BLAU",999.17]
[12202224,"FP - OVALBECKEN 600 x 320 x 150 cm Höhe - 0,8 mm Folie, BLAU",1207.5]
[12202225,"FP - OVALBECKEN 600 x 320 x 135 cm Höhe - 0,8 mm Folie, BLAU",1115.83]
[12202227,"FP - OVALBECKEN 700 x 350 x 120 cm Höhe - 0,8 mm Folie, SAND",1548.4]
[12202228,"FP - OVALBECKEN 600 x 320 x 150 cm Höhe - 0,8 mm Folie, SAND",1531.8]
[12202230,"FP - OVALBECKEN 800 x 400 x 135 cm Höhe - 0,8 mm Folie, BLAU",1457.5]
[12202233,"FP - OVALBECKEN 800 x 400 x 135 cm Höhe - 0,8 mm Folie, SAND",1929.2]
[12202235,"FP - OVALBECKEN 600 x 320 x 135 cm Höhe - 0,8 mm Folie, SAND",1442.4]
[12202285,"FP - OVALBECKEN 600 x 320 x 120 cm Höhe - 0,8 mm Folie, SAND",1351]
[12202315,"FP - OVALBECKEN 737 x 360 x 150 cm Höhe - 0,8 mm Folie, BLAU",1415.83]
[12203215,"FP - OVALBECKEN 700 x 350 x 150 cm Höhe - 0,8 mm Folie, BLAU",1374.17]
[12203219,"FP - OVALBECKEN 700 x 350 x 135 cm Höhe - 0,8 mm Folie, BLAU",1249.17]
[12203220,"FP - OVALBECKEN 700 x 350 x 135 cm Höhe - 0,8 mm Folie, SAND",1640.2]
[12204222,"FP - OVALBECKEN 600 x 320 x 120 cm Höhe - 0,8 mm Folie, SAND",1132.5]
[12204303,"OVALBECKEN 623*360*150 cm Höhe - 0,8 mm Folie, SAND",1824.17]
[12204312,"OVALBECKEN 916*460*150 cm Höhe - 0,8 mm Folie, SAND",2990.83]
[12204323,"OVALBECKEN 623*360*120 cm Höhe - 0,8 mm Folie, SAND",1474.17]
[12204325,"OVALBECKEN 737*360*150 cm Höhe - 0,8 mm Folie, SAND",2082.5]
[12204337,"OVALBECKEN 737*360*120 cm Höhe - 0,8 mm Folie, SAND",1665.83]
[12204355,"OVALBECKEN 800*400*120 cm Höhe - 0,8 mm Folie, SAND",1757.5]
[12204359,"OVALBECKEN 800*400*150 cm Höhe - 0,8 mm Folie, SAND",2249.17]
[12204530,"OVALBECKEN 530*320*150 cm Höhe - 0,8 mm Folie, SAND",1624.17]
[12204550,"FP - OVALBECKEN 450 x 300 x 150 cm Höhe - 0,8 mm Folie, SAND",1290.83]
[12204600,"OVALBECKEN 600*320*150 cm Höhe - 0,8 mm Folie, SAND",1332.5]
[12205530,"OVALBECKEN 530*320*120 cm Höhe - 0,8 mm Folie, SAND",1265.83]
[12205623,"Stahlwand + Alu Profilpaket (ohne Folie) für OVALBECKEN 623*360*150 cm",1040.58]
[12206530,"Stahlwand + Alu Profilpaket (ohne Folie) für OVALBECKEN 530*320*150 cm",955.73]
[12206584,"FP - OVALBECKEN 737*360*120 cm Höhe - 0,8 mm Folie, SAND",1200.8900000000001]
[12206585,"FP - OVALBECKEN 800*400*120 cm Höhe - 0,8 mm Folie, SAND",1303.1300000000001]
[12206589,"FP - OVALBECKEN 623*360*150 cm Höhe - 0,8 mm Folie, SAND",1214.0999999999999]
[12206591,"FP - OVALBECKEN 737*360*150 cm Höhe - 0,8 mm Folie, SAND",1386.63]
[12206592,"FP - OVALBECKEN 800*400*150 cm Höhe - 0,8 mm Folie, SAND",1649.19]
[12206737,"Stahlwand + Alu Profilpaket (ohne Folie) für OVALBECKEN 737*360*150 cm",1127.02]
[12206750,"FP - OVALBECKEN 700*350*150 cm Höhe - 0,8 mm Folie, SAND",1599.17]
[12206800,"Stahlwand + Alu Profilpaket (ohne Folie) für OVALBECKEN 800*400*150 cm",1397.22]
[12207530,"Stahlwand + Alu Profilpaket (ohne Folie) für OVALBECKEN 530*320*120 cm",815.25]
[12207623,"Stahlwand + Alu Profilpaket (ohne Folie) für OVALBECKEN 623*360*120 cm",880.45]
[12207737,"Stahlwand + Alu Profilpaket (ohne Folie) für OVALBECKEN 737*360*120 cm",927.44]
[12207750,"Stahlwand + Alu Profilpaket (ohne Folie) für OVALBECKEN 700*350*150 cm",1100.22]
[12207800,"Stahlwand + Alu Profilpaket (ohne Folie) für OVALBECKEN 800*400*120 cm",1072.19]
[12208100,"OVALBECKEN 1100*550*150 cm Höhe - 0,8 mm Folie, BLAU",3165.83]
[12208120,"FP - OVALBECKEN 1100*550*150 cm Höhe - 0,8 mm Folie, SAND",3269.28]
[12208530,"OVALBECKEN 530*320 *120 cm Höhe - 0,8 mm Folie, BLAU",1132.5]
[12208570,"FP - OVALBECKEN 916 x 460 x 135 cm Höhe - 0,8 mm Folie, SAND",2296.8000000000002]
[12208581,"FP - OVALBECKEN 530 x 320 x 120 cm Höhe - 0,8 mm Folie, BLAU",890.83]
[12208586,"FP - OVALBECKEN 916 x 460 x 120 cm Höhe - 0,8 mm Folie, BLAU",1665.83]
[12208587,"FP - OVALBECKEN 1100 x 550 x 120 cm Höhe - 0,8 mm Folie, BLAU",1807.5]
[12208593,"FP - OVALBECKEN 916 x 460 x 150 cm Höhe - 0,8 mm Folie, BLAU",1890.83]
[12208594,"FP - OVALBECKEN 1100 x 550 x 150 cm Höhe - 0,8 mm Folie, BLAU",2249.17]
[12208598,"FP - OVALBECKEN 916 x 460 x 135 cm Höhe - 0,8 mm Folie, BLAU",1732.5]
[12208599,"FP - OVALBECKEN 1100 x 550 x 135 cm Höhe - 0,8 mm Folie, BLAU",2040.83]
[12208600,"FP - OVALBECKEN 1100 x 550 x 135 cm Höhe - 0,8 mm Folie, SAND",2864.4]
[12208623,"OVALBECKEN 623*360*120 cm Höhe - 0,8 mm Folie, BLAU",1357.5]
[12208737,"OVALBECKEN 737*360*120 cm Höhe - 0,8 mm Folie, BLAU",1582.5]
[12208800,"OVALBECKEN 800*400*120 cm Höhe - 0,8 mm Folie, BLAU",1632.5]
[12208916,"Stahlwand + Alu Profilpaket (ohne Folie) für OVALBECKEN 916*460*150 cm",1051.82]
[12209438,"FP - OVALBECKEN 450 x 300 x 135 cm Höhe - 0,8 mm Folie, BLAU",1074.17]
[12209530,"OVALBECKEN 530*320*150 cm Höhe - 0,8 mm Folie, BLAU",1532.5]
[12209535,"FP - OVALBECKEN 450 x 300 x 120 cm Höhe - 0,8 mm Folie, BLAU",957.5]
[12209538,"FP - OVALBECKEN 530 x 320 x 135 cm Höhe - 0,8 mm Folie, BLAU",1082.5]
[12209539,"FP - OVALBECKEN 530 x 320 x 135 cm Höhe - 0,8 mm Folie, SAND",1375.8]
[12209540,"FP - OVALBECKEN 450 x 300 x 135 cm Höhe - 0,8 mm Folie, SAND",1124.17]
[12209545,"FP - OVALBECKEN 450 x 300 x 120 cm Höhe - 0,8 mm Folie, SAND",999.17]
[12209550,"FP - OVALBECKEN 450 x 300 x 150 cm Höhe - 0,8 mm Folie, BLAU",1415.83]
[12209623,"OVALBECKEN 623*360*150 cm Höhe - 0,8 mm Folie, BLAU",1707.5]
[12209737,"OVALBECKEN 737*360*150 cm Höhe - 0,8 mm Folie, BLAU",1940.83]
[12209750,"OVALBECKEN 700*350*150 cm Höhe - 0,8 mm Folie, BLAU",1832.5]
[12209751,"OVALBECKEN 700*350*150 cm Höhe - 0,8 mm Folie, SAND",1966.23]
[12209800,"OVALBECKEN 800*400*150 cm Höhe - 0,8 mm Folie, BLAU",2149.17]
[12209916,"OVALBECKEN 916*460*150 cm Höhe - 0,8 mm Folie, BLAU",2665.83]
[12209920,"+ 6 % Aufpreis bei Kauf des AKTIONS Stahlwandbecken - ohne Filtertechnik!","0,00"]
[12209980,"Skimmerset Aufstellbecken",37.42]
[12209981,"Skimmerset Einbaubecken",58.25]
[12209990,"Installations-Paket - flexible Schlauchverbindung 38mm",32.5]
[12209991,"Installationsmaterial - feste Verrohrung DA50 PVC",122.01]
[12262110,"Stahlwand zu Ovalbecken 1100 x 550 x 120 cm (15245+15246)",764.04]
[12262530,"Stahlwand zu Ovalbecken 530 x 320 x 120 cm (15220)",537.91999999999996]
[12262623,"Stahlwand zu Ovalbecken 623 x 360 x 120 cm (15225)",596.79]
[12262737,"Stahlwand zu Ovalbecken 737 x 360 x 120 cm (15230)",700]
[12262800,"Stahlwand zu Ovalbecken 800 x 400 x 120 cm (15235)",712.48]
[12262916,"Stahlwand zu Ovalbecken 916 x 460 x 120 cm (15240)",555.84]
[12265110,"Stahlwand zu Ovalbecken 1100 x 550 x 150 cm (15275 +15276)",1187.28]
[12265510,"Stahlwand zu Ovalbecken 450 x 300 x 120 cm (15219)",519.61]
[12265530,"Stahlwand zu Ovalbecken 530 x 320 x 150 cm (15250)",807.89]
[12265623,"Stahlwand zu Ovalbecken 623 x 360 x 150 cm (15255)",897.19]
[12265700,"Stahlwand zu Ovalbecken 700 x 350 x 150 cm (15258)",933.73]
[12265737,"Stahlwand zu Ovalbecken 737 x 360 x 150 cm (15260)",980]
[12265800,"Stahlwand zu Ovalbecken 800 x 400 x 150 cm (15265 +15266)",1382.5]
[12265916,"Stahlwand zu Ovalbecken 916 x 460 x 150 cm (15270 +15271)",990.88]
[12271530,"Aluminium - Profilpaket Ovalbecken 530 x 320 cm (14670)",520.64]
[12271620,"Aluminium - Profilpaket Achtformbecken 470 x 300 cm",560]
[12271623,"Aluminium - Profilpaket Ovalbecken 623 x 360 cm (14671)",554.88]
[12271630,"Aluminium - Profilpaket Achtformbecken 525 x 320 cm",569.91999999999996]
[12271635,"Aluminium - Profilpaket Achtformbecken 540 x 350 cm",583.20000000000005]
[12271640,"Aluminium - Profilpaket Achtformbecken 625 x 360 cm",651.04]
[12271645,"Aluminium - Profilpaket Achtformbecken 650 x 420 cm",662.72]
[12271650,"Aluminium - Profilpaket Achtformbecken 725 x 460 cm",730.56]
[12271660,"Aluminium - Profilpaket Achtformbecken 770 x 500 cm",832]
[12271670,"Aluminium - Profilpaket Achtformbecken 855 x 500 cm",880]
[12271700,"Aluminium - Profilpaket Ovalbecken 700 x 350 cm (14672)",569.6]
[12271737,"Aluminium - Profilpaket Ovalbecken 737 x 360 cm (14563)",590.72]
[12271765,"Aluminium - Profilpaket Ovalbecken 800 x 400 cm (14674)",700]
[12271916,"Aluminium - Profilpaket Ovalbecken 916 x 460 cm (14675)",693.76]
[12271920,"Profilpaket Achtformbecken 470 x 300 cm BLAU",142.5]
[12271930,"Profilpaket Achtformbecken 525 x 320 cm BLAU",165.6]
[12271940,"Profilpaket Achtformbecken 540 x 350 cm BLAU",165.6]
[12271950,"Profilpaket Achtformbecken 625 x 360 cm BLAU",187.2]
[12271960,"Profilpaket Achtformbecken 650 x 420 cm BLAU",187.2]
[12271970,"Profilpaket Achtformbecken 725 x 460 cm BLAU",209.95]
[12271980,"Profilpaket Achtformbecken 770 x 500 cm BLAU",232]
[12271990,"Profilpaket Achtformbecken 855 x 500 cm BLAU",235.2]
[12272540,"Profilpaket Achtformbecken 540 x 350 cm - SAND",209.18]
[12272550,"Profilpaket Achtformbecken 625 x 360 cm - SAND",231.39]
[12272560,"Profilpaket Achtformbecken 650 x 420 cm - SAND",232.38]
[12272570,"Profilpaket Achtformbecken 725 x 460 cm - SAND",265.31]
[12272580,"Profilpaket Achtformbecken 770 x 500 cm - SAND",285.81]
[12272590,"Profilpaket Achtformbecken 855 x 500 cm - SAND",297.41000000000003]
[12272820,"Profilpaket Achtformbecken 470 x 300 cm - SAND",179.84]
[12272830,"Profilpaket Achtformbecken 525 x 320 cm - SAND",209.18]
[12274620,"Aluminium - Profilpaket Achtformbecken WOOD 470 x 300 cm",1092.1600000000001]
[12274625,"Aluminium - Profilpaket Achtformbecken WOOD 525 x 320 cm",1180]
[12274630,"Aluminium - Profilpaket Achtformbecken WOOD 540 x 350 cm",1189.1199999999999]
[12274640,"Aluminium - Profilpaket Achtformbecken WOOD 625 x 360 cm",1348.48]
[12274645,"Aluminium - Profilpaket Achtformbecken WOOD 650 x 420 cm",1383.04]
[12274650,"Aluminium - Profilpaket Achtformbecken WOOD 725 x 460 cm",1524.96]
[12274660,"Aluminium - Profilpaket Achtformbecken WOOD 770 x 500 cm",1647.52]
[12274670,"Aluminium - Profilpaket Achtformbecken WOOD 855 x 500 cm",1982.4]
[12275100,"Profilpaket Ovalbecken 1100 x 550 (99999) - SAND",352]
[12275530,"Profilpaket Ovalbecken 530 x 320 (14721) - SAND",196.72]
[12275623,"Profilpaket Ovalbecken 623 x 360 (14726) - SAND",227.5]
[12275700,"Profilpaket Ovalbecken 700 x 350 (14729) - SAND",228.98]
[12275737,"Profilpaket Ovalbecken 737 x 360 (14731) - SAND",256.77999999999997]
[12275765,"Profilpaket Ovalbecken 800 x 400 (14737) - SAND",283.92]
[12275916,"Profilpaket Ovalbecken 916 x 460 (14741) - SAND",311.89999999999998]
[12278110,"Profilpaket Ovalbecken 1100 x 550 (14745) - BLAU",338]
[12278530,"Profilpaket Ovalbecken 530 x 320 (14720) - BLAU",339.83]
[12278623,"Profilpaket Ovalbecken 623 x 360 (14725) - BLAU",231.1]
[12278630,"Profilpaket Ovalbecken 450 x 300 (56653) - BLAU",163.4]
[12278700,"Profilpaket Ovalbecken 700 x 350 (14728) - BLAU",243.52]
[12278737,"Profilpaket Ovalbecken 737 x 360 (14730) - BLAU",282.64]
[12278800,"Profilpaket Ovalbecken 800 x 400 (14735) - BLAU",322.99]
[12278916,"Profilpaket Ovalbecken 916 x 460 (14740) - BLAU",286]
[12279100,"Profilpaket Ovalbecken 1100 x 550 (99999) - GRAU",352]
[12279530,"Profilpaket Ovalbecken 530 x 320 (14721) - GRAU",191.92]
[12279540,"Profilpaket Achtformbecken 540 x 350 cm - GRAU",204.08]
[12279550,"Profilpaket Achtformbecken 625 x 360 cm - GRAU",237.18]
[12279560,"Profilpaket Achtformbecken 650 x 420 cm - GRAU",226.72]
[12279570,"Profilpaket Achtformbecken 725 x 460 cm - GRAU",258.85000000000002]
[12279580,"Profilpaket Achtformbecken 770 x 500 cm - GRAU",292.95999999999998]
[12279590,"Profilpaket Achtformbecken 855 x 500 cm - GRAU",290.16000000000003]
[12279623,"Profilpaket Ovalbecken 623 x 360 (14726) - GRAU",221.95]
[12279700,"Profilpaket Ovalbecken 700 x 350 (14729) - GRAU",223.39]
[12279737,"Profilpaket Ovalbecken 737 x 360 (14731) - GRAU",250.53]
[12279765,"Profilpaket Ovalbecken 800 x 400 (14737) - GRAU",276.99]
[12279820,"Profilpaket Achtformbecken 470 x 300 cm - GRAU",175.46]
[12279830,"Profilpaket Achtformbecken 525 x 320 cm - GRAU",204.08]
[12279916,"Profilpaket Ovalbecken 916 x 460 (14741) - GRAU",304.3]
[12289530,"SET- OVALBECKEN 530*320*150 cm Höhe - 0,8 mm Folie, BLAU",1999.17]
[12289535,"ABVERKAUF SET- OVALBECKEN 530*320*150 cm Höhe - 0,8 mm Folie, BLAU",2057.5]
[12289623,"SET- OVALBECKEN 623*360*150 cm Höhe - 0,8 mm Folie, BLAU",2249.17]
[12289737,"SET- OVALBECKEN 737*360*150 cm Höhe - 0,8 mm Folie, BLAU",2499.17]
[12289738,"ABVERKAUF SET- OVALBECKEN 737*360*120 cm Höhe - 0,8 mm Folie, BLAU",2415.83]
[12289750,"SET- OVALBECKEN 700*350*150 cm Höhe - 0,8 mm Folie, BLAU",2332.5]
[12289800,"SET- OVALBECKEN 800*400*150 cm Höhe - 0,8 mm Folie, BLAU",2799.17]
[12300515,"FP - ACHTFORMBECKEN 470 x 300 x 120 cm - 0,6 mm Folie, BLAU",1249.17]
[12300516,"FP - ACHTFORMBECKEN 525 x 320 x 120 cm - 0,6 mm Folie, BLAU",1332.5]
[12300517,"FP - ACHTFORMBECKEN 540 x 350 x 120 cm - 0,6 mm Folie, BLAU",1415.83]
[12300518,"FP - ACHTFORMBECKEN 625 x 360 x 120 cm - 0,6 mm Folie, BLAU",1499.17]
[12300519,"FP - ACHTFORMBECKEN 650 x 420 x 120 cm - 0,6 mm Folie, BLAU",1624.17]
[12300520,"FP - ACHTFORMBECKEN 725 x 460 x 120 cm - 0,6 mm Folie, BLAU",1732.5]
[12300521,"FP - ACHTFORMBECKEN 770 x 500 x 120 cm - 0,6 mm Folie, BLAU",1865.83]
[12300522,"FP - ACHTFORMBECKEN 855 x 500 x 120 cm - 0,6 mm Folie, BLAU",1915.83]
[12300523,"FP - ACHTFORMBECKEN 625 x 360 x 150 cm - 0,6 mm Folie, BLAU",1707.5]
[12300524,"FP - ACHTFORMBECKEN 650 x 420 x 150 cm - 0,6 mm Folie, BLAU",1999.17]
[12300525,"FP - ACHTFORMBECKEN 725 x 460 x 150 cm - 0,6 mm Folie, BLAU",2157.5]
[12300526,"FP - ACHTFORMBECKEN 770 x 500 x 150 cm - 0,6 mm Folie, BLAU",2224.17]
[12300527,"FP - ACHTFORMBECKEN 855 x 500 x 150 cm - 0,6 mm Folie, BLAU",2332.5]
[12300580,"FP - ACHTFORMBECKEN 525 x 320 x 150 cm - 0,6 mm Folie, BLAU",1582.5]
[12304522,"ACHTFORMBECKEN 855 x 500 x 120 cm - 0,8 mm Folie, SAND",2715.83]
[12304527,"FP - ACHTFORMBECKEN 855 x 500 x 150 cm - 0,8 mm Folie, BLAU",3737.58]
[12306515,"ACHTFORMBECKEN 470 x 300 x 150 cm - 0,8 mm Folie, SAND",2124.17]
[12306516,"ACHTFORMBECKEN 525 x 320 x 150 cm - 0,8 mm Folie, SAND",2249.17]
[12306517,"ACHTFORMBECKEN 540 x 350 x 150 cm - 0,8 mm Folie, SAND",2415.83]
[12306518,"ACHTFORMBECKEN 625 x 360 x 150 cm - 0,8 mm Folie, SAND",2557.5]
[12306519,"FP - ACHTFORMBECKEN 650 x 420 x 150 cm - 0,8 mm Folie, SAND",2349.17]
[12306520,"ACHTFORMBECKEN 725 x 460 x 150 cm - 0,8 mm Folie, SAND",3232.5]
[12308515,"ACHTFORMBECKEN 470 x 300 x 120 cm - 0,8 mm Folie. BLAU",1740.83]
[12308516,"ACHTFORMBECKEN 525 x 320 x 120 cm - 0,8 mm Folie, BLAU",1757.5]
[12308517,"ACHTFORMBECKEN 540 x 350 x 120 cm - 0,8 mm Folie, BLAU",1924.17]
[12308518,"ACHTFORMBECKEN 625 x 360 x 120 cm - 0,8 mm Folie, BLAU",1999.17]
[12308519,"FP - ACHTFORMBECKEN 650 x 420 x 120 cm - 0,8 mm Folie, BLAU",2082.5]
[12308520,"ACHTFORMBECKEN 725 x 460 x 120 cm - 0,8 mm Folie, BLAU",2382.5]
[12308521,"FP - ACHTFORMBECKEN 770 x 500 x 120 cm - 0,8 mm Folie, BLAU",2332.5]
[12308522,"ACHTFORMBECKEN 855 x 500 x 120 cm - 0,8 mm Folie, BLAU",2615.83]
[12308523,"ACHTFORMBECKEN 625 x 360 x 150 cm - 0,8 mm Folie, BLAU",2474.17]
[12308524,"FP - ACHTFORMBECKEN 650 x 420 x 150 cm - 0,8 mm Folie, BLAU",2582.5]
[12308525,"ACHTFORMBECKEN 725 x 460 x 150 cm - 0,8 mm Folie, BLAU",3149.17]
[12308526,"FP - ACHTFORMBECKEN 770 x 500 x 150 cm - 0,8 mm Folie, BLAU",2915.83]
[12308527,"ACHTFORMBECKEN 855 x 500 x 150 cm - 0,8 mm Folie, BLAU",3332.5]
[12308528,"FP - ACHTFORMBECKEN 920 x 600 x 150 cm - 0,8 mm Folie, BLAU",3665.83]
[12308529,"FP - ACHTFORMBECKEN 470 x 300 x 150 cm - 0,8 mm Folie, BLAU",1832.5]
[12308530,"FP - ACHTFORMBECKEN 525 x 320 x 150 cm - 0,8 mm Folie, BLAU",1982.5]
[12308531,"FP - ACHTFORMBECKEN 540 x 350 x 150 cm - 0,8 mm Folie, BLAU",2149.17]
[12308550,"FP - ACHTFORMBECKEN 920 x 600 x 120 cm - 0,8 mm Folie, BLAU",2915.83]
[12309515,"ACHTFORMBECKEN 470 x 300 x 120 cm - 0,8 mm Folie, SAND",1807.5]
[12309516,"ACHTFORMBECKEN 525 x 320 x 120 cm - 0,8 mm Folie, SAND",1899.17]
[12309517,"ACHTFORMBECKEN 540 x 350 x 120 cm - 0,8 mm Folie, SAND",1982.5]
[12309518,"ACHTFORMBECKEN 625 x 360 x 120 cm - 0,8 mm Folie, SAND",2064.7399999999998]
[12309519,"FP - ACHTFORMBECKEN 650 x 420 x 120 cm - 0,8 mm Folie, SAND",2419.1999999999998]
[12309520,"ACHTFORMBECKEN 725 x 460 x 120 cm - 0,8 mm Folie, SAND",2490.83]
[12345678,"Nachsendung & Reklamation",0]
[13601001,"WPC Holzpool OCTO - Almsee",4290.83]
[13601002,"WPC Holzpool VIERECK - Ebensee",4165.83]
[13601003,"WPC Holzpool OCTO - Mondsee",5290.83]
[13601004,"WPC Holzpool OCTO - Traunsee",6165.83]
[13601005,"WPC Holzpool OCTO - Attersee",7082.5]
[13601006,"WPC Holzpool RECHTECK - Irrsee",3249.17]
[13601007,"WPC Holzpool RECHTECK - Fuschlsee",6165.83]
[13601008,"WPC Holzpool RECHTECK - Wolfgangsee",7332.5]
[13601011,"WPC Holzpool - Filterkasten für 124cm Pools",693.17]
[13601012,"WPC Holzpool - Filterkasten für 96cm Pools",582.5]
[13601013,"WPC Holzpool OCTO - Bodensee",6540.83]
[13601201,"WPC Holzpool - Isothermabdeckplane für Wolfgangsee",224.17]
[13601202,"WPC Holzpool - Isothermabdeckplane für Fuschlsee",182.5]
[13601203,"WPC Holzpool - Isothermabdeckplane für Irrsee",132.5]
[13601204,"WPC Holzpool - Isothermabdeckplane für Ebensee",124.17]
[13601205,"WPC Holzpool - Isothermabdeckplane für Attersee",286.67]
[13601206,"WPC Holzpool - Isothermabdeckplane für Traunsee",257.5]
[13601207,"WPC Holzpool - Isothermabdeckplane für Mondsee",190.83]
[13601208,"WPC Holzpool - Isothermabdeckplane für Almsee",170.83]
[13601301,"WPC Holzpool - Winterabdeckplane 580g/m2 für Wolfgangsee",382.5]
[13601302,"WPC Holzpool - Winterabdeckplane 580g/m2 für Fuschlsee",329.17]
[13601303,"WPC Holzpool - Winterabdeckplane 580g/m2 für Irrsee",182.5]
[13601304,"WPC Holzpool - Winterabdeckplane 580g/m2 für Ebensee",190.83]
[13601305,"WPC Holzpool - Winterabdeckplane 580g/m2 für Attersee",574.16999999999996]
[13601306,"WPC Holzpool - Winterabdeckplane 580g/m2 für Traunsee",479.17]
[13601307,"WPC Holzpool - Winterabdeckplane 580g/m2 für Mondsee",390.83]
[13601308,"WPC Holzpool - Winterabdeckplane 580g/m2 für Almsee",342]
[13601601,"WPC Holzpool - BONUS 2% ab Warenwert von 4.000 EUR",-80]
[13601602,"3 - 4 Wochen (in der Saison auf Anfrage)",0]
[13602000,"Holzpool HEXA 410 Tropic - Komplettset",2136.81]
[13602001,"Holzpool OCTO 414 Tropic Höhe 120 cm - Komplettset",2388.0300000000002]
[13602002,"Holzpool OCTO 505 Tropic Höhe 120 cm - Komplettset",2734]
[13602004,"Holzpool OCTO+ 540 Tropic Höhe 120 cm - Komplettset",3513.18]
[13602005,"Holzpool OCTO+ 640 Tropic Höhe 120 cm - Komplettset",3946.26]
[13602006,"Holzpool RECHTECK 6 x 3 Weva - Komplettset",6116.1]
[13602007,"Holzpool RECHTECK 8 x 4 Weva - Komplettset",8573.56]
[13602011,"Holzpool OCTO 530 Weva Höhe 133 cm - Komplettset",3624.48]
[13602012,"Holzpool OCTO+ 540 Weva Höhe 120 cm - Komplettset",4118]
[13602013,"Holzpool OCTO+ 640 Weva Höhe 120 cm - Komplettset",4727]
[13602014,"Holzpool OCTO+ 640 Weva Höhe 133cm - Komplettset",4961.2]
[13602015,"Holzpool OCTO+ 640 Weva Höhe 146 cm - Komplettset",5219.07]
[13602016,"Holzpool OCTO+ 840 Weva Höhe 146 cm - Komplettset",6678.12]
[13602017,"Holzpool OCTO+ 840 Weva Höhe 133 cm - Komplettset",6380.58]
[13602054,"Holzpool OCTO+ 510 Tropic Höhe 120 cm - Komplettset",3047.03]
[13603001,"Holzpool Filterkasten, Kiefer H 120",263.38]
[13603002,"Holzpool Filterkasten, Kiefer H 133",273.99]
[13603003,"Holzpool Filterkasten, Kiefer H 146",267.79000000000002]
[13604001,"Holzpool WEVA CARRE - 3x3 - H120",3974.91]
[14002000,"Handlaufpaket - RUNDBECKEN 300 cm BLAU",115.83]
[14002001,"Handlaufpaket - RUNDBECKEN 320 cm BLAU",132.5]
[14002002,"Handlaufpaket - RUNDBECKEN 350 cm BLAU",129.16999999999999]
[14002003,"Handlaufpaket - RUNDBECKEN 360 cm BLAU",149.16999999999999]
[14002004,"Handlaufpaket - RUNDBECKEN 400 cm BLAU",140.83000000000001]
[14002005,"Handlaufpaket - RUNDBECKEN 420 cm BLAU",165.83]
[14002006,"Handlaufpaket - RUNDBECKEN 450 cm BLAU",157.5]
[14002007,"Handlaufpaket - RUNDBECKEN 460 cm BLAU",182.5]
[14002008,"Handlaufpaket - RUNDBECKEN 500 cm BLAU",182.5]
[14002009,"Handlaufpaket - RUNDBECKEN 550 cm BLAU",190.83]
[14002010,"Handlaufpaket - RUNDBECKEN 600 cm BLAU",215.83]
[14002011,"Handlaufpaket - RUNDBECKEN 600 cm SAND",232.5]
[14002012,"Handlaufpaket - RUNDBECKEN 700 cm BLAU",249.17]
[14002013,"Handlaufpaket - RUNDBECKEN 800 cm BLAU",315.83]
[14002014,"Handlaufpaket - RUNDBECKEN 900 cm BLAU",349.17]
[14002015,"Handlaufpaket - RUNDBECKEN 1000 cm BLAU",382.5]
[14002016,"Handlaufpaket - RUNDBECKEN 500 cm SAND",190.83]
[14002018,"Handlaufpaket - OVALBECKEN 450x300 cm BLAU",149.16999999999999]
[14002019,"Handlaufpaket - OVALBECKEN 530x320 cm BLAU",165.83]
[14002020,"Handlaufpaket - OVALBECKEN 623x360 cm BLAU",190.83]
[14002021,"Handlaufpaket - OVALBECKEN 700x350 cm BLAU",190.83]
[14002022,"Handlaufpaket - OVALBECKEN 737x360 cm BLAU",224.17]
[14002023,"Handlaufpaket - OVALBECKEN 916x460 cm BLAU",290.83]
[14002024,"Handlaufpaket - OVALBECKEN 1100x 500 cm BLAU",332.5]
[14002025,"Handlaufpaket - OVALBECKEN 623x360 cm SAND",190.83]
[14002026,"Handlaufpaket - OVALBECKEN 800x400 cm SAND",240.83]
[14002027,"Handlaufpaket - OVALBECKEN 800x400 cm BLAU",232.5]
[14002028,"Handlaufpaket - OVALBECKEN 916x460 cm SAND",307.5]
[14002030,"Handlaufpaket - Achtformbecken 470x300 cm BLAU",149.16999999999999]
[14002031,"Handlaufpaket - Achtformbecken 525x320 cm BLAU",182.5]
[14002032,"Handlaufpaket - Achtformbecken 540x350 cm BLAU",182.5]
[14002033,"Handlaufpaket - Achtformbecken 625x360 cm BLAU",199.17]
[14002034,"Handlaufpaket - Achtformbecken 650x420 cm BLAU",237.5]
[14002035,"Handlaufpaket - Achtformbecken 725x460 cm BLAU",224.17]
[14002036,"Handlaufpaket - Achtformbecken 855x500 cm BLAU",274.17]
[14002037,"Handlaufpaket - Achtformbecken 920x600 cm BLAU",290.83]
[14002200,"Handlaufpaket - RUNDBECKEN 320 cm SAND",140.83000000000001]
[14002201,"Handlaufpaket - RUNDBECKEN 350 cm SAND",140.83000000000001]
[14002202,"Handlaufpaket - RUNDBECKEN 400 cm SAND",149.16999999999999]
[14002203,"Handlaufpaket - RUNDBECKEN 420 cm SAND",165.83]
[14002204,"Handlaufpaket - RUNDBECKEN 450 cm SAND",165.83]
[14002205,"Handlaufpaket - RUNDBECKEN 550 cm SAND",199.17]
[14002206,"Handlaufpaket - RUNDBECKEN 700 cm SAND",265.83]
[14002207,"Handlaufpaket - RUNDBECKEN 800 cm SAND",324.17]
[14002208,"Handlaufpaket - RUNDBECKEN 900 cm SAND",365.83]
[14002210,"Handlaufpaket - OVALBECKEN 530x320 cm SAND",174.17]
[14002211,"Handlaufpaket - OVALBECKEN 700x350 cm SAND",199.17]
[14002212,"Handlaufpaket - OVALBECKEN 737x360 cm SAND",240.83]
[14002213,"Handlaufpaket - OVALBECKEN 1100x550 cm SAND",349.17]
[14002220,"Handlaufpaket - Achtformbecken 470x300 cm SAND",157.5]
[14002221,"Handlaufpaket - Achtformbecken 525x320 cm SAND",190.83]
[14002222,"Handlaufpaket - Achtformbecken 540x350 cm SAND",199.17]
[14002223,"Handlaufpaket - Achtformbecken 625x360 cm SAND",215.83]
[14002224,"Handlaufpaket - Achtformbecken 650x420 cm SAND",240.83]
[14002225,"Handlaufpaket - Achtformbecken 725x460 cm SAND",232.5]
[14002226,"Handlaufpaket - Achtformbecken 855x500 cm SAND",290.83]
[14004000,"Alumiium Handlaufpaket - RUNDBECKEN 300 cm",338.2]
[14004001,"Alumiium Handlaufpaket - RUNDBECKEN 320 cm",359.29]
[14004002,"Alumiium Handlaufpaket - RUNDBECKEN 350 cm",395.39]
[14004003,"Alumiium Handlaufpaket - RUNDBECKEN 360 cm",404.32]
[14004004,"Alumiium Handlaufpaket - RUNDBECKEN 400 cm",449.35]
[14004005,"Alumiium Handlaufpaket - RUNDBECKEN 420 cm",474.62]
[14004006,"Alumiium Handlaufpaket - RUNDBECKEN 450 cm",710.5]
[14004007,"Alumiium Handlaufpaket - RUNDBECKEN 460 cm",793.12]
[14004008,"Alumiium Handlaufpaket - RUNDBECKEN 500 cm",565.63]
[14004009,"Alumiium Handlaufpaket - RUNDBECKEN 600 cm",674.31]
[14004020,"Alumiium Handlaufpaket OVALBECKEN 450 x 300 cm",427.69]
[14004021,"Alumiium Handlaufpaket OVALBECKEN 530 x 320 cm",511.48]
[14004022,"Alumiium Handlaufpaket OVALBECKEN 623 x 360 cm",754.17]
[14004023,"Alumiium Handlaufpaket OVALBECKEN 700 x 350 cm",559.16999999999996]
[14004024,"Alumiium Handlaufpaket OVALBECKEN 737 x 360 cm",578.16999999999996]
[14004025,"Alumiium Handlaufpaket OVALBECKEN 800 x 400 cm",666.33]
[14004026,"Alumiium Handlaufpaket OVALBECKEN 916 x 460 cm",754.68]
[14004027,"Aluminium Handlaufpaket OVALBECKEN 1100 x 550 cm",1234.17]
[14004028,"Handlaufpaket OVALBECKEN 1030 x 500 cm / blau",354.33]
[14004030,"Alumiium Handlaufpaket ACHTFORMBECKEN 470 x 300 cm",512.42999999999995]
[14004031,"Alumiium Handlaufpaket ACHTFORMBECKEN 525 x 320 cm",574.55999999999995]
[14004032,"Alumiium Handlaufpaket ACHTFORMBECKEN 540 x 350 cm",593.37]
[14004033,"Alumiium Handlaufpaket ACHTFORMBECKEN 625 x 360 cm",674.5]
[14004034,"Alumiium Handlaufpaket ACHTFORMBECKEN 650 x 420 cm",697.11]
[14004035,"Alumiium Handlaufpaket ACHTFORMBECKEN 725 x 460 cm",773.49]
[14004036,"Alumiium Handlaufpaket ACHTFORMBECKEN 855 x 500 cm",860.7]
[2,"Sonderbestellung",0]
[20004511,"POOLVOLTAIK - Photovoltaik Modul 300 Watt",374.17]
[20004515,"POOLVOLTAIK - Bügel für Bodenmontage",79.17]
[20004516,"POOLVOLTAIK - Schienen für Wandmontage",49.17]
[20004517,"POOLVOLTAIK - Balkonhaken",99.17]
[20004518,"POOLVOLTAIK - Verbindungskabel für 2 Module (2m)",49.17]
[21100640,"Sandfilteranlage S 400 Kompakt - 40 cm, PP-Kessel",0]
[21100641,"Sandfilteranlage S 500 Kompakt - 50 cm, PP- Kessel",0]
[21100642,"Sandfilteranlage S 600 Kompakt - 60 cm, PP- Kessel",0]
[21100643,"Sandfilteranlage Vulcanio - GFK Kessel 650 mm, Starite Pumpe",0]
[21100644,"Sandfilteranlage Vulcanio II - GFK Kessel 750 mm, Starite Pumpe",0]
[21100650,"ANTHRAZIT !!! ASTRAL Weithalsskimmer III, Saugöffnung 37x16 cm, Tiefe 580 mm",274.17]
[21100655,"Kartuschenfilter Typ IS 6 - VERKLEBT",342]
[21100659,"Kartuschenfilter Typ IS 6 - UNVERKLEBT",342]
[21100692,"FP - Sandfilteranlage SZG 500 Aqua Plus 8 Pumpe, 50 cm Kessel geteilt",540.83000000000004]
[21100836,"Corona Star 400",638.4]
[21102173,"Sandfilteranlage Mini 380 - 6 m3/h, Kunststoffkessel, 230 V, Bau",548.6]
[21102174,"Sandfilteranlage SFP 400 - 8m3/H, Speck Pumpe Bettar 8 - 230 V, PP-Kessel",740.83]
[21102175,"Sandfilteranlage SFP 500 - 11 m3/H, Speck Pumpe Bettar 12 - 230V, PP-Kessel",865.83]
[21102176,"Sandfilteranlage SD 450, Bettar 8/ 230 Volt, 9 m3/h, GFK-Kessel",866]
[21102274,"Sandfilteranlage SFP 400 - 8m3/H, Speck Pumpe Bettar 8 - 400 V, PP-Kessel",740.83]
[21102275,"Sandfilteranlage SFP 500 - 11 m3/H, Speck Pumpe Bettar 12 - 400 V, PP-Kessel",865.83]
[21102278,"Sandfilteranlage SD800, Bettar 20/ 230 Volt, 18m3/h, GFK-Kessel",1906]
[21102475,"Sandfilteranlage SFP 600 - 14 m3/H, Bettar 14 - 400 V, PP-Kessel",949.17]
[21102476,"Sandfilteranlage SFP 600 - 14 m3/H, Bettar 14 - 230 V, PP-Kessel",949.17]
[21102478,"Sandfilteranlage SD 800, Bettar 20 / 400 Volt, 18m3/h, GFK-Kessel",1906]
[21102480,"Sandfilteranlage LISBOA 600 DM, inkl. EPV 150 - leistungsgeregelte Pumpe - 230 V",1124.17]
[21102674,"Sandfilteranlage SFP 400, TORPEDO 50, bis 8 m3/h, PP-Kessel, 230 Volt",665.83]
[21102675,"Sandfilteranlage SFP 500, TORPEDO 75, bis 12 m3/h, PP-Kessel, 230 Volt",790.83]
[21102676,"Sandfilteranlage SFP 600, TORPEDO 100, 230 Volt, bis 14 m3/h, PP-Kessel",874.17]
[21103176,"Sandfilteranlage SD450, Bettar 8 /400 Volt, 9 m3/h, GFK-Kessel",866]
[21103178,"Sandfilteranlage SD650, Bettar 14/ 400 Volt, 14m3/h, GFK-Kessel",1104]
[21300300,"Sandfilteranlage LACRON 400, Torpedo 33, 7,5 m3/H, GFK-Kessel",460.14]
[21300390,"Zubehörset Filteranlage: Rohr, Schrauben, Netzkabel, Winkel Teflon (21300390)",9.14]
[21300391,"Aufbauanleitung MONO",0]
[21300400,"LACRON Sandfilteranlage 460 - Pumpe Supastream 50, 8 m3/h, 230 Volt",540.14]
[21300500,"Sandfilteranlage Lacron 500, Torpedo 75 , 11,5 m3/h, GFK-Kessel",615.83000000000004]
[21300533,"FP - Filtersand 25 kg 0,4 - 0,8 mm Körnung",10.68]
[21300600,"Sandfilteranlage Lacron 500, Bettar 12 -230V, 11 m3/h, GFK-Kesse",707.5]
[21300601,"Sandfilteranlage Lacron 500, Bettar 12 - 400 Volt, 12 m3/h, GFK-",707.5]
[21300609,"6-Wegeventil Astral 1 1/2 IG - (PS6103)",82.5]
[21300614,"Filterkessel geteilt 500 mm ASTRAL (04592) - ohne 6-Wegeventil",399.17]
[21300615,"Filterkessel geteilt 600 mm ASTRAL (04593) - ohne 6-Wegeventil",465.83]
[21300625,"Oberteil zu 6-Wegeventil Astral 1 1/2 IG (PS6103)",57.5]
[21300650,"Sandfilteranlage Lacron 650, Torpedo 125, 18,0 m3/h, GFK-Kessel",748.33]
[21300657,"Textilkartuschen zu Kartuschenfilteranlage / IS 2 - 2 Stück",49.17]
[21300658,"Kartuschenfilter Ersatzkartuschen, SK 2 - Typ IS 6",98.75]
[21300659,"6-Wegeventil AS - TOP Mount Ventil ( Mono, Corona ..) - PS-6405",74.17]
[21300668,"Kartuschenfilter Ersatzkartuschen POSI-FLO PTM 50 G",125.67]
[21300669,"Kartuschenfilter Ersatzkartuschen POSI-FLO PTM 70 G",295.17]
[21300670,"Kartuschenfilter Ersatzkartuschen POSI-FLO PTM 100 G",214.08]
[21300671,"Kartuschenfilter Ersatzkartuschen POSI-FLO PTM 135 G",237.17]
[21300700,"Sandfilteranlage Lacron 650 - 14,5m3/h, Bettar 14, 230 V, GFK-Ke",815.83]
[21300701,"Sandfilteranlage Lacron 650 - 14,5m3/h, Bettar 14, 400 Volt, GFK",815.83]
[21300710,"2 ZOLL ! PS6104 - 6-Wegeventil Astral 2 \" (PS-6104)",107.5]
[21300711,"Filterbodenplatte KS Farbe schwarz, 450 x 800 mm",40.83]
[21300745,"Filtersand 25 kg 2,0-3,4 mm Körnung",13.25]
[21300827,"Filtersand 25 kg, Körnung 0,7-1,2 mm",13.25]
[21300828,"Filtersand 25 kg, Körnung 0,3-0,8 mm",13.25]
[21300830,"LISBOA Sandfilterkessel FS-450 - Polyester, ohne 6-Wegeventil",332.5]
[21300831,"Sandfilteranlage 400 - Kessel geteilt - inkl. Speck Pumpe Bettar 8",733.33]
[21300834,"Sandfilteranlage GFK 510 - inkl. Speck Pumpe Bettar 12",733.33]
[21300836,"Sandfilteranlage 500 - Kessel geteilt - inkl. Speck Pumpe Bettar 12",733.33]
[21300840,"LISBOA Sandfilterkessel FS-500 - Polyester, ohne 6-Wegeventil",357.5]
[21300850,"ZEOLITHE Filterzusatz - Sack 10 kg, optimierte Entkeimung",20.72]
[21300855,"LISBOA Sandfilterkessel FS-600 - Polyester, ohne 6-Wegeventil",415.83]
[21300860,"LISBOA Sandfilterkessel 650 DM - GFK (ohne 6-Wegeventil)",432.5]
[21300880,"LISBOA Sandfilterkessel FS-750 - Polyester, ohne 6-Wegeventil",557.5]
[21300885,"GFK Hochschichtfilter 500 - inkl. 6 Wege Ventil 1 1/2\"",515.83000000000004]
[21300890,"GFK Hochschichtfilter 600 - inkl. 6 Wege Ventil 1 1/2\"",607.5]
[21300935,"Sandfilterkessel LACRON 500 - glasfaserverstärkt, 6-Wegeventil",415]
[21300936,"Sandfilterkessel LACRON 650 - glasfaserverstärkt, 6-Wegeventil",524.16999999999996]
[21300940,"LACRON Sandfilterkessel 460 - glasfaserverstärkt, inkl. 6-Wegeventil",358.25]
[21300941,"LACRON Sandfilterkessel 400 - glasfaserverstärkt, inkl. 6-Wegeventil",249.08]
[21300945,"MULTI CYCLONE - Zentrifugale Wasserfiltration",525]
[21300946,"Ausstellungsstück Sockel zu MULTI CYCLONE",64.58]
[21300950,"Filterpalette für Sandfilteranl. - passend für 400-650 Kessel DM",30.1]
[21300970,"Sandfilteranlage Typ FSP 400 - 6 m3/h Leistung, selbstsaug. Pumpe",270]
[21300971,"Sandfilteranlage Typ FSP 450 - 8 m3/h Leistung, selbstsaug. Pumpe",300]
[21300990,"MULTI CYCLONE 12 PLUS - inkl. Kartuschenfilter",662.5]
[21300993,"MULTI CYCLONE PLUS - Kartusche",82.5]
[21300995,"KARTUSCHENFILTERANLAGE mit MULTI CYCLONE PLUS",832.5]
[21301000,"KU-ROST Schachtabdeckung per m2, Fertigung",449.17]
[21301001,"Fertigung - ALU-Rahmen für KU-ROST - per lfm - Profilstärke 40/40/2 mm (Moser)",40.83]
[21301005,"Schachtabdeckung - Lichte 70 x 70 cm (78x78cm) GRAU, mit Alu Rahmen",357.5]
[21301010,"Schachtabdeckung - Lichte 75 x 75 cm (83x83cm) GRAU, mit Alu Rahmen",382.5]
[21301015,"Schachtabdeckung - Lichte 80 x 80 cm (88x88cm) GRAU, mit Alu Rahmen",390.83]
[21301016,"Schachtabdeckung - Lichte 80 x 80 cm (88x88cm) WEISS, mit Alu Rahmen",415.83]
[21301017,"Schachtabdeckung - Lichte 80 x 80 cm (88x88cm) BRAUN, mit Alu Rahmen",415.83]
[21301018,"Schachtabdeckung - Lichte 80 x 80 cm (88x88cm) BEIGE, mit Alu Rahmen",415.83]
[21301020,"Schachtabdeckung - Lichte 85 x 85 cm (93x93cm) grau",499.17]
[21301025,"Schachtabdeckung - Lichte 90 x 90 cm (98x98cm) grau",582.5]
[21301050,"Abzug - Alu Rahmen bei Pooldoktor Schachtrost SET",-37.5]
[21301470,"6-Wegeventil - 1 1/2\" Gew. - SM10/3 Praher",120.83]
[21301855,"MFG - Filterglas 21kg",32.49]
[21302000,"Abzug (-1) keineFilterbodenplatte für Sandfilterkessel (400-600 DM - Lisboa+SFP)",17.5]
[21302400,"MONO Sandfilterkessel MEC-400-VT, inkl. 6-Wege Topmount",224.17]
[21302500,"MONO Sandfilterkessel MEC-500-VT, inkl. 6-Wege Topmount",265.83]
[21302578,"Sitzboardpaket FAMILY Achtformbecken (beide Seiten)",152.32]
[21302613,"Filterkessel geteilt 400 mm ASTRAL (04591) - ohne 6-Wegeventil",315.83]
[21302710,"Ersatzfolie zu Cabrio Dome 600 cm - schmaler Handlauf",799.17]
[21302711,"Ersatzfolie zu Cabrio Dome 550 cm - schmaler Handlauf",749.17]
[21302712,"Ersatzfolie zu Cabrio Dome 500 cm - schmaler Handlauf",665.83]
[21302713,"Ersatzfolie zu Cabrio Dome OVAL 550 cm x 360 cm - breiter Handlauf",843.08]
[21302750,"Ersatzfolie zu Cabrio Dome 450/460 cm - schmaler Handlauf",640.83000000000004]
[21302751,"Ersatzfolie zu Cabrio Dome 400/420 cm - schmaler Handlauf",540.83000000000004]
[21302752,"Ersatzfolie zu Cabrio Dome 350 cm - schmaler Handlauf",524.16999999999996]
[21302753,"Ersatzfolie zu Cabrio Dome 300/320 cm - schmaler Handlauf",449.17]
[21302754,"Ersatzfolie zu Cabrio Dome 370 cm - breiter Handlauf",574.16999999999996]
[21302755,"Ersatzfolie zu Cabrio Dome 460 cm - breiter Handlauf",690.83]
[21302756,"Ersatzfolie zu Cabrio Dome 550 cm - breiter Handlauf",790.83]
[21302757,"Ersatzfolie zu Cabrio Dome 390 cm - Holzbecken",607.5]
[21302758,"Ersatzfolie zu Cabrio Dome 490 cm - Holzbecken",699.17]
[21302759,"Ersatzfolie zu Cabrio Dome 590 cm - Holzbecken",799.17]
[21302820,"Handlauf OBEN zu Future Pool \"GERADE\" - per Stk.",23]
[21302825,"Handlauf OBEN zu Future Pool \"GEBOGEN\" - per Stk.",27.6]
[21302828,"BLENDE Future zwischen Handlaufprofile OBEN - per Stk.",2.2999999999999998]
[21302835,"Skim Vac zu EBS 1000-1005 inkl. Gummidichtung",15.89]
[21302836,"Skimmerkorb EBS 1000 (Future Pool) mit Henkelgriff",10.54]
[21302837,"Skimmerkorb EBS 1000 (Future Pool) - Griff am Boden",10.48]
[21302870,"Steckprofil Alu - für Stahlwand (116 cm für 120 cm hohe Becken von Future Pool)",24.72]
[21302875,"Steckprofil Alu - für Stahlwand (146 cm für 150 cm hohe Becken von Future Pool)",40.21]
[21302880,"Sitzboardpaket für Achtformbecken Family",152.32]
[21303000,"Aufpreis - Filteranlage komplett montiert auf Filterpalette",62.5]
[21304400,"Sandfilteranlage MONO 400 DM - Pumpe TORPEDO 50 - bis 8 m3 /h Filterleistung, 230 V.",374.17]
[21304500,"Sandfilteranlage mit GFK Hochschichtfilter 500",815.83]
[21304600,"Sandfilteranlage mit GFK Hochschichtfilter 600",874.17]
[21305000,"Sandfilteranlage MONO 500 DM - Pumpe TORPEDO 75 - bis 11 m3 /h, 230 Volt",465.83]
[21305001,"Senkschrauben mit ISK ISO10642 A4 M10x120 Edelstahl",13.5]
[21305002,"Schraubenset zur Montage d. Filterkessel + Pumpe (6,3x32 + 3,8x 25)",1]
[21305003,"Spreizdübel Messing M10",1.74]
[21305400,"Sandfilteranlage MONO 400 DM - Pumpe TORPEDO 50, 230 V - bis 8 m3 /h Filterleistung",374.17]
[21305450,"SET- Sandfilteranlage LISBOA 450 DM-GFK-Kessel-6-Wegeventil, 8m3/h, Torpedo 50, 230 V.",624.16999999999996]
[21305500,"SET- Sandfilteranlage LISBOA 500 DM-GFK-Kessel-6-Wege, 11,5 m3/h, Torpedo 75, 230 V.",699.17]
[21305555,"Kartuschenfilteranlage SK 2 - verklebt, Torpedo 50 Filterpumpe (2 Colli)",340.83]
[21305600,"SET- Sandfilteranlage LISBOA 600 DM-GFK-Kessel-6-Wege - 15 m3 /h, Torpedo 100, 230 V.",807.5]
[21305750,"SET- Sandfilteranlage LISBOA 750 DM-GFK-Kessel-6-Wege, 22,5 m3/h, Niagara 150, 230 V.",1049.17]
[21305879,"AFM-Filterglas - 0,5-1,0 mm - 21 kg Sack",37.92]
[21305999,"Kartuschenfilteranlage SK 2 - unverklebt, inkl. Torpedo 50 Filterpumpe (2 Colli)",340.83]
[21306750,"Sandfilteranlage LISBOA 750 DM-GFK-Kessel mit EPV 150 - leistungsgeregelte Pumpe - 230 Volt",1290.83]
[21307500,"Sandfilteranlage MONO 500 DM - Speck Pumpe Magic 11, 230 V - 10 m3 /h Filterleistung",557.5]
[21307880,"Netzkabel - 3 x 1.0 mm2 - 1.5 m",5.75]
[21308400,"Sandfilteranlage MONO 400 DM - Speck Pumpe Magic 8, 230 V - 8 m3 /h Filterleistung",449.17]
[21308450,"Sandfilteranlage LISBOA 450 DM-GFK-Kessel-6-Wegeventil, bis 8m3/h, Torpedo 50, 230 V",665.83]
[21308455,"Sandfilteranlage LISBOA 450 DM-GFK 230 V - SPECK Pumpe Bettar 8",749.17]
[21308500,"Sandfilteranlage LISBOA 500 DM-GFK-Kessel-6-Wegeventil, bis 11,5 m3/h - 230 V Torpedo 75",707.5]
[21308505,"Sandfilteranlage LISBOA 500 DM-GFK 230 V - SPECK Pumpe Bettar 12",815.83]
[21308510,"Sandfilteranlage LISBOA 500 DM-GFK 400 V - SPECK Pumpe Bettar 12",865.83]
[21308600,"Sandfilteranlage LISBOA 600 DM-GFK-Kessel-6-Wegeventil, bis 15,0 m3/h - 230 V, Torpedo 100",790.83]
[21308605,"Sandfilteranlage LISBOA 600 DM-GFK 230 V - SPECK Pumpe Bettar 14",907.5]
[21308608,"Sandfilteranlage LISBOA 600 DM-GFK 400V - SPECK Pumpe Bettar 14",965.83]
[21308650,"Sandfilteranlage LISBOA 650 DM - GFK-Kessel-6-Wegeventil - 19 m3 /h",832.5]
[21308750,"Sandfilteranlage LISBOA 750 DM-GFK-Kessel-6-Wegeventil, 21,5 m3/h, Niagara 150, 230 Volt",1165.83]
[21308755,"Sandfilteranlage LISBOA 750 DM-GFK 230 V - SPECK Pumpe Bettar 20",1165.83]
[21309500,"400 V !! - Sandfilteranlage LISBOA 500 DM-GFK-Kessel-6-Wegeventil, 11,5 m3/h - 400 V !!! Torpedo 75",707.5]
[21309600,"400V - Sandfilteranlage LISBOA 600 DM-GFK-Kessel-6-Wegeventil, 15,0 m3/h - 400 V !! Torpedo 100",790.83]
[21309989,"Fibalon rope 3D - Filtermaterial",31.58]
[21309991,"Fibalon compact PRO - für Whirlpools",30.75]
[21319933,"Sandfilteranlage LISBOA 600 - mit geregelter DREHZAHL",1457.5]
[21400725,"ALLPOOL Filtersteuerung - der Alleskönner",2415.08]
[21400730,"Magnetventil 1/2 230 Volt",105.92]
[21400736,"Niveauregelung NIVPOOL",731.5]
[21400737,"NIVCLUST für Überlaufsteuerungen wie z.B. NIVPOOL.",544.25]
[21400747,"PN-Verbindungsschlauch, vom PN-Taster zum PN-Steuergerät",7.42]
[21400798,"EASYPOOL Filtersteuerung - 230 und 400V",1235.75]
[21400799,"D-POOL Filtersteuerung für 230 und 400V , Heizungs- und Solar",1262.5]
[21400850,"Niveau-Wasserstandsregler OSF SNR-1609",432.5]
[21400851,"Niveau-Wasserstandsregler OSF SNR-1609",430.04]
[21400852,"Ersatzschwimmhalter inkl. 10 m Kabel",83.92]
[21400853,"Ersatzhalterung zu Niveau Wasserstandsregler Artikel 21400851",83.92]
[21400859,"Rückspülautomatik- EASY SET, 1 1/2 -12-230 Volt, zeitgesteuert",915.83]
[21400860,"Rückspülautomatik- EASY, 1 1/2\" -12-230 Volt, zeitgesteuert. Klebe D50 (131309)",915.83]
[21400861,"Verrohrungsset 1 1/2\" zu Rückspülautomatik- EASY, Astral - (170151)",16.579999999999998]
[21400864,"Rückspülautomatik EASY, 2 -12-230 Volt, zeitgesteuert",999.17]
[21400865,"Rückspülautomatik EASY, 2\" -12-230 Volt, zeitgesteuert. Klebe D63 (131027)",999.17]
[21400866,"Verrohrungsset 2\" zu Rückspülautomatik- EASY, Astral (170856)",29.2]
[21401112,"UV-Anlage Quartzglas zu UV-Tech 40/75 Watt",41.4]
[21401113,"UV-Anlage Quartzglas Sleeve 400 x 25 mm 16/40 mm",56.67]
[21401114,"UV-Anlage Quartzglas 933x25 mm /40/75 Watt",75.84]
[21401115,"UV-Anlage Quartzglas 933x28,5 mm /40/75 Watt Salt Water",91.42]
[21401650,"PLATINE- Austausch zu pH-Regelung Phönix",200]
[21401651,"Zeitschaltuhr für Filtersteuerung Mini / Maxi",45]
[21401660,"PLATINE- Austausch zu Chlor-Regelung OXEO (Redox)",200]
[21401670,"Sondenstecker mit Verbindung zu phönix/oxeo ab 2017 - im Gerät verbaut",15]
[21401695,"Quetschpumpe komplett zu OXEO/PHÖNIX Regelung (ohne Schlauch)",84]
[21401699,"Räderset (weiss) zu Quetschpumpe - OXEO/PHÖNIX Regelung",20.75]
[21401825,"Erdungskit - DA50 - Rohrschelle- Erdungsschraube aus Edelstahl",45.83]
[21401840,"Trafo 75 Watt UVC Vorschaltgerät Ersatztrafo - Blue Lagoon, UV-C Tech",82.5]
[21401845,"Blue Lagoon UV-C Tech 40.000 / 40 Watt",240.83]
[21401850,"Trafo 40 Watt UVC Vorschaltgerät Ersatztrafo - Blue Lagoon, UV-C Tech",74.17]
[21401855,"Blue Lagoon UV-C Tech 75.000 / 75 Watt",257.5]
[21401860,"Trafo 75 Watt UVC Vorschaltgerät Ersatztrafo - Blue Lagoon, UV-C Saltwater 70W",82.5]
[21401865,"Ersatztrafo - zu Filtersteurung MAXI 600 VA",81.67]
[21401870,"Trafo 15 Watt UVC Vorschaltgerät Ersatztrafo - Blue Lagoon, UV-C Tech",49.17]
[21401880,"Endkappe zu Blue Lagoon",4.08]
[21401881,"Muffe zu Blue Lagoon - (F)",4.17]
[21401885,"O-ring EPDM 59,99x2,62 - Blue Lagoon",3.25]
[21401890,"Ersatzteil - Quetschschlauch zu pHoenix / Chlor-pH Manager",14.08]
[21401894,"Ersatzlampe 40 Watt, UV-C Entkeimung Spa & Pool - bis 2008",65.83]
[21401895,"Ersatzlampe 75 Watt, UV-C Entkeimung Spa & Pool - bis 2008",62]
[21401898,"O-Ring zu UV-C Entkeimung - bitte Durchmesser mitteilen!",4]
[21401900,"Chlor - pH - Manager",823.33]
[21401920,"Starterset mit Kabel zu Blue Lagoon UV-C - 70 Watt",160]
[21401950,"Ersatzlampe zu Blue Lagoon UV-C TECH 40 W - ab 2009",74.17]
[21401951,"Ersatzlampe zu Blue Lagoon UV-C TECH 75 W - ab 2009",82.5]
[21401955,"Blue Lagoon UV-C SALT WATER / 75 Watt - bei Salzanlage",282.5]
[21401958,"Verschraubungsset Blue Lagoon UV-C - lt. Bild (D) - 2 Stk.",56.84]
[21401959,"Verschraubung D63 zu Blue Lagoon UV-C - lt. Bild (F)",27.33]
[21401961,"Ersatzlampe zu Blue Lagoon UV-C SALT WATER 75 W",99.17]
[21401970,"Starterset mit Kabel zu Blue Lagoon UV-C - 40 Watt",160]
[21401980,"Regelung - Ansaugventil (im Behälter)",24.92]
[21401981,"Regelung - Sondenhalter 12 mm, 1/2 AG (auch für Kabel)",12.42]
[21401982,"Ersatzteil zu Regelung - PVC -Schlauch 4 / 6 mm",5.81]
[21401984,"Pufferlösung Redox 650 mV",20.75]
[21401988,"Pool Basic SET - autom. pH-REGELUNG (zur Senkung und Hebung des pH-Wert)",529.16999999999996]
[21401989,"pH - Sonde von 0-14 pH (MPTE0207-V2) - BLAU",82.5]
[21401990,"Pool Basic - vollautomatische pH / Chlor-Regulierung",832.59]
[21401991,"Redox - Sonde +- 2000 mV (MPTE0212) - GELB",90.83]
[21401992,"Regelung - Injektionsventil (Rückschlagventil) 1/2 (Impfung)",24.92]
[21401993,"Injektionsventil für Domotic 2",18.399999999999999]
[21401994,"pH - Sonde von 0-14 pH - SPEZIELL",55.2]
[21401995,"ASTRAL Rückspülventil 1 1/2 BASIC",665.83]
[21401996,"ASTRAL Rückspülventil 2 BASIC",990.83]
[21401998,"Ersatzteil zu Regelung - Schlauch zu Quetschpumpe 1,5 l/h",11.58]
[21402018,"Pufferlösungen pH 4,00",9.08]
[21402019,"Pufferlösungen pH 7,00",9.08]
[21402020,"Pufferlösung pH 9,00",9.08]
[21402021,"Pufferlösung Redox 475mV",10.75]
[21402022,"Reinigungslösung f. Elektrode",16.920000000000002]
[21402025,"Aufbewahrungslösung pH & Redox Sonde KCl 3mol/l",11.58]
[21403988,"pHoenix - pH-Regelung für pH-Minus & Plus, 230 V, Digital",407.5]
[21403990,"Oxeo - Automatische Chlor-Regelung / Dosieranlage",415.83]
[21403992,"Steuereinheit Oxeo - Automatische Chlor-Regelung / Dosieranlage",233.33]
[21403995,"NIVA - Überlaufbehälter - Steuerung - inkl. 5 Sonden",457.5]
[21403996,"Filter zu NIVA - Überlaufbehälter",37.130000000000003]
[21403998,"Steuereinheit pHoenix - pH-Regelung für pH-Minus & Plus, 230 V, Digital",233.33]
[21405010,"Filtersteuerung MINI, 230 Volt (mit Zeituhr, 30 mA FI)",115.83]
[21405020,"Filtersteuerung MAXI 230 Volt - mit Trafo 600 VA, FI 30mA, Zeitu",274.17]
[21500575,"SPECK Badu Eco Touch PRO",1082.5]
[21500576,"SPECK Badu Eco Touch PRO II 0,75kW",1082.5]
[21500580,"SPECK Badu 90 Eco VS",1082.5]
[21500590,"SPECK BADU Eco Touch I",152.6]
[21500591,"SPECK BADU Eco Touch II",284.2]
[21500672,"SPECK Pumpe Magic II/ 4 - 4m3/h - 8mWs",232.5]
[21500673,"SPECK Pumpe Magic II / 6 - 6m3/h - 8mWs",282.5]
[21500674,"SPECK Pumpe Magic II / 8 - 8m3/h - 8mWs",290.83]
[21500675,"SPECK Pumpe Magic II/ 11 - 11 m3/h - 8mWs",374.17]
[21500676,"SPECK-Pumpe BADU TOP II (Bettar) 8 - ca. 8 m³/h - 230 Volt",307.5]
[21500677,"SPECK-Pumpe BADU TOP II (Bettar) 12 - 230 Volt - ca. 11 m³/h",349.17]
[21500678,"SPECK-Pumpe BADU TOP II (Bettar) 14 - ca. 14 m³/h - 230 Volt",374.17]
[21500679,"SPECK-Pumpe BADU TOP (Bettar) 20 - 230 Volt: ca. 20 m³/h",624.16999999999996]
[21500680,"SPECK-Pumpe BADU Bettar 25 - 230 Volt: ca. 25 m³/h",582.5]
[21500681,"!!! 400 Volt - SPECK-Pumpe BADU TOP (Bettar) 8 - ca. 8 m³/h",307.5]
[21500682,"!!! 400 Volt - SPECK-Pumpe BADU TOP (Bettar) 12 - ca. 11 m³/h",349.17]
[21500683,"!!! 400 Volt - SPECK-Pumpe BADU TOP (Bettar) 14 - ca. 14 m³/h",432.5]
[21500684,"!!! 400 Volt - SPECK-Pumpe BADU TOP (Bettar) 20 - ca. 20 m³/h",624.16999999999996]
[21500685,"SPECK-Pumpe BADU TOP (Bettar) 25 - 400 Volt: ca. 25 m³/h",582.5]
[21500686,"SPECK-Pumpe Badu Prime 90/7 - 230 V Pumpenleistung: 7 m³/h - 8mWs",482.5]
[21500687,"SPECK-Pumpe Badu Prime 90/11 - 230 V Pumpenleistung ca. 11 m³/h",532.5]
[21500688,"SPECK-Pumpe Badu Prime 90/13 - 230 V Pumpenleistung ca. 13 m³/h",549.16999999999996]
[21500689,"SPECK-Pumpe Badu Prime 90/15 - 230 V Pumpenleistung ca. 17 m³/h",590.83000000000004]
[21500690,"SPECK-Pumpe Badu Prime 90/20 - 230 V Pumpenleistung ca. 20 m³/h",640.83000000000004]
[21500691,"SPECK-Pumpe Badu Prime 90/7 - 400V Pumpenleistung: 7 m³ h - 8 mWs",465.83]
[21500692,"SPECK-Pumpe Badu Prime 90/11 - 400 V Pumpenleistung ca. 11 m³/h",499.17]
[21500693,"SPECK-Pumpe Badu Prime 90/13 - 400 V Pumpenleistung ca. 13 m³/h",524.16999999999996]
[21500694,"SPECK-Pumpe Badu Prime 90/15 - 400 V Pumpenleistung ca. 17 m³/h",565.83000000000004]
[21500695,"SPECK-Pumpe Badu Prime 90/20 - 400 V Pumpenleistung ca. 20 m³/h",574.16999999999996]
[21500696,"STA-RITE Pumpe 5P2RC-1 - 8 m3/h - 230 V",599.16999999999996]
[21500697,"STA-RITE Pumpe 5P2RD-1 - 13 m3/h - 230 V",615.83000000000004]
[21500698,"STA-RITE Pumpe 5P2RE-1 - 16,5 m3/h - 230 V",665.83]
[21500699,"STA-RITE Pumpe 5P2RF-1 - 19 m3/h - 230 V",724.17]
[21500700,"STA-RITE Pumpe 5P2RC-3 - 8 m3/h - 400 V",599.16999999999996]
[21500701,"STA-RITE Pumpe 5P2RD-3 - 13 m3/h - 400 V",615.83000000000004]
[21500702,"STA-RITE Pumpe 5P2RE-3 - 16,5 m3/h - 400 V",732.5]
[21500703,"STA-RITE Pumpe 5P2RF-3 - 19 m3/h - 400 V",839.17]
[21500877,"Badu 40/7 - 230 V",499.17]
[21500878,"Badu 40/7 - 400 V",482.5]
[21500879,"Badu 40/11 - 230 V",549.16999999999996]
[21500880,"Badu 40/11 - 400 V",524.16999999999996]
[21500881,"Badu 40/13 G - 230 V",624.16999999999996]
[21500882,"Badu 40/13 G- 400 V",599.16999999999996]
[21500883,"Badu 40/18 - 230 V",657.5]
[21500884,"Badu 40/18 - 400 V",632.5]
[21500886,"GEGENSTROMPUMPE 2,2 KW - 230 Volt, 8,6 A / 63 m3 / 4mWs",665.83]
[21500888,"GEGENSTROMPUMPE 4,0 KW - 400 V, 8,6 A - 90 m3/h / 4 m WS",874.17]
[21501696,"STA-RITE Pumpe S5P2RC-1 - 8 m3/h - 230 V",666.67]
[21501697,"STA-RITE Pumpe S5P2RD-1 - 13 m3/h - 230 V",666.67]
[21501698,"STA-RITE Pumpe S5P2RE-1 - 16,5 m3/h - 230 V",733.33]
[21501699,"STA-RITE Pumpe S5P2RF-1 - 19 m3/h - 230 V",750]
[21501700,"STA-RITE Pumpe S5P2RC-3 - 8 m3/h - 400 V",666.67]
[21501701,"STA-RITE Pumpe S5P2RD-3 - 13 m3/h - 400 V",650]
[21501702,"STA-RITE Pumpe S5P2RE-3 - 16,5 m3/h - 400 V",733.33]
[21501703,"STA-RITE Pumpe S5P2RF-3 - 19 m3/h - 400 V",967.33]
[21502700,"STA-RITE Pumpe S5P2R VS2 DURA 1 - 230 V",1165.83]
[21558045,"Pumpe Supastream 50 - 7,5 m3/h bei 8 Meter Wassersäule, 0,57 kW, 230 Volt",241.92]
[21558085,"Pumpe Aquamite 33 - 5 m3/h bei 8 Meter Wassersäule, 0.53kW - 230 Volt.",149.16999999999999]
[21558086,"Pumpe Aquamite 50 - 14.4m3/h Leistung, 0.58kW - 230 Volt.",184.33]
[21558089,"Pumpe Supastream 75 - 12 m3/h bei 8 Meter Wassersäule, 0,61 kW, 230 Volt",245.28]
[21558090,"Pumpe Supastream 125, 17,5 m3/h, 0,88 kW, 230 Volt",268.83]
[21559000,"SMART ENERGY SAVER - Drehzahlregelung für 230V Pumpen",540.83000000000004]
[21559010,"Poolpumpe TORPEDO 33 - 230 Volt - SA033M",224.17]
[21559020,"Poolpumpe TORPEDO 50 - 230 Volt - SA050M",240.83]
[21559030,"Poolpumpe TORPEDO 75 - 230 Volt - SA075M",274.17]
[21559035,"!! 400V !! Poolpumpe TORPEDO 75 - 400 Volt - SA075T",274.17]
[21559040,"Poolpumpe TORPEDO 100 - 230 Volt - SA100M",290.83]
[21559045,"!! 400V !! Poolpumpe TORPEDO 100 - 400 Volt - SA100T",290.83]
[21559050,"Poolpumpe TORPEDO 125 - 230 V - SA125M",315.83]
[21559055,"!! 400V !! Poolpumpe TORPEDO 125 - 400 Volt - SA125T",315.83]
[21559080,"Poolpumpe NIAGARA 150 - 21,5 m3/h - 8 m WS, 1,12 kW - 230 Volt",374.17]
[21559090,"Poolpumpe NIAGARA 200 - 27 m3/h - 10 m WS, 1,5 kW - 230 Volt",432.5]
[21559100,"Poolpumpe NIAGARA 300 - 30 m3/h Leistung bei 10 m WS, 2,2 kW -",465.83]
[21559901,"ABVERKAUF - EPV-150 Variable Poolpumpe - 6 bis 25m3/h - 230 V",665.83]
[21559902,"EPV-200 Variable Poolpumpe - 8 bis 30m3/h - 230 V",657.5]
[21559903,"EPV-300 Variable Poolpumpe - 10 bis 37m3/h - 230 V",690.83]
[21559975,"SuperPower SPV-150 Variable Poolpumpe - 4 bis 19m3/h - 230 V",474.17]
[22100702,"Holzpool - Modell 593 B - POOL (1/3)",2415.83]
[22100712,"PN-Schalter - neues Modell, sensible Schaltauslösung",67.23]
[22100741,"NEPTUN - Klappenanschlag für Oberflächenabsauger",3.26]
[22100742,"NEPTUN - Achse Skimmerklappe (Oberflächenabsauger)",2.42]
[22100743,"NEPTUN - PE- Zuschnitt zu Skimmerklappe (Oberflächenabsauger)",10.75]
[22100749,"DELTA Gegenstromschwimmanlage ST 700",899.17]
[22100750,"DELTA Gegenstromschwimmanlage ST 750",1024.17]
[22100751,"NEPTUN ST-Gegenstromanlagen Einbausatz",215.83]
[22100752,"NEPTUN ST-Gegenstromanlagen Einbausatz für Polyesterbecken",182.5]
[22100753,"NEPTUN - Einbausatz: Flachdichtung extra",7.5]
[22100754,"NEPTUN ST-800 Gegenstromanlage, 230 V - 2,0 kW / 700 lt./ m",1082.5]
[22100755,"NEPTUN ST-900 Gegenstromanlage, 400 V - 2,6 kW / 800 lt./ m",1249.17]
[22100756,"NEPTUN ST-1050 Gegenstromanlage, 400 V - 3,3 kW / 950 lt./ m",1415.83]
[22100757,"NEPTUN ST-1150 Gegenstromanlage, 400 V - 4,0 kW / 1000 lt./ m",1582.5]
[22100758,"NEPTUN Schiebersatz zu ST 800",57.5]
[22100759,"NEPTUN Schiebersatz zu ST 900/1050/1150",82.5]
[22100760,"NEPTUN Rundhaltebügel Edelstahl - weiß beschichtet",240.83]
[22100761,"NEPTUN Massageschlauch",115.83]
[22100762,"NEPTUN Einbausatz Gegenstromanlage ST 1150 (1.4571 Edelstahl)",1085.17]
[22100763,"ASTRAL Fertigbausatz zu Gegenschwimmanlage Power Jet Plus",1582.5]
[22100766,"ASTRAL PN-Schaltkasten, 1-phasig, 230 V 382,00 (11507)",414.83]
[22100768,"ASTRAL Massageschlauch für Astral Gegenstromanlage",45.75]
[22100769,"SPECK Vormontagesatz Badu Jet SMART",265.83]
[22100770,"SPECK Fertigbausatz SMART 230 Volt: 40 m3/h Pumpleistung",1432.5]
[22100771,"SPECK Fertigbausatz SMART 380 Volt: 45 m3/h Pumpleistung",1432.5]
[22100777,"SPECK Massageschlauch für 28 mm Düse",74.17]
[22100778,"SPECK Massageschlauch für 40 mm",82.5]
[22100779,"SPECK Massageschlauch mit Pulsatordüse 28 mm",174.17]
[22100780,"SPECK Massageschlauch mit Pulsatordüse 40 mm",174.17]
[22100781,"SPECK Pulsator Kupplung zum Aufstecken auf 40 mm Düse",149.16999999999999]
[22100785,"TAIFUN KOMPAKT Anschlusssatz 3,4kW",3207.5]
[22100787,"TAIFUN KOMPAKT Einbausatz",895.02]
[22100788,"TAIFUN Flanschsatz mit Dichtung",107.05]
[22100789,"TAIFUN Haltegriff rund - V4A",381.54]
[22100790,"PN-Schalter für Gegenstromanlage (im Schaltkasten - kein Taster)",30.75]
[22100791,"TAIFUN Massageschlauch",90.83]
[22100792,"TAIFUN Pumpenkonsole",341.08]
[22100793,"JUNIOR-KOMPAKT Anschlusssatz 2,8kW",2481.67]
[22100795,"TAIFUN - JUNIOR-KOMPAKT Einbausatz 250 mm",749.17]
[22100796,"TAIFUN - JUNIOR-KOMPAKT Flanschsatz",157.5]
[22100797,"TAIFUN - JUNIOR Haltegriffe Edelstahl",385.17]
[22100798,"TAIFUN - JUNIOR Massageschlauch",82.5]
[22100799,"TAIFUN - JUNIOR Pumpenkonsole",290.83]
[22100851,"Winterplattte zu Neptun Gegenstromanlage ST900 / 1050 / 1150",92.9]
[22100856,"NEPTUN Winterplatte zu Bodenablauf oder Ansaugtopf",74.17]
[22100863,"ASTRAL Einbausatz zu Gegenschwimmanlage Power Jet Plus",244.92]
[22100869,"SPECK Vormontagesatz Badu Jet Wave/SMART",265.83]
[22100870,"SPECK Fertigmontagesatz BADU Jet wave mit weißer LED - 400 V",2082.5]
[22100871,"SPECK Fertigmontagesatz BADU Jet wave mit weißer LED - 230 V",1940.83]
[22101201,"TAIFUN EVOLUTION Anschlusssatz 2,6kW RG5",3093.33]
[22101202,"TAIFUN EVOLUTION Anschlusssatz 2,6kW GBZ10",3535.83]
[22101203,"TAIFUN EVOLUTION Einbausatz 240mm RG5",1104.25]
[22101204,"TAIFUN EVOLUTION Flanschsatz GBZ10",140.83000000000001]
[22101205,"TAIFUN EVOLUTION Einbausatz 240mm GBZ10",1326.08]
[22101301,"TAIFUN ESSENCE Anschlusssatz 2,6kW RG5",3646.67]
[22101302,"TAIFUN ESSENCE Anschlusssatz 2,6kW GBZ10",4311.67]
[22101303,"TAIFUN ESSENCE Einbausatz 240mm RG5",1325.33]
[22101304,"TAIFUN ESSENCE Einbausatz 240mm GBZ10",1546.75]
[22101305,"TAIFUN ESSENCE Flanschsatz GBZ10",186.67]
[22101401,"TAIFUN DUO Anschlusssatz 2,6kW RG5",3499.17]
[22101402,"TAIFUN DUO Anschlusssatz 2,6kW GBZ10",3999.17]
[22101403,"TAIFUN DUO Einbausatz 240mm RG5",874.17]
[22101404,"TAIFUN DUO Einbausatz 240mm GBZ10",957.5]
[22101405,"TAIFUN DUO Flanschsatz GBZ10",82.5]
[22101409,"TAIFUN DUO Einbausatz 240mm - Edelstahl V4A",749.17]
[22103400,"BOMBA Sichtteil zu Einbautopf f. Gegenstromanlage (im Becken)",182.5]
[22103401,"Ersatzteil Nr. 6 zu BOMBA Sichtteile A017N-4",6.56]
[22103402,"Ersatzteil Nr. 9 zu BOMBA Sichtteile A017N-5",6.56]
[22103403,"Ersatzteil Nr. 11 zu BOMBA Sichtteile A017N-2",11.8]
[22103404,"Ersatzteil Nr. 13 zu BOMBA Sichtteile A017N-13",10.49]
[22103405,"Ersatzteil Nr. 10 zu Bilbao Filterkessel 400/500/600",4.97]
[22103406,"Entleerung 2 1/2\" innen - Ersatzteil Nr. 30 zu Lisboa, Europa Kessel",32.5]
[22103407,"Flanschdichtung für Entleerung - Ersatzteil Nr. 31 zu Lisboa, Europa Kessel (1 Stück)",4.3499999999999996]
[22103408,"Schrauben-Entleerung außen - Ersatzteil Nr. 32 zu Lisboa, Europa Kessel (ohne O-Ring)",12.74]
[22103409,"Kappe mit Dichtung - Ersatzteil Nr. 33 zu Lisboa, Europa Kessel",4.63]
[22103410,"BOMBA SICHTTEILE + Zubehör zu Einbautopf (im Becken) mit 2 Kugelhähne",299.17]
[22103411,"Ersatzteil O-Ring Nr. 13 zu Pumpengehäuse Niagara Pumpe",48.51]
[22103412,"Ersatzteil Nr. 21 Motorklemme 1,5 HP zu Niagara Pumpe NI150M",39.33]
[22103500,"Einbausatz zu GSA BOMBA - inkl. Flansch",165.83]
[22103501,"BOMBA Einbausatz komplett GSA - inkl. Sichtteile., PN-Taster+Schlauch +Flansch+Schr.",349.17]
[22103505,"BOMBA - Dichtung zu Einbautopf",24.17]
[22103510,"GEGENSTROMPUMPE 2,9 KW - 400 V, 7,3A - 78 m3/h / 4 mWS",832.5]
[22103520,"BOMBA Einbautopf zu GSA - inkl. Flansch, Dichtungen, Schrauben",169.17]
[22103525,"Pneum. Steuerung f. Pumpe 2,90 kW / 400 V - 6 - 10 Ampere",224.17]
[22103526,"Pneum. Steuerung f. Pumpe 4,0 kW / 400 V - 9 - 14 Ampere",224.17]
[22103527,"Pneum. Steuerung f. Pumpe 2,2 kW / 230 V - 13-18 Ampere",224.17]
[22103540,"BOMBA Installationsmaterial GSA - D75 / DA75, NEU inkl. Kugelhahn D75",162.41999999999999]
[22103550,"KOMPLETTSET GSA BOMBA - 2,2KW - 230 V / 63 m3/h",1207.5]
[22103600,"KOMPLETTSET GSA BOMBA - 2,9 KW - 400 V / 78 m3/h",1290.83]
[22103700,"KOMPLETTSET GSA BOMBA - 4,0 KW - 400 V / 90 m3/h",1374.17]
[22105785,"TAIFUN KOMPAKT Anschlusssatz 3,4kW Salzbeständig",3332.5]
[22105787,"TAIFUN KOMPAKT Einbausatz - Salzbeständig",874.17]
[22105788,"TAIFUN Flanschsatz mit Dichtung Salzbeständig",82.5]
[22106550,"Fertigbausatz GSA BOMBA - 2,2 KW - 230 V / 63 m3/h",1165.83]
[22106600,"Fertigbausatz GSA BOMBA - 2,90 KW, 400 V. / 78 m3",1249.17]
[22106700,"Fertigbausatz GSA BOMBA - 4,00 KW, 400 V. / 90 m3/h",1332.5]
[22108543,"ASTRAL Armatur Gegenstromanlage, eckig ABS, kompl. mit Düsenstock",526.75]
[22108544,"ASTRAL Gegenstrom Jet-Pumpe Astral, Leistung 2,6 KW/3,3KW, 230/400 V",900]
[22108545,"ASTRAL Gegenstrom PN- Schaltkasten, 3-phasig, 400 V",425.25]
[22108546,"ASTRAL Gegenstrom Flanschsatz ABS",86.33]
[22108547,"ASTRAL Gegenstrom - Flanschdichtung f. Astral Jet",38]
[22200600,"SPECK BADU JET Stella mit weißer LED 3,0 KW - 400 Volt",2490.83]
[22200700,"SPECK BADU JET RIVA mit weißer LED 2,2 KW - 230 Volt",2165.83]
[22200800,"SPECK BADU JET ACTIVE V2 - 0,75 KW - 230 Volt",1450]
[22200820,"Teleskopstützfuss für Badu Jet Einhänge - Gegenstromanlage",208.33]
[22200900,"SPECK BADU JET PERLA mit weißer LED 1,6 KW - 230 Volt",1749.17]
[22300800,"Schwallrohr - mit Flachstrahl, H 1100 mm - 8m3/h",211.42]
[22300810,"NEPTUN Einbausatz für 1 Massagedüse",157.5]
[22300811,"NEPTUN Fertigmontagesatz für 1 Massagedüse",1124.17]
[22300812,"NEPTUN Einbausatz für 2 Massagedüsen",299.17]
[22300813,"NEPTUN Fertigmontagesatz für 2 Massagedüsen - 2,0 KW / 230 V",1540.83]
[22300814,"NEPTUN Fertigmontagesatz für 2 Massagedüsen - 2,6 kW / 400V",1707.5]
[22300815,"NEPTUN Einbausatz für 3 Massagedüsen (Bodendüsen)",407.5]
[22300816,"NEPTUN Fertigmontagesatz für 3 Massagedüsen",1874.17]
[22300817,"NEPTUN Düsenblende für Massage in Edelstahl 1.4571",32.5]
[22300823,"NEPTUN Einbausatz Schwalldusche JOY",665.83]
[22300824,"NEPTUN Schwalldusche JOY aus Edelstahl",2899.17]
[22300826,"NEPTUN 1 Massagedüsen - inkl. Einbautopf (zusätzlich)",432.5]
[22300860,"Schwalldusche Aquarius / RGB - 6m3/h",2915.83]
[22300870,"Schwalldusche Tropic / RGB - 23m3/h",2665.83]
[22300880,"Schwalldusche Phoenix / Bali mini - 20m3/h",707.5]
[22300890,"Schwalldusche Nevada / Bali - 30m3/h",1707.5]
[22300910,"Schwall Cascade für Wand - 300x400x60",457.5]
[22300920,"Schwall Cascade für Wand - 500x400x60",557.5]
[22300930,"Schwall Cascade für Wand - 800x600x60",707.5]
[22302166,"NEPTUN Blende für Ansaugtopf in Edelstahl 1.4571",45.5]
[22302566,"Einbautopf TURBOJET, Folie - inkl. Anschlussmaterial",207.5]
[22302580,"Schraubenset zu Flansch Massagedüse HYDROAIR (Folie)",10.59]
[22302590,"Massagedüse HYDROAIR (Folie) - ohne Anschlussmaterial",116.67]
[22302595,"Dichtungen (2 Stk) zu Massagedüse HYDROAIR (Folie)",18.329999999999998]
[22302598,"Flansch zu Massagedüse HYDROAIR (Folie)",13.33]
[22306813,"Massageanlage SET TURBOJET m. 3 Hydroair-Düsen",1374.17]
[22306815,"Winterstopfen zu Massageanlage Turbojet",24.17]
[22306818,"Massageanlage Turbojet Edelstahlblende",24.92]
[23100327,"ASTRAL Bodeneinlaufdüse für Folienbecken",27.42]
[23100457,"Scheinwerfer Mini 50 Watt, 12 Volt, mit Kontermutter 6/4",124.17]
[23100461,"LED - Scheinwerfer Steuergerät - LumiPlus Modulator",314]
[23100462,"LED - Scheinwerfer - Fernbedienung Sender Modul",190]
[23100469,"Lumiplus Wifi Adapter - mit Empfängermodul und Wifi-Adapter",415.83]
[23100630,"BOMBA - PN-Taster zu Gegenstromanlage",32.5]
[23100632,"BOMBA - Flansch zu Einbautopf (Gegenstromanlage)",12.5]
[23100633,"BOMBA - PN-Schlauch Gegenstromanlage - 3 Meter",7.5]
[23100650,"ASTRAL Weithalsskimmer III, Saugöffnung 37x16 cm, Tiefe 580 mm",132.5]
[23100651,"ASTRAL Einbauskimmer I, Saugöffnung 21x15 cm, Tiefe 418 mm",124.17]
[23100652,"ASTRAL Wanddurchführung ABS DA 50",12.42]
[23100653,"ASTRAL Einlaufdüse 2 AG/DA 50 mit Folienflansch",31.83]
[23100656,"ASTRAL Bodenablauf Kunststoff - klein - Höhe 120 mm, DM 170 mm, DA 63",41.58]
[23100657,"UNTERWASSERSCHEINWERFER 12V / 300 W",115.83]
[23100658,"Trafo 12 Volt - 300 Watt (1 x 300), IP65",132.5]
[23100659,"Trafo 12 Volt - 600 Watt (2 x 300), IP65",190.83]
[23100680,"Standardskimmer - Stahlwandpool inkl. Einlaufdüse (A-050-B)",49.17]
[23100690,"PN-Schalter - sensibel, für größere Entfernung geeignet",34]
[23100720,"ASTRAL Einbauskimmer",99.17]
[23100728,"Überlaufset (32 mm) zu Astral - Einbauskimmer",7.5]
[23100750,"ASTRAL - Oberflächenabsauger SLIM 500 KS",157.5]
[23100757,"ASTRAL - Einbauscheinwerfer 12V / 300 W - für Folienbecken",115.83]
[23100766,"NEPTUN - Griff zu Blätterkorb (Oberflächenabsauger)",3.33]
[23100767,"NEPTUN - Blende (Vorne) komplett ABS zu ST800/900/1050/1150",375]
[23100768,"NEPTUN - Düsenblende ABS zu ST800/900/1050/1150",265.17]
[23100769,"NEPTUN - Linsenkopfschraube A 4 - M6x16",0.83]
[23100770,"NEPTUN - Gewindenippel M6x16 A4 zu Neptun Gegenstromanlage",12.92]
[23100789,"Filterstrumpf für Siebkorb - 1 Karton = 12 Stück",17.170000000000002]
[23100800,"OCEAN Einbauskimmer",165.83]
[23100805,"OCEAN Edelstahlblende V4A für Einbauskimmer",99.17]
[23100810,"OCEAN Edelstahl Flansch - passend zu De Luxe Skimmer \"klein\"",99.17]
[23100820,"OCEAN Einbauskimmer mit Edelstahlblende",232.5]
[23100826,"Einlaufdüse MINI - zu Universalskimmer",8.25]
[23100829,"Einhängeskimmer-Set, verklebt (keine Kartusche inkludiert)",215.83]
[23100830,"Einhängeskimmer-Set, unverklebt (keine Kartusche inkludiert)",215.83]
[23100832,"Schwimmskimmer - spezial EVO für Aufstellbecken",165.83]
[23100835,"Einhänge -Skimmer zu Set SK2 - mit Filterinnenteil unverklebt",207.5]
[23100836,"ASTRAL Absaugdüse - z.B. für Solaranlagen",24.08]
[23100839,"Einhängescheinwerfer 75 W, 12 Volt. Montage am Handlauf.",115.83]
[23100840,"NEPTUN Oberflächenabsauger - ABS, Tiefe nur 245 mm.",132.5]
[23100841,"NEPTUN Oberflächenabsauger Kunststoff ABS mit Abdeckrahmen Edelstahl",157.5]
[23100842,"NEPTUN - Absaugplatte zum Bodensaugen",12.88]
[23100843,"NEPTUN - Dichtung für Scheinwerfer (Betonbecken)",8.33]
[23100844,"PREMIUM Mauerdurchführung Lang 250 mm - ABS",14.08]
[23100845,"PREMIUM Flanschsatz Kunststoff - ABS",5.75]
[23100846,"NEPTUN Flanschsatz f. Mauerdurchführung Edelstahl 1.4571",24.17]
[23100847,"NEPTUN Einlaufdüse 12 mm - ABS",8.25]
[23100848,"PREMIUM Einlaufdüse 18 mm - ABS",5.75]
[23100849,"PREMIUM Bodenablauf / ABS f. Folie (inkl. Reduktion.63/50)",28.25]
[23100850,"NEPTUN Bodenablauf mit KU Flansch - Folie",26.58]
[23100851,"50 Watt Ersatzbirne zu Scheinwerfer MIDI",12.54]
[23100852,"NEPTUN Halogen-Unterwasserscheinwerfer Flansch Edelstahl",124.17]
[23100853,"NEPTUN Bodeneinlaufdüse ABS",57.5]
[23100854,"NEPTUN Bodeneinlaufdüse ABS mit Edelstahl 1.4571 Flansch",65.83]
[23100855,"Ersatzbirne für Scheinwerfer 300 Watt",24.92]
[23100856,"Klebedichtung EXTRA zu OCEAN Einbauskimmer",24.17]
[23100857,"NEPTUN - Deckel geschliffen 1.4571 zu NEPTUN SKIMMER",62.25]
[23100858,"Trafo 12 Volt - 50 Watt, IP65",74.17]
[23100865,"LED - LUMIPLUS 1.11 LED-Lampe PAR-56 weiß, 24 Watt",140.83000000000001]
[23100867,"LED - LUMIPLUS 1.11 LED-Lampe PAR-56 RGB, 27 Watt",232.5]
[23100890,"NEPTUN Mauerdurchführung inkl. Flansch ABS - PN Taster u. Schlauch",124.17]
[23100891,"NEPTUN ANSAUGTOPF - GSA oder Massageanlage",49.17]
[23100892,"NEPTUN PN Taster komplett inkl. Blende ABS",68.290000000000006]
[23100893,"NEPTUN Verschraubung PG9 mit Zugent. & Flachdichtung",6.56]
[23100894,"NEPTUN Bodeneinlaufdüse ABS inkl. Edelstahlblenden",90.83]
[23100895,"ASTRAL Einbauskimmer II, Saugöffnung 21x15 cm, Tiefe 510 mm",129.16999999999999]
[23100900,"ASTRAL Bodenablauf Kunststoff - groß",40.75]
[23100906,"Trafo 12 Volt - 100 Watt, IP65",99.17]
[23100935,"Einlaufdüse - flache Ausführung",24.92]
[23100936,"Befestigungssatz zu Einlaufdüse - flache Ausführung (23100935)",10.5]
[23100943,"NEPTUN - Blätterkorb zu Oberflächenabsauger",23.33]
[23100944,"PREMIUM Mauerdurchführung Kurz 65 mm - ABS",14.92]
[23100947,"NEPTUN - Flansch für Oberflächenabsauger",15.83]
[23100948,"Überwinterungsstopfen 1 1/2 mit O-Ring",9.6199999999999992]
[23100949,"Bodensaugeranschluss ABS 1 1/2 für Schlauch 38 mm",15.75]
[23100955,"NEPTUN - Hals zu Oberflächenabsauger",37.17]
[23100956,"NEPTUN - Deckel ABS zu Oberflächenabsauger",19.170000000000002]
[23100957,"Verteilerdose - Kabeldose für Scheinwerfer",14.08]
[23100958,"NEPTUN - PN-Taster zu Gegenstromanlage ST (05.400.367)",40.83]
[23100959,"NEPTUN - PN-Taster zu Gegenstromanlage ST (05.400.367 G) - verchromt",92.76]
[23100960,"NEPTUN - O-Ring zu ST800/900/1050/1150",26.33]
[23100965,"Ocean KLAPPE für Skimmer - Farbe GRAU (passt zu Edelstahl)",41.58]
[23100967,"Ocean Schutzgitter für Niveauregelung - Skimmer Ocean",18.86]
[23100970,"NEPTUN - Winterplatte zu Oberflächenabsauger (275x 195 mm)",129.9]
[23100975,"Winterplatte zu Ocean Oberflächenabsauger (250x 200 mm)",57.5]
[23100978,"Winterplatte zu Bomba Gegenstromanlage",107.5]
[23100980,"Ocean Siebkorb für Skimmer",28.25]
[23100981,"Ocean KLAPPE für Skimmer - Farbe weiss",33.25]
[23100982,"Ocean Anschlag für Skimmerklappe",32.5]
[23100983,"Ocean Blende für Skimmer",40.83]
[23100984,"Ocean Saugplatte für Skimmer",24.92]
[23100985,"OCEAN - Skimmer - Flansch",31.92]
[23100986,"Ocean Skimmer - Lippendichtung f. Stahlwandbecken",23.6]
[23100987,"NEPTUN - Flansch ABS - für Gegenstromanlage/Scheinwerfer300W",37.83]
[23100988,"Wandkonsole - BOMBA / Poolpumpen",124.17]
[23100989,"ASTRAL Anschlag für Skimmerklappe",12.5]
[23100990,"Dichtung (Moosgummi) zu BOMBA Winterplatte",10.3]
[23100995,"Ocean Gehäusedeckel - für Skimmer",27.92]
[23100999,"Einlaufdüse - flache Ausführung mit Kontermutter u. Dichtungen",28.25]
[23101043,"NEPTUN - Klappe für Oberflächenabsauger - weiß",19.079999999999998]
[23101837,"SCHEINWERFERSET 1 (1xScheinwerfer 300 W + 1xTrafo + 1xKabeldose)",249.17]
[23101838,"SCHEINWERFERSET 2 (2xScheinwerfer 300 W + 1xTrafo + 2xKabeldose)",432.5]
[23101848,"ANTHRAZIT!! - PREMIUM Einlaufdüse 18 mm",8.25]
[23101849,"ANTHRAZIT !! - PREMIUM Bodenablauf Nur Blende/Gitter",12.42]
[23102010,"ASTRAL Bodenablauf Kunststoff - Höhe 120 mm",41.58]
[23102199,"Scheinwerferkabel (Gummi - isoliert) 2 x 6 mm2 - per lfm.",8.25]
[23102500,"Einhänge -Skimmer zu Set SK2 - mit Filterinnenteil verklebt",207.5]
[23102839,"Einbauscheinwerfer 50 Watt - 12 V. mit Einbautopf, Folienflansch",82.5]
[23102843,"NEPTUN - Scheinwerfer Dichtung (Lippe) extra für Stahlmantelbecken",8.92]
[23102851,"NEPTUN Unterwasserscheinwerfer Kunststoff - 300 Watt/12 Volt",165.83]
[23102863,"NEPTUN - Dichtung für Flanschset (Wandurchführung) 85 x 52 x 2 mm",1.55]
[23102864,"NEPTUN - Dichtung für Bodenablauf A=135 I=102 x 2 mm",8.94]
[23102865,"NEPTUN - Skimmer Dichtung (Lippe) extra für Stahlmantelbecken",11.67]
[23102878,"NEPTUN - Flansch ABS zu Bodenablauf",11.67]
[23102952,"NEPTUN Unterwasserscheinwerfer Flachdichtung 25x20x1 (05.501.057)",5.75]
[23102955,"NEPTUN Unterwasserscheinwerfer O-Ring EPDM /100x7",7.24]
[23103750,"Wasserstandsregler mechanisch - für Beton-, Folien und Fliese.",74.17]
[23104050,"BRIO LED WEM40K - WARM WEISS",149.16999999999999]
[23104055,"BRIO LED WEM40 - KALT WEISS",149.16999999999999]
[23104060,"BRIO LED WEX30 - RGB",182.5]
[23104070,"BRIO RC+ - RGB LED Steuergerät mit Ferbedienung",115.83]
[23104556,"ASTRAL Edelstahlblende Scheinwerfer - Astral",32.5]
[23105050,"NEPTUN Einlaufdüse 18 mm Edelstahl 1.4571",65.83]
[23105051,"NEPTUN Absauggitter Bodenablauf Edelstahl 1.4571",49.17]
[23105052,"NEPTUN - Edelstahl Abdeckrahmen zu Oberflächenabsauger",65.83]
[23105053,"NEPTUN Einbautopf Scheinwerfer ABS - 300 Watt/12 Volt m. Zubehör",44.1]
[23105054,"NEPTUN - Flanschsatz zu Scheinwerfer ABS - 300 Watt/12 Volt m. Zubehör",37.83]
[23105055,"NEPTUN Edelstahl Einsatz Unterwasserscheinwerfer 1.4571 - 300 Watt/12 Volt m. Zubehör",165.83]
[23105056,"NEPTUN - Abdeckrahmen Oberflächenabsauger Kunststoff",12.5]
[23105057,"NEPTUN Zubehörsäckchen Unterwasserscheinwerfer Neptun 300 W",17.920000000000002]
[23105501,"LED LAMPE FLACH - RGB mit Fernbedienung (ohne Einbauzubehör)",182.5]
[23105502,"LED Scheinwerfer LAMPE FLACH - WEISS (ohne Zubehör)",124.17]
[23105503,"LED Scheinwerfer MINI PROJECTOR - WEISS einzeln",87.5]
[23105504,"LED Scheinwerfer MINI PROJECTOR - RGB einzeln",104.17]
[23105505,"LED Scheinwerfer Blende FLACH - Edelstahloptik",40.83]
[23105511,"LED Scheinwerfer - Einbauset ISO (1x Durchführung, 1x Flansch)",18.329999999999998]
[23105512,"LED Scheinwerfer Einbauset Stahlwand / Holz - für Mini LED",20.83]
[23105513,"DIVER Verkabelung - Einbauset ISO",82.5]
[23105515,"LED Scheinwerfer Blende FLACH - GRAU",20.75]
[23105516,"LED Scheinwerfer Blende FLACH - ANTHRAZIT",20.75]
[23105517,"LED Scheinwerfer Blende FLACH - WEISS",20.75]
[23105518,"LED Scheinwerfer Blende FLACH - GRAU (altes Modell)",20.75]
[23105519,"LED Scheinwerfer Blende FLACH - Weiß (altes Modell)",20.75]
[23105520,"LED Scheinwerfer Blende FLACH - HELLBLAU (altes Modell)",20.75]
[23105551,"NEPTUN Antiwirbeldeckel mit Loch für Bodeneinlaufdüse",20.74]
[23105570,"LED Scheinwerfer MINI PROJECTOR - RGB - inkl. Einbauset Stahlwand",124.17]
[23105577,"LED Scheinwerfer FLACH - WEISS - inkl. Einbauset für Stahlwand",91.58]
[23105588,"LED Scheinwerfer FLACH - WEISS - inkl. Einbauset für Stahlwand",149.16999999999999]
[23105599,"LED Scheinwerfer FLACH - RGB - inkl. Einbauset Stahlwand",224.17]
[23105650,"ASTRAL Edelstahlblende inkl. Flansch für Einbauskimmer I + II - kein Salz",224.17]
[23105651,"ASTRAL Edelstahlblende inkl. Flansch für Astral Weithalsskimmer III - kein Salz",249.17]
[23105652,"ASTRAL Edelstahlblende für SLIM Skimmer 500 V4A",201.08]
[23105653,"ASTRAL Edelstahl Flansch für SLIM Skimmer 500 V4A",107.5]
[23105654,"Dichtung für Slim Skimmer 650",77.489999999999995]
[23105689,"Filterarm Länge 110 mm - für Filterkessel - 3/4 Zoll AG - für DM 400",4.4000000000000004]
[23105692,"Filterarm Länge 160 mm - für Filterkessel - 3/4 Zoll AG - für DM 500",4.72]
[23105696,"Filterarm Länge 225 mm - für Filterkessel - 3/4 Zoll AG - für DM 600",5.07]
[23105956,"NEPTUN - Flansch Bodenablauf ABS - 05.100.424",7.73]
[23106055,"LED-RGB Ersatzlampe (PAR56) für Einbauscheinwerfer inkl. FB",140.83000000000001]
[23106056,"LED SCHEINWERFER (RGB) - komplett mit Einbaunische - inkl. FB",256.67]
[23106057,"LED-RGB Einhängeleuchte, inkl. Fernbedienung",165.83]
[23106070,"LED Scheinwerfer FLACH - WEISS inkl. Einbauset",132.5]
[23106077,"Akku LED Beleuchtung - WEISS",40.83]
[23106078,"Akku LED Beleuchtung - RGB",40.83]
[23106080,"LED Scheinwerfer FLACH - RGB mit Fernbedienung inkl. Einbauset",190.83]
[23106099,"LED Lampe (PAR56) WEISS",90.83]
[23106142,"Fernbedienung (Einzeln) zu LED Scheinwerfer FLACH - RGB",29.17]
[23106148,"Adapter 50 > Kabel zu LED Scheinwerfer FLACH",12.5]
[23106859,"NEPTUN Bodenablauftopf - Ausgang UNTEN 50 mm - kein Zubehör",22.08]
[23106895,"Kontermutter + Dichtung zu Einlaufdüse flach (Polyester)",10]
[23107070,"LED Scheinwerfer MINI PROJECTOR - WEISS inkl. Einbauset",112.5]
[23107080,"LED Scheinwerfer MINI PROJECTOR - RGB inkl. Einbauset",124.17]
[23107895,"Wassereinlauftrichter zu Filterinnenverschraubung",9.64]
[23108050,"Einbaunische für Astral Scheinwerfer - inkl. Dichtung/flansch und Schrauben",62.5]
[23108051,"Würgenippelsatz für KS-Nische",3.42]
[23108055,"Kabelschutzschlauch - ca. 1 Meter - passend zu Astral Scheinwerfer Einbautopf",6.67]
[23108056,"Ablassschraube zu Solardusche ANGEL",9.83]
[23108058,"Zwiebelringdichtung zu Scheinwerferkabel - variabler Querschnitt von 7,5/9,5/12/14,5 mm (Astral Einbautopf)",4.08]
[23108561,"CHROMA Led Scheinwerfer Einsatz für PAR56 - WEISS",149.16999999999999]
[23108562,"BOREA Led Einhängescheinwerfer - WEISS",140.83000000000001]
[23108563,"BLENDE weiß zu CHROMA Led Scheinwerfer",22.33]
[23108943,"NEPTUN - Oberflächenabsauger Dichtung (Betonbecken)",7.5]
[23109020,"Verlängerung 3-5 cm zu NEPTUN Bodenablauf/Absaugtopf",107.5]
[23109028,"Verlängerung 3 cm für Neptun Mauerdurchführung (zum Einschrauben)",57.5]
[23109050,"NEPTUN - Abdeckblende ABS zu Bodenablauf",11.67]
[23109088,"LED-SCHEINWERFER (WEISS) - komplett mit Einbaunische",206.67]
[23109555,"ASTRAL - Blenden Set KS Scheinwerfer weiß (043104)",20.75]
[23109645,"Saugplatte - Scim Vac, zum Bodensaugen Typ Mini",5.82]
[23109646,"OLYMPIC Deckel - oberer Abschluss",6.62]
[23109647,"OLYMPIC Schraubenset - (10 Stück Schrauben)",9.5]
[23109652,"ASTRAL - Dichtung Bodenablauf - groß (043099)",16.579999999999998]
[23109655,"Skimmerklappe zu Skimmer Mini / Olympic - 145 mm Brreite",10.75]
[23109657,"ASTRAL Siebkorb für Modell 04306/04307/04308 - (043066)",11.58]
[23109658,"ASTRAL Skimmerklappe (Wehr) L 18,5 x 12,8 cm (04365)",16.579999999999998]
[23109659,"Skimmerkorb - Außen 16,2 cm - Typ Mini",11.58]
[23109660,"OLYMPIC Blende A=21,4x20,4cm, I= 14,0x15,0 cm",21.53]
[23109665,"ASTRAL - O-Ring für Birne zu Scheinwerfer (043107)",14.08]
[23109666,"Oberteil (Ventil) zu Brause Polynea (Auslauf)",28.5]
[23109670,"Winterstopfen Gummi - NW 42 - 50 mm AS",8.25]
[23109671,"ASTRAL Kugel, Überwurfmutter, Kugelhalterung-Innenteil, und Durchschlag im Set (Einlaufdüse)",10]
[23109672,"Winterstopfen Gummi 2\" - NW 56 - 63 mm AS",8.25]
[23109673,"ASTRAL - Dichtungssatz zu Astral Bodeneinlaufdüse",12.5]
[23109675,"ASTRAL - Skimmerwehr für Einbauskimmer 25 Tiefe /Iso (140 x 205)",16.579999999999998]
[23109676,"ASTRAL - Flanschblende, Düsenschlüssel und Stopfen im Set",4.88]
[23109677,"ASTRAL Skimmerwehr für Einbauskimmer 25 Tiefe /Iso (140 x 205) ANTHRAZIT",32.17]
[23109680,"OLYMPIC Skimmer Lippendichtung - Aussen 20,2 x 19,2 und Innen 14,2 x 13,2",20.83]
[23109685,"Manometerhalter (mit Entlüfterschraube) zu Astral Filterkessel",8.25]
[23109686,"ASTRAL Entleerung für Filter-Astral (4404010108)",11.59]
[23109687,"Manometer Filteranlage - Anschluss seitlich!",15.83]
[23109688,"Manometer Filteranlage - Anschluss von unten!",15.83]
[23109689,"Filterarm Länge 110 mm - für Filterkessel - 1 Zoll AG - für DM400",6.84]
[23109690,"Filterarm Länge 175 mm - für Filterkessel - 1 Zoll AG per Stk. - für DM500",5]
[23109691,"Filterarm Länge 225 mm - für Filterkessel - 1 Zoll AG per Stk - für DM600",5.83]
[23109692,"Manschetten-Dichtung - für Filterkessel (geteilter Kessel)",9.9600000000000009]
[23109693,"O-Ring - für KS-Filter D 400",40.83]
[23109694,"O-Ring für KS-Filter D 500",40.83]
[23109695,"O-Ring für KS-Filter D 600",40.83]
[23109696,"Filterunterteil KS D-400mm - Farbe Orange",95.67]
[23109697,"Filteroberteil-KS D-400mm - Farbe Orange",107.42]
[23109698,"Filterunterteil zu KS-D500 - Farbe Orange",177.25]
[23109699,"Filteroberteil-KS D-500mm - Farbe Orange",180.92]
[23109700,"Filterunterteil zu KS-D600 - Farbe Orange",326.33]
[23109701,"Filteroberteil-KS D-600mm - Farbe Orange",255.25]
[23109750,"ASTRAL Saugplatte für Modell 04306, 04307, 04305 (043067)",11.38]
[23109752,"OLYMPIC Skimmer Grundgehäuse - ohne Zubehör",24.8]
[23109756,"Entlüftung komplett - Zirkel Kessel",16.27]
[23109760,"ASTRAL - Flanschdichtung für Scheinwerfer Midi (Art. Nr. 23102839)",12.5]
[23109765,"ASTRAL Scheinwerfer KS Ersatzdichtung = 2 Stück zu Einbautopf",25.99]
[23109766,"Stopfen für Einbautopf zu UWS",4.46]
[23109770,"ASTRAL - Flansch für ASTRAL Scheinwerfer + Schrauben (ohne Dichtung)",41.15]
[23109775,"ASTRAL - Flansch für Pooldoktor Scheinwerfer (ohne Dichtung)",43.17]
[23109778,"ASTRAL - Dichtung per Stück für Pooldoktor Scheinwerfertopf (300 Watt-ohne Dichtung)",8.42]
[23109780,"Skimmerkorb - Außen 16,2 cm - WEKA",13.25]
[23109789,"Mittelstück für Filterkreuz - für Filterarm 1\"",12.88]
[23109790,"Mittelstück 1\" DA63 für 12 Arme",30.58]
[23109850,"Mittelstück für Filterkreuz - für Filterarm 3/4\" - zu geteilter Kessel SFP",12.5]
[23109851,"Ventilanschluss gerade mit Flansch 1 1/2\" zu Kessel",19.25]
[23109895,"Filteranschlußset 1 1/2\" - Verbindung von Kessel zum 6-Wegeventil, inkl. O-Ring",45]
[23109898,"Filterinnenverschraubung 1 1/2\" AG - für Sandfilterkessel (ohne Verrohrung u. Mittelstück)",6.32]
[23109899,"Filter-Außenverschraubung 1 1/2\" AG - für Sandfilterkessel + O-Ring",14.26]
[23200859,"Edelstahl - Mauerdurchführung 240 mm",82.5]
[23200860,"Edelstahl - Flanschdüse V4A zu Mauerdurchführung",41.58]
[23200861,"Edelstahl - Skimmer V4A(A100)",499.17]
[23200862,"Edelstahl - Flanschsatz zu Skimmer V4A",118.58]
[23200863,"Edelstahl - Wasserstandsregler mechanisch zu Edelstahlskimmer",32.5]
[23200864,"Edelstahl - Saugplatte zu Skimmer V4A",51.92]
[23200865,"Edelstahl - Bodenablauftopf V4A",124.17]
[23200866,"Edelstahl - Flanschsatz zu Bodenablauftopf V4A eckiger Deckel",50.25]
[23200867,"Edelstahl - Unterwasserscheinwerfer V4A komplett",349.17]
[23200868,"Edelstahl - Flanschsatz zu Unterwasserscheinwerfer V4A",65.83]
[23200869,"Edelstahl - Kabelanschlussdose V4A",132.5]
[23200870,"Edelstahl - Kabelschutzschlauch zu Unterwasserscheinwerfer V4A",4.99]
[23200871,"ASTRAL Mauerdurchführung KS L250mm",26]
[23200875,"ASTRAL Skimmer Modell Slim 500 V203/09, V4A",874.17]
[23200877,"Blende zu Skimmer V4A",101.5]
[23200879,"Bodenablauf , 195 mm V4A, mit rundem Deckel mit Bohrungen",165.83]
[23200880,"Edelstahl - Flanschsatz zu Bodenablauftopf V4A runder Deckel",49.17]
[23200885,"Einlaufdüse V4A, L = 70 mm, 1 1/2\" A.G",80.75]
[23200888,"Mauerdurchführung spezial",92.08]
[23200889,"Folienflansch spezial",81.83]
[23200890,"Einlaufdüse in V4A poliert",91.17]
[23200891,"Boden - Absaugdüse in V4A poliert",81]
[23200892,"KS-Tülle inkl. O-Ring für Boden - Absaugdüse",7.5]
[23200893,"Bodeneinlaufdüse in V4A poliert (2teilig) - regulierbar, 2\" A.G, inkl. Flansch",193.75]
[23200895,"Reduziernippel AG 1/2\"\" auf / IG 3/8\" - passend zu Idegis Regelungen",2.08]
[23200975,"Skimmer Modell Slim 650 V193/10, V4A",999.17]
[23201050,"Edelstahl-Einlaufdüsenset für Mauerbecken - Folie",57.5]
[23201051,"PREMIUM Edelstahl Bodenablauf für Mauerbecken - Folie",65.83]
[23201052,"NEPTUN Edelstahl-Einbauskimmerset für Mauerbecken - Folie",207.5]
[23201053,"NEPTUN Edelstahl-Einbauscheinwerferset für Mauerbecken - Folie",215.83]
[23201054,"NEPTUN ST-1050 - Blende Edelstahl - 400V, 3,3 kW - 950 lt/min",1874.17]
[23201072,"NEPTUN Edelstahl-Einlaufdüsenset mit 65 mm Wanddurchführung - Folie",57.5]
[23303520,"Kunststoff Rollrost bis 200 mm Breite / 35 mm Höhe, weiss, aus Hart - PVC, per lfm",62.5]
[23303525,"Kunststoff Rollrost bis 250 mm Breite / 35 mm Höhe, weiss, aus Hart - PVC, per lfm",70.83]
[23303530,"Kunststoff Rollrost bis 300 mm Breite / 35 mm Höhe, weiss, aus Hart - PVC, per lfm",79.17]
[23306705,"Gitterstab Polypropylen weiß - H 22 - B 195",0.92]
[23306706,"Gitterstab Polypropylen weiß - H 22 - B 245",0.92]
[23306707,"Gitterstab Polypropylen weiß - H 22 - B 295",0.92]
[23306709,"Gitterstab Polypropylen weiß - H 35 - B 195",0.68]
[23306710,"Gitterstab Polypropylen weiß - H 35 - B 245",0.92]
[23306711,"Überlauf Gitterstab Polypropylen weiß, B = 295 mm, H 35 mm, 1 Lfm. = 45 Stk.,",0.92]
[23307733,"Überlauf Eckteil 90° Polypropylen weiß, B = 195 mm, H 22 mm",30.58]
[23307734,"Überlauf Eckteil 90° Polypropylen weiß, B = 245 mm, H 22 mm",38.33]
[23308520,"Kunststoff Rollrost bis 200 mm Breite / 25 mm Höhe, weiss, aus Hart - PVC, per lfm",57.5]
[23308525,"Kunststoff Rollrost bis 250 mm Breite / 25 mm Höhe, weiss, aus Hart - PVC, per lfm",65.83]
[23308530,"Kunststoff Rollrost bis 300 mm Breite / 25 mm Höhe, weiss, aus Hart - PVC, per lfm",74.17]
[23308550,"Ecke zu Rollrost bis 200 mm Breite / 25 mm Höhe, weiss, aus Hart - PVC, per Stück",62.5]
[23308551,"Ecke zu Rollrost bis 250 mm Breite / 25 mm Höhe, weiss, aus Hart - PVC, per Stück",65.83]
[23308552,"Ecke zu Rollrost bis 300 mm Breite / 25 mm Höhe, weiss, aus Hart - PVC, per Stück",70.83]
[23308560,"Ecke zu Rollrost bis 200 mm Breite / 35 mm Höhe, weiss, aus Hart - PVC, per Stück",65.83]
[23308561,"Ecke zu Rollrost bis 250 mm Breite / 35 mm Höhe, weiss, aus Hart - PVC, per Stück",70.83]
[23308562,"Ecke zu Rollrost bis 300 mm Breite / 35 mm Höhe, weiss, aus Hart - PVC, per Stück",74.17]
[23308590,"20% Farbaufschlag für Rollrost aus Hart-PVC - statt weiss",0]
[23315000,"Überlaufrinne - Modul Stein 1000/240/182-162 mm",215.83]
[23315030,"Flüsterablauf universal zu Modul Stein",86.5]
[24000916,"Flex-Fit PVC-Übergangsverschraubung - Klemm x Klebemuffe",17.920000000000002]
[24000917,"Flex-Fit PVC-Übergangsverschraubung - Klemm x 1 1/2 AG",10.75]
[24000918,"Flex-Fit PVC-Übergangsverschraubung, x 1 1/2 Innengewinde",10.75]
[24000919,"Flex-Fit PVC-Verschraubung - DA 50, Klemm x Klemm",14.92]
[24000920,"Flex-Fit PVC-Übergangswinkel 90 - DA 50, Klebemuffe x Klemm",17]
[24000921,"Flex-Fit PVC-Übergangswinkel 90 - DA 50, Klemm x Klemm",14.92]
[24000922,"Flex-Fit PVC-Übergangsstück T-Stk., Klemm x Klemm x Klemm",21.58]
[24000923,"Flex-Fit PVC-Übergangsstück T-Stk. , Klebe x Klemm x Klebe",10.75]
[24001000,"Fittingspaket MAXI passend bei Lisboa 750 Filteranlage",215.83]
[24001030,"Rückschlagventil S6 - Transparent",65.83]
[24001435,"Doppelschlauchtülle NW 32 x NW 32 weiß",1.58]
[24001437,"Schlauchtülle NW 38, Winkel 90° x 1 1/2 \" A.G.",7.42]
[24001450,"PVC - Rohr DA16 - per lfm",1.25]
[24001460,"PVC - Rohr DA20 - per lfm",1.25]
[24001461,"Rohrklemme DA20 (für Gegenstrom- u. Massageanlage)",0.83]
[24001469,"PVC - Rohr DA25 - per lfm",2.08]
[24001470,"PVC - Rohr DA32 - per lfm",2.08]
[24001571,"PVC - Winkel 90° D63 - 2 \" AG",7.42]
[24001581,"PVC - Kreuz DA50",10.75]
[24001582,"PVC - Kreuz D 63",12.42]
[24001595,"PVC - Winkel 90° DA 32",1.25]
[24001615,"PVC - Kugelhahn D90",142.58000000000001]
[24001673,"Winkel 90° DA32 - (D25)",2.08]
[24001695,"Ü-Muffenippel 12/16 x 3/8\" (Jet -Luftventil)",2.42]
[24001715,"Einlegeteil DA63 - 3/4 Zoll",8.16]
[24001723,"Ü-Muffenippel D50 /40 - 5/4 \" AG",6.58]
[24001743,"PVC - Rohr DA40 - per lfm",2.08]
[24001745,"PVC - Reduktion D63 - 40",1.42]
[24001755,"PVC - Reduktion DA50-32",2.42]
[24001756,"PVC - Rohr DA50 - per LFM",4.92]
[24001758,"PVC - Rohr DA63 - per LFM",9.08]
[24001759,"PVC - Rohr DA75 - per lfm - Abholpreis",14.32]
[24001760,"Flex- Klebeschlauch DA50 - (Bund 25 lfm)",115.83]
[24001761,"LAUFMETER - PVC - Klebeschlauch DA50 - per LFM",8.25]
[24001763,"DA63!! Flex- Klebeschlauch DA63 - (Bund 25 lfm)",199.17]
[24001764,"DA63!! per LAUFMETER - Flex- Klebeschlauch DA63",11]
[24001765,"PVC - Klebeschlauch DA75 (nur Bund mit 25 lfm)",425]
[24001766,"PVC - Winkel 90° D50",2.42]
[24001768,"PVC - Winkel 90° D63",4.08]
[24001769,"PVC - Winkel 90° D75",8.25]
[24001770,"PVC - Winkel 90° Klebe D50 - 1 1/2 \" AG",4.08]
[24001771,"PVC - Winkel 90° Klebe D50 - 2 \" AG",4.08]
[24001772,"PVC - Winkel 45° D50",2.42]
[24001774,"PVC - Winkel 45° D63",4.08]
[24001775,"PVC - Winkel 45° D75",8.25]
[24001776,"PVC - T-Stück 90° D50",3.25]
[24001778,"PVC - T-Stück 90° D63",4.92]
[24001779,"PVC - T-Stück 90° D75",12.42]
[24001780,"PVC - Muffe D50",2.42]
[24001782,"PVC - Muffe D63",4.08]
[24001783,"PVC - Muffe D75",8.25]
[24001784,"PVC - Verschraubung D50 / D50",5.75]
[24001785,"PP Muffe 3/4\" IG x 3/4\" IG PN10",1.1499999999999999]
[24001786,"PVC - Verschraubung D63 / D63",8.25]
[24001787,"PVC - Verschraubung D75 / D75",24.92]
[24001788,"PVC - Verschraubung D50 / - 1 1/2\" AG (Außengewinde)",6.58]
[24001789,"PVC - Verschraubung D63 / 2 Zoll Außengewinde",10.75]
[24001790,"PVC - Ü-Nippel DA50 - 6/4 Zoll Außengewinde",3.25]
[24001794,"PVC - Ü-Nippel D50/DA63 - 2 Zoll Außengewinde",3.25]
[24001796,"PVC - Übergangsstück - Klebemuffe D50 - 1,5 Zoll IG",4.92]
[24001797,"PVC - Übergangsstück Klebemuffe D63 - 2 IG",9.92]
[24001798,"PVC - Kappe D50",2.5]
[24001799,"PVC - Kappe D63",3.33]
[24001800,"PVC - Stopfen 1 1/2 \" - Aussengewinde",2.42]
[24001801,"PVC - Reduktion DA50/40",1.58]
[24001802,"Reduktion DA63 / D50",2.08]
[24001803,"PVC - Reduktion D75/63",4.08]
[24001804,"PVC - Rohrklemmen DA50",2.42]
[24001805,"PVC - Rohrklemmen DA63",4.08]
[24001806,"PVC - Rohrklemmen DA75",15.83]
[24001807,"PVC - Einlegeteil DA50 - 1/2 Zoll",4.92]
[24001808,"PVC - Einlegeteil DA50 - 3/4 Zoll",4.92]
[24001811,"TEFLONBAND",1.58]
[24001812,"Übergangsmuffe (zu Massagetopf)",3.25]
[24001813,"PVC - Kugelhahn D50",16.579999999999998]
[24001815,"D63!! - PVC - Kugelhahn D63",33.25]
[24001816,"PVC - Kugelhahn D75",82.5]
[24001817,"PVC - 3-Wege Kugelhahn D50",74.17]
[24001818,"3-Wege Kugelhahn D63",95.83]
[24001819,"PVC - Rückschlagventil D50",22.42]
[24001820,"PVC - Rückschlagventil D63",37.42]
[24001821,"PVC - Rückschlagventil D75",74.17]
[24001822,"PVC - Rückschlagventil D50 mit 3/4 IG für Ablassventil",87.75]
[24001824,"PVC - Ablassventil 3/4 AG mit Klickanschluss",7.42]
[24001825,"PVC - Ablassventil 1/4 AG x NW 10 (Pumpenentleerung)",8.1]
[24001827,"PVC - Reduktion D63 -1/2\" IG",1.42]
[24001828,"PVC - Kleber, Tube 125g",8.25]
[24001829,"PVC - Kleber, Dose 500 Gramm",16.579999999999998]
[24001830,"PVC - Kleber, Dose 1000gr",29.08]
[24001831,"Reiniger, Dose 125 ml.",6.58]
[24001832,"PVC - Reiniger - GROSS - 1000ml",24.92]
[24001833,"PVC - Schlauchübergang DA50 Klebe - 38 mm",2.42]
[24001834,"PVC - Schlauchübergang 1 1/2\" AG - 38 mm",2.42]
[24001835,"PVC - Schlauchübergang AG 6/4 - 32/38 mm",2.42]
[24001836,"Doppelschlauchtülle NW 38 x NW 38 weiß",2.42]
[24001839,"Schlauchklemme 38 mm - per. Stk",1.58]
[24001841,"Schwimmschlauch mit Muffe NW 38 - Preis per Teile a 150 cm",7.42]
[24001850,"Flansch und Dichtung zu Astral Einlaufdüse",15.83]
[24001866,"PVC - Reduzierwinkel 90° Muffe 50 > 40 Klebe",2.92]
[24001885,"PVC - Stopfen 2 \" AG",3.25]
[24001889,"PVC- Winkel 90° - D 63 - IG 2 \"",8.25]
[24001890,"PVC - Winkel 90° D 50 - IG 1 1/2 \"",6.58]
[24001895,"Gewindereduktion DA50 - 1\" IG",8.25]
[24001896,"Übergangsmuffe D40 - 1 1/4 Zoll IG verstärkt",8.25]
[24001910,"Anbohrschelle D50 - 3/4 Zoll IG",7.5]
[24001915,"Anbohrschelle D50 - 1 Zoll IG",7.5]
[24001920,"Anbohrschelle D50 - 1/2 Zoll - für Sonden",8.82]
[24001921,"Anbohrschelle D63 -1/2 - für Sonden",15.83]
[24001930,"Tangit UNI-LOCK Gewindedichtfaden",24.17]
[24001950,"Reduktion DA32/20",2.42]
[24001952,"Montageschlüssel für Flexfitting 50mm",3.25]
[24001953,"Winkel 90° - Aussen DA 32",0.75]
[24001967,"PVC - Bogen 90° D50",11.5]
[24001968,"PVC - Bogen 90° D63",10.75]
[24001969,"PVC - Bogen 90° D75",15.75]
[24002000,"Bypass-Set DA 50",57.51]
[24002011,"FP - PVC-Rohr DA 50",2.85]
[24002037,"ASTRAL Stopfen 1 1/2'' mit O-Ring",8.25]
[24002039,"Astral Stopfen KS mit O-Ring 2\"",7.5]
[24002040,"Muffennippel zu Luftventil (Massageanlage)",2.42]
[24002042,"Reduktion KS 2\"AG x 11/2\"IG",5]
[24002045,"ASTRAL - Flanschblende für KS-Düse",3]
[24002139,"PVC - Kappe / Stopfen 3/8 \" - Innengewinde - Entleerung",5.83]
[24002153,"PVC - Stopfen 3/8 \" - Aussengewinde",0.65]
[24002155,"PVC - Stopfen 1/2 \" - Aussenegewinde",1.58]
[24002156,"PVC - Stopfen 3/4 \" - Aussenegewinde",1.58]
[24002164,"PVC - T-Stück 45° D50",9.48]
[24002165,"PVC - T-Stück 45° D63",11.58]
[24002166,"PVC - T-Stück 45° D75",12.42]
[24002167,"PVC - Bundbuchse DA 50 (bei Kugelhahn)",4.92]
[24002168,"O-Ringe - EPDM für Verschraubung DN 40 für DA 50 Fittinge",3.96]
[24002169,"O-Ringe - EPDM für Verschraubung DN 50 für DA 63 Fittinge",2.42]
[24002170,"PVC - Schlauchübergang DA50 Klebe - 32/38 mm",2.42]
[24002188,"PVC - Bundbuchse D63 (Kugelhahn))",10.75]
[24002189,"PVC - Bundbuchse D75 (Kugelhahn))",22.42]
[24002200,"Bypass-Set für Salzanlage, UV oder Wärmetauscher",57.5]
[24002220,"Bypass-Kombi-Set für Aufstellbecken",165.83]
[24002268,"Kappe D75",5.75]
[24002555,"O-Ringe - EPDM für Verschraubung DN 75 für DA 75 Fittinge",4.92]
[24002777,"T-Stück 90° D50 - 1,5\" IG - D50 (für Entlüfter)",5.83]
[24002803,"PVC - Reduktion DA90/75",6.58]
[24002818,"PVC - Sichtglas DA 50",24.92]
[24002819,"PVC - Sichtglas DA 63",33.25]
[24002828,"PVC - Kleber, Dose 250g",12.3]
[24002850,"Verschraubungsset zu Wärmepumpe (2Stück)",24.17]
[24002870,"12,5 FLM - Flex- Klebeschlauch DA50",67.900000000000006]
[24004150,"Kleber GEBSOLBLUE PRO - 250ml",24.55]
[24004151,"POOL MASTIC - 290ml",24.08]
[24004152,"MASTIC REPAIR - 2 Komponenten EPOXY",14.92]
[24004153,"REPARATUR - BAND",15.83]
[24004154,"REPARATUR - STREIFEN",8.25]
[24004155,"FILETPLAST - PVC Gewindeabdichtung",24.17]
[24004156,"SCHLEIF - BAND",7.5]
[24004158,"Pool Leckage Dichtmittel",34.090000000000003]
[24005781,"Muffe D20",1.25]
[24008000,"Fittingspaket STANDARD",190.83]
[24008100,"Installations-Paket - BOMBA",249.17]
[24008120,"Installations-Paket - 6-Wege Ventil <>Salt Manager - Schlauch",20.75]
[24008130,"Fittingspaket - Reparaturkit",54.08]
[24008200,"Installations-Paket - MASSAGE",390.83]
[24008756,"PVC - Rohr DA50 - TRANSPARENT per lfm",16.53]
[24009000,"Installations-Paket - STAHLWAND - (für Filteranlage)",99.17]
[24009875,"PVC - Reiniger - KLEIN",15.69]
[24100653,"ANTHRAZIT !!!! ASTRAL Einlaufdüse 2 AG/DA 50 mit Folienflansch",31.25]
[24100654,"ANTHRAZIT !!!! Einlaufdüse KS Blende D 105mm 1 1/2 \" AG",12.3]
[24100655,"ASTRAL Einlaufdüse KS Blende D 105mm 1 1/2 \" AG",10.33]
[24100656,"ASTRAL Einlaufdüse KS Blende D 105mm 1 1/2 \" AG",10.33]
[24100720,"ANTHRAZIT !!!! ASTRAL Einbauskimmer (in der Mauer)",249.17]
[24100750,"ANTHRAZIT !!!! ASTRAL - Oberflächenabsauger SLIM 500 KS",265.83]
[24100900,"ANTHRAZIT !!!! ASTRAL Bodenablauf Kunststoff - groß - Höhe 170 mm",65.83]
[24102010,"ANTHRAZIT !!!! ASTRAL Bodenablauf Kunststoff - Höhe 120 mm",49.17]
[24104556,"ANTHRAZIT !!! ASTRAL BLENDE Scheinwerfer - Astral",19.829999999999998]
[24180077,"PVC - Kugelhahn D50 - ORANGE",24.17]
[24930350,"INNENHÜLLE Rundbecken PVC 0,8mm ø3,50m H 150 cm - BLAU, Keilbiese",243.83]
[24930400,"INNENHÜLLE Rundbecken PVC 0,8mm ø4,00m H 150 cm - BLAU; Keilbiese",303]
[24930450,"INNENHÜLLE Rundbecken PVC 0,8mm ø4,50m H 150 cm - BLAU, Keilbiese",379.62]
[24930500,"INNENHÜLLE Rundbecken PVC 0,8mm ø5,00m H 150 cm - BLAU, Keilbiese",422]
[24930600,"INNENHÜLLE Rundbecken PVC 0,8mm ø6,00m H 150 cm - BLAU, Keilbiese",540.62]
[24931200,"INNENHÜLLE Halboval Form PVC 0,8mm ø6,00 x 3,0m H 150 cm - BLAU, Keilbiese",470.94]
[24931300,"INNENHÜLLE Halboval Form PVC 0,8mm ø7,00 x 3,5m H 150 cm - BLAU, Keilbiese",586.05999999999995]
[24931400,"INNENHÜLLE Halboval Form PVC 0,8mm ø8,00 x 4,0m H 150 cm - BLAU, Keilbiese",711.65]
[24931500,"INNENHÜLLE Halboval Form PVC 0,8mm ø9,00 x 4,5m H 150 cm - BLAU, Keilbiese",847.7]
[24931600,"INNENHÜLLE Halboval Form PVC 0,8mm ø10,00 x 5,0m H 150 cm - BLAU, Keilbiese",994.21]
[24936030,"INNENHÜLLE Ovalbecken PVC 0,8mm ø6,00 x 3,00m H 150 cm - BLAU, Keilbiese",413.52]
[24937035,"INNENHÜLLE Ovalbecken PVC 0,8mm ø7,00 x 3,50m H 150 cm - BLAU, Keilbiese",556]
[24938040,"INNENHÜLLE Ovalbecken PVC 0,8mm ø8,00 x 4,00m H 150 cm - BLAU, Keilbiese",568.01]
[24939450,"INNENHÜLLE Ovalbecken PVC 0,8mm ø9,00 x 4,0m H 150 cm - BLAU, Keilbiese",795.37]
[24939500,"INNENHÜLLE Ovalbecken PVC 0,8mm ø10,00 x 5,0m H 150 cm - BLAU, Keilbiese",931.42]
[24950040,"HIT Innenhülle 0,8mm - ECKIG - 800 x 400 x 150 - Mod 3 - MOSAIK blau od.sand od. grau",1148.0999999999999]
[24950041,"HIT Innenhülle 0,8mm - ECKIG - 700 x 350 x 150 - Mod 3 - MOSAIK blau od.sand od. grau",1188.74]
[24950042,"HIT Innenhülle 0,8mm - ECKIG - 600 x 300 x 150 - Mod 3 - MOSAIK blau od.sand od. grau",955.24]
[24950050,"Innenhülle 0,8mm - ECKIG - 800 x 400 x 150 - Mod 3 - Farbe WEISS",832.5]
[24950051,"Innenhülle 0,8mm - ECKIG - 700 x 350 x 150 - Mod 3 - Farbe WEISS",749.17]
[24950052,"Innenhülle 0,8mm - ECKIG - 600 x 300 x 150 - Mod 3 - Farbe WEISS",582.5]
[24950060,"Innenhülle 0,8mm - ECKIG - 800 x 400 x 150 - Mod 3 - Farbe HELLBLAU",832.5]
[24950061,"Innenhülle 0,8mm - ECKIG - 700 x 350 x 150 - Mod 3 - Farbe HELLBLAU",749.17]
[24950062,"Innenhülle 0,8mm - ECKIG - 600 x 300 x 150 - Mod 3 - Farbe HELLBLAU",582.5]
[24950070,"Innenhülle 0,8mm - ECKIG - 800 x 400 x 150 - Mod 3 - Farbe TÜRKIS",832.5]
[24950071,"Innenhülle 0,8mm - ECKIG - 700 x 350 x 150 - Mod 3 - Farbe TÜRKIS",749.17]
[24950072,"Innenhülle 0,8mm - ECKIG - 600 x 300 x 150 - Mod 3 - Farbe TÜRKIS",582.5]
[24950080,"Innenhülle 0,8mm - ECKIG - 800 x 400 x 150 - Mod 3 - Farbe GRAU",832.5]
[24950081,"Innenhülle 0,8mm - ECKIG - 700 x 350 x 150 - Mod 3 - Farbe GRAU",749.17]
[24950082,"Innenhülle 0,8mm - ECKIG - 600 x 300 x 150 - Mod 3 - Farbe GRAU",582.5]
[25000011,"Folie 0.80 mm, Sonderanfertigung - SAND, Modell 1 - per m2",24.92]
[25000141,"INNENHÜLLE Rundbecken PVC 0,6mm ø3,00m H 150 cm - BLAU",164.58]
[25000167,"INNENHÜLLE Achtformb. PVC 0,6mm, ø5,25x3,20m, H 150cm - BLAU",276.66000000000003]
[25000243,"INNENHÜLLE Rundbecken PVC 0,6mm ø3,60m H 150 cm - BLAU",246.09]
[25000244,"INNENHÜLLE Rundbecken PVC 0,6mm ø4,00m H 150 cm - BLAU",272.98]
[25000275,"INNENHÜLLE Ovalb. PVC 0,6mm, ø6,30x3,60m, H 120 cm - BLAU",351.36]
[25000277,"ABVERKAUF - INNENHÜLLE Ovalb. PVC 0,6mm, ø6,30x3,60m, H 150 cm - BLAU",380.82]
[25000374,"INNENHÜLLE Ovalb. PVC 0,6mm, ø5,30x3,20m, H 150 cm - BLAU",273.7]
[25000375,"INNENHÜLLE Ovalb. PVC 0,6mm, ø6,23x3,60m, H 150 cm - BLAU",378.44]
[25000414,"INNENHÜLLE Ovalb. PVC 0,6mm, ø10,30x5,00m, H 150 cm - BLAU",707.71]
[25000415,"INNENHÜLLE Ovalb. PVC 0,6mm, ø10,30x5,00m, H 120 cm - BLAU",661.64]
[25000446,"INNENHÜLLE Rundbecken PVC 0,6mm ø4,60m Höhe 150 cm - BLAU",336.35]
[25000548,"INNENHÜLLE ohne Biese ø4,57 m - 0,6 mm - Farbe BLAU - Höhe 1,50m, zzgl. Transportkosten",390.85]
[25000549,"INNENHÜLLE ohne Biese ø 5, 48 m - 0,6 mm - Farbe BLAU - Höhe 1,5, zzgl. Transportkosten",514.64]
[25000550,"INNENHÜLLE ohne Biese ø 6,40 m - 0,6 mm - Farbe BLAU - Höhe 1,50, zzgl. Transportkosten",655.29999999999995]
[25000551,"INNENHÜLLE ohne Biese ø 7,31 m - 0,6 mm - Farbe BLAU - Höhe 1,50, zzgl. Transportkosten",809.78]
[25000552,"INNENHÜLLE ohne Biese ø 8,23 m - 0,6 mm - Farbe BLAU - Höhe 1,50, zzgl. Transportkosten",981.47]
[25000561,"INNENHÜLLE ohne Biese, Oval 5,48 x 3,65 m - 0,6 mm - Farbe BLAU, zzgl. Transportkosten",409.47]
[25000562,"INNENHÜLLE Achtformb. PVC 0,6mm, ø5,40 x 3,50m, H 120cm",300]
[25000563,"INNENHÜLLE ohne Biese, Oval 6,40 x 3,65 m - 0,6 mm - Farbe BLAU, zzgl. Transportkosten",462.33]
[25000564,"INNENHÜLLE ohne Biese, Oval 7,31 x 3,65 m - 0,6 mm - Farbe BLAU, zzgl. Transportkosten",514.6]
[25000565,"INNENHÜLLE ohne Biese, Oval 7,31 x 4,57 m - 0,6 mm - Farbe BLAU, zzgl. Transportkosten",596.55999999999995]
[25000566,"INNENHÜLLE ohne Biese, Oval 8,22 x 4,57 m - 0,6 mm - Farbe BLAU, zzgl. Transportkosten",656.08]
[25000567,"INNENHÜLLE ohne Biese, Oval 9,14 x 4,57 m - 0,6 mm - Farbe BLAU, zzgl. Transportkosten",716.25]
[25000582,"INNENHÜLLE Ovalb. PVC 0,6mm, ø9,16x4,60m, H 150 cm - BLAU",610.15]
[25000583,"INNENHÜLLE Ovalb. PVC 0,6mm, ø11,00x5,50m, H 150 cm - BLAU",876.03]
[25000617,"Schwimmbad-Vlies - Breite 200 cm - per lfm. (2 m2)",16.670000000000002]
[25000621,"VERTIKAL - Folieneinhängeprofil - für senkrechte Montage - L - 120 cm, weiss",19.43]
[25000623,"Spezialprofil für Stahlwand - 120 cm Länge (für Enden)",5.75]
[25000625,"Eckprofil 90° f. Betonkranz - Breite 45 mm, für Folie Modell 3, per Stk",9.92]
[25000674,"INNENHÜLLE Ovalb. PVC 0,6mm, ø5,30x3,20m, H 120 cm - BLAU",381.48]
[25000675,"INNENHÜLLE Ovalb. PVC 0,6mm, ø6,23x3,60m, H 120 cm - BLAU",349.15]
[25000682,"INNENHÜLLE Ovalb. PVC 0,6mm ø11,00x5,50m, H 120 cm - BLAU",925.43]
[25000741,"INNENHÜLLE Rundbecken PVC 0,6mm ø3,20m H 120 cm - BLAU",175.79]
[25000749,"INNENHÜLLE Rundbecken PVC 0,6mm ø5,50m Höhe 150 cm - BLAU",424.64]
[25000768,"INNENHÜLLE Achtformb. PVC 0,6mm, ø9,20x6,00m, H 120 cm - BLAU",575.79999999999995]
[25000843,"INNENHÜLLE Rundbecken PVC 0,6mm ø3,60m Höhe 90 cm - BLAU",348.5]
[25000846,"INNENHÜLLE Rundbecken PVC 0,6mm ø4,60m Höhe 120 cm - BLAU",306.93]
[25000868,"INNENHÜLLE Achtformb. PVC 0,6mm, ø8,55x5,00m, H 120 cm - BLAU",471]
[25000871,"INNENHÜLLE Achtformb. PVC 0,6mm, ø8,55x5,00m, H 150 cm - BLAU",505.63]
[25000893,"INNENHÜLLE Eckig 7,00x3,50x1,50m, PVC 0,8 mm, BLAU, Mod. 1",865.83]
[25000941,"INNENHÜLLE Rundbecken PVC 0,6mm ø3,00m H 120 cm - BLAU",156.13]
[25000942,"INNENHÜLLE Rundbecken PVC 0,6mm ø3,50m H 120 cm - BLAU",209.31]
[25000943,"INNENHÜLLE Rundbecken PVC 0,6mm ø3,60m H 120 cm - BLAU",216.45]
[25000944,"INNENHÜLLE Rundbecken PVC 0,6mm ø4,00m H 120 cm - BLAU",251.94]
[25000945,"INNENHÜLLE Rundbecken PVC 0,6mm ø4,20m H120 cm - BLAU",265.81]
[25000946,"INNENHÜLLE Rundbecken PVC 0,6mm ø4,50m Höhe 120 cm - BLAU",299.83999999999997]
[25000947,"INNENHÜLLE Rundbecken PVC 0,6mm ø5,00m Höhe 120 cm - BLAU",334.08]
[25000948,"INNENHÜLLE Rundbecken PVC 0,6mm ø6,00m Höhe 120 cm - BLAU",450.7]
[25000949,"INNENHÜLLE Rundbecken PVC 0,6mm ø5,50m Höhe 120 cm - BLAU",409.31]
[25000950,"INNENHÜLLE Rundbecken PVC 0,6mm ø6,40m Höhe 120 cm - BLAU",517.36]
[25000951,"INNENHÜLLE Rundbecken PVC 0,6mm ø7,00m Höhe 120 cm - BLAU",619.29]
[25000954,"INNENHÜLLE Rundbecken PVC 0,6mm ø8,00m Höhe 120 cm - BLAU",772.63]
[25000956,"INNENHÜLLE Rundbecken PVC 0,6mm ø4,50m Höhe 150 cm - BLAU",327.49]
[25000957,"INNENHÜLLE Rundbecken PVC 0,6mm ø5,00m Höhe 150 cm - BLAU",363.9]
[25000958,"INNENHÜLLE Rundbecken PVC 0,6mm ø6,00m Höhe 150 cm - BLAU",485.94]
[25000960,"INNENHÜLLE Rundbecken PVC 0,6mm ø8,00m Höhe 150 cm - BLAU",817.7]
[25000961,"INNENHÜLLE Rundbecken PVC 0,6mm ø7,00m Höhe 150 cm - BLAU",664.02]
[25000962,"INNENHÜLLE Achtformb. PVC 0,6mm, ø5,25x3,20m, H 120cm - BLAU",251.2]
[25000963,"INNENHÜLLE Achtformb. PVC 0,6mm, ø6,25x3,60m, H 120 cm - BLAU",303]
[25000965,"INNENHÜLLE Achtformb. PVC 0,6mm, ø7,25x4,60m, H 120 cm - BLAU",406]
[25000966,"INNENHÜLLE Achtformb. PVC 0,6mm, ø6,50x4,20m, H 120 cm - BLAU",485.92]
[25000968,"INNENHÜLLE Achtformb. PVC 0,6mm, ø7,70 x 5,00m, H 120 cm - BLAU",499.54]
[25000969,"INNENHÜLLE Achtformb. PVC 0,6mm, ø6,25x3,60m, H 150 cm - BLAU",325.24]
[25000970,"INNENHÜLLE Achtformb. PVC 0,6mm, ø6,50 x 4,20m, H 150 cm - BLAU",458.87]
[25000971,"INNENHÜLLE Achtformb. PVC 0,6mm, ø7,25x4,60m, H 150 cm - BLAU",437]
[25000974,"INNENHÜLLE Ovalb. PVC 0,6mm, ø7,00x3,00m, H 120 cm - BLAU",416.14]
[25000975,"INNENHÜLLE Ovalb. PVC 0,8mm, ø7,00x3,00m, H 120 cm - BLAU",520.17999999999995]
[25000976,"INNENHÜLLE Ovalb. PVC 0,6mm, ø7,00x3,50m, H 120 cm - BLAU",392.65]
[25000977,"INNENHÜLLE Ovalb. PVC 0,8mm, ø7,00x3,50m, H 120 cm - BLAU",540.83000000000004]
[25000978,"INNENHÜLLE Ovalb. PVC 0,6mm, ø7,37x3,60m, H 120 cm - BLAU",393.96]
[25000979,"INNENHÜLLE Ovalb. PVC 0,6mm, ø8,00x4,00m, H 120 cm - BLAU",471.21]
[25000982,"INNENHÜLLE Ovalb. PVC 0,6mm, ø9,16x4,60m, H 120 cm - BLAU",568.84]
[25000985,"INNENHÜLLE Ovalb. PVC 0,6mm, ø7,00x3,50m, H 150 cm - BLAU",424.52]
[25000986,"INNENHÜLLE Ovalb. PVC 0,6mm, ø7,37x3,60m, H 150 cm - BLAU",427.21]
[25000989,"INNENHÜLLE Ovalb. PVC 0,6mm, ø8,00x4,00m, H 150 cm - BLAU",493.8]
[25000997,"INNENHÜLLE Eckig 6,00x3,00x1,50m, PVC 0,8mm - BLAU, Mod.1",749.17]
[25000998,"INNENHÜLLE Eckig 7,00x4,00x1,50m, PVC 0,8 mm, BLAU, Mod.1",974.17]
[25000999,"INNENHÜLLE Eckig 8,00x4,00x1,50m, PVC 0,8 mm, BLAU, Mod.1",999.17]
[25001000,"INNENHÜLLE Eckig 9,00x4,00x1,50m, PVC 0,8 mm, BLAU, Mod.1",1207.5]
[25001001,"INNENHÜLLE Eckig 9,00x5,00x1,50m, PVC 0,8 mm, BLAU, Mod.1",1382.5]
[25001002,"INNENHÜLLE Eckig 10,00x5,00x1,50m, PVC 0,8 mm, BLAU, Mod.1",1249.17]
[25001009,"Folie 0.60 mm, Sonderanfertigung - BLAU, per m2, Mod. 3",16.579999999999998]
[25001010,"HIT- Folie 0.60 mm, Sonderanfertigung - BLAU, per m2, Mod. 3",19.079999999999998]
[25001011,"Folie 0.80 mm, Sonderanfertigung - BLAU, Mod. 1 - per m2",22.42]
[25001012,"Folie 0.80 mm, Sonderanfertigung - MARMORBLAU, Mod. 3, per m2",29.08]
[25001013,"Folie 1.00 mm, Sonderanfertigung - BLAU Mod. 1 - per m2",32.42]
[25001062,"INNENHÜLLE Achtformb. PVC 0,6mm, ø5,25x3,20m, H 150cm - BLAU",277.11]
[25001375,"INNENHÜLLE Ovalb. PVC 0,8mm, ø6,23x3,60m, H 150 cm - BLAU",499.17]
[25001675,"INNENHÜLLE Ovalb. PVC 0,8mm, ø6,23x3,60m, H 120 cm - BLAU",465.83]
[25001871,"INNENHÜLLE Achtformb. PVC 0,6mm, ø9,20x6,00m, H 150 cm - BLAU",613.04]
[25001878,"INNENHÜLLE Ovalb. PVC 0,8mm, ø7,00x3,50m, H 150 cm - BLAU",624.16999999999996]
[25001947,"INNENHÜLLE Rundbecken PVC 0,8mm ø5,00m H 120 cm - BLAU",374.17]
[25001948,"INNENHÜLLE Rundbecken PVC 0,8mm ø6,00m H 120 cm - BLAU",682.5]
[25001957,"INNENHÜLLE Rundbecken PVC 0,8mm ø5,00m H 150 cm - BLAU",465.83]
[25001958,"INNENHÜLLE Rundbecken PVC 0,8mm ø6,00m H 150 cm - BLAU",807.5]
[25001978,"INNENHÜLLE Ovalb. PVC 0,8mm, ø7,37x3,60m, H 120 cm - BLAU",582.5]
[25001979,"INNENHÜLLE Ovalb. PVC 0,8mm, ø8,00x4,00m, H 120 cm - BLAU",599.16999999999996]
[25001984,"INNENHÜLLE Ovalb. PVC 0,6mm, ø 9,00 x 5,00m, H 120 cm - BLAU",715.94]
[25001985,"INNENHÜLLE Ovalb. PVC 0,6mm, ø7,50x3,50m, H 150 cm - BLAU",514.78]
[25001986,"INNENHÜLLE Ovalb. PVC 0,8mm, ø7,37x3,60m, H 150 cm - BLAU",607.5]
[25001989,"INNENHÜLLE Ovalb. PVC 0,8mm, ø8,00x4,00m, H 150 cm - BLAU",665.83]
[25001992,"INNENHÜLLE Ovalb. PVC 0,6mm, ø9,00x5,00m, H 150 cm - BLAU",758.05]
[25002011,"Folie 0.80 mm, Sonderanfertigung - BLAU, Mod. 3, per m2",19.920000000000002]
[25002012,"Folie 0.80 mm, Sonderanfertigung - WEISS - Mod. 1 - per m2",26.58]
[25002013,"Folie 1,00 mm, Sonderanfertigung - BLAU Mod. 3 - per m2",29.08]
[25002030,"HIT- Folie 0.80 mm, Sonderanfertigung - BLAU, per m2, Mod. 3",19.079999999999998]
[25002035,"HIT- Folie 0.80 mm, Sonderanfertigung - HELLBLAU, per m2, Mod. 3",19.079999999999998]
[25002036,"HIT- Folie 0.80 mm, Sonderanfertigung - WEISS, per m2, Mod. 3",19.079999999999998]
[25002038,"HIT- Folie 0.80 mm, Sonderanfertigung - TÜRKIS, per m2, Mod. 3",19.079999999999998]
[25002055,"HIT- Folie 0.80 mm, Sonderanfertigung - SAND, per m2, Mod. 3",19.079999999999998]
[25002075,"HIT- Folie 0.80 mm, Sonderanfertigung - GRAU, per m2, Mod. 3",19.079999999999998]
[25002090,"HIT- Folie 0.80 mm, Sonderanfertigung - Eck-Treppe",291.67]
[25002095,"HIT- Folie - 100% Aufpreis bei Sonderformen und Tiefenteil und achteckig",0]
[25002098,"HIT- Folie 50% Aufpreis bei unterschielichen Höhen/Längen/Breiten",0]
[25002100,"HIT- Folie 0.80 mm, Sonderanfertigung - MOSAIK, per m2, Mod. 3",19.920000000000002]
[25002167,"INNENHÜLLE Knochenbecken. PVC 0,6mm, ø7,10x4,20m, H 120cm - BLAU",366.76]
[25002169,"INNENHÜLLE Knochenbecken. PVC 0,6mm, ø8,36x5,00m, H 120cm - BLAU",449.49]
[25002172,"Folieneinhängeprofil 200cm Länge - 45 mm Breit/H10 mm",6.06]
[25002182,"Klemmprofil (Kederprofil) für Folie, weiss - Menge 25 lfm",50.44]
[25002184,"Klemmprofil (Kederprofil) für Folie, weiss - Ergänzung per lfm",2.34]
[25002190,"Folieneinhängeprofil - Breite 105 mm, L= 200 cm",9.92]
[25002198,"Eckprofil 90° - Breite 105 mm, für Folie Modell 3 - per Stk",9.92]
[25002275,"INNENHÜLLE Ovalb. PVC 0,6mm, ø 5,00 x 3,00m, H 120 cm - BLAU",271.37]
[25002276,"INNENHÜLLE Ovalb. PVC 0,6mm, ø5,00x3,00m, H 150 cm - BLAU",300.87]
[25002500,"SONDERANFERTIGUNG - Folienauskleidung",0]
[25002941,"INNENHÜLLE Rundbecken PVC 0,8mm ø3,00m H 135 cm - BLAU",235.4]
[25002942,"INNENHÜLLE Rundbecken PVC 0,8mm ø3,50m H 135 cm - BLAU",287.5]
[25002943,"INNENHÜLLE Rundbecken PVC 0,8mm ø4,00 m H 135 cm - BLAU",346.27]
[25002944,"INNENHÜLLE Rundbecken PVC 0,8mm ø4,20m H 135 cm - BLAU",362.37]
[25002945,"INNENHÜLLE Rundbecken PVC 0,6mm ø4,20m H 150 cm - BLAU",300.41000000000003]
[25002946,"ABVERKAUF - INNENHÜLLE Rundbecken PVC 0,8mm ø4,50m H 135 cm - BLAU",414.12]
[25002947,"INNENHÜLLE Rundbecken PVC 0,8mm ø4,60m H 135 cm - BLAU",444.06]
[25002948,"INNENHÜLLE Rundbecken PVC 0,8mm ø5,00m H 135 cm - BLAU",482.41]
[25002949,"INNENHÜLLE Rundbecken PVC 0,8mm ø5,50m H 135 cm - BLAU",556.79999999999995]
[25002950,"INNENHÜLLE Rundbecken PVC 0,8mm ø6,00m H 135 cm - BLAU",657.05]
[25002951,"INNENHÜLLE Rundbecken PVC 0,8mm ø6,00m H 135 cm - BLAU",657.05]
[25002952,"INNENHÜLLE Rundbecken PVC 0,8mm ø7,00m H 135 cm - BLAU",800.97]
[25002953,"INNENHÜLLE Rundbecken PVC 0,8mm ø8,00m H 135 cm - BLAU",986.36]
[25002979,"INNENHÜLLE Ovalb. PVC 0,6mm, ø8,20x4,20m, H 120 cm - BLAU",591.89]
[25002985,"INNENHÜLLE Ovalb. PVC 0,6mm, ø7,50x3,50m, H 120 cm - BLAU",486.49]
[25002998,"INNENHÜLLE Eckig 7,00x4,00x1,50m, PVC 0,8 mm, SAND, Mod.3",832.5]
[25002999,"INNENHÜLLE Eckig 8,00x4,00x1,50m, PVC 0,8 mm, SAND, Mod.3",874.17]
[25003000,"INNENHÜLLE Eckig 9,00x4,00x1,50m, PVC 0,8 mm, SAND, Mod.3",999.17]
[25003001,"Vlies weiss 300 gr./m2 (50 lfm/ H165 =82,5m2)",249.17]
[25003002,"Vlies weiss 300 gr./m2 (50 lfm/ H200 =100 m2)",290.83]
[25003011,"Folie 0.80 mm, STARLINER Sonderanfertigung - DEEP SEA BLUE, Mod. 3, per m2",34.92]
[25003012,"Folie 0.80 mm, Sonderanfertigung - MARMORBLAU, Mod. 1 - per m2",33.25]
[25003243,"INNENHÜLLE Rundbecken PVC 0,6mm ø3,50m H 150 cm - BLAU",238.34]
[25003311,"Folie 0.80 mm, Sonderanfertigung - SAND, Modell 3 - per m2",21.58]
[25003374,"INNENHÜLLE Ovalb. PVC 0,8mm, ø5,30x3,20m, H 150 cm - BLAU",415.83]
[25003380,"INNENHÜLLE Ovalb. PVC 0,8mm, ø5,30x3,20m, H 120 cm, BLAU",332.5]
[25003503,"Innenhülle / Rundbecken d= 3,50 m, h= 1,50 m, Folie 0,8 mm, SAND",334.38]
[25003507,"Innenhülle / Rundbecken d= 3,50 m, h= 1,20 m, Folie 0,8 mm, SAND",296.02]
[25003942,"INNENHÜLLE Rundbecken PVC 0,6mm ø3,50m H 90 cm - BLAU",214.8]
[25003997,"INNENHÜLLE Eckig 6,00x3,00x1,50m, PVC 0,8 mm, SAND, Mod.3",582.5]
[25004000,"INNENHÜLLE Eckig 9,00x4,00x1,50m, PVC 0,8mm, BLAU, Mod.3",977.47]
[25004001,"INNENHÜLLE Eckig 9,00x5,00x1,50m, PVC 0,8 mm, BLAU, Mod.3",1065.83]
[25004002,"INNENHÜLLE Eckig 10,00x5,00x1,50m, PVC 0,8 mm, BLAU, Mod.3",1082.5]
[25004003,"Innenhülle / Rundbecken d= 4,00 m, h= 1,50 m, Folie 0,8 mm, SAND",405.42]
[25004004,"INNENHÜLLE Eckig 6,00x3,00x1,50m, PVC 1,0mm - BLAU, Mod.1",915.83]
[25004005,"INNENHÜLLE Eckig 7,00x3,50x1,50m, PVC 1,0mm, BLAU, Mod.1",1082.5]
[25004006,"INNENHÜLLE Eckig 8,00x4,00x1,50m, PVC 1,0 mm, BLAU, Mod.1",1390.83]
[25004007,"Innenhülle / Rundbecken d= 4,00 m, h= 1,20 m, Folie 0,8 mm - SAND",361.58]
[25004009,"Folie 0.60 mm, Sonderanfertigung - FLORIDABLAU, Mod. 1 - per m2",18.25]
[25004011,"Folie 0.80 mm, STARLINER Sonderanfertigung - DEEP SEA BLUE, Mod. 1 - per m2",37.42]
[25004012,"Folie 0.80 mm, Sonderanfertigung - WEISS, Mod. 3, per m2,",24.08]
[25004203,"Innenhülle / Rundbecken d= 4,20 m, h= 1,50 m, Folie 0,8 mm, SAND",435.48]
[25004207,"Innenhülle / Rundbecken d= 4,20 m, h= 1,20 m, Folie 0,8 mm - SAND",389.44]
[25004311,"INNENHÜLLE Ovalb. PVC 0,8mm, ø 5,30x3,20m, H 120 cm - SAND",495]
[25004411,"Folie 0.80 mm, 38 Grad beständig - FLORIDABLAU, Modell 1",34.92]
[25004412,"Folie 0.80 mm, Sonderanfertigung - MARMORWEISS, Mod. 3, per m2,",33.25]
[25004450,"Folie 0.80 mm, 38 Grad beständig - FLORIDABLAU, Modell 3",33.25]
[25004503,"Innenhülle / Rundbecken d= 4,50 m, h= 1,50 m, Folie 0,8 mm, SAND",482.3]
[25004504,"INNENHÜLLE Eckig 6,00x3,00x1,50m, PVC 1,0mm - BLAU, Mod.3",938.02]
[25004507,"Innenhülle / Rundbecken d= 4,50 m, h= 1,20 m, Folie 0,8 mm - SAND",432.96]
[25004670,"INNENHÜLLE Ovalb. PVC 0,6mm, ø 4,50 x 3,00m, H 120 cm - BLAU",260.54000000000002]
[25004675,"INNENHÜLLE Ovalb. PVC 0,6mm, ø 4,90 x 3,00m, H 120 cm - BLAU",267.68]
[25004720,"Reparatur-Set für Schwimmbecken-Folie aus PVC",11.58]
[25004812,"Folienkleber 170 gr. - Dose mit Pinsel",20.75]
[25004813,"Nahtversiegelung Folie - Tube 38 gr.",8.25]
[25004893,"INNENHÜLLE Eckig 7,00x3,50x1,50m, PVC 0,8 mm, BLAU, Mod.3",665.83]
[25004942,"INNENHÜLLE Rundbecken PVC 0,6mm ø3,50m H 105 cm - BLAU",214.86]
[25004944,"INNENHÜLLE Rundbecken PVC 0,6mm ø4,00m H 90 cm - BLAU",254.02]
[25004946,"INNENHÜLLE Rundbecken PVC 0,6mm ø4,50m Höhe 90 cm - BLAU",302.45]
[25004985,"INNENHÜLLE Ovalb. PVC 0,6mm, ø7,00x3,00m, H 150 cm - BLAU",439.98]
[25004997,"INNENHÜLLE Eckig 6,00x3,00x1,50m, PVC 0,8mm - BLAU, Mod.3",532.5]
[25004998,"INNENHÜLLE Eckig 7,00x4,00x1,50m, PVC 1,0 mm, BLAU, Mod.1",1269.42]
[25004999,"INNENHÜLLE Eckig 8,00x4,00x1,50m, PVC 0,8 mm, BLAU, Mod.3",790.83]
[25005000,"INNENHÜLLE Eckig 9,00x4,00x1,50m, PVC 1,0 mm, BLAU, Mod.1",1550.85]
[25005001,"INNENHÜLLE Eckig 9,00x5,00x1,50m, PVC 1,0 mm, BLAU, Mod.1",1832.5]
[25005002,"INNENHÜLLE Eckig 10,00x5,00x1,50m, PVC 1,0 mm, BLAU, Mod. 1",1904.82]
[25005003,"Innenhülle / Rundbecken d= 5,00 m, h= 1,50 m, Folie 0,8 mm, SAND",564.98]
[25005005,"INNENHÜLLE Eckig 7,00x3,50x1,50m, PVC 1,0 mm, BLAU, Mod. 3",1085.46]
[25005007,"Innenhülle / Rundbecken d= 5,00 m, h= 1,20 m, Folie 0,8 mm - SAND",510.16]
[25005011,"Folie 0.80 mm, Sonderanfertigung - HELLBLAU, Modell 3 - per m2",22.42]
[25005012,"Folie 0.80 mm, Sonderanfertigung - MARMORWEISS - Mod. 1 - per m2",37.42]
[25005020,"ABVERKAUF - Innenhülle Rundbecken 350 cm DM Höhe 120 - 0,8 mm Farbe Mosaik SAND, EB",249.17]
[25005081,"ABVERKAUF - BAV- Folie 0.80 mm, Sonderanfertigung - BLAU 900x 350x150 Vers.1 ECKIG",610]
[25005085,"ABVERKAUF - Sicherheitsnetz Trapez - 1240 - Breiten: 630 und 457 cm",4887]
[25005087,"ABVERKAUF - Aufblasbare Haube 450 x 300 cm Rand 50 cm - Blau",332.5]
[25005090,"ABVERKAUF - Innenhülle 0,6 mm BLAU zu WEKA Korsika1/CAPRI",166.67]
[25005105,"ABVERKAUF - PHP - Wärmepumpe 33 KW",2666.67]
[25005120,"Schutzvlies weiss 300 gr./m2 (10 lfm/ H200 =20 m2)",65.83]
[25005121,"Schutzvlies weiss 300 gr./m2 (15 lfm/ H200 =30 m2)",90.83]
[25005122,"Schutzvlies weiss 300 gr./m2 (20 lfm/ H200 =40 m2)",124.17]
[25005123,"Schutzvlies weiss 300 gr./m2 (25 lfm/ H200 =50 m2)",149.16999999999999]
[25005130,"ABVERKAUF - GEOBUBBLE 775 x 275 cm",106.67]
[25005253,"INNENHÜLLE Achtformb. PVC 0,8mm, ø5,25 x 3,20m, H 150cm - SAND",538.16]
[25005257,"INNENHÜLLE Achtformb. PVC 0,8mm, ø5,25 x 3,20m, H 120cm - SAND",453.72]
[25005403,"INNENHÜLLE Achtformb. PVC 0,8mm, ø5,40 x 3,50m, H 150cm - SAND",503.44]
[25005407,"INNENHÜLLE Achtformb. PVC 0,8mm, ø5,40 x 3,50m, H 120cm - SAND",475.5]
[25005450,"Aufpreis für Mindermenge unter 20 m2 Folien Sonderanfertigung",57.5]
[25005503,"Innenhülle / Rundbecken d= 5,50 m, h= 1,50 m, Folie 0,8 mm, SAND",653.47]
[25005507,"Innenhülle / Rundbecken d= 5,50 m, h= 1,20 m, Folie 0,8 mm - SAND",593.17999999999995]
[25005515,"INNENHÜLLE Ovalb. PVC 0,6mm, ø 12,00 x 6,00m, H 120 cm - BLAU",907.95]
[25005516,"INNENHÜLLE Ovalb. PVC 0,6mm, ø12,00x6,00m, H 150 cm - BLAU",993.07]
[25005675,"INNENHÜLLE Ovalb. PVC 0,8mm, ø4,90x3,00m, H 120 cm - BLAU",390.83]
[25005676,"INNENHÜLLE Ovalb. PVC 0,8mm, ø4,90x3,00m, H 150 cm - BLAU",424.17]
[25005784,"Aufpreis KEILBIESE 10%",48.8]
[25005812,"PVC- Folienstück blau, zur Reparatur - ca. 1 m2",29.08]
[25005813,"PVC- Folienstück SAND, zur Reparatur - ca. 1 m2",29.08]
[25005890,"ABVERKAUF - Rollabdeckplane 400 x 300 (440x340) + röm. Poly 75x 190 Hellblau",408.33]
[25005891,"ABVERKAUF - Rollabdeckplane 500x250 (540x290) - Blau",894]
[25005944,"INNENHÜLLE Rundbecken PVC 0,6mm ø4,00m H 105 cm - BLAU",251.34]
[25005946,"INNENHÜLLE Rundbecken PVC 0,6mm ø4,50m Höhe 105 cm - BLAU",298.56]
[25005979,"INNENHÜLLE Ovalb. PVC 0,6mm, ø8,20x4,20m, H 150 cm - BLAU",652.32000000000005]
[25005998,"INNENHÜLLE Eckig 7,00x4,00x1,50m, PVC 0,8 mm, BLAU, Mod.3",707.5]
[25006003,"Innenhülle / Rundbecken d= 6,00 m, h= 1,50 m, Folie 0,8 mm, SAND",747.79]
[25006006,"INNENHÜLLE Eckig 8,00x4,00x1,50m, PVC 1,0 mm, BLAU, Mod.3",1338.1]
[25006007,"Innenhülle / Rundbecken d= 6,00 m, h= 1,20 m, Folie 0,8 mm - SAND",682.03]
[25006010,"HIT- Folie 0.60 mm, Sonderanfertigung - BLAU, per m2, Mod. 1",19.079999999999998]
[25006011,"Folie 0.80 mm, Sonderanfertigung - TÜRKIS, Mod. 1 - per m2",24.92]
[25006030,"HIT- Folie 0.80 mm, Sonderanfertigung - BLAU, per m2, Mod. 1",22.42]
[25006035,"HIT- Folie 0.80 mm, Sonderanfertigung - HELLBLAU, per m2, Mod. 1",22.42]
[25006036,"HIT- Folie 0.80 mm, Sonderanfertigung - WEISS, per m2, Mod. 1",22.42]
[25006038,"HIT- Folie 0.80 mm, Sonderanfertigung - TÜRKIS, per m2, Mod. 1",22.42]
[25006253,"INNENHÜLLE Achtformb. PVC 0,8mm, ø6,25 x 3,60m, H 150cm - SAND",663.69]
[25006257,"INNENHÜLLE Achtformb. PVC 0,8mm, ø6,25 x 3,60m, H 120cm - SAND",584]
[25006303,"INNENHÜLLE Ovalb. PVC 0,8mm, ø 6,30x3,60m, H 150 cm - SAND",627]
[25006304,"INNENHÜLLE Ovalb. PVC 0,8mm, ø 6,00x3,00m, H 150 cm - SAND",627]
[25006307,"INNENHÜLLE Ovalb. PVC 0,8mm, ø 6,30x3,60m, H 120 cm - SAND",569.26]
[25006311,"INNENHÜLLE Ovalb. PVC 0,8mm, ø 5,30x3,20m, H 150 cm - SAND",525]
[25006411,"Folie 0.80 mm, 38 Grad beständig - HELLBLAU, Modell 1 - per m2",28.25]
[25006450,"Folie 0.80 mm, 38 Grad beständig - HELLBLAU, Modell 3 - per m2",24.92]
[25006503,"INNENHÜLLE Achtformb. PVC 0,8mm, ø6,50 x 4,20m, H 150cm - SAND",751.32]
[25006507,"INNENHÜLLE Achtformb. PVC 0,8mm, ø6,50 x 4,20m, H 120cm - SAND",627.04]
[25006813,"Desinfektionsmittel für den Untergrund 1000 ml - (Vlies)",42.75]
[25006867,"INNENHÜLLE Achtformb. PVC 0,8mm, ø9,20 x 6,00m, H 150 cm - BLAU",1082.5]
[25006868,"INNENHÜLLE Achtformb. PVC 0,8mm, ø9,20 x 6,00m, H 120 cm - BLAU",829.88]
[25006893,"INNENHÜLLE Eckig 7,00x3,50x1,50m, PVC 0,8 mm, SAND, Mod.3",665.83]
[25006942,"INNENHÜLLE Rundbecken PVC 0,8mm ø3,50m H 120 cm - BLAU",249.17]
[25006943,"INNENHÜLLE Rundbecken PVC 0,8mm ø3,50m H 150 cm - BLAU",399.17]
[25006947,"INNENHÜLLE Rundbecken PVC 0,8mm ø5,50m H 120 cm - BLAU",540.83000000000004]
[25006948,"INNENHÜLLE Rundbecken PVC 0,8mm ø5,50m H 150 cm - BLAU",665.83]
[25007001,"INNENHÜLLE Eckig 9,00x5,00x1,50m, PVC 0,8 mm, SAND, Mod.3",1149.17]
[25007003,"Innenhülle / Rundbecken d= 7,00 m, h= 1,50 m, Folie 0,8 mm - SAND",953.89]
[25007007,"Innenhülle / Rundbecken d= 7,00 m, h= 1,20 m, Folie 0,8 mm - SAND",877.15]
[25007011,"Folie 0.80 mm, Sonderanfertigung - HELLBLAU, Mod. 1 - per m2",24.92]
[25007033,"INNENHÜLLE Ovalb. PVC 0,8mm, ø 7,00x3,50m, H 150 cm - SAND",647.22]
[25007037,"INNENHÜLLE Ovalb. PVC 0,8mm, ø 7,00x3,50m, H 120 cm - SAND",687.34]
[25007253,"INNENHÜLLE Achtformb. PVC 0,8mm, ø7,25 x 4,60m, H 150cm - SAND",856.36]
[25007257,"INNENHÜLLE Achtformb. PVC 0,8mm, ø7,25 x 4,60m, H 120cm - SAND",765]
[25007403,"INNENHÜLLE Ovalb. PVC 0,8mm, ø 7,37x3,60m, H 150 cm - SAND",698]
[25007407,"INNENHÜLLE Ovalb. PVC 0,8mm, ø 7,37x3,60m, H 120 cm - SAND",614.24]
[25007533,"INNENHÜLLE Ovalb. PVC 0,8mm, ø 7,50x3,50m, H 150 cm - SAND",710.54]
[25007537,"INNENHÜLLE Ovalb. PVC 0,8mm, ø 7,50x3,50m, H 120 cm - SAND",671.49]
[25007703,"INNENHÜLLE Achtformb. PVC 0,8mm, ø7,70 x 5,00m, H 150cm - SAND",902.86]
[25007707,"INNENHÜLLE Achtformb. PVC 0,8mm, ø7,70 x 5,00m, H 120cm - SAND",817.92]
[25007720,"Reparatur-Set für PVC Schwimmbecken-Folie - inkl. Kleber",5.75]
[25007963,"INNENHÜLLE Achtformb. PVC 0,8mm, ø6,25x3,60m, H 120 cm - BLAU",499.17]
[25007964,"INNENHÜLLE Achtformb. PVC 0,8mm, ø6,25x3,60m, H 150 cm - BLAU",549.16999999999996]
[25008001,"INNENHÜLLE Eckig 9,00x5,00x1,50m, PVC 1,0 mm, BLAU, Mod.3",1803.94]
[25008002,"INNENHÜLLE Eckig 10,00x5,00x1,50m, PVC 1,0 mm, BLAU, Mod. 3",1853.36]
[25008003,"INNENHÜLLE Ovalb. PVC 0,8mm, ø 8,00x4,00m, H 150 cm - SAND",766.34]
[25008007,"INNENHÜLLE Ovalb. PVC 0,8mm, ø 8,00x4,00m, H 120 cm - SAND",705.26]
[25008011,"Folie 0.80 mm, Sonderanfertigung - TÜRKIS, per m2, Mod. 3",22.42]
[25008020,"BORDÜRE - angeschweißt. Einzelfertigung. Breite 24 cm - 0,8 mm Stärke, per LFM",8.83]
[25008055,"HIT- Folie 0.80 mm, Sonderanfertigung - SAND, per m2, Mod. 1",22.42]
[25008075,"HIT- Folie 0.80 mm, Sonderanfertigung - GRAU, per m2, Mod. 1",22.42]
[25008100,"HIT- Folie 0.80 mm, Sonderanfertigung - MOSAIK, per m2, Mod. 1",22.42]
[25008203,"INNENHÜLLE Ovalb. PVC 0,8mm, ø 8,20x4,20m, H 150 cm - SAND",856.66]
[25008207,"INNENHÜLLE Ovalb. PVC 0,8mm, ø 8,20x4,20m, H 120 cm - SAND",816.96]
[25008547,"INNENHÜLLE ohne Biese ø 3,65 m - 0,8 mm - Farbe BLAU - Höhe 1,5, zzgl. Transportkosten",358.85]
[25008548,"INNENHÜLLE ohne Biese ø 4,57 m - 0,8 mm - Farbe BLAU - Höhe 1,5, zzgl. Transportkosten",540.75]
[25008549,"INNENHÜLLE ohne Biese ø 5,48 m - 0,8 mm - Farbe BLAU - Höhe 1,5, zzgl. Transportkosten",656.69]
[25008550,"INNENHÜLLE ohne Biese ø 6,40 m - 0,8 mm - Farbe BLAU - Höhe 1,5, zzgl. Transportkosten",836.18]
[25008551,"INNENHÜLLE ohne Biese ø 7,31 m - 0,8 mm - Farbe BLAU - Höhe 1,5, zzgl. Transportkosten",1033.31]
[25008553,"INNENHÜLLE Achtformb. PVC 0,8mm, ø8,55 x 5,00m, H 150cm - SAND",1102.3599999999999]
[25008557,"INNENHÜLLE Achtformb. PVC 0,8mm, ø8,55 x 5,00m, H 120cm - SAND",962.28]
[25008675,"INNENHÜLLE Ovalb. PVC 0,6mm, ø4,90x3,00m, H 150 cm - BLAU",296.83999999999997]
[25008761,"INNENHÜLLE Achtformb. PVC 0,6mm, ø4,70 x 3,00m, H 120cm - BLAU",238.56]
[25008812,"Folie 0.80 mm, Sonderanfertigung - MOSAIK BLAU, Modell 3 - per m2",30.75]
[25008815,"Folie 0.75 mm, Sonderanfertigung - SILBER, Modell 3 - per m2",25.75]
[25008816,"Folie 0.75 mm, Sonderanfertigung - DUNKELGRAU, Modell 3 - per m2",27.42]
[25008820,"Folie 0.80 mm, Sonderanfertigung - MOSAIK BLAU, Modell 1 - per m2",34.08]
[25008825,"Folie 0.75 mm, Sonderanfertigung - SILBER, Modell 1 - per m2",29.08]
[25008826,"Folie 0.75 mm, Sonderanfertigung - DUNKELGRAU, Modell 1 - per m2",25.75]
[25008880,"Abzug -17% für \"BLAU\" Folien bis 120 cm Höhe (0,6 und 0,8 mm)",0]
[25008885,"Fertigung STANDARD Folie 0,8 mm >120 < 150 cm (Berechnungshöhe)",0]
[25008890,"Aufpreis +35% für Folien Höhe ab 150 >180 cm",147.80000000000001]
[25008895,"Aufpreis +70% für Folien Höhe ab 181 >210cm",170]
[25008943,"INNENHÜLLE Rundbecken PVC 0,8mm ø3,60m H 120 cm - BLAU",357.5]
[25008944,"INNENHÜLLE Rundbecken PVC 0,8mm ø3,60m H 150 cm - BLAU",307.62]
[25008945,"INNENHÜLLE Rundbecken PVC 0,8mm ø4,20m H 120 cm - BLAU",465.83]
[25008946,"INNENHÜLLE Rundbecken PVC 0,8mm ø4,20m H 150 cm - BLAU",375.51]
[25008950,"INNENHÜLLE Rundbecken PVC 0,6mm ø6,40m Höhe 150 cm - BLAU",554.95000000000005]
[25008962,"INNENHÜLLE Achtformb. PVC 0,8mm, ø5,40x3,50m, H 120cm - BLAU",449.17]
[25008963,"INNENHÜLLE Achtformb. PVC 0,8mm, ø5,40x3,50m, H 150cm - BLAU",449.17]
[25008998,"INNENHÜLLE Eckig 7,00x4,00x1,50m, PVC 1,0 mm, BLAU, Mod.3",1217.3399999999999]
[25009000,"INNENHÜLLE Eckig 9,00x4,00x1,50m, PVC 1,0 mm, BLAU, Mod.3",1499.17]
[25009002,"INNENHÜLLE Eckig 10,00x5,00x1,50m, PVC 0,8 mm, SAND, Mod.3",1249.17]
[25009121,"Vlies RUNDPOOL 300 gr./m2 (15 lfm/ H165)",74.17]
[25009203,"INNENHÜLLE Ovalb. PVC 0,8mm, ø 9,16x4,60m, H 150 cm - SAND",1058.4000000000001]
[25009207,"INNENHÜLLE Ovalb. PVC 0,8mm, ø 9,16x4,60m, H 120 cm - SAND",955.8]
[25009275,"INNENHÜLLE Ovalb. PVC 0,8mm, ø6,30x3,60m, H 120 cm - BLAU",499.17]
[25009276,"INNENHÜLLE Ovalb. PVC 0,8mm, ø6,30x3,60m, H 150 cm - BLAU",540.83000000000004]
[25009331,"Vlies OVALPOOL 300 gr./m2 (25 lfm/ H165)",107.5]
[25009547,"INNENHÜLLE ohne Biese ø 3,65 m - 0,8 mm - Farbe SAND - Höhe 1,50m, zzgl. Transportkosten",389.12]
[25009548,"INNENHÜLLE ohne Biese ø 4,57 m - 0,8 mm - Farbe SAND - Höhe 1,50m, zzgl. Transportkosten",540.79999999999995]
[25009549,"INNENHÜLLE ohne Biese ø 5,48 m - 0,8 mm - Farbe SAND - Höhe 1,50m, zzgl. Transportkosten",712.08]
[25009550,"INNENHÜLLE ohne Biese ø 6,40 m - 0,8 mm - Farbe SAND - Höhe 1,50m, zzgl. Transportkosten",906.72]
[25009551,"INNENHÜLLE ohne Biese ø 7,31 m - 0,8 mm - Farbe SAND - Höhe 1,50m",1120.46]
[25009561,"INNENHÜLLE ohne Biese, Oval 5,48 x 3,65 m - 0,8 mm - Farbe SAND, zzgl. Transportkosten",566.55999999999995]
[25009563,"INNENHÜLLE ohne Biese, Oval 6,40 x 3,65 m - 0,8 mm - Farbe SA , zzgl. Transportkosten",639.71]
[25009564,"INNENHÜLLE ohne Biese, Oval 7,31 x 3,65 m - 0,8 mm - Farbe SAND, zzgl. Transportkosten",712.06]
[25009565,"INNENHÜLLE ohne Biese, Oval 7,31 x 4,57 m - 0,8 mm - Farbe SAND, zzgl. Transportkosten",825.45]
[25009682,"INNENHÜLLE Ovalb. PVC 0,8mm, ø11,00x5,50m, H 120 cm - BLAU",791.63]
[25009683,"INNENHÜLLE Ovalb. PVC 0,8mm, ø11,00x5,50m, H 150 cm - BLAU",879.28]
[25009761,"INNENHÜLLE Achtformb. PVC 0,8mm, ø4,70 x 3,00m, H 120cm - BLAU",382.5]
[25009762,"INNENHÜLLE Achtformb. PVC 0,8mm, ø4,70 x 3,00m, H 150cm - BLAU",415.83]
[25009815,"Folie 0.75 mm, Sonderanfertigung - SAND / METALLIC - Modell 3 - per m2",25.75]
[25009825,"Folie 0.75 mm, Sonderanfertigung - SAND / METALLIC - Modell 1 - per m2",28.25]
[25009846,"INNENHÜLLE Rundbecken PVC 0,8mm ø4,60m H 120 cm - BLAU",499.17]
[25009847,"INNENHÜLLE Rundbecken PVC 0,8mm ø4,60m H 150 cm - BLAU",557.5]
[25009868,"INNENHÜLLE Achtformb. PVC 0,8mm, ø8,55x5,00m, H 120 cm - BLAU",807.5]
[25009869,"INNENHÜLLE Achtformb. PVC 0,8mm, ø8,55x5,00m, H 150 cm - BLAU",857.5]
[25009941,"INNENHÜLLE Rundbecken PVC 0,8mm ø3,00m H 120 cm - BLAU",282.5]
[25009942,"INNENHÜLLE Rundbecken PVC 0,8mm ø3,00m H 150 cm - BLAU",332.5]
[25009944,"INNENHÜLLE Rundbecken PVC 0,8mm ø4,00m H 120 cm - BLAU",265.83]
[25009945,"INNENHÜLLE Rundbecken PVC 0,8mm ø4,00m H 150 cm - BLAU",457.5]
[25009946,"INNENHÜLLE Rundbecken PVC 0,8mm ø4,50m H 120 cm - BLAU",332.5]
[25009947,"INNENHÜLLE Rundbecken PVC 0,8mm ø4,50m H 150 cm - BLAU",415.83]
[25009951,"INNENHÜLLE Rundbecken PVC 0,8mm ø7,00m H 120 cm - BLAU",815.83]
[25009952,"INNENHÜLLE Rundbecken PVC 0,8mm ø7,00m H150 cm - BLAU",865.83]
[25009954,"INNENHÜLLE Rundbecken PVC 0,8mm ø8,00m H 120 cm - BLAU",999.17]
[25009955,"INNENHÜLLE Rundbecken PVC 0,8mm ø8,00m H 150 cm - BLAU",1082.5]
[25009961,"INNENHÜLLE Achtformb. PVC 0,8mm, ø7,25x4,60m, H 150 cm - BLAU",724.17]
[25009962,"INNENHÜLLE Achtformb. PVC 0,8mm, ø5,25x3,20m, H 120cm - BLAU",415.83]
[25009963,"INNENHÜLLE Achtformb. PVC 0,8mm, ø5,25x3,20m, H 150cm - BLAU",410.85]
[25009965,"INNENHÜLLE Achtformb. PVC 0,8mm, ø7,25x4,60m, H 120 cm - BLAU",665.83]
[25009966,"INNENHÜLLE Achtformb. PVC 0,8mm, ø6,50 x 4,20m, H 120 cm - BLAU",615.83000000000004]
[25009967,"INNENHÜLLE Achtformb. PVC 0,8mm, ø6,50 x 4,20m, H 150 cm - BLAU",657.5]
[25009968,"INNENHÜLLE Achtformb. PVC 0,8mm, ø7,70x5,00m, H 120 cm - BLAU",749.17]
[25009969,"INNENHÜLLE Achtformb. PVC 0,8mm, ø7,70x5,00m, H 150 cm - BLAU",799.17]
[25009979,"INNENHÜLLE Ovalb. PVC 0,8mm, ø8,20x4,20m, H 150 cm - BLAU",715.25]
[25009980,"INNENHÜLLE Ovalb. PVC 0,8mm, ø8,20x4,20m, H 120 cm - BLAU",696.34]
[25009982,"INNENHÜLLE Ovalb. PVC 0,8mm, ø9,16x4,60m, H 120 cm - BLAU",807.5]
[25009983,"INNENHÜLLE Ovalb. PVC 0,8mm, ø9,16x4,60m, H 150 cm - BLAU",874.17]
[25101950,"Gewebefolie (1,5 mm) - Ausgleichsbehälter High Level Pool per m2 - UNI Farbe",55]
[25101951,"Gewebefolie (1,5 mm) - Personalkosten bei Hin- u. Rückfahrt - 2 Pers, per 100 KM.",90]
[25101993,"Gewebefolie (1,5 mm) - Verlegung mit ALKORPLAN - TOUCH / VOGUE / CERAMIC",109]
[25101995,"Gewebefolie (1,5 mm) - Verlegung mit ALKORPLAN 2000",55]
[25101996,"Gewebefolie (1,5mm) - Verlegung mit ALKORPLAN 3000 - MOSAIK Serie",89]
[25101998,"Gewebefolie - Verlegung - Stufen gerade Kante - bis 250 cm Breit",175]
[25101999,"Gewebefolie - Verlegung - Römer Stufe - bis 250 cm Breite",200]
[25102000,"Gewebefolie - Verlegung - Stufe gerade Kante - über 250 cm Breit",225]
[25102001,"Gewebefolie - Verlegung - Römer Stufe - über 250 cm Breite",245]
[25102002,"Gewebefolie - Verlegung - Einkleiden der Überlaufrinne",130]
[25102003,"Gewebefolie - Verlegung - Einbauteile einbinden",12]
[25102004,"Anfahrtsspesen - für Gewebefolienverlegung",0.9]
[25102005,"Gewebefolie - Verlegung - Sitz-/ Massagebank bis 250 cm",250]
[25102006,"Gewebefolie - Regiestunden",66.67]
[25102007,"Technikverrohrung Filteranlage im Filterschacht (nur bei Gewebefolienmontage)",650]
[25102008,"Gewebefolie - Aufpreis für Freiformbecken bis 65 m2",550]
[25102010,"Technikeinbau je (z.B Gegenstromanlage, Salzanlage, pH-Regelung)",115]
[25102012,"Folienapplikation STERN 250 cm - inkl. Montage",425]
[25102014,"Gewebefolie (1,5 mm) - Verlegung mit ALKORPLAN Xtreme",82.9]
[25102027,"U- Blech 40x40x 40 mm - Folienbeschichtet - bei Überlaufrinne - 2 Meter Länge",40.83]
[25102028,"Mehrkosten *35 m2 pro Rolle Verlegungsfläche - bei Touch, Mosaik und Xtreme",55]
[25102095,"Gewebefolie (1,5 mm) - Verlegung ohne Material",30.83]
[25102096,"Aufpreis Gewebefolie (1,5 mm) - Mindermenge unter 45 m2 Fläche - per m2",55]
[25102097,"DE - Nächtigungspauschale (bei Stufenverlegung) bei Gewebefolienverlegung",300]
[25102510,"Verlegung und Verrechnung erfolgt durch unsere Partner! Nach Bestellung - senden wir ihnen die konkreten Angaben!",0]
[25105023,"Quellschweißmittel (Tetrahydrofuran) 1 ltr.",33.25]
[25105025,"Folienbeschichteter Blechwinkel 20 x 80 x 2000 mm - außen",16.579999999999998]
[25105026,"Folienbeschichteter Blechwinkel 50 x 50 x 2000 mm - außen",16.579999999999998]
[25105027,"Folienbeschichteter Blechwinkel 50 x 50 x 2000 mm - innen",16.579999999999998]
[25105028,"Folienbeschichteter Blech 50 x 2000 mm - außen",8.25]
[25105080,"Sprühkleber für Vlies - hohe Sofortklebekraft",19.920000000000002]
[25108000,"Gewebefolie - Verlegung - Stufe gerade Kante - über 250 cm Breit - SETKAUF",245]
[25108001,"Gewebefolie - Verlegung - Römer Stufe - über 250 cm Breite - SETKAUF",245]
[25108002,"Gewebefolie - Verlegung - Einkleiden der Überlaufrinne - SETKAUF",130]
[25108003,"Gewebefolie - Verlegung - Einbauteile einbinden - SETKAUF",12]
[25108004,"Anfahrtsspesen - für Gewebefolienverlegung - SETKAUF",0.9]
[25108005,"Gewebefolie - Verlegung - Sitz-/ Massagebank bis 250 cm - SETKAUF",250]
[25108006,"Gewebefolie mit Verlegung - zusätzliche Regiestunden - SETKAUF",62.5]
[25108007,"Technikverrohrung Filteranlage im Filterschacht (nur bei Gewebefolienmontage) - SETKAUF",650]
[25108008,"Gewebefolie - Aufpreis für Freiformbecken bis 65 m2 - SETKAUF",550]
[25108010,"Technikeinbau je (z.B Gegenstromanlage, Salzanlage, pH-Regelung) - SETKAUF",115]
[25108012,"Folienapplikation STERN 250 cm - inkl. Montage - SETKAUF",387.5]
[25108014,"Gewebefolie (1,5 mm) - Verlegung mit ALKORPLAN Xtreme - SETKAUF",82.9]
[25108028,"Mehrkosten *35 m2 pro Rolle Verlegungsfläche - bei Touch, Mosaik und Xtreme - SETKAUF",55]
[25108095,"Gewebefolie (1,5 mm) - Verlegung ohne Material - SETKAUF",28]
[25108096,"Aufpreis Gewebefolie (1,5 mm) - Mindermenge unter 45 m2 Fläche - per m2 - SETKAUF",55]
[25108950,"Gewebefolie (1,5 mm) - Ausgleichsbehälter High Level Pool per m2 - UNI Farbe - SETKAUF",55]
[25108993,"Gewebefolie (1,5 mm) - Verlegung mit ALKORPLAN - TOUCH / VOGUE / CERAMIC",109]
[25108995,"Gewebefolie (1,5 mm) - Verlegung mit ALKORPLAN 2000 - SETKAUF",55]
[25108996,"Gewebefolie (1,5mm) - Verlegung mit ALKORPLAN 3000 - MOSAIK Serie - SETKAUF",89]
[25108998,"Gewebefolie - Verlegung - Stufen gerade Kante - bis 250 cm Breit - SETKAUF",175]
[25108999,"Gewebefolie - Verlegung - Römer Stufe - bis 250 cm Breite - SETKAUF",200]
[25109955,"2 - 4 Wochen",0.83]
[25110001,"Standard Alkorplan - adriablau - 1,65 - 25 lfm - 41,25m2",1091.75]
[25110002,"Standard Alkorplan - adriablau - 2,05 - 25 lfm - 51,25m2",944]
[25110003,"Standard Alkorplan - hellblau - 1,65 - 25 lfm - 41,25m2",1091.75]
[25110004,"Standard Alkorplan - hellblau - 2,05 - 25 lfm - 51,25m2",944]
[25110005,"Standard Alkorplan - weiß - 1,65 - 25 lfm - 41,25m2",1059.42]
[25110006,"Standard Alkorplan - weiß - 2,05 - 25 lfm - 51,25m2",915.83]
[25110010,"Alkorplan 2000 - adriablau - 1,65 - 25 lfm - 41,25m2",1082.5]
[25110011,"Alkorplan 2000 - adriablau - 2,05 - 25 lfm - 51,25m2",1332.5]
[25110012,"Alkorplan 2000 - hellblau - 1,65 - 25 lfm - 41,25m2",1082.5]
[25110013,"Alkorplan 2000 - hellblau - 2,05 - 25 lfm - 51,25m2",1332.5]
[25110014,"Alkorplan 2000 - türkis - 1,65 - 25 lfm - 41,25m2",1082.5]
[25110015,"Alkorplan 2000 - türkis - 2,05 - 25 lfm - 51,25m2",1332.5]
[25110016,"Alkorplan 2000 - weiß - 1,65 - 25 lfm - 41,25m2",1082.5]
[25110017,"Alkorplan 2000 - weiß - 2,05 - 25 lfm - 51,25m2",1332.5]
[25110018,"Alkorplan 2000 - sand - 1,65 - 25 lfm - 41,25m2",1082.5]
[25110019,"Alkorplan 2000 - sand - 2,05 - 25 lfm - 51,25m2",1332.5]
[25110020,"Alkorplan 2000 - grau - 1,65 - 25 lfm - 41,25m2",1082.5]
[25110021,"Alkorplan 2000 - grau - 2,05 - 25 lfm - 51,25m2",1332.5]
[25110022,"Alkorplan 2000 - dunkelgrau - 1,65 - 25 lfm - 41,25m2",1082.5]
[25110023,"Alkorplan 2000 - dunkelgrau - 2,05 - 25 lfm - 51,25m2",1332.5]
[25110024,"Alkorplan 2000 - schwarz - 1,65 - 25 lfm",1082.5]
[25110030,"Alkorplan - RELIEF - Antislipfolie - adriablau - 1,8mm - 25x1,65m - 41,25 m2",1557.5]
[25110031,"Alkorplan - RELIEF - Antislipfolie - hellblau - 1,8mm - 25x1,65m - 41,25 m2",1557.5]
[25110032,"Alkorplan - RELIEF - Antislipfolie - türkis - 1,8mm - 25x1,65m - 41,25 m2",1557.5]
[25110033,"Alkorplan - RELIEF - Antislipfolie - weiss - 1,8mm - 25x1,65m - 41,25 m2",1557.5]
[25110034,"Alkorplan - RELIEF - Antislipfolie - sand - 1,8mm - 25x1,65m - 41,25 m2",1557.5]
[25110035,"Alkorplan - RELIEF - Antislipfolie - grau - 1,8mm - 25x1,65m - 41,25 m2",1557.5]
[25110036,"Alkorplan - RELIEF - Antislipfolie - dunkelgrau - 1,8mm - 25x1,65m - 41,25 m2",1557.5]
[25110037,"Alkorplan - RELIEF - Antislipfolie - schwarz - 1,8mm - 25x1,65m - 41,25 m2",1557.5]
[25110040,"Alkorplan - Antislipfolie - adriablau - 1,65 - per lfm",99.17]
[25110041,"Alkorplan - Antislipfolie - hellblau - 1,65 - per lfm",99.17]
[25110042,"Alkorplan - Antislipfolie - türkis - 1,65 - per lfm",99.17]
[25110043,"Alkorplan - Antislipfolie - weiß - 1,65 - per lfm",99.17]
[25110044,"Alkorplan - Antislipfolie - sand - 1,65 - per lfm",99.17]
[25110045,"Alkorplan - Antislipfolie - grau - 1,65 - per lfm",99.17]
[25110046,"Alkorplan - Antislipfolie - dunkelgrau - 1,65 - per lfm",99.17]
[25110047,"Alkorplan - Antislipfolie - schwarz - 1,65 - per lfm",99.17]
[25110050,"Alkorplan - Nahtversiegelung - Flüssigfolie - hellblau - 1L",45.83]
[25110051,"Alkorplan - Nahtversiegelung - Flüssigfolie - adriablau - 1L",45.83]
[25110052,"Alkorplan - Nahtversiegelung - Flüssigfolie - weiß - 1L",45.83]
[25110053,"Alkorplan - Nahtversiegelung - Flüssigfolie - sand - 1L",45.83]
[25110054,"Dosierflasche für Nahtversiegelung",20.72]
[25110055,"Blitzdübel 6 x 30 mm zur Folienblechbefestigung (500 Stück)",60.08]
[25110056,"Alkor PE-Flaschenset, Dosierflasche + Spritzdüsen",81.42]
[25110057,"Alkorplan - Nahtversiegelung - Flüssigfolie - silver 0,9kg",54.17]
[25110058,"Alkorplan - Nahtversiegelung - Flüssigfolie - grau - 1L",53.08]
[25110060,"Alkorplan 2000 - adriablau - 1,65 - per lfm",82.5]
[25110061,"Alkorplan 2000 - adriablau - 2,05 - per lfm",107.5]
[25110062,"Alkorplan 2000 - hellblau - 1,65 - per lfm",82.5]
[25110063,"Alkorplan 2000 - hellblau - 2,05 - per lfm",107.5]
[25110064,"Alkorplan 2000 - weiß - 1,65 - per lfm",82.5]
[25110065,"Alkorplan 2000 - weiß - 2,05 - per lfm",107.5]
[25110066,"Alkorplan 2000 - sand - 1,65 - per lfm",82.5]
[25110067,"Alkorplan 2000 - sand - 2,05 - per lfm",107.5]
[25110099,"Alkorplan Schweißband 1,5mm (20 Meter)",248.92]
[25110158,"Alkorplan - Nahtversiegelung - Flüssigfolie - dunkelgrau - 1L",45.83]
[25110159,"Alkorplan - Nahtversiegelung - Flüssigfolie - transparent - 1L",45.83]
[25110401,"Alkorplan TOUCH - Authentic 2,0mm - 1,65 - 21 lfm - 34,65m2",1640.83]
[25110402,"Alkorplan TOUCH - Vanity 2,0mm - 1,65 - 21 lfm - 34,65m2",1640.83]
[25110403,"Alkorplan TOUCH - Sublime 2,0mm - 1,65 - 21 lfm - 34,65m2",1640.83]
[25110404,"Alkorplan TOUCH - Prestige 2,0mm - 1,65 - 21 lfm - 34,65m2",1640.83]
[25110405,"Alkorplan TOUCH - Relax 2,0mm - 1,65 - 21 lfm - 34,65m2",1640.83]
[25110406,"Alkorplan TOUCH - Elegance 2,0mm - 1,65 - 21 lfm - 34,65m2",1640.83]
[25110920,"Alkorplan XTREME - sahara - 1,65 - 25 lfm - 41,25m2",1665.83]
[25110925,"Alkorplan XTREME - blue fresh - 1,65 - 25 lfm - 41,25m2",1665.83]
[25110935,"Alkorplan XTREME - silver - 1,65 - 25 lfm - 41,25m2",2145.83]
[25110936,"Alkorplan XTREME - silver - 2,05m - 25 lfm - 51,25m2",2458.33]
[25110940,"Alkorplan XTREME - volcano - 1,65 - 25 lfm - 41,25m2",1665.83]
[25110945,"Alkorplan XTREME - onyx - 1,65 - 25 lfm - 41,25m2",1665.83]
[25111001,"Alkorplan - TOUCH - Flüssigfolie - Vanity - 1L",75.25]
[25111002,"Alkorplan - TOUCH - Flüssigfolie - Sublime - 1L",75.25]
[25111003,"Alkorplan - TOUCH - Flüssigfolie - Prestige - 1L",75.25]
[25111004,"Alkorplan - TOUCH - Flüssigfolie - Authentic - 1L",75.25]
[25111005,"Alkorplan - TOUCH - Flüssigfolie - Relax - 1L",75.25]
[25111006,"Alkorplan - TOUCH - Flüssigfolie - Elegance - 1L",75.25]
[25112201,"Alkorplan - VOGUE - Flüssigfolie - Summer - 1L",75.25]
[25112202,"Alkorplan - VOGUE - Flüssigfolie - Urban - 1L",75.25]
[25112203,"Alkorplan - VOGUE - Flüssigfolie - Vintage - 1L",75.25]
[25112204,"Alkorplan - VOGUE - Flüssigfolie - Tropical - 1L",75.25]
[25112211,"Alkorplan VOGUE - Summer 2,0mm - 1,65 - 21 lfm - 34,65m2",1640.83]
[25112212,"Alkorplan VOGUE - Urban 2,0mm - 1,65 - 21 lfm - 34,65m2",1640.83]
[25112213,"Alkorplan VOGUE - Vintage 2,0mm - 1,65 - 21 lfm - 34,65m2",1640.83]
[25112214,"Alkorplan VOGUE - Tropical 2,0mm - 1,65 - 21 lfm - 34,65m2",1640.83]
[25257810,"Baubegleitung durch Fachfirma - Pauschale 5h",490]
[25257820,"Baubegleitung durch Fachfirma - pro Stunde",110]
[25309999,"Gewebefolie 1.5mm - nur Material zur Selbstverlegung / Rollenware + Zubehör",0]
[26001101,"Standbrause Astral",221.83]
[26001109,"Solardusche Typ Fun - silbergrau, 30 Liter",1674.58]
[26001110,"Solardusche Typ Fun - weiss, Edelstahl, 30 Liter",1674.58]
[26001118,"EKS Single Vakuumsolarbrause Verkleidung Edelstahl gebürstet",1999.17]
[26001119,"EKS Auslaufhahn - Aufpreis montiert",382.5]
[26001120,"EKS Winterschutz-Gewebeplane für EKS Brause",132.5]
[26001121,"EKS Edelstahl-Pflege, glänzende Optik :Dose 600 ml",40.83]
[26001126,"EKS Brause - Aufpreis Sondermodell mit Platte und Anschluss - UNTEN",207.5]
[26001127,"EKS Brause - Aufpreis Sondermodell mit Anschluss UNTEN",207.5]
[26001157,"EKS Single Vakuumsolarbrause Verkleidung Edelstahl \"glasgeperlt\"",1999.17]
[26001168,"EKS Vakuumsolardusche WEISS",1665.83]
[26001170,"EKS Ersatzröhre mit Kopf und Sicherheitsventil",1125]
[26001188,"EKS Single Vakuumsolarbrause Verkleidung Edelstahl - weiss, altes Modell",2033.33]
[26001210,"Solardusche BEA - 30 Liter Wassertank, weiß lackiert",495.25]
[26001232,"Dusche - HELENA",865.83]
[26001234,"Dusche - MALTA",857.5]
[26001240,"Dusche - ELBA",915.83]
[26001242,"Dusche - MENORCA",1040.83]
[26001243,"Dusche - ROMEO",640.83000000000004]
[26001250,"Solardusche KUBA - 25 lt. Solartank, Glasfront schwarz",1457.5]
[26001260,"Solardusche \"Tobago\" - 25 lt. Solartank, Glasfront",1457.5]
[26001270,"Solardusche SABA - 25 lt. Solartank, Glasfront Rot",1457.5]
[26001280,"Solardusche TRINIDAD - 25 lt. Solartank, Edelstahlfront",1407.5]
[26001710,"Solardusche QUADRA",1591.67]
[26001711,"Solardusche QUADRA - PVC Abdeckhaube",63.33]
[26001720,"Solardusche NIAGARA",832.5]
[26001730,"Solardusche PLUVIUM",1332.5]
[26001731,"Solardusche PLUVIUM - Duschtasse",504.67]
[26001740,"Solardusche ANGEL",390.83]
[26001741,"ABVERKAUF Solardusche ANGEL",390.83]
[26001750,"Solardusche DE LUXE",374.17]
[26001755,"Solardusche IGUAZU SOLAR",1583.75]
[26001756,"Einstellhähne für Solardusche IGUAZU SOLAR",700.17]
[26001780,"Solardusche TONGA - 25 lt. Solartank, Glasfront schwarz/edelstahl",1582.5]
[26001940,"Dusche - TOBAGO WPC",882.5]
[26001970,"Oberteil zu Dusche Astral",36]
[26003112,"ABVERKAUF - Solardusche VULCANO, Höhe 2,29 m, Wassertank 18,5 lt.",399.17]
[26004785,"WPC Grundplatte Plattform Universal",300]
[26008550,"Dusche - Astral Misty Edelstahl",2999.17]
[26008551,"Dusche - IGUAZU kalt/warm",1526.25]
[26066303,"INNENHÜLLE Ovalb. PVC 0,8mm, ø 6,30x3,60m, H 150 cm - WEISS",601.04]
[26066307,"INNENHÜLLE Ovalb. PVC 0,8mm, ø 6,30x3,60m, H 120 cm - WEISS",562.35]
[26067033,"INNENHÜLLE Ovalb. PVC 0,8mm, ø 7,00x3,50m, H 150 cm - WEISS",626.46]
[26067037,"INNENHÜLLE Ovalb. PVC 0,8mm, ø 7,00x3,50m, H 120 cm - WEISS",678.99]
[26067403,"INNENHÜLLE Ovalb. PVC 0,8mm, ø 7,37x3,60m, H 150 cm - WEISS",668.81]
[26067407,"INNENHÜLLE Ovalb. PVC 0,8mm, ø 7,37x3,60m, H 120 cm - WEISS",606.77]
[26067533,"INNENHÜLLE Ovalb. PVC 0,8mm, ø 7,50x3,50m, H 150 cm - WEISS",701.89]
[26067537,"INNENHÜLLE Ovalb. PVC 0,8mm, ø 7,50x3,50m, H 120 cm - WEISS",663.32]
[26068003,"INNENHÜLLE Ovalb. PVC 0,8mm, ø 8,00x4,00m, H 150 cm - WEISS",757.03]
[26068007,"INNENHÜLLE Ovalb. PVC 0,8mm, ø 8,00x4,00m, H 120 cm - WEISS",696.68]
[26068203,"INNENHÜLLE Ovalb. PVC 0,8mm, ø 8,20x4,20m, H 150 cm - WEISS",846.25]
[26068207,"INNENHÜLLE Ovalb. PVC 0,8mm, ø 8,20x4,20m, H 120 cm - WEISS",807.03]
[26069203,"INNENHÜLLE Ovalb. PVC 0,8mm, ø 9,16x4,60m, H 150 cm - WEISS",1045.55]
[26069207,"INNENHÜLLE Ovalb. PVC 0,8mm, ø 9,16x4,60m, H 120 cm - WEISS",944.19]
[26093503,"Innenhülle / Rundbecken d= 3,50 m, h= 1,50 m, Folie 0,8 mm, WEISS",334.38]
[26093507,"Innenhülle / Rundbecken d= 3,50 m, h= 1,20 m, Folie 0,8 mm, WEISS",296.02]
[26094003,"Innenhülle / Rundbecken d= 4,00 m, h= 1,50 m, Folie 0,8 mm, WEISS",405.42]
[26094007,"Innenhülle / Rundbecken d= 4,00 m, h= 1,20 m, Folie 0,8 mm - WEISS",361.58]
[26094203,"Innenhülle / Rundbecken d= 4,20 m, h= 1,50 m, Folie 0,8 mm, WEISS",435.48]
[26094207,"Innenhülle / Rundbecken d= 4,20 m, h= 1,20 m, Folie 0,8 mm - WEISS",389.44]
[26094503,"Innenhülle / Rundbecken d= 4,50 m, h= 1,50 m, Folie 0,8 mm, WEISS",482.3]
[26094507,"Innenhülle / Rundbecken d= 4,50 m, h= 1,20 m, Folie 0,8 mm - WEISS",432.96]
[26095003,"Innenhülle / Rundbecken d= 5,00 m, h= 1,50 m, Folie 0,8 mm, WEISS",564.98]
[26095007,"Innenhülle / Rundbecken d= 5,00 m, h= 1,20 m, Folie 0,8 mm - WEISS",510.16]
[26095503,"Innenhülle / Rundbecken d= 5,50 m, h= 1,50 m, Folie 0,8 mm, WEISS",653.47]
[26095507,"Innenhülle / Rundbecken d= 5,50 m, h= 1,20 m, Folie 0,8 mm - WEISS",593.17999999999995]
[26096003,"Innenhülle / Rundbecken d= 6,00 m, h= 1,50 m, Folie 0,8 mm, WEISS",747.79]
[26096007,"Innenhülle / Rundbecken d= 6,00 m, h= 1,20 m, Folie 0,8 mm - WEISS",682.03]
[26097003,"Innenhülle / Rundbecken d= 7,00 m, h= 1,50 m, Folie 0,8 mm - WEISS",953.89]
[26097007,"Innenhülle / Rundbecken d= 7,00 m, h= 1,20 m, Folie 0,8 mm - WEISS",877.15]
[26125253,"INNENHÜLLE Achtformb. PVC 0,8mm, ø5,25 x 3,20m, H 150cm - WEISS",529.05999999999995]
[26125257,"INNENHÜLLE Achtformb. PVC 0,8mm, ø5,25 x 3,20m, H 120cm - WEISS",448.21]
[26125403,"INNENHÜLLE Achtformb. PVC 0,8mm, ø5,40 x 3,50m, H 150cm - WEISS",494.93]
[26125407,"INNENHÜLLE Achtformb. PVC 0,8mm, ø5,40 x 3,50m, H 120cm - WEISS",469.72]
[26126253,"INNENHÜLLE Achtformb. PVC 0,8mm, ø6,25 x 3,60m, H 150cm - WEISS",666.68]
[26126257,"INNENHÜLLE Achtformb. PVC 0,8mm, ø6,25 x 3,60m, H 120cm - WEISS",559.95000000000005]
[26126503,"INNENHÜLLE Achtformb. PVC 0,8mm, ø6,50 x 4,20m, H 150cm - WEISS",738.63]
[26126507,"INNENHÜLLE Achtformb. PVC 0,8mm, ø6,50 x 4,20m, H 120cm - WEISS",619.42999999999995]
[26127253,"INNENHÜLLE Achtformb. PVC 0,8mm, ø7,25 x 4,60m, H 150cm - WEISS",841.9]
[26127257,"INNENHÜLLE Achtformb. PVC 0,8mm, ø7,25 x 4,60m, H 120cm - WEISS",733.69]
[26127703,"INNENHÜLLE Achtformb. PVC 0,8mm, ø7,70 x 5,00m, H 150cm - WEISS",887.61]
[26127707,"INNENHÜLLE Achtformb. PVC 0,8mm, ø7,70 x 5,00m, H 120cm - WEISS",807.98]
[26128553,"INNENHÜLLE Achtformb. PVC 0,8mm, ø8,55 x 5,00m, H 150cm - WEISS",1083.73]
[26128557,"INNENHÜLLE Achtformb. PVC 0,8mm, ø8,55 x 5,00m, H 120cm - WEISS",950.59]
[27001019,"Dolphin DYNAMIC PLUS - PVC-Bürste",1249.17]
[27001020,"Dolphin DYNAMIC PLUS - Wunder-Bürste",1540.83]
[27001028,"Dolphin DYNAMIC PRO-X 2 - Kombi-Bürste",2249.17]
[27001029,"Dolphin DYNAMIC PRO-X 2 - Wunder-Bürste",2332.5]
[27001039,"Automatischer Bodensauger - AUTO VAC GW 8000",190.83]
[27001044,"Bodensaugset Standard, (Bürste de Luxe, Telest.1,8-3,6m, 10m Schlauch), 3 Colli",74.17]
[27001047,"Laubkescher DELUXE mit ALU Rahmen",8.25]
[27001048,"Bodenkescher DELUXE mit Aluminiumrahmen",10.75]
[27001050,"Beckenbürste 42 cm",5.09]
[27001051,"Becken-Eckbürste, Eck- und Randbürste",4.59]
[27001052,"Bodensaugbürste Luxus - mit seitlichen Bürsten",19.079999999999998]
[27001099,"Teleskopstange 3- teilig, 1,8m - 4,8m",33.25]
[27001116,"Dolphin DYNAMIC PLUS - PVC-Bürste",1374.17]
[27001140,"OCEAN VAC 2 FUN Automatik Bodensauger",345]
[27001144,"Bürstenset - zu OCEAN VAC Automatik Bodensauger",65.83]
[27001148,"Verlängerungsschlauch Bodensauger VAC 2 + 4 Fun",40]
[27001151,"Reinigungsschwamm mit Handgriff",1.56]
[27001152,"Flex Deluxe Bodensaugbürste",27.42]
[27001153,"Handbürste Deluxe",7.42]
[27001154,"Wandbürste Wall Whale",32.5]
[27001158,"Pool - Ringthermometer dunkelblauer Ring, ca.18 cm",20.75]
[27001247,"Laubkescher:(Oberfläche)",12.42]
[27001248,"Bodenkescher OCEAN",16.25]
[27001318,"Dolphin SUPREME M3 (M200 CB)",770.83]
[27001319,"Dolphin SUPREME M4 PRO - M400 - PVC-Bürste",1415.83]
[27001320,"Dolphin SUPREME M4 PRO - M400 - Wunder-Bürste",1457.5]
[27001321,"Dolphin SUPREME M5 PRO - M500 - PVC-Bürste",1665.83]
[27001322,"Dolphin SUPREME M5 PRO - M500 - Wunder-Bürste",1707.5]
[27001540,"Ersatzschlauch AUTO VAC - GW8000",87.42]
[27001722,"Dolphin SUPREME BIO",2275.92]
[27002011,"Dolphin Wave 50 - Kombi-Bürste",1832.5]
[27002012,"Dolphin Wave 50 - Wunder-Bürste",1899.17]
[27002021,"Dolphin Wave 100 - Kombi-Bürste",2582.5]
[27002022,"Dolphin Wave 100 - Wunder-Bürste",2649.17]
[27002045,"Bodensaugset Exklusiv (Bürste de Luxe, Telestg. 1,8-4,8m, 15m Schlauch (3 Colli)",99.17]
[27002054,"Teleskopstange 2- teilig, 1,8m - 3,6m",21.6]
[27002055,"Teleskopstange 2- teilig, 2,4m - 4,8m (27002055)) - wegen hohen Porto kein Einzelversand",24.92]
[27002182,"Dolphin DIAGNOSTIC - PVC-Bürste",999.17]
[27002193,"Dolphin - Kunststoffbürste - grau X70",16.329999999999998]
[27002194,"Dolphin - Dolphin Antriebsrad",23.42]
[27002195,"Dolphin - Flügelrad",17.87]
[27002282,"Dolphin DIAGNOSTIC - Wunder-Bürste",1115.83]
[27003068,"Poolthermometer - klein",5.0999999999999996]
[27003176,"Dolphin - Boden komplett mit Kartuschenfilter - Junior (318 x 235 mm)",95.92]
[27003177,"Dolphin - Handgriff Maximus X70/X90",68.17]
[27003180,"Dolphin - PVC Bürste grau - f. Dolphin Moby mit Wonderbrush Ringe (per Stück) m. Walze",56.8]
[27003182,"Dolphin - PVC Bürste grau - f. Diagnostic,Basic 2001,Moby (per Stück) kein Wonderbrush",26.24]
[27003185,"Dolphin - Trafo EU - Primus Junior",146.5]
[27003188,"Abdeckplane für Dolphin - Farbe schwarz Textil",117.92]
[27003190,"Dolphin - Trafo EU Dynamic Reset (X90, M500)",174.08]
[27003191,"Dolphin - Trafo EU Diagnostic mit Bluetooth (X70, M400)",156.33000000000001]
[27003195,"Dolphin - Netzkabel 230V EU",24.5]
[27003197,"Dolphin - Boden komplett für Moby ohne Filterkartusche usw. (102595)",29.75]
[27003198,"Dolphin - Laufraupe grau (Antrieb ab 2012)",33.75]
[27003199,"Dolphin - Ring Wonderbrush per Stk.",14.07]
[27003200,"Dolphin - Laufraupe grau kurz",36]
[27003201,"Dolphin - Laufraupe grau zu M600",29.2]
[27003211,"Dolphin - Trafo E10,E20,S200",211.25]
[27003212,"Dolphin - Trafo mit Bluetooth für S300i",403.33]
[27003245,"Schwimmschlauch 38 mm - 10 Meter - mit Tüllen an Enden",24.17]
[27003246,"Schwimmschlauch 38 mm - 15 Meter - mit Tüllen an Enden",46.08]
[27003277,"Dolphin - Filtersack f. Moby, Swash,CL, M3, Maximus",28.08]
[27003283,"Dolphin SWASH - PVC-Bürste",749.17]
[27003284,"Dolphin SWASH CL - PVC-Bürste",999.17]
[27004500,"Dolphin Ersatzfilterkartusche 70 Mikron für Junior, Moby, Swash, CL, M3",87.14]
[27004501,"Dolphin Ersatzfilterkartusche 70 Mikron für S200/S300i",100.83]
[27004510,"Dolphin - Ersatz Laubfilter 100 Mikron (Netz) zu Junior - Set mit 4 Stück - Maß: 277 x 109 mm",58.03]
[27004511,"Dolphin - Filterkorb inkl. Kartuschen für S 300i/S200/E30 ohne Laubfiltereinsatz",138.08000000000001]
[27004520,"Dolphin - Ersatzfilter Kartusche 70 Mikron zu Primus Senior / RC - bis 2015 LxBxH (277x132x13)",112.3]
[27004530,"Dolphin - Ersatz Laubfilter 100 Mikron zu Primus Senior / RC - bis 2015 LxBxH (277x132x13)",54.53]
[27004532,"Dolphin - 4 Stk. Ersatz Laubfilter 100 Mikron zu X70 / X90 / Supreme (L268 x 165 mm)",67.83]
[27004533,"Dolphin - 4 Stk. Ersatz Kartuschenfilter 70 Mikron zu X70 / X90/ Supreme (L268 x 165 mm)",97.41]
[27004534,"Dolphin - 4 Stk. Ersatz Kartuschenfilter Supreme Bio",89.33]
[27004577,"Dolphin - Ersatz Kartuschenfilten 4 Stk. zu Dolphin S300i, S200",78.42]
[27004578,"Dolphin - Ersatz Laub Filtereinsatz zu Dolphin S300i, S200",67.83]
[27004580,"Dolphin - Wunder Bürste - AUSLIEFERUNG PRO STÜCK !!!! (M4+M5+X60+X70+X90)",39.5]
[27004590,"Dolphin - Kit mit 4 Filtern für S200/300 - (Maitr. 9991467)",82.5]
[27005221,"Wunder-Ring für Primus Junior, Senior",25.58]
[27005271,"Kartuschenfilterset Primus Senior - 70my",65.83]
[27005272,"Kartuschenfilterset Primus Senior - 100my",49.17]
[27005282,"Dolphin 2 x 2 - Wunder-Bürste",5499.17]
[27005300,"Zodiac VORTEX 1 - Poolroboter",624.16999999999996]
[27005400,"Zodiac VORTEX 3 - Poolroboter",915.83]
[27005401,"Zodiac VORTEX 3 - 4WD- Poolroboter",1207.5]
[27005402,"Zodiac Baracuda MX8 - Poolreiniger",449.17]
[27005422,"Zodiac VORTEX 3.2 - Poolroboter",1040.83]
[27005500,"Zodiac VORTEX 4 - Poolroboter",1082.5]
[27005502,"Zodiac Vortex - Schutzhülle 3 + 4",41.58]
[27005504,"Zodiac Vortex - Filterkorb fein 60 Micron",41.5]
[27005506,"Zodiac Vortex - Filterkorb grob 200 Micron",35]
[27005507,"Zodiac VORTEX 4 - 4WD- Poolroboter",1457.5]
[27005510,"Zodiac Vortex - Schutzhülle 4WD, 3.2",41.58]
[27005522,"WaterTech - Micro Filter (PBW022MF)",16.579999999999998]
[27005523,"WaterTech - Sand / Silt Filter (PBW022SS)",33.25]
[27005524,"WaterTech - Allzweck Filter (PBW022AP)",19.079999999999998]
[27005525,"WaterTech - Extreme Micro Filter (PBW022XF)",20.75]
[27005550,"Motorbox zu Catfish Ultra",54.17]
[27005560,"Dolphin PRIMUS Junior - Bodengerät für Eckige Becken",665.83]
[27005561,"LEIHGERÄT Dolphin PRIMUS Junior - Bodengerät für eckige Becken",640.83000000000004]
[27005568,"Pool - FUNK - Thermometer",45]
[27005570,"Dolphin PRIMUS Senior - Boden + Wand - by Maytronics",978]
[27005580,"Dolphin PRIMUS RC - Boden + Wand inkl. Fernbed. - by Maytronics",1165]
[27005582,"Schutzhülle für Dolphin mit Caddy",117.08]
[27005591,"Aqua Broom",57.5]
[27005592,"Catfish Ultra - (Schmutzsauger mit Akku)",115.83]
[27005593,"Pool Blaster MAX",190.83]
[27005594,"Pool Blaster CG",240.83]
[27005680,"PVC-Bürsten für Primus Junior, Senior",34.75]
[27005681,"Wunder-Bürste für Primus Junior, Senior",106.42]
[27005682,"PVC-Bürsten für Primus RC",65.83]
[27005683,"Wunder-Bürste für X70/X90/M4/M5 Primus RC",36.67]
[27005698,"Pool Blaster PRO 1500",582.5]
[27005699,"Pool Blaster Leaf Vac",70.83]
[27009987,"Pool Funk Thermometer",46.67]
[27066303,"INNENHÜLLE Ovalb. PVC 0,8mm, ø 6,30x3,60m, H 150 cm - TÜRKIS",588.91999999999996]
[27066307,"INNENHÜLLE Ovalb. PVC 0,8mm, ø 6,30x3,60m, H 120 cm - TÜRKIS",562.35]
[27067033,"INNENHÜLLE Ovalb. PVC 0,8mm, ø 7,00x3,50m, H 150 cm - TÜRKIS",626.46]
[27067037,"INNENHÜLLE Ovalb. PVC 0,8mm, ø 7,00x3,50m, H 120 cm - TÜRKIS",678.99]
[27067403,"INNENHÜLLE Ovalb. PVC 0,8mm, ø 7,37x3,60m, H 150 cm - TÜRKIS",655.32000000000005]
[27067407,"INNENHÜLLE Ovalb. PVC 0,8mm, ø 7,37x3,60m, H 120 cm - TÜRKIS",606.77]
[27067533,"INNENHÜLLE Ovalb. PVC 0,8mm, ø 7,50x3,50m, H 150 cm - TÜRKIS",687.73]
[27067537,"INNENHÜLLE Ovalb. PVC 0,8mm, ø 7,50x3,50m, H 120 cm - TÜRKIS",663.32]
[27068003,"INNENHÜLLE Ovalb. PVC 0,8mm, ø 8,00x4,00m, H 150 cm - TÜRKIS",741.75]
[27068007,"INNENHÜLLE Ovalb. PVC 0,8mm, ø 8,00x4,00m, H 120 cm - TÜRKIS",696.68]
[27068203,"INNENHÜLLE Ovalb. PVC 0,8mm, ø 8,20x4,20m, H 150 cm - TÜRKIS",829.18]
[27068207,"INNENHÜLLE Ovalb. PVC 0,8mm, ø 8,20x4,20m, H 120 cm - TÜRKIS",807.03]
[27069203,"INNENHÜLLE Ovalb. PVC 0,8mm, ø 9,16x4,60m, H 150 cm - TÜRKIS",1024.46]
[27069207,"INNENHÜLLE Ovalb. PVC 0,8mm, ø 9,16x4,60m, H 120 cm - TÜRKIS",944.19]
[27093503,"Innenhülle / Rundbecken d= 3,50 m, h= 1,50 m, Folie 0,8 mm, TÜRKIS",334.38]
[27093507,"Innenhülle / Rundbecken d= 3,50 m, h= 1,20 m, Folie 0,8 mm, TÜRKIS",296.02]
[27094003,"Innenhülle / Rundbecken d= 4,00 m, h= 1,50 m, Folie 0,8 mm, TÜRKIS",405.42]
[27094007,"Innenhülle / Rundbecken d= 4,00 m, h= 1,20 m, Folie 0,8 mm - TÜRKIS",361.58]
[27094203,"Innenhülle / Rundbecken d= 4,20 m, h= 1,50 m, Folie 0,8 mm, TÜRKIS",435.48]
[27094207,"Innenhülle / Rundbecken d= 4,20 m, h= 1,20 m, Folie 0,8 mm - TÜRKIS",389.44]
[27094503,"Innenhülle / Rundbecken d= 4,50 m, h= 1,50 m, Folie 0,8 mm, TÜRKIS",482.3]
[27094507,"Innenhülle / Rundbecken d= 4,50 m, h= 1,20 m, Folie 0,8 mm - TÜRKIS",432.96]
[27095003,"Innenhülle / Rundbecken d= 5,00 m, h= 1,50 m, Folie 0,8 mm, TÜRKIS",564.98]
[27095007,"Innenhülle / Rundbecken d= 5,00 m, h= 1,20 m, Folie 0,8 mm - TÜRKIS",510.16]
[27095503,"Innenhülle / Rundbecken d= 5,50 m, h= 1,50 m, Folie 0,8 mm, TÜRKIS",564.98]
[27095507,"Innenhülle / Rundbecken d= 5,50 m, h= 1,20 m, Folie 0,8 mm - TÜRKIS",593.17999999999995]
[27096003,"Innenhülle / Rundbecken d= 6,00 m, h= 1,50 m, Folie 0,8 mm, TÜRKIS",747.79]
[27096007,"Innenhülle / Rundbecken d= 6,00 m, h= 1,20 m, Folie 0,8 mm - TÜRKIS",682.03]
[27097003,"Innenhülle / Rundbecken d= 7,00 m, h= 1,50 m, Folie 0,8 mm - TÜRKIS",953.89]
[27097007,"Innenhülle / Rundbecken d= 7,00 m, h= 1,20 m, Folie 0,8 mm - TÜRKIS",877.15]
[27125253,"INNENHÜLLE Achtformb. PVC 0,8mm, ø5,25 x 3,20m, H 150cm - TÜRKIS",490.39]
[27125257,"INNENHÜLLE Achtformb. PVC 0,8mm, ø5,25 x 3,20m, H 120cm - TÜRKIS",415.45]
[27125403,"INNENHÜLLE Achtformb. PVC 0,8mm, ø5,40 x 3,50m, H 150cm - TÜRKIS",458.77]
[27125407,"INNENHÜLLE Achtformb. PVC 0,8mm, ø5,40 x 3,50m, H 120cm - TÜRKIS",435.39]
[27126253,"INNENHÜLLE Achtformb. PVC 0,8mm, ø6,25 x 3,60m, H 150cm - TÜRKIS",604.79]
[27126257,"INNENHÜLLE Achtformb. PVC 0,8mm, ø6,25 x 3,60m, H 120cm - TÜRKIS",519.05999999999995]
[27126503,"INNENHÜLLE Achtformb. PVC 0,8mm, ø6,50 x 4,20m, H 150cm - TÜRKIS",684.65]
[27126507,"INNENHÜLLE Achtformb. PVC 0,8mm, ø6,50 x 4,20m, H 120cm - TÜRKIS",574.16]
[27127253,"INNENHÜLLE Achtformb. PVC 0,8mm, ø7,25 x 4,60m, H 150cm - TÜRKIS",780.38]
[27127257,"INNENHÜLLE Achtformb. PVC 0,8mm, ø7,25 x 4,60m, H 120cm - TÜRKIS",680.08]
[27127703,"INNENHÜLLE Achtformb. PVC 0,8mm, ø7,70 x 5,00m, H 150cm - TÜRKIS",822.74]
[27127707,"INNENHÜLLE Achtformb. PVC 0,8mm, ø7,70 x 5,00m, H 120cm - TÜRKIS",748.94]
[27128553,"INNENHÜLLE Achtformb. PVC 0,8mm, ø8,55 x 5,00m, H 150cm - TÜRKIS",1004.55]
[27128557,"INNENHÜLLE Achtformb. PVC 0,8mm, ø8,55 x 5,00m, H 120cm - TÜRKIS",881.12]
[27205510,"Dolphin PRIMUS Comfort Active X70 - Wunder-Bürste",1332.5]
[27205511,"LEIHGERÄT Dolphin PRIMUS Comfort Active X70 - Wunder-Bürste",1299.17]
[27205512,"LEIHGERÄT Dolphin PRIMUS Deluxe Active X90 - Wunder-Bürste mit FB",1582.88]
[27205520,"Dolphin PRIMUS Deluxe Active X90 - Wunder-Bürste mit FB",1640.83]
[27205530,"Dolphin Maximus X90 LIBERTY Liberty - Kombi-Bürste",1908.33]
[27205531,"Dolphin 200 LIBERTY - aktive Bürste",925.83]
[27205540,"Dolphin E10",557.5]
[27205541,"Dolphin E20 - Feinfilterkorb komplett",154.83000000000001]
[27205542,"Active Brush komplett, Dynamic zu M400/M500",146.08000000000001]
[27205543,"Dolphin E10 - Ersatzfilterkorb komplett",154.83000000000001]
[27205550,"Dolphin PRIMUS S300i",1240.83]
[27205740,"Dolphin E20",707.5]
[27205741,"Dolphin - fahrbarer Caddy",167.5]
[27205742,"Dolphin - Griff zu Caddy",34.450000000000003]
[27205750,"Dolphin S200",1040.83]
[27205751,"LEIHGERÄT Dolphin S200",999.17]
[27205752,"LEIHGERÄT Dolphin PRIMUS S300i",1207.67]
[27209950,"Dolphin M600",1574.17]
[27209951,"Fernbedienung für IOT Serie Dolphin",144.41999999999999]
[27209952,"ABVERKAUF - Dolphin M600",1574.17]
[27209953,"ABVERKAUF - Dolphin S200",1040.83]
[27209954,"ABVERKAUF - Dolphin E10",557.69000000000005]
[27209955,"ABVERKAUF - Dolphin Maximus X90 LIBERTY Liberty - Kombi-Bürste",1907.92]
[28001127,"Trampolin DYNAMIC",824.58]
[28001129,"Trampolin Elastico 1 -1,6 m",845.33]
[28001195,"Basketballkorb",749.17]
[28066303,"INNENHÜLLE Ovalb. PVC 0,8mm, ø 6,30x3,60m, H 150 cm - HELLBLAU",601.04]
[28066307,"INNENHÜLLE Ovalb. PVC 0,8mm, ø 6,30x3,60m, H 120 cm - HELLBLAU",562.35]
[28067033,"INNENHÜLLE Ovalb. PVC 0,8mm, ø 7,00x3,50m, H 150 cm - HELLBLAU",639.36]
[28067037,"INNENHÜLLE Ovalb. PVC 0,8mm, ø 7,00x3,50m, H 120 cm - HELLBLAU",678.99]
[28067403,"INNENHÜLLE Ovalb. PVC 0,8mm, ø 7,37x3,60m, H 150 cm - HELLBLAU",668.81]
[28067407,"INNENHÜLLE Ovalb. PVC 0,8mm, ø 7,37x3,60m, H 120 cm - HELLBLAU",606.77]
[28067533,"INNENHÜLLE Ovalb. PVC 0,8mm, ø 7,50x3,50m, H 150 cm - HELLBLAU",701.89]
[28067537,"INNENHÜLLE Ovalb. PVC 0,8mm, ø 7,50x3,50m, H 120 cm - HELLBLAU",663.32]
[28068003,"INNENHÜLLE Ovalb. PVC 0,8mm, ø 8,00x4,00m, H 150 cm - HELLBLAU",757.03]
[28068007,"INNENHÜLLE Ovalb. PVC 0,8mm, ø 8,00x4,00m, H 120 cm - HELLBLAU",696.68]
[28068203,"INNENHÜLLE Ovalb. PVC 0,8mm, ø 8,20x4,20m, H 150 cm - HELLBLAU",846.25]
[28068207,"INNENHÜLLE Ovalb. PVC 0,8mm, ø 8,20x4,20m, H 120 cm - HELLBLAU",807.03]
[28069203,"INNENHÜLLE Ovalb. PVC 0,8mm, ø 9,16x4,60m, H 150 cm - HELLBLAU",1045.55]
[28069207,"INNENHÜLLE Ovalb. PVC 0,8mm, ø 9,16x4,60m, H 120 cm - HELLBLAU",944.19]
[28093503,"Innenhülle / Rundbecken d= 3,50 m, h= 1,50 m, Folie 0,8 mm, HELLBLAU",334.38]
[28093507,"Innenhülle / Rundbecken d= 3,50 m, h= 1,20 m, Folie 0,8 mm, HELLBLAU",296.02]
[28094003,"Innenhülle / Rundbecken d= 4,00 m, h= 1,50 m, Folie 0,8 mm, HELLBLAU",405.42]
[28094007,"Innenhülle / Rundbecken d= 4,00 m, h= 1,20 m, Folie 0,8 mm - HELLBLAU",361.58]
[28094203,"Innenhülle / Rundbecken d= 4,20 m, h= 1,50 m, Folie 0,8 mm, HELLBLAU",435.48]
[28094207,"Innenhülle / Rundbecken d= 4,20 m, h= 1,20 m, Folie 0,8 mm - HELLBLAU",389.44]
[28094503,"Innenhülle / Rundbecken d= 4,50 m, h= 1,50 m, Folie 0,8 mm, HELLBLAU",482.3]
[28094507,"Innenhülle / Rundbecken d= 4,50 m, h= 1,20 m, Folie 0,8 mm - HELLBLAU",432.96]
[28095003,"Innenhülle / Rundbecken d= 5,00 m, h= 1,50 m, Folie 0,8 mm, HELLBLAU",564.98]
[28095007,"Innenhülle / Rundbecken d= 5,00 m, h= 1,20 m, Folie 0,8 mm - HELLBLAU",510.16]
[28095503,"Innenhülle / Rundbecken d= 5,50 m, h= 1,50 m, Folie 0,8 mm, HELLBLAU",653.47]
[28095507,"Innenhülle / Rundbecken d= 5,50 m, h= 1,20 m, Folie 0,8 mm - HELLBLAU",593.17999999999995]
[28096003,"Innenhülle / Rundbecken d= 6,00 m, h= 1,50 m, Folie 0,8 mm, HELLBLAU",747.79]
[28096007,"Innenhülle / Rundbecken d= 6,00 m, h= 1,20 m, Folie 0,8 mm - HELLBLAU",681.97]
[28097003,"Innenhülle / Rundbecken d= 7,00 m, h= 1,50 m, Folie 0,8 mm - HELLBLAU",953.89]
[28097007,"Innenhülle / Rundbecken d= 7,00 m, h= 1,20 m, Folie 0,8 mm - HELLBLAU",877.15]
[28125253,"INNENHÜLLE Achtformb. PVC 0,8mm, ø5,25 x 3,20m, H 150cm - HELLBLAU",529.05999999999995]
[28125257,"INNENHÜLLE Achtformb. PVC 0,8mm, ø5,25 x 3,20m, H 120cm - HELLBLAU",448.21]
[28125403,"INNENHÜLLE Achtformb. PVC 0,8mm, ø5,40 x 3,50m, H 150cm - HELLBLAU",494.93]
[28125407,"INNENHÜLLE Achtformb. PVC 0,8mm, ø5,40 x 3,50m, H 120cm - HELLBLAU",469.72]
[28126253,"INNENHÜLLE Achtformb. PVC 0,8mm, ø6,25 x 3,60m, H 150cm - HELLBLAU",652.48]
[28126257,"INNENHÜLLE Achtformb. PVC 0,8mm, ø6,25 x 3,60m, H 120cm - HELLBLAU",559.95000000000005]
[28126503,"INNENHÜLLE Achtformb. PVC 0,8mm, ø6,50 x 4,20m, H 150cm - HELLBLAU",738.63]
[28126507,"INNENHÜLLE Achtformb. PVC 0,8mm, ø6,50 x 4,20m, H 120cm - HELLBLAU",619.42999999999995]
[28127253,"INNENHÜLLE Achtformb. PVC 0,8mm, ø7,25 x 4,60m, H 150cm - HELLBLAU",841.9]
[28127257,"INNENHÜLLE Achtformb. PVC 0,8mm, ø7,25 x 4,60m, H 120cm - HELLBLAU",733.69]
[28127703,"INNENHÜLLE Achtformb. PVC 0,8mm, ø7,70 x 5,00m, H 150cm - HELLBLAU",887.61]
[28127707,"INNENHÜLLE Achtformb. PVC 0,8mm, ø7,70 x 5,00m, H 120cm - HELLBLAU",807.98]
[28128553,"INNENHÜLLE Achtformb. PVC 0,8mm, ø8,55 x 5,00m, H 150cm - HELLBLAU",1083.73]
[28128557,"INNENHÜLLE Achtformb. PVC 0,8mm, ø8,55 x 5,00m, H 120cm - HELLBLAU",950.59]
[29000193,"Pumpengehäuse zu Torpedo Pumpe",57.5]
[29000194,"Pumpenfuß zu Torpedo Pumpe",16.579999999999998]
[29000195,"Schlüssel zu Vorfilterdeckel Torpedo Pumpe",15.83]
[29000196,"Diffuser zu Torpedo Pumpe",8.25]
[29000197,"Zwischenplatte C.63 für Torpedo Pumpe",40.83]
[29000198,"Zwischenplatte C.71 für Torpedo Pumpe",40.83]
[29000199,"Pumpenfuß und Schwingungsdämpfer zu Bomba Pumpe",14.03]
[29000250,"Laufrad 0,33 HP - Torpedo Pumpe",41.58]
[29000251,"Laufrad 0,50 HP - Torpedo Pumpe",41.58]
[29000252,"Laufrad 0,75 HP - Torpedo Pumpe",41.58]
[29000253,"Laufrad 1,00 HP - Torpedo Pumpe",41.58]
[29000254,"Laufrad 1,25 HP - Torpedo Pumpe",41.58]
[29000258,"Kondensator 16 uF - Torpedo Pumpe",21.58]
[29000259,"O-Ring für Pumpengehäuse - Torpedo Pumpe",7.5]
[29000260,"O-Ring für Diffuser - Torpedo Pumpe",4.17]
[29000263,"Lüfterhaube f. Gegenstromanlage Pumpe 2,2 KW",16.649999999999999]
[29000264,"Lüfterrad und Lüfterhaube f. 0,23 - 0,41 kW - Torpedo Pumpe",16.579999999999998]
[29000265,"Lüfterrad und Lüfterhaube f. 0,56 - 0,63 kW - Torpedo Pumpe",16.579999999999998]
[29000266,"Lüfterrad und Lüfterhaube f. 0,82 - 0,97 kW - Torpedo Pumpe",16.579999999999998]
[29000269,"Pumpengehäuse zu - Bomba Pumpe (Nr.1) - ohne O-Ring",90.83]
[29000270,"O- Ring (groß) zu Pumpengehäuse Bomba Pumpe (Nr. 7)",12.5]
[29000271,"Kondensator - zu Bomba Pumpe 2,2 kW",37.5]
[29000295,"Laufrad zu Niagara Pumpe - bitte Watt Leistung des Motor mitteilen.",65.83]
[29000355,"Laufrad 2,2 kW (3,0) - Bomba Gegenstrompumpe",62]
[29000357,"Laufrad 2,9 kW (4,0) - Bomba Gegenstrompumpe",62]
[29000359,"Laufrad 4,0 kW (5,5) - Bomba Gegenstrompumpe",62]
[29000565,"Puffergelenk mit Kugel 42/43 mm - 2 StückSet (Elevada)",24.63]
[29000566,"Leiterstufe PVC - schräg f. Aufstellbecken - per Stück",31.29]
[29000590,"Leiter - Schraube / Mutter Set (2 Stk. 8 x 60) - (045311)",14.92]
[29000591,"Leiter - Trittplatte (obere Plattform) für Aufstellbeckenleiter",86.86]
[29000592,"Leiter - Puffer - zu 43 mm Holm - per Stück",6.32]
[29000593,"Leiterntritt Edelstahl - per Stk.",51.3]
[29000594,"Leiter - Ankersockel PVC - D42/43 mm, per Stück",11.78]
[29000595,"Leiter - Rosette rund - D42/43 mm, per Stück",8.39]
[29000596,"Leiter - Mutter Edelstahl M8, per Stück",2.83]
[29000597,"Astral Sterndichtung-Dichtungs-Set zu Astral 6-Wegeventil",22.44]
[29000599,"ASTRAL - Schauglas zu 6-Wegeventil 1 1/2",7.5]
[29000601,"Entleerung komplett für Filterkessel Polyester (Lisboa,Europa,Astral)",15.83]
[29000602,"ASTRAL - Flanschdichtung für Skimmer (Mod. I + II) 4305 -06",39.299999999999997]
[29000603,"ASTRAL - Flanschdichtung für Skimmer (2 Stück) Astral (Mod. III) 4308 + 4307",37.5]
[29000604,"Skimmer Höhenverlängerung Ocean Skimmer (43-70 mm - oben eckig)",65.83]
[29000605,"Skimmerhalsverlängerung Ocean Skimmer - 25 mm m. Buchsen",107.5]
[29000606,"OCEAN Skimmerhalsverlängerung zu Breitmaul -(inkl. Flansch)",211.17]
[29000607,"ASTRAL - Linsenkopfschraube NIRO M 6 x 24 mm p. Stk.",2.42]
[29000609,"Griff f. Bodenbürste - komplett mit Besfestigungsstift",8.17]
[29000610,"Klipse PVC - für Griff der Bodenbürste",5.5]
[29000612,"Rapid-Deckel komplett - zu Polesterkessel Europa /Rapid",158.68]
[29000613,"Entlüftungshülse zu Rapid-Deckel komplett - zu Polesterkessel Eu",4.0199999999999996]
[29000614,"Kesselentlüftung - Modelle ab 2002 (Future Pool)",35.5]
[29000615,"Entleerung mit Schlauchanschluß",7.11]
[29000616,"O-Ring 15,10x2,7 für Entleerung",0.88]
[29000617,"Manometer NG 50 bis 4 Bar zu Europa Kessel",15.55]
[29000618,"Filterunterteil D 400 Europa Filterkessel - blau",130.9]
[29000619,"Filterunterteil D 500 Europa Filterkessel - blau",146.94999999999999]
[29000620,"Filterunterteil D 600 Europa Filterkessel - blau",221.88]
[29000621,"Filteroberteil D 400 Europa Filterkessel - grau",107.8]
[29000622,"Filteroberteil D 500 Europa Filterkessel - grau",149.56]
[29000623,"Filteroberteil D 600 Europa Filterkessel - blau",263.04000000000002]
[29000624,"Silicon O-Ring D. 400 mm Filterkessel",29.74]
[29000625,"Silicon O-Ring D. 500 mm Filterkessel",34.200000000000003]
[29000626,"Silicon O-Ring D. 600 mm Filterkessel",38.6]
[29000627,"PVC Entlüftungsrohr D. 6 L.585 mm",2.42]
[29000628,"Entleerung bzw. Entlüftungsdüse 3/8",15.79]
[29000629,"Astral O-Ring - für Astral 6-Wegeventil Anschluss",4.17]
[29000630,"Manometer 3/8 für Zirkel Filterkessel",19.88]
[29000631,"Schieber mit Hülsen bis Baujahr 2005 - Cabrio Dome - 331",32.700000000000003]
[29000632,"Schieber mit Hülsen Baujahr 2005 - Cabrio Dome - 332",30.8]
[29000633,"Schieber mit Hülsen ab Baujahr 2005 - Cabrio Dome - 333",37.42]
[29000634,"Haken",3.25]
[29000635,"Unterlage für Haken - Cabrio Dome",0.75]
[29000636,"Kleber für Haken / Folie - Cabrio Dome",7.42]
[29000637,"Spanner - zu Cabrio Dome",4.5999999999999996]
[29000638,"Unterlage zu Spanner - zu Cabrio Dome",0.16]
[29000639,"PVC-Folienstück - selbstklebend - Reparartur - ca. 15 x 20 cm - zu Cabrio Dome",4.5999999999999996]
[29000640,"Deckel Transparent (Lid 8\") zu Lacron Filterkessel (ohne Dichtung)",77.400000000000006]
[29000641,"Dichtungsring zu Deckel Transparent (Lid 8\") zu Lacron Filterkessel",13.12]
[29000642,"Lacron 6-Wegeventil (500/650 Kessel)",138]
[29000643,"Kesselentleerung zu Lacron Sandfilter (komplett)",20.7]
[29000644,"Anschlussverschraubung Speck Pumpe Magic (Klebemuffe)",7.17]
[29000645,"Deckel schwarz zu für Filterkessel Polyester (Lisboa,Europa)",27.87]
[29000646,"Oberteil komplett schwarz zu 6-Wegeventil Astral 1 1/2'' IG",59.11]
[29000647,"O-Ring zu Deckel schwarz - Filterkessel Polyester (Lisboa,Europa)",12.5]
[29000648,"O-Ring zu Kragen schwarz - für Lisboa Filterkessel (Tor 255X4)",17.45]
[29000649,"Reißverschluss bei Türe (125/130 cm) - zu Cabrio Dome",18.399999999999999]
[29000650,"KRAGEN zu Polyesterkessel Lisboa",65.83]
[29000651,"Ablaufgitterdeckel rund zu (Astral Bodenablauf - altes Modell 043088)",12.5]
[29000652,"Überwurfmutter zu 6-Wegeventil Astral 1 1/2'' IG",14.08]
[29000653,"Standfuß zu Lisboa Kessel 600",23.33]
[29000654,"Spanngurt zu Proflex Rollabdeckung",8.2100000000000009]
[29000655,"Ablaufgitterdeckel rund zu (Astral Bodenablauf - Modell 043099) - aktuell",12.5]
[29000656,"Standfuß zu Lisboa Kessel 450",50.34]
[29000657,"Ablaufgitterdeckel rund zu (Astral Bodenablauf 04383- 12 cm Einbauhöhe)",8.25]
[29000659,"Edelstahlleiter 120 V2A, 4 + 4 Stufen",282.5]
[29000660,"Deckel Transparent zu Lacron Filterkessel (ohne Dichtung) mit Loch für Manometer",87.4]
[29000662,"Engholmleiter V2A, mit 3 Stufen, 42 mm Holm",158.25]
[29000663,"Weitholmleiter V2A, mit 3 Stufen",158.25]
[29000664,"Weitholmleiter V2A, mit 4 Stufen",158.25]
[29000665,"Dichtung - 2 Stück zu KS Bodenablauf (04383) - 12 cm Höhe",20.83]
[29000666,"Dichtung zu Einlaufdüse MINI 1121663",2.4]
[29000668,"ASTRAL - Flansch zu KS Bodenablauf (04383) - 12 cm Höhe",12.5]
[29000679,"Flanschsatz inkl. Deckel zu (Astral Bodenablauf - Modell 043099)",32.5]
[29000680,"O-Ring zu Vorfilterdeckel Torpedo Pumpe",8.25]
[29000681,"Anschlussverschraubung Pumpe Torpedo - per Stk. (mit O-Ring)",12.42]
[29000682,"Vorfilterdeckel zu Torpedo Pumpe",16.579999999999998]
[29000683,"Gleitringdichtung Torpedo Pumpe/Niagara Pumpe",32.5]
[29000684,"Vorfilter Siebkorb mit Griff zu Torpedo Pumpe",16.579999999999998]
[29000685,"Kondensator 12 µF Torpedo Pumpe",20.83]
[29000686,"Kondensator 20 µF Torpedo Pumpe",24.17]
[29000688,"O-Ring zu Rapid Deckel zu Polesterkessel Europa /Rapid",10.26]
[29000689,"O-Ring zu Verschraubung zu Torpedo Pumpe (55 mm)",1.67]
[29000690,"Zubehorsack - Seilen kpl.",69.3]
[29000691,"O-Ring zu Zwischenplatte Torpedo",5.89]
[29000693,"Kondensator 50 µF Bomba Pumpe",36.799999999999997]
[29000695,"Schlauch mit Muffen L 50 cm - 38 mm (Pumpe>6-Wegeventil) MONO",16.579999999999998]
[29000699,"Spannring zu Mono Sandfilterranlage - inkl. O.Ring",40.83]
[29000720,"ASTRAL - Dichtungssatz für Skimmer SLIM (2 Stk. Dichtungen)",64]
[29000722,"ASTRAL - Flanschsatz für Skimmer SLIM",26.25]
[29000723,"ASTRAL Flanschsatz KS inkl. Schrauben u. Dichtung 49756",8.25]
[29000740,"Gleitringdichtung Bomba Gegenstrompumpe",32.5]
[29000741,"Wasserrad für Bomba Gegenstrom Pumpe 2,2KW - 230 Volt",89.58]
[29000749,"Sterndichtung Praher CLP - 6-Wegeventil (160 mm)",21.11]
[29000750,"Starite 5P2 - Gleitringdichtung bis 2009",57.43]
[29000752,"Ocean - Schraubenset (8 Stück) zu Skimmer - M5 x 25 mm Edelstahl",21]
[29000757,"Starite 5P2 - Gleitringdichtung ab 2009 (R173040100S)",40.25]
[29000758,"Starite O-Ring Pumpenplatte",9.0399999999999991]
[29000759,"Gewindeschraube 6 x 35 mm - V2 A",1.58]
[29000760,"Starite O-Ring Umkehrleitrad",2.09]
[29000765,"Stellschraube 8 x 40 mm (Sechskantkopf) - V2 A",1.65]
[29000782,"Vorfilterdeckel zu NIAGARA Pumpe",24.17]
[29000790,"Motorlager zu Gegenstrompumpe Bomba",24.17]
[29000793,"Motorlager zu Pumpe Niagara",29.17]
[29000795,"Motorlager zu Pumpe Torpedo",20.83]
[29000796,"Kugellager zu Torpedopumpe Nr. 21 (MT026000)",20.83]
[29000797,"Kugellager zu Gegenstrompumpe NEWBCC550T",77.25]
[29000880,"O-Ring zu Vorfilterdeckel NIAGARA Pumpe",7.5]
[29000881,"Anschlussverschraubung Pumpe NIAGARA - per Stk. (ohne (O-Ring)",8.25]
[29000883,"Gleitringdichtung NIAGARA Pumpe",32.5]
[29000884,"Vorfilter Siebkorb mit Griff zu NIAGARA Pumpe",24.17]
[29000885,"Kugellager 6205 2Z/C3LHT23 NIAGARA + Bomba Pumpe",59.42]
[29000886,"Wellenförmige Unterlegscheibe M52 NIAGARA Pumpe",1.42]
[29000889,"O-Ring zu Verschraubung zu NIAGARA Pumpe - 2\"",3.33]
[29000897,"Zwischenplatte für Niagara Pumpe - 0,75, 0,75 u.1,0 kW",49.17]
[29000898,"Zwischenplatte für Niagara Pumpe - 1,5,2,0, 3,0 kW",49.17]
[29000940,"Anschlußverschraubung zu Bomba Gegenstrompumpe D75",20.83]
[29000989,"O-Ring zu Verschraubung zu Bomba Pumpe - 75 mm",5]
[29001020,"Abverkauf - Leitergriff 1 Paar - Edelstahl poliert (geteilte Leiter)",124.17]
[29001045,"Griffbogen, Edelstahl poliert",357.5]
[29001048,"Griffbogen V2A - Höhe 80 cm - Ausladung 49 cm - mit Ankersockel",149.58000000000001]
[29001059,"Einhänge - Edelstahlleiter ENG 3-stufig",207.5]
[29001060,"Einhänge - Edelstahlleiter ENG 4-stufig",224.17]
[29001061,"Einhänge - Edelstahlleiter WEIT 3-stufig",207.5]
[29001062,"Einhänge - Edelstahlleiter WEIT, 4-stufig",224.17]
[29001065,"Treppenleiter mit 3 Stufen, Edelstahl poliert",349.17]
[29001066,"Treppenleiter mit 4 Stufen, Edelstahl poliert",365.83]
[29001067,"Leiter Flanschrohr - 42 mm - für Einbaubeckenleitern (2 Stück)",49.17]
[29001071,"Leiter geteilt - inkl. Griffbogen, 3-stufig, V2A",374.17]
[29001072,"Leiter geteilt - inkl. Griffbogen, 4-stufig, V2A",415.83]
[29001074,"Leiter Gegenflansch D 97 - per Stk. L 150 mm - inkl. 6Kt. Schr / 78 mm Abstand",49.17]
[29001075,"Flanschsatz für Einbaubeckenleitern (2 Stück) - 43mm",68.25]
[29001076,"Schwenkgelenk für Leiter - Flanschmontage - Holm 43 mm - per Stück",107.5]
[29001077,"Schwenkgelenk für Leiter Ankersockel (Einbauhalterung) - 43 mm Holm per Stk.",99.17]
[29001078,"Edelstahlleiter 4+1, für Becken 120 cm tief, ø43mm",265.83]
[29001079,"Edelstahlleiter 4+2, für Becken 120 cm tief, ø43mm",324.17]
[29001080,"Hochbeckenleiter 4+4 Stufen, für Becken 120 cm tief",265.83]
[29001082,"Hochbeckenleiter 5+1, für Überflurbecken 150 cm tief / 40 cm auß",313.5]
[29001083,"Edelstahlleiter Überflurbecken 5 + 5 Stufen, 150 cm Höhe",315.83]
[29001090,"Leiter Schwenkgelenke ECO für Ankersockel - 42mm - 2 Stk.",107.5]
[29001159,"Engholmleiter V2A, mit 3 Stufen (43 mm)",182.5]
[29001160,"Engholmleiter V2A, mit 4 Stufen (43 mm)",190.83]
[29001161,"Weitholmleiter V2A, mit 3 Stufen (43 mm)",199.17]
[29001162,"Weitholmleiter V2A, mit 4 Stufen, (43mm)",182.5]
[29001629,"GI - Rundschnur per LFM für Filterkessel",0]
[29001751,"Starite 5P2 - Deckel",59.52]
[29001752,"Starite 5P2 - O-Ring Deckel",21.23]
[29001753,"Starite 5P2 - Siebkorb",28.06]
[29001754,"Starite 5P2 - Dichtungssatz komplett",80.75]
[29001760,"Datenkabel für DURAI-VS2 (356324Z)",111.94]
[29002070,"Aufstellbeckenleiter galvanisiert weiss - Beckenhöhe 90 cm",99.92]
[29002078,"Hochbeckenleiter 4+1, für Becken 120 cm tief, V2A - Edelstahl",398.46]
[29006075,"NCL - Kunststoffauflage schwarz - Leiter ab 2010",4.32]
[29006076,"Plattform für 57er Hochbeckenleitern 495",78.25]
[29008075,"NCL - Puffer D 43 mm schwarz = 2 Stück",8.24]
[29008076,"Stufenschrauben und Muttern für Edelstahlleiter breit 4-stufig V2A",6.08]
[29008080,"Seitenteil Nylon zu NCL.Sicherheitsstufe - ab August 2013 - Set (LI+RE)",30.9]
[29008555,"Blende zu oberen Handlauf - Farbe BLAU",2.5]
[29008558,"Blende zu oberen Handlauf - Farbe SAND",2.0699999999999998]
[29008565,"Blende zu oberen Handlauf FUN WOOD - Farbe SILBER - BREIT",4.26]
[29008566,"Zwischenstück zu oberen Handlauf FUN WOOD - Farbe SILBER",1.75]
[29008569,"Verbindungsstift Handlauf - Farbe BLAU - per Stück",0.64]
[29008570,"Verbindungsstift Handlauf - Farbe SAND - per Stück",0.64]
[29066303,"INNENHÜLLE Ovalb. PVC 0,8mm, ø 6,30x3,60m, H 150 cm - GRAU",557.12]
[29066307,"INNENHÜLLE Ovalb. PVC 0,8mm, ø 6,30x3,60m, H 120 cm - GRAU",537]
[29067033,"INNENHÜLLE Ovalb. PVC 0,8mm, ø 7,00x3,50m, H 150 cm - GRAU",592.64]
[29067037,"INNENHÜLLE Ovalb. PVC 0,8mm, ø 7,00x3,50m, H 120 cm - GRAU",629.37]
[29067403,"INNENHÜLLE Ovalb. PVC 0,8mm, ø 7,37x3,60m, H 150 cm - GRAU",619.92999999999995]
[29067407,"INNENHÜLLE Ovalb. PVC 0,8mm, ø 7,37x3,60m, H 120 cm - GRAU",562.42999999999995]
[29067533,"INNENHÜLLE Ovalb. PVC 0,8mm, ø 7,50x3,50m, H 150 cm - GRAU",650.6]
[29067537,"INNENHÜLLE Ovalb. PVC 0,8mm, ø 7,50x3,50m, H 120 cm - GRAU",614.86]
[29068003,"INNENHÜLLE Ovalb. PVC 0,8mm, ø 8,00x4,00m, H 150 cm - GRAU",701.7]
[29068007,"INNENHÜLLE Ovalb. PVC 0,8mm, ø 8,00x4,00m, H 120 cm - GRAU",645.77]
[29068203,"INNENHÜLLE Ovalb. PVC 0,8mm, ø 8,20x4,20m, H 150 cm - GRAU",784.41]
[29068207,"INNENHÜLLE Ovalb. PVC 0,8mm, ø 8,20x4,20m, H 120 cm - GRAU",748.05]
[29069203,"INNENHÜLLE Ovalb. PVC 0,8mm, ø 9,16x4,60m, H 150 cm - GRAU",969.15]
[29069207,"INNENHÜLLE Ovalb. PVC 0,8mm, ø 9,16x4,60m, H 120 cm - GRAU",875.19]
[29093503,"Innenhülle / Rundbecken d= 3,50 m, h= 1,50 m, Folie 0,8 mm, GRAU",334.38]
[29093507,"Innenhülle / Rundbecken d= 3,50 m, h= 1,20 m, Folie 0,8 mm, GRAU",296.02]
[29094003,"Innenhülle / Rundbecken d= 4,00 m, h= 1,50 m, Folie 0,8 mm, GRAU",405.42]
[29094007,"Innenhülle / Rundbecken d= 4,00 m, h= 1,20 m, Folie 0,8 mm - GRAU",361.58]
[29094203,"Innenhülle / Rundbecken d= 4,20 m, h= 1,50 m, Folie 0,8 mm, GRAU",435.48]
[29094207,"Innenhülle / Rundbecken d= 4,20 m, h= 1,20 m, Folie 0,8 mm - GRAU",389.44]
[29094503,"Innenhülle / Rundbecken d= 4,50 m, h= 1,50 m, Folie 0,8 mm, GRAU",482.3]
[29094507,"Innenhülle / Rundbecken d= 4,50 m, h= 1,20 m, Folie 0,8 mm - GRAU",432.96]
[29095003,"Innenhülle / Rundbecken d= 5,00 m, h= 1,50 m, Folie 0,8 mm, GRAU",564.98]
[29095007,"Innenhülle / Rundbecken d= 5,00 m, h= 1,20 m, Folie 0,8 mm - GRAU",510.16]
[29095503,"Innenhülle / Rundbecken d= 5,50 m, h= 1,50 m, Folie 0,8 mm, GRAU",653.47]
[29095507,"Innenhülle / Rundbecken d= 5,50 m, h= 1,20 m, Folie 0,8 mm - GRAU",593.17999999999995]
[29096003,"Innenhülle / Rundbecken d= 6,00 m, h= 1,50 m, Folie 0,8 mm, GRAU",747.79]
[29096007,"Innenhülle / Rundbecken d= 6,00 m, h= 1,20 m, Folie 0,8 mm - GRAU",682.03]
[29097003,"Innenhülle / Rundbecken d= 7,00 m, h= 1,50 m, Folie 0,8 mm - GRAU",953.89]
[29097007,"Innenhülle / Rundbecken d= 7,00 m, h= 1,20 m, Folie 0,8 mm -GRAU",877.15]
[29104020,"Römische Einbautreppe 200 - Höhe 120 cm, WEISS",1249.17]
[29104021,"ABVERKAUF Römische Einbautreppe 200 - Höhe 120 cm, WEISS",1415.83]
[29104026,"Römische Einbautreppe 250 - Höhe 150 cm, Farbe WEISS",1332.5]
[29104030,"Römische Einbautreppe 300 - Höhe 150 cm, Farbe WEISS",1665.83]
[29104033,"SONDERPOSTEN - Römische Einbautreppe 300 - Höhe 150 cm, Farbe WEISS",1491.67]
[29104070,"Dichtung zu Einbautreppen 300 inkl. Schrauben",72.099999999999994]
[29104071,"Dichtung zu Einbautreppen 200/250 inkl. Schrauben",72.099999999999994]
[29104075,"Schraubensatz zur Einbautreppe Polyester",49.5]
[29107583,"Römische Einbautreppe Polyester - 225 cm Höhe 150 cm",1748.6]
[29107584,"Römische Einbautreppe Polyester - 325 cm Höhe 150 cm",2491.67]
[29107594,"AT + DE - Future Pool Polyestertreppe - Versandkostenanteil",300]
[29108020,"Römische Einbautreppe Composite - 200 cm Höhe 120 cm, WEISS",998.33]
[29108025,"Römische Einbautreppe Composite \"Relax\" - B 300 T 167 H 120 cm, WEISS",1498.33]
[29108026,"Römische Einbautreppe Composite - 250 cm Höhe 150 cm, WEISS",1490]
[29108030,"Römische Einbautreppe Composite - 300 cm Höhe 150 cm, WEISS",1870.83]
[29109020,"ECKIGE - Einbautreppe Composite - 150 x 120 cm H: 110 cm - WEISS",998.33]
[29109901,"AT - TREPPE - Verpackungs- und Versandkosten - pro Stk.",149]
[29109902,"DE - TREPPE - Verpackungs- und Versandkosten",199]
[29109903,"CH - TREPPE - Verpackungs- und Versandkosten",299]
[29112150,"\"WANDMONTAGE\" Polyestertreppe ELEGANZ 80 - Farbe weiß 80 \"U\" CK",1825]
[29112180,"\"RANDMONTAGE\" Polyestertreppe ELEGANZ 80 - Farbe weiß 80 \"U\" CL",1999.17]
[29114000,"Handlauf Marina \"klein\"",369.46]
[29114050,"Handlauf Universal \"Oberteil\"",473.2]
[29114075,"Handlauf Universal \"Unterteil\", seitlich befestigt",273]
[29114090,"Handlauf Eleganz - seitlich befestigt",470.47]
[29116050,"\"WANDMONTAGE\" Polyestertreppe ELEGANZ 60 - Farbe weiß 60 \"U\" CK",1658.33]
[29116062,"\"RANDMONTAGE\" Polyestertreppe ELEGANZ 60 - Farbe weiß 60 \"U\" CL",1741.67]
[29116065,"Polyestertreppe Modell \"OCTA ECK \" Farbe weiß 60 \"U\" CL - EINSTELL",2634.32]
[29116067,"Polyestertreppe Modell \"OCTA ECK 140 \" Farbe weiß \"N\" CL - KLEMMLEISTE",2634.32]
[29116068,"Polyestertreppe Modell \"OCTA ECK 140 \" Farbe weiß \"N+S\" CL - GEWEBEFOLIE",2634.32]
[29116069,"Polyestertreppe Modell \"COMFORT 150 \" Farbe weiß \"N+S\" CL - GEWEBE",1854.32]
[29116072,"Polyestertreppe Modell \"COMFORT 150 \" Farbe weiß \"N\" CL - KLEMMLEISTE",2132]
[29116073,"Polyestertreppe Modell \"COMFORT 220 \" Farbe weiß \"N\" CL - KLEMMLEISTE",2576.08]
[29116075,"Polyestertreppe Modell \"KANTO 250 \" Farbe weiß \"N\" CL - KLEMMLEISTE",2915.2]
[29116077,"Polyestertreppe Modell \"KANTO 300 \" Farbe weiß \"N\" CL - KLEMMLEISTE",3826.16]
[29116080,"Polyestertreppe Modell \"KANTO 250 \" Farbe weiß \"N+S\" CL - GEWEBEFOLIE",2868.32]
[29116081,"Polyestertreppe Modell \"KANTO 300 \" Farbe weiß \"N+S\" CL - GEWEBEFOLIE",3826.16]
[29116084,"Polyestertreppe Modell \"RAVENNA ECK 200x200 \" Farbe weiß \"N\" CL - KLEMMLEISTE",3126.24]
[29116086,"Polyestertreppe Modell \"RAVENNA ECK 200x200 \" Farbe weiß \"N\" CL - GEWEBEFOLIE",3126.24]
[29116095,"Polyestertreppe Modell \"ADRIA 300 \" Farbe weiß \"N\" CL - KLEMMLEISTE",3593.2]
[29116112,"Polyestertreppe Modell \"MALAGA 225 \" Farbe weiß \"N+S\" CL - GEWEBEFOLIE",2732.08]
[29116114,"Polyestertreppe Modell \"MALAGA 225 \" Farbe weiß \"N\" CL - KLEMMLEISTE",2732.08]
[29116116,"Polyestertreppe Modell \"MALAGA 325 \" Farbe weiß \"N\" CL - KLEMMLEISTE",3782.48]
[29116118,"Polyestertreppe Modell \"MALAGA 325 \" Farbe weiß \"N+S\" CL - GEWEBEFOLIE",3782.48]
[29116128,"Polyestertreppe Modell \"RIO 150 \" Farbe weiß \"N\" CL - KLEMMLEISTE",1927.12]
[29116130,"Polyestertreppe Modell \"RIO 150 \" Farbe weiß \"N+S\" CL - GEWEBEFOLIE",1927.12]
[29116200,"6 % Aufpreis für Polyestertreppe - Farbe weis (03) > Farbe hellbalu (04)",0]
[29116250,"6% Aufpreis für Polyestertreppe - Farbe weis (03) > Farbe SAND (13)",0]
[29116300,"12% Aufpreis für Polyestertreppe - Farbe weis (03) > Farbe ADRIABLAU (07)",0]
[29116350,"12% Aufpreis für Polyestertreppe - Farbe weis (03) > Farbe SILBER (22)",0]
[29116400,"12% Aufpreis für Polyestertreppe - Farbe weis (03) > Farbe GRANIT (30)",0]
[29116450,"Stufenauflage der Polyestertreppe - in Wunschfarbe",160.16]
[29116500,"Vorfracht Transport der Polyestertreppe - ab Werk Slovakei >Linz",133.4]
[29125253,"INNENHÜLLE Achtformb. PVC 0,8mm, ø5,25 x 3,20m, H 150cm - GRAU",529.05999999999995]
[29125257,"INNENHÜLLE Achtformb. PVC 0,8mm, ø5,25 x 3,20m, H 120cm - GRAU",448.21]
[29125403,"INNENHÜLLE Achtformb. PVC 0,8mm, ø5,40 x 3,50m, H 150cm - GRAU",494.93]
[29125407,"INNENHÜLLE Achtformb. PVC 0,8mm, ø5,40 x 3,50m, H 120cm - GRAU",469.72]
[29126253,"INNENHÜLLE Achtformb. PVC 0,8mm, ø6,25 x 3,60m, H 150cm - GRAU",652.48]
[29126257,"INNENHÜLLE Achtformb. PVC 0,8mm, ø6,25 x 3,60m, H 120cm - GRAU",559.95000000000005]
[29126503,"INNENHÜLLE Achtformb. PVC 0,8mm, ø6,50 x 4,20m, H 150cm - GRAU",738.63]
[29126507,"INNENHÜLLE Achtformb. PVC 0,8mm, ø6,50 x 4,20m, H 120cm - GRAU",619.42999999999995]
[29127253,"INNENHÜLLE Achtformb. PVC 0,8mm, ø7,25 x 4,60m, H 150cm - GRAU",841.9]
[29127257,"INNENHÜLLE Achtformb. PVC 0,8mm, ø7,25 x 4,60m, H 120cm - GRAU",733.69]
[29127703,"INNENHÜLLE Achtformb. PVC 0,8mm, ø7,70 x 5,00m, H 150cm - GRAU",887.61]
[29127707,"INNENHÜLLE Achtformb. PVC 0,8mm, ø7,70 x 5,00m, H 120cm - GRAU",807.98]
[29128553,"INNENHÜLLE Achtformb. PVC 0,8mm, ø8,55 x 5,00m, H 150cm - GRAU",1083.73]
[29128557,"INNENHÜLLE Achtformb. PVC 0,8mm, ø8,55 x 5,00m, H 120cm - GRAU",950.59]
[29135000,"ECK - Einstelltreppe FLEXIBLE, Farbe WEISS",1624.17]
[29135001,"ECK - Einstelltreppe FLEXIBLE, Farbe GRAU",1658.33]
[29135002,"ECK - Einstelltreppe FLEXIBLE, Farbe SAND",1658.33]
[29135012,"ABVERKAUF ECK - Einstelltreppe FLEXIBLE, Farbe SAND",1550]
[29135013,"ABVERKAUF ECK - Einstelltreppe FLEXIBLE, Farbe Weiss",1550]
[29135090,"Handlauf zu Einstelltreppe inkl. Montageset",415.83]
[29136000,"GERADE - Einstelltreppe ATHENA, Farbe WEISS",1915.83]
[29136001,"ABVERKAUF GERADE - Einstelltreppe ATHENA, Farbe WEISS",1832.5]
[29136002,"GERADE - Einstelltreppe ATHENA, Farbe GRAU",1915.83]
[29136003,"GERADE - Einstelltreppe ATHENA, Farbe SAND",1915.83]
[291385011,"Römische Einbautreppe OPERA 250 H150 4 Stufen",1582.5]
[29251500,"Winkel gleichschenkelig - Alu eloxiert 40 x 40 x 2 mm - ELOX",9.4499999999999993]
[29251550,"Winkel - Alu eloxiert 30 x 20 x 2 mm - ELOX",7.5]
[30903000,"Schwimmbecken-Überdachung Wandmontage",0]
[31001063,"Selbstbausatz KLASIK C - CLEAR 1073 x 571 x 155 cm - Klarglas, ohne Schienenverlängerung",9623.33]
[31001091,"Schwimmbadüberdachung KLASIK - 646x350x95 cm - Profil \"M\"",3615.66]
[31001516,"\"Einseitige Laufschiene\" Position der Laufschiene > vom größten Modul",0]
[31001812,"Einflügelige Angeltür in Stirnwand",494]
[31001814,"Schienenverlängerung AIR - Spurweite 7 cm (je 1 cm)",0.32]
[31001836,"4 Tragprofile am Element + 25% Aufpreis",0]
[31001852,"Zweiflügelige Angeltür in der Stirnwand",926.97]
[31001900,"Verkürzung der Überdachung - beliebig (+ 6% Aufpreis)",0]
[31001908,"Erhöhung der Überdachung - per 10cm: (+2% Aufpreis)",0]
[31001910,"Rückwand abnehmbar - mit Schnellverschraubung",56.6]
[31001912,"einflügelige Schiebetür in Vorderwand",525.5]
[31001913,"Seiteneingang im grösstem Element, versperrbar",563]
[31001914,"Einflügelige Angeltür in Rückwand",559]
[31001915,"Schienenverlängerung Standard - Spurweite 11 cm (je 1 cm)",0.55000000000000004]
[31001918,"PC (Polycarbonat) - Platte (Kunsstoff) KLAR - 4 mm per angefangenen m2",27.5]
[31001921,"10% Aufpreis für RAL - Farben Kategorie 2",0]
[31001922,"Farben Kategorie 3: gemäß aktuellen Farbmuster +25%",0]
[31001923,"Dekor Kategorie 3: gemäß aktuellen Farbmuster",0]
[31001924,"KLAPPE GETEILT - Vorderwand - Höhe in cm:",938]
[31001925,"Sonderanfertigung Wandmontage",0]
[31001933,"farbige Doppelstegplatten blau oder grün, grau - per angefangen m2",7.15]
[31001934,"Erhöhung vom 1. Modul auf 2,05 m - + 30% auf den Grundpreis",0]
[31001935,"Winkel - Anschlag zu schienenloser Überdachung Albixon - pro Modul",33]
[31001942,"Vorderwand abnehmbar - mit Schnellverschraubung",50]
[31001944,"AUFKLAPPBARE Stirnwand (für Casablanca und Infinity)",142.30000000000001]
[31001949,"250 cm Spursicherung zu \"Schienenloser\" Überdachung eloxiert",34.5]
[31001952,"geteilte Stirnwand",182.06]
[31001954,"MINIKLAPPE (10 cm) - in Stirnwand (nur für Casa und Infinity)",486.54]
[31001955,"Sicherungsschraube (versperrbar) und Dübel 20 mm - zu schienenloser Überdachung",27]
[31001957,"zweiflügelige Schiebetür in Stirnwand",946.05]
[31002014,"Schienenverlängerung Air 70 mm - beidseitig, jede 1 cm für 1 Element",0.4]
[31002018,"SAN- Platte (Kunststoff) KLAR - 4 mm per angefangenen m2",20.67]
[31002040,"Überdachung MONACO Standard 860x400x140 cm - Profil \"M\"",8494.42]
[31002041,"Überdachung MONACO Standard 860x450x150 cm - Profil \"M\"",8887.3799999999992]
[31002042,"Überdachung MONACO Standard 860x500x165 cm - Profil \"M\"",9811.56]
[31002043,"Überdachung MONACO Standard 860x550x180 cm - Profil \"L+\"",10153.59]
[31002044,"Überdachung MONACO Standard 860x600x245 cm - Profil \"XL\"",14615.49]
[31002045,"Überdachung MONACO Standard 860x650x265 cm - Profil \"XL\"",15332.49]
[31002046,"Überdachung MONACO Standard 860x700x285 cm - Profil \"XL\"",15855.01]
[31002055,"Schwimmbadüberdachung DALLAS 860x600x108 cm - Profil \"L\"",6302.76]
[31002091,"Schwimmbadüberdachung KLASIK - 646x400x110 cm - Profil \"M\"",3883]
[31002092,"Schwimmbadüberdachung KLASIK - 646x450x120 cm - Profil \"M\"",3912.2]
[31002093,"Schwimmbadüberdachung KLASIK - 860x350x100 cm - Profil \"M\"",4889]
[31002094,"Schwimmbadüberdachung KLASIK - 860x400x110 cm - Profil \"M\"",4917.87]
[31002095,"Schwimmbadüberdachung KLASIK - 860x450x120 cm - Profil \"M\"",5246]
[31002096,"Schwimmbadüberdachung KLASIK - 860x500x130 cm - Profil \"M\"",5759]
[31002097,"Schwimmbadüberdachung KLASIK - 860x550x145 cm - Profil \"M\"",6028.48]
[31002098,"Schwimmbadüberdachung KLASIK - 860x600x155 cm - Profil \"L\"",6216.1]
[31002099,"Schwimmbadüberdachung KLASIK 1073x350x105 cm - Profil \"M\"",5790.78]
[31002100,"Schwimmbadüberdachung KLASIK 1073x400x115 cm - Profil \"M\"",5992.71]
[31002101,"Schwimmbadüberdachung KLASIK 1073x450x125 cm - Profil \"M\"",6386]
[31002102,"Schwimmbadüberdachung KLASIK 1073x500x135 cm - Profil \"M\"",6758.3]
[31002103,"Schwimmbadüberdachung KLASIK 1073x550x145 cm - Profil \"M\"",7262.33]
[31002104,"Schwimmbadüberdachung KLASIK 1073x600x155 cm - Profil \"L\"",7480.16]
[31002106,"Schwimmbadüberdachung DALLAS 646x350x75 cm - Profil\"M\"",3594.99]
[31002107,"Schwimmbadüberdachung DALLAS 646x400x79 cm - Profil\"M\"",3711.86]
[31002108,"Schwimmbadüberdachung DALLAS 646x450x82 cm - Profil\"M\"",4074]
[31002109,"Schwimmbadüberdachung DALLAS 860x350x80 cm - Profil \"M\"",4859]
[31002110,"Schwimmbadüberdachung DALLAS 860x400x84 cm - Profil \"M\"",5018]
[31002111,"Schwimmbadüberdachung DALLAS 860x450x86 cm - Profil \"M\"",5336]
[31002112,"Schwimmbadüberdachung DALLAS 860x500x94 cm - Profil \"M\"",5882.2]
[31002113,"Schwimmbadüberdachung DALLAS 860x550x100 cm - Profil \"L\"",6047.56]
[31002114,"Schwimmbadüberdachung DALLAS 1073x350x86 cm - Profil\"M\"",5758.98]
[31002115,"Schwimmbadüberdachung DALLAS 1073x400x89 cm - Profil\"M\"",5937.06]
[31002116,"Schwimmbadüberdachung DALLAS 1073x450x91 cm - Profil\"M\"",6313.89]
[31002117,"Schwimmbadüberdachung DALLAS 1073x500x98 cm - Profil\"M\"",7129.56]
[31002118,"Schwimmbadüberdachung DALLAS 1073x550x105 cm - Profil\"L\"",7328.31]
[31002119,"Schwimmbadüberdachung DALLAS 1073x600x112 cm - Profil\"L\"",7634.38]
[31002120,"Schwimmbadüberdachung CASABLANCA-niedrig, 646x350x60 cm Profil \"L\"",5952.16]
[31002121,"Schwimmbadüberdachung CASABLANCA-niedrig, 646x400x63 cm Profil \"L\"",6073]
[31002122,"Schwimmbadüberdachung CASABLANCA-niedrig, 646x450x67 cm Profil \"L\"",6212.13]
[31002123,"Schwimmbadüberdachung CASABLANCA-niedrig, 860x350x66 cm Profil \"L\"",7870.5]
[31002124,"Schwimmbadüberdachung CASABLANCA-niedrig, 860x400x69 cm Profil \"L\"",8029.5]
[31002125,"Schwimmbadüberdachung CASABLANCA-niedrig, 860x450x73 cm Profil \"L\"",8195.66]
[31002126,"Schwimmbadüberdachung CASABLANCA-niedrig, 860x500x76 cm Profil \"L\"",9044.7199999999993]
[31002127,"Schwimmbadüberdachung CASABLANCA-niedrig, 860x550x79 cm Profil \"L+\"",9276.86]
[31002128,"Schwimmbadüberdachung CASABLANCA-niedrig, 1073x350x72 cm Profil \"L\"",9699]
[31002129,"Schwimmbadüberdachung CASABLANCA-niedrig, 1073x400x75 cm Profil \"L\"",9889.01]
[31002130,"Schwimmbadüberdachung CASABLANCA-niedrig, 1073x450x79 cm Profil \"L\"",10087.76]
[31002131,"Schwimmbadüberdachung CASABLANCA-niedrig, 1073x500x82 cm Profil \"L\"",11087.86]
[31002132,"Schwimmbadüberdachung CASABLANCA-niedrig, 1073x550x85 cm Profil \"L+\"",11369.3]
[31002134,"Überdachung MONACO Standard 646x350x120 cm - Profil \"M\"",6287.92]
[31002135,"Überdachung MONACO FUTURE 646x400x200 cm - Profil \"L\"",5676.3]
[31002136,"Überdachung MONACO FUTURE 646x450x200 cm - Profil \"L\"",5714.46]
[31002137,"Überdachung MONACO Standard 860x350x125 cm - Profil \"M\"",8237.41]
[31002138,"Überdachung MONACO FUTURE 860x400x200 cm - Profil \"L\"",7024.62]
[31002139,"Überdachung MONACO FUTURE 860x450x200 cm - Profil \"L\"",7247.22]
[31002140,"Überdachung MONACO FUTURE 860x500x200 cm - Profil \"L\"",7997.7]
[31002141,"Überdachung MONACO FUTURE 860x550x210 cm - Profil \"L+\"",8388.0400000000009]
[31002142,"Überdachung MONACO FUTURE 860x600x210 cm - Profil \"L+\"",8567.7199999999993]
[31002143,"Überdachung MONACO FUTURE 1073x450x200 cm - Profil \"L\"",8928.64]
[31002144,"Überdachung MONACO FUTURE 1073x500x200 cm - Profil \"L\"",10103]
[31002145,"Überdachung MONACO FUTURE 1073x550x210 cm - Profil \"L+\"",10281.74]
[31002146,"Überdachung MONACO FUTURE 1073x600x210 cm - Profil \"L+\"",10484.459999999999]
[31002233,"Schwimmbadüberdachung CASABLANCA-niedrig, 1073x600x89 cm Profil \"L+\"",11570.43]
[31002234,"Schwimmbadüberdachung CASABLANCA-niedrig, 1073x650x120 cm Profil \"XL\"",16997]
[31002327,"Schwimmbadüberdachung CASABLANCA-niedrig, 860x600x83 cm Profil \"L+\"",9445.4]
[31002328,"Schwimmbadüberdachung CASABLANCA-niedrig, 860x650x110 cm Profil \"XL\"",13627.1]
[31002420,"Überdachung MONACO Standard 646x400x140 cm - Profil \"M\"",6513]
[31002421,"Überdachung MONACO Standard 646x450x145 cm - Profil \"M\"",6806.33]
[31002422,"Überdachung MONACO Standard 646x500x160 cm - Profil \"M\"",7569.61]
[31002423,"Überdachung MONACO Standard 646x550x180 cm - Profil \"L+\"",7871.95]
[31002424,"Überdachung MONACO Standard 646x600x245 cm - Profil \"XL\"",11954.64]
[31002425,"Überdachung MONACO Standard 646x650x260 cm - Profil \"XL\"",12481.06]
[31002426,"Überdachung MONACO Standard 646x700x280 cm - Profil \"XL\"",12923.13]
[31002456,"Modul Aretierung (Laufschien Elegance) - rechts - Einfallwinkel 47°-79°",34]
[31002500,"farbiges Polycarbonat 4 mm - für jeden m2 (grün, blau, grau)",37.36]
[31002523,"Verrigelung Angeltüre",23]
[31002542,"Niete Edelstahl - per Stück",0.46]
[31002543,"Sicherheitsschlüßel für Kunsstoffmutter und Seiteneingang",6.42]
[31002545,"Schlüssel - schwarzer Kunststoff - für Standard Bausätze bis 2013",3]
[31002550,"Handgriff Seiteneingang mit Knopf - absperrbar! inkl. Schlüssel",40]
[31002551,"Gummidichtung 50 mm zu Profilbögen (Gummi - per LFM) bis 2014 verwendet",5.41]
[31002552,"Modul Aretierung (Laufschien Excelence) - links - Einfallwinkel 47°-79°",34]
[31002554,"Bodenanker - für Vorder-u. Rückwand",47.02]
[31002555,"Klarsichteinsatz Speck Pumpe-Bettar (ohne Dichtung) Vorfilter",20.75]
[31002556,"Türband - Klappe, links (6 Löcher)",12]
[31002557,"Türband - Angeltür links (4 Löcher)",10]
[31002558,"Hand Griff ohne Knopf ( Seiteneingang von innen, Vorderwand",1.57]
[31002559,"Laufrolle Elegance, Durchmesser 69 mm, neue Profile",28]
[31002560,"Reparaturset (Links+Rechts) Führungsschiene Schienenlos - inkl. Montagezubehör",75]
[31002562,"Plastikteil für Strebe (Schneelastträger)",1.38]
[31002563,"Laufrolle standard, Durchmesser 43,5 mm",18]
[31002565,"Gewindeirng zu Speck Pumpe-Bettar (Vorfilter)",24.17]
[31002566,"Sicherheitskunstoffmutter M6",1.33]
[31002567,"Niet 4x20 DIN 7337 A4/A4 - INOX/INOX",0.33]
[31002568,"Verbindunngshülse zu Laufschiene Standard Schiene 22 mm (auch Bausätze)",2.0699999999999998]
[31002569,"Verschraubung komplett zu Magic (Bundbuchse od. Schlauchanschluss) m. GI-Ring",8.24]
[31002575,"O-Ring für Deckel Speck Pumpe-Bettar (Vorfilter)",4.17]
[31002576,"Saugsieb mit Griff Pumpe-Bettar",24.92]
[31002577,"Türband - Klappe, rechts (6 Löcher)",12]
[31002579,"Verbindungstift zu Laufschiene Elegance 15 mm (auch Bausätze)",3.75]
[31002588,"Gleitringdichtung 14mm Pumpe-Bettar",40.83]
[31002589,"PE - Gewebefolie - Farbe:Silber ( - per LFM) Standardhöhe: 11 cm",6.67]
[31002590,"Gummilappen 150 mm - für Stirnwanderhöhung 90-100 mm - grau (Länge 1 m)",3.09]
[31002593,"Rampe Stopper fixiert das Modul",4]
[31002595,"Laufrolle Schienenlos, Durchmesser 80 mm",23.3]
[31002598,"Schloss der Angeltür (linke und rechte)",24]
[31002650,"Führungsschiene zu schienenloser Überdachung - silver elox o. anthrazith",51.5]
[31002655,"Bürste zu Führungsschiene - zu schienenloser Überdachung - silver elox o. anthrazith",36]
[31002658,"Endanschlag + Führungsrolle + Imbusschraube m. Mutter (4+5+6+7)",32.92]
[31002659,"Endanschlag für Albixon-Überdachung",3.17]
[31002660,"Abdeckung der Schiene AIR 20mm (für 45° und 90°, links, Kunststoff)",4.83]
[31002661,"Türband - Klappe, links",22.42]
[31002662,"Abstandhalter + Blechschraube - zu schienenloser Überdachung (2+3)",8]
[31002663,"Türband - Angeltür rechts",17.579999999999998]
[31002664,"Endung der Laufräderprofil (profil 36,3 x 50 mm)",3.17]
[31002665,"Türband - Angeltür links",16]
[31002666,"Abdeckung der Schiene AIR 20mm (für 45° und 90°, rechts, Kunststoff)",4.83]
[31002667,"Laufrolle Air, Durchmesser 60 mm",25.58]
[31002668,"Laufrolle Elegance, Durchmesser 63 mm, neue Profile",24]
[31002669,"Schlüssel für das Schloss",4.83]
[31002670,"Seitenstopper (Zapfen) - schmal - 1,6 cm",6.42]
[31002671,"Seitenstopper (Zapfen) - breit - 2 cm",6.42]
[31002672,"Arretierungsstift Elegance - kurz",8]
[31002673,"Unterlage flach Elegance 13,0 DIN 125 A2",3.17]
[31002674,"Bolzen für Arretierung",75.17]
[31002675,"Arretierung Air M Bogen Rechts - mit Rosette (Kunststoff)",22.42]
[31002676,"Arretierung der Vorderwand - Durchmesser 8 mm, Länge 300 mm, ohne Kunstoffmutter",9.58]
[31002677,"Frontverriegelung 7x200mm - außen",9.58]
[31002678,"Innere Arretierung der Vorderwand, Vollständig mit Kunstoffmutter, Länge 235 mm",22.42]
[31002679,"Modulstopper (Normschienen) rechts, (36,3 x 50mm Profil)",24]
[31002680,"Schienenendstück Elegance große links",3.17]
[31002681,"Schienenendstück Elegance große rechts",3.17]
[31002682,"Schienenendstück Elegance klein rechts",3.17]
[31002683,"Befestigungselement der Gummidichtung",3.17]
[31002684,"Seitenstopper (Zapfen) - breit - 2,5 cm",6.42]
[31002685,"Hubbegrenzung 40,5 Kunststoff",4.92]
[31002686,"Bolzen der Schienenverbindung Elegance - typ V",4.92]
[31002687,"Arretierungsstange des Moduls",4.92]
[31002688,"Modulstopper (Normschienen) links, (36,3 x 50mm Profil)",24]
[31002689,"Arretierungsauge",16.079999999999998]
[31002690,"Verschliessbare Sicherheitskunstoffmutter M6",36.83]
[31002691,"Laufrolle Elegance, Durchmesser 53 mm, neue Profile",24]
[31002692,"Griffverstärkung für Dach",24]
[31002693,"Unterlegscheibe M10 DIN 6797A A2 - verzahnt mit Außenverzahnung",24]
[31002694,"Unterlage flach Elegance 10,5 DIN 125 A2",3.17]
[31002695,"Mutter M10 DIN 557 A2 - Vierkant",3.17]
[31002696,"M6x50 DIN 912 A2 - Schraube",3.17]
[31002697,"Führungbolzen standard Schienen",6.92]
[31002698,"Führungbolzen standard Schienen",6.92]
[31002699,"Arretierungsstange des Moduls - 50 mm",16.079999999999998]
[31002700,"Arretierungsstange des Moduls - 200 mm",13.83]
[31002701,"Arretierungsstange des Moduls - 300 mm",13.83]
[31002845,"Türband - Angeltür rechts (4 Löcher)",14]
[31002850,"Endabschluss zu Elegance Laufschiene - RECHTS - KLEIN",1.55]
[31002851,"Endabschluss zu Elegance Laufschiene - LINKS - KLEIN",1.55]
[31002852,"Endabschluss zu Elegance Laufschiene - LINKS - GROSS",1.55]
[31002853,"Endabschluss zu Elegance Laufschiene - RECHTS - GROSS",1.55]
[31002860,"Puffer / Anschlag zu Albixon Ininity schienenlos Teil - Nr. 1",10.42]
[31002870,"Puffer / Anschlag zu Albixon Ininity schienenlos Teil - Nr. 2",10.42]
[31002880,"Puffer / Anschlag zu Albixon Ininity schienenlos Teil - Nr. 3",10.42]
[31002922,"Schwimmbadüberdachung CASABLANCA-niedrig, 646x500x70 cm Profil \"L\"",6903.78]
[31002923,"Schwimmbadüberdachung CASABLANCA-niedrig, 646x550x73 cm Profil \"L+\"",7092.2]
[31002924,"Schwimmbadüberdachung CASABLANCA-niedrig, 646x600x77 cm Profil \"L+\"",7223.37]
[31002925,"Schwimmbadüberdachung CASABLANCA-niedrig, 646x650x101 cm Profil \"XL\"",10849.36]
[31002929,"Geteilte Stirnwand",187.6]
[31002943,"Überdachungsverlängerung bis 50 cm Standardlänge (+ 11% Aufpreis)",0]
[31002944,"Zusätzliche Schneestreben + 3% auf Grundpreis",0]
[31002945,"Verlängerung der Überdachung über 50 cm bis 100 cm (+ 22% Aufpreis)",0]
[31002946,"Überdachungsverlängerung mehr als 50 >100 cm (+ 22%)",0]
[31002948,"Verkürzung der Überdachung - beliebig + 6% Aufpreis vom Grundpreis",0]
[31002949,"Aufpreis für \"Versperrbare Verriegelung\" pro Stück",17.62]
[31002951,"Doppelstegplatten Hammer Finish - per m2",5.4]
[31003010,"Sonderanfertigung Wandmontage",0]
[31003098,"Schwimmbadüberdachung KLASIK - 860x650x165 cm - Profil \"L\"",6791.68]
[31003102,"Schwimmbadüberdachung KLASIK 1073x650x170 cm - Profil \"L\"",8190.09]
[31003106,"Schwimmbadüberdachung KLASIK 1287x650x170 cm - Profil \"L\"",9629.0400000000009]
[31003129,"Schwimmbadüberdachung CASABLANCA-niedrig, 1287x350x78 cm Profil \"L\"",11610.18]
[31003130,"Schwimmbadüberdachung CASABLANCA-niedrig, 1287x400x81 cm Profil \"L\"",11831.19]
[31003131,"Schwimmbadüberdachung CASABLANCA-niedrig, 1287x450x85 cm Profil \"L\"",12062.54]
[31003132,"Schwimmbadüberdachung CASABLANCA-niedrig, 1287x500x88 cm Profil \"L\"",13213.7]
[31003133,"Schwimmbadüberdachung CASABLANCA-niedrig, 1287x550x91 cm Profil \"L+\"",13544.42]
[31003134,"Schwimmbadüberdachung CASABLANCA-niedrig, 1287x600x95 cm Profil \"L+\"",13778.14]
[31003135,"Schwimmbadüberdachung CASABLANCA-niedrig, 1287x650x128 cm Profil \"XL\"",19418.669999999998]
[31003140,"Schwimmbadüberdachung CASABLANCA-niedrig, 1287x700x132 cm Profil \"XL\"",19639.68]
[31003141,"Schwimmbadüberdachung CASABLANCA-niedrig, 1073x700x123 cm Profil \"XL\"",16673.54]
[31003142,"Schwimmbadüberdachung CASABLANCA-niedrig, 860x700x113 cm Profil \"XL\"",13780.53]
[31003143,"Schwimmbadüberdachung CASABLANCA-niedrig, 646x700x104 cm Profil \"XL\"",10953.51]
[31004002,"Schwimmbadüberdachung KLASIK - 646x500x130 cm - Profil \"M\"",4348.6499999999996]
[31004003,"Schwimmbadüberdachung KLASIK - 646x550x140 cm - Profil \"M\"",4673.01]
[31004004,"Schwimmbadüberdachung KLASIK - 646x600x150 cm - Profil \"L\"",4829.62]
[31004005,"Schwimmbadüberdachung KLASIK - 646x650x165 cm - Profil \"L\"",5322.52]
[31004007,"Schwimmbadüberdachung KLASIK 1287x350x105 cm - Profil \"M\"",6879.93]
[31004008,"Schwimmbadüberdachung KLASIK 1287x400x115 cm - Profil \"M\"",7112.07]
[31004009,"Schwimmbadüberdachung KLASIK 1287x450x125 cm - Profil \"M\"",7349.78]
[31004010,"Schwimmbadüberdachung KLASIK 1287x500x140 cm - Profil \"M\"",8001.67]
[31004011,"Schwimmbadüberdachung KLASIK 1287x550x150 cm - Profil \"M\"",8595.5400000000009]
[31004012,"Schwimmbadüberdachung KLASIK 1287x600x160 cm - Profil \"L\"",8843.58]
[31004014,"Schwimmbadüberdachung DALLAS 646x500x89 cm - Profil\"M\"",4675]
[31004015,"Schwimmbadüberdachung DALLAS 646x550x96 cm - Profil\"L\"",4676.1899999999996]
[31004016,"Schwimmbadüberdachung DALLAS 646x600x105 cm - Profil \"L\"",4884.4799999999996]
[31004017,"Überdachung MONACO Standard 1073x350x125 cm - Profil \"M\"",10060.98]
[31004018,"Überdachung MONACO FUTURE 1073x400x200 cm - Profil \"L\"",8443.7000000000007]
[31004019,"Überdachung MONACO Standard 1287x350x130 cm - Profil \"M\"",11997.58]
[31004020,"Überdachung MONACO FUTURE 1287x400x200 cm - Profil \"L\"",10161.69]
[31004021,"Überdachung MONACO FUTURE 1287x450x200 cm - Profil \"L\"",10566.34]
[31004022,"Überdachung MONACO FUTURE 1287x500x200 cm - Profil \"L\"",11557.71]
[31004023,"Überdachung MONACO FUTURE 1287x550x210 cm - Profil \"L+\"",12112.62]
[31004024,"Überdachung MONACO FUTURE 646x500x200 cm - Profil \"L\"",6474.48]
[31004025,"Überdachung MONACO FUTURE 646x550x210 cm - Profil \"L+\"",6792.48]
[31004026,"Überdachung MONACO FUTURE 646x600x210 cm - Profil \"L+\"",6949.09]
[31004027,"Schwimmbadüberdachung KLASIK - 1050x350x125 cm (LxBxH)",0]
[31004029,"Schwimmbadüberdachung KLASIK - 1050x450x150 cm (LxBxH)",0]
[31004030,"Schwimmbadüberdachung KLASIK - 1050x500x160 cm (LxBxH)",0]
[31004031,"Schwimmbadüberdachung KLASIK - 1050x550x170 cm (LxBxH)",0]
[31004032,"Schwimmbadüberdachung KLASIK - 1050x600x180 cm (LxBxH)",0]
[31004033,"Schwimmbadüberdachung KLASIK - 630x300x105cm (LxBxH)",0]
[31004034,"Schwimmbadüberdachung KLASIK - 630x350x120cm (LxBxH)",0]
[31004035,"Schwimmbadüberdachung KLASIK - 630x400x125cm (LxBxH)",0]
[31004036,"Schwimmbadüberdachung KLASIK - 630x450x145cm (LxBxH)",0]
[31004037,"Schwimmbadüberdachung KLASIK - 630x500x155cm (LxBxH)",0]
[31004038,"Schwimmbadüberdachung KLASIK - 630x550x165cm (LxBxH)",0]
[31004039,"Schwimmbadüberdachung KLASIK - 630x600x175cm (LxBxH)",0]
[31004040,"Schwimmbadüberdachung KLASIK - 840x300x105cm (LxBxH)",0]
[31004041,"Schwimmbadüberdachung KLASIK - 840x350x125cm (LxBxH)",0]
[31004042,"Schwimmbadüberdachung KLASIK - 840x400x135cm (LxBxH)",0]
[31004043,"Schwimmbadüberdachung KLASIK - 840x450x145cm (LxBxH)",0]
[31004044,"Schwimmbadüberdachung KLASIK - 840x500x155cm (LxBxH)",0]
[31004045,"Schwimmbadüberdachung KLASIK - 840x600x180cm (LxBxH)",0]
[31004048,"Schwimmbadüberdachung KLASIK - 1260x350x130cm (LxBxH)",0]
[31004049,"Schwimmbadüberdachung KLASIK - 1260x400x140cm (LxBxH)",0]
[31004050,"Schwimmbadüberdachung KLASIK - 1260x450x150cm (LxBxH)",0]
[31004051,"Schwimmbadüberdachung KLASIK - 1260x500x160cm (LxBxH)",0]
[31004052,"Schwimmbadüberdachung KLASIK - 1260x550x180cm (LxBxH)",0]
[31004053,"Schwimmbadüberdachung KLASIK - 1260x600x195cm (LxBxH)",0]
[31004055,"Schwimmbadüberdachung DALLAS 1287x350x92 cm - Profil\"M\"",6883.11]
[31004056,"Schwimmbadüberdachung DALLAS 1287x400x94 cm - Profil\"M\"",7076.3]
[31004057,"Schwimmbadüberdachung DALLAS 1287x450x97 cm - Profil\"M\"",7523.88]
[31004058,"Schwimmbadüberdachung DALLAS 1287x500x103 cm - Profil\"M\"",8451.64]
[31004059,"Schwimmbadüberdachung DALLAS 1287x550x109 cm - Profil\"L\"",8678.2199999999993]
[31004060,"Schwimmbadüberdachung DALLAS 1287x600x116 cm - Profil\"L\"",9031.99]
[31004080,"Überdachung MONACO Standard 1287x400x145 cm - Profil \"M\"",12336.19]
[31004081,"Überdachung MONACO Standard 1287x450x155 cm - Profil \"M\"",12900.55]
[31004082,"Überdachung MONACO Standard 1287x500x170 cm - Profil \"M\"",14125.92]
[31004083,"Überdachung MONACO Standard 1287x550x185 cm - Profil \"L+\"",14600.32]
[31004084,"Überdachung MONACO Standard 1287x600x250 cm - Profil \"XL\"",20103.55]
[31004086,"Überdachung MONACO Standard 1287x650x270 cm - Profil \"XL\"",21127.86]
[31004087,"Überdachung MONACO Standard 1287x700x290 cm - Profil \"XL\"",21794.43]
[31004124,"Überdachung MONACO FUTURE 1287x600x220 cm - Profil \"L+\"",12338.4]
[31004220,"Überdachung MONACO Standard 1073x400x145 cm - Profil \"M\"",10392.91]
[31004221,"Überdachung MONACO Standard 1073x450x155 cm - Profil \"M\"",10871.55]
[31004222,"Überdachung MONACO Standard 1073x500x165 cm - Profil \"M\"",11910.84]
[31004223,"Überdachung MONACO Standard 1073x550x180 cm - Profil \"L+\"",12318.22]
[31004224,"Überdachung MONACO Standard 1073x600x250 cm - Profil \"XL\"",17345.71]
[31004225,"Überdachung MONACO Standard 1073x650x270 cm - Profil \"XL\"",18237.57]
[31004226,"Überdachung MONACO Standard 1073x700x285 cm - Profil \"XL\"",18747.599999999999]
[31005050,"Whirlpool Überdachung KLASIK SPA - Modell A",3408.33]
[31005060,"Whirlpool Überdachung KLASIK SPA - Modell B",4908.33]
[31007653,"AKTION Überdachung KLASIK C - EXCELLENCE 1073 x 570 x 155 cm - KIEFER, inkl. 230 cm Laufschiene",7575]
[31007800,"AKTIONS Überdachung KLASIK A PRO+ 636 x 360 x 80 cm, ELOX",2908.33]
[31007850,"AKTIONS Überdachung KLASIK B PRO+ 846 x 470 x 100 cm, ELOX",4041.67]
[31008000,"BOX CASA INFINITY \"A\" - 646x390x62 cm - Klarglas",6668.33]
[31008001,"Schwimmbadüberdachung KLASIK - B 840x470x155cm (LxBxH)",0]
[31008050,"Schienenverlängerung 215 cm - Modell B (altes Modell)",143.69999999999999]
[31008060,"Schienenverlängerung AIR 280 cm - 3 Module, Modell A",166.67]
[31008070,"Schienenverlängerung AIR 323 cm - 3 Module, Modell A",191.67]
[31008080,"Einseitige Schienenverlängerung AIR 280 cm - 3 Module, Modell A",83.48]
[31008082,"Einseitige Schienenverlängerung AIR 280 cm - 4 Module, Modell B",102.56]
[31008090,"NOBOX + 16% Aufpreis - Vormontage der Module im Werk",224.1]
[31008110,"Überdachung Modell INFINITY \"schienenlos\" 646x350x52 cm - Profil \"L\" - Türen zusätzlich!",8547.84]
[31008111,"Überdachung Modell INFINITY \"schienenlos\" 646x400x54 cm - Profil \"L\" - Türen zusätzlich!",8851.5300000000007]
[31008112,"Überdachung Modell INFINITY \"schienenlos\" 646x450x56 cm - Profil \"L\" - Türen zusätzlich!",9200.5400000000009]
[31008113,"Überdachung Modell INFINITY \"schienenlos\" 646x500x58 cm - Profil \"L\" - Türen zusätzlich!",9770.5499999999993]
[31008120,"Überdachung Modell INFINITY \"schienenlos\" 860x350x58 cm - Profil \"L\" - Türen zusätzlich!",10835.06]
[31008121,"Überdachung Modell INFINITY \"schienenlos\" 860x400x61 cm - Profil \"L\" - Türen zusätzlich!",11255.61]
[31008122,"Überdachung Modell INFINITY \"schienenlos\" 860x450x63 cm - Profil \"L\" - Türen zusätzlich!",11675.37]
[31008123,"Überdachung Modell INFINITY \"schienenlos\" 860x500x65 cm - Profil \"L\" - Türen zusätzlich!",12762]
[31008130,"Überdachung Modell INFINITY \"schienenlos\" 1073x350x65 cm - Profil \"L\" - Türen zusätzlich!",13145.32]
[31008131,"Überdachung Modell INFINITY \"schienenlos\" 1073x400x67 cm - Profil \"L\" - Türen zusätzlich!",13644.58]
[31008132,"Überdachung Modell INFINITY \"schienenlos\" 1073x450x69 cm - Profil \"L\" - Türen zusätzlich!",14158.95]
[31008133,"Überdachung Modell INFINITY \"schienenlos\" 1073x500x71 cm - Profil \"L\" - Türen zusätzlich!",14994.5]
[31008140,"Überdachung Modell INFINITY \"schienenlos\" 1287x350x71 cm - Profil \"L\" - Türen zusätzlich!",15450.03]
[31008141,"Überdachung Modell INFINITY \"schienenlos\" 1287x400x73 cm - Profil \"L\" - Türen zusätzlich!",16039.92]
[31008142,"Überdachung Modell INFINITY \"schienenlos\" 1287x450x76 cm - Profil \"L\" - Türen zusätzlich!",16435.830000000002]
[31008143,"Überdachung Modell INFINITY \"schienenlos\" 1287x500x78 cm - Profil \"L\" - Türen zusätzlich!",17622.759999999998]
[31008210,"BOX CASA INFINITY \"A\" - 646x390x62 cm,CARBON, Klarglas, einseitige Laufschiene LINKS (ohne Verlängerung)",6658.33]
[31008250,"BOX CASA INFINITY \"A\" - 646x390x62 cm,CARBON, Klarglas, einseitige Laufschiene RECHTS (ohne Verlängerung)",6658.33]
[31008300,"BOX CASA INFINITY \"B\" - 860 x 500 x 70 cm - Klarglas",9710]
[31008350,"BOX CASA INFINITY \"B\" - 860x500x75 cm,CARBON, Klarglas, einseitige Laufschiene LINKS (ohne Verlängerung)",8325]
[31008380,"BOX CASA INFINITY \"B\" - 860x500x75 cm,CARBON, Klarglas, einseitige Laufschiene RECHTS (ohne Verlängerung)",8325]
[31008850,"Schienenverlängerung AIR 250 cm - 4 Module, Modell B",191.67]
[31008851,"Schienenverlängerung AIR 250 cm - 5 Module, Modell C",233.33]
[31008860,"Schienenverlängerung AIR 280 cm - 4 Module, Modell B",208.33]
[31008870,"Schienenverlängerung AIR 323 cm - 4 Module, Modell B",233.33]
[31009000,"Selbstbausatz KLASIK A - 646 x 361 x 105 cm - 8 mm Stegplatte; ohne Schienenverlängerung",3523.33]
[31009001,"Selbstbausatz KLASIK B - 860 x 471 x 130 cm - 8 mm Stegplatte; ohne Schienenverlängerung",5282.5]
[31009002,"Selbstbausatz KLASIK C - 1073x571x155 cm - 8 mm Stegplatte, ohne Schienenverlängerung",7553.33]
[31009005,"Selbstbausatz KLASIK A - 646x361x105 cm - DB703 ANTHRAZIT, 8 mm Stegplatte, ohne Schienenverlängerung",3523.33]
[31009006,"Selbstbausatz KLASIK B - 860x471x130 cm - DB703 ANTHRAZIT, 8 mm Stegplatte; ohne Schienenverlängerung",5282.5]
[31009010,"Schienenverlängerung AIR 250 cm - 3 Module, Modell A",150]
[31009012,"Selbstbausatz CASABLANCA A - Bausatz 970 x 578 x 263 cm - RAL Farbe, inkl. 230 cm Schienenverlängerung",20825]
[31009013,"Selbstbausatz CASABLANCA B - Bausatz 1286 x 678 x 283 cm - RAL Farbe, inkl. 230 cm Schienenverlängerung",28325]
[31009014,"Selbstbausatz CASABLANCA C - Bausatz 1603 x 700 x 294 cm - RAL Farbe, inkl. 230 cm Schienenverlängerung",35825]
[31009015,"Selbstbausatz KLASIK C - 1073x570x155 cm - DB703 ANTHRAZIT, 8 mm Stegplatte, ohne Schieneverlängerung",7553.33]
[31009019,"coaxProfil schmal silber Gs2,5 Meter Länge",26.6]
[31009023,"Klasik No-line B - Schienenlose Ausführung - 1254 x 715 x 150",12165.83]
[31009029,"coaxAbdeckung PVC schwarz - per 1 lfm",2.23]
[31009039,"coaxKappe PVC schwarz - Profilschmal SB",1.1499999999999999]
[31009050,"Schienenverlängerung 280 cm - Modell B (altes Modell)",213]
[31009051,"Schienenverlängerung AIR 280 cm - 5 Module, Modell C",258.33]
[31009052,"Schienenverlängerung AIR 323 cm - 5 Module, Modell C",291.67]
[31009060,"AKTION Überdachung KLASIK A+ PLUS SILVER - 646 x 360 x 100 cm - m. Seiteneinstieg und 230 cm Schienenverlängerung",2908.33]
[31009070,"AKTION Überdachung KLASIK B+ PLUS SILVER - 852 x 470 x 130 cm - m. zus.Seiteneinstieg und 230 cm Schienenverlängerung",4408.33]
[31009075,"AKTION Überdachung KLASIK C+ PLUS - SILVER - 1073 x 570 x 150 cm - m. zus.Seiteneinstieg und 230 cm Schienenverlängerung",5408.33]
[31009641,"Selbstbausatz KLASIK A - CLEAR 646 x 361 x 100 cm - Klarglas, ohne Schienenverlängerung",4614.17]
[31009651,"Selbstbausatz KLASIK A - CLEAR - 646x361x100 cm - ANTHRAZIT, Klarglas, ohne Schienenverlängerung",4614.17]
[31009652,"Selbstbausatz KLASIK B - CLEAR - 860x471x130 cm - ANTHRAZIT, Klarglas, ohne Schienenverlängerung",6825]
[31009653,"Selbstbausatz KLASIK C - CLEAR - 1073x570x155 cm - ANTHRAZIT, Klarglas, ohne Schienenverlängerung",9623.33]
[31009661,"AKTION Überdachung KLASIK A - EXCELLENCE 646 x 360 x 100 cm - KIEFER, inkl. 230 cm Laufschiene",3700]
[31009700,"Selbstbausatz DALLAS A - 646 x 407 x 75 cm - 8 mm Stegplatte, ohne Schienenverlängerung",3835]
[31009722,"Selbstbausatz DALLAS A - CLEAR - 3 Module, 646 x 407 x 75 cm, Klarglas, ohne Schienenverlängerung",5442.5]
[31009723,"Selbstbausatz DALLAS A - CLEAR - 646x407x75 cm, ANTHRAZIT,Klarglas, ohne Schienenverlängerung",5442.5]
[31009724,"Selbstbausatz DALLAS B - CLEAR - 860 x 520 x 100 cm, Klarglas, ohne Schienenverlängerung",8203.33]
[31009725,"Selbstbausatz DALLAS B - CLEAR - 860x520x85 cm, ANNTHRAZIT, Klarglas, ohne Schienenverlängerung",8203.33]
[31009750,"Selbstbausatz DALLAS B - 860 x 520 x 100 cm - 8 mm Stegplatte, ohne Schienenverlängerung",5754.17]
[31009800,"Selbstbausatz DALLAS A - 646x407x75 cm - ANTHRAZITH, 8 mm Stegplatte, ohne Schienenverlängerung",3835]
[31009850,"Selbstbausatz DALLAS B - 860x520x85 cm - ANTHRAZIT, 8 mm Stegplatte, ohne Schienenverlängerung",5754.17]
[31009852,"Selbstbausatz KLASIK B - CLEAR 860x471x130 cm - Klarglas, ohne Scheienverlängerung",6825]
[31009952,"AKTION Überdachung KLASIK B - EXCELLENCE 860 x 470 x 130 cm - KIEFER, inkl. 230 Laufschiene",5241.67]
[31042120,"Schwimmbadüberdachung INFINITY Klarglas - 646x350x60 cm Profil \"L\"",6630.3]
[31042121,"Schwimmbadüberdachung INFINITY Klarglas - 646x400x63 cm Profil \"L\"",6926.04]
[31042122,"Schwimmbadüberdachung INFINITY Klarglas - 646x450x67 cm Profil \"L\"",7142.28]
[31042123,"Schwimmbadüberdachung INFINITY Klarglas - 860x350x66 cm Profil \"L\"",8626.5400000000009]
[31042124,"Schwimmbadüberdachung INFINITY Klarglas - 860x400x69 cm Profil \"L\"",9023.25]
[31042125,"Schwimmbadüberdachung INFINITY Klarglas - 860x450x73 cm Profil \"L\"",9283.2199999999993]
[31042126,"Schwimmbadüberdachung INFINITY Klarglas - 860x500x76 cm Profil \"L\"",10123.530000000001]
[31042127,"Schwimmbadüberdachung INFINITY Klarglas - 860x550x79 cm Profil \"L+\"",11242.1]
[31042128,"Schwimmbadüberdachung INFINITY Klarglas - 1073x350x72 cm Profil \"L\"",10552.83]
[31042129,"Schwimmbadüberdachung INFINITY Klarglas - 1073x400x75 cm Profil \"L\"",11036.98]
[31042130,"Schwimmbadüberdachung INFINITY Klarglas - 1073x450x79 cm Profil \"L\"",11350.22]
[31042131,"Schwimmbadüberdachung INFINITY Klarglas - 1073x500x82cm Profil \"L\"",12343.17]
[31042132,"Schwimmbadüberdachung INFINITY Klarglas - 1073x550x85cm Profil \"L+\"",13794.84]
[31042233,"Schwimmbadüberdachung INFINITY Klarglas - 1073x600x89 cm Profil \"L+\"",14234.47]
[31042234,"Schwimmbadüberdachung INFINITY Klarglas - 1073x650x120 cm Profil \"XL\"",17790.509999999998]
[31042327,"Schwimmbadüberdachung INFINITY Klarglas - 860x600x83 cm Profil \"L+\"",11610.97]
[31042328,"Schwimmbadüberdachung INFINITY Klarglas - 860x650x110 cm Profil \"XL\"",14704.32]
[31042922,"Schwimmbadüberdachung INFINITY Klarglas - 646x500x70 cm Profil \"L\"",7818.83]
[31042923,"Schwimmbadüberdachung INFINITY Klarglas - 646x550x73 cm Profil \"L+\"",8780.7800000000007]
[31042924,"Schwimmbadüberdachung INFINITY Klarglas - 646x600x77 cm Profil \"L+\"",9063]
[31042925,"Schwimmbadüberdachung INFINITY Klarglas - 646x650x101 cm Profil \"XL\"",11848.68]
[31043129,"Schwimmbadüberdachung INFINITY Klarglas - 1287x350x78 cm Profil \"L\"",12547.48]
[31043130,"Schwimmbadüberdachung INFINITY Klarglas - 1287x400x81 cm Profil \"L\"",13119.09]
[31043131,"Schwimmbadüberdachung INFINITY Klarglas - 1287x450x85 cm Profil \"L\"",13486.38]
[31043132,"Schwimmbadüberdachung INFINITY Klarglas - 1287x500x88 cm Profil \"L\"",14631.97]
[31043133,"Schwimmbadüberdachung INFINITY Klarglas - 1287x550x91 cm Profil \"L+\"",16435.830000000002]
[31043134,"Schwimmbadüberdachung INFINITY Klarglas - 1287x600x95 cm Profil \"L+\"",16947.02]
[31043135,"Schwimmbadüberdachung INFINITY Klarglas - 1287x650x128 cm Profil \"XL\"",20893.400000000001]
[31043140,"Schwimmbadüberdachung INFINITY Klarglas - 1287x700x132 cm Profil \"XL\"",21441.15]
[31043141,"Schwimmbadüberdachung INFINITY Klarglas - 1073x700x123 cm Profil \"XL\"",18230.14]
[31043142,"Schwimmbadüberdachung INFINITY Klarglas - 860x700x113 cm Profil \"XL\"",15077.97]
[31043143,"Schwimmbadüberdachung INFINITY Klarglas - 646x700x104 cm Profil \"XL\"",11975.73]
[31051050,"Selbstbausatz SYDNEY A - CLEAR - 646 x 386 x 48 - ANTHRAZIT, Klarglas",7369.17]
[31051060,"Selbstbausatz SYDNEY B - CLEAR - 860 x 450 x 56 - ANTHRAZIT, Klarglas",10069.17]
[31051065,"Selbstbausatz SYDNEY BS - CLEAR - 752x450x56 - ANTHRAZIT, Klarglas",9857.5]
[31051070,"Selbstbausatz SYDNEY C - CLEAR - 860 x 500 x 58 - ANTHRAZIT, Klarglas",10599.17]
[31610010,"Pooldeck - BERGEN A - Ohne Terassendielen - DB 703",11800]
[31610020,"Pooldeck - BERGEN A - Terassendielen TEKA - DB 703",15555]
[31610030,"Pooldeck - BERGEN A - Terassendielen SAND - DB 703",15884.17]
[31610040,"Pooldeck - BERGEN A - Terassendielen PLATA - DB 703",15884.17]
[31610050,"Pooldeck - BERGEN A - Terassendielen NIEVE - DB 703",15884.17]
[31610060,"Pooldeck - BERGEN A - Terassendielen IPE - DB 703",15884.17]
[31610070,"Pooldeck - BERGEN A - Terassendielen CREMA - DB 703",15884.17]
[31610080,"Pooldeck - BERGEN A - Online Shop - DB 703",11800]
[31610091,"Pooldeck - BERGEN A - Thermoisolierung",666.67]
[31610092,"Pooldeck - BERGEN A - Set für Erhöhung um 20 cm",1250]
[32030000,"Modell KLASIK - Innenmass B 3,1 x L 4,33 x H 1,06 mt, 2 Module, Profil 52/40, Farbe RAL 7035, Stegplatte 8 mm",2925]
[32030005,"Modell KLASIK - Innenmass B 3,1 x L 5,15 x H 1,06 mt, 2 Module, Profil 52/40, Farbe RAL 7035, Stegplatte 8 mm",3240]
[32030010,"Modell KLASIK - Innenmass B 3,1 x L 6,5 x H 1,13 mt, 3 Module, Profil 52/40, Farbe RAL 7035, Stegplatte 8 mm",3960]
[32030015,"Modell KLASIK - Innenmass B 3,1 x L 7,73 x H 1,13 mt, 3 Module, Profil 52/40, Farbe RAL 7035, Stegplatte 8 mm",4320]
[32030020,"Modell KLASIK - Innenmass B 3,1 x L 8,67 x H 1,2 mt, 4 Module, Profil 52/40, Farbe RAL 7035, Stegplatte 8 mm",5085]
[32030025,"Modell KLASIK - Innenmass B 3,1 x L10,31 x H 1,2 mt, 4 Module, Profil 52/40, Farbe RAL 7035, Stegplatte 8 mm",5445]
[32030030,"Modell KLASIK - Innenmass B 3,1 x L10,84 x H 1,26 mt, 5 Module, Profil 52/40, Farbe RAL 7035, Stegplatte 8 mm",6210]
[32030035,"Modell KLASIK - Innenmass B 3,1 x L13,01 x H 1,33 mt, 6 Module, Profil 52/40, Farbe RAL 7035, Stegplatte 8 mm",7425]
[32030040,"Modell KLASIK - Innenmass B 3,35 x L 4,33 x H 1,13 mt, 2 Module, Profil 52/40, Farbe RAL 7035, Stegplatte 8 mm",3060]
[32030045,"Modell KLASIK - Innenmass B 3,35 x L 5,15 x H 1,13 mt, 2 Module, Profil 52/40, Farbe RAL 7035, Stegplatte 8 mm",3420]
[32030050,"Modell KLASIK - Innenmass B 3,35 x L 6,5 x H 1,2 mt, 3 Module, Profil 52/40, Farbe RAL 7035, Stegplatte 8 mm",4185]
[32030055,"Modell KLASIK - Innenmass B 3,35 x L 7,73 x H 1,2 mt, 3 Module, Profil 52/40, Farbe RAL 7035, Stegplatte 8 mm",4500]
[32030060,"Modell KLASIK - Innenmass B 3,35 x L 8,67 x H 1,26 mt, 4 Module, Profil 52/40, Farbe RAL 7035, Stegplatte 8 mm",5310]
[32030065,"Modell KLASIK - Innenmass B 3,35 x L10,31 x H 1,26 mt, 4 Module, Profil 52/40, Farbe RAL 7035, Stegplatte 8 mm",5670]
[32030070,"Modell KLASIK - Innenmass B 3,35 x L10,84 x H 1,33 mt, 5 Module, Profil 52/40, Farbe RAL 7035, Stegplatte 8 mm",6525]
[32030075,"Modell KLASIK - Innenmass B 3,35 x L13,01 x H 1,4 mt, 6 Module, Profil 52/40, Farbe RAL 7035, Stegplatte 8 mm",7740]
[32030080,"Modell KLASIK - Innenmass B 3,6 x L 4,33 x H 1,2 mt, 2 Module, Profil 70/40, Farbe RAL 7035, Stegplatte 8 mm",3195]
[32030085,"Modell KLASIK - Innenmass B 3,6 x L 5,15 x H 1,2 mt, 2 Module, Profil 70/40, Farbe RAL 7035, Stegplatte 8 mm",3600]
[32030090,"Modell KLASIK - Innenmass B 3,6 x L 6,5 x H 1,26 mt, 3 Module, Profil 70/40, Farbe RAL 7035, Stegplatte 8 mm",4365]
[32030095,"Modell KLASIK - Innenmass B 3,6 x L 7,73 x H 1,26 mt, 3 Module, Profil 70/40, Farbe RAL 7035, Stegplatte 8 mm",4770]
[32030100,"Modell KLASIK - Innenmass B 3,6 x L 8,67 x H 1,33 mt, 4 Module, Profil 70/40, Farbe RAL 7035, Stegplatte 8 mm",5535]
[32030105,"Modell KLASIK - Innenmass B 3,6 x L10,31 x H 1,33 mt, 4 Module, Profil 70/40, Farbe RAL 7035, Stegplatte 8 mm",5940]
[32030110,"Modell KLASIK - Innenmass B 3,6 x L10,84 x H 1,4 mt, 5 Module, Profil 70/40, Farbe RAL 7035, Stegplatte 8 mm",6795]
[32030115,"Modell KLASIK - Innenmass B 3,6 x L13,01 x H 1,47 mt, 6 Module, Profil 70/40, Farbe RAL 7035, Stegplatte 8 mm",8055]
[32030120,"Modell KLASIK - Innenmass B 3,85 x L 4,33 x H 1,27 mt, 2 Module, Profil 70/40, Farbe RAL 7035, Stegplatte 8 mm",3330]
[32030125,"Modell KLASIK - Innenmass B 3,85 x L 5,15 x H 1,27 mt, 2 Module, Profil 70/40, Farbe RAL 7035, Stegplatte 8 mm",3735]
[32030130,"Modell KLASIK - Innenmass B 3,85 x L 6,5 x H 1,33 mt, 3 Module, Profil 70/40, Farbe RAL 7035, Stegplatte 8 mm",4545]
[32030135,"Modell KLASIK - Innenmass B 3,85 x L 7,73 x H 1,33 mt, 3 Module, Profil 70/40, Farbe RAL 7035, Stegplatte 8 mm",4950]
[32030140,"Modell KLASIK - Innenmass B 3,85 x L 8,67 x H 1,4 mt, 4 Module, Profil 70/40, Farbe RAL 7035, Stegplatte 8 mm",5760]
[32030145,"Modell KLASIK - Innenmass B 3,85 x L10,31 x H 1,4 mt, 4 Module, Profil 70/40, Farbe RAL 7035, Stegplatte 8 mm",6210]
[32030150,"Modell KLASIK - Innenmass B 3,85 x L10,84 x H 1,47 mt, 5 Module, Profil 70/40, Farbe RAL 7035, Stegplatte 8 mm",7065]
[32030155,"Modell KLASIK - Innenmass B 3,85 x L13,01 x H 1,53 mt, 6 Module, Profil 70/40, Farbe RAL 7035, Stegplatte 8 mm",8415]
[32030160,"Modell KLASIK - Innenmass B 4,1 x L 4,33 x H 1,33 mt, 2 Module, Profil 70/40, Farbe RAL 7035, Stegplatte 8 mm",3420]
[32030165,"Modell KLASIK - Innenmass B 4,1 x L 5,15 x H 1,33 mt, 2 Module, Profil 70/40, Farbe RAL 7035, Stegplatte 8 mm",3825]
[32030170,"Modell KLASIK - Innenmass B 4,1 x L 6,5 x H 1,4 mt, 3 Module, Profil 70/40, Farbe RAL 7035, Stegplatte 8 mm",4635]
[32030175,"Modell KLASIK - Innenmass B 4,1 x L 7,73 x H 1,4 mt, 3 Module, Profil 70/40, Farbe RAL 7035, Stegplatte 8 mm",5085]
[32030180,"Modell KLASIK - Innenmass B 4,1 x L 8,67 x H 1,47 mt, 4 Module, Profil 70/40, Farbe RAL 7035, Stegplatte 8 mm",5940]
[32030185,"Modell KLASIK - Innenmass B 4,1 x L10,31 x H 1,47 mt, 4 Module, Profil 70/40, Farbe RAL 7035, Stegplatte 8 mm",6345]
[32030190,"Modell KLASIK - Innenmass B 4,1 x L10,84 x H 1,53 mt, 5 Module, Profil 70/40, Farbe RAL 7035, Stegplatte 8 mm",7245]
[32030195,"Modell KLASIK - Innenmass B 4,1 x L12,89 x H 1,53 mt, 5 Module, Profil 70/40, Farbe RAL 7035, Stegplatte 8 mm",7650]
[32030200,"Modell KLASIK - Innenmass B 4,1 x L13,01 x H 1,6 mt, 6 Module, Profil 70/40, Farbe RAL 7035, Stegplatte 8 mm",8595]
[32030205,"Modell KLASIK - Innenmass B 4,1 x L15,47 x H 1,6 mt, 6 Module, Profil 70/40, Farbe RAL 7035, Stegplatte 8 mm",9000]
[32030210,"Modell KLASIK - Innenmass B 4,35 x L 4,33 x H 1,47 mt, 2 Module, Profil 70/40, Farbe RAL 7035, Stegplatte 8 mm",3600]
[32030215,"Modell KLASIK - Innenmass B 4,35 x L 5,15 x H 1,47 mt, 2 Module, Profil 70/40, Farbe RAL 7035, Stegplatte 8 mm",4005]
[32030220,"Modell KLASIK - Innenmass B 4,35 x L 6,5 x H 1,54 mt, 3 Module, Profil 70/40, Farbe RAL 7035, Stegplatte 8 mm",4860]
[32030225,"Modell KLASIK - Innenmass B 4,35 x L 7,73 x H 1,54 mt, 3 Module, Profil 70/40, Farbe RAL 7035, Stegplatte 8 mm",5265]
[32030230,"Modell KLASIK - Innenmass B 4,35 x L 8,67 x H 1,6 mt, 4 Module, Profil 70/40, Farbe RAL 7035, Stegplatte 8 mm",6165]
[32030235,"Modell KLASIK - Innenmass B 4,35 x L10,31 x H 1,6 mt, 4 Module, Profil 70/40, Farbe RAL 7035, Stegplatte 8 mm",6570]
[32030240,"Modell KLASIK - Innenmass B 4,35 x L10,84 x H 1,67 mt, 5 Module, Profil 70/40, Farbe RAL 7035, Stegplatte 8 mm",7515]
[32030245,"Modell KLASIK - Innenmass B 4,35 x L12,89 x H 1,67 mt, 5 Module, Profil 70/40, Farbe RAL 7035, Stegplatte 8 mm",7920]
[32030250,"Modell KLASIK - Innenmass B 4,35 x L13,01 x H 1,74 mt, 6 Module, Profil 70/40, Farbe RAL 7035, Stegplatte 8 mm",8910]
[32030255,"Modell KLASIK - Innenmass B 4,35 x L15,47 x H 1,74 mt, 6 Module, Profil 70/40, Farbe RAL 7035, Stegplatte 8 mm",9360]
[32030260,"Modell KLASIK - Innenmass B 4,6 x L 4,33 x H 1,47 mt, 2 Module, Profil 70/40, Farbe RAL 7035, Stegplatte 8 mm",3735]
[32030265,"Modell KLASIK - Innenmass B 4,6 x L 5,15 x H 1,47 mt, 2 Module, Profil 70/40, Farbe RAL 7035, Stegplatte 8 mm",4140]
[32030270,"Modell KLASIK - Innenmass B 4,6 x L 6,5 x H 1,54 mt, 3 Module, Profil 70/40, Farbe RAL 7035, Stegplatte 8 mm",5040]
[32030275,"Modell KLASIK - Innenmass B 4,6 x L 7,73 x H 1,54 mt, 3 Module, Profil 70/40, Farbe RAL 7035, Stegplatte 8 mm",5445]
[32030280,"Modell KLASIK - Innenmass B 4,6 x L 8,67 x H 1,6 mt, 4 Module, Profil 70/40, Farbe RAL 7035, Stegplatte 8 mm",6390]
[32030285,"Modell KLASIK - Innenmass B 4,6 x L10,31 x H 1,6 mt, 4 Module, Profil 70/40, Farbe RAL 7035, Stegplatte 8 mm",6795]
[32030290,"Modell KLASIK - Innenmass B 4,6 x L10,84 x H 1,67 mt, 5 Module, Profil 70/40, Farbe RAL 7035, Stegplatte 8 mm",7785]
[32030295,"Modell KLASIK - Innenmass B 4,6 x L12,89 x H 1,67 mt, 5 Module, Profil 70/40, Farbe RAL 7035, Stegplatte 8 mm",8280]
[32030300,"Modell KLASIK - Innenmass B 4,6 x L13,01 x H 1,74 mt, 6 Module, Profil 70/40, Farbe RAL 7035, Stegplatte 8 mm",9225]
[32030305,"Modell KLASIK - Innenmass B 4,6 x L15,47 x H 1,74 mt, 6 Module, Profil 70/40, Farbe RAL 7035, Stegplatte 8 mm",9720]
[32030310,"Modell KLASIK - Innenmass B 4,6 x L15,18 x H 1,8 mt, 7 Module, Profil 70/40, Farbe RAL 7035, Stegplatte 8 mm",10755]
[32030315,"Modell KLASIK - Innenmass B 4,6 x L18,05 x H 1,8 mt, 7 Module, Profil 70/40, Farbe RAL 7035, Stegplatte 8 mm",11205]
[32030320,"Modell KLASIK - Innenmass B 4,85 x L 4,33 x H 1,54 mt, 2 Module, Profil 70/40, Farbe RAL 7035, Stegplatte 8 mm",3870]
[32030325,"Modell KLASIK - Innenmass B 4,85 x L 5,15 x H 1,54 mt, 2 Module, Profil 70/40, Farbe RAL 7035, Stegplatte 8 mm",4275]
[32030330,"Modell KLASIK - Innenmass B 4,85 x L 6,5 x H 1,6 mt, 3 Module, Profil 70/40, Farbe RAL 7035, Stegplatte 8 mm",5220]
[32030335,"Modell KLASIK - Innenmass B 4,85 x L 7,73 x H 1,6 mt, 3 Module, Profil 70/40, Farbe RAL 7035, Stegplatte 8 mm",5625]
[32030340,"Modell KLASIK - Innenmass B 4,85 x L 8,67 x H 1,67 mt, 4 Module, Profil 70/40, Farbe RAL 7035, Stegplatte 8 mm",6615]
[32030345,"Modell KLASIK - Innenmass B 4,85 x L10,31 x H 1,67 mt, 4 Module, Profil 70/40, Farbe RAL 7035, Stegplatte 8 mm",7110]
[32030350,"Modell KLASIK - Innenmass B 4,85 x L10,84 x H 1,74 mt, 5 Module, Profil 70/40, Farbe RAL 7035, Stegplatte 8 mm",8055]
[32030355,"Modell KLASIK - Innenmass B 4,85 x L12,89 x H 1,74 mt, 5 Module, Profil 70/40, Farbe RAL 7035, Stegplatte 8 mm",8550]
[32030360,"Modell KLASIK - Innenmass B 4,85 x L13,01 x H 1,81 mt, 6 Module, Profil 70/40, Farbe RAL 7035, Stegplatte 8 mm",9585]
[32030365,"Modell KLASIK - Innenmass B 4,85 x L15,47 x H 1,81 mt, 6 Module, Profil 70/40, Farbe RAL 7035, Stegplatte 8 mm",10035]
[32030370,"Modell KLASIK - Innenmass B 4,85 x L15,18 x H 1,87 mt, 7 Module, Profil 70/40, Farbe RAL 7035, Stegplatte 8 mm",11115]
[32030375,"Modell KLASIK - Innenmass B 4,85 x L18,05 x H 1,87 mt, 7 Module, Profil 70/40, Farbe RAL 7035, Stegplatte 8 mm",11610]
[32030380,"Modell KLASIK - Innenmass B 5,1 x L 4,33 x H 1,6 mt, 2 Module, Profil 70/40, Farbe RAL 7035, Stegplatte 8 mm",4005]
[32030385,"Modell KLASIK - Innenmass B 5,1 x L 5,15 x H 1,6 mt, 2 Module, Profil 70/40, Farbe RAL 7035, Stegplatte 8 mm",4410]
[32030390,"Modell KLASIK - Innenmass B 5,1 x L 6,5 x H 1,67 mt, 3 Module, Profil 70/40, Farbe RAL 7035, Stegplatte 8 mm",5400]
[32030395,"Modell KLASIK - Innenmass B 5,1 x L 7,73 x H 1,67 mt, 3 Module, Profil 70/40, Farbe RAL 7035, Stegplatte 8 mm",5850]
[32030400,"Modell KLASIK - Innenmass B 5,1 x L 8,67 x H 1,74 mt, 4 Module, Profil 70/40, Farbe RAL 7035, Stegplatte 8 mm",6840]
[32030405,"Modell KLASIK - Innenmass B 5,1 x L10,31 x H 1,74 mt, 4 Module, Profil 70/40, Farbe RAL 7035, Stegplatte 8 mm",7335]
[32030410,"Modell KLASIK - Innenmass B 5,1 x L10,84 x H 1,81 mt, 5 Module, Profil 70/40, Farbe RAL 7035, Stegplatte 8 mm",8370]
[32030415,"Modell KLASIK - Innenmass B 5,1 x L12,89 x H 1,81 mt, 5 Module, Profil 70/40, Farbe RAL 7035, Stegplatte 8 mm",8820]
[32030420,"Modell KLASIK - Innenmass B 5,1 x L13,01 x H 1,87 mt, 6 Module, Profil 70/40, Farbe RAL 7035, Stegplatte 8 mm",9900]
[32030425,"Modell KLASIK - Innenmass B 5,1 x L15,47 x H 1,87 mt, 6 Module, Profil 70/40, Farbe RAL 7035, Stegplatte 8 mm",10395]
[32030430,"Modell KLASIK - Innenmass B 5,1 x L15,18 x H 1,94 mt, 7 Module, Profil 70/40, Farbe RAL 7035, Stegplatte 8 mm",11475]
[32030435,"Modell KLASIK - Innenmass B 5,1 x L18,05 x H 1,94 mt, 7 Module, Profil 70/40, Farbe RAL 7035, Stegplatte 8 mm",12015]
[32030440,"Modell KLASIK - Innenmass B 5,35 x L 4,33 x H 1,67 mt, 2 Module, Profil 70/40, Farbe RAL 7035, Stegplatte 8 mm",4140]
[32030445,"Modell KLASIK - Innenmass B 5,35 x L 5,15 x H 1,67 mt, 2 Module, Profil 70/40, Farbe RAL 7035, Stegplatte 8 mm",4590]
[32030450,"Modell KLASIK - Innenmass B 5,35 x L 6,5 x H 1,74 mt, 3 Module, Profil 70/40, Farbe RAL 7035, Stegplatte 8 mm",5580]
[32030455,"Modell KLASIK - Innenmass B 5,35 x L 7,73 x H 1,74 mt, 3 Module, Profil 70/40, Farbe RAL 7035, Stegplatte 8 mm",6075]
[32030460,"Modell KLASIK - Innenmass B 5,35 x L 8,67 x H 1,81 mt, 4 Module, Profil 70/40, Farbe RAL 7035, Stegplatte 8 mm",7110]
[32030465,"Modell KLASIK - Innenmass B 5,35 x L10,31 x H 1,81 mt, 4 Module, Profil 70/40, Farbe RAL 7035, Stegplatte 8 mm",7560]
[32030470,"Modell KLASIK - Innenmass B 5,35 x L10,84 x H 1,87 mt, 5 Module, Profil 70/40, Farbe RAL 7035, Stegplatte 8 mm",8640]
[32030475,"Modell KLASIK - Innenmass B 5,35 x L12,89 x H 1,87 mt, 5 Module, Profil 70/40, Farbe RAL 7035, Stegplatte 8 mm",9135]
[32030480,"Modell KLASIK - Innenmass B 5,35 x L13,01 x H 1,94 mt, 6 Module, Profil 70/40, Farbe RAL 7035, Stegplatte 8 mm",10215]
[32030485,"Modell KLASIK - Innenmass B 5,35 x L15,47 x H 1,94 mt, 6 Module, Profil 70/40, Farbe RAL 7035, Stegplatte 8 mm",10755]
[32030490,"Modell KLASIK - Innenmass B 5,35 x L15,18 x H 2,01 mt, 7 Module, Profil 70/40, Farbe RAL 7035, Stegplatte 8 mm",11880]
[32030495,"Modell KLASIK - Innenmass B 5,35 x L18,05 x H 2,01 mt, 7 Module, Profil 70/40, Farbe RAL 7035, Stegplatte 8 mm",12375]
[32030500,"Modell KLASIK - Innenmass B 5,6 x L 4,33 x H 1,74 mt, 2 Module, Profil 70/40, Farbe RAL 7035, Stegplatte 8 mm",4275]
[32030505,"Modell KLASIK - Innenmass B 5,6 x L 5,15 x H 1,74 mt, 2 Module, Profil 70/40, Farbe RAL 7035, Stegplatte 8 mm",4770]
[32030510,"Modell KLASIK - Innenmass B 5,6 x L 6,5 x H 1,81 mt, 3 Module, Profil 70/40, Farbe RAL 7035, Stegplatte 8 mm",5760]
[32030515,"Modell KLASIK - Innenmass B 5,6 x L 7,73 x H 1,81 mt, 3 Module, Profil 70/40, Farbe RAL 7035, Stegplatte 8 mm",6255]
[32030520,"Modell KLASIK - Innenmass B 5,6 x L 8,67 x H 1,87 mt, 4 Module, Profil 70/40, Farbe RAL 7035, Stegplatte 8 mm",7335]
[32030525,"Modell KLASIK - Innenmass B 5,6 x L10,31 x H 1,87 mt, 4 Module, Profil 70/40, Farbe RAL 7035, Stegplatte 8 mm",7830]
[32030530,"Modell KLASIK - Innenmass B 5,6 x L10,84 x H 1,94 mt, 5 Module, Profil 70/40, Farbe RAL 7035, Stegplatte 8 mm",8910]
[32030535,"Modell KLASIK - Innenmass B 5,6 x L12,89 x H 1,94 mt, 5 Module, Profil 70/40, Farbe RAL 7035, Stegplatte 8 mm",9450]
[32030540,"Modell KLASIK - Innenmass B 5,6 x L13,01 x H 2,01 mt, 6 Module, Profil 70/40, Farbe RAL 7035, Stegplatte 8 mm",10530]
[32030545,"Modell KLASIK - Innenmass B 5,6 x L15,47 x H 2,01 mt, 6 Module, Profil 70/40, Farbe RAL 7035, Stegplatte 8 mm",11070]
[32030550,"Modell KLASIK - Innenmass B 5,6 x L15,18 x H 2,08 mt, 7 Module, Profil 70/40, Farbe RAL 7035, Stegplatte 8 mm",12240]
[32030555,"Modell KLASIK - Innenmass B 5,6 x L18,05 x H 2,08 mt, 7 Module, Profil 70/40, Farbe RAL 7035, Stegplatte 8 mm",12780]
[32030560,"Modell KLASIK - Innenmass B 5,85 x L 4,33 x H 1,81 mt, 2 Module, Profil 70/40, Farbe RAL 7035, Stegplatte 8 mm",4410]
[32030565,"Modell KLASIK - Innenmass B 5,85 x L 5,15 x H 1,81 mt, 2 Module, Profil 70/40, Farbe RAL 7035, Stegplatte 8 mm",4905]
[32030570,"Modell KLASIK - Innenmass B 5,85 x L 6,5 x H 1,87 mt, 3 Module, Profil 70/40, Farbe RAL 7035, Stegplatte 8 mm",5985]
[32030575,"Modell KLASIK - Innenmass B 5,85 x L 7,73 x H 1,87 mt, 3 Module, Profil 70/40, Farbe RAL 7035, Stegplatte 8 mm",6480]
[32030580,"Modell KLASIK - Innenmass B 5,85 x L 8,67 x H 1,94 mt, 4 Module, Profil 70/40, Farbe RAL 7035, Stegplatte 8 mm",7560]
[32030585,"Modell KLASIK - Innenmass B 5,85 x L10,31 x H 1,94 mt, 4 Module, Profil 70/40, Farbe RAL 7035, Stegplatte 8 mm",8055]
[32030590,"Modell KLASIK - Innenmass B 5,85 x L10,84 x H 2,01 mt, 5 Module, Profil 70/40, Farbe RAL 7035, Stegplatte 8 mm",9180]
[32030595,"Modell KLASIK - Innenmass B 5,85 x L12,89 x H 2,01 mt, 5 Module, Profil 70/40, Farbe RAL 7035, Stegplatte 8 mm",9720]
[32030600,"Modell KLASIK - Innenmass B 5,85 x L13,01 x H 2,08 mt, 6 Module, Profil 70/40, Farbe RAL 7035, Stegplatte 8 mm",10890]
[32030605,"Modell KLASIK - Innenmass B 5,85 x L15,47 x H 2,08 mt, 6 Module, Profil 70/40, Farbe RAL 7035, Stegplatte 8 mm",11430]
[32030610,"Modell KLASIK - Innenmass B 5,85 x L15,18 x H 2,14 mt, 7 Module, Profil 70/40, Farbe RAL 7035, Stegplatte 8 mm",12600]
[32030615,"Modell KLASIK - Innenmass B 5,85 x L18,05 x H 2,14 mt, 7 Module, Profil 70/40, Farbe RAL 7035, Stegplatte 8 mm",13185]
[32030620,"Modell KLASIK - Innenmass B 6,1 x L 4,33 x H 1,88 mt, 2 Module, Profil 70/40, Farbe RAL 7035, Stegplatte 8 mm",4770]
[32030625,"Modell KLASIK - Innenmass B 6,1 x L 5,15 x H 1,88 mt, 2 Module, Profil 70/40, Farbe RAL 7035, Stegplatte 8 mm",5265]
[32030630,"Modell KLASIK - Innenmass B 6,1 x L 6,5 x H 1,94 mt, 3 Module, Profil 70/40, Farbe RAL 7035, Stegplatte 8 mm",6435]
[32030635,"Modell KLASIK - Innenmass B 6,1 x L 7,73 x H 1,94 mt, 3 Module, Profil 70/40, Farbe RAL 7035, Stegplatte 8 mm",6975]
[32030640,"Modell KLASIK - Innenmass B 6,1 x L 8,67 x H 2,01 mt, 4 Module, Profil 70/40, Farbe RAL 7035, Stegplatte 8 mm",8145]
[32030645,"Modell KLASIK - Innenmass B 6,1 x L10,31 x H 2,01 mt, 4 Module, Profil 70/40, Farbe RAL 7035, Stegplatte 8 mm",8730]
[32030650,"Modell KLASIK - Innenmass B 6,1 x L10,84 x H 2,08 mt, 5 Module, Profil 70/40, Farbe RAL 7035, Stegplatte 8 mm",9945]
[32030655,"Modell KLASIK - Innenmass B 6,1 x L12,89 x H 2,08 mt, 5 Module, Profil 70/40, Farbe RAL 7035, Stegplatte 8 mm",10485]
[32030660,"Modell KLASIK - Innenmass B 6,1 x L13,01 x H 2,14 mt, 6 Module, Profil 70/40, Farbe RAL 7035, Stegplatte 8 mm",11790]
[32030665,"Modell KLASIK - Innenmass B 6,1 x L15,47 x H 2,14 mt, 6 Module, Profil 70/40, Farbe RAL 7035, Stegplatte 8 mm",12330]
[32030670,"Modell KLASIK - Innenmass B 6,1 x L15,18 x H 2,21 mt, 7 Module, Profil 70/40, Farbe RAL 7035, Stegplatte 8 mm",13635]
[32030675,"Modell KLASIK - Innenmass B 6,1 x L18,05 x H 2,21 mt, 7 Module, Profil 70/40, Farbe RAL 7035, Stegplatte 8 mm",14265]
[32030680,"Modell KLASIK - Innenmass B 6,35 x L 4,33 x H 1,94 mt, 2 Module, Profil 70/40, Farbe RAL 7035, Stegplatte 8 mm",4995]
[32030685,"Modell KLASIK - Innenmass B 6,35 x L 5,15 x H 1,94 mt, 2 Module, Profil 70/40, Farbe RAL 7035, Stegplatte 8 mm",5535]
[32030690,"Modell KLASIK - Innenmass B 6,35 x L 6,5 x H 2,01 mt, 3 Module, Profil 70/40, Farbe RAL 7035, Stegplatte 8 mm",6750]
[32030695,"Modell KLASIK - Innenmass B 6,35 x L 7,73 x H 2,01 mt, 3 Module, Profil 70/40, Farbe RAL 7035, Stegplatte 8 mm",7335]
[32030700,"Modell KLASIK - Innenmass B 6,35 x L 8,67 x H 2,08 mt, 4 Module, Profil 70/40, Farbe RAL 7035, Stegplatte 8 mm",8595]
[32030705,"Modell KLASIK - Innenmass B 6,35 x L10,31 x H 2,08 mt, 4 Module, Profil 70/40, Farbe RAL 7035, Stegplatte 8 mm",9135]
[32030710,"Modell KLASIK - Innenmass B 6,35 x L10,84 x H 2,14 mt, 5 Module, Profil 70/40, Farbe RAL 7035, Stegplatte 8 mm",10440]
[32030715,"Modell KLASIK - Innenmass B 6,35 x L12,89 x H 2,14 mt, 5 Module, Profil 70/40, Farbe RAL 7035, Stegplatte 8 mm",11070]
[32030720,"Modell KLASIK - Innenmass B 6,35 x L13,01 x H 2,21 mt, 6 Module, Profil 70/40, Farbe RAL 7035, Stegplatte 8 mm",12375]
[32030725,"Modell KLASIK - Innenmass B 6,35 x L15,47 x H 2,21 mt, 6 Module, Profil 70/40, Farbe RAL 7035, Stegplatte 8 mm",13005]
[32030730,"Modell KLASIK - Innenmass B 6,35 x L15,18 x H 2,28 mt, 7 Module, Profil 70/40, Farbe RAL 7035, Stegplatte 8 mm",14355]
[32030735,"Modell KLASIK - Innenmass B 6,35 x L18,05 x H 2,28 mt, 7 Module, Profil 70/40, Farbe RAL 7035, Stegplatte 8 mm",14940]
[32030740,"Modell KLASIK - Innenmass B 6,6 x L 4,33 x H 2,01 mt, 2 Module, Profil 70/40, Farbe RAL 7035, Stegplatte 8 mm",5265]
[32030745,"Modell KLASIK - Innenmass B 6,6 x L 5,15 x H 2,01 mt, 2 Module, Profil 70/40, Farbe RAL 7035, Stegplatte 8 mm",5850]
[32030750,"Modell KLASIK - Innenmass B 6,6 x L 6,5 x H 2,08 mt, 3 Module, Profil 70/40, Farbe RAL 7035, Stegplatte 8 mm",7245]
[32030755,"Modell KLASIK - Innenmass B 6,6 x L 7,73 x H 2,08 mt, 3 Module, Profil 70/40, Farbe RAL 7035, Stegplatte 8 mm",7875]
[32030760,"Modell KLASIK - Innenmass B 6,6 x L 8,67 x H 2,14 mt, 4 Module, Profil 70/40, Farbe RAL 7035, Stegplatte 8 mm",9270]
[32030765,"Modell KLASIK - Innenmass B 6,6 x L10,31 x H 2,14 mt, 4 Module, Profil 70/40, Farbe RAL 7035, Stegplatte 8 mm",9945]
[32030770,"Modell KLASIK - Innenmass B 6,6 x L10,84 x H 2,21 mt, 5 Module, Profil 70/40, Farbe RAL 7035, Stegplatte 8 mm",11430]
[32030775,"Modell KLASIK - Innenmass B 6,6 x L12,89 x H 2,21 mt, 5 Module, Profil 70/40, Farbe RAL 7035, Stegplatte 8 mm",12150]
[32030780,"Modell KLASIK - Innenmass B 6,6 x L13,01 x H 2,28 mt, 6 Module, Profil 70/40, Farbe RAL 7035, Stegplatte 8 mm",13680]
[32030785,"Modell KLASIK - Innenmass B 6,6 x L15,47 x H 2,28 mt, 6 Module, Profil 70/40, Farbe RAL 7035, Stegplatte 8 mm",14400]
[32030790,"Modell KLASIK - Innenmass B 6,6 x L15,18 x H 2,35 mt, 7 Module, Profil 70/40, Farbe RAL 7035, Stegplatte 8 mm",16020]
[32030795,"Modell KLASIK - Innenmass B 6,6 x L18,05 x H 2,35 mt, 7 Module, Profil 70/40, Farbe RAL 7035, Stegplatte 8 mm",16785]
[32039999,"Sonderbestellung KLASIK lt. Angebot Nr.: inkl. Skizze",0]
[32100000,"Modell PERFEKT - Innenmass B 3,1 x L 4,33 x H 0,77 mt, 2 Module, Profil 70/40, Farbe RAL 7016, Stegplatte 8 mm",3060]
[32100005,"Modell PERFEKT - Innenmass B 3,1 x L 5,15 x H 0,77 mt, 2 Module, Profil 70/40, Farbe RAL 7016, Stegplatte 8 mm",3420]
[32100010,"Modell PERFEKT - Innenmass B 3,1 x L 6,5 x H 0,84 mt, 3 Module, Profil 70/40, Farbe RAL 7016, Stegplatte 8 mm",4230]
[32100015,"Modell PERFEKT - Innenmass B 3,1 x L 7,73 x H 0,84 mt, 3 Module, Profil 70/40, Farbe RAL 7016, Stegplatte 8 mm",4590]
[32100020,"Modell PERFEKT - Innenmass B 3,1 x L 8,67 x H 0,9 mt, 4 Module, Profil 70/40, Farbe RAL 7016, Stegplatte 8 mm",5400]
[32100025,"Modell PERFEKT - Innenmass B 3,1 x L 10,31 x H 0,9 mt, 4 Module, Profil 70/40, Farbe RAL 7016, Stegplatte 8 mm",5760]
[32100030,"Modell PERFEKT - Innenmass B 3,1 x L 10,84 x H 0,97 mt, 5 Module, Profil 70/40, Farbe RAL 7016, Stegplatte 8 mm",6660]
[32100035,"Modell PERFEKT - Innenmass B 3,1 x L 13,01 x H 1,04 mt, 6 Module, Profil 70/40, Farbe RAL 7016, Stegplatte 8 mm",7920]
[32100040,"Modell PERFEKT - Innenmass B 3,35 x L 4,33 x H 0,79 mt, 2 Module, Profil 70/40, Farbe RAL 7016, Stegplatte 8 mm",3195]
[32100045,"Modell PERFEKT - Innenmass B 3,35 x L 5,15 x H 0,79 mt, 2 Module, Profil 70/40, Farbe RAL 7016, Stegplatte 8 mm",3600]
[32100050,"Modell PERFEKT - Innenmass B 3,35 x L 6,5 x H 0,86 mt, 3 Module, Profil 70/40, Farbe RAL 7016, Stegplatte 8 mm",4410]
[32100055,"Modell PERFEKT - Innenmass B 3,35 x L 7,73 x H 0,86 mt, 3 Module, Profil 70/40, Farbe RAL 7016, Stegplatte 8 mm",4815]
[32100060,"Modell PERFEKT - Innenmass B 3,35 x L 8,67 x H 0,93 mt, 4 Module, Profil 70/40, Farbe RAL 7016, Stegplatte 8 mm",5625]
[32100065,"Modell PERFEKT - Innenmass B 3,35 x L 10,31 x H 0,93 mt, 4 Module, Profil 70/40, Farbe RAL 7016, Stegplatte 8 mm",6075]
[32100070,"Modell PERFEKT - Innenmass B 3,35 x L 10,84 x H 0,99 mt, 5 Module, Profil 70/40, Farbe RAL 7016, Stegplatte 8 mm",6930]
[32100075,"Modell PERFEKT - Innenmass B 3,35 x L 13,01 x H 1,06 mt, 6 Module, Profil 70/40, Farbe RAL 7016, Stegplatte 8 mm",8280]
[32100080,"Modell PERFEKT - Innenmass B 3,6 x L 4,33 x H 0,79 mt, 2 Module, Profil 70/40, Farbe RAL 7016, Stegplatte 8 mm",3330]
[32100085,"Modell PERFEKT - Innenmass B 3,6 x L 5,15 x H 0,79 mt, 2 Module, Profil 70/40, Farbe RAL 7016, Stegplatte 8 mm",3735]
[32100090,"Modell PERFEKT - Innenmass B 3,6 x L 6,5 x H 0,86 mt, 3 Module, Profil 70/40, Farbe RAL 7016, Stegplatte 8 mm",4590]
[32100095,"Modell PERFEKT - Innenmass B 3,6 x L 7,73 x H 0,86 mt, 3 Module, Profil 70/40, Farbe RAL 7016, Stegplatte 8 mm",4995]
[32100100,"Modell PERFEKT - Innenmass B 3,6 x L 8,67 x H 0,93 mt, 4 Module, Profil 70/40, Farbe RAL 7016, Stegplatte 8 mm",5850]
[32100105,"Modell PERFEKT - Innenmass B 3,6 x L 10,31 x H 0,93 mt, 4 Module, Profil 70/40, Farbe RAL 7016, Stegplatte 8 mm",6300]
[32100110,"Modell PERFEKT - Innenmass B 3,6 x L 10,84 x H 0,99 mt, 5 Module, Profil 70/40, Farbe RAL 7016, Stegplatte 8 mm",7200]
[32100115,"Modell PERFEKT - Innenmass B 3,6 x L 13,01 x H 1,06 mt, 6 Module, Profil 70/40, Farbe RAL 7016, Stegplatte 8 mm",8595]
[32100120,"Modell PERFEKT - Innenmass B 3,85 x L 4,33 x H 0,81 mt, 2 Module, Profil 70/40, Farbe RAL 7016, Stegplatte 8 mm",3465]
[32100125,"Modell PERFEKT - Innenmass B 3,85 x L 5,15 x H 0,81 mt, 2 Module, Profil 70/40, Farbe RAL 7016, Stegplatte 8 mm",3915]
[32100130,"Modell PERFEKT - Innenmass B 3,85 x L 6,5 x H 0,88 mt, 3 Module, Profil 70/40, Farbe RAL 7016, Stegplatte 8 mm",4770]
[32100135,"Modell PERFEKT - Innenmass B 3,85 x L 7,73 x H 0,88 mt, 3 Module, Profil 70/40, Farbe RAL 7016, Stegplatte 8 mm",5220]
[32100140,"Modell PERFEKT - Innenmass B 3,85 x L 8,67 x H 0,94 mt, 4 Module, Profil 70/40, Farbe RAL 7016, Stegplatte 8 mm",6120]
[32100145,"Modell PERFEKT - Innenmass B 3,85 x L 10,31 x H 0,94 mt, 4 Module, Profil 70/40, Farbe RAL 7016, Stegplatte 8 mm",6525]
[32100150,"Modell PERFEKT - Innenmass B 3,85 x L 10,84 x H 1,01 mt, 5 Module, Profil 70/40, Farbe RAL 7016, Stegplatte 8 mm",7470]
[32100155,"Modell PERFEKT - Innenmass B 3,85 x L 13,01 x H 1,08 mt, 6 Module, Profil 70/40, Farbe RAL 7016, Stegplatte 8 mm",8910]
[32100160,"Modell PERFEKT - Innenmass B 4,1 x L 4,33 x H 0,83 mt, 2 Module, Profil 70/40, Farbe RAL 7016, Stegplatte 8 mm",3600]
[32100165,"Modell PERFEKT - Innenmass B 4,1 x L 5,15 x H 0,83 mt, 2 Module, Profil 70/40, Farbe RAL 7016, Stegplatte 8 mm",4005]
[32100170,"Modell PERFEKT - Innenmass B 4,1 x L 6,5 x H 0,89 mt, 3 Module, Profil 70/40, Farbe RAL 7016, Stegplatte 8 mm",4905]
[32100175,"Modell PERFEKT - Innenmass B 4,1 x L 7,73 x H 0,89 mt, 3 Module, Profil 70/40, Farbe RAL 7016, Stegplatte 8 mm",5310]
[32100180,"Modell PERFEKT - Innenmass B 4,1 x L 8,67 x H 0,96 mt, 4 Module, Profil 70/40, Farbe RAL 7016, Stegplatte 8 mm",6255]
[32100185,"Modell PERFEKT - Innenmass B 4,1 x L 10,31 x H 0,96 mt, 4 Module, Profil 70/40, Farbe RAL 7016, Stegplatte 8 mm",6660]
[32100190,"Modell PERFEKT - Innenmass B 4,1 x L 10,84 x H 1,03 mt, 5 Module, Profil 70/40, Farbe RAL 7016, Stegplatte 8 mm",7650]
[32100195,"Modell PERFEKT - Innenmass B 4,1 x L 12,89 x H 1,03 mt, 5 Module, Profil 70/40, Farbe RAL 7016, Stegplatte 8 mm",8100]
[32100200,"Modell PERFEKT - Innenmass B 4,1 x L 13,01 x H 1,1 mt, 6 Module, Profil 70/40, Farbe RAL 7016, Stegplatte 8 mm",9090]
[32100205,"Modell PERFEKT - Innenmass B 4,1 x L 15,47 x H 1,1 mt, 6 Module, Profil 70/40, Farbe RAL 7016, Stegplatte 8 mm",9585]
[32100210,"Modell PERFEKT - Innenmass B 4,35 x L 4,33 x H 0,85 mt, 2 Module, Profil 70/40, Farbe RAL 7016, Stegplatte 8 mm",3735]
[32100215,"Modell PERFEKT - Innenmass B 4,35 x L 5,15 x H 0,85 mt, 2 Module, Profil 70/40, Farbe RAL 7016, Stegplatte 8 mm",4140]
[32100220,"Modell PERFEKT - Innenmass B 4,35 x L 6,5 x H 0,92 mt, 3 Module, Profil 70/40, Farbe RAL 7016, Stegplatte 8 mm",5085]
[32100225,"Modell PERFEKT - Innenmass B 4,35 x L 7,73 x H 0,92 mt, 3 Module, Profil 70/40, Farbe RAL 7016, Stegplatte 8 mm",5490]
[32100230,"Modell PERFEKT - Innenmass B 4,35 x L 8,67 x H 0,98 mt, 4 Module, Profil 70/40, Farbe RAL 7016, Stegplatte 8 mm",6480]
[32100235,"Modell PERFEKT - Innenmass B 4,35 x L 10,31 x H 0,98 mt, 4 Module, Profil 70/40, Farbe RAL 7016, Stegplatte 8 mm",6930]
[32100240,"Modell PERFEKT - Innenmass B 4,35 x L 10,84 x H 1,05 mt, 5 Module, Profil 70/40, Farbe RAL 7016, Stegplatte 8 mm",7920]
[32100245,"Modell PERFEKT - Innenmass B 4,35 x L 12,89 x H 1,05 mt, 5 Module, Profil 70/40, Farbe RAL 7016, Stegplatte 8 mm",8415]
[32100250,"Modell PERFEKT - Innenmass B 4,35 x L 13,01 x H 1,12 mt, 6 Module, Profil 70/40, Farbe RAL 7016, Stegplatte 8 mm",9450]
[32100255,"Modell PERFEKT - Innenmass B 4,35 x L 15,47 x H 1,12 mt, 6 Module, Profil 70/40, Farbe RAL 7016, Stegplatte 8 mm",9900]
[32100260,"Modell PERFEKT - Innenmass B 4,6 x L 4,33 x H 0,87 mt, 2 Module, Profil 70/40, Farbe RAL 7016, Stegplatte 8 mm",3870]
[32100265,"Modell PERFEKT - Innenmass B 4,6 x L 5,15 x H 0,87 mt, 2 Module, Profil 70/40, Farbe RAL 7016, Stegplatte 8 mm",4275]
[32100270,"Modell PERFEKT - Innenmass B 4,6 x L 6,5 x H 0,94 mt, 3 Module, Profil 70/40, Farbe RAL 7016, Stegplatte 8 mm",5265]
[32100275,"Modell PERFEKT - Innenmass B 4,6 x L 7,73 x H 0,94 mt, 3 Module, Profil 70/40, Farbe RAL 7016, Stegplatte 8 mm",5715]
[32100280,"Modell PERFEKT - Innenmass B 4,6 x L 8,67 x H 1,01 mt, 4 Module, Profil 70/40, Farbe RAL 7016, Stegplatte 8 mm",6705]
[32100285,"Modell PERFEKT - Innenmass B 4,6 x L 10,31 x H 1,01 mt, 4 Module, Profil 70/40, Farbe RAL 7016, Stegplatte 8 mm",7200]
[32100290,"Modell PERFEKT - Innenmass B 4,6 x L 10,84 x H 1,07 mt, 5 Module, Profil 70/40, Farbe RAL 7016, Stegplatte 8 mm",8190]
[32100295,"Modell PERFEKT - Innenmass B 4,6 x L 12,89 x H 1,07 mt, 5 Module, Profil 70/40, Farbe RAL 7016, Stegplatte 8 mm",8685]
[32100300,"Modell PERFEKT - Innenmass B 4,6 x L 13,01 x H 1,14 mt, 6 Module, Profil 70/40, Farbe RAL 7016, Stegplatte 8 mm",9765]
[32100305,"Modell PERFEKT - Innenmass B 4,6 x L 15,47 x H 1,14 mt, 6 Module, Profil 70/40, Farbe RAL 7016, Stegplatte 8 mm",10260]
[32100310,"Modell PERFEKT - Innenmass B 4,6 x L 15,18 x H 1,21 mt, 7 Module, Profil 70/40, Farbe RAL 7016, Stegplatte 8 mm",11340]
[32100315,"Modell PERFEKT - Innenmass B 4,6 x L 18,05 x H 1,21 mt, 7 Module, Profil 70/40, Farbe RAL 7016, Stegplatte 8 mm",11880]
[32100320,"Modell PERFEKT - Innenmass B 4,85 x L 4,33 x H 0,9 mt, 2 Module, Profil 70/40, Farbe RAL 7016, Stegplatte 8 mm",4005]
[32100325,"Modell PERFEKT - Innenmass B 4,85 x L 5,15 x H 0,9 mt, 2 Module, Profil 70/40, Farbe RAL 7016, Stegplatte 8 mm",4455]
[32100330,"Modell PERFEKT - Innenmass B 4,85 x L 6,5 x H 0,96 mt, 3 Module, Profil 70/40, Farbe RAL 7016, Stegplatte 8 mm",5445]
[32100335,"Modell PERFEKT - Innenmass B 4,85 x L 7,73 x H 0,96 mt, 3 Module, Profil 70/40, Farbe RAL 7016, Stegplatte 8 mm",5940]
[32100340,"Modell PERFEKT - Innenmass B 4,85 x L 8,67 x H 1,03 mt, 4 Module, Profil 70/40, Farbe RAL 7016, Stegplatte 8 mm",6930]
[32100345,"Modell PERFEKT - Innenmass B 4,85 x L 10,31 x H 1,03 mt, 4 Module, Profil 70/40, Farbe RAL 7016, Stegplatte 8 mm",7425]
[32100350,"Modell PERFEKT - Innenmass B 4,85 x L 10,84 x H 1,1 mt, 5 Module, Profil 70/40, Farbe RAL 7016, Stegplatte 8 mm",8505]
[32100355,"Modell PERFEKT - Innenmass B 4,85 x L 12,89 x H 1,1 mt, 5 Module, Profil 70/40, Farbe RAL 7016, Stegplatte 8 mm",9000]
[32100360,"Modell PERFEKT - Innenmass B 4,85 x L 13,01 x H 1,17 mt, 6 Module, Profil 70/40, Farbe RAL 7016, Stegplatte 8 mm",10080]
[32100365,"Modell PERFEKT - Innenmass B 4,85 x L 15,47 x H 1,17 mt, 6 Module, Profil 70/40, Farbe RAL 7016, Stegplatte 8 mm",10620]
[32100370,"Modell PERFEKT - Innenmass B 4,85 x L 15,18 x H 1,23 mt, 7 Module, Profil 70/40, Farbe RAL 7016, Stegplatte 8 mm",11700]
[32100375,"Modell PERFEKT - Innenmass B 4,85 x L 18,05 x H 1,23 mt, 7 Module, Profil 70/40, Farbe RAL 7016, Stegplatte 8 mm",12240]
[32100380,"Modell PERFEKT - Innenmass B 5,1 x L 4,33 x H 0,92 mt, 2 Module, Profil 70/40, Farbe RAL 7016, Stegplatte 8 mm",4140]
[32100385,"Modell PERFEKT - Innenmass B 5,1 x L 5,15 x H 0,92 mt, 2 Module, Profil 70/40, Farbe RAL 7016, Stegplatte 8 mm",4590]
[32100390,"Modell PERFEKT - Innenmass B 5,1 x L 6,5 x H 0,99 mt, 3 Module, Profil 70/40, Farbe RAL 7016, Stegplatte 8 mm",5625]
[32100395,"Modell PERFEKT - Innenmass B 5,1 x L 7,73 x H 0,99 mt, 3 Module, Profil 70/40, Farbe RAL 7016, Stegplatte 8 mm",6120]
[32100400,"Modell PERFEKT - Innenmass B 5,1 x L 8,67 x H 1,06 mt, 4 Module, Profil 70/40, Farbe RAL 7016, Stegplatte 8 mm",7200]
[32100405,"Modell PERFEKT - Innenmass B 5,1 x L 10,31 x H 1,06 mt, 4 Module, Profil 70/40, Farbe RAL 7016, Stegplatte 8 mm",7695]
[32100410,"Modell PERFEKT - Innenmass B 5,1 x L 10,84 x H 1,13 mt, 5 Module, Profil 70/40, Farbe RAL 7016, Stegplatte 8 mm",8775]
[32100415,"Modell PERFEKT - Innenmass B 5,1 x L 12,89 x H 1,13 mt, 5 Module, Profil 70/40, Farbe RAL 7016, Stegplatte 8 mm",9270]
[32100420,"Modell PERFEKT - Innenmass B 5,1 x L 13,01 x H 1,19 mt, 6 Module, Profil 70/40, Farbe RAL 7016, Stegplatte 8 mm",10395]
[32100425,"Modell PERFEKT - Innenmass B 5,1 x L 15,47 x H 1,19 mt, 6 Module, Profil 70/40, Farbe RAL 7016, Stegplatte 8 mm",10935]
[32100430,"Modell PERFEKT - Innenmass B 5,1 x L 15,18 x H 1,26 mt, 7 Module, Profil 70/40, Farbe RAL 7016, Stegplatte 8 mm",12105]
[32100435,"Modell PERFEKT - Innenmass B 5,1 x L 18,05 x H 1,26 mt, 7 Module, Profil 70/40, Farbe RAL 7016, Stegplatte 8 mm",12645]
[32100440,"Modell PERFEKT - Innenmass B 5,35 x L 4,33 x H 0,96 mt, 2 Module, Profil 70/40, Farbe RAL 7016, Stegplatte 8 mm",4275]
[32100445,"Modell PERFEKT - Innenmass B 5,35 x L 5,15 x H 0,96 mt, 2 Module, Profil 70/40, Farbe RAL 7016, Stegplatte 8 mm",4770]
[32100450,"Modell PERFEKT - Innenmass B 5,35 x L 6,5 x H 1,02 mt, 3 Module, Profil 70/40, Farbe RAL 7016, Stegplatte 8 mm",5805]
[32100455,"Modell PERFEKT - Innenmass B 5,35 x L 7,73 x H 1,02 mt, 3 Module, Profil 70/40, Farbe RAL 7016, Stegplatte 8 mm",6345]
[32100460,"Modell PERFEKT - Innenmass B 5,35 x L 8,67 x H 1,09 mt, 4 Module, Profil 70/40, Farbe RAL 7016, Stegplatte 8 mm",7425]
[32100465,"Modell PERFEKT - Innenmass B 5,35 x L 10,31 x H 1,09 mt, 4 Module, Profil 70/40, Farbe RAL 7016, Stegplatte 8 mm",7920]
[32100470,"Modell PERFEKT - Innenmass B 5,35 x L 10,84 x H 1,16 mt, 5 Module, Profil 70/40, Farbe RAL 7016, Stegplatte 8 mm",9045]
[32100475,"Modell PERFEKT - Innenmass B 5,35 x L 12,89 x H 1,16 mt, 5 Module, Profil 70/40, Farbe RAL 7016, Stegplatte 8 mm",9585]
[32100480,"Modell PERFEKT - Innenmass B 5,35 x L 13,01 x H 1,22 mt, 6 Module, Profil 70/40, Farbe RAL 7016, Stegplatte 8 mm",10755]
[32100485,"Modell PERFEKT - Innenmass B 5,35 x L 15,47 x H 1,22 mt, 6 Module, Profil 70/40, Farbe RAL 7016, Stegplatte 8 mm",11295]
[32100490,"Modell PERFEKT - Innenmass B 5,35 x L 15,18 x H 1,29 mt, 7 Module, Profil 70/40, Farbe RAL 7016, Stegplatte 8 mm",12465]
[32100495,"Modell PERFEKT - Innenmass B 5,35 x L 18,05 x H 1,29 mt, 7 Module, Profil 70/40, Farbe RAL 7016, Stegplatte 8 mm",13050]
[32100500,"Modell PERFEKT - Innenmass B 5,6 x L 4,33 x H 0,99 mt, 2 Module, Profil 70/40, Farbe RAL 7016, Stegplatte 8 mm",4500]
[32100505,"Modell PERFEKT - Innenmass B 5,6 x L 5,15 x H 0,99 mt, 2 Module, Profil 70/40, Farbe RAL 7016, Stegplatte 8 mm",5040]
[32100510,"Modell PERFEKT - Innenmass B 5,6 x L 6,5 x H 1,06 mt, 3 Module, Profil 70/40, Farbe RAL 7016, Stegplatte 8 mm",6165]
[32100515,"Modell PERFEKT - Innenmass B 5,6 x L 7,73 x H 1,06 mt, 3 Module, Profil 70/40, Farbe RAL 7016, Stegplatte 8 mm",6660]
[32100520,"Modell PERFEKT - Innenmass B 5,6 x L 8,67 x H 1,12 mt, 4 Module, Profil 70/40, Farbe RAL 7016, Stegplatte 8 mm",7830]
[32100525,"Modell PERFEKT - Innenmass B 5,6 x L 10,31 x H 1,12 mt, 4 Module, Profil 70/40, Farbe RAL 7016, Stegplatte 8 mm",8415]
[32100530,"Modell PERFEKT - Innenmass B 5,6 x L 10,84 x H 1,19 mt, 5 Module, Profil 70/40, Farbe RAL 7016, Stegplatte 8 mm",9585]
[32100535,"Modell PERFEKT - Innenmass B 5,6 x L 12,89 x H 1,19 mt, 5 Module, Profil 70/40, Farbe RAL 7016, Stegplatte 8 mm",10125]
[32100540,"Modell PERFEKT - Innenmass B 5,6 x L 13,01 x H 1,26 mt, 6 Module, Profil 70/40, Farbe RAL 7016, Stegplatte 8 mm",11340]
[32100545,"Modell PERFEKT - Innenmass B 5,6 x L 15,47 x H 1,26 mt, 6 Module, Profil 70/40, Farbe RAL 7016, Stegplatte 8 mm",11925]
[32100550,"Modell PERFEKT - Innenmass B 5,6 x L 15,18 x H 1,32 mt, 7 Module, Profil 70/40, Farbe RAL 7016, Stegplatte 8 mm",13185]
[32100555,"Modell PERFEKT - Innenmass B 5,6 x L 18,05 x H 1,32 mt, 7 Module, Profil 70/40, Farbe RAL 7016, Stegplatte 8 mm",13725]
[32100560,"Modell PERFEKT - Innenmass B 5,85 x L 4,33 x H 1,02 mt, 2 Module, Profil 70/40, Farbe RAL 7016, Stegplatte 8 mm",4635]
[32100565,"Modell PERFEKT - Innenmass B 5,85 x L 5,15 x H 1,02 mt, 2 Module, Profil 70/40, Farbe RAL 7016, Stegplatte 8 mm",5175]
[32100570,"Modell PERFEKT - Innenmass B 5,85 x L 6,5 x H 1,09 mt, 3 Module, Profil 70/40, Farbe RAL 7016, Stegplatte 8 mm",6345]
[32100575,"Modell PERFEKT - Innenmass B 5,85 x L 7,73 x H 1,09 mt, 3 Module, Profil 70/40, Farbe RAL 7016, Stegplatte 8 mm",6885]
[32100580,"Modell PERFEKT - Innenmass B 5,85 x L 8,67 x H 1,16 mt, 4 Module, Profil 70/40, Farbe RAL 7016, Stegplatte 8 mm",8055]
[32100585,"Modell PERFEKT - Innenmass B 5,85 x L 10,31 x H 1,16 mt, 4 Module, Profil 70/40, Farbe RAL 7016, Stegplatte 8 mm",8640]
[32100590,"Modell PERFEKT - Innenmass B 5,85 x L 10,84 x H 1,22 mt, 5 Module, Profil 70/40, Farbe RAL 7016, Stegplatte 8 mm",9855]
[32100595,"Modell PERFEKT - Innenmass B 5,85 x L 12,89 x H 1,22 mt, 5 Module, Profil 70/40, Farbe RAL 7016, Stegplatte 8 mm",10395]
[32100600,"Modell PERFEKT - Innenmass B 5,85 x L 13,01 x H 1,29 mt, 6 Module, Profil 70/40, Farbe RAL 7016, Stegplatte 8 mm",11655]
[32100605,"Modell PERFEKT - Innenmass B 5,85 x L 15,47 x H 1,29 mt, 6 Module, Profil 70/40, Farbe RAL 7016, Stegplatte 8 mm",12240]
[32100610,"Modell PERFEKT - Innenmass B 5,85 x L 15,18 x H 1,36 mt, 7 Module, Profil 70/40, Farbe RAL 7016, Stegplatte 8 mm",13545]
[32100615,"Modell PERFEKT - Innenmass B 5,85 x L 18,05 x H 1,36 mt, 7 Module, Profil 70/40, Farbe RAL 7016, Stegplatte 8 mm",14175]
[32100620,"Modell PERFEKT - Innenmass B 6,1 x L 4,33 x H 1,06 mt, 2 Module, Profil 70/40, Farbe RAL 7016, Stegplatte 8 mm",4815]
[32100625,"Modell PERFEKT - Innenmass B 6,1 x L 5,15 x H 1,06 mt, 2 Module, Profil 70/40, Farbe RAL 7016, Stegplatte 8 mm",5355]
[32100630,"Modell PERFEKT - Innenmass B 6,1 x L 6,5 x H 1,13 mt, 3 Module, Profil 70/40, Farbe RAL 7016, Stegplatte 8 mm",6525]
[32100635,"Modell PERFEKT - Innenmass B 6,1 x L 7,73 x H 1,13 mt, 3 Module, Profil 70/40, Farbe RAL 7016, Stegplatte 8 mm",7110]
[32100640,"Modell PERFEKT - Innenmass B 6,1 x L 8,67 x H 1,2 mt, 4 Module, Profil 70/40, Farbe RAL 7016, Stegplatte 8 mm",8325]
[32100645,"Modell PERFEKT - Innenmass B 6,1 x L 10,31 x H 1,2 mt, 4 Module, Profil 70/40, Farbe RAL 7016, Stegplatte 8 mm",8865]
[32100650,"Modell PERFEKT - Innenmass B 6,1 x L 10,84 x H 1,26 mt, 5 Module, Profil 70/40, Farbe RAL 7016, Stegplatte 8 mm",10125]
[32100655,"Modell PERFEKT - Innenmass B 6,1 x L 12,89 x H 1,26 mt, 5 Module, Profil 70/40, Farbe RAL 7016, Stegplatte 8 mm",10710]
[32100660,"Modell PERFEKT - Innenmass B 6,1 x L 13,01 x H 1,33 mt, 6 Module, Profil 70/40, Farbe RAL 7016, Stegplatte 8 mm",12015]
[32100665,"Modell PERFEKT - Innenmass B 6,1 x L 15,47 x H 1,33 mt, 6 Module, Profil 70/40, Farbe RAL 7016, Stegplatte 8 mm",12600]
[32100670,"Modell PERFEKT - Innenmass B 6,1 x L 15,18 x H 1,4 mt, 7 Module, Profil 70/40, Farbe RAL 7016, Stegplatte 8 mm",13905]
[32100675,"Modell PERFEKT - Innenmass B 6,1 x L 18,05 x H 1,4 mt, 7 Module, Profil 70/40, Farbe RAL 7016, Stegplatte 8 mm",14535]
[32100680,"Modell PERFEKT - Innenmass B 6,35 x L 4,33 x H 1,1 mt, 2 Module, Profil 70/40, Farbe RAL 7016, Stegplatte 8 mm",4950]
[32100685,"Modell PERFEKT - Innenmass B 6,35 x L 5,15 x H 1,1 mt, 2 Module, Profil 70/40, Farbe RAL 7016, Stegplatte 8 mm",5490]
[32100690,"Modell PERFEKT - Innenmass B 6,35 x L 6,5 x H 1,17 mt, 3 Module, Profil 70/40, Farbe RAL 7016, Stegplatte 8 mm",6705]
[32100695,"Modell PERFEKT - Innenmass B 6,35 x L 7,73 x H 1,17 mt, 3 Module, Profil 70/40, Farbe RAL 7016, Stegplatte 8 mm",7290]
[32100700,"Modell PERFEKT - Innenmass B 6,35 x L 8,67 x H 1,24 mt, 4 Module, Profil 70/40, Farbe RAL 7016, Stegplatte 8 mm",8550]
[32100705,"Modell PERFEKT - Innenmass B 6,35 x L 10,31 x H 1,24 mt, 4 Module, Profil 70/40, Farbe RAL 7016, Stegplatte 8 mm",9090]
[32100710,"Modell PERFEKT - Innenmass B 6,35 x L 10,84 x H 1,3 mt, 5 Module, Profil 70/40, Farbe RAL 7016, Stegplatte 8 mm",10395]
[32100715,"Modell PERFEKT - Innenmass B 6,35 x L 12,89 x H 1,3 mt, 5 Module, Profil 70/40, Farbe RAL 7016, Stegplatte 8 mm",11025]
[32100720,"Modell PERFEKT - Innenmass B 6,35 x L 13,01 x H 1,37 mt, 6 Module, Profil 70/40, Farbe RAL 7016, Stegplatte 8 mm",12330]
[32100725,"Modell PERFEKT - Innenmass B 6,35 x L 15,47 x H 1,37 mt, 6 Module, Profil 70/40, Farbe RAL 7016, Stegplatte 8 mm",12960]
[32100730,"Modell PERFEKT - Innenmass B 6,35 x L 15,18 x H 1,44 mt, 7 Module, Profil 70/40, Farbe RAL 7016, Stegplatte 8 mm",14310]
[32100735,"Modell PERFEKT - Innenmass B 6,35 x L 18,05 x H 1,44 mt, 7 Module, Profil 70/40, Farbe RAL 7016, Stegplatte 8 mm",14895]
[32100740,"Modell PERFEKT - Innenmass B 6,6 x L 4,33 x H 1,15 mt, 2 Module, Profil 70/40, Farbe RAL 7016, Stegplatte 8 mm",5085]
[32100745,"Modell PERFEKT - Innenmass B 6,6 x L 5,15 x H 1,15 mt, 2 Module, Profil 70/40, Farbe RAL 7016, Stegplatte 8 mm",5625]
[32100750,"Modell PERFEKT - Innenmass B 6,6 x L 6,5 x H 1,21 mt, 3 Module, Profil 70/40, Farbe RAL 7016, Stegplatte 8 mm",6885]
[32100755,"Modell PERFEKT - Innenmass B 6,6 x L 7,73 x H 1,21 mt, 3 Module, Profil 70/40, Farbe RAL 7016, Stegplatte 8 mm",7470]
[32100760,"Modell PERFEKT - Innenmass B 6,6 x L 8,67 x H 1,28 mt, 4 Module, Profil 70/40, Farbe RAL 7016, Stegplatte 8 mm",8775]
[32100765,"Modell PERFEKT - Innenmass B 6,6 x L 10,31 x H 1,28 mt, 4 Module, Profil 70/40, Farbe RAL 7016, Stegplatte 8 mm",9360]
[32100770,"Modell PERFEKT - Innenmass B 6,6 x L 10,84 x H 1,35 mt, 5 Module, Profil 70/40, Farbe RAL 7016, Stegplatte 8 mm",10710]
[32100775,"Modell PERFEKT - Innenmass B 6,6 x L 12,89 x H 1,35 mt, 5 Module, Profil 70/40, Farbe RAL 7016, Stegplatte 8 mm",11295]
[32100780,"Modell PERFEKT - Innenmass B 6,6 x L 13,01 x H 1,41 mt, 6 Module, Profil 70/40, Farbe RAL 7016, Stegplatte 8 mm",12645]
[32100785,"Modell PERFEKT - Innenmass B 6,6 x L 15,47 x H 1,41 mt, 6 Module, Profil 70/40, Farbe RAL 7016, Stegplatte 8 mm",13275]
[32100790,"Modell PERFEKT - Innenmass B 6,6 x L 15,18 x H 1,48 mt, 7 Module, Profil 70/40, Farbe RAL 7016, Stegplatte 8 mm",14670]
[32100795,"Modell PERFEKT - Innenmass B 6,6 x L 18,05 x H 1,48 mt, 7 Module, Profil 70/40, Farbe RAL 7016, Stegplatte 8 mm",15345]
[32109999,"Sonderbestellung PERFEKT lt. Angebot Nr.: inkl. Skizze",0]
[32150000,"Modell ELEGANT - Innenmass B 3,1 x L 4,33 x H 0,73 mt, 2 Module, Profil 70/40, Farbe RAL 7035, Stegplatte 8 mm",3108]
[32150005,"Modell ELEGANT - Innenmass B 3,1 x L 5,15 x H 0,73 mt, 2 Module, Profil 70/40, Farbe RAL 7035, Stegplatte 8 mm",3486]
[32150010,"Modell ELEGANT - Innenmass B 3,1 x L 6,5 x H 0,81 mt, 3 Module, Profil 70/40, Farbe RAL 7035, Stegplatte 8 mm",4284]
[32150015,"Modell ELEGANT - Innenmass B 3,1 x L 7,73 x H 0,81 mt, 3 Module, Profil 70/40, Farbe RAL 7035, Stegplatte 8 mm",4662]
[32150020,"Modell ELEGANT - Innenmass B 3,1 x L 8,67 x H 0,89 mt, 4 Module, Profil 70/40, Farbe RAL 7035, Stegplatte 8 mm",5460]
[32150025,"Modell ELEGANT - Innenmass B 3,1 x L 10,31 x H 0,89 mt, 4 Module, Profil 70/40, Farbe RAL 7035, Stegplatte 8 mm",5880]
[32150030,"Modell ELEGANT - Innenmass B 3,1 x L 10,84 x H 0,97 mt, 5 Module, Profil 70/40, Farbe RAL 7035, Stegplatte 8 mm",6720]
[32150035,"Modell ELEGANT - Innenmass B 3,1 x L 13,01 x H 1,05 mt, 6 Module, Profil 70/40, Farbe RAL 7035, Stegplatte 8 mm",8022]
[32150040,"Modell ELEGANT - Innenmass B 3,35 x L 4,33 x H 0,72 mt, 2 Module, Profil 70/40, Farbe RAL 7035, Stegplatte 8 mm",3234]
[32150045,"Modell ELEGANT - Innenmass B 3,35 x L 5,15 x H 0,72 mt, 2 Module, Profil 70/40, Farbe RAL 7035, Stegplatte 8 mm",3654]
[32150050,"Modell ELEGANT - Innenmass B 3,35 x L 6,5 x H 0,8 mt, 3 Module, Profil 70/40, Farbe RAL 7035, Stegplatte 8 mm",4452]
[32150055,"Modell ELEGANT - Innenmass B 3,35 x L 7,73 x H 0,8 mt, 3 Module, Profil 70/40, Farbe RAL 7035, Stegplatte 8 mm",4872]
[32150060,"Modell ELEGANT - Innenmass B 3,35 x L 8,67 x H 0,88 mt, 4 Module, Profil 70/40, Farbe RAL 7035, Stegplatte 8 mm",5712]
[32150065,"Modell ELEGANT - Innenmass B 3,35 x L 10,31 x H 0,88 mt, 4 Module, Profil 70/40, Farbe RAL 7035, Stegplatte 8 mm",6090]
[32150070,"Modell ELEGANT - Innenmass B 3,35 x L 10,84 x H 0,95 mt, 5 Module, Profil 70/40, Farbe RAL 7035, Stegplatte 8 mm",6972]
[32150075,"Modell ELEGANT - Innenmass B 3,35 x L 13,01 x H 1,03 mt, 6 Module, Profil 70/40, Farbe RAL 7035, Stegplatte 8 mm",8316]
[32150080,"Modell ELEGANT - Innenmass B 3,6 x L 4,33 x H 0,78 mt, 2 Module, Profil 70/40, Farbe RAL 7035, Stegplatte 8 mm",3402]
[32150085,"Modell ELEGANT - Innenmass B 3,6 x L 5,15 x H 0,78 mt, 2 Module, Profil 70/40, Farbe RAL 7035, Stegplatte 8 mm",3780]
[32150090,"Modell ELEGANT - Innenmass B 3,6 x L 6,5 x H 0,85 mt, 3 Module, Profil 70/40, Farbe RAL 7035, Stegplatte 8 mm",4620]
[32150095,"Modell ELEGANT - Innenmass B 3,6 x L 7,73 x H 0,85 mt, 3 Module, Profil 70/40, Farbe RAL 7035, Stegplatte 8 mm",5040]
[32150100,"Modell ELEGANT - Innenmass B 3,6 x L 8,67 x H 0,93 mt, 4 Module, Profil 70/40, Farbe RAL 7035, Stegplatte 8 mm",5922]
[32150105,"Modell ELEGANT - Innenmass B 3,6 x L 10,31 x H 0,93 mt, 4 Module, Profil 70/40, Farbe RAL 7035, Stegplatte 8 mm",6342]
[32150110,"Modell ELEGANT - Innenmass B 3,6 x L 10,84 x H 1,01 mt, 5 Module, Profil 70/40, Farbe RAL 7035, Stegplatte 8 mm",7266]
[32150115,"Modell ELEGANT - Innenmass B 3,6 x L 13,01 x H 1,09 mt, 6 Module, Profil 70/40, Farbe RAL 7035, Stegplatte 8 mm",8610]
[32150120,"Modell ELEGANT - Innenmass B 3,85 x L 4,33 x H 0,76 mt, 2 Module, Profil 70/40, Farbe RAL 7035, Stegplatte 8 mm",3528]
[32150125,"Modell ELEGANT - Innenmass B 3,85 x L 5,15 x H 0,76 mt, 2 Module, Profil 70/40, Farbe RAL 7035, Stegplatte 8 mm",3906]
[32150130,"Modell ELEGANT - Innenmass B 3,85 x L 6,5 x H 0,84 mt, 3 Module, Profil 70/40, Farbe RAL 7035, Stegplatte 8 mm",4788]
[32150135,"Modell ELEGANT - Innenmass B 3,85 x L 7,73 x H 0,84 mt, 3 Module, Profil 70/40, Farbe RAL 7035, Stegplatte 8 mm",5208]
[32150140,"Modell ELEGANT - Innenmass B 3,85 x L 8,67 x H 0,92 mt, 4 Module, Profil 70/40, Farbe RAL 7035, Stegplatte 8 mm",6132]
[32150145,"Modell ELEGANT - Innenmass B 3,85 x L 10,31 x H 0,92 mt, 4 Module, Profil 70/40, Farbe RAL 7035, Stegplatte 8 mm",6552]
[32150150,"Modell ELEGANT - Innenmass B 3,85 x L 10,84 x H 1 mt, 5 Module, Profil 70/40, Farbe RAL 7035, Stegplatte 8 mm",7518]
[32150155,"Modell ELEGANT - Innenmass B 3,85 x L 13,01 x H 1,08 mt, 6 Module, Profil 70/40, Farbe RAL 7035, Stegplatte 8 mm",8946]
[32150160,"Modell ELEGANT - Innenmass B 4,1 x L 4,33 x H 0,82 mt, 2 Module, Profil 70/40, Farbe RAL 7035, Stegplatte 8 mm",3654]
[32150165,"Modell ELEGANT - Innenmass B 4,1 x L 5,15 x H 0,82 mt, 2 Module, Profil 70/40, Farbe RAL 7035, Stegplatte 8 mm",4074]
[32150170,"Modell ELEGANT - Innenmass B 4,1 x L 6,5 x H 0,9 mt, 3 Module, Profil 70/40, Farbe RAL 7035, Stegplatte 8 mm",4998]
[32150175,"Modell ELEGANT - Innenmass B 4,1 x L 7,73 x H 0,9 mt, 3 Module, Profil 70/40, Farbe RAL 7035, Stegplatte 8 mm",5376]
[32150180,"Modell ELEGANT - Innenmass B 4,1 x L 8,67 x H 0,98 mt, 4 Module, Profil 70/40, Farbe RAL 7035, Stegplatte 8 mm",6342]
[32150185,"Modell ELEGANT - Innenmass B 4,1 x L 10,31 x H 0,98 mt, 4 Module, Profil 70/40, Farbe RAL 7035, Stegplatte 8 mm",6804]
[32150190,"Modell ELEGANT - Innenmass B 4,1 x L 10,84 x H 1,05 mt, 5 Module, Profil 70/40, Farbe RAL 7035, Stegplatte 8 mm",7770]
[32150195,"Modell ELEGANT - Innenmass B 4,1 x L 12,89 x H 1,05 mt, 5 Module, Profil 70/40, Farbe RAL 7035, Stegplatte 8 mm",8232]
[32150200,"Modell ELEGANT - Innenmass B 4,1 x L 13,01 x H 1,13 mt, 6 Module, Profil 70/40, Farbe RAL 7035, Stegplatte 8 mm",9240]
[32150205,"Modell ELEGANT - Innenmass B 4,1 x L 15,47 x H 1,13 mt, 6 Module, Profil 70/40, Farbe RAL 7035, Stegplatte 8 mm",9702]
[32150210,"Modell ELEGANT - Innenmass B 4,35 x L 4,33 x H 0,81 mt, 2 Module, Profil 70/40, Farbe RAL 7035, Stegplatte 8 mm",3780]
[32150215,"Modell ELEGANT - Innenmass B 4,35 x L 5,15 x H 0,81 mt, 2 Module, Profil 70/40, Farbe RAL 7035, Stegplatte 8 mm",4200]
[32150220,"Modell ELEGANT - Innenmass B 4,35 x L 6,5 x H 0,89 mt, 3 Module, Profil 70/40, Farbe RAL 7035, Stegplatte 8 mm",5166]
[32150225,"Modell ELEGANT - Innenmass B 4,35 x L 7,73 x H 0,89 mt, 3 Module, Profil 70/40, Farbe RAL 7035, Stegplatte 8 mm",5628]
[32150230,"Modell ELEGANT - Innenmass B 4,35 x L 8,67 x H 0,96 mt, 4 Module, Profil 70/40, Farbe RAL 7035, Stegplatte 8 mm",6552]
[32150235,"Modell ELEGANT - Innenmass B 4,35 x L 10,31 x H 0,96 mt, 4 Module, Profil 70/40, Farbe RAL 7035, Stegplatte 8 mm",7056]
[32150240,"Modell ELEGANT - Innenmass B 4,35 x L 10,84 x H 1,04 mt, 5 Module, Profil 70/40, Farbe RAL 7035, Stegplatte 8 mm",8022]
[32150245,"Modell ELEGANT - Innenmass B 4,35 x L 12,89 x H 1,04 mt, 5 Module, Profil 70/40, Farbe RAL 7035, Stegplatte 8 mm",8484]
[32150250,"Modell ELEGANT - Innenmass B 4,35 x L 13,01 x H 1,12 mt, 6 Module, Profil 70/40, Farbe RAL 7035, Stegplatte 8 mm",9534]
[32150255,"Modell ELEGANT - Innenmass B 4,35 x L 15,47 x H 1,12 mt, 6 Module, Profil 70/40, Farbe RAL 7035, Stegplatte 8 mm",10038]
[32150260,"Modell ELEGANT - Innenmass B 4,6 x L 4,33 x H 0,87 mt, 2 Module, Profil 70/40, Farbe RAL 7035, Stegplatte 8 mm",3906]
[32150265,"Modell ELEGANT - Innenmass B 4,6 x L 5,15 x H 0,87 mt, 2 Module, Profil 70/40, Farbe RAL 7035, Stegplatte 8 mm",4326]
[32150270,"Modell ELEGANT - Innenmass B 4,6 x L 6,5 x H 0,94 mt, 3 Module, Profil 70/40, Farbe RAL 7035, Stegplatte 8 mm",5334]
[32150275,"Modell ELEGANT - Innenmass B 4,6 x L 7,73 x H 0,94 mt, 3 Module, Profil 70/40, Farbe RAL 7035, Stegplatte 8 mm",5796]
[32150280,"Modell ELEGANT - Innenmass B 4,6 x L 8,67 x H 1,02 mt, 4 Module, Profil 70/40, Farbe RAL 7035, Stegplatte 8 mm",6804]
[32150285,"Modell ELEGANT - Innenmass B 4,6 x L 10,31 x H 1,02 mt, 4 Module, Profil 70/40, Farbe RAL 7035, Stegplatte 8 mm",7266]
[32150290,"Modell ELEGANT - Innenmass B 4,6 x L 10,84 x H 1,1 mt, 5 Module, Profil 70/40, Farbe RAL 7035, Stegplatte 8 mm",8316]
[32150295,"Modell ELEGANT - Innenmass B 4,6 x L 12,89 x H 1,1 mt, 5 Module, Profil 70/40, Farbe RAL 7035, Stegplatte 8 mm",8820]
[32150300,"Modell ELEGANT - Innenmass B 4,6 x L 13,01 x H 1,18 mt, 6 Module, Profil 70/40, Farbe RAL 7035, Stegplatte 8 mm",9828]
[32150305,"Modell ELEGANT - Innenmass B 4,6 x L 15,47 x H 1,18 mt, 6 Module, Profil 70/40, Farbe RAL 7035, Stegplatte 8 mm",10332]
[32150310,"Modell ELEGANT - Innenmass B 4,6 x L 15,18 x H 1,26 mt, 7 Module, Profil 70/40, Farbe RAL 7035, Stegplatte 8 mm",11424]
[32150315,"Modell ELEGANT - Innenmass B 4,6 x L 18,05 x H 1,26 mt, 7 Module, Profil 70/40, Farbe RAL 7035, Stegplatte 8 mm",11928]
[32150320,"Modell ELEGANT - Innenmass B 4,85 x L 4,33 x H 0,85 mt, 2 Module, Profil 70/40, Farbe RAL 7035, Stegplatte 8 mm",4032]
[32150325,"Modell ELEGANT - Innenmass B 4,85 x L 5,15 x H 0,85 mt, 2 Module, Profil 70/40, Farbe RAL 7035, Stegplatte 8 mm",4536]
[32150330,"Modell ELEGANT - Innenmass B 4,85 x L 6,5 x H 0,93 mt, 3 Module, Profil 70/40, Farbe RAL 7035, Stegplatte 8 mm",5502]
[32150335,"Modell ELEGANT - Innenmass B 4,85 x L 7,73 x H 0,93 mt, 3 Module, Profil 70/40, Farbe RAL 7035, Stegplatte 8 mm",5964]
[32150340,"Modell ELEGANT - Innenmass B 4,85 x L 8,67 x H 1,01 mt, 4 Module, Profil 70/40, Farbe RAL 7035, Stegplatte 8 mm",7014]
[32150345,"Modell ELEGANT - Innenmass B 4,85 x L 10,31 x H 1,01 mt, 4 Module, Profil 70/40, Farbe RAL 7035, Stegplatte 8 mm",7476]
[32150350,"Modell ELEGANT - Innenmass B 4,85 x L 10,84 x H 1,09 mt, 5 Module, Profil 70/40, Farbe RAL 7035, Stegplatte 8 mm",8568]
[32150355,"Modell ELEGANT - Innenmass B 4,85 x L 12,89 x H 1,09 mt, 5 Module, Profil 70/40, Farbe RAL 7035, Stegplatte 8 mm",9072]
[32150360,"Modell ELEGANT - Innenmass B 4,85 x L 13,01 x H 1,17 mt, 6 Module, Profil 70/40, Farbe RAL 7035, Stegplatte 8 mm",10164]
[32150365,"Modell ELEGANT - Innenmass B 4,85 x L 15,47 x H 1,17 mt, 6 Module, Profil 70/40, Farbe RAL 7035, Stegplatte 8 mm",10668]
[32150370,"Modell ELEGANT - Innenmass B 4,85 x L 15,18 x H 1,24 mt, 7 Module, Profil 70/40, Farbe RAL 7035, Stegplatte 8 mm",11802]
[32150375,"Modell ELEGANT - Innenmass B 4,85 x L 18,05 x H 1,24 mt, 7 Module, Profil 70/40, Farbe RAL 7035, Stegplatte 8 mm",12348]
[32150380,"Modell ELEGANT - Innenmass B 5,1 x L 4,33 x H 0,87 mt, 2 Module, Profil 70/40, Farbe RAL 7035, Stegplatte 8 mm",4158]
[32150385,"Modell ELEGANT - Innenmass B 5,1 x L 5,15 x H 0,87 mt, 2 Module, Profil 70/40, Farbe RAL 7035, Stegplatte 8 mm",4662]
[32150390,"Modell ELEGANT - Innenmass B 5,1 x L 6,5 x H 0,95 mt, 3 Module, Profil 70/40, Farbe RAL 7035, Stegplatte 8 mm",5670]
[32150395,"Modell ELEGANT - Innenmass B 5,1 x L 7,73 x H 0,95 mt, 3 Module, Profil 70/40, Farbe RAL 7035, Stegplatte 8 mm",6174]
[32150400,"Modell ELEGANT - Innenmass B 5,1 x L 8,67 x H 1,03 mt, 4 Module, Profil 70/40, Farbe RAL 7035, Stegplatte 8 mm",7224]
[32150405,"Modell ELEGANT - Innenmass B 5,1 x L 10,31 x H 1,03 mt, 4 Module, Profil 70/40, Farbe RAL 7035, Stegplatte 8 mm",7728]
[32150410,"Modell ELEGANT - Innenmass B 5,1 x L 10,84 x H 1,11 mt, 5 Module, Profil 70/40, Farbe RAL 7035, Stegplatte 8 mm",8820]
[32150415,"Modell ELEGANT - Innenmass B 5,1 x L 12,89 x H 1,11 mt, 5 Module, Profil 70/40, Farbe RAL 7035, Stegplatte 8 mm",9324]
[32150420,"Modell ELEGANT - Innenmass B 5,1 x L 13,01 x H 1,19 mt, 6 Module, Profil 70/40, Farbe RAL 7035, Stegplatte 8 mm",10458]
[32150425,"Modell ELEGANT - Innenmass B 5,1 x L 15,47 x H 1,19 mt, 6 Module, Profil 70/40, Farbe RAL 7035, Stegplatte 8 mm",11004]
[32150430,"Modell ELEGANT - Innenmass B 5,1 x L 15,18 x H 1,27 mt, 7 Module, Profil 70/40, Farbe RAL 7035, Stegplatte 8 mm",12138]
[32150435,"Modell ELEGANT - Innenmass B 5,1 x L 18,05 x H 1,27 mt, 7 Module, Profil 70/40, Farbe RAL 7035, Stegplatte 8 mm",12684]
[32150440,"Modell ELEGANT - Innenmass B 5,35 x L 4,33 x H 0,9 mt, 2 Module, Profil 70/40, Farbe RAL 7035, Stegplatte 8 mm",4284]
[32150445,"Modell ELEGANT - Innenmass B 5,35 x L 5,15 x H 0,9 mt, 2 Module, Profil 70/40, Farbe RAL 7035, Stegplatte 8 mm",4788]
[32150450,"Modell ELEGANT - Innenmass B 5,35 x L 6,5 x H 0,97 mt, 3 Module, Profil 70/40, Farbe RAL 7035, Stegplatte 8 mm",5838]
[32150455,"Modell ELEGANT - Innenmass B 5,35 x L 7,73 x H 0,97 mt, 3 Module, Profil 70/40, Farbe RAL 7035, Stegplatte 8 mm",6342]
[32150460,"Modell ELEGANT - Innenmass B 5,35 x L 8,67 x H 1,05 mt, 4 Module, Profil 70/40, Farbe RAL 7035, Stegplatte 8 mm",7434]
[32150465,"Modell ELEGANT - Innenmass B 5,35 x L 10,31 x H 1,05 mt, 4 Module, Profil 70/40, Farbe RAL 7035, Stegplatte 8 mm",7980]
[32150470,"Modell ELEGANT - Innenmass B 5,35 x L 10,84 x H 1,13 mt, 5 Module, Profil 70/40, Farbe RAL 7035, Stegplatte 8 mm",9072]
[32150475,"Modell ELEGANT - Innenmass B 5,35 x L 12,89 x H 1,13 mt, 5 Module, Profil 70/40, Farbe RAL 7035, Stegplatte 8 mm",9618]
[32150480,"Modell ELEGANT - Innenmass B 5,35 x L 13,01 x H 1,21 mt, 6 Module, Profil 70/40, Farbe RAL 7035, Stegplatte 8 mm",10752]
[32150485,"Modell ELEGANT - Innenmass B 5,35 x L 15,47 x H 1,21 mt, 6 Module, Profil 70/40, Farbe RAL 7035, Stegplatte 8 mm",11298]
[32150490,"Modell ELEGANT - Innenmass B 5,35 x L 15,18 x H 1,29 mt, 7 Module, Profil 70/40, Farbe RAL 7035, Stegplatte 8 mm",12474]
[32150495,"Modell ELEGANT - Innenmass B 5,35 x L 18,05 x H 1,29 mt, 7 Module, Profil 70/40, Farbe RAL 7035, Stegplatte 8 mm",13020]
[32150500,"Modell ELEGANT - Innenmass B 5,6 x L 4,33 x H 0,92 mt, 2 Module, Profil 70/40, Farbe RAL 7035, Stegplatte 8 mm",4578]
[32150505,"Modell ELEGANT - Innenmass B 5,6 x L 5,15 x H 0,92 mt, 2 Module, Profil 70/40, Farbe RAL 7035, Stegplatte 8 mm",5082]
[32150510,"Modell ELEGANT - Innenmass B 5,6 x L 6,5 x H 1,03 mt, 3 Module, Profil 70/40, Farbe RAL 7035, Stegplatte 8 mm",6216]
[32150515,"Modell ELEGANT - Innenmass B 5,6 x L 7,73 x H 1,03 mt, 3 Module, Profil 70/40, Farbe RAL 7035, Stegplatte 8 mm",6762]
[32150520,"Modell ELEGANT - Innenmass B 5,6 x L 8,67 x H 1,11 mt, 4 Module, Profil 70/40, Farbe RAL 7035, Stegplatte 8 mm",7938]
[32150525,"Modell ELEGANT - Innenmass B 5,6 x L 10,31 x H 1,11 mt, 4 Module, Profil 70/40, Farbe RAL 7035, Stegplatte 8 mm",8442]
[32150530,"Modell ELEGANT - Innenmass B 5,6 x L 10,84 x H 1,19 mt, 5 Module, Profil 70/40, Farbe RAL 7035, Stegplatte 8 mm",9660]
[32150535,"Modell ELEGANT - Innenmass B 5,6 x L 12,89 x H 1,19 mt, 5 Module, Profil 70/40, Farbe RAL 7035, Stegplatte 8 mm",10248]
[32150540,"Modell ELEGANT - Innenmass B 5,6 x L 13,01 x H 1,27 mt, 6 Module, Profil 70/40, Farbe RAL 7035, Stegplatte 8 mm",11466]
[32150545,"Modell ELEGANT - Innenmass B 5,6 x L 15,47 x H 1,27 mt, 6 Module, Profil 70/40, Farbe RAL 7035, Stegplatte 8 mm",12012]
[32150550,"Modell ELEGANT - Innenmass B 5,6 x L 15,18 x H 1,34 mt, 7 Module, Profil 70/40, Farbe RAL 7035, Stegplatte 8 mm",13314]
[32150555,"Modell ELEGANT - Innenmass B 5,6 x L 18,05 x H 1,34 mt, 7 Module, Profil 70/40, Farbe RAL 7035, Stegplatte 8 mm",13860]
[32150560,"Modell ELEGANT - Innenmass B 5,85 x L 4,33 x H 0,94 mt, 2 Module, Profil 70/40, Farbe RAL 7035, Stegplatte 8 mm",4704]
[32150565,"Modell ELEGANT - Innenmass B 5,85 x L 5,15 x H 0,94 mt, 2 Module, Profil 70/40, Farbe RAL 7035, Stegplatte 8 mm",5208]
[32150570,"Modell ELEGANT - Innenmass B 5,85 x L 6,5 x H 1,02 mt, 3 Module, Profil 70/40, Farbe RAL 7035, Stegplatte 8 mm",6384]
[32150575,"Modell ELEGANT - Innenmass B 5,85 x L 7,73 x H 1,02 mt, 3 Module, Profil 70/40, Farbe RAL 7035, Stegplatte 8 mm",6930]
[32150580,"Modell ELEGANT - Innenmass B 5,85 x L 8,67 x H 1,1 mt, 4 Module, Profil 70/40, Farbe RAL 7035, Stegplatte 8 mm",8148]
[32150585,"Modell ELEGANT - Innenmass B 5,85 x L 10,31 x H 1,1 mt, 4 Module, Profil 70/40, Farbe RAL 7035, Stegplatte 8 mm",8694]
[32150590,"Modell ELEGANT - Innenmass B 5,85 x L 10,84 x H 1,17 mt, 5 Module, Profil 70/40, Farbe RAL 7035, Stegplatte 8 mm",9954]
[32150595,"Modell ELEGANT - Innenmass B 5,85 x L 12,89 x H 1,17 mt, 5 Module, Profil 70/40, Farbe RAL 7035, Stegplatte 8 mm",10500]
[32150600,"Modell ELEGANT - Innenmass B 5,85 x L 13,01 x H 1,25 mt, 6 Module, Profil 70/40, Farbe RAL 7035, Stegplatte 8 mm",11760]
[32150605,"Modell ELEGANT - Innenmass B 5,85 x L 15,47 x H 1,25 mt, 6 Module, Profil 70/40, Farbe RAL 7035, Stegplatte 8 mm",12348]
[32150610,"Modell ELEGANT - Innenmass B 5,85 x L 15,18 x H 1,33 mt, 7 Module, Profil 70/40, Farbe RAL 7035, Stegplatte 8 mm",13650]
[32150615,"Modell ELEGANT - Innenmass B 5,85 x L 18,05 x H 1,33 mt, 7 Module, Profil 70/40, Farbe RAL 7035, Stegplatte 8 mm",14280]
[32150620,"Modell ELEGANT - Innenmass B 6,1 x L 4,33 x H 0,99 mt, 2 Module, Profil 70/40, Farbe RAL 7035, Stegplatte 8 mm",4830]
[32150625,"Modell ELEGANT - Innenmass B 6,1 x L 5,15 x H 0,99 mt, 2 Module, Profil 70/40, Farbe RAL 7035, Stegplatte 8 mm",5334]
[32150630,"Modell ELEGANT - Innenmass B 6,1 x L 6,5 x H 1,07 mt, 3 Module, Profil 70/40, Farbe RAL 7035, Stegplatte 8 mm",6552]
[32150635,"Modell ELEGANT - Innenmass B 6,1 x L 7,73 x H 1,07 mt, 3 Module, Profil 70/40, Farbe RAL 7035, Stegplatte 8 mm",7140]
[32150640,"Modell ELEGANT - Innenmass B 6,1 x L 8,67 x H 1,15 mt, 4 Module, Profil 70/40, Farbe RAL 7035, Stegplatte 8 mm",8358]
[32150645,"Modell ELEGANT - Innenmass B 6,1 x L 10,31 x H 1,15 mt, 4 Module, Profil 70/40, Farbe RAL 7035, Stegplatte 8 mm",8946]
[32150650,"Modell ELEGANT - Innenmass B 6,1 x L 10,84 x H 1,23 mt, 5 Module, Profil 70/40, Farbe RAL 7035, Stegplatte 8 mm",10206]
[32150655,"Modell ELEGANT - Innenmass B 6,1 x L 12,89 x H 1,23 mt, 5 Module, Profil 70/40, Farbe RAL 7035, Stegplatte 8 mm",10752]
[32150660,"Modell ELEGANT - Innenmass B 6,1 x L 13,01 x H 1,31 mt, 6 Module, Profil 70/40, Farbe RAL 7035, Stegplatte 8 mm",12096]
[32150665,"Modell ELEGANT - Innenmass B 6,1 x L 15,47 x H 1,31 mt, 6 Module, Profil 70/40, Farbe RAL 7035, Stegplatte 8 mm",12684]
[32150670,"Modell ELEGANT - Innenmass B 6,1 x L 15,18 x H 1,39 mt, 7 Module, Profil 70/40, Farbe RAL 7035, Stegplatte 8 mm",13986]
[32150675,"Modell ELEGANT - Innenmass B 6,1 x L 18,05 x H 1,39 mt, 7 Module, Profil 70/40, Farbe RAL 7035, Stegplatte 8 mm",14616]
[32150680,"Modell ELEGANT - Innenmass B 6,35 x L 4,33 x H 0,98 mt, 2 Module, Profil 70/40, Farbe RAL 7035, Stegplatte 8 mm",4956]
[32150685,"Modell ELEGANT - Innenmass B 6,35 x L 5,15 x H 0,98 mt, 2 Module, Profil 70/40, Farbe RAL 7035, Stegplatte 8 mm",5544]
[32150690,"Modell ELEGANT - Innenmass B 6,35 x L 6,5 x H 1,06 mt, 3 Module, Profil 70/40, Farbe RAL 7035, Stegplatte 8 mm",6762]
[32150695,"Modell ELEGANT - Innenmass B 6,35 x L 7,73 x H 1,06 mt, 3 Module, Profil 70/40, Farbe RAL 7035, Stegplatte 8 mm",7308]
[32150700,"Modell ELEGANT - Innenmass B 6,35 x L 8,67 x H 1,14 mt, 4 Module, Profil 70/40, Farbe RAL 7035, Stegplatte 8 mm",8568]
[32150705,"Modell ELEGANT - Innenmass B 6,35 x L 10,31 x H 1,14 mt, 4 Module, Profil 70/40, Farbe RAL 7035, Stegplatte 8 mm",9156]
[32150710,"Modell ELEGANT - Innenmass B 6,35 x L 10,84 x H 1,22 mt, 5 Module, Profil 70/40, Farbe RAL 7035, Stegplatte 8 mm",10458]
[32150715,"Modell ELEGANT - Innenmass B 6,35 x L 12,89 x H 1,22 mt, 5 Module, Profil 70/40, Farbe RAL 7035, Stegplatte 8 mm",11088]
[32150720,"Modell ELEGANT - Innenmass B 6,35 x L 13,01 x H 1,3 mt, 6 Module, Profil 70/40, Farbe RAL 7035, Stegplatte 8 mm",12390]
[32150725,"Modell ELEGANT - Innenmass B 6,35 x L 15,47 x H 1,3 mt, 6 Module, Profil 70/40, Farbe RAL 7035, Stegplatte 8 mm",12978]
[32150730,"Modell ELEGANT - Innenmass B 6,35 x L 15,18 x H 1,38 mt, 7 Module, Profil 70/40, Farbe RAL 7035, Stegplatte 8 mm",14364]
[32150735,"Modell ELEGANT - Innenmass B 6,35 x L 18,05 x H 1,38 mt, 7 Module, Profil 70/40, Farbe RAL 7035, Stegplatte 8 mm",14952]
[32150740,"Modell ELEGANT - Innenmass B 6,6 x L 4,33 x H 1,01 mt, 2 Module, Profil 70/40, Farbe RAL 7035, Stegplatte 8 mm",5082]
[32150745,"Modell ELEGANT - Innenmass B 6,6 x L 5,15 x H 1,01 mt, 2 Module, Profil 70/40, Farbe RAL 7035, Stegplatte 8 mm",5670]
[32150750,"Modell ELEGANT - Innenmass B 6,6 x L 6,5 x H 1,08 mt, 3 Module, Profil 70/40, Farbe RAL 7035, Stegplatte 8 mm",6930]
[32150755,"Modell ELEGANT - Innenmass B 6,6 x L 7,73 x H 1,08 mt, 3 Module, Profil 70/40, Farbe RAL 7035, Stegplatte 8 mm",7476]
[32150760,"Modell ELEGANT - Innenmass B 6,6 x L 8,67 x H 1,16 mt, 4 Module, Profil 70/40, Farbe RAL 7035, Stegplatte 8 mm",8820]
[32150765,"Modell ELEGANT - Innenmass B 6,6 x L 10,31 x H 1,16 mt, 4 Module, Profil 70/40, Farbe RAL 7035, Stegplatte 8 mm",9408]
[32150770,"Modell ELEGANT - Innenmass B 6,6 x L 10,84 x H 1,24 mt, 5 Module, Profil 70/40, Farbe RAL 7035, Stegplatte 8 mm",10710]
[32150775,"Modell ELEGANT - Innenmass B 6,6 x L 12,89 x H 1,24 mt, 5 Module, Profil 70/40, Farbe RAL 7035, Stegplatte 8 mm",11340]
[32150780,"Modell ELEGANT - Innenmass B 6,6 x L 13,01 x H 1,32 mt, 6 Module, Profil 70/40, Farbe RAL 7035, Stegplatte 8 mm",12684]
[32150785,"Modell ELEGANT - Innenmass B 6,6 x L 15,47 x H 1,32 mt, 6 Module, Profil 70/40, Farbe RAL 7035, Stegplatte 8 mm",13314]
[32150790,"Modell ELEGANT - Innenmass B 6,6 x L 15,18 x H 1,4 mt, 7 Module, Profil 70/40, Farbe RAL 7035, Stegplatte 8 mm",14700]
[32150795,"Modell ELEGANT - Innenmass B 6,6 x L 18,05 x H 1,4 mt, 7 Module, Profil 70/40, Farbe RAL 7035, Stegplatte 8 mm",15372]
[32159999,"Sonderbestellung ELEGANT lt. Angebot Nr.: inkl. Skizze",0]
[32200000,"Modell KREATIV - Innenmass B 3,1 x L 4,33 x H 0,56 mt, 2 Module, Profil 70/40, Farbe RAL 7035, PC 4 mm",4320]
[32200005,"Modell KREATIV - Innenmass B 3,1 x L 5,15 x H 0,56 mt, 2 Module, Profil 70/40, Farbe RAL 7035, PC 4 mm",4860]
[32200010,"Modell KREATIV - Innenmass B 3,1 x L 6,5 x H 0,63 mt, 3 Module, Profil 70/40, Farbe RAL 7035, PC 4 mm",5985]
[32200015,"Modell KREATIV - Innenmass B 3,1 x L 7,73 x H 0,63 mt, 3 Module, Profil 70/40, Farbe RAL 7035, PC 4 mm",6525]
[32200020,"Modell KREATIV - Innenmass B 3,1 x L 8,67 x H 0,71 mt, 4 Module, Profil 70/40, Farbe RAL 7035, PC 4 mm",7695]
[32200025,"Modell KREATIV - Innenmass B 3,1 x L 10,31 x H 0,71 mt, 4 Module, Profil 70/40, Farbe RAL 7035, PC 4 mm",8280]
[32200030,"Modell KREATIV - Innenmass B 3,1 x L 10,84 x H 0,79 mt, 5 Module, Profil 70/40, Farbe RAL 7035, PC 4 mm",9495]
[32200035,"Modell KREATIV - Innenmass B 3,1 x L 13,01 x H 0,87 mt, 6 Module, Profil 70/40, Farbe RAL 7035, PC 4 mm",11295]
[32200040,"Modell KREATIV - Innenmass B 3,35 x L 4,33 x H 0,57 mt, 2 Module, Profil 70/40, Farbe RAL 7035, PC 4 mm",4500]
[32200045,"Modell KREATIV - Innenmass B 3,35 x L 5,15 x H 0,57 mt, 2 Module, Profil 70/40, Farbe RAL 7035, PC 4 mm",5040]
[32200050,"Modell KREATIV - Innenmass B 3,35 x L 6,5 x H 0,64 mt, 3 Module, Profil 70/40, Farbe RAL 7035, PC 4 mm",6210]
[32200055,"Modell KREATIV - Innenmass B 3,35 x L 7,73 x H 0,64 mt, 3 Module, Profil 70/40, Farbe RAL 7035, PC 4 mm",6750]
[32200060,"Modell KREATIV - Innenmass B 3,35 x L 8,67 x H 0,72 mt, 4 Module, Profil 70/40, Farbe RAL 7035, PC 4 mm",7965]
[32200065,"Modell KREATIV - Innenmass B 3,35 x L 10,31 x H 0,72 mt, 4 Module, Profil 70/40, Farbe RAL 7035, PC 4 mm",8550]
[32200070,"Modell KREATIV - Innenmass B 3,35 x L 10,84 x H 0,8 mt, 5 Module, Profil 70/40, Farbe RAL 7035, PC 4 mm",9810]
[32200075,"Modell KREATIV - Innenmass B 3,35 x L 13,01 x H 0,88 mt, 6 Module, Profil 70/40, Farbe RAL 7035, PC 4 mm",11655]
[32200080,"Modell KREATIV - Innenmass B 3,6 x L 4,33 x H 0,58 mt, 2 Module, Profil 70/40, Farbe RAL 7035, PC 4 mm",4635]
[32200085,"Modell KREATIV - Innenmass B 3,6 x L 5,15 x H 0,58 mt, 2 Module, Profil 70/40, Farbe RAL 7035, PC 4 mm",5220]
[32200090,"Modell KREATIV - Innenmass B 3,6 x L 6,5 x H 0,66 mt, 3 Module, Profil 70/40, Farbe RAL 7035, PC 4 mm",6390]
[32200095,"Modell KREATIV - Innenmass B 3,6 x L 7,73 x H 0,66 mt, 3 Module, Profil 70/40, Farbe RAL 7035, PC 4 mm",7020]
[32200100,"Modell KREATIV - Innenmass B 3,6 x L 8,67 x H 0,73 mt, 4 Module, Profil 70/40, Farbe RAL 7035, PC 4 mm",8235]
[32200105,"Modell KREATIV - Innenmass B 3,6 x L 10,31 x H 0,73 mt, 4 Module, Profil 70/40, Farbe RAL 7035, PC 4 mm",8775]
[32200110,"Modell KREATIV - Innenmass B 3,6 x L 10,84 x H 0,81 mt, 5 Module, Profil 70/40, Farbe RAL 7035, PC 4 mm",10125]
[32200115,"Modell KREATIV - Innenmass B 3,6 x L 13,01 x H 0,89 mt, 6 Module, Profil 70/40, Farbe RAL 7035, PC 4 mm",12015]
[32200120,"Modell KREATIV - Innenmass B 3,85 x L 4,33 x H 0,59 mt, 2 Module, Profil 70/40, Farbe RAL 7035, PC 4 mm",4815]
[32200125,"Modell KREATIV - Innenmass B 3,85 x L 5,15 x H 0,59 mt, 2 Module, Profil 70/40, Farbe RAL 7035, PC 4 mm",5355]
[32200130,"Modell KREATIV - Innenmass B 3,85 x L 6,5 x H 0,67 mt, 3 Module, Profil 70/40, Farbe RAL 7035, PC 4 mm",6615]
[32200135,"Modell KREATIV - Innenmass B 3,85 x L 7,73 x H 0,67 mt, 3 Module, Profil 70/40, Farbe RAL 7035, PC 4 mm",7200]
[32200140,"Modell KREATIV - Innenmass B 3,85 x L 8,67 x H 0,74 mt, 4 Module, Profil 70/40, Farbe RAL 7035, PC 4 mm",8505]
[32200145,"Modell KREATIV - Innenmass B 3,85 x L 10,31 x H 0,74 mt, 4 Module, Profil 70/40, Farbe RAL 7035, PC 4 mm",9090]
[32200150,"Modell KREATIV - Innenmass B 3,85 x L 10,84 x H 0,82 mt, 5 Module, Profil 70/40, Farbe RAL 7035, PC 4 mm",10395]
[32200155,"Modell KREATIV - Innenmass B 3,85 x L 13,01 x H 0,9 mt, 6 Module, Profil 70/40, Farbe RAL 7035, PC 4 mm",12375]
[32200160,"Modell KREATIV - Innenmass B 4,1 x L 4,33 x H 0,6 mt, 2 Module, Profil 70/40, Farbe RAL 7035, PC 4 mm",4950]
[32200165,"Modell KREATIV - Innenmass B 4,1 x L 5,15 x H 0,6 mt, 2 Module, Profil 70/40, Farbe RAL 7035, PC 4 mm",5580]
[32200170,"Modell KREATIV - Innenmass B 4,1 x L 6,5 x H 0,68 mt, 3 Module, Profil 70/40, Farbe RAL 7035, PC 4 mm",6840]
[32200175,"Modell KREATIV - Innenmass B 4,1 x L 7,73 x H 0,68 mt, 3 Module, Profil 70/40, Farbe RAL 7035, PC 4 mm",7470]
[32200180,"Modell KREATIV - Innenmass B 4,1 x L 8,67 x H 0,76 mt, 4 Module, Profil 70/40, Farbe RAL 7035, PC 4 mm",8775]
[32200185,"Modell KREATIV - Innenmass B 4,1 x L 10,31 x H 0,76 mt, 4 Module, Profil 70/40, Farbe RAL 7035, PC 4 mm",9405]
[32200190,"Modell KREATIV - Innenmass B 4,1 x L 10,84 x H 0,83 mt, 5 Module, Profil 70/40, Farbe RAL 7035, PC 4 mm",10800]
[32200195,"Modell KREATIV - Innenmass B 4,1 x L 12,89 x H 0,83 mt, 5 Module, Profil 70/40, Farbe RAL 7035, PC 4 mm",11430]
[32200200,"Modell KREATIV - Innenmass B 4,1 x L 13,01 x H 0,91 mt, 6 Module, Profil 70/40, Farbe RAL 7035, PC 4 mm",12825]
[32200205,"Modell KREATIV - Innenmass B 4,1 x L 15,47 x H 0,91 mt, 6 Module, Profil 70/40, Farbe RAL 7035, PC 4 mm",13500]
[32200210,"Modell KREATIV - Innenmass B 4,35 x L 4,33 x H 0,61 mt, 2 Module, Profil 70/40, Farbe RAL 7035, PC 4 mm",5085]
[32200215,"Modell KREATIV - Innenmass B 4,35 x L 5,15 x H 0,61 mt, 2 Module, Profil 70/40, Farbe RAL 7035, PC 4 mm",5715]
[32200220,"Modell KREATIV - Innenmass B 4,35 x L 6,5 x H 0,69 mt, 3 Module, Profil 70/40, Farbe RAL 7035, PC 4 mm",7020]
[32200225,"Modell KREATIV - Innenmass B 4,35 x L 7,73 x H 0,69 mt, 3 Module, Profil 70/40, Farbe RAL 7035, PC 4 mm",7650]
[32200230,"Modell KREATIV - Innenmass B 4,35 x L 8,67 x H 0,77 mt, 4 Module, Profil 70/40, Farbe RAL 7035, PC 4 mm",9000]
[32200235,"Modell KREATIV - Innenmass B 4,35 x L 10,31 x H 0,77 mt, 4 Module, Profil 70/40, Farbe RAL 7035, PC 4 mm",9630]
[32200240,"Modell KREATIV - Innenmass B 4,35 x L 10,84 x H 0,84 mt, 5 Module, Profil 70/40, Farbe RAL 7035, PC 4 mm",11025]
[32200245,"Modell KREATIV - Innenmass B 4,35 x L 12,89 x H 0,84 mt, 5 Module, Profil 70/40, Farbe RAL 7035, PC 4 mm",11655]
[32200250,"Modell KREATIV - Innenmass B 4,35 x L 13,01 x H 0,92 mt, 6 Module, Profil 70/40, Farbe RAL 7035, PC 4 mm",13095]
[32200255,"Modell KREATIV - Innenmass B 4,35 x L 15,47 x H 0,92 mt, 6 Module, Profil 70/40, Farbe RAL 7035, PC 4 mm",13770]
[32200260,"Modell KREATIV - Innenmass B 4,6 x L 4,33 x H 0,62 mt, 2 Module, Profil 70/40, Farbe RAL 7035, PC 4 mm",5490]
[32200265,"Modell KREATIV - Innenmass B 4,6 x L 5,15 x H 0,62 mt, 2 Module, Profil 70/40, Farbe RAL 7035, PC 4 mm",6165]
[32200270,"Modell KREATIV - Innenmass B 4,6 x L 6,5 x H 0,7 mt, 3 Module, Profil 70/40, Farbe RAL 7035, PC 4 mm",7605]
[32200275,"Modell KREATIV - Innenmass B 4,6 x L 7,73 x H 0,7 mt, 3 Module, Profil 70/40, Farbe RAL 7035, PC 4 mm",8280]
[32200280,"Modell KREATIV - Innenmass B 4,6 x L 8,67 x H 0,78 mt, 4 Module, Profil 70/40, Farbe RAL 7035, PC 4 mm",9765]
[32200285,"Modell KREATIV - Innenmass B 4,6 x L 10,31 x H 0,78 mt, 4 Module, Profil 70/40, Farbe RAL 7035, PC 4 mm",10440]
[32200290,"Modell KREATIV - Innenmass B 4,6 x L 10,84 x H 0,85 mt, 5 Module, Profil 70/40, Farbe RAL 7035, PC 4 mm",11970]
[32200295,"Modell KREATIV - Innenmass B 4,6 x L 12,89 x H 0,85 mt, 5 Module, Profil 70/40, Farbe RAL 7035, PC 4 mm",12690]
[32200300,"Modell KREATIV - Innenmass B 4,6 x L 13,01 x H 0,93 mt, 6 Module, Profil 70/40, Farbe RAL 7035, PC 4 mm",14220]
[32200305,"Modell KREATIV - Innenmass B 4,6 x L 15,47 x H 0,93 mt, 6 Module, Profil 70/40, Farbe RAL 7035, PC 4 mm",14940]
[32200310,"Modell KREATIV - Innenmass B 4,6 x L 15,18 x H 1,01 mt, 7 Module, Profil 70/40, Farbe RAL 7035, PC 4 mm",16560]
[32200315,"Modell KREATIV - Innenmass B 4,6 x L 18,05 x H 1,01 mt, 7 Module, Profil 70/40, Farbe RAL 7035, PC 4 mm",17280]
[32200320,"Modell KREATIV - Innenmass B 4,85 x L 4,33 x H 0,63 mt, 2 Module, Profil 70/40, Farbe RAL 7035, PC 4 mm",5760]
[32200325,"Modell KREATIV - Innenmass B 4,85 x L 5,15 x H 0,63 mt, 2 Module, Profil 70/40, Farbe RAL 7035, PC 4 mm",6435]
[32200330,"Modell KREATIV - Innenmass B 4,85 x L 6,5 x H 0,71 mt, 3 Module, Profil 70/40, Farbe RAL 7035, PC 4 mm",7965]
[32200335,"Modell KREATIV - Innenmass B 4,85 x L 7,73 x H 0,71 mt, 3 Module, Profil 70/40, Farbe RAL 7035, PC 4 mm",8685]
[32200340,"Modell KREATIV - Innenmass B 4,85 x L 8,67 x H 0,78 mt, 4 Module, Profil 70/40, Farbe RAL 7035, PC 4 mm",10215]
[32200345,"Modell KREATIV - Innenmass B 4,85 x L 10,31 x H 0,78 mt, 4 Module, Profil 70/40, Farbe RAL 7035, PC 4 mm",10935]
[32200350,"Modell KREATIV - Innenmass B 4,85 x L 10,84 x H 0,86 mt, 5 Module, Profil 70/40, Farbe RAL 7035, PC 4 mm",12555]
[32200355,"Modell KREATIV - Innenmass B 4,85 x L 12,89 x H 0,86 mt, 5 Module, Profil 70/40, Farbe RAL 7035, PC 4 mm",13275]
[32200360,"Modell KREATIV - Innenmass B 4,85 x L 13,01 x H 0,94 mt, 6 Module, Profil 70/40, Farbe RAL 7035, PC 4 mm",14895]
[32200365,"Modell KREATIV - Innenmass B 4,85 x L 15,47 x H 0,94 mt, 6 Module, Profil 70/40, Farbe RAL 7035, PC 4 mm",15660]
[32200370,"Modell KREATIV - Innenmass B 4,85 x L 15,18 x H 1,02 mt, 7 Module, Profil 70/40, Farbe RAL 7035, PC 4 mm",17325]
[32200375,"Modell KREATIV - Innenmass B 4,85 x L 18,05 x H 1,02 mt, 7 Module, Profil 70/40, Farbe RAL 7035, PC 4 mm",18090]
[32200380,"Modell KREATIV - Innenmass B 5,1 x L 4,33 x H 0,64 mt, 2 Module, Profil 70/40, Farbe RAL 7035, PC 4 mm",6030]
[32200385,"Modell KREATIV - Innenmass B 5,1 x L 5,15 x H 0,64 mt, 2 Module, Profil 70/40, Farbe RAL 7035, PC 4 mm",6750]
[32200390,"Modell KREATIV - Innenmass B 5,1 x L 6,5 x H 0,72 mt, 3 Module, Profil 70/40, Farbe RAL 7035, PC 4 mm",8325]
[32200395,"Modell KREATIV - Innenmass B 5,1 x L 7,73 x H 0,72 mt, 3 Module, Profil 70/40, Farbe RAL 7035, PC 4 mm",9045]
[32200400,"Modell KREATIV - Innenmass B 5,1 x L 8,67 x H 0,8 mt, 4 Module, Profil 70/40, Farbe RAL 7035, PC 4 mm",10710]
[32200405,"Modell KREATIV - Innenmass B 5,1 x L 10,31 x H 0,8 mt, 4 Module, Profil 70/40, Farbe RAL 7035, PC 4 mm",11475]
[32200410,"Modell KREATIV - Innenmass B 5,1 x L 10,84 x H 0,88 mt, 5 Module, Profil 70/40, Farbe RAL 7035, PC 4 mm",13095]
[32200415,"Modell KREATIV - Innenmass B 5,1 x L 12,89 x H 0,88 mt, 5 Module, Profil 70/40, Farbe RAL 7035, PC 4 mm",13860]
[32200420,"Modell KREATIV - Innenmass B 5,1 x L 13,01 x H 0,95 mt, 6 Module, Profil 70/40, Farbe RAL 7035, PC 4 mm",15570]
[32200425,"Modell KREATIV - Innenmass B 5,1 x L 15,47 x H 0,95 mt, 6 Module, Profil 70/40, Farbe RAL 7035, PC 4 mm",16335]
[32200430,"Modell KREATIV - Innenmass B 5,1 x L 15,18 x H 1,03 mt, 7 Module, Profil 70/40, Farbe RAL 7035, PC 4 mm",18090]
[32200435,"Modell KREATIV - Innenmass B 5,1 x L 18,05 x H 1,03 mt, 7 Module, Profil 70/40, Farbe RAL 7035, PC 4 mm",18855]
[32200440,"Modell KREATIV - Innenmass B 5,35 x L 4,33 x H 0,65 mt, 2 Module, Profil 70/40, Farbe RAL 7035, PC 4 mm",6300]
[32200445,"Modell KREATIV - Innenmass B 5,35 x L 5,15 x H 0,65 mt, 2 Module, Profil 70/40, Farbe RAL 7035, PC 4 mm",7065]
[32200450,"Modell KREATIV - Innenmass B 5,35 x L 6,5 x H 0,73 mt, 3 Module, Profil 70/40, Farbe RAL 7035, PC 4 mm",8685]
[32200455,"Modell KREATIV - Innenmass B 5,35 x L 7,73 x H 0,73 mt, 3 Module, Profil 70/40, Farbe RAL 7035, PC 4 mm",9450]
[32200460,"Modell KREATIV - Innenmass B 5,35 x L 8,67 x H 0,81 mt, 4 Module, Profil 70/40, Farbe RAL 7035, PC 4 mm",11160]
[32200465,"Modell KREATIV - Innenmass B 5,35 x L 10,31 x H 0,81 mt, 4 Module, Profil 70/40, Farbe RAL 7035, PC 4 mm",11925]
[32200470,"Modell KREATIV - Innenmass B 5,35 x L 10,84 x H 0,89 mt, 5 Module, Profil 70/40, Farbe RAL 7035, PC 4 mm",13680]
[32200475,"Modell KREATIV - Innenmass B 5,35 x L 12,89 x H 0,89 mt, 5 Module, Profil 70/40, Farbe RAL 7035, PC 4 mm",14445]
[32200480,"Modell KREATIV - Innenmass B 5,35 x L 13,01 x H 0,96 mt, 6 Module, Profil 70/40, Farbe RAL 7035, PC 4 mm",16245]
[32200485,"Modell KREATIV - Innenmass B 5,35 x L 15,47 x H 0,96 mt, 6 Module, Profil 70/40, Farbe RAL 7035, PC 4 mm",17055]
[32200490,"Modell KREATIV - Innenmass B 5,35 x L 15,18 x H 1,04 mt, 7 Module, Profil 70/40, Farbe RAL 7035, PC 4 mm",18855]
[32200495,"Modell KREATIV - Innenmass B 5,35 x L 18,05 x H 1,04 mt, 7 Module, Profil 70/40, Farbe RAL 7035, PC 4 mm",19665]
[32200500,"Modell KREATIV - Innenmass B 5,6 x L 4,33 x H 0,67 mt, 2 Module, Profil 70/40, Farbe RAL 7035, PC 4 mm",6525]
[32200505,"Modell KREATIV - Innenmass B 5,6 x L 5,15 x H 0,67 mt, 2 Module, Profil 70/40, Farbe RAL 7035, PC 4 mm",7290]
[32200510,"Modell KREATIV - Innenmass B 5,6 x L 6,5 x H 0,75 mt, 3 Module, Profil 70/40, Farbe RAL 7035, PC 4 mm",9045]
[32200515,"Modell KREATIV - Innenmass B 5,6 x L 7,73 x H 0,75 mt, 3 Module, Profil 70/40, Farbe RAL 7035, PC 4 mm",9810]
[32200520,"Modell KREATIV - Innenmass B 5,6 x L 8,67 x H 0,83 mt, 4 Module, Profil 70/40, Farbe RAL 7035, PC 4 mm",11610]
[32200525,"Modell KREATIV - Innenmass B 5,6 x L 10,31 x H 0,83 mt, 4 Module, Profil 70/40, Farbe RAL 7035, PC 4 mm",12420]
[32200530,"Modell KREATIV - Innenmass B 5,6 x L 10,84 x H 0,91 mt, 5 Module, Profil 70/40, Farbe RAL 7035, PC 4 mm",14220]
[32200535,"Modell KREATIV - Innenmass B 5,6 x L 12,89 x H 0,91 mt, 5 Module, Profil 70/40, Farbe RAL 7035, PC 4 mm",15075]
[32200540,"Modell KREATIV - Innenmass B 5,6 x L 13,01 x H 0,99 mt, 6 Module, Profil 70/40, Farbe RAL 7035, PC 4 mm",16920]
[32200545,"Modell KREATIV - Innenmass B 5,6 x L 15,47 x H 0,99 mt, 6 Module, Profil 70/40, Farbe RAL 7035, PC 4 mm",17730]
[32200550,"Modell KREATIV - Innenmass B 5,6 x L 15,18 x H 1,06 mt, 7 Module, Profil 70/40, Farbe RAL 7035, PC 4 mm",19620]
[32200555,"Modell KREATIV - Innenmass B 5,6 x L 18,05 x H 1,06 mt, 7 Module, Profil 70/40, Farbe RAL 7035, PC 4 mm",20475]
[32209999,"Sonderbestellung KREATIV lt. Angebot Nr.: inkl. Skizze",0]
[32300000,"Modell IMPERIA - Innenmass B 3,1 x L 4,33 x H 2,06 mt, 2 Module, Profil 70/40, Farbe RAL 7035, Stegplatte 8 mm",3960]
[32300005,"Modell IMPERIA - Innenmass B 3,1 x L 5,15 x H 2,06 mt, 2 Module, Profil 70/40, Farbe RAL 7035, Stegplatte 8 mm",4410]
[32300010,"Modell IMPERIA - Innenmass B 3,1 x L 6,5 x H 2,15 mt, 3 Module, Profil 70/40, Farbe RAL 7035, Stegplatte 8 mm",5400]
[32300015,"Modell IMPERIA - Innenmass B 3,1 x L 7,73 x H 2,15 mt, 3 Module, Profil 70/40, Farbe RAL 7035, Stegplatte 8 mm",5850]
[32300020,"Modell IMPERIA - Innenmass B 3,1 x L 8,67 x H 2,23 mt, 4 Module, Profil 70/40, Farbe RAL 7035, Stegplatte 8 mm",6885]
[32300025,"Modell IMPERIA - Innenmass B 3,1 x L 10,31 x H 2,23 mt, 4 Module, Profil 70/40, Farbe RAL 7035, Stegplatte 8 mm",7380]
[32300030,"Modell IMPERIA - Innenmass B 3,1 x L 10,84 x H 2,31 mt, 5 Module, Profil 70/40, Farbe RAL 7035, Stegplatte 8 mm",8460]
[32300035,"Modell IMPERIA - Innenmass B 3,1 x L 13,01 x H 2,39 mt, 6 Module, Profil 70/40, Farbe RAL 7035, Stegplatte 8 mm",10035]
[32300040,"Modell IMPERIA - Innenmass B 3,35 x L 4,33 x H 2,07 mt, 2 Module, Profil 70/40, Farbe RAL 7035, Stegplatte 8 mm",4095]
[32300045,"Modell IMPERIA - Innenmass B 3,35 x L 5,15 x H 2,07 mt, 2 Module, Profil 70/40, Farbe RAL 7035, Stegplatte 8 mm",4545]
[32300050,"Modell IMPERIA - Innenmass B 3,35 x L 6,5 x H 2,16 mt, 3 Module, Profil 70/40, Farbe RAL 7035, Stegplatte 8 mm",5580]
[32300055,"Modell IMPERIA - Innenmass B 3,35 x L 7,73 x H 2,16 mt, 3 Module, Profil 70/40, Farbe RAL 7035, Stegplatte 8 mm",6075]
[32300060,"Modell IMPERIA - Innenmass B 3,35 x L 8,67 x H 2,24 mt, 4 Module, Profil 70/40, Farbe RAL 7035, Stegplatte 8 mm",7155]
[32300065,"Modell IMPERIA - Innenmass B 3,35 x L 10,31 x H 2,24 mt, 4 Module, Profil 70/40, Farbe RAL 7035, Stegplatte 8 mm",7650]
[32300070,"Modell IMPERIA - Innenmass B 3,35 x L 10,84 x H 2,32 mt, 5 Module, Profil 70/40, Farbe RAL 7035, Stegplatte 8 mm",8730]
[32300075,"Modell IMPERIA - Innenmass B 3,35 x L 13,01 x H 2,4 mt, 6 Module, Profil 70/40, Farbe RAL 7035, Stegplatte 8 mm",10350]
[32300080,"Modell IMPERIA - Innenmass B 3,6 x L 4,33 x H 2,09 mt, 2 Module, Profil 70/40, Farbe RAL 7035, Stegplatte 8 mm",4230]
[32300085,"Modell IMPERIA - Innenmass B 3,6 x L 5,15 x H 2,09 mt, 2 Module, Profil 70/40, Farbe RAL 7035, Stegplatte 8 mm",4680]
[32300090,"Modell IMPERIA - Innenmass B 3,6 x L 6,5 x H 2,17 mt, 3 Module, Profil 70/40, Farbe RAL 7035, Stegplatte 8 mm",5760]
[32300095,"Modell IMPERIA - Innenmass B 3,6 x L 7,73 x H 2,17 mt, 3 Module, Profil 70/40, Farbe RAL 7035, Stegplatte 8 mm",6300]
[32300100,"Modell IMPERIA - Innenmass B 3,6 x L 8,67 x H 2,25 mt, 4 Module, Profil 70/40, Farbe RAL 7035, Stegplatte 8 mm",7380]
[32300105,"Modell IMPERIA - Innenmass B 3,6 x L 10,31 x H 2,25 mt, 4 Module, Profil 70/40, Farbe RAL 7035, Stegplatte 8 mm",7875]
[32300110,"Modell IMPERIA - Innenmass B 3,6 x L 10,84 x H 2,33 mt, 5 Module, Profil 70/40, Farbe RAL 7035, Stegplatte 8 mm",9000]
[32300115,"Modell IMPERIA - Innenmass B 3,6 x L 13,01 x H 2,4 mt, 6 Module, Profil 70/40, Farbe RAL 7035, Stegplatte 8 mm",10710]
[32300120,"Modell IMPERIA - Innenmass B 3,85 x L 4,33 x H 2,1 mt, 2 Module, Profil 70/40, Farbe RAL 7035, Stegplatte 8 mm",4365]
[32300125,"Modell IMPERIA - Innenmass B 3,85 x L 5,15 x H 2,18 mt, 2 Module, Profil 70/40, Farbe RAL 7035, Stegplatte 8 mm",4905]
[32300130,"Modell IMPERIA - Innenmass B 3,85 x L 6,5 x H 2,18 mt, 3 Module, Profil 70/40, Farbe RAL 7035, Stegplatte 8 mm",5985]
[32300135,"Modell IMPERIA - Innenmass B 3,85 x L 7,73 x H 2,18 mt, 3 Module, Profil 70/40, Farbe RAL 7035, Stegplatte 8 mm",6480]
[32300140,"Modell IMPERIA - Innenmass B 3,85 x L 8,67 x H 2,26 mt, 4 Module, Profil 70/40, Farbe RAL 7035, Stegplatte 8 mm",7605]
[32300145,"Modell IMPERIA - Innenmass B 3,85 x L 10,31 x H 2,26 mt, 4 Module, Profil 70/40, Farbe RAL 7035, Stegplatte 8 mm",8100]
[32300150,"Modell IMPERIA - Innenmass B 3,85 x L 10,84 x H 2,34 mt, 5 Module, Profil 70/40, Farbe RAL 7035, Stegplatte 8 mm",9270]
[32300155,"Modell IMPERIA - Innenmass B 3,85 x L 13,01 x H 2,41 mt, 6 Module, Profil 70/40, Farbe RAL 7035, Stegplatte 8 mm",11025]
[32300160,"Modell IMPERIA - Innenmass B 4,1 x L 4,33 x H 2,12 mt, 2 Module, Profil 70/40, Farbe RAL 7035, Stegplatte 8 mm",4500]
[32300165,"Modell IMPERIA - Innenmass B 4,1 x L 5,15 x H 2,12 mt, 2 Module, Profil 70/40, Farbe RAL 7035, Stegplatte 8 mm",5040]
[32300170,"Modell IMPERIA - Innenmass B 4,1 x L 6,5 x H 2,19 mt, 3 Module, Profil 70/40, Farbe RAL 7035, Stegplatte 8 mm",6165]
[32300175,"Modell IMPERIA - Innenmass B 4,1 x L 7,73 x H 2,19 mt, 3 Module, Profil 70/40, Farbe RAL 7035, Stegplatte 8 mm",6660]
[32300180,"Modell IMPERIA - Innenmass B 4,1 x L 8,67 x H 2,27 mt, 4 Module, Profil 70/40, Farbe RAL 7035, Stegplatte 8 mm",7830]
[32300185,"Modell IMPERIA - Innenmass B 4,1 x L 10,31 x H 2,27 mt, 4 Module, Profil 70/40, Farbe RAL 7035, Stegplatte 8 mm",8415]
[32300190,"Modell IMPERIA - Innenmass B 4,1 x L 10,84 x H 2,34 mt, 5 Module, Profil 70/40, Farbe RAL 7035, Stegplatte 8 mm",9585]
[32300195,"Modell IMPERIA - Innenmass B 4,1 x L 12,89 x H 2,34 mt, 5 Module, Profil 70/40, Farbe RAL 7035, Stegplatte 8 mm",10125]
[32300200,"Modell IMPERIA - Innenmass B 4,1 x L 13,01 x H 2,41 mt, 6 Module, Profil 70/40, Farbe RAL 7035, Stegplatte 8 mm",11340]
[32300205,"Modell IMPERIA - Innenmass B 4,1 x L 15,47 x H 2,41 mt, 6 Module, Profil 70/40, Farbe RAL 7035, Stegplatte 8 mm",11925]
[32300210,"Modell IMPERIA - Innenmass B 4,35 x L 4,33 x H 2,13 mt, 2 Module, Profil 70/40, Farbe RAL 7035, Stegplatte 8 mm",4635]
[32300215,"Modell IMPERIA - Innenmass B 4,35 x L 5,15 x H 2,13 mt, 2 Module, Profil 70/40, Farbe RAL 7035, Stegplatte 8 mm",5175]
[32300220,"Modell IMPERIA - Innenmass B 4,35 x L 6,5 x H 2,2 mt, 3 Module, Profil 70/40, Farbe RAL 7035, Stegplatte 8 mm",6345]
[32300225,"Modell IMPERIA - Innenmass B 4,35 x L 7,73 x H 2,2 mt, 3 Module, Profil 70/40, Farbe RAL 7035, Stegplatte 8 mm",6885]
[32300230,"Modell IMPERIA - Innenmass B 4,35 x L 8,67 x H 2,28 mt, 4 Module, Profil 70/40, Farbe RAL 7035, Stegplatte 8 mm",8055]
[32300235,"Modell IMPERIA - Innenmass B 4,35 x L 10,31 x H 2,28 mt, 4 Module, Profil 70/40, Farbe RAL 7035, Stegplatte 8 mm",8640]
[32300240,"Modell IMPERIA - Innenmass B 4,35 x L 10,84 x H 2,35 mt, 5 Module, Profil 70/40, Farbe RAL 7035, Stegplatte 8 mm",9855]
[32300245,"Modell IMPERIA - Innenmass B 4,35 x L 12,89 x H 2,35 mt, 5 Module, Profil 70/40, Farbe RAL 7035, Stegplatte 8 mm",10395]
[32300250,"Modell IMPERIA - Innenmass B 4,35 x L 13,01 x H 2,42 mt, 6 Module, Profil 70/40, Farbe RAL 7035, Stegplatte 8 mm",11655]
[32300255,"Modell IMPERIA - Innenmass B 4,35 x L 15,47 x H 2,42 mt, 6 Module, Profil 70/40, Farbe RAL 7035, Stegplatte 8 mm",12240]
[32300260,"Modell IMPERIA - Innenmass B 4,6 x L 4,33 x H 2,14 mt, 2 Module, Profil 70/40, Farbe RAL 7035, Stegplatte 8 mm",4815]
[32300265,"Modell IMPERIA - Innenmass B 4,6 x L 5,15 x H 2,14 mt, 2 Module, Profil 70/40, Farbe RAL 7035, Stegplatte 8 mm",5355]
[32300270,"Modell IMPERIA - Innenmass B 4,6 x L 6,5 x H 2,21 mt, 3 Module, Profil 70/40, Farbe RAL 7035, Stegplatte 8 mm",6525]
[32300275,"Modell IMPERIA - Innenmass B 4,6 x L 7,73 x H 2,21 mt, 3 Module, Profil 70/40, Farbe RAL 7035, Stegplatte 8 mm",7110]
[32300280,"Modell IMPERIA - Innenmass B 4,6 x L 8,67 x H 2,29 mt, 4 Module, Profil 70/40, Farbe RAL 7035, Stegplatte 8 mm",8325]
[32300285,"Modell IMPERIA - Innenmass B 4,6 x L 10,31 x H 2,29 mt, 4 Module, Profil 70/40, Farbe RAL 7035, Stegplatte 8 mm",8865]
[32300290,"Modell IMPERIA - Innenmass B 4,6 x L 10,84 x H 2,36 mt, 5 Module, Profil 70/40, Farbe RAL 7035, Stegplatte 8 mm",10125]
[32300295,"Modell IMPERIA - Innenmass B 4,6 x L 12,89 x H 2,36 mt, 5 Module, Profil 70/40, Farbe RAL 7035, Stegplatte 8 mm",10710]
[32300300,"Modell IMPERIA - Innenmass B 4,6 x L 13,01 x H 2,43 mt, 6 Module, Profil 70/40, Farbe RAL 7035, Stegplatte 8 mm",12015]
[32300305,"Modell IMPERIA - Innenmass B 4,6 x L 15,47 x H 2,43 mt, 6 Module, Profil 70/40, Farbe RAL 7035, Stegplatte 8 mm",12600]
[32300310,"Modell IMPERIA - Innenmass B 4,6 x L 15,18 x H 2,5 mt, 7 Module, Profil 70/40, Farbe RAL 7035, Stegplatte 8 mm",13905]
[32300315,"Modell IMPERIA - Innenmass B 4,6 x L 18,05 x H 2,5 mt, 7 Module, Profil 70/40, Farbe RAL 7035, Stegplatte 8 mm",14625]
[32300320,"Modell IMPERIA - Innenmass B 4,85 x L 4,33 x H 2,15 mt, 2 Module, Profil 70/40, Farbe RAL 7035, Stegplatte 8 mm",4950]
[32300325,"Modell IMPERIA - Innenmass B 4,85 x L 5,15 x H 2,15 mt, 2 Module, Profil 70/40, Farbe RAL 7035, Stegplatte 8 mm",5490]
[32300330,"Modell IMPERIA - Innenmass B 4,85 x L 6,5 x H 2,22 mt, 3 Module, Profil 70/40, Farbe RAL 7035, Stegplatte 8 mm",6705]
[32300335,"Modell IMPERIA - Innenmass B 4,85 x L 7,73 x H 2,22 mt, 3 Module, Profil 70/40, Farbe RAL 7035, Stegplatte 8 mm",7290]
[32300340,"Modell IMPERIA - Innenmass B 4,85 x L 8,67 x H 2,3 mt, 4 Module, Profil 70/40, Farbe RAL 7035, Stegplatte 8 mm",8550]
[32300345,"Modell IMPERIA - Innenmass B 4,85 x L 10,31 x H 2,3 mt, 4 Module, Profil 70/40, Farbe RAL 7035, Stegplatte 8 mm",9090]
[32300350,"Modell IMPERIA - Innenmass B 4,85 x L 10,84 x H 2,37 mt, 5 Module, Profil 70/40, Farbe RAL 7035, Stegplatte 8 mm",10395]
[32300355,"Modell IMPERIA - Innenmass B 4,85 x L 12,89 x H 2,37 mt, 5 Module, Profil 70/40, Farbe RAL 7035, Stegplatte 8 mm",11025]
[32300360,"Modell IMPERIA - Innenmass B 4,85 x L 13,01 x H 2,44 mt, 6 Module, Profil 70/40, Farbe RAL 7035, Stegplatte 8 mm",12330]
[32300365,"Modell IMPERIA - Innenmass B 4,85 x L 15,47 x H 2,44 mt, 6 Module, Profil 70/40, Farbe RAL 7035, Stegplatte 8 mm",12960]
[32300370,"Modell IMPERIA - Innenmass B 4,85 x L 15,18 x H 2,51 mt, 7 Module, Profil 70/40, Farbe RAL 7035, Stegplatte 8 mm",14310]
[32300375,"Modell IMPERIA - Innenmass B 4,85 x L 18,05 x H 2,51 mt, 7 Module, Profil 70/40, Farbe RAL 7035, Stegplatte 8 mm",14985]
[32300380,"Modell IMPERIA - Innenmass B 5,1 x L 4,33 x H 2,17 mt, 2 Module, Profil 70/40, Farbe RAL 7035, Stegplatte 8 mm",5265]
[32300385,"Modell IMPERIA - Innenmass B 5,1 x L 5,15 x H 2,17 mt, 2 Module, Profil 70/40, Farbe RAL 7035, Stegplatte 8 mm",5850]
[32300390,"Modell IMPERIA - Innenmass B 5,1 x L 6,5 x H 2,24 mt, 3 Module, Profil 70/40, Farbe RAL 7035, Stegplatte 8 mm",7200]
[32300395,"Modell IMPERIA - Innenmass B 5,1 x L 7,73 x H 2,24 mt, 3 Module, Profil 70/40, Farbe RAL 7035, Stegplatte 8 mm",7785]
[32300400,"Modell IMPERIA - Innenmass B 5,1 x L 8,67 x H 2,31 mt, 4 Module, Profil 70/40, Farbe RAL 7035, Stegplatte 8 mm",9135]
[32300405,"Modell IMPERIA - Innenmass B 5,1 x L 10,31 x H 2,31 mt, 4 Module, Profil 70/40, Farbe RAL 7035, Stegplatte 8 mm",9765]
[32300410,"Modell IMPERIA - Innenmass B 5,1 x L 10,84 x H 2,38 mt, 5 Module, Profil 70/40, Farbe RAL 7035, Stegplatte 8 mm",11160]
[32300415,"Modell IMPERIA - Innenmass B 5,1 x L 12,89 x H 2,38 mt, 5 Module, Profil 70/40, Farbe RAL 7035, Stegplatte 8 mm",11835]
[32300420,"Modell IMPERIA - Innenmass B 5,1 x L 13,01 x H 2,44 mt, 6 Module, Profil 70/40, Farbe RAL 7035, Stegplatte 8 mm",13230]
[32300425,"Modell IMPERIA - Innenmass B 5,1 x L 15,47 x H 2,44 mt, 6 Module, Profil 70/40, Farbe RAL 7035, Stegplatte 8 mm",13860]
[32300430,"Modell IMPERIA - Innenmass B 5,1 x L 15,18 x H 2,51 mt, 7 Module, Profil 70/40, Farbe RAL 7035, Stegplatte 8 mm",15345]
[32300435,"Modell IMPERIA - Innenmass B 5,1 x L 18,05 x H 2,51 mt, 7 Module, Profil 70/40, Farbe RAL 7035, Stegplatte 8 mm",16065]
[32300440,"Modell IMPERIA - Innenmass B 5,35 x L 4,33 x H 2,18 mt, 2 Module, Profil 70/40, Farbe RAL 7035, Stegplatte 8 mm",5490]
[32300445,"Modell IMPERIA - Innenmass B 5,35 x L 5,15 x H 2,18 mt, 2 Module, Profil 70/40, Farbe RAL 7035, Stegplatte 8 mm",6120]
[32300450,"Modell IMPERIA - Innenmass B 5,35 x L 6,5 x H 2,25 mt, 3 Module, Profil 70/40, Farbe RAL 7035, Stegplatte 8 mm",7515]
[32300455,"Modell IMPERIA - Innenmass B 5,35 x L 7,73 x H 2,25 mt, 3 Module, Profil 70/40, Farbe RAL 7035, Stegplatte 8 mm",8145]
[32300460,"Modell IMPERIA - Innenmass B 5,35 x L 8,67 x H 2,32 mt, 4 Module, Profil 70/40, Farbe RAL 7035, Stegplatte 8 mm",9585]
[32300465,"Modell IMPERIA - Innenmass B 5,35 x L 10,31 x H 2,32 mt, 4 Module, Profil 70/40, Farbe RAL 7035, Stegplatte 8 mm",10215]
[32300470,"Modell IMPERIA - Innenmass B 5,35 x L 10,84 x H 2,39 mt, 5 Module, Profil 70/40, Farbe RAL 7035, Stegplatte 8 mm",11655]
[32300475,"Modell IMPERIA - Innenmass B 5,35 x L 12,89 x H 2,39 mt, 5 Module, Profil 70/40, Farbe RAL 7035, Stegplatte 8 mm",12330]
[32300480,"Modell IMPERIA - Innenmass B 5,35 x L 13,01 x H 2,45 mt, 6 Module, Profil 70/40, Farbe RAL 7035, Stegplatte 8 mm",13815]
[32300485,"Modell IMPERIA - Innenmass B 5,35 x L 15,47 x H 2,45 mt, 6 Module, Profil 70/40, Farbe RAL 7035, Stegplatte 8 mm",14535]
[32300490,"Modell IMPERIA - Innenmass B 5,35 x L 15,18 x H 2,52 mt, 7 Module, Profil 70/40, Farbe RAL 7035, Stegplatte 8 mm",16020]
[32300495,"Modell IMPERIA - Innenmass B 5,35 x L 18,05 x H 2,52 mt, 7 Module, Profil 70/40, Farbe RAL 7035, Stegplatte 8 mm",16830]
[32300500,"Modell IMPERIA - Innenmass B 5,6 x L 4,33 x H 2,19 mt, 2 Module, Profil 70/40, Farbe RAL 7035, Stegplatte 8 mm",5715]
[32300505,"Modell IMPERIA - Innenmass B 5,6 x L 5,15 x H 2,19 mt, 2 Module, Profil 70/40, Farbe RAL 7035, Stegplatte 8 mm",6390]
[32300510,"Modell IMPERIA - Innenmass B 5,6 x L 6,5 x H 2,26 mt, 3 Module, Profil 70/40, Farbe RAL 7035, Stegplatte 8 mm",7830]
[32300515,"Modell IMPERIA - Innenmass B 5,6 x L 7,73 x H 2,26 mt, 3 Module, Profil 70/40, Farbe RAL 7035, Stegplatte 8 mm",8505]
[32300520,"Modell IMPERIA - Innenmass B 5,6 x L 8,67 x H 2,33 mt, 4 Module, Profil 70/40, Farbe RAL 7035, Stegplatte 8 mm",9990]
[32300525,"Modell IMPERIA - Innenmass B 5,6 x L 10,31 x H 2,33 mt, 4 Module, Profil 70/40, Farbe RAL 7035, Stegplatte 8 mm",10710]
[32300530,"Modell IMPERIA - Innenmass B 5,6 x L 10,84 x H 2,4 mt, 5 Module, Profil 70/40, Farbe RAL 7035, Stegplatte 8 mm",12195]
[32300535,"Modell IMPERIA - Innenmass B 5,6 x L 12,89 x H 2,4 mt, 5 Module, Profil 70/40, Farbe RAL 7035, Stegplatte 8 mm",12870]
[32300540,"Modell IMPERIA - Innenmass B 5,6 x L 13,01 x H 2,46 mt, 6 Module, Profil 70/40, Farbe RAL 7035, Stegplatte 8 mm",14445]
[32300545,"Modell IMPERIA - Innenmass B 5,6 x L 15,47 x H 2,46 mt, 6 Module, Profil 70/40, Farbe RAL 7035, Stegplatte 8 mm",15120]
[32300550,"Modell IMPERIA - Innenmass B 5,6 x L 15,18 x H 2,53 mt, 7 Module, Profil 70/40, Farbe RAL 7035, Stegplatte 8 mm",16740]
[32300555,"Modell IMPERIA - Innenmass B 5,6 x L 18,05 x H 2,53 mt, 7 Module, Profil 70/40, Farbe RAL 7035, Stegplatte 8 mm",17505]
[32309999,"Sonderbestellung IMPERIA lt. Angebot Nr.: inkl. Skizze",0]
[32320000,"Modell EXKLUSIV - Innenmass B 3,6 x L 4,33 x H 2,07 mt, 2 Module, Profil 70/40, Farbe RAL 7035, Stegplatte 8 mm",4770]
[32320005,"Modell EXKLUSIV - Innenmass B 3,6 x L 5,15 x H 2,07 mt, 2 Module, Profil 70/40, Farbe RAL 7035, Stegplatte 8 mm",5310]
[32320010,"Modell EXKLUSIV - Innenmass B 3,6 x L 6,5 x H 2,15 mt, 3 Module, Profil 70/40, Farbe RAL 7035, Stegplatte 8 mm",6525]
[32320015,"Modell EXKLUSIV - Innenmass B 3,6 x L 7,73 x H 2,15 mt, 3 Module, Profil 70/40, Farbe RAL 7035, Stegplatte 8 mm",7110]
[32320020,"Modell EXKLUSIV - Innenmass B 3,6 x L 8,67 x H 2,23 mt, 4 Module, Profil 70/40, Farbe RAL 7035, Stegplatte 8 mm",8370]
[32320025,"Modell EXKLUSIV - Innenmass B 3,6 x L 10,31 x H 2,23 mt, 4 Module, Profil 70/40, Farbe RAL 7035, Stegplatte 8 mm",8910]
[32320030,"Modell EXKLUSIV - Innenmass B 3,6 x L 10,84 x H 2,3 mt, 5 Module, Profil 70/40, Farbe RAL 7035, Stegplatte 8 mm",10215]
[32320035,"Modell EXKLUSIV - Innenmass B 3,6 x L 13,01 x H 2,38 mt, 6 Module, Profil 70/40, Farbe RAL 7035, Stegplatte 8 mm",12150]
[32320040,"Modell EXKLUSIV - Innenmass B 3,85 x L 4,33 x H 2,08 mt, 2 Module, Profil 70/40, Farbe RAL 7035, Stegplatte 8 mm",4905]
[32320045,"Modell EXKLUSIV - Innenmass B 3,85 x L 5,15 x H 2,08 mt, 2 Module, Profil 70/40, Farbe RAL 7035, Stegplatte 8 mm",5445]
[32320050,"Modell EXKLUSIV - Innenmass B 3,85 x L 6,5 x H 2,16 mt, 3 Module, Profil 70/40, Farbe RAL 7035, Stegplatte 8 mm",6705]
[32320055,"Modell EXKLUSIV - Innenmass B 3,85 x L 7,73 x H 2,16 mt, 3 Module, Profil 70/40, Farbe RAL 7035, Stegplatte 8 mm",7290]
[32320060,"Modell EXKLUSIV - Innenmass B 3,85 x L 8,67 x H 2,24 mt, 4 Module, Profil 70/40, Farbe RAL 7035, Stegplatte 8 mm",8595]
[32320065,"Modell EXKLUSIV - Innenmass B 3,85 x L 10,31 x H 2,24 mt, 4 Module, Profil 70/40, Farbe RAL 7035, Stegplatte 8 mm",9180]
[32320070,"Modell EXKLUSIV - Innenmass B 3,85 x L 10,84 x H 2,312 mt, 5 Module, Profil 70/40, Farbe RAL 7035, Stegplatte 8 mm",10485]
[32320075,"Modell EXKLUSIV - Innenmass B 3,85 x L 13,01 x H 2,39 mt, 6 Module, Profil 70/40, Farbe RAL 7035, Stegplatte 8 mm",12465]
[32320080,"Modell EXKLUSIV - Innenmass B 4,1 x L 4,33 x H 2,09 mt, 2 Module, Profil 70/40, Farbe RAL 7035, Stegplatte 8 mm",5040]
[32320085,"Modell EXKLUSIV - Innenmass B 4,1 x L 5,15 x H 2,09 mt, 2 Module, Profil 70/40, Farbe RAL 7035, Stegplatte 8 mm",5580]
[32320090,"Modell EXKLUSIV - Innenmass B 4,1 x L 6,5 x H 2,17 mt, 3 Module, Profil 70/40, Farbe RAL 7035, Stegplatte 8 mm",6885]
[32320095,"Modell EXKLUSIV - Innenmass B 4,1 x L 7,73 x H 2,17 mt, 3 Module, Profil 70/40, Farbe RAL 7035, Stegplatte 8 mm",7515]
[32320100,"Modell EXKLUSIV - Innenmass B 4,1 x L 8,67 x H 2,25 mt, 4 Module, Profil 70/40, Farbe RAL 7035, Stegplatte 8 mm",8820]
[32320105,"Modell EXKLUSIV - Innenmass B 4,1 x L 10,31 x H 2,25 mt, 4 Module, Profil 70/40, Farbe RAL 7035, Stegplatte 8 mm",9450]
[32320110,"Modell EXKLUSIV - Innenmass B 4,1 x L 10,84 x H 2,33 mt, 5 Module, Profil 70/40, Farbe RAL 7035, Stegplatte 8 mm",10800]
[32320115,"Modell EXKLUSIV - Innenmass B 4,1 x L 12,89 x H 2,33 mt, 5 Module, Profil 70/40, Farbe RAL 7035, Stegplatte 8 mm",11385]
[32320120,"Modell EXKLUSIV - Innenmass B 4,1 x L 13,01 x H 2,41 mt, 6 Module, Profil 70/40, Farbe RAL 7035, Stegplatte 8 mm",12780]
[32320125,"Modell EXKLUSIV - Innenmass B 4,1 x L 15,47 x H 2,41 mt, 6 Module, Profil 70/40, Farbe RAL 7035, Stegplatte 8 mm",13455]
[32320130,"Modell EXKLUSIV - Innenmass B 4,35 x L 4,33 x H 2,11 mt, 2 Module, Profil 70/40, Farbe RAL 7035, Stegplatte 8 mm",5175]
[32320135,"Modell EXKLUSIV - Innenmass B 4,35 x L 5,15 x H 2,11 mt, 2 Module, Profil 70/40, Farbe RAL 7035, Stegplatte 8 mm",5760]
[32320140,"Modell EXKLUSIV - Innenmass B 4,35 x L 6,5 x H 2,19 mt, 3 Module, Profil 70/40, Farbe RAL 7035, Stegplatte 8 mm",7110]
[32320145,"Modell EXKLUSIV - Innenmass B 4,35 x L 7,73 x H 2,19 mt, 3 Module, Profil 70/40, Farbe RAL 7035, Stegplatte 8 mm",7695]
[32320150,"Modell EXKLUSIV - Innenmass B 4,35 x L 8,67 x H 2,27 mt, 4 Module, Profil 70/40, Farbe RAL 7035, Stegplatte 8 mm",9045]
[32320155,"Modell EXKLUSIV - Innenmass B 4,35 x L 10,31 x H 2,27 mt, 4 Module, Profil 70/40, Farbe RAL 7035, Stegplatte 8 mm",9675]
[32320160,"Modell EXKLUSIV - Innenmass B 4,35 x L 10,84 x H 2,34 mt, 5 Module, Profil 70/40, Farbe RAL 7035, Stegplatte 8 mm",11070]
[32320165,"Modell EXKLUSIV - Innenmass B 4,35 x L 12,89 x H 2,34 mt, 5 Module, Profil 70/40, Farbe RAL 7035, Stegplatte 8 mm",11700]
[32320170,"Modell EXKLUSIV - Innenmass B 4,35 x L 13,01 x H 2,42 mt, 6 Module, Profil 70/40, Farbe RAL 7035, Stegplatte 8 mm",13140]
[32320175,"Modell EXKLUSIV - Innenmass B 4,35 x L 15,47 x H 2,42 mt, 6 Module, Profil 70/40, Farbe RAL 7035, Stegplatte 8 mm",13770]
[32320180,"Modell EXKLUSIV - Innenmass B 4,6 x L 4,33 x H 2,13 mt, 2 Module, Profil 70/40, Farbe RAL 7035, Stegplatte 8 mm",5310]
[32320185,"Modell EXKLUSIV - Innenmass B 4,6 x L 5,15 x H 2,13 mt, 2 Module, Profil 70/40, Farbe RAL 7035, Stegplatte 8 mm",5940]
[32320190,"Modell EXKLUSIV - Innenmass B 4,6 x L 6,5 x H 2,21 mt, 3 Module, Profil 70/40, Farbe RAL 7035, Stegplatte 8 mm",7290]
[32320195,"Modell EXKLUSIV - Innenmass B 4,6 x L 7,73 x H 2,21 mt, 3 Module, Profil 70/40, Farbe RAL 7035, Stegplatte 8 mm",7875]
[32320200,"Modell EXKLUSIV - Innenmass B 4,6 x L 8,67 x H 2,28 mt, 4 Module, Profil 70/40, Farbe RAL 7035, Stegplatte 8 mm",9270]
[32320205,"Modell EXKLUSIV - Innenmass B 4,6 x L 10,31 x H 2,28 mt, 4 Module, Profil 70/40, Farbe RAL 7035, Stegplatte 8 mm",9945]
[32320210,"Modell EXKLUSIV - Innenmass B 4,6 x L 10,84 x H 2,36 mt, 5 Module, Profil 70/40, Farbe RAL 7035, Stegplatte 8 mm",11340]
[32320215,"Modell EXKLUSIV - Innenmass B 4,6 x L 12,89 x H 2,36 mt, 5 Module, Profil 70/40, Farbe RAL 7035, Stegplatte 8 mm",12015]
[32320220,"Modell EXKLUSIV - Innenmass B 4,6 x L 13,01 x H 2,44 mt, 6 Module, Profil 70/40, Farbe RAL 7035, Stegplatte 8 mm",13455]
[32320225,"Modell EXKLUSIV - Innenmass B 4,6 x L 15,47 x H 2,44 mt, 6 Module, Profil 70/40, Farbe RAL 7035, Stegplatte 8 mm",14130]
[32320230,"Modell EXKLUSIV - Innenmass B 4,6 x L 15,18 x H 2,52 mt, 7 Module, Profil 70/40, Farbe RAL 7035, Stegplatte 8 mm",15615]
[32320235,"Modell EXKLUSIV - Innenmass B 4,6 x L 18,05 x H 2,52 mt, 7 Module, Profil 70/40, Farbe RAL 7035, Stegplatte 8 mm",16290]
[32320240,"Modell EXKLUSIV - Innenmass B 4,85 x L 4,33 x H 2,15 mt, 2 Module, Profil 70/40, Farbe RAL 7035, Stegplatte 8 mm",5535]
[32320245,"Modell EXKLUSIV - Innenmass B 4,85 x L 5,15 x H 2,15 mt, 2 Module, Profil 70/40, Farbe RAL 7035, Stegplatte 8 mm",6210]
[32320250,"Modell EXKLUSIV - Innenmass B 4,85 x L 6,5 x H 2,23 mt, 3 Module, Profil 70/40, Farbe RAL 7035, Stegplatte 8 mm",7605]
[32320255,"Modell EXKLUSIV - Innenmass B 4,85 x L 7,73 x H 2,23 mt, 3 Module, Profil 70/40, Farbe RAL 7035, Stegplatte 8 mm",8280]
[32320260,"Modell EXKLUSIV - Innenmass B 4,85 x L 8,67 x H 2,3 mt, 4 Module, Profil 70/40, Farbe RAL 7035, Stegplatte 8 mm",9720]
[32320265,"Modell EXKLUSIV - Innenmass B 4,85 x L 10,31 x H 2,3 mt, 4 Module, Profil 70/40, Farbe RAL 7035, Stegplatte 8 mm",10350]
[32320270,"Modell EXKLUSIV - Innenmass B 4,85 x L 10,84 x H 2,38 mt, 5 Module, Profil 70/40, Farbe RAL 7035, Stegplatte 8 mm",11880]
[32320275,"Modell EXKLUSIV - Innenmass B 4,85 x L 12,89 x H 2,38 mt, 5 Module, Profil 70/40, Farbe RAL 7035, Stegplatte 8 mm",12555]
[32320280,"Modell EXKLUSIV - Innenmass B 4,85 x L 13,01 x H 2,46 mt, 6 Module, Profil 70/40, Farbe RAL 7035, Stegplatte 8 mm",14040]
[32320285,"Modell EXKLUSIV - Innenmass B 4,85 x L 15,47 x H 2,46 mt, 6 Module, Profil 70/40, Farbe RAL 7035, Stegplatte 8 mm",14760]
[32320290,"Modell EXKLUSIV - Innenmass B 4,85 x L 15,18 x H 2,54 mt, 7 Module, Profil 70/40, Farbe RAL 7035, Stegplatte 8 mm",16290]
[32320295,"Modell EXKLUSIV - Innenmass B 4,85 x L 18,05 x H 2,54 mt, 7 Module, Profil 70/40, Farbe RAL 7035, Stegplatte 8 mm",17010]
[32320300,"Modell EXKLUSIV - Innenmass B 5,1 x L 4,33 x H 2,17 mt, 2 Module, Profil 70/40, Farbe RAL 7035, Stegplatte 8 mm",5760]
[32320305,"Modell EXKLUSIV - Innenmass B 5,1 x L 5,15 x H 2,17 mt, 2 Module, Profil 70/40, Farbe RAL 7035, Stegplatte 8 mm",6435]
[32320310,"Modell EXKLUSIV - Innenmass B 5,1 x L 6,5 x H 2,25 mt, 3 Module, Profil 70/40, Farbe RAL 7035, Stegplatte 8 mm",7920]
[32320315,"Modell EXKLUSIV - Innenmass B 5,1 x L 7,73 x H 2,25 mt, 3 Module, Profil 70/40, Farbe RAL 7035, Stegplatte 8 mm",8640]
[32320320,"Modell EXKLUSIV - Innenmass B 5,1 x L 8,67 x H 2,33 mt, 4 Module, Profil 70/40, Farbe RAL 7035, Stegplatte 8 mm",10125]
[32320325,"Modell EXKLUSIV - Innenmass B 5,1 x L 10,31 x H 2,33 mt, 4 Module, Profil 70/40, Farbe RAL 7035, Stegplatte 8 mm",10845]
[32320330,"Modell EXKLUSIV - Innenmass B 5,1 x L 10,84 x H 2,41 mt, 5 Module, Profil 70/40, Farbe RAL 7035, Stegplatte 8 mm",12375]
[32320335,"Modell EXKLUSIV - Innenmass B 5,1 x L 12,89 x H 2,41 mt, 5 Module, Profil 70/40, Farbe RAL 7035, Stegplatte 8 mm",13095]
[32320340,"Modell EXKLUSIV - Innenmass B 5,1 x L 13,01 x H 2,48 mt, 6 Module, Profil 70/40, Farbe RAL 7035, Stegplatte 8 mm",14670]
[32320345,"Modell EXKLUSIV - Innenmass B 5,1 x L 15,47 x H 2,48 mt, 6 Module, Profil 70/40, Farbe RAL 7035, Stegplatte 8 mm",15390]
[32320350,"Modell EXKLUSIV - Innenmass B 5,1 x L 15,18 x H 2,56 mt, 7 Module, Profil 70/40, Farbe RAL 7035, Stegplatte 8 mm",17010]
[32320355,"Modell EXKLUSIV - Innenmass B 5,1 x L 18,05 x H 2,56 mt, 7 Module, Profil 70/40, Farbe RAL 7035, Stegplatte 8 mm",17775]
[32320360,"Modell EXKLUSIV - Innenmass B 5,35 x L 4,33 x H 2,2 mt, 2 Module, Profil 70/40, Farbe RAL 7035, Stegplatte 8 mm",6030]
[32320365,"Modell EXKLUSIV - Innenmass B 5,35 x L 5,15 x H 2,2 mt, 2 Module, Profil 70/40, Farbe RAL 7035, Stegplatte 8 mm",6705]
[32320370,"Modell EXKLUSIV - Innenmass B 5,35 x L 6,5 x H 2,28 mt, 3 Module, Profil 70/40, Farbe RAL 7035, Stegplatte 8 mm",8280]
[32320375,"Modell EXKLUSIV - Innenmass B 5,35 x L 7,73 x H 2,28 mt, 3 Module, Profil 70/40, Farbe RAL 7035, Stegplatte 8 mm",8955]
[32320380,"Modell EXKLUSIV - Innenmass B 5,35 x L 8,67 x H 2,35 mt, 4 Module, Profil 70/40, Farbe RAL 7035, Stegplatte 8 mm",10530]
[32320385,"Modell EXKLUSIV - Innenmass B 5,35 x L 10,31 x H 2,35 mt, 4 Module, Profil 70/40, Farbe RAL 7035, Stegplatte 8 mm",11250]
[32320390,"Modell EXKLUSIV - Innenmass B 5,35 x L 10,84 x H 2,43 mt, 5 Module, Profil 70/40, Farbe RAL 7035, Stegplatte 8 mm",12870]
[32320395,"Modell EXKLUSIV - Innenmass B 5,35 x L 12,89 x H 2,43 mt, 5 Module, Profil 70/40, Farbe RAL 7035, Stegplatte 8 mm",13635]
[32320400,"Modell EXKLUSIV - Innenmass B 5,35 x L 13,01 x H 2,51 mt, 6 Module, Profil 70/40, Farbe RAL 7035, Stegplatte 8 mm",15300]
[32320405,"Modell EXKLUSIV - Innenmass B 5,35 x L 15,47 x H 2,51 mt, 6 Module, Profil 70/40, Farbe RAL 7035, Stegplatte 8 mm",16020]
[32320410,"Modell EXKLUSIV - Innenmass B 5,35 x L 15,18 x H 2,59 mt, 7 Module, Profil 70/40, Farbe RAL 7035, Stegplatte 8 mm",17730]
[32320415,"Modell EXKLUSIV - Innenmass B 5,35 x L 18,05 x H 5,29 mt, 7 Module, Profil 70/40, Farbe RAL 7035, Stegplatte 8 mm",18450]
[32320420,"Modell EXKLUSIV - Innenmass B 5,6 x L 4,33 x H 2,22 mt, 2 Module, Profil 70/40, Farbe RAL 7035, Stegplatte 8 mm",6390]
[32320425,"Modell EXKLUSIV - Innenmass B 5,6 x L 5,15 x H 2,22 mt, 2 Module, Profil 70/40, Farbe RAL 7035, Stegplatte 8 mm",7155]
[32320430,"Modell EXKLUSIV - Innenmass B 5,6 x L 6,5 x H 2,3 mt, 3 Module, Profil 70/40, Farbe RAL 7035, Stegplatte 8 mm",8775]
[32320435,"Modell EXKLUSIV - Innenmass B 5,6 x L 7,73 x H 2,3 mt, 3 Module, Profil 70/40, Farbe RAL 7035, Stegplatte 8 mm",9540]
[32320440,"Modell EXKLUSIV - Innenmass B 5,6 x L 8,67 x H 2,38 mt, 4 Module, Profil 70/40, Farbe RAL 7035, Stegplatte 8 mm",11205]
[32320445,"Modell EXKLUSIV - Innenmass B 5,6 x L 10,31 x H 2,38 mt, 4 Module, Profil 70/40, Farbe RAL 7035, Stegplatte 8 mm",11970]
[32320450,"Modell EXKLUSIV - Innenmass B 5,6 x L 10,84 x H 2,46 mt, 5 Module, Profil 70/40, Farbe RAL 7035, Stegplatte 8 mm",13680]
[32320455,"Modell EXKLUSIV - Innenmass B 5,6 x L 12,89 x H 2,46 mt, 5 Module, Profil 70/40, Farbe RAL 7035, Stegplatte 8 mm",14490]
[32320460,"Modell EXKLUSIV - Innenmass B 5,6 x L 13,01 x H 2,54 mt, 6 Module, Profil 70/40, Farbe RAL 7035, Stegplatte 8 mm",16200]
[32320465,"Modell EXKLUSIV - Innenmass B 5,6 x L 15,47 x H 2,54 mt, 6 Module, Profil 70/40, Farbe RAL 7035, Stegplatte 8 mm",17010]
[32320470,"Modell EXKLUSIV - Innenmass B 5,6 x L 15,18 x H 2,62 mt, 7 Module, Profil 70/40, Farbe RAL 7035, Stegplatte 8 mm",18810]
[32320475,"Modell EXKLUSIV - Innenmass B 5,6 x L 18,05 x H 2,62 mt, 7 Module, Profil 70/40, Farbe RAL 7035, Stegplatte 8 mm",19575]
[32329999,"Sonderbestellung EXKLUSIV lt. Angebot Nr.: inkl. Skizze",0]
[32330000,"Modell DYNAMIK - Innenmass B 4,1 x L 4,33 x H 2,08 mt, 2 Module, Profil 70/40, Farbe RAL 7035, Stegplatte 8 mm",4500]
[32330005,"Modell DYNAMIK - Innenmass B 4,1 x L 5,15 x H 2,08 mt, 2 Module, Profil 70/40, Farbe RAL 7035, Stegplatte 8 mm",5040]
[32330010,"Modell DYNAMIK - Innenmass B 4,1 x L 6,5 x H 2,16 mt, 3 Module, Profil 70/40, Farbe RAL 7035, Stegplatte 8 mm",6120]
[32330015,"Modell DYNAMIK - Innenmass B 4,1 x L 7,73 x H 2,16 mt, 3 Module, Profil 70/40, Farbe RAL 7035, Stegplatte 8 mm",6615]
[32330020,"Modell DYNAMIK - Innenmass B 4,1 x L 8,67 x H 2,24 mt, 4 Module, Profil 70/40, Farbe RAL 7035, Stegplatte 8 mm",7740]
[32330025,"Modell DYNAMIK - Innenmass B 4,1 x L 10,31 x H 2,24 mt, 4 Module, Profil 70/40, Farbe RAL 7035, Stegplatte 8 mm",8280]
[32330030,"Modell DYNAMIK - Innenmass B 4,1 x L 10,84 x H 2,32 mt, 5 Module, Profil 70/40, Farbe RAL 7035, Stegplatte 8 mm",9450]
[32330035,"Modell DYNAMIK - Innenmass B 4,1 x L 12,89 x H 2,32 mt, 5 Module, Profil 70/40, Farbe RAL 7035, Stegplatte 8 mm",9990]
[32330040,"Modell DYNAMIK - Innenmass B 4,1 x L 13,01 x H 2,4 mt, 6 Module, Profil 70/40, Farbe RAL 7035, Stegplatte 8 mm",11160]
[32330045,"Modell DYNAMIK - Innenmass B 4,1 x L 15,47 x H 2,4 mt, 6 Module, Profil 70/40, Farbe RAL 7035, Stegplatte 8 mm",11700]
[32330050,"Modell DYNAMIK - Innenmass B 4,35 x L 4,33 x H 2,13 mt, 2 Module, Profil 70/40, Farbe RAL 7035, Stegplatte 8 mm",4635]
[32330055,"Modell DYNAMIK - Innenmass B 4,35 x L 5,15 x H 2,13 mt, 2 Module, Profil 70/40, Farbe RAL 7035, Stegplatte 8 mm",5175]
[32330060,"Modell DYNAMIK - Innenmass B 4,35 x L 6,5 x H 2,21 mt, 3 Module, Profil 70/40, Farbe RAL 7035, Stegplatte 8 mm",6300]
[32330065,"Modell DYNAMIK - Innenmass B 4,35 x L 7,73 x H 2,21 mt, 3 Module, Profil 70/40, Farbe RAL 7035, Stegplatte 8 mm",6795]
[32330070,"Modell DYNAMIK - Innenmass B 4,35 x L 8,67 x H 2,29 mt, 4 Module, Profil 70/40, Farbe RAL 7035, Stegplatte 8 mm",7965]
[32330075,"Modell DYNAMIK - Innenmass B 4,35 x L 10,31 x H 2,29 mt, 4 Module, Profil 70/40, Farbe RAL 7035, Stegplatte 8 mm",8550]
[32330080,"Modell DYNAMIK - Innenmass B 4,35 x L 10,84 x H 2,37 mt, 5 Module, Profil 70/40, Farbe RAL 7035, Stegplatte 8 mm",9720]
[32330085,"Modell DYNAMIK - Innenmass B 4,35 x L 12,89 x H 2,37 mt, 5 Module, Profil 70/40, Farbe RAL 7035, Stegplatte 8 mm",10260]
[32330090,"Modell DYNAMIK - Innenmass B 4,35 x L 13,01 x H 2,45 mt, 6 Module, Profil 70/40, Farbe RAL 7035, Stegplatte 8 mm",11475]
[32330095,"Modell DYNAMIK - Innenmass B 4,35 x L 15,47 x H 2,45 mt, 6 Module, Profil 70/40, Farbe RAL 7035, Stegplatte 8 mm",12060]
[32330100,"Modell DYNAMIK - Innenmass B 4,6 x L 4,33 x H 2,18 mt, 2 Module, Profil 70/40, Farbe RAL 7035, Stegplatte 8 mm",4995]
[32330105,"Modell DYNAMIK - Innenmass B 4,6 x L 5,15 x H 2,18 mt, 2 Module, Profil 70/40, Farbe RAL 7035, Stegplatte 8 mm",5535]
[32330110,"Modell DYNAMIK - Innenmass B 4,6 x L 6,5 x H 2,26 mt, 3 Module, Profil 70/40, Farbe RAL 7035, Stegplatte 8 mm",6750]
[32330115,"Modell DYNAMIK - Innenmass B 4,6 x L 7,73 x H 2,26 mt, 3 Module, Profil 70/40, Farbe RAL 7035, Stegplatte 8 mm",7335]
[32330120,"Modell DYNAMIK - Innenmass B 4,6 x L 8,67 x H 2,34 mt, 4 Module, Profil 70/40, Farbe RAL 7035, Stegplatte 8 mm",8595]
[32330125,"Modell DYNAMIK - Innenmass B 4,6 x L 10,31 x H 2,34 mt, 4 Module, Profil 70/40, Farbe RAL 7035, Stegplatte 8 mm",9135]
[32330130,"Modell DYNAMIK - Innenmass B 4,6 x L 10,84 x H 2,42 mt, 5 Module, Profil 70/40, Farbe RAL 7035, Stegplatte 8 mm",10440]
[32330135,"Modell DYNAMIK - Innenmass B 4,6 x L 12,89 x H 2,42 mt, 5 Module, Profil 70/40, Farbe RAL 7035, Stegplatte 8 mm",11070]
[32330140,"Modell DYNAMIK - Innenmass B 4,6 x L 13,01 x H 2,5 mt, 6 Module, Profil 70/40, Farbe RAL 7035, Stegplatte 8 mm",12375]
[32330145,"Modell DYNAMIK - Innenmass B 4,6 x L 15,47 x H 2,5 mt, 6 Module, Profil 70/40, Farbe RAL 7035, Stegplatte 8 mm",13005]
[32330150,"Modell DYNAMIK - Innenmass B 4,6 x L 15,18 x H 2,58 mt, 7 Module, Profil 70/40, Farbe RAL 7035, Stegplatte 8 mm",14355]
[32330155,"Modell DYNAMIK - Innenmass B 4,6 x L 18,05 x H 2,58 mt, 7 Module, Profil 70/40, Farbe RAL 7035, Stegplatte 8 mm",14940]
[32330160,"Modell DYNAMIK - Innenmass B 4,85 x L 4,33 x H 2,23 mt, 2 Module, Profil 70/40, Farbe RAL 7035, Stegplatte 8 mm",5130]
[32330165,"Modell DYNAMIK - Innenmass B 4,85 x L 5,15 x H 2,23 mt, 2 Module, Profil 70/40, Farbe RAL 7035, Stegplatte 8 mm",5670]
[32330170,"Modell DYNAMIK - Innenmass B 4,85 x L 6,5 x H 2,31 mt, 3 Module, Profil 70/40, Farbe RAL 7035, Stegplatte 8 mm",6930]
[32330175,"Modell DYNAMIK - Innenmass B 4,85 x L 7,73 x H 2,31 mt, 3 Module, Profil 70/40, Farbe RAL 7035, Stegplatte 8 mm",7515]
[32330180,"Modell DYNAMIK - Innenmass B 4,85 x L 8,67 x H 2,39 mt, 4 Module, Profil 70/40, Farbe RAL 7035, Stegplatte 8 mm",8820]
[32330185,"Modell DYNAMIK - Innenmass B 4,85 x L 10,31 x H 2,39 mt, 4 Module, Profil 70/40, Farbe RAL 7035, Stegplatte 8 mm",9450]
[32330190,"Modell DYNAMIK - Innenmass B 4,85 x L 10,84 x H 2,47 mt, 5 Module, Profil 70/40, Farbe RAL 7035, Stegplatte 8 mm",10755]
[32330195,"Modell DYNAMIK - Innenmass B 4,85 x L 12,89 x H 2,47 mt, 5 Module, Profil 70/40, Farbe RAL 7035, Stegplatte 8 mm",11340]
[32330200,"Modell DYNAMIK - Innenmass B 4,85 x L 13,01 x H 2,55 mt, 6 Module, Profil 70/40, Farbe RAL 7035, Stegplatte 8 mm",12690]
[32330205,"Modell DYNAMIK - Innenmass B 4,85 x L 15,47 x H 2,55 mt, 6 Module, Profil 70/40, Farbe RAL 7035, Stegplatte 8 mm",13320]
[32330210,"Modell DYNAMIK - Innenmass B 4,85 x L 15,18 x H 2,63 mt, 7 Module, Profil 70/40, Farbe RAL 7035, Stegplatte 8 mm",14715]
[32330215,"Modell DYNAMIK - Innenmass B 4,85 x L 18,05 x H 2,63 mt, 7 Module, Profil 70/40, Farbe RAL 7035, Stegplatte 8 mm",15390]
[32330220,"Modell DYNAMIK - Innenmass B 5,1 x L 4,33 x H 2,28 mt, 2 Module, Profil 70/40, Farbe RAL 7035, Stegplatte 8 mm",5265]
[32330225,"Modell DYNAMIK - Innenmass B 5,1 x L 5,15 x H 2,28 mt, 2 Module, Profil 70/40, Farbe RAL 7035, Stegplatte 8 mm",5805]
[32330230,"Modell DYNAMIK - Innenmass B 5,1 x L 6,5 x H 2,36 mt, 3 Module, Profil 70/40, Farbe RAL 7035, Stegplatte 8 mm",7155]
[32330235,"Modell DYNAMIK - Innenmass B 5,1 x L 7,73 x H 2,36 mt, 3 Module, Profil 70/40, Farbe RAL 7035, Stegplatte 8 mm",7740]
[32330240,"Modell DYNAMIK - Innenmass B 5,1 x L 8,67 x H 2,44 mt, 4 Module, Profil 70/40, Farbe RAL 7035, Stegplatte 8 mm",9045]
[32330245,"Modell DYNAMIK - Innenmass B 5,1 x L 10,31 x H 2,44 mt, 4 Module, Profil 70/40, Farbe RAL 7035, Stegplatte 8 mm",9675]
[32330250,"Modell DYNAMIK - Innenmass B 5,1 x L 10,84 x H 2,52 mt, 5 Module, Profil 70/40, Farbe RAL 7035, Stegplatte 8 mm",11025]
[32330255,"Modell DYNAMIK - Innenmass B 5,1 x L 12,89 x H 2,52 mt, 5 Module, Profil 70/40, Farbe RAL 7035, Stegplatte 8 mm",11610]
[32330260,"Modell DYNAMIK - Innenmass B 5,1 x L 13,01 x H 2,6 mt, 6 Module, Profil 70/40, Farbe RAL 7035, Stegplatte 8 mm",13050]
[32330265,"Modell DYNAMIK - Innenmass B 5,1 x L 15,47 x H 2,6 mt, 6 Module, Profil 70/40, Farbe RAL 7035, Stegplatte 8 mm",13680]
[32330270,"Modell DYNAMIK - Innenmass B 5,1 x L 15,18 x H 2,68 mt, 7 Module, Profil 70/40, Farbe RAL 7035, Stegplatte 8 mm",15075]
[32330275,"Modell DYNAMIK - Innenmass B 5,1 x L 18,05 x H 2,68 mt, 7 Module, Profil 70/40, Farbe RAL 7035, Stegplatte 8 mm",15750]
[32330280,"Modell DYNAMIK - Innenmass B 5,35 x L 4,33 x H 2,32 mt, 2 Module, Profil 70/40, Farbe RAL 7035, Stegplatte 8 mm",5400]
[32330285,"Modell DYNAMIK - Innenmass B 5,35 x L 5,15 x H 2,32 mt, 2 Module, Profil 70/40, Farbe RAL 7035, Stegplatte 8 mm",6030]
[32330290,"Modell DYNAMIK - Innenmass B 5,35 x L 6,5 x H 2,41 mt, 3 Module, Profil 70/40, Farbe RAL 7035, Stegplatte 8 mm",7335]
[32330295,"Modell DYNAMIK - Innenmass B 5,35 x L 7,73 x H 2,41 mt, 3 Module, Profil 70/40, Farbe RAL 7035, Stegplatte 8 mm",7920]
[32330300,"Modell DYNAMIK - Innenmass B 5,35 x L 8,67 x H 2,49 mt, 4 Module, Profil 70/40, Farbe RAL 7035, Stegplatte 8 mm",9270]
[32330305,"Modell DYNAMIK - Innenmass B 5,35 x L 10,31 x H 2,49 mt, 4 Module, Profil 70/40, Farbe RAL 7035, Stegplatte 8 mm",9900]
[32330310,"Modell DYNAMIK - Innenmass B 5,35 x L 10,84 x H 2,57 mt, 5 Module, Profil 70/40, Farbe RAL 7035, Stegplatte 8 mm",11295]
[32330315,"Modell DYNAMIK - Innenmass B 5,35 x L 12,89 x H 2,57 mt, 5 Module, Profil 70/40, Farbe RAL 7035, Stegplatte 8 mm",11970]
[32330320,"Modell DYNAMIK - Innenmass B 5,35 x L 13,01 x H 2,65 mt, 6 Module, Profil 70/40, Farbe RAL 7035, Stegplatte 8 mm",13365]
[32330325,"Modell DYNAMIK - Innenmass B 5,35 x L 15,47 x H 2,65 mt, 6 Module, Profil 70/40, Farbe RAL 7035, Stegplatte 8 mm",13995]
[32330330,"Modell DYNAMIK - Innenmass B 5,35 x L 15,18 x H 2,72 mt, 7 Module, Profil 70/40, Farbe RAL 7035, Stegplatte 8 mm",15480]
[32330335,"Modell DYNAMIK - Innenmass B 5,35 x L 18,05 x H 2,72 mt, 7 Module, Profil 70/40, Farbe RAL 7035, Stegplatte 8 mm",16110]
[32330340,"Modell DYNAMIK - Innenmass B 5,6 x L 4,33 x H 2,37 mt, 2 Module, Profil 70/40, Farbe RAL 7035, Stegplatte 8 mm",5535]
[32330345,"Modell DYNAMIK - Innenmass B 5,6 x L 5,15 x H 2,37 mt, 2 Module, Profil 70/40, Farbe RAL 7035, Stegplatte 8 mm",6165]
[32330350,"Modell DYNAMIK - Innenmass B 5,6 x L 6,5 x H 2,46 mt, 3 Module, Profil 70/40, Farbe RAL 7035, Stegplatte 8 mm",7515]
[32330355,"Modell DYNAMIK - Innenmass B 5,6 x L 7,73 x H 2,46 mt, 3 Module, Profil 70/40, Farbe RAL 7035, Stegplatte 8 mm",8100]
[32330360,"Modell DYNAMIK - Innenmass B 5,6 x L 8,67 x H 2,54 mt, 4 Module, Profil 70/40, Farbe RAL 7035, Stegplatte 8 mm",9540]
[32330365,"Modell DYNAMIK - Innenmass B 5,6 x L 10,31 x H 2,54 mt, 4 Module, Profil 70/40, Farbe RAL 7035, Stegplatte 8 mm",10170]
[32330370,"Modell DYNAMIK - Innenmass B 5,6 x L 10,84 x H 2,62 mt, 5 Module, Profil 70/40, Farbe RAL 7035, Stegplatte 8 mm",11565]
[32330375,"Modell DYNAMIK - Innenmass B 5,6 x L 12,89 x H 2,62 mt, 5 Module, Profil 70/40, Farbe RAL 7035, Stegplatte 8 mm",12240]
[32330380,"Modell DYNAMIK - Innenmass B 5,6 x L 13,01 x H 2,7 mt, 6 Module, Profil 70/40, Farbe RAL 7035, Stegplatte 8 mm",13680]
[32330385,"Modell DYNAMIK - Innenmass B 5,6 x L 15,47 x H 2,7 mt, 6 Module, Profil 70/40, Farbe RAL 7035, Stegplatte 8 mm",14355]
[32330390,"Modell DYNAMIK - Innenmass B 5,6 x L 15,18 x H 2,77 mt, 7 Module, Profil 70/40, Farbe RAL 7035, Stegplatte 8 mm",15840]
[32330395,"Modell DYNAMIK - Innenmass B 5,6 x L 18,05 x H 2,77 mt, 7 Module, Profil 70/40, Farbe RAL 7035, Stegplatte 8 mm",16560]
[32330400,"Modell DYNAMIK - Innenmass B 5,85 x L 4,33 x H 2,42 mt, 2 Module, Profil 70/40, Farbe RAL 7035, Stegplatte 8 mm",5670]
[32330405,"Modell DYNAMIK - Innenmass B 5,85 x L 5,15 x H 2,42 mt, 2 Module, Profil 70/40, Farbe RAL 7035, Stegplatte 8 mm",6300]
[32330410,"Modell DYNAMIK - Innenmass B 5,85 x L 6,5 x H 2,51 mt, 3 Module, Profil 70/40, Farbe RAL 7035, Stegplatte 8 mm",7695]
[32330415,"Modell DYNAMIK - Innenmass B 5,85 x L 7,73 x H 2,51 mt, 3 Module, Profil 70/40, Farbe RAL 7035, Stegplatte 8 mm",8370]
[32330420,"Modell DYNAMIK - Innenmass B 5,85 x L 8,67 x H 2,59 mt, 4 Module, Profil 70/40, Farbe RAL 7035, Stegplatte 8 mm",9765]
[32330425,"Modell DYNAMIK - Innenmass B 5,85 x L 10,31 x H 2,59 mt, 4 Module, Profil 70/40, Farbe RAL 7035, Stegplatte 8 mm",10395]
[32330430,"Modell DYNAMIK - Innenmass B 5,85 x L 10,84 x H 2,67 mt, 5 Module, Profil 70/40, Farbe RAL 7035, Stegplatte 8 mm",11880]
[32330435,"Modell DYNAMIK - Innenmass B 5,85 x L 12,89 x H 2,67 mt, 5 Module, Profil 70/40, Farbe RAL 7035, Stegplatte 8 mm",12510]
[32330440,"Modell DYNAMIK - Innenmass B 5,85 x L 13,01 x H 2,75 mt, 6 Module, Profil 70/40, Farbe RAL 7035, Stegplatte 8 mm",13995]
[32330445,"Modell DYNAMIK - Innenmass B 5,85 x L 15,47 x H 2,75 mt, 6 Module, Profil 70/40, Farbe RAL 7035, Stegplatte 8 mm",14715]
[32330450,"Modell DYNAMIK - Innenmass B 5,85 x L 15,18 x H 2,82 mt, 7 Module, Profil 70/40, Farbe RAL 7035, Stegplatte 8 mm",16200]
[32330455,"Modell DYNAMIK - Innenmass B 5,85 x L 18,05 x H 2,82 mt, 7 Module, Profil 70/40, Farbe RAL 7035, Stegplatte 8 mm",16920]
[32330460,"Modell DYNAMIK - Innenmass B 6,1 x L 4,33 x H 2,47 mt, 2 Module, Profil 70/40, Farbe RAL 7035, Stegplatte 8 mm",5760]
[32330465,"Modell DYNAMIK - Innenmass B 6,1 x L 5,15 x H 2,47 mt, 2 Module, Profil 70/40, Farbe RAL 7035, Stegplatte 8 mm",6435]
[32330470,"Modell DYNAMIK - Innenmass B 6,1 x L 6,5 x H 2,56 mt, 3 Module, Profil 70/40, Farbe RAL 7035, Stegplatte 8 mm",7830]
[32330475,"Modell DYNAMIK - Innenmass B 6,1 x L 7,73 x H 2,56 mt, 3 Module, Profil 70/40, Farbe RAL 7035, Stegplatte 8 mm",8505]
[32330480,"Modell DYNAMIK - Innenmass B 6,1 x L 8,67 x H 2,64 mt, 4 Module, Profil 70/40, Farbe RAL 7035, Stegplatte 8 mm",9945]
[32330485,"Modell DYNAMIK - Innenmass B 6,1 x L 10,31 x H 2,64 mt, 4 Module, Profil 70/40, Farbe RAL 7035, Stegplatte 8 mm",10620]
[32330490,"Modell DYNAMIK - Innenmass B 6,1 x L 10,84 x H 2,72 mt, 5 Module, Profil 70/40, Farbe RAL 7035, Stegplatte 8 mm",12105]
[32330495,"Modell DYNAMIK - Innenmass B 6,1 x L 12,89 x H 2,72 mt, 5 Module, Profil 70/40, Farbe RAL 7035, Stegplatte 8 mm",12780]
[32330500,"Modell DYNAMIK - Innenmass B 6,1 x L 13,01 x H 2,8 mt, 6 Module, Profil 70/40, Farbe RAL 7035, Stegplatte 8 mm",14310]
[32330505,"Modell DYNAMIK - Innenmass B 6,1 x L 15,47 x H 2,8 mt, 6 Module, Profil 70/40, Farbe RAL 7035, Stegplatte 8 mm",14985]
[32330510,"Modell DYNAMIK - Innenmass B 6,1 x L 15,18 x H 2,87 mt, 7 Module, Profil 70/40, Farbe RAL 7035, Stegplatte 8 mm",16560]
[32330515,"Modell DYNAMIK - Innenmass B 6,1 x L 18,05 x H 2,87 mt, 7 Module, Profil 70/40, Farbe RAL 7035, Stegplatte 8 mm",17235]
[32339999,"Sonderbestellung DYNAMIK lt. Angebot Nr.: inkl. Skizze",0]
[32350000,"Modell AKADEMIE - Innenmass B 3,6 x L 4,33 x H 2,09 mt, 2 Module, Profil 70/40, Farbe RAL 7035, Stegplatte 8 mm",4275]
[32350005,"Modell AKADEMIE - Innenmass B 3,6 x L 5,15 x H 2,09 mt, 2 Module, Profil 70/40, Farbe RAL 7035, Stegplatte 8 mm",4770]
[32350010,"Modell AKADEMIE - Innenmass B 3,6 x L 6,5 x H 2,17 mt, 3 Module, Profil 70/40, Farbe RAL 7035, Stegplatte 8 mm",5805]
[32350015,"Modell AKADEMIE - Innenmass B 3,6 x L 7,73 x H 2,17 mt, 3 Module, Profil 70/40, Farbe RAL 7035, Stegplatte 8 mm",6345]
[32350020,"Modell AKADEMIE - Innenmass B 3,6 x L 8,67 x H 2,25 mt, 4 Module, Profil 70/40, Farbe RAL 7035, Stegplatte 8 mm",7425]
[32350025,"Modell AKADEMIE - Innenmass B 3,6 x L 10,31 x H 2,25 mt, 4 Module, Profil 70/40, Farbe RAL 7035, Stegplatte 8 mm",7920]
[32350030,"Modell AKADEMIE - Innenmass B 3,6 x L 10,84 x H 2,33 mt, 5 Module, Profil 70/40, Farbe RAL 7035, Stegplatte 8 mm",9045]
[32350035,"Modell AKADEMIE - Innenmass B 3,6 x L 13,01 x H 2,4 mt, 6 Module, Profil 70/40, Farbe RAL 7035, Stegplatte 8 mm",10755]
[32350040,"Modell AKADEMIE - Innenmass B 3,85 x L 4,33 x H 2,1 mt, 2 Module, Profil 70/40, Farbe RAL 7035, Stegplatte 8 mm",4500]
[32350045,"Modell AKADEMIE - Innenmass B 3,85 x L 5,15 x H 2,18 mt, 2 Module, Profil 70/40, Farbe RAL 7035, Stegplatte 8 mm",5040]
[32350050,"Modell AKADEMIE - Innenmass B 3,85 x L 6,5 x H 2,18 mt, 3 Module, Profil 70/40, Farbe RAL 7035, Stegplatte 8 mm",6165]
[32350055,"Modell AKADEMIE - Innenmass B 3,85 x L 7,73 x H 2,18 mt, 3 Module, Profil 70/40, Farbe RAL 7035, Stegplatte 8 mm",6660]
[32350060,"Modell AKADEMIE - Innenmass B 3,85 x L 8,67 x H 2,26 mt, 4 Module, Profil 70/40, Farbe RAL 7035, Stegplatte 8 mm",7830]
[32350065,"Modell AKADEMIE - Innenmass B 3,85 x L 10,31 x H 2,26 mt, 4 Module, Profil 70/40, Farbe RAL 7035, Stegplatte 8 mm",8415]
[32350070,"Modell AKADEMIE - Innenmass B 3,85 x L 10,84 x H 2,34 mt, 5 Module, Profil 70/40, Farbe RAL 7035, Stegplatte 8 mm",9585]
[32350075,"Modell AKADEMIE - Innenmass B 3,85 x L 13,01 x H 2,41 mt, 6 Module, Profil 70/40, Farbe RAL 7035, Stegplatte 8 mm",11340]
[32350080,"Modell AKADEMIE - Innenmass B 4,1 x L 4,33 x H 2,12 mt, 2 Module, Profil 70/40, Farbe RAL 7035, Stegplatte 8 mm",4770]
[32350085,"Modell AKADEMIE - Innenmass B 4,1 x L 5,15 x H 2,12 mt, 2 Module, Profil 70/40, Farbe RAL 7035, Stegplatte 8 mm",5310]
[32350090,"Modell AKADEMIE - Innenmass B 4,1 x L 6,5 x H 2,19 mt, 3 Module, Profil 70/40, Farbe RAL 7035, Stegplatte 8 mm",6480]
[32350095,"Modell AKADEMIE - Innenmass B 4,1 x L 7,73 x H 2,19 mt, 3 Module, Profil 70/40, Farbe RAL 7035, Stegplatte 8 mm",7020]
[32350100,"Modell AKADEMIE - Innenmass B 4,1 x L 8,67 x H 2,27 mt, 4 Module, Profil 70/40, Farbe RAL 7035, Stegplatte 8 mm",8280]
[32350105,"Modell AKADEMIE - Innenmass B 4,1 x L 10,31 x H 2,27 mt, 4 Module, Profil 70/40, Farbe RAL 7035, Stegplatte 8 mm",8820]
[32350110,"Modell AKADEMIE - Innenmass B 4,1 x L 10,84 x H 2,34 mt, 5 Module, Profil 70/40, Farbe RAL 7035, Stegplatte 8 mm",10080]
[32350115,"Modell AKADEMIE - Innenmass B 4,1 x L 12,89 x H 2,34 mt, 5 Module, Profil 70/40, Farbe RAL 7035, Stegplatte 8 mm",10665]
[32350120,"Modell AKADEMIE - Innenmass B 4,1 x L 13,01 x H 2,41 mt, 6 Module, Profil 70/40, Farbe RAL 7035, Stegplatte 8 mm",11970]
[32350125,"Modell AKADEMIE - Innenmass B 4,1 x L 15,47 x H 2,41 mt, 6 Module, Profil 70/40, Farbe RAL 7035, Stegplatte 8 mm",12555]
[32350130,"Modell AKADEMIE - Innenmass B 4,35 x L 4,33 x H 2,13 mt, 2 Module, Profil 70/40, Farbe RAL 7035, Stegplatte 8 mm",4995]
[32350135,"Modell AKADEMIE - Innenmass B 4,35 x L 5,15 x H 2,13 mt, 2 Module, Profil 70/40, Farbe RAL 7035, Stegplatte 8 mm",5535]
[32350140,"Modell AKADEMIE - Innenmass B 4,35 x L 6,5 x H 2,2 mt, 3 Module, Profil 70/40, Farbe RAL 7035, Stegplatte 8 mm",6795]
[32350145,"Modell AKADEMIE - Innenmass B 4,35 x L 7,73 x H 2,2 mt, 3 Module, Profil 70/40, Farbe RAL 7035, Stegplatte 8 mm",7380]
[32350150,"Modell AKADEMIE - Innenmass B 4,35 x L 8,67 x H 2,28 mt, 4 Module, Profil 70/40, Farbe RAL 7035, Stegplatte 8 mm",8685]
[32350155,"Modell AKADEMIE - Innenmass B 4,35 x L 10,31 x H 2,28 mt, 4 Module, Profil 70/40, Farbe RAL 7035, Stegplatte 8 mm",9270]
[32350160,"Modell AKADEMIE - Innenmass B 4,35 x L 10,84 x H 2,35 mt, 5 Module, Profil 70/40, Farbe RAL 7035, Stegplatte 8 mm",10620]
[32350165,"Modell AKADEMIE - Innenmass B 4,35 x L 12,89 x H 2,35 mt, 5 Module, Profil 70/40, Farbe RAL 7035, Stegplatte 8 mm",11205]
[32350170,"Modell AKADEMIE - Innenmass B 4,35 x L 13,01 x H 2,42 mt, 6 Module, Profil 70/40, Farbe RAL 7035, Stegplatte 8 mm",12555]
[32350175,"Modell AKADEMIE - Innenmass B 4,35 x L 15,47 x H 2,42 mt, 6 Module, Profil 70/40, Farbe RAL 7035, Stegplatte 8 mm",13185]
[32350180,"Modell AKADEMIE - Innenmass B 4,6 x L 4,33 x H 2,14 mt, 2 Module, Profil 70/40, Farbe RAL 7035, Stegplatte 8 mm",5310]
[32350185,"Modell AKADEMIE - Innenmass B 4,6 x L 5,15 x H 2,14 mt, 2 Module, Profil 70/40, Farbe RAL 7035, Stegplatte 8 mm",5940]
[32350190,"Modell AKADEMIE - Innenmass B 4,6 x L 6,5 x H 2,21 mt, 3 Module, Profil 70/40, Farbe RAL 7035, Stegplatte 8 mm",7290]
[32350195,"Modell AKADEMIE - Innenmass B 4,6 x L 7,73 x H 2,21 mt, 3 Module, Profil 70/40, Farbe RAL 7035, Stegplatte 8 mm",7875]
[32350200,"Modell AKADEMIE - Innenmass B 4,6 x L 8,67 x H 2,29 mt, 4 Module, Profil 70/40, Farbe RAL 7035, Stegplatte 8 mm",9270]
[32350205,"Modell AKADEMIE - Innenmass B 4,6 x L 10,31 x H 2,29 mt, 4 Module, Profil 70/40, Farbe RAL 7035, Stegplatte 8 mm",9945]
[32350210,"Modell AKADEMIE - Innenmass B 4,6 x L 10,84 x H 2,36 mt, 5 Module, Profil 70/40, Farbe RAL 7035, Stegplatte 8 mm",11340]
[32350215,"Modell AKADEMIE - Innenmass B 4,6 x L 12,89 x H 2,36 mt, 5 Module, Profil 70/40, Farbe RAL 7035, Stegplatte 8 mm",12015]
[32350220,"Modell AKADEMIE - Innenmass B 4,6 x L 13,01 x H 2,43 mt, 6 Module, Profil 70/40, Farbe RAL 7035, Stegplatte 8 mm",13455]
[32350225,"Modell AKADEMIE - Innenmass B 4,6 x L 15,47 x H 2,43 mt, 6 Module, Profil 70/40, Farbe RAL 7035, Stegplatte 8 mm",14130]
[32350230,"Modell AKADEMIE - Innenmass B 4,6 x L 15,18 x H 2,5 mt, 7 Module, Profil 70/40, Farbe RAL 7035, Stegplatte 8 mm",15615]
[32350235,"Modell AKADEMIE - Innenmass B 4,6 x L 18,05 x H 2,5 mt, 7 Module, Profil 70/40, Farbe RAL 7035, Stegplatte 8 mm",16290]
[32350240,"Modell AKADEMIE - Innenmass B 4,85 x L 4,33 x H 2,15 mt, 2 Module, Profil 70/40, Farbe RAL 7035, Stegplatte 8 mm",5535]
[32350245,"Modell AKADEMIE - Innenmass B 4,85 x L 5,15 x H 2,15 mt, 2 Module, Profil 70/40, Farbe RAL 7035, Stegplatte 8 mm",6210]
[32350250,"Modell AKADEMIE - Innenmass B 4,85 x L 6,5 x H 2,22 mt, 3 Module, Profil 70/40, Farbe RAL 7035, Stegplatte 8 mm",7605]
[32350255,"Modell AKADEMIE - Innenmass B 4,85 x L 7,73 x H 2,22 mt, 3 Module, Profil 70/40, Farbe RAL 7035, Stegplatte 8 mm",8280]
[32350260,"Modell AKADEMIE - Innenmass B 4,85 x L 8,67 x H 2,3 mt, 4 Module, Profil 70/40, Farbe RAL 7035, Stegplatte 8 mm",9720]
[32350265,"Modell AKADEMIE - Innenmass B 4,85 x L 10,31 x H 2,3 mt, 4 Module, Profil 70/40, Farbe RAL 7035, Stegplatte 8 mm",10350]
[32350270,"Modell AKADEMIE - Innenmass B 4,85 x L 10,84 x H 2,37 mt, 5 Module, Profil 70/40, Farbe RAL 7035, Stegplatte 8 mm",11880]
[32350275,"Modell AKADEMIE - Innenmass B 4,85 x L 12,89 x H 2,37 mt, 5 Module, Profil 70/40, Farbe RAL 7035, Stegplatte 8 mm",12555]
[32350280,"Modell AKADEMIE - Innenmass B 4,85 x L 13,01 x H 2,44 mt, 6 Module, Profil 70/40, Farbe RAL 7035, Stegplatte 8 mm",14040]
[32350285,"Modell AKADEMIE - Innenmass B 4,85 x L 15,47 x H 2,44 mt, 6 Module, Profil 70/40, Farbe RAL 7035, Stegplatte 8 mm",14760]
[32350290,"Modell AKADEMIE - Innenmass B 4,85 x L 15,18 x H 2,51 mt, 7 Module, Profil 70/40, Farbe RAL 7035, Stegplatte 8 mm",16290]
[32350295,"Modell AKADEMIE - Innenmass B 4,85 x L 18,05 x H 2,51 mt, 7 Module, Profil 70/40, Farbe RAL 7035, Stegplatte 8 mm",17010]
[32350300,"Modell AKADEMIE - Innenmass B 5,1 x L 4,33 x H 2,17 mt, 2 Module, Profil 70/40, Farbe RAL 7035, Stegplatte 8 mm",5760]
[32350305,"Modell AKADEMIE - Innenmass B 5,1 x L 5,15 x H 2,17 mt, 2 Module, Profil 70/40, Farbe RAL 7035, Stegplatte 8 mm",6435]
[32350310,"Modell AKADEMIE - Innenmass B 5,1 x L 6,5 x H 2,24 mt, 3 Module, Profil 70/40, Farbe RAL 7035, Stegplatte 8 mm",7920]
[32350315,"Modell AKADEMIE - Innenmass B 5,1 x L 7,73 x H 2,24 mt, 3 Module, Profil 70/40, Farbe RAL 7035, Stegplatte 8 mm",8640]
[32350320,"Modell AKADEMIE - Innenmass B 5,1 x L 8,67 x H 2,31 mt, 4 Module, Profil 70/40, Farbe RAL 7035, Stegplatte 8 mm",10125]
[32350325,"Modell AKADEMIE - Innenmass B 5,1 x L 10,31 x H 2,31 mt, 4 Module, Profil 70/40, Farbe RAL 7035, Stegplatte 8 mm",10845]
[32350330,"Modell AKADEMIE - Innenmass B 5,1 x L 10,84 x H 2,38 mt, 5 Module, Profil 70/40, Farbe RAL 7035, Stegplatte 8 mm",12375]
[32350335,"Modell AKADEMIE - Innenmass B 5,1 x L 12,89 x H 2,38 mt, 5 Module, Profil 70/40, Farbe RAL 7035, Stegplatte 8 mm",13095]
[32350340,"Modell AKADEMIE - Innenmass B 5,1 x L 13,01 x H 2,44 mt, 6 Module, Profil 70/40, Farbe RAL 7035, Stegplatte 8 mm",14670]
[32350345,"Modell AKADEMIE - Innenmass B 5,1 x L 15,47 x H 2,44 mt, 6 Module, Profil 70/40, Farbe RAL 7035, Stegplatte 8 mm",15390]
[32350350,"Modell AKADEMIE - Innenmass B 5,1 x L 15,18 x H 2,51 mt, 7 Module, Profil 70/40, Farbe RAL 7035, Stegplatte 8 mm",17010]
[32350355,"Modell AKADEMIE - Innenmass B 5,1 x L 18,05 x H 2,51 mt, 7 Module, Profil 70/40, Farbe RAL 7035, Stegplatte 8 mm",17775]
[32350360,"Modell AKADEMIE - Innenmass B 5,35 x L 4,33 x H 2,18 mt, 2 Module, Profil 70/40, Farbe RAL 7035, Stegplatte 8 mm",6030]
[32350365,"Modell AKADEMIE - Innenmass B 5,35 x L 5,15 x H 2,18 mt, 2 Module, Profil 70/40, Farbe RAL 7035, Stegplatte 8 mm",6705]
[32350370,"Modell AKADEMIE - Innenmass B 5,35 x L 6,5 x H 2,25 mt, 3 Module, Profil 70/40, Farbe RAL 7035, Stegplatte 8 mm",8280]
[32350375,"Modell AKADEMIE - Innenmass B 5,35 x L 7,73 x H 2,25 mt, 3 Module, Profil 70/40, Farbe RAL 7035, Stegplatte 8 mm",8955]
[32350380,"Modell AKADEMIE - Innenmass B 5,35 x L 8,67 x H 2,32 mt, 4 Module, Profil 70/40, Farbe RAL 7035, Stegplatte 8 mm",10530]
[32350385,"Modell AKADEMIE - Innenmass B 5,35 x L 10,31 x H 2,32 mt, 4 Module, Profil 70/40, Farbe RAL 7035, Stegplatte 8 mm",11250]
[32350390,"Modell AKADEMIE - Innenmass B 5,35 x L 10,84 x H 2,39 mt, 5 Module, Profil 70/40, Farbe RAL 7035, Stegplatte 8 mm",12870]
[32350395,"Modell AKADEMIE - Innenmass B 5,35 x L 12,89 x H 2,39 mt, 5 Module, Profil 70/40, Farbe RAL 7035, Stegplatte 8 mm",13635]
[32350400,"Modell AKADEMIE - Innenmass B 5,35 x L 13,01 x H 2,45 mt, 6 Module, Profil 70/40, Farbe RAL 7035, Stegplatte 8 mm",15300]
[32350405,"Modell AKADEMIE - Innenmass B 5,35 x L 15,47 x H 2,45 mt, 6 Module, Profil 70/40, Farbe RAL 7035, Stegplatte 8 mm",16020]
[32350410,"Modell AKADEMIE - Innenmass B 5,35 x L 15,18 x H 2,52 mt, 7 Module, Profil 70/40, Farbe RAL 7035, Stegplatte 8 mm",17730]
[32350415,"Modell AKADEMIE - Innenmass B 5,35 x L 18,05 x H 2,52 mt, 7 Module, Profil 70/40, Farbe RAL 7035, Stegplatte 8 mm",18450]
[32350420,"Modell AKADEMIE - Innenmass B 5,6 x L 4,33 x H 2,19 mt, 2 Module, Profil 70/40, Farbe RAL 7035, Stegplatte 8 mm",6255]
[32350425,"Modell AKADEMIE - Innenmass B 5,6 x L 5,15 x H 2,19 mt, 2 Module, Profil 70/40, Farbe RAL 7035, Stegplatte 8 mm",6930]
[32350430,"Modell AKADEMIE - Innenmass B 5,6 x L 6,5 x H 2,26 mt, 3 Module, Profil 70/40, Farbe RAL 7035, Stegplatte 8 mm",8595]
[32350435,"Modell AKADEMIE - Innenmass B 5,6 x L 7,73 x H 2,26 mt, 3 Module, Profil 70/40, Farbe RAL 7035, Stegplatte 8 mm",9315]
[32350440,"Modell AKADEMIE - Innenmass B 5,6 x L 8,67 x H 2,33 mt, 4 Module, Profil 70/40, Farbe RAL 7035, Stegplatte 8 mm",10980]
[32350445,"Modell AKADEMIE - Innenmass B 5,6 x L 10,31 x H 2,33 mt, 4 Module, Profil 70/40, Farbe RAL 7035, Stegplatte 8 mm",11700]
[32350450,"Modell AKADEMIE - Innenmass B 5,6 x L 10,84 x H 2,4 mt, 5 Module, Profil 70/40, Farbe RAL 7035, Stegplatte 8 mm",13410]
[32350455,"Modell AKADEMIE - Innenmass B 5,6 x L 12,89 x H 2,4 mt, 5 Module, Profil 70/40, Farbe RAL 7035, Stegplatte 8 mm",14175]
[32350460,"Modell AKADEMIE - Innenmass B 5,6 x L 13,01 x H 2,46 mt, 6 Module, Profil 70/40, Farbe RAL 7035, Stegplatte 8 mm",15885]
[32350465,"Modell AKADEMIE - Innenmass B 5,6 x L 15,47 x H 2,46 mt, 6 Module, Profil 70/40, Farbe RAL 7035, Stegplatte 8 mm",16695]
[32350470,"Modell AKADEMIE - Innenmass B 5,6 x L 15,18 x H 2,53 mt, 7 Module, Profil 70/40, Farbe RAL 7035, Stegplatte 8 mm",18405]
[32350475,"Modell AKADEMIE - Innenmass B 5,6 x L 18,05 x H 2,53 mt, 7 Module, Profil 70/40, Farbe RAL 7035, Stegplatte 8 mm",19215]
[32359999,"Sonderbestellung AKADEMIE lt. Angebot Nr.: inkl. Skizze",0]
[32400000,"Modell KOMFORT - Innenmass B 3,6 x L 4,33 x H 2,17 mt, 2 Module, Profil 70/40, Farbe RAL 7035, Stegplatte 8 mm",4905]
[32400005,"Modell KOMFORT - Innenmass B 3,6 x L 5,15 x H 2,17 mt, 2 Module, Profil 70/40, Farbe RAL 7035, Stegplatte 8 mm",5445]
[32400010,"Modell KOMFORT - Innenmass B 3,6 x L 6,5 x H 2,25 mt, 3 Module, Profil 70/40, Farbe RAL 7035, Stegplatte 8 mm",6705]
[32400015,"Modell KOMFORT - Innenmass B 3,6 x L 7,73 x H 2,25 mt, 3 Module, Profil 70/40, Farbe RAL 7035, Stegplatte 8 mm",7290]
[32400020,"Modell KOMFORT - Innenmass B 3,6 x L 8,67 x H 2,33 mt, 4 Module, Profil 70/40, Farbe RAL 7035, Stegplatte 8 mm",8595]
[32400025,"Modell KOMFORT - Innenmass B 3,6 x L 10,31 x H 2,33 mt, 4 Module, Profil 70/40, Farbe RAL 7035, Stegplatte 8 mm",9180]
[32400030,"Modell KOMFORT - Innenmass B 3,6 x L 10,84 x H 2,41 mt, 5 Module, Profil 70/40, Farbe RAL 7035, Stegplatte 8 mm",10485]
[32400035,"Modell KOMFORT - Innenmass B 3,6 x L 13,01 x H 2,48 mt, 6 Module, Profil 70/40, Farbe RAL 7035, Stegplatte 8 mm",12465]
[32400040,"Modell KOMFORT - Innenmass B 3,85 x L 4,33 x H 2,19 mt, 2 Module, Profil 70/40, Farbe RAL 7035, Stegplatte 8 mm",5085]
[32400045,"Modell KOMFORT - Innenmass B 3,85 x L 5,15 x H 2,19 mt, 2 Module, Profil 70/40, Farbe RAL 7035, Stegplatte 8 mm",5625]
[32400050,"Modell KOMFORT - Innenmass B 3,85 x L 6,5 x H 2,27 mt, 3 Module, Profil 70/40, Farbe RAL 7035, Stegplatte 8 mm",6930]
[32400055,"Modell KOMFORT - Innenmass B 3,85 x L 7,73 x H 2,27 mt, 3 Module, Profil 70/40, Farbe RAL 7035, Stegplatte 8 mm",7560]
[32400060,"Modell KOMFORT - Innenmass B 3,85 x L 8,67 x H 2,35 mt, 4 Module, Profil 70/40, Farbe RAL 7035, Stegplatte 8 mm",8865]
[32400065,"Modell KOMFORT - Innenmass B 3,85 x L 10,31 x H 2,35 mt, 4 Module, Profil 70/40, Farbe RAL 7035, Stegplatte 8 mm",9495]
[32400070,"Modell KOMFORT - Innenmass B 3,85 x L 10,84 x H 2,43 mt, 5 Module, Profil 70/40, Farbe RAL 7035, Stegplatte 8 mm",10845]
[32400075,"Modell KOMFORT - Innenmass B 3,85 x L 13,01 x H 2,51 mt, 6 Module, Profil 70/40, Farbe RAL 7035, Stegplatte 8 mm",12825]
[32400080,"Modell KOMFORT - Innenmass B 4,1 x L 4,33 x H 2,22 mt, 2 Module, Profil 70/40, Farbe RAL 7035, Stegplatte 8 mm",5265]
[32400085,"Modell KOMFORT - Innenmass B 4,1 x L 5,15 x H 2,22 mt, 2 Module, Profil 70/40, Farbe RAL 7035, Stegplatte 8 mm",5850]
[32400090,"Modell KOMFORT - Innenmass B 4,1 x L 6,5 x H 2,3 mt, 3 Module, Profil 70/40, Farbe RAL 7035, Stegplatte 8 mm",7200]
[32400095,"Modell KOMFORT - Innenmass B 4,1 x L 7,73 x H 2,3 mt, 3 Module, Profil 70/40, Farbe RAL 7035, Stegplatte 8 mm",7785]
[32400100,"Modell KOMFORT - Innenmass B 4,1 x L 8,67 x H 2,38 mt, 4 Module, Profil 70/40, Farbe RAL 7035, Stegplatte 8 mm",9135]
[32400105,"Modell KOMFORT - Innenmass B 4,1 x L 10,31 x H 2,38 mt, 4 Module, Profil 70/40, Farbe RAL 7035, Stegplatte 8 mm",9765]
[32400110,"Modell KOMFORT - Innenmass B 4,1 x L 10,84 x H 2,45 mt, 5 Module, Profil 70/40, Farbe RAL 7035, Stegplatte 8 mm",11160]
[32400115,"Modell KOMFORT - Innenmass B 4,1 x L 12,89 x H 2,45 mt, 5 Module, Profil 70/40, Farbe RAL 7035, Stegplatte 8 mm",11835]
[32400120,"Modell KOMFORT - Innenmass B 4,1 x L 13,01 x H 2,53 mt, 6 Module, Profil 70/40, Farbe RAL 7035, Stegplatte 8 mm",13230]
[32400125,"Modell KOMFORT - Innenmass B 4,1 x L 15,47 x H 2,53 mt, 6 Module, Profil 70/40, Farbe RAL 7035, Stegplatte 8 mm",13860]
[32400130,"Modell KOMFORT - Innenmass B 4,35 x L 4,33 x H 2,24 mt, 2 Module, Profil 70/40, Farbe RAL 7035, Stegplatte 8 mm",5535]
[32400135,"Modell KOMFORT - Innenmass B 4,35 x L 5,15 x H 2,24 mt, 2 Module, Profil 70/40, Farbe RAL 7035, Stegplatte 8 mm",6165]
[32400140,"Modell KOMFORT - Innenmass B 4,35 x L 6,5 x H 2,32 mt, 3 Module, Profil 70/40, Farbe RAL 7035, Stegplatte 8 mm",7560]
[32400145,"Modell KOMFORT - Innenmass B 4,35 x L 7,73 x H 2,32 mt, 3 Module, Profil 70/40, Farbe RAL 7035, Stegplatte 8 mm",8190]
[32400150,"Modell KOMFORT - Innenmass B 4,35 x L 8,67 x H 2,39 mt, 4 Module, Profil 70/40, Farbe RAL 7035, Stegplatte 8 mm",9630]
[32400155,"Modell KOMFORT - Innenmass B 4,35 x L 10,31 x H 2,39 mt, 4 Module, Profil 70/40, Farbe RAL 7035, Stegplatte 8 mm",10260]
[32400160,"Modell KOMFORT - Innenmass B 4,35 x L 10,84 x H 2,47 mt, 5 Module, Profil 70/40, Farbe RAL 7035, Stegplatte 8 mm",11700]
[32400165,"Modell KOMFORT - Innenmass B 4,35 x L 12,89 x H 2,47 mt, 5 Module, Profil 70/40, Farbe RAL 7035, Stegplatte 8 mm",12375]
[32400170,"Modell KOMFORT - Innenmass B 4,35 x L 13,01 x H 2,55 mt, 6 Module, Profil 70/40, Farbe RAL 7035, Stegplatte 8 mm",13860]
[32400175,"Modell KOMFORT - Innenmass B 4,35 x L 15,47 x H 2,55 mt, 6 Module, Profil 70/40, Farbe RAL 7035, Stegplatte 8 mm",14580]
[32400180,"Modell KOMFORT - Innenmass B 4,6 x L 4,33 x H 2,27 mt, 2 Module, Profil 70/40, Farbe RAL 7035, Stegplatte 8 mm",5715]
[32400185,"Modell KOMFORT - Innenmass B 4,6 x L 5,15 x H 2,27 mt, 2 Module, Profil 70/40, Farbe RAL 7035, Stegplatte 8 mm",6390]
[32400190,"Modell KOMFORT - Innenmass B 4,6 x L 6,5 x H 2,34 mt, 3 Module, Profil 70/40, Farbe RAL 7035, Stegplatte 8 mm",7785]
[32400195,"Modell KOMFORT - Innenmass B 4,6 x L 7,73 x H 2,34 mt, 3 Module, Profil 70/40, Farbe RAL 7035, Stegplatte 8 mm",8460]
[32400200,"Modell KOMFORT - Innenmass B 4,6 x L 8,67 x H 2,42 mt, 4 Module, Profil 70/40, Farbe RAL 7035, Stegplatte 8 mm",9900]
[32400205,"Modell KOMFORT - Innenmass B 4,6 x L 10,31 x H 2,42 mt, 4 Module, Profil 70/40, Farbe RAL 7035, Stegplatte 8 mm",10530]
[32400210,"Modell KOMFORT - Innenmass B 4,6 x L 10,84 x H 2,5 mt, 5 Module, Profil 70/40, Farbe RAL 7035, Stegplatte 8 mm",12060]
[32400215,"Modell KOMFORT - Innenmass B 4,6 x L 12,89 x H 2,5 mt, 5 Module, Profil 70/40, Farbe RAL 7035, Stegplatte 8 mm",12735]
[32400220,"Modell KOMFORT - Innenmass B 4,6 x L 13,01 x H 2,58 mt, 6 Module, Profil 70/40, Farbe RAL 7035, Stegplatte 8 mm",14265]
[32400225,"Modell KOMFORT - Innenmass B 4,6 x L 15,47 x H 2,58 mt, 6 Module, Profil 70/40, Farbe RAL 7035, Stegplatte 8 mm",14940]
[32400230,"Modell KOMFORT - Innenmass B 4,6 x L 15,18 x H 2,66 mt, 7 Module, Profil 70/40, Farbe RAL 7035, Stegplatte 8 mm",16515]
[32400235,"Modell KOMFORT - Innenmass B 4,6 x L 18,05 x H 2,66 mt, 7 Module, Profil 70/40, Farbe RAL 7035, Stegplatte 8 mm",17190]
[32400240,"Modell KOMFORT - Innenmass B 4,85 x L 4,33 x H 2,28 mt, 2 Module, Profil 70/40, Farbe RAL 7035, Stegplatte 8 mm",5940]
[32400245,"Modell KOMFORT - Innenmass B 4,85 x L 5,15 x H 2,28 mt, 2 Module, Profil 70/40, Farbe RAL 7035, Stegplatte 8 mm",6570]
[32400250,"Modell KOMFORT - Innenmass B 4,85 x L 6,5 x H 2,36 mt, 3 Module, Profil 70/40, Farbe RAL 7035, Stegplatte 8 mm",8010]
[32400255,"Modell KOMFORT - Innenmass B 4,85 x L 7,73 x H 2,36 mt, 3 Module, Profil 70/40, Farbe RAL 7035, Stegplatte 8 mm",8685]
[32400260,"Modell KOMFORT - Innenmass B 4,85 x L 8,67 x H 2,44 mt, 4 Module, Profil 70/40, Farbe RAL 7035, Stegplatte 8 mm",10170]
[32400265,"Modell KOMFORT - Innenmass B 4,85 x L 10,31 x H 2,44 mt, 4 Module, Profil 70/40, Farbe RAL 7035, Stegplatte 8 mm",10890]
[32400270,"Modell KOMFORT - Innenmass B 4,85 x L 10,84 x H 2,52 mt, 5 Module, Profil 70/40, Farbe RAL 7035, Stegplatte 8 mm",12375]
[32400275,"Modell KOMFORT - Innenmass B 4,85 x L 12,89 x H 2,52 mt, 5 Module, Profil 70/40, Farbe RAL 7035, Stegplatte 8 mm",13095]
[32400280,"Modell KOMFORT - Innenmass B 4,85 x L 13,01 x H 2,59 mt, 6 Module, Profil 70/40, Farbe RAL 7035, Stegplatte 8 mm",14625]
[32400285,"Modell KOMFORT - Innenmass B 4,85 x L 15,47 x H 2,59 mt, 6 Module, Profil 70/40, Farbe RAL 7035, Stegplatte 8 mm",15345]
[32400290,"Modell KOMFORT - Innenmass B 4,85 x L 15,18 x H 2,67 mt, 7 Module, Profil 70/40, Farbe RAL 7035, Stegplatte 8 mm",16920]
[32400295,"Modell KOMFORT - Innenmass B 4,85 x L 18,05 x H 2,67 mt, 7 Module, Profil 70/40, Farbe RAL 7035, Stegplatte 8 mm",17640]
[32400300,"Modell KOMFORT - Innenmass B 5,1 x L 4,33 x H 2,32 mt, 2 Module, Profil 70/40, Farbe RAL 7035, Stegplatte 8 mm",6120]
[32400305,"Modell KOMFORT - Innenmass B 5,1 x L 5,15 x H 2,32 mt, 2 Module, Profil 70/40, Farbe RAL 7035, Stegplatte 8 mm",6750]
[32400310,"Modell KOMFORT - Innenmass B 5,1 x L 6,5 x H 2,39 mt, 3 Module, Profil 70/40, Farbe RAL 7035, Stegplatte 8 mm",8280]
[32400315,"Modell KOMFORT - Innenmass B 5,1 x L 7,73 x H 2,39 mt, 3 Module, Profil 70/40, Farbe RAL 7035, Stegplatte 8 mm",8955]
[32400320,"Modell KOMFORT - Innenmass B 5,1 x L 8,67 x H 2,46 mt, 4 Module, Profil 70/40, Farbe RAL 7035, Stegplatte 8 mm",10440]
[32400325,"Modell KOMFORT - Innenmass B 5,1 x L 10,31 x H 2,46 mt, 4 Module, Profil 70/40, Farbe RAL 7035, Stegplatte 8 mm",11160]
[32400330,"Modell KOMFORT - Innenmass B 5,1 x L 10,84 x H 2,54 mt, 5 Module, Profil 70/40, Farbe RAL 7035, Stegplatte 8 mm",12690]
[32400335,"Modell KOMFORT - Innenmass B 5,1 x L 12,89 x H 2,54 mt, 5 Module, Profil 70/40, Farbe RAL 7035, Stegplatte 8 mm",13410]
[32400340,"Modell KOMFORT - Innenmass B 5,1 x L 13,01 x H 2,62 mt, 6 Module, Profil 70/40, Farbe RAL 7035, Stegplatte 8 mm",14985]
[32400345,"Modell KOMFORT - Innenmass B 5,1 x L 15,47 x H 2,62 mt, 6 Module, Profil 70/40, Farbe RAL 7035, Stegplatte 8 mm",15705]
[32400350,"Modell KOMFORT - Innenmass B 5,1 x L 15,18 x H 2,7 mt, 7 Module, Profil 70/40, Farbe RAL 7035, Stegplatte 8 mm",17325]
[32400355,"Modell KOMFORT - Innenmass B 5,1 x L 18,05 x H 2,7 mt, 7 Module, Profil 70/40, Farbe RAL 7035, Stegplatte 8 mm",18090]
[32400360,"Modell KOMFORT - Innenmass B 5,35 x L 4,33 x H 2,33 mt, 2 Module, Profil 70/40, Farbe RAL 7035, Stegplatte 8 mm",6480]
[32400365,"Modell KOMFORT - Innenmass B 5,35 x L 5,15 x H 2,33 mt, 2 Module, Profil 70/40, Farbe RAL 7035, Stegplatte 8 mm",7200]
[32400370,"Modell KOMFORT - Innenmass B 5,35 x L 6,5 x H 2,4 mt, 3 Module, Profil 70/40, Farbe RAL 7035, Stegplatte 8 mm",8775]
[32400375,"Modell KOMFORT - Innenmass B 5,35 x L 7,73 x H 2,4 mt, 3 Module, Profil 70/40, Farbe RAL 7035, Stegplatte 8 mm",9495]
[32400380,"Modell KOMFORT - Innenmass B 5,35 x L 8,67 x H 2,48 mt, 4 Module, Profil 70/40, Farbe RAL 7035, Stegplatte 8 mm",11115]
[32400385,"Modell KOMFORT - Innenmass B 5,35 x L 10,31 x H 2,48 mt, 4 Module, Profil 70/40, Farbe RAL 7035, Stegplatte 8 mm",11880]
[32400390,"Modell KOMFORT - Innenmass B 5,35 x L 10,84 x H 2,56 mt, 5 Module, Profil 70/40, Farbe RAL 7035, Stegplatte 8 mm",13500]
[32400395,"Modell KOMFORT - Innenmass B 5,35 x L 12,89 x H 2,56 mt, 5 Module, Profil 70/40, Farbe RAL 7035, Stegplatte 8 mm",14265]
[32400400,"Modell KOMFORT - Innenmass B 5,35 x L 13,01 x H 2,64 mt, 6 Module, Profil 70/40, Farbe RAL 7035, Stegplatte 8 mm",15930]
[32400405,"Modell KOMFORT - Innenmass B 5,35 x L 15,47 x H 2,64 mt, 6 Module, Profil 70/40, Farbe RAL 7035, Stegplatte 8 mm",16695]
[32400410,"Modell KOMFORT - Innenmass B 5,35 x L 15,18 x H 2,72 mt, 7 Module, Profil 70/40, Farbe RAL 7035, Stegplatte 8 mm",18405]
[32400415,"Modell KOMFORT - Innenmass B 5,35 x L 18,05 x H 2,72 mt, 7 Module, Profil 70/40, Farbe RAL 7035, Stegplatte 8 mm",19215]
[32400420,"Modell KOMFORT - Innenmass B 5,6 x L 4,33 x H 2,36 mt, 2 Module, Profil 70/40, Farbe RAL 7035, Stegplatte 8 mm",6750]
[32400425,"Modell KOMFORT - Innenmass B 5,6 x L 5,15 x H 2,36 mt, 2 Module, Profil 70/40, Farbe RAL 7035, Stegplatte 8 mm",7515]
[32400430,"Modell KOMFORT - Innenmass B 5,6 x L 6,5 x H 2,43 mt, 3 Module, Profil 70/40, Farbe RAL 7035, Stegplatte 8 mm",9135]
[32400435,"Modell KOMFORT - Innenmass B 5,6 x L 7,73 x H 2,43 mt, 3 Module, Profil 70/40, Farbe RAL 7035, Stegplatte 8 mm",9900]
[32400440,"Modell KOMFORT - Innenmass B 5,6 x L 8,67 x H 2,51 mt, 4 Module, Profil 70/40, Farbe RAL 7035, Stegplatte 8 mm",11565]
[32400445,"Modell KOMFORT - Innenmass B 5,6 x L 10,31 x H 2,51 mt, 4 Module, Profil 70/40, Farbe RAL 7035, Stegplatte 8 mm",12330]
[32400450,"Modell KOMFORT - Innenmass B 5,6 x L 10,84 x H 2,59 mt, 5 Module, Profil 70/40, Farbe RAL 7035, Stegplatte 8 mm",14040]
[32400455,"Modell KOMFORT - Innenmass B 5,6 x L 12,89 x H 2,59 mt, 5 Module, Profil 70/40, Farbe RAL 7035, Stegplatte 8 mm",14850]
[32400460,"Modell KOMFORT - Innenmass B 5,6 x L 13,01 x H 2,67 mt, 6 Module, Profil 70/40, Farbe RAL 7035, Stegplatte 8 mm",16605]
[32400465,"Modell KOMFORT - Innenmass B 5,6 x L 15,47 x H 2,67 mt, 6 Module, Profil 70/40, Farbe RAL 7035, Stegplatte 8 mm",17370]
[32400470,"Modell KOMFORT - Innenmass B 5,6 x L 15,18 x H 2,74 mt, 7 Module, Profil 70/40, Farbe RAL 7035, Stegplatte 8 mm",19170]
[32400475,"Modell KOMFORT - Innenmass B 5,6 x L 18,05 x H 2,74 mt, 7 Module, Profil 70/40, Farbe RAL 7035, Stegplatte 8 mm",19980]
[32409999,"Sonderbestellung KOMFORT lt. Angebot Nr.: inkl. Skizze",0]
[32450000,"Modell SELEKT - Innenmass B 3,1 x L 4,33 x H 0,57 mt, 2 Module, Profil 70/40, Farbe RAL 7035, PC-Platte 4 mm - einseitige Laufschiene",4320]
[32450005,"Modell SELEKT - Innenmass B 3,1 x L 5,15 x H 0,57 mt, 2 Module, Profil 70/40, Farbe RAL 7035, PC-Platte 4 mm - einseitige Laufschiene",4858.5]
[32450010,"Modell SELEKT - Innenmass B 3,1 x L 6,5 x H 0,64 mt, 3 Module, Profil 70/40, Farbe RAL 7035, PC-Platte 4 mm - einseitige Laufschiene",5985]
[32450015,"Modell SELEKT - Innenmass B 3,1 x L 7,73 x H 0,64 mt, 3 Module, Profil 70/40, Farbe RAL 7035, PC-Platte 4 mm - einseitige Laufschiene",6375]
[32450020,"Modell SELEKT - Innenmass B 3,1 x L 8,67 x H 0,7 mt, 4 Module, Profil 70/40, Farbe RAL 7035, PC-Platte 4 mm - einseitige Laufschiene",7695]
[32450025,"Modell SELEKT - Innenmass B 3,1 x L 10,31 x H 0,7 mt, 4 Module, Profil 70/40, Farbe RAL 7035, PC-Platte 4 mm - einseitige Laufschiene",8280]
[32450030,"Modell SELEKT - Innenmass B 3,35 x L 4,33 x H 0,58 mt, 2 Module, Profil 70/40, Farbe RAL 7035, PC-Platte 4 mm - einseitige Laufschiene",4500]
[32450035,"Modell SELEKT - Innenmass B 3,35 x L 5,15 x H 0,58 mt, 2 Module, Profil 70/40, Farbe RAL 7035, PC-Platte 4 mm - einseitige Laufschiene",5040]
[32450040,"Modell SELEKT - Innenmass B 3,35 x L 6,5 x H 0,65 mt, 3 Module, Profil 70/40, Farbe RAL 7035, PC-Platte 4 mm - einseitige Laufschiene",6210]
[32450045,"Modell SELEKT - Innenmass B 3,35 x L 7,73 x H 0,65 mt, 3 Module, Profil 70/40, Farbe RAL 7035, PC-Platte 4 mm - einseitige Laufschiene",6750]
[32450050,"Modell SELEKT - Innenmass B 3,35 x L 8,67 x H 0,71 mt, 4 Module, Profil 70/40, Farbe RAL 7035, PC-Platte 4 mm - einseitige Laufschiene",7965]
[32450055,"Modell SELEKT - Innenmass B 3,35 x L 10,31 x H 0,71 mt, 4 Module, Profil 70/40, Farbe RAL 7035, PC-Platte 4 mm - einseitige Laufschiene",8550]
[32450060,"Modell SELEKT - Innenmass B 3,6 x L 4,33 x H 0,59 mt, 2 Module, Profil 70/40, Farbe RAL 7035, PC-Platte 4 mm - einseitige Laufschiene",4635]
[32450065,"Modell SELEKT - Innenmass B 3,6 x L 5,15 x H 0,59 mt, 2 Module, Profil 70/40, Farbe RAL 7035, PC-Platte 4 mm - einseitige Laufschiene",5220]
[32450070,"Modell SELEKT - Innenmass B 3,6 x L 6,5 x H 0,66 mt, 3 Module, Profil 70/40, Farbe RAL 7035, PC-Platte 4 mm - einseitige Laufschiene",6390]
[32450075,"Modell SELEKT - Innenmass B 3,6 x L 7,73 x H 0,66 mt, 3 Module, Profil 70/40, Farbe RAL 7035, PC-Platte 4 mm - einseitige Laufschiene",7020]
[32450080,"Modell SELEKT - Innenmass B 3,6 x L 8,67 x H 0,72 mt, 4 Module, Profil 70/40, Farbe RAL 7035, PC-Platte 4 mm - einseitige Laufschiene",8235]
[32450085,"Modell SELEKT - Innenmass B 3,6 x L 10,31 x H 0,72 mt, 4 Module, Profil 70/40, Farbe RAL 7035, PC-Platte 4 mm - einseitige Laufschiene",8775]
[32450090,"Modell SELEKT - Innenmass B 3,85 x L 4,33 x H 0,6 mt, 2 Module, Profil 70/40, Farbe RAL 7035, PC-Platte 4 mm - einseitige Laufschiene",5350.5]
[32450095,"Modell SELEKT - Innenmass B 3,85 x L 5,15 x H 0,6 mt, 2 Module, Profil 70/40, Farbe RAL 7035, PC-Platte 4 mm - einseitige Laufschiene",5355]
[32450100,"Modell SELEKT - Innenmass B 3,85 x L 6,5 x H 0,67 mt, 3 Module, Profil 70/40, Farbe RAL 7035, PC-Platte 4 mm - einseitige Laufschiene",6615]
[32450105,"Modell SELEKT - Innenmass B 3,85 x L 7,73 x H 0,67 mt, 3 Module, Profil 70/40, Farbe RAL 7035, PC-Platte 4 mm - einseitige Laufschiene",7200]
[32450110,"Modell SELEKT - Innenmass B 3,85 x L 8,67 x H 0,73 mt, 4 Module, Profil 70/40, Farbe RAL 7035, PC-Platte 4 mm - einseitige Laufschiene",8505]
[32450115,"Modell SELEKT - Innenmass B 3,85 x L 10,31 x H 0,73 mt, 4 Module, Profil 70/40, Farbe RAL 7035, PC-Platte 4 mm - einseitige Laufschiene",9090]
[32450120,"Modell SELEKT - Innenmass B 4,1 x L 4,33 x H 0,61 mt, 2 Module, Profil 70/40, Farbe RAL 7035, PC-Platte 4 mm - einseitige Laufschiene",4950]
[32450125,"Modell SELEKT - Innenmass B 4,1 x L 5,15 x H 0,61 mt, 2 Module, Profil 70/40, Farbe RAL 7035, PC-Platte 4 mm - einseitige Laufschiene",5580]
[32450130,"Modell SELEKT - Innenmass B 4,1 x L 6,5 x H 0,68 mt, 3 Module, Profil 70/40, Farbe RAL 7035, PC-Platte 4 mm - einseitige Laufschiene",6840]
[32450135,"Modell SELEKT - Innenmass B 4,1 x L 7,73 x H 0,68 mt, 3 Module, Profil 70/40, Farbe RAL 7035, PC-Platte 4 mm - einseitige Laufschiene",7470]
[32450140,"Modell SELEKT - Innenmass B 4,1 x L 8,67 x H 0,74 mt, 4 Module, Profil 70/40, Farbe RAL 7035, PC-Platte 4 mm - einseitige Laufschiene",8775]
[32450145,"Modell SELEKT - Innenmass B 4,1 x L 10,31 x H 0,74 mt, 4 Module, Profil 70/40, Farbe RAL 7035, PC-Platte 4 mm - einseitige Laufschiene",9405]
[32450150,"Modell SELEKT - Innenmass B 4,35 x L 4,33 x H 0,63 mt, 2 Module, Profil 70/40, Farbe RAL 7035, PC-Platte 4 mm - einseitige Laufschiene",5085]
[32450155,"Modell SELEKT - Innenmass B 4,35 x L 5,15 x H 0,63 mt, 2 Module, Profil 70/40, Farbe RAL 7035, PC-Platte 4 mm - einseitige Laufschiene",5715]
[32450160,"Modell SELEKT - Innenmass B 4,35 x L 6,5 x H 0,69 mt, 3 Module, Profil 70/40, Farbe RAL 7035, PC-Platte 4 mm - einseitige Laufschiene",7020]
[32450165,"Modell SELEKT - Innenmass B 4,35 x L 7,73 x H 0,69 mt, 3 Module, Profil 70/40, Farbe RAL 7035, PC-Platte 4 mm - einseitige Laufschiene",7650]
[32450175,"Modell SELEKT - Innenmass B 4,35 x L 10,31 x H 0,76 mt, 4 Module, Profil 70/40, Farbe RAL 7035, PC-Platte 4 mm - einseitige Laufschiene",9630]
[32459999,"Sonderbestellung SELEKT - lt. Angebot Nr.: inkl. Skizze",0]
[32500000,"Modell P3 - Innenmass B 3,1 x L 4,25 x H 1,93 mt, 2 Module, Profil 70/65, Farbe RAL 7016, 4 mm PC Platte",7875]
[32500005,"Modell P3 - Innenmass B 3,1 x L 6,39 x H 2,02 mt, 3 Module, Profil 70/65, Farbe RAL 7016, 4 mm PC Platte",11115]
[32500010,"Modell P3 - Innenmass B 3,1 x L 8,53 x H 2,11 mt, 4 Module, Profil 70/65, Farbe RAL 7016, 4 mm PC Platte",14400]
[32500015,"Modell P3 - Innenmass B 3,1 x L 10,67 x H 2,2 mt, 5 Module, Profil 70/65, Farbe RAL 7016, 4 mm PC Platte",17730]
[32500020,"Modell P3 - Innenmass B 3,1 x L 12,81 x H 2,29 mt, 6 Module, Profil 70/65, Farbe RAL 7016, 4 mm PC Platte",21105]
[32500025,"Modell P3 - Innenmass B 3,1 x L 14,95 x H 2,38 mt, 7 Module, Profil 70/65, Farbe RAL 7016, 4 mm PC Platte",24525]
[32500030,"Modell P3 - Innenmass B 3,1 x L 17,09 x H 2,47 mt, 8 Module, Profil 70/65, Farbe RAL 7016, 4 mm PC Platte",27990]
[32500035,"Modell P3 - Innenmass B 3,1 x L 19,23 x H 2,56 mt, 9 Module, Profil 70/65, Farbe RAL 7016, 4 mm PC Platte",31500]
[32500040,"Modell P3 - Innenmass B 3,35 x L 4,25 x H 1,93 mt, 2 Module, Profil 70/65, Farbe RAL 7016, 4 mm PC Platte",8055]
[32500045,"Modell P3 - Innenmass B 3,35 x L 6,39 x H 2,02 mt, 3 Module, Profil 70/65, Farbe RAL 7016, 4 mm PC Platte",11385]
[32500050,"Modell P3 - Innenmass B 3,35 x L 8,53 x H 2,11 mt, 4 Module, Profil 70/65, Farbe RAL 7016, 4 mm PC Platte",14715]
[32500055,"Modell P3 - Innenmass B 3,35 x L 10,67 x H 2,2 mt, 5 Module, Profil 70/65, Farbe RAL 7016, 4 mm PC Platte",18135]
[32500060,"Modell P3 - Innenmass B 3,35 x L 12,81 x H 2,29 mt, 6 Module, Profil 70/65, Farbe RAL 7016, 4 mm PC Platte",21555]
[32500065,"Modell P3 - Innenmass B 3,35 x L 14,95 x H 2,38 mt, 7 Module, Profil 70/65, Farbe RAL 7016, 4 mm PC Platte",25065]
[32500070,"Modell P3 - Innenmass B 3,35 x L 17,09 x H 2,47 mt, 8 Module, Profil 70/65, Farbe RAL 7016, 4 mm PC Platte",28575]
[32500075,"Modell P3 - Innenmass B 3,35 x L 19,23 x H 2,56 mt, 9 Module, Profil 70/65, Farbe RAL 7016, 4 mm PC Platte",32175]
[32500080,"Modell P3 - Innenmass B 3,6 x L 4,25 x H 1,94 mt, 2 Module, Profil 70/65, Farbe RAL 7016, 4 mm PC Platte",8235]
[32500085,"Modell P3 - Innenmass B 3,6 x L 6,39 x H 2,03 mt, 3 Module, Profil 70/65, Farbe RAL 7016, 4 mm PC Platte",11610]
[32500090,"Modell P3 - Innenmass B 3,6 x L 8,53 x H 2,12 mt, 4 Module, Profil 70/65, Farbe RAL 7016, 4 mm PC Platte",15030]
[32500095,"Modell P3 - Innenmass B 3,6 x L 10,67 x H 2,21 mt, 5 Module, Profil 70/65, Farbe RAL 7016, 4 mm PC Platte",18495]
[32500100,"Modell P3 - Innenmass B 3,6 x L 12,81 x H 2,3 mt, 6 Module, Profil 70/65, Farbe RAL 7016, 4 mm PC Platte",22005]
[32500105,"Modell P3 - Innenmass B 3,6 x L 14,95 x H 2,39 mt, 7 Module, Profil 70/65, Farbe RAL 7016, 4 mm PC Platte",25560]
[32500110,"Modell P3 - Innenmass B 3,6 x L 17,09 x H 2,48 mt, 8 Module, Profil 70/65, Farbe RAL 7016, 4 mm PC Platte",29160]
[32500115,"Modell P3 - Innenmass B 3,6 x L 19,23 x H 2,57 mt, 9 Module, Profil 70/65, Farbe RAL 7016, 4 mm PC Platte",32805]
[32500120,"Modell P3 - Innenmass B 3,85 x L 4,25 x H 1,95 mt, 2 Module, Profil 70/65, Farbe RAL 7016, 4 mm PC Platte",8415]
[32500125,"Modell P3 - Innenmass B 3,85 x L 6,39 x H 2,04 mt, 3 Module, Profil 70/65, Farbe RAL 7016, 4 mm PC Platte",11880]
[32500130,"Modell P3 - Innenmass B 3,85 x L 8,53 x H 2,13 mt, 4 Module, Profil 70/65, Farbe RAL 7016, 4 mm PC Platte",15345]
[32500135,"Modell P3 - Innenmass B 3,85 x L 10,67 x H 2,22 mt, 5 Module, Profil 70/65, Farbe RAL 7016, 4 mm PC Platte",18900]
[32500140,"Modell P3 - Innenmass B 3,85 x L 12,81 x H 2,31 mt, 6 Module, Profil 70/65, Farbe RAL 7016, 4 mm PC Platte",22455]
[32500145,"Modell P3 - Innenmass B 3,85 x L 14,95 x H 2,4 mt, 7 Module, Profil 70/65, Farbe RAL 7016, 4 mm PC Platte",26100]
[32500150,"Modell P3 - Innenmass B 3,85 x L 17,09 x H 2,49 mt, 8 Module, Profil 70/65, Farbe RAL 7016, 4 mm PC Platte",29745]
[32500155,"Modell P3 - Innenmass B 3,85 x L 19,23 x H 2,58 mt, 9 Module, Profil 70/65, Farbe RAL 7016, 4 mm PC Platte",33480]
[32500160,"Modell P3 - Innenmass B 4,1 x L 4,25 x H 1,95 mt, 2 Module, Profil 70/65, Farbe RAL 7016, 4 mm PC Platte",8595]
[32500165,"Modell P3 - Innenmass B 4,1 x L 6,39 x H 2,04 mt, 3 Module, Profil 70/65, Farbe RAL 7016, 4 mm PC Platte",12105]
[32500170,"Modell P3 - Innenmass B 4,1 x L 8,53 x H 2,13 mt, 4 Module, Profil 70/65, Farbe RAL 7016, 4 mm PC Platte",15660]
[32500175,"Modell P3 - Innenmass B 4,1 x L 10,67 x H 2,22 mt, 5 Module, Profil 70/65, Farbe RAL 7016, 4 mm PC Platte",19260]
[32500180,"Modell P3 - Innenmass B 4,1 x L 12,81 x H 2,31 mt, 6 Module, Profil 70/65, Farbe RAL 7016, 4 mm PC Platte",22905]
[32500185,"Modell P3 - Innenmass B 4,1 x L 14,95 x H 2,4 mt, 7 Module, Profil 70/65, Farbe RAL 7016, 4 mm PC Platte",26595]
[32500190,"Modell P3 - Innenmass B 4,1 x L 17,09 x H 2,49 mt, 8 Module, Profil 70/65, Farbe RAL 7016, 4 mm PC Platte",30330]
[32500195,"Modell P3 - Innenmass B 4,1 x L 19,23 x H 2,58 mt, 9 Module, Profil 70/65, Farbe RAL 7016, 4 mm PC Platte",34110]
[32500200,"Modell P3 - Innenmass B 4,35 x L 4,25 x H 1,96 mt, 2 Module, Profil 70/65, Farbe RAL 7016, 4 mm PC Platte",8775]
[32500205,"Modell P3 - Innenmass B 4,35 x L 6,39 x H 2,05 mt, 3 Module, Profil 70/65, Farbe RAL 7016, 4 mm PC Platte",12375]
[32500210,"Modell P3 - Innenmass B 4,35 x L 8,53 x H 2,14 mt, 4 Module, Profil 70/65, Farbe RAL 7016, 4 mm PC Platte",15975]
[32500215,"Modell P3 - Innenmass B 4,35 x L 10,67 x H 2,23 mt, 5 Module, Profil 70/65, Farbe RAL 7016, 4 mm PC Platte",19665]
[32500220,"Modell P3 - Innenmass B 4,35 x L 12,81 x H 2,32 mt, 6 Module, Profil 70/65, Farbe RAL 7016, 4 mm PC Platte",23355]
[32500225,"Modell P3 - Innenmass B 4,35 x L 14,95 x H 2,41 mt, 7 Module, Profil 70/65, Farbe RAL 7016, 4 mm PC Platte",27135]
[32500230,"Modell P3 - Innenmass B 4,35 x L 17,09 x H 2,5 mt, 8 Module, Profil 70/65, Farbe RAL 7016, 4 mm PC Platte",30915]
[32500235,"Modell P3 - Innenmass B 4,35 x L 19,23 x H 2,59 mt, 9 Module, Profil 70/65, Farbe RAL 7016, 4 mm PC Platte",34785]
[32500240,"Modell P3 - Innenmass B 4,6 x L 4,25 x H 1,97 mt, 2 Module, Profil 70/65, Farbe RAL 7016, 4 mm PC Platte",8955]
[32500245,"Modell P3 - Innenmass B 4,6 x L 6,39 x H 2,06 mt, 3 Module, Profil 70/65, Farbe RAL 7016, 4 mm PC Platte",12600]
[32500250,"Modell P3 - Innenmass B 4,6 x L 8,53 x H 2,15 mt, 4 Module, Profil 70/65, Farbe RAL 7016, 4 mm PC Platte",16290]
[32500255,"Modell P3 - Innenmass B 4,6 x L 10,67 x H 2,24 mt, 5 Module, Profil 70/65, Farbe RAL 7016, 4 mm PC Platte",20025]
[32500260,"Modell P3 - Innenmass B 4,6 x L 12,81 x H 2,33 mt, 6 Module, Profil 70/65, Farbe RAL 7016, 4 mm PC Platte",23805]
[32500265,"Modell P3 - Innenmass B 4,6 x L 14,95 x H 2,42 mt, 7 Module, Profil 70/65, Farbe RAL 7016, 4 mm PC Platte",27630]
[32500270,"Modell P3 - Innenmass B 4,6 x L 17,09 x H 2,51 mt, 8 Module, Profil 70/65, Farbe RAL 7016, 4 mm PC Platte",31500]
[32500275,"Modell P3 - Innenmass B 4,6 x L 19,23 x H 2,6 mt, 9 Module, Profil 70/65, Farbe RAL 7016, 4 mm PC Platte",35415]
[32500280,"Modell P3 - Innenmass B 4,85 x L 4,25 x H 1,97 mt, 2 Module, Profil 70/65, Farbe RAL 7016, 4 mm PC Platte",9135]
[32500285,"Modell P3 - Innenmass B 4,85 x L 6,39 x H 2,06 mt, 3 Module, Profil 70/65, Farbe RAL 7016, 4 mm PC Platte",12870]
[32500290,"Modell P3 - Innenmass B 4,85 x L 8,53 x H 2,15 mt, 4 Module, Profil 70/65, Farbe RAL 7016, 4 mm PC Platte",16605]
[32500295,"Modell P3 - Innenmass B 4,85 x L 10,67 x H 2,24 mt, 5 Module, Profil 70/65, Farbe RAL 7016, 4 mm PC Platte",20430]
[32500300,"Modell P3 - Innenmass B 4,85 x L 12,81 x H 2,33 mt, 6 Module, Profil 70/65, Farbe RAL 7016, 4 mm PC Platte",24255]
[32500305,"Modell P3 - Innenmass B 4,85 x L 14,95 x H 2,42 mt, 7 Module, Profil 70/65, Farbe RAL 7016, 4 mm PC Platte",28170]
[32500310,"Modell P3 - Innenmass B 4,85 x L 17,09 x H 2,51 mt, 8 Module, Profil 70/65, Farbe RAL 7016, 4 mm PC Platte",32085]
[32500315,"Modell P3 - Innenmass B 4,85 x L 19,23 x H 2,6 mt, 9 Module, Profil 70/65, Farbe RAL 7016, 4 mm PC Platte",36090]
[32500320,"Modell P3 - Innenmass B 5,1 x L 4,25 x H 1,98 mt, 2 Module, Profil 70/65, Farbe RAL 7016, 4 mm PC Platte",9315]
[32500325,"Modell P3 - Innenmass B 5,1 x L 6,39 x H 2,07 mt, 3 Module, Profil 70/65, Farbe RAL 7016, 4 mm PC Platte",13095]
[32500330,"Modell P3 - Innenmass B 5,1 x L 8,53 x H 2,16 mt, 4 Module, Profil 70/65, Farbe RAL 7016, 4 mm PC Platte",16920]
[32500335,"Modell P3 - Innenmass B 5,1 x L 10,67 x H 2,25 mt, 5 Module, Profil 70/65, Farbe RAL 7016, 4 mm PC Platte",20790]
[32500340,"Modell P3 - Innenmass B 5,1 x L 12,81 x H 2,34 mt, 6 Module, Profil 70/65, Farbe RAL 7016, 4 mm PC Platte",24705]
[32500345,"Modell P3 - Innenmass B 5,1 x L 14,95 x H 2,43 mt, 7 Module, Profil 70/65, Farbe RAL 7016, 4 mm PC Platte",28665]
[32500350,"Modell P3 - Innenmass B 5,1 x L 17,09 x H 2,52 mt, 8 Module, Profil 70/65, Farbe RAL 7016, 4 mm PC Platte",32670]
[32500355,"Modell P3 - Innenmass B 5,1 x L 19,23 x H 2,61 mt, 9 Module, Profil 70/65, Farbe RAL 7016, 4 mm PC Platte",36720]
[32500360,"Modell P3 - Innenmass B 5,35 x L 4,25 x H 1,99 mt, 2 Module, Profil 70/65, Farbe RAL 7016, 4 mm PC Platte",9495]
[32500365,"Modell P3 - Innenmass B 5,35 x L 6,39 x H 2,08 mt, 3 Module, Profil 70/65, Farbe RAL 7016, 4 mm PC Platte",13365]
[32500370,"Modell P3 - Innenmass B 5,35 x L 8,53 x H 2,17 mt, 4 Module, Profil 70/65, Farbe RAL 7016, 4 mm PC Platte",17235]
[32500375,"Modell P3 - Innenmass B 5,35 x L 10,67 x H 2,26 mt, 5 Module, Profil 70/65, Farbe RAL 7016, 4 mm PC Platte",21195]
[32500380,"Modell P3 - Innenmass B 5,35 x L 12,81 x H 2,35 mt, 6 Module, Profil 70/65, Farbe RAL 7016, 4 mm PC Platte",25155]
[32500385,"Modell P3 - Innenmass B 5,35 x L 14,95 x H 2,44 mt, 7 Module, Profil 70/65, Farbe RAL 7016, 4 mm PC Platte",29205]
[32500390,"Modell P3 - Innenmass B 5,35 x L 17,09 x H 2,53 mt, 8 Module, Profil 70/65, Farbe RAL 7016, 4 mm PC Platte",33255]
[32500395,"Modell P3 - Innenmass B 5,35 x L 19,23 x H 2,62 mt, 9 Module, Profil 70/65, Farbe RAL 7016, 4 mm PC Platte",37395]
[32500400,"Modell P3 - Innenmass B 5,6 x L 4,25 x H 1,99 mt, 2 Module, Profil 70/65, Farbe RAL 7016, 4 mm PC Platte",9675]
[32500405,"Modell P3 - Innenmass B 5,6 x L 6,39 x H 2,08 mt, 3 Module, Profil 70/65, Farbe RAL 7016, 4 mm PC Platte",13590]
[32500410,"Modell P3 - Innenmass B 5,6 x L 8,53 x H 2,17 mt, 4 Module, Profil 70/65, Farbe RAL 7016, 4 mm PC Platte",17550]
[32500415,"Modell P3 - Innenmass B 5,6 x L 10,67 x H 2,26 mt, 5 Module, Profil 70/65, Farbe RAL 7016, 4 mm PC Platte",21555]
[32500420,"Modell P3 - Innenmass B 5,6 x L 12,81 x H 2,35 mt, 6 Module, Profil 70/65, Farbe RAL 7016, 4 mm PC Platte",25605]
[32500425,"Modell P3 - Innenmass B 5,6 x L 14,95 x H 2,44 mt, 7 Module, Profil 70/65, Farbe RAL 7016, 4 mm PC Platte",29700]
[32500430,"Modell P3 - Innenmass B 5,6 x L 17,09 x H 2,53 mt, 8 Module, Profil 70/65, Farbe RAL 7016, 4 mm PC Platte",33840]
[32500435,"Modell P3 - Innenmass B 5,6 x L 19,23 x H 2,62 mt, 9 Module, Profil 70/65, Farbe RAL 7016, 4 mm PC Platte",38025]
[32500440,"Modell P3 - Innenmass B 5,85 x L 4,25 x H 2 mt, 2 Module, Profil 70/65, Farbe RAL 7016, 4 mm PC Platte",9855]
[32500445,"Modell P3 - Innenmass B 5,85 x L 6,39 x H 2,09 mt, 3 Module, Profil 70/65, Farbe RAL 7016, 4 mm PC Platte",13860]
[32500450,"Modell P3 - Innenmass B 5,85 x L 8,53 x H 2,18 mt, 4 Module, Profil 70/65, Farbe RAL 7016, 4 mm PC Platte",17865]
[32500455,"Modell P3 - Innenmass B 5,85 x L 10,67 x H 2,27 mt, 5 Module, Profil 70/65, Farbe RAL 7016, 4 mm PC Platte",21960]
[32500460,"Modell P3 - Innenmass B 5,85 x L 12,81 x H 2,36 mt, 6 Module, Profil 70/65, Farbe RAL 7016, 4 mm PC Platte",26055]
[32500465,"Modell P3 - Innenmass B 5,85 x L 14,95 x H 2,45 mt, 7 Module, Profil 70/65, Farbe RAL 7016, 4 mm PC Platte",30240]
[32500470,"Modell P3 - Innenmass B 5,85 x L 17,09 x H 2,54 mt, 8 Module, Profil 70/65, Farbe RAL 7016, 4 mm PC Platte",34425]
[32500475,"Modell P3 - Innenmass B 5,85 x L 19,23 x H 2,63 mt, 9 Module, Profil 70/65, Farbe RAL 7016, 4 mm PC Platte",38700]
[32500480,"Modell P3 - Innenmass B 6,1 x L 4,25 x H 2 mt, 2 Module, Profil 70/65, Farbe RAL 7016, 4 mm PC Platte",10035]
[32500485,"Modell P3 - Innenmass B 6,1 x L 6,39 x H 2,09 mt, 3 Module, Profil 70/65, Farbe RAL 7016, 4 mm PC Platte",14085]
[32500490,"Modell P3 - Innenmass B 6,1 x L 8,53 x H 2,18 mt, 4 Module, Profil 70/65, Farbe RAL 7016, 4 mm PC Platte",18180]
[32500495,"Modell P3 - Innenmass B 6,1 x L 10,67 x H 2,27 mt, 5 Module, Profil 70/65, Farbe RAL 7016, 4 mm PC Platte",22320]
[32500500,"Modell P3 - Innenmass B 6,1 x L 12,81 x H 2,36 mt, 6 Module, Profil 70/65, Farbe RAL 7016, 4 mm PC Platte",26505]
[32500505,"Modell P3 - Innenmass B 6,1 x L 14,95 x H 2,45 mt, 7 Module, Profil 70/65, Farbe RAL 7016, 4 mm PC Platte",30735]
[32500510,"Modell P3 - Innenmass B 6,1 x L 17,09 x H 2,54 mt, 8 Module, Profil 70/65, Farbe RAL 7016, 4 mm PC Platte",35010]
[32500515,"Modell P3 - Innenmass B 6,1 x L 19,23 x H 2,63 mt, 9 Module, Profil 70/65, Farbe RAL 7016, 4 mm PC Platte",39330]
[32500520,"Modell P3 - Innenmass B 6,35 x L 4,25 x H 2,01 mt, 2 Module, Profil 70/65, Farbe RAL 7016, 4 mm PC Platte",10215]
[32500525,"Modell P3 - Innenmass B 6,35 x L 6,39 x H 2,1 mt, 3 Module, Profil 70/65, Farbe RAL 7016, 4 mm PC Platte",14355]
[32500530,"Modell P3 - Innenmass B 6,35 x L 8,53 x H 2,19 mt, 4 Module, Profil 70/65, Farbe RAL 7016, 4 mm PC Platte",18495]
[32500535,"Modell P3 - Innenmass B 6,35 x L 10,67 x H 2,28 mt, 5 Module, Profil 70/65, Farbe RAL 7016, 4 mm PC Platte",22725]
[32500540,"Modell P3 - Innenmass B 6,35 x L 12,81 x H 2,37 mt, 6 Module, Profil 70/65, Farbe RAL 7016, 4 mm PC Platte",26955]
[32500545,"Modell P3 - Innenmass B 6,35 x L 14,95 x H 2,46 mt, 7 Module, Profil 70/65, Farbe RAL 7016, 4 mm PC Platte",31275]
[32500550,"Modell P3 - Innenmass B 6,35 x L 17,09 x H 2,55 mt, 8 Module, Profil 70/65, Farbe RAL 7016, 4 mm PC Platte",35595]
[32500555,"Modell P3 - Innenmass B 6,35 x L 19,23 x H 2,64 mt, 9 Module, Profil 70/65, Farbe RAL 7016, 4 mm PC Platte",40005]
[32500560,"Modell P3 - Innenmass B 6,6 x L 4,25 x H 2,02 mt, 2 Module, Profil 70/65, Farbe RAL 7016, 4 mm PC Platte",10395]
[32500565,"Modell P3 - Innenmass B 6,6 x L 6,39 x H 2,11 mt, 3 Module, Profil 70/65, Farbe RAL 7016, 4 mm PC Platte",14580]
[32500570,"Modell P3 - Innenmass B 6,6 x L 8,53 x H 2,2 mt, 4 Module, Profil 70/65, Farbe RAL 7016, 4 mm PC Platte",18810]
[32500575,"Modell P3 - Innenmass B 6,6 x L 10,67 x H 2,29 mt, 5 Module, Profil 70/65, Farbe RAL 7016, 4 mm PC Platte",23085]
[32500580,"Modell P3 - Innenmass B 6,6 x L 12,81 x H 2,38 mt, 6 Module, Profil 70/65, Farbe RAL 7016, 4 mm PC Platte",27405]
[32500585,"Modell P3 - Innenmass B 6,6 x L 14,95 x H 2,47 mt, 7 Module, Profil 70/65, Farbe RAL 7016, 4 mm PC Platte",31770]
[32500590,"Modell P3 - Innenmass B 6,6 x L 17,09 x H 2,56 mt, 8 Module, Profil 70/65, Farbe RAL 7016, 4 mm PC Platte",36180]
[32500595,"Modell P3 - Innenmass B 6,6 x L 19,23 x H 2,65 mt, 9 Module, Profil 70/65, Farbe RAL 7016, 4 mm PC Platte",40635]
[32500600,"Modell P3 - Innenmass B 6,85 x L 4,25 x H 2,02 mt, 2 Module, Profil 70/65, Farbe RAL 7016, 4 mm PC Platte",10575]
[32500605,"Modell P3 - Innenmass B 6,85 x L 6,39 x H 2,11 mt, 3 Module, Profil 70/65, Farbe RAL 7016, 4 mm PC Platte",14850]
[32500610,"Modell P3 - Innenmass B 6,85 x L 8,53 x H 2,2 mt, 4 Module, Profil 70/65, Farbe RAL 7016, 4 mm PC Platte",19125]
[32500615,"Modell P3 - Innenmass B 6,85 x L 10,67 x H 2,29 mt, 5 Module, Profil 70/65, Farbe RAL 7016, 4 mm PC Platte",23490]
[32500620,"Modell P3 - Innenmass B 6,85 x L 12,81 x H 2,38 mt, 6 Module, Profil 70/65, Farbe RAL 7016, 4 mm PC Platte",27855]
[32500625,"Modell P3 - Innenmass B 6,85 x L 14,95 x H 2,47 mt, 7 Module, Profil 70/65, Farbe RAL 7016, 4 mm PC Platte",32310]
[32500630,"Modell P3 - Innenmass B 6,85 x L 17,09 x H 2,56 mt, 8 Module, Profil 70/65, Farbe RAL 7016, 4 mm PC Platte",36765]
[32500635,"Modell P3 - Innenmass B 6,85 x L 19,23 x H 2,65 mt, 9 Module, Profil 70/65, Farbe RAL 7016, 4 mm PC Platte",41310]
[32500640,"Modell P3 - Innenmass B 7,1 x L 4,25 x H 2,03 mt, 2 Module, Profil 70/65, Farbe RAL 7016, 4 mm PC Platte",10755]
[32500645,"Modell P3 - Innenmass B 7,1 x L 6,39 x H 2,12 mt, 3 Module, Profil 70/65, Farbe RAL 7016, 4 mm PC Platte",15075]
[32500650,"Modell P3 - Innenmass B 7,1 x L 8,53 x H 2,21 mt, 4 Module, Profil 70/65, Farbe RAL 7016, 4 mm PC Platte",19440]
[32500655,"Modell P3 - Innenmass B 7,1 x L 10,67 x H 2,3 mt, 5 Module, Profil 70/65, Farbe RAL 7016, 4 mm PC Platte",23850]
[32500660,"Modell P3 - Innenmass B 7,1 x L 12,81 x H 2,39 mt, 6 Module, Profil 70/65, Farbe RAL 7016, 4 mm PC Platte",28305]
[32500665,"Modell P3 - Innenmass B 7,1 x L 14,95 x H 2,48 mt, 7 Module, Profil 70/65, Farbe RAL 7016, 4 mm PC Platte",32805]
[32500670,"Modell P3 - Innenmass B 7,1 x L 17,09 x H 2,57 mt, 8 Module, Profil 70/65, Farbe RAL 7016, 4 mm PC Platte",37350]
[32500675,"Modell P3 - Innenmass B 7,1 x L 19,23 x H 2,66 mt, 9 Module, Profil 70/65, Farbe RAL 7016, 4 mm PC Platte",41940]
[32509999,"Sonderbestellung Prestige P3 - lt. Angebot Nr.: inkl. Skizze",0]
[32600000,"Modell P5 - Innenmass B 2,35 x L 4,25 x H 2,29 mt, 2 Module, Profil 70/65, Farbe RAL 7016, PC 4 mm",6390]
[32600005,"Modell P5 - Innenmass B 2,35 x L 6,39 x H 2,38 mt, 3 Module, Profil 70/65, Farbe RAL 7016, PC 4 mm",8955]
[32600010,"Modell P5 - Innenmass B 2,35 x L 8,53 x H 2,47 mt, 4 Module, Profil 70/65, Farbe RAL 7016, PC 4 mm",11565]
[32600015,"Modell P5 - Innenmass B 2,35 x L 10,67 x H 2,56 mt, 5 Module, Profil 70/65, Farbe RAL 7016, PC 4 mm",14220]
[32600020,"Modell P5 - Innenmass B 2,35 x L 12,81 x H 2,65 mt, 6 Module, Profil 70/65, Farbe RAL 7016, PC 4 mm",16920]
[32600025,"Modell P5 - Innenmass B 2,35 x L 14,95 x H 2,74 mt, 7 Module, Profil 70/65, Farbe RAL 7016, PC 4 mm",19665]
[32600030,"Modell P5 - Innenmass B 2,6 x L 4,25 x H 2,34 mt, 2 Module, Profil 70/65, Farbe RAL 7016, PC 4 mm",6615]
[32600035,"Modell P5 - Innenmass B 2,6 x L 6,39 x H 2,43 mt, 3 Module, Profil 70/65, Farbe RAL 7016, PC 4 mm",9270]
[32600040,"Modell P5 - Innenmass B 2,6 x L 8,53 x H 2,52 mt, 4 Module, Profil 70/65, Farbe RAL 7016, PC 4 mm",11970]
[32600045,"Modell P5 - Innenmass B 2,6 x L 10,67 x H 2,61 mt, 5 Module, Profil 70/65, Farbe RAL 7016, PC 4 mm",14715]
[32600050,"Modell P5 - Innenmass B 2,6 x L 12,81 x H 2,7 mt, 6 Module, Profil 70/65, Farbe RAL 7016, PC 4 mm",17505]
[32600055,"Modell P5 - Innenmass B 2,6 x L 14,95 x H 2,79 mt, 7 Module, Profil 70/65, Farbe RAL 7016, PC 4 mm",20340]
[32600060,"Modell P5 - Innenmass B 2,85 x L 4,25 x H 2,39 mt, 2 Module, Profil 70/65, Farbe RAL 7016, PC 4 mm",6840]
[32600065,"Modell P5 - Innenmass B 2,85 x L 6,39 x H 2,48 mt, 3 Module, Profil 70/65, Farbe RAL 7016, PC 4 mm",9585]
[32600070,"Modell P5 - Innenmass B 2,85 x L 8,53 x H 2,57 mt, 4 Module, Profil 70/65, Farbe RAL 7016, PC 4 mm",12375]
[32600075,"Modell P5 - Innenmass B 2,85 x L 10,67 x H 2,66 mt, 5 Module, Profil 70/65, Farbe RAL 7016, PC 4 mm",15210]
[32600080,"Modell P5 - Innenmass B 2,85 x L 12,81 x H 2,75 mt, 6 Module, Profil 70/65, Farbe RAL 7016, PC 4 mm",18090]
[32600085,"Modell P5 - Innenmass B 2,85 x L 14,95 x H 2,84 mt, 7 Module, Profil 70/65, Farbe RAL 7016, PC 4 mm",21015]
[32600090,"Modell P5 - Innenmass B 3,1 x L 4,25 x H 2,44 mt, 2 Module, Profil 70/65, Farbe RAL 7016, PC 4 mm",7065]
[32600095,"Modell P5 - Innenmass B 3,1 x L 6,39 x H 2,53 mt, 3 Module, Profil 70/65, Farbe RAL 7016, PC 4 mm",9900]
[32600100,"Modell P5 - Innenmass B 3,1 x L 8,53 x H 2,62 mt, 4 Module, Profil 70/65, Farbe RAL 7016, PC 4 mm",12780]
[32600105,"Modell P5 - Innenmass B 3,1 x L 10,67 x H 2,71 mt, 5 Module, Profil 70/65, Farbe RAL 7016, PC 4 mm",15705]
[32600110,"Modell P5 - Innenmass B 3,1 x L 12,81 x H 2,8 mt, 6 Module, Profil 70/65, Farbe RAL 7016, PC 4 mm",18675]
[32600115,"Modell P5 - Innenmass B 3,1 x L 14,95 x H 2,89 mt, 7 Module, Profil 70/65, Farbe RAL 7016, PC 4 mm",21690]
[32600120,"Modell P5 - Innenmass B 3,1 x L 17,09 x H 2,98 mt, 8 Module, Profil 70/65, Farbe RAL 7016, PC 4 mm",24750]
[32600125,"Modell P5 - Innenmass B 3,1 x L 19,23 x H 3,07 mt, 9 Module, Profil 70/65, Farbe RAL 7016, PC 4 mm",27855]
[32600130,"Modell P5 - Innenmass B 3,35 x L 4,25 x H 2,49 mt, 2 Module, Profil 70/65, Farbe RAL 7016, PC 4 mm",7290]
[32600135,"Modell P5 - Innenmass B 3,35 x L 6,39 x H 2,58 mt, 3 Module, Profil 70/65, Farbe RAL 7016, PC 4 mm",10215]
[32600140,"Modell P5 - Innenmass B 3,35 x L 8,53 x H 2,67 mt, 4 Module, Profil 70/65, Farbe RAL 7016, PC 4 mm",13185]
[32600145,"Modell P5 - Innenmass B 3,35 x L 10,67 x H 2,76 mt, 5 Module, Profil 70/65, Farbe RAL 7016, PC 4 mm",16200]
[32600150,"Modell P5 - Innenmass B 3,35 x L 12,81 x H 2,85 mt, 6 Module, Profil 70/65, Farbe RAL 7016, PC 4 mm",19260]
[32600155,"Modell P5 - Innenmass B 3,35 x L 14,95 x H 2,94 mt, 7 Module, Profil 70/65, Farbe RAL 7016, PC 4 mm",22365]
[32600160,"Modell P5 - Innenmass B 3,35 x L 17,09 x H 3,03 mt, 8 Module, Profil 70/65, Farbe RAL 7016, PC 4 mm",25515]
[32600165,"Modell P5 - Innenmass B 3,35 x L 19,23 x H 3,12 mt, 9 Module, Profil 70/65, Farbe RAL 7016, PC 4 mm",28710]
[32600170,"Modell P5 - Innenmass B 3,6 x L 4,25 x H 2,54 mt, 2 Module, Profil 70/65, Farbe RAL 7016, PC 4 mm",7515]
[32600175,"Modell P5 - Innenmass B 3,6 x L 6,39 x H 2,63 mt, 3 Module, Profil 70/65, Farbe RAL 7016, PC 4 mm",10530]
[32600180,"Modell P5 - Innenmass B 3,6 x L 8,53 x H 2,72 mt, 4 Module, Profil 70/65, Farbe RAL 7016, PC 4 mm",13590]
[32600185,"Modell P5 - Innenmass B 3,6 x L 10,67 x H 2,81 mt, 5 Module, Profil 70/65, Farbe RAL 7016, PC 4 mm",16695]
[32600190,"Modell P5 - Innenmass B 3,6 x L 12,81 x H 2,9 mt, 6 Module, Profil 70/65, Farbe RAL 7016, PC 4 mm",19845]
[32600195,"Modell P5 - Innenmass B 3,6 x L 14,95 x H 2,99 mt, 7 Module, Profil 70/65, Farbe RAL 7016, PC 4 mm",23040]
[32600200,"Modell P5 - Innenmass B 3,6 x L 17,09 x H 3,08 mt, 8 Module, Profil 70/65, Farbe RAL 7016, PC 4 mm",26280]
[32600205,"Modell P5 - Innenmass B 3,6 x L 19,23 x H 3,17 mt, 9 Module, Profil 70/65, Farbe RAL 7016, PC 4 mm",29565]
[32600210,"Modell P5 - Innenmass B 3,85 x L 4,25 x H 2,59 mt, 2 Module, Profil 70/65, Farbe RAL 7016, PC 4 mm",7740]
[32600215,"Modell P5 - Innenmass B 3,85 x L 6,39 x H 2,68 mt, 3 Module, Profil 70/65, Farbe RAL 7016, PC 4 mm",10845]
[32600220,"Modell P5 - Innenmass B 3,85 x L 8,53 x H 2,77 mt, 4 Module, Profil 70/65, Farbe RAL 7016, PC 4 mm",13995]
[32600225,"Modell P5 - Innenmass B 3,85 x L 10,67 x H 2,86 mt, 5 Module, Profil 70/65, Farbe RAL 7016, PC 4 mm",17190]
[32600230,"Modell P5 - Innenmass B 3,85 x L 12,81 x H 2,95 mt, 6 Module, Profil 70/65, Farbe RAL 7016, PC 4 mm",20430]
[32600235,"Modell P5 - Innenmass B 3,85 x L 14,95 x H 3,04 mt, 7 Module, Profil 70/65, Farbe RAL 7016, PC 4 mm",23715]
[32600240,"Modell P5 - Innenmass B 3,85 x L 17,09 x H 3,13 mt, 8 Module, Profil 70/65, Farbe RAL 7016, PC 4 mm",27045]
[32600245,"Modell P5 - Innenmass B 3,85 x L 19,23 x H 3,22 mt, 9 Module, Profil 70/65, Farbe RAL 7016, PC 4 mm",30420]
[32600250,"Modell P5 - Innenmass B 4,1 x L 4,25 x H 2,64 mt, 2 Module, Profil 70/65, Farbe RAL 7016, PC 4 mm",7965]
[32600255,"Modell P5 - Innenmass B 4,1 x L 6,39 x H 2,73 mt, 3 Module, Profil 70/65, Farbe RAL 7016, PC 4 mm",11160]
[32600260,"Modell P5 - Innenmass B 4,1 x L 8,53 x H 2,82 mt, 4 Module, Profil 70/65, Farbe RAL 7016, PC 4 mm",14400]
[32600265,"Modell P5 - Innenmass B 4,1 x L 10,67 x H 2,91 mt, 5 Module, Profil 70/65, Farbe RAL 7016, PC 4 mm",17685]
[32600270,"Modell P5 - Innenmass B 4,1 x L 12,81 x H 3 mt, 6 Module, Profil 70/65, Farbe RAL 7016, PC 4 mm",21015]
[32600275,"Modell P5 - Innenmass B 4,1 x L 14,95 x H 3,09 mt, 7 Module, Profil 70/65, Farbe RAL 7016, PC 4 mm",24390]
[32600280,"Modell P5 - Innenmass B 4,1 x L 17,09 x H 3,18 mt, 8 Module, Profil 70/65, Farbe RAL 7016, PC 4 mm",27810]
[32600285,"Modell P5 - Innenmass B 4,1 x L 19,23 x H 3,27 mt, 9 Module, Profil 70/65, Farbe RAL 7016, PC 4 mm",31275]
[32600290,"Modell P5 - Innenmass B 4,35 x L 4,25 x H 2,69 mt, 2 Module, Profil 70/65, Farbe RAL 7016, PC 4 mm",8190]
[32600295,"Modell P5 - Innenmass B 4,35 x L 6,39 x H 2,78 mt, 3 Module, Profil 70/65, Farbe RAL 7016, PC 4 mm",11475]
[32600300,"Modell P5 - Innenmass B 4,35 x L 8,53 x H 2,87 mt, 4 Module, Profil 70/65, Farbe RAL 7016, PC 4 mm",14805]
[32600305,"Modell P5 - Innenmass B 4,35 x L 10,67 x H 2,96 mt, 5 Module, Profil 70/65, Farbe RAL 7016, PC 4 mm",18180]
[32600310,"Modell P5 - Innenmass B 4,35 x L 12,81 x H 3,05 mt, 6 Module, Profil 70/65, Farbe RAL 7016, PC 4 mm",21600]
[32600315,"Modell P5 - Innenmass B 4,35 x L 14,95 x H 3,14 mt, 7 Module, Profil 70/65, Farbe RAL 7016, PC 4 mm",25065]
[32600320,"Modell P5 - Innenmass B 4,35 x L 17,09 x H 3,23 mt, 8 Module, Profil 70/65, Farbe RAL 7016, PC 4 mm",28575]
[32600325,"Modell P5 - Innenmass B 4,35 x L 19,23 x H 3,32 mt, 9 Module, Profil 70/65, Farbe RAL 7016, PC 4 mm",32130]
[32600330,"Modell P5 - Innenmass B 4,6 x L 4,25 x H 2,74 mt, 2 Module, Profil 70/65, Farbe RAL 7016, PC 4 mm",8415]
[32600335,"Modell P5 - Innenmass B 4,6 x L 6,39 x H 2,83 mt, 3 Module, Profil 70/65, Farbe RAL 7016, PC 4 mm",11790]
[32600340,"Modell P5 - Innenmass B 4,6 x L 8,53 x H 2,92 mt, 4 Module, Profil 70/65, Farbe RAL 7016, PC 4 mm",15210]
[32600345,"Modell P5 - Innenmass B 4,6 x L 10,67 x H 3,01 mt, 5 Module, Profil 70/65, Farbe RAL 7016, PC 4 mm",18675]
[32600350,"Modell P5 - Innenmass B 4,6 x L 12,81 x H 3,1 mt, 6 Module, Profil 70/65, Farbe RAL 7016, PC 4 mm",22185]
[32600355,"Modell P5 - Innenmass B 4,6 x L 14,95 x H 3,19 mt, 7 Module, Profil 70/65, Farbe RAL 7016, PC 4 mm",25740]
[32600360,"Modell P5 - Innenmass B 4,6 x L 17,09 x H 3,28 mt, 8 Module, Profil 70/65, Farbe RAL 7016, PC 4 mm",29340]
[32600365,"Modell P5 - Innenmass B 4,6 x L 19,23 x H 3,37 mt, 9 Module, Profil 70/65, Farbe RAL 7016, PC 4 mm",32985]
[32600370,"Modell P5 - Innenmass B 4,85 x L 4,25 x H 2,79 mt, 2 Module, Profil 70/65, Farbe RAL 7016, PC 4 mm",8640]
[32600375,"Modell P5 - Innenmass B 4,85 x L 6,39 x H 2,88 mt, 3 Module, Profil 70/65, Farbe RAL 7016, PC 4 mm",12105]
[32600380,"Modell P5 - Innenmass B 4,85 x L 8,53 x H 2,97 mt, 4 Module, Profil 70/65, Farbe RAL 7016, PC 4 mm",15615]
[32600385,"Modell P5 - Innenmass B 4,85 x L 10,67 x H 3,06 mt, 5 Module, Profil 70/65, Farbe RAL 7016, PC 4 mm",19170]
[32600390,"Modell P5 - Innenmass B 4,85 x L 12,81 x H 3,15 mt, 6 Module, Profil 70/65, Farbe RAL 7016, PC 4 mm",22770]
[32600395,"Modell P5 - Innenmass B 4,85 x L 14,95 x H 3,24 mt, 7 Module, Profil 70/65, Farbe RAL 7016, PC 4 mm",26415]
[32600400,"Modell P5 - Innenmass B 4,85 x L 17,09 x H 3,33 mt, 8 Module, Profil 70/65, Farbe RAL 7016, PC 4 mm",30105]
[32600405,"Modell P5 - Innenmass B 4,85 x L 19,23 x H 3,42 mt, 9 Module, Profil 70/65, Farbe RAL 7016, PC 4 mm",33840]
[32609999,"Sonderbestellung Prestige P5 - lt. Angebot Nr.: inkl. Skizze",0]
[32700000,"Modell P7 - Innenmass B 3,1 x L 4,25 x H 0,56 mt, 2 Module, Profil 70/65, Farbe RAL 7016, PC 4 mm",6075]
[32700005,"Modell P7 - Innenmass B 3,1 x L 4,73 x H 0,55 mt, 2 Module, Profil 70/65, Farbe RAL 7016, PC 4 mm",6570]
[32700010,"Modell P7 - Innenmass B 3,1 x L 6,39 x H 0,64 mt, 3 Module, Profil 70/65, Farbe RAL 7016, PC 4 mm",8595]
[32700015,"Modell P7 - Innenmass B 3,1 x L 7,11 x H 0,64 mt, 3 Module, Profil 70/65, Farbe RAL 7016, PC 4 mm",9360]
[32700020,"Modell P7 - Innenmass B 3,1 x L 8,53 x H 0,73 mt, 4 Module, Profil 70/65, Farbe RAL 7016, PC 4 mm",11160]
[32700025,"Modell P7 - Innenmass B 3,1 x L 9,49 x H 0,73 mt, 4 Module, Profil 70/65, Farbe RAL 7016, PC 4 mm",12195]
[32700030,"Modell P7 - Innenmass B 3,1 x L 10,67 x H 0,82 mt, 5 Module, Profil 70/65, Farbe RAL 7016, PC 4 mm",13770]
[32700035,"Modell P7 - Innenmass B 3,1 x L 11,87 x H 0,82 mt, 5 Module, Profil 70/65, Farbe RAL 7016, PC 4 mm",15030]
[32700040,"Modell P7 - Innenmass B 3,1 x L 12,81 x H 0,91 mt, 6 Module, Profil 70/65, Farbe RAL 7016, PC 4 mm",16425]
[32700045,"Modell P7 - Innenmass B 3,1 x L 14,95 x H 1 mt, 7 Module, Profil 70/65, Farbe RAL 7016, PC 4 mm",19125]
[32700050,"Modell P7 - Innenmass B 3,1 x L 17,09 x H 1,09 mt, 8 Module, Profil 70/65, Farbe RAL 7016, PC 4 mm",21870]
[32700055,"Modell P7 - Innenmass B 3,1 x L 19,23 x H 1,18 mt, 9 Module, Profil 70/65, Farbe RAL 7016, PC 4 mm",24660]
[32700060,"Modell P7 - Innenmass B 3,35 x L 4,25 x H 0,56 mt, 2 Module, Profil 70/65, Farbe RAL 7016, PC 4 mm",6255]
[32700065,"Modell P7 - Innenmass B 3,35 x L 4,73 x H 0,56 mt, 2 Module, Profil 70/65, Farbe RAL 7016, PC 4 mm",6795]
[32700070,"Modell P7 - Innenmass B 3,35 x L 6,39 x H 0,65 mt, 3 Module, Profil 70/65, Farbe RAL 7016, PC 4 mm",8865]
[32700075,"Modell P7 - Innenmass B 3,35 x L 7,11 x H 0,65 mt, 3 Module, Profil 70/65, Farbe RAL 7016, PC 4 mm",9630]
[32700080,"Modell P7 - Innenmass B 3,35 x L 8,53 x H 0,74 mt, 4 Module, Profil 70/65, Farbe RAL 7016, PC 4 mm",11475]
[32700085,"Modell P7 - Innenmass B 3,35 x L 9,49 x H 0,74 mt, 4 Module, Profil 70/65, Farbe RAL 7016, PC 4 mm",12510]
[32700090,"Modell P7 - Innenmass B 3,35 x L 10,67 x H 0,83 mt, 5 Module, Profil 70/65, Farbe RAL 7016, PC 4 mm",14175]
[32700095,"Modell P7 - Innenmass B 3,35 x L 11,87 x H 0,83 mt, 5 Module, Profil 70/65, Farbe RAL 7016, PC 4 mm",15480]
[32700100,"Modell P7 - Innenmass B 3,35 x L 12,81 x H 0,92 mt, 6 Module, Profil 70/65, Farbe RAL 7016, PC 4 mm",16875]
[32700105,"Modell P7 - Innenmass B 3,35 x L 14,95 x H 1,01 mt, 7 Module, Profil 70/65, Farbe RAL 7016, PC 4 mm",19665]
[32700110,"Modell P7 - Innenmass B 3,35 x L 17,09 x H 1,1 mt, 8 Module, Profil 70/65, Farbe RAL 7016, PC 4 mm",22455]
[32700115,"Modell P7 - Innenmass B 3,35 x L 19,23 x H 1,19 mt, 9 Module, Profil 70/65, Farbe RAL 7016, PC 4 mm",25335]
[32700120,"Modell P7 - Innenmass B 3,6 x L 4,25 x H 0,57 mt, 2 Module, Profil 70/65, Farbe RAL 7016, PC 4 mm",6435]
[32700125,"Modell P7 - Innenmass B 3,6 x L 4,73 x H 0,57 mt, 2 Module, Profil 70/65, Farbe RAL 7016, PC 4 mm",6975]
[32700130,"Modell P7 - Innenmass B 3,6 x L 6,39 x H 0,66 mt, 3 Module, Profil 70/65, Farbe RAL 7016, PC 4 mm",9090]
[32700135,"Modell P7 - Innenmass B 3,6 x L 7,11 x H 0,66 mt, 3 Module, Profil 70/65, Farbe RAL 7016, PC 4 mm",9900]
[32700140,"Modell P7 - Innenmass B 3,6 x L 8,53 x H 0,75 mt, 4 Module, Profil 70/65, Farbe RAL 7016, PC 4 mm",11790]
[32700145,"Modell P7 - Innenmass B 3,6 x L 9,49 x H 0,75 mt, 4 Module, Profil 70/65, Farbe RAL 7016, PC 4 mm",12870]
[32700150,"Modell P7 - Innenmass B 3,6 x L 10,67 x H 0,84 mt, 5 Module, Profil 70/65, Farbe RAL 7016, PC 4 mm",14535]
[32700155,"Modell P7 - Innenmass B 3,6 x L 11,87 x H 0,84 mt, 5 Module, Profil 70/65, Farbe RAL 7016, PC 4 mm",15885]
[32700160,"Modell P7 - Innenmass B 3,6 x L 12,81 x H 0,93 mt, 6 Module, Profil 70/65, Farbe RAL 7016, PC 4 mm",17325]
[32700165,"Modell P7 - Innenmass B 3,6 x L 14,95 x H 1,02 mt, 7 Module, Profil 70/65, Farbe RAL 7016, PC 4 mm",20160]
[32700170,"Modell P7 - Innenmass B 3,6 x L 17,09 x H 1,11 mt, 8 Module, Profil 70/65, Farbe RAL 7016, PC 4 mm",23040]
[32700175,"Modell P7 - Innenmass B 3,6 x L 19,23 x H 1,2 mt, 9 Module, Profil 70/65, Farbe RAL 7016, PC 4 mm",25965]
[32700180,"Modell P7 - Innenmass B 3,85 x L 4,25 x H 0,57 mt, 2 Module, Profil 70/65, Farbe RAL 7016, PC 4 mm",6525]
[32700185,"Modell P7 - Innenmass B 3,85 x L 4,73 x H 0,57 mt, 2 Module, Profil 70/65, Farbe RAL 7016, PC 4 mm",7065]
[32700190,"Modell P7 - Innenmass B 3,85 x L 6,39 x H 0,66 mt, 3 Module, Profil 70/65, Farbe RAL 7016, PC 4 mm",9270]
[32700195,"Modell P7 - Innenmass B 3,85 x L 7,11 x H 0,66 mt, 3 Module, Profil 70/65, Farbe RAL 7016, PC 4 mm",10080]
[32700200,"Modell P7 - Innenmass B 3,85 x L 8,53 x H 0,75 mt, 4 Module, Profil 70/65, Farbe RAL 7016, PC 4 mm",12015]
[32700205,"Modell P7 - Innenmass B 3,85 x L 9,49 x H 0,75 mt, 4 Module, Profil 70/65, Farbe RAL 7016, PC 4 mm",13095]
[32700210,"Modell P7 - Innenmass B 3,85 x L 10,67 x H 0,84 mt, 5 Module, Profil 70/65, Farbe RAL 7016, PC 4 mm",14850]
[32700215,"Modell P7 - Innenmass B 3,85 x L 11,87 x H 0,84 mt, 5 Module, Profil 70/65, Farbe RAL 7016, PC 4 mm",16200]
[32700220,"Modell P7 - Innenmass B 3,85 x L 12,81 x H 0,93 mt, 6 Module, Profil 70/65, Farbe RAL 7016, PC 4 mm",17685]
[32700225,"Modell P7 - Innenmass B 3,85 x L 14,95 x H 1,02 mt, 7 Module, Profil 70/65, Farbe RAL 7016, PC 4 mm",20610]
[32700230,"Modell P7 - Innenmass B 3,85 x L 17,09 x H 1,11 mt, 8 Module, Profil 70/65, Farbe RAL 7016, PC 4 mm",23535]
[32700235,"Modell P7 - Innenmass B 3,85 x L 19,23 x H 1,2 mt, 9 Module, Profil 70/65, Farbe RAL 7016, PC 4 mm",26550]
[32700240,"Modell P7 - Innenmass B 4,1 x L 4,25 x H 0,58 mt, 2 Module, Profil 70/65, Farbe RAL 7016, PC 4 mm",6705]
[32700245,"Modell P7 - Innenmass B 4,1 x L 4,73 x H 0,58 mt, 2 Module, Profil 70/65, Farbe RAL 7016, PC 4 mm",7290]
[32700250,"Modell P7 - Innenmass B 4,1 x L 6,39 x H 0,67 mt, 3 Module, Profil 70/65, Farbe RAL 7016, PC 4 mm",9495]
[32700255,"Modell P7 - Innenmass B 4,1 x L 7,11 x H 0,67 mt, 3 Module, Profil 70/65, Farbe RAL 7016, PC 4 mm",10350]
[32700260,"Modell P7 - Innenmass B 4,1 x L 8,53 x H 0,76 mt, 4 Module, Profil 70/65, Farbe RAL 7016, PC 4 mm",12330]
[32700265,"Modell P7 - Innenmass B 4,1 x L 9,49 x H 0,76 mt, 4 Module, Profil 70/65, Farbe RAL 7016, PC 4 mm",13455]
[32700270,"Modell P7 - Innenmass B 4,1 x L 10,67 x H 0,85 mt, 5 Module, Profil 70/65, Farbe RAL 7016, PC 4 mm",15210]
[32700275,"Modell P7 - Innenmass B 4,1 x L 11,87 x H 0,85 mt, 5 Module, Profil 70/65, Farbe RAL 7016, PC 4 mm",16605]
[32700280,"Modell P7 - Innenmass B 4,1 x L 12,81 x H 0,94 mt, 6 Module, Profil 70/65, Farbe RAL 7016, PC 4 mm",18135]
[32700285,"Modell P7 - Innenmass B 4,1 x L 14,95 x H 1,03 mt, 7 Module, Profil 70/65, Farbe RAL 7016, PC 4 mm",21105]
[32700290,"Modell P7 - Innenmass B 4,1 x L 17,09 x H 1,12 mt, 8 Module, Profil 70/65, Farbe RAL 7016, PC 4 mm",24120]
[32700295,"Modell P7 - Innenmass B 4,1 x L 19,23 x H 1,21 mt, 9 Module, Profil 70/65, Farbe RAL 7016, PC 4 mm",27180]
[32700300,"Modell P7 - Innenmass B 4,35 x L 4,25 x H 0,58 mt, 2 Module, Profil 70/65, Farbe RAL 7016, PC 4 mm",6885]
[32700305,"Modell P7 - Innenmass B 4,35 x L 4,73 x H 0,58 mt, 2 Module, Profil 70/65, Farbe RAL 7016, PC 4 mm",7470]
[32700310,"Modell P7 - Innenmass B 4,35 x L 6,39 x H 0,67 mt, 3 Module, Profil 70/65, Farbe RAL 7016, PC 4 mm",9765]
[32700315,"Modell P7 - Innenmass B 4,35 x L 7,11 x H 0,67 mt, 3 Module, Profil 70/65, Farbe RAL 7016, PC 4 mm",10620]
[32700320,"Modell P7 - Innenmass B 4,35 x L 8,53 x H 0,76 mt, 4 Module, Profil 70/65, Farbe RAL 7016, PC 4 mm",12645]
[32700325,"Modell P7 - Innenmass B 4,35 x L 9,49 x H 0,76 mt, 4 Module, Profil 70/65, Farbe RAL 7016, PC 4 mm",13815]
[32700330,"Modell P7 - Innenmass B 4,35 x L 10,67 x H 0,85 mt, 5 Module, Profil 70/65, Farbe RAL 7016, PC 4 mm",15615]
[32700335,"Modell P7 - Innenmass B 4,35 x L 11,87 x H 0,85 mt, 5 Module, Profil 70/65, Farbe RAL 7016, PC 4 mm",17055]
[32700340,"Modell P7 - Innenmass B 4,35 x L 12,81 x H 0,94 mt, 6 Module, Profil 70/65, Farbe RAL 7016, PC 4 mm",18585]
[32700345,"Modell P7 - Innenmass B 4,35 x L 14,95 x H 1,03 mt, 7 Module, Profil 70/65, Farbe RAL 7016, PC 4 mm",21645]
[32700350,"Modell P7 - Innenmass B 4,35 x L 17,09 x H 1,12 mt, 8 Module, Profil 70/65, Farbe RAL 7016, PC 4 mm",24705]
[32700355,"Modell P7 - Innenmass B 4,35 x L 19,23 x H 1,21 mt, 9 Module, Profil 70/65, Farbe RAL 7016, PC 4 mm",27855]
[32700360,"Modell P7 - Innenmass B 4,6 x L 4,25 x H 0,59 mt, 2 Module, Profil 70/65, Farbe RAL 7016, PC 4 mm",7065]
[32700365,"Modell P7 - Innenmass B 4,6 x L 4,73 x H 0,59 mt, 2 Module, Profil 70/65, Farbe RAL 7016, PC 4 mm",7650]
[32700370,"Modell P7 - Innenmass B 4,6 x L 6,39 x H 0,68 mt, 3 Module, Profil 70/65, Farbe RAL 7016, PC 4 mm",9990]
[32700375,"Modell P7 - Innenmass B 4,6 x L 7,11 x H 0,68 mt, 3 Module, Profil 70/65, Farbe RAL 7016, PC 4 mm",10890]
[32700380,"Modell P7 - Innenmass B 4,6 x L 8,53 x H 0,77 mt, 4 Module, Profil 70/65, Farbe RAL 7016, PC 4 mm",12960]
[32700385,"Modell P7 - Innenmass B 4,6 x L 9,49 x H 0,77 mt, 4 Module, Profil 70/65, Farbe RAL 7016, PC 4 mm",14130]
[32700390,"Modell P7 - Innenmass B 4,6 x L 10,67 x H 0,86 mt, 5 Module, Profil 70/65, Farbe RAL 7016, PC 4 mm",15975]
[32700395,"Modell P7 - Innenmass B 4,6 x L 11,87 x H 0,86 mt, 5 Module, Profil 70/65, Farbe RAL 7016, PC 4 mm",17460]
[32700400,"Modell P7 - Innenmass B 4,6 x L 12,81 x H 0,95 mt, 6 Module, Profil 70/65, Farbe RAL 7016, PC 4 mm",19035]
[32700405,"Modell P7 - Innenmass B 4,6 x L 14,95 x H 1,04 mt, 7 Module, Profil 70/65, Farbe RAL 7016, PC 4 mm",22140]
[32700410,"Modell P7 - Innenmass B 4,6 x L 17,09 x H 1,13 mt, 8 Module, Profil 70/65, Farbe RAL 7016, PC 4 mm",25290]
[32700415,"Modell P7 - Innenmass B 4,6 x L 19,23 x H 1,22 mt, 9 Module, Profil 70/65, Farbe RAL 7016, PC 4 mm",28485]
[32700420,"Modell P7 - Innenmass B 4,85 x L 4,25 x H 0,6 mt, 2 Module, Profil 70/65, Farbe RAL 7016, PC 4 mm",7245]
[32700425,"Modell P7 - Innenmass B 4,85 x L 4,73 x H 0,6 mt, 2 Module, Profil 70/65, Farbe RAL 7016, PC 4 mm",7830]
[32700430,"Modell P7 - Innenmass B 4,85 x L 6,39 x H 0,69 mt, 3 Module, Profil 70/65, Farbe RAL 7016, PC 4 mm",10260]
[32700435,"Modell P7 - Innenmass B 4,85 x L 7,11 x H 0,69 mt, 3 Module, Profil 70/65, Farbe RAL 7016, PC 4 mm",11160]
[32700440,"Modell P7 - Innenmass B 4,85 x L 8,53 x H 0,78 mt, 4 Module, Profil 70/65, Farbe RAL 7016, PC 4 mm",13275]
[32700445,"Modell P7 - Innenmass B 4,85 x L 9,49 x H 0,78 mt, 4 Module, Profil 70/65, Farbe RAL 7016, PC 4 mm",14490]
[32700450,"Modell P7 - Innenmass B 4,85 x L 10,67 x H 0,87 mt, 5 Module, Profil 70/65, Farbe RAL 7016, PC 4 mm",16380]
[32700455,"Modell P7 - Innenmass B 4,85 x L 11,87 x H 0,87 mt, 5 Module, Profil 70/65, Farbe RAL 7016, PC 4 mm",17865]
[32700460,"Modell P7 - Innenmass B 4,85 x L 12,81 x H 0,96 mt, 6 Module, Profil 70/65, Farbe RAL 7016, PC 4 mm",19485]
[32700465,"Modell P7 - Innenmass B 4,85 x L 14,95 x H 1,05 mt, 7 Module, Profil 70/65, Farbe RAL 7016, PC 4 mm",22680]
[32700470,"Modell P7 - Innenmass B 4,85 x L 17,09 x H 1,14 mt, 8 Module, Profil 70/65, Farbe RAL 7016, PC 4 mm",25875]
[32700475,"Modell P7 - Innenmass B 4,85 x L 19,23 x H 1,23 mt, 9 Module, Profil 70/65, Farbe RAL 7016, PC 4 mm",29160]
[32700480,"Modell P7 - Innenmass B 5,1 x L 4,25 x H 0,6 mt, 2 Module, Profil 70/65, Farbe RAL 7016, PC 4 mm",7425]
[32700485,"Modell P7 - Innenmass B 5,1 x L 4,73 x H 0,6 mt, 2 Module, Profil 70/65, Farbe RAL 7016, PC 4 mm",8055]
[32700490,"Modell P7 - Innenmass B 5,1 x L 6,39 x H 0,69 mt, 3 Module, Profil 70/65, Farbe RAL 7016, PC 4 mm",10485]
[32700495,"Modell P7 - Innenmass B 5,1 x L 7,11 x H 0,69 mt, 3 Module, Profil 70/65, Farbe RAL 7016, PC 4 mm",11430]
[32700500,"Modell P7 - Innenmass B 5,1 x L 8,53 x H 0,78 mt, 4 Module, Profil 70/65, Farbe RAL 7016, PC 4 mm",13590]
[32700505,"Modell P7 - Innenmass B 5,1 x L 9,49 x H 0,78 mt, 4 Module, Profil 70/65, Farbe RAL 7016, PC 4 mm",14805]
[32700510,"Modell P7 - Innenmass B 5,1 x L 10,67 x H 0,87 mt, 5 Module, Profil 70/65, Farbe RAL 7016, PC 4 mm",16740]
[32700515,"Modell P7 - Innenmass B 5,1 x L 11,87 x H 0,87 mt, 5 Module, Profil 70/65, Farbe RAL 7016, PC 4 mm",18270]
[32700520,"Modell P7 - Innenmass B 5,1 x L 12,81 x H 0,96 mt, 6 Module, Profil 70/65, Farbe RAL 7016, PC 4 mm",19935]
[32700525,"Modell P7 - Innenmass B 5,1 x L 14,95 x H 1,05 mt, 7 Module, Profil 70/65, Farbe RAL 7016, PC 4 mm",23175]
[32700530,"Modell P7 - Innenmass B 5,1 x L 17,09 x H 1,14 mt, 8 Module, Profil 70/65, Farbe RAL 7016, PC 4 mm",26460]
[32700535,"Modell P7 - Innenmass B 5,1 x L 19,23 x H 1,23 mt, 9 Module, Profil 70/65, Farbe RAL 7016, PC 4 mm",29790]
[32700540,"Modell P7 - Innenmass B 5,35 x L 4,25 x H 0,61 mt, 2 Module, Profil 70/65, Farbe RAL 7016, PC 4 mm",7605]
[32700545,"Modell P7 - Innenmass B 5,35 x L 4,73 x H 0,61 mt, 2 Module, Profil 70/65, Farbe RAL 7016, PC 4 mm",8235]
[32700550,"Modell P7 - Innenmass B 5,35 x L 6,39 x H 0,7 mt, 3 Module, Profil 70/65, Farbe RAL 7016, PC 4 mm",10755]
[32700555,"Modell P7 - Innenmass B 5,35 x L 7,11 x H 0,7 mt, 3 Module, Profil 70/65, Farbe RAL 7016, PC 4 mm",11700]
[32700560,"Modell P7 - Innenmass B 5,35 x L 8,53 x H 0,79 mt, 4 Module, Profil 70/65, Farbe RAL 7016, PC 4 mm",13905]
[32700565,"Modell P7 - Innenmass B 5,35 x L 9,49 x H 0,79 mt, 4 Module, Profil 70/65, Farbe RAL 7016, PC 4 mm",15165]
[32700570,"Modell P7 - Innenmass B 5,35 x L 10,67 x H 0,88 mt, 5 Module, Profil 70/65, Farbe RAL 7016, PC 4 mm",17145]
[32700575,"Modell P7 - Innenmass B 5,35 x L 11,87 x H 0,88 mt, 5 Module, Profil 70/65, Farbe RAL 7016, PC 4 mm",18720]
[32700580,"Modell P7 - Innenmass B 5,35 x L 12,81 x H 0,97 mt, 6 Module, Profil 70/65, Farbe RAL 7016, PC 4 mm",20385]
[32700585,"Modell P7 - Innenmass B 5,35 x L 14,95 x H 1,06 mt, 7 Module, Profil 70/65, Farbe RAL 7016, PC 4 mm",23715]
[32700590,"Modell P7 - Innenmass B 5,35 x L 17,09 x H 1,15 mt, 8 Module, Profil 70/65, Farbe RAL 7016, PC 4 mm",27045]
[32700595,"Modell P7 - Innenmass B 5,35 x L 19,23 x H 1,24 mt, 9 Module, Profil 70/65, Farbe RAL 7016, PC 4 mm",30465]
[32700600,"Modell P7 - Innenmass B 5,6 x L 4,25 x H 0,62 mt, 2 Module, Profil 70/65, Farbe RAL 7016, PC 4 mm",7785]
[32700605,"Modell P7 - Innenmass B 5,6 x L 4,73 x H 0,62 mt, 2 Module, Profil 70/65, Farbe RAL 7016, PC 4 mm",8415]
[32700610,"Modell P7 - Innenmass B 5,6 x L 6,39 x H 0,71 mt, 3 Module, Profil 70/65, Farbe RAL 7016, PC 4 mm",10980]
[32700615,"Modell P7 - Innenmass B 5,6 x L 7,11 x H 0,71 mt, 3 Module, Profil 70/65, Farbe RAL 7016, PC 4 mm",11925]
[32700620,"Modell P7 - Innenmass B 5,6 x L 8,53 x H 0,8 mt, 4 Module, Profil 70/65, Farbe RAL 7016, PC 4 mm",14220]
[32700625,"Modell P7 - Innenmass B 5,6 x L 9,49 x H 0,8 mt, 4 Module, Profil 70/65, Farbe RAL 7016, PC 4 mm",15525]
[32700630,"Modell P7 - Innenmass B 5,6 x L 10,67 x H 0,89 mt, 5 Module, Profil 70/65, Farbe RAL 7016, PC 4 mm",17505]
[32700635,"Modell P7 - Innenmass B 5,6 x L 11,87 x H 0,89 mt, 5 Module, Profil 70/65, Farbe RAL 7016, PC 4 mm",19125]
[32700640,"Modell P7 - Innenmass B 5,6 x L 12,81 x H 0,98 mt, 6 Module, Profil 70/65, Farbe RAL 7016, PC 4 mm",20835]
[32700645,"Modell P7 - Innenmass B 5,6 x L 14,95 x H 1,07 mt, 7 Module, Profil 70/65, Farbe RAL 7016, PC 4 mm",24210]
[32700650,"Modell P7 - Innenmass B 5,6 x L 17,09 x H 1,16 mt, 8 Module, Profil 70/65, Farbe RAL 7016, PC 4 mm",27630]
[32700655,"Modell P7 - Innenmass B 5,6 x L 19,23 x H 1,25 mt, 9 Module, Profil 70/65, Farbe RAL 7016, PC 4 mm",31095]
[32700660,"Modell P7 - Innenmass B 5,85 x L 4,25 x H 0,62 mt, 2 Module, Profil 70/65, Farbe RAL 7016, PC 4 mm",7965]
[32700665,"Modell P7 - Innenmass B 5,85 x L 4,73 x H 0,62 mt, 2 Module, Profil 70/65, Farbe RAL 7016, PC 4 mm",8640]
[32700670,"Modell P7 - Innenmass B 5,85 x L 6,39 x H 0,71 mt, 3 Module, Profil 70/65, Farbe RAL 7016, PC 4 mm",11250]
[32700675,"Modell P7 - Innenmass B 5,85 x L 7,11 x H 0,71 mt, 3 Module, Profil 70/65, Farbe RAL 7016, PC 4 mm",12195]
[32700680,"Modell P7 - Innenmass B 5,85 x L 8,53 x H 0,8 mt, 4 Module, Profil 70/65, Farbe RAL 7016, PC 4 mm",14535]
[32700685,"Modell P7 - Innenmass B 5,85 x L 9,49 x H 0,8 mt, 4 Module, Profil 70/65, Farbe RAL 7016, PC 4 mm",15840]
[32700690,"Modell P7 - Innenmass B 5,85 x L 10,67 x H 0,89 mt, 5 Module, Profil 70/65, Farbe RAL 7016, PC 4 mm",17910]
[32700695,"Modell P7 - Innenmass B 5,85 x L 11,87 x H 0,89 mt, 5 Module, Profil 70/65, Farbe RAL 7016, PC 4 mm",19530]
[32700700,"Modell P7 - Innenmass B 5,85 x L 12,81 x H 0,98 mt, 6 Module, Profil 70/65, Farbe RAL 7016, PC 4 mm",21285]
[32700705,"Modell P7 - Innenmass B 5,85 x L 14,95 x H 1,07 mt, 7 Module, Profil 70/65, Farbe RAL 7016, PC 4 mm",24750]
[32700710,"Modell P7 - Innenmass B 5,85 x L 17,09 x H 1,16 mt, 8 Module, Profil 70/65, Farbe RAL 7016, PC 4 mm",28215]
[32700715,"Modell P7 - Innenmass B 5,85 x L 19,23 x H 1,25 mt, 9 Module, Profil 70/65, Farbe RAL 7016, PC 4 mm",31770]
[32700720,"Modell P7 - Innenmass B 6,1 x L 4,25 x H 0,63 mt, 2 Module, Profil 70/65, Farbe RAL 7016, PC 4 mm",8145]
[32700725,"Modell P7 - Innenmass B 6,1 x L 4,73 x H 0,63 mt, 2 Module, Profil 70/65, Farbe RAL 7016, PC 4 mm",8820]
[32700730,"Modell P7 - Innenmass B 6,1 x L 6,39 x H 0,72 mt, 3 Module, Profil 70/65, Farbe RAL 7016, PC 4 mm",11475]
[32700735,"Modell P7 - Innenmass B 6,1 x L 7,11 x H 0,72 mt, 3 Module, Profil 70/65, Farbe RAL 7016, PC 4 mm",12465]
[32700740,"Modell P7 - Innenmass B 6,1 x L 8,53 x H 0,81 mt, 4 Module, Profil 70/65, Farbe RAL 7016, PC 4 mm",14850]
[32700745,"Modell P7 - Innenmass B 6,1 x L 9,49 x H 0,81 mt, 4 Module, Profil 70/65, Farbe RAL 7016, PC 4 mm",16200]
[32700750,"Modell P7 - Innenmass B 6,1 x L 10,67 x H 0,9 mt, 5 Module, Profil 70/65, Farbe RAL 7016, PC 4 mm",18270]
[32700755,"Modell P7 - Innenmass B 6,1 x L 11,87 x H 0,9 mt, 5 Module, Profil 70/65, Farbe RAL 7016, PC 4 mm",19935]
[32700760,"Modell P7 - Innenmass B 6,1 x L 12,81 x H 0,99 mt, 6 Module, Profil 70/65, Farbe RAL 7016, PC 4 mm",21735]
[32700765,"Modell P7 - Innenmass B 6,1 x L 14,95 x H 1,08 mt, 7 Module, Profil 70/65, Farbe RAL 7016, PC 4 mm",25245]
[32700770,"Modell P7 - Innenmass B 6,1 x L 17,09 x H 1,17 mt, 8 Module, Profil 70/65, Farbe RAL 7016, PC 4 mm",28800]
[32700775,"Modell P7 - Innenmass B 6,1 x L 19,23 x H 1,26 mt, 9 Module, Profil 70/65, Farbe RAL 7016, PC 4 mm",32400]
[32700780,"Modell P7 - Innenmass B 6,35 x L 4,25 x H 0,64 mt, 2 Module, Profil 70/65, Farbe RAL 7016, PC 4 mm",8325]
[32700785,"Modell P7 - Innenmass B 6,35 x L 6,39 x H 0,73 mt, 3 Module, Profil 70/65, Farbe RAL 7016, PC 4 mm",11745]
[32700790,"Modell P7 - Innenmass B 6,35 x L 8,53 x H 0,82 mt, 4 Module, Profil 70/65, Farbe RAL 7016, PC 4 mm",15165]
[32700795,"Modell P7 - Innenmass B 6,35 x L 10,67 x H 0,91 mt, 5 Module, Profil 70/65, Farbe RAL 7016, PC 4 mm",18675]
[32700800,"Modell P7 - Innenmass B 6,35 x L 12,81 x H 1 mt, 6 Module, Profil 70/65, Farbe RAL 7016, PC 4 mm",22185]
[32700805,"Modell P7 - Innenmass B 6,35 x L 14,95 x H 1,09 mt, 7 Module, Profil 70/65, Farbe RAL 7016, PC 4 mm",25785]
[32700810,"Modell P7 - Innenmass B 6,35 x L 17,09 x H 1,18 mt, 8 Module, Profil 70/65, Farbe RAL 7016, PC 4 mm",29385]
[32700815,"Modell P7 - Innenmass B 6,35 x L 19,23 x H 1,27 mt, 9 Module, Profil 70/65, Farbe RAL 7016, PC 4 mm",33075]
[32700820,"Modell P7 - Innenmass B 6,6 x L 4,25 x H 0,64 mt, 2 Module, Profil 70/65, Farbe RAL 7016, PC 4 mm",8505]
[32700825,"Modell P7 - Innenmass B 6,6 x L 6,39 x H 0,73 mt, 3 Module, Profil 70/65, Farbe RAL 7016, PC 4 mm",11970]
[32700830,"Modell P7 - Innenmass B 6,6 x L 8,53 x H 0,82 mt, 4 Module, Profil 70/65, Farbe RAL 7016, PC 4 mm",15480]
[32700835,"Modell P7 - Innenmass B 6,6 x L 10,67 x H 0,91 mt, 5 Module, Profil 70/65, Farbe RAL 7016, PC 4 mm",19035]
[32700840,"Modell P7 - Innenmass B 6,6 x L 12,81 x H 1 mt, 6 Module, Profil 70/65, Farbe RAL 7016, PC 4 mm",22635]
[32700845,"Modell P7 - Innenmass B 6,6 x L 14,95 x H 1,09 mt, 7 Module, Profil 70/65, Farbe RAL 7016, PC 4 mm",26280]
[32700850,"Modell P7 - Innenmass B 6,6 x L 17,09 x H 1,18 mt, 8 Module, Profil 70/65, Farbe RAL 7016, PC 4 mm",29970]
[32700855,"Modell P7 - Innenmass B 6,6 x L 19,23 x H 1,27 mt, 9 Module, Profil 70/65, Farbe RAL 7016, PC 4 mm",33705]
[32700860,"Modell P7 - Innenmass B 6,85 x L 4,25 x H 0,65 mt, 2 Module, Profil 70/65, Farbe RAL 7016, PC 4 mm",8685]
[32700865,"Modell P7 - Innenmass B 6,85 x L 6,39 x H 0,74 mt, 3 Module, Profil 70/65, Farbe RAL 7016, PC 4 mm",12240]
[32700870,"Modell P7 - Innenmass B 6,85 x L 8,53 x H 0,83 mt, 4 Module, Profil 70/65, Farbe RAL 7016, PC 4 mm",15795]
[32700875,"Modell P7 - Innenmass B 6,85 x L 10,67 x H 0,92 mt, 5 Module, Profil 70/65, Farbe RAL 7016, PC 4 mm",19440]
[32700880,"Modell P7 - Innenmass B 6,85 x L 12,81 x H 1,01 mt, 6 Module, Profil 70/65, Farbe RAL 7016, PC 4 mm",23085]
[32700885,"Modell P7 - Innenmass B 6,85 x L 14,95 x H 1,1 mt, 7 Module, Profil 70/65, Farbe RAL 7016, PC 4 mm",26820]
[32700890,"Modell P7 - Innenmass B 6,85 x L 17,09 x H 1,19 mt, 8 Module, Profil 70/65, Farbe RAL 7016, PC 4 mm",30555]
[32700895,"Modell P7 - Innenmass B 6,85 x L 19,23 x H 1,28 mt, 9 Module, Profil 70/65, Farbe RAL 7016, PC 4 mm",34380]
[32700900,"Modell P7 - Innenmass B 7,1 x L 4,25 x H 0,66 mt, 2 Module, Profil 70/65, Farbe RAL 7016, PC 4 mm",8865]
[32700905,"Modell P7 - Innenmass B 7,1 x L 6,39 x H 0,75 mt, 3 Module, Profil 70/65, Farbe RAL 7016, PC 4 mm",12465]
[32700910,"Modell P7 - Innenmass B 7,1 x L 8,53 x H 0,84 mt, 4 Module, Profil 70/65, Farbe RAL 7016, PC 4 mm",16110]
[32700915,"Modell P7 - Innenmass B 7,1 x L 10,67 x H 0,93 mt, 5 Module, Profil 70/65, Farbe RAL 7016, PC 4 mm",19800]
[32700920,"Modell P7 - Innenmass B 7,1 x L 12,81 x H 1,02 mt, 6 Module, Profil 70/65, Farbe RAL 7016, PC 4 mm",23535]
[32700925,"Modell P7 - Innenmass B 7,1 x L 14,95 x H 1,11 mt, 7 Module, Profil 70/65, Farbe RAL 7016, PC 4 mm",27315]
[32700930,"Modell P7 - Innenmass B 7,1 x L 17,09 x H 1,2 mt, 8 Module, Profil 70/65, Farbe RAL 7016, PC 4 mm",31140]
[32700935,"Modell P7 - Innenmass B 7,1 x L 19,23 x H 1,29 mt, 9 Module, Profil 70/65, Farbe RAL 7016, PC 4 mm",35010]
[32709999,"Sonderbestellung Prestige P7 - lt. Angebot Nr.: inkl. Skizze",0]
[32750000,"Modell P9 - Innenmass B 3,1 x L 4,25 x H 0,36 mt, 2 Module, Profil 70/65, Farbe RAL 7016, 4 mm PC Platte",6075]
[32750005,"Modell P9 - Innenmass B 3,1 x L 4,73 x H 0,36 mt, 3 Module, Profil 70/65, Farbe RAL 7016, 4 mm PC Platte",7243.43]
[32750010,"Modell P9 - Innenmass B 3,1 x L 6,39 x H 0,45 mt, 3 Module, Profil 70/65, Farbe RAL 7016, 4 mm PC Platte",9476]
[32750015,"Modell P9 - Innenmass B 3,1 x L 7,11 x H 0,45 mt, 3 Module, Profil 70/65, Farbe RAL 7016, 4 mm PC Platte",10319.4]
[32750020,"Modell P9 - Innenmass B 3,1 x L 8,53 x H 0,54 mt, 4 Module, Profil 70/65, Farbe RAL 7016, 4 mm PC Platte",12303.9]
[32750025,"Modell P9 - Innenmass B 3,1 x L 9,49 x H 0,54 mt, 4 Module, Profil 70/65, Farbe RAL 7016, 4 mm PC Platte",13445]
[32750030,"Modell P9 - Innenmass B 3,1 x L 10,67 x H 0,63 mt, 5 Module, Profil 70/65, Farbe RAL 7016, 4 mm PC Platte",15181.43]
[32750035,"Modell P9 - Innenmass B 3,1 x L 11,87 x H 0,63 mt, 5 Module, Profil 70/65, Farbe RAL 7016, 4 mm PC Platte",16570.580000000002]
[32750040,"Modell P9 - Innenmass B 3,35 x L 4,25 x H 0,37 mt, 2 Module, Profil 70/65, Farbe RAL 7016, 4 mm PC Platte",6896.15]
[32750045,"Modell P9 - Innenmass B 3,35 x L 4,73 x H 0,37 mt, 2 Module, Profil 70/65, Farbe RAL 7016, 4 mm PC Platte",7491.5]
[32750050,"Modell P9 - Innenmass B 3,35 x L 6,39 x H 0,46 mt, 3 Module, Profil 70/65, Farbe RAL 7016, 4 mm PC Platte",9773.67]
[32750055,"Modell P9 - Innenmass B 3,35 x L 7,11 x H 0,46 mt, 3 Module, Profil 70/65, Farbe RAL 7016, 4 mm PC Platte",10617.08]
[32750060,"Modell P9 - Innenmass B 3,35 x L 8,53 x H 0,55 mt, 4 Module, Profil 70/65, Farbe RAL 7016, 4 mm PC Platte",12651.2]
[32750065,"Modell P9 - Innenmass B 3,35 x L 9,49 x H 0,55 mt, 4 Module, Profil 70/65, Farbe RAL 7016, 4 mm PC Platte",13792.28]
[32750070,"Modell P9 - Innenmass B 3,35 x L 10,67 x H 0,64 mt, 5 Module, Profil 70/65, Farbe RAL 7016, 4 mm PC Platte",15627.95]
[32750075,"Modell P9 - Innenmass B 3,35 x L 11,87 x H 0,64 mt, 5 Module, Profil 70/65, Farbe RAL 7016, 4 mm PC Platte",17066.7]
[32750080,"Modell P9 - Innenmass B 3,6 x L 4,25 x H 0,37 mt, 2 Module, Profil 70/65, Farbe RAL 7016, 4 mm PC Platte",7094.6]
[32750085,"Modell P9 - Innenmass B 3,6 x L 4,73 x H 0,37 mt, 2 Module, Profil 70/65, Farbe RAL 7016, 4 mm PC Platte",7689.95]
[32750090,"Modell P9 - Innenmass B 3,6 x L 6,39 x H 0,46 mt, 3 Module, Profil 70/65, Farbe RAL 7016, 4 mm PC Platte",10021.73]
[32750095,"Modell P9 - Innenmass B 3,6 x L 7,11 x H 0,46 mt, 3 Module, Profil 70/65, Farbe RAL 7016, 4 mm PC Platte",10914.75]
[32750100,"Modell P9 - Innenmass B 3,6 x L 8,53 x H 0,55 mt, 4 Module, Profil 70/65, Farbe RAL 7016, 4 mm PC Platte",12998.48]
[32750105,"Modell P9 - Innenmass B 3,6 x L 9,49 x H 0,55 mt, 4 Module, Profil 70/65, Farbe RAL 7016, 4 mm PC Platte",14189.18]
[32750110,"Modell P9 - Innenmass B 3,6 x L 10,67 x H 0,64 mt, 5 Module, Profil 70/65, Farbe RAL 7016, 4 mm PC Platte",16024.85]
[32750115,"Modell P9 - Innenmass B 3,6 x L 11,87 x H 0,64 mt, 5 Module, Profil 70/65, Farbe RAL 7016, 4 mm PC Platte",17513.22]
[32750120,"Modell P9 - Innenmass B 3,85 x L 4,25 x H 0,38 mt, 2 Module, Profil 70/65, Farbe RAL 7016, 4 mm PC Platte",7193.82]
[32750125,"Modell P9 - Innenmass B 3,85 x L 4,73 x H 0,38 mt, 2 Module, Profil 70/65, Farbe RAL 7016, 4 mm PC Platte",7789.17]
[32750130,"Modell P9 - Innenmass B 3,85 x L 6,39 x H 0,47 mt, 3 Module, Profil 70/65, Farbe RAL 7016, 4 mm PC Platte",10220.18]
[32750135,"Modell P9 - Innenmass B 3,85 x L 7,11 x H 0,47 mt, 3 Module, Profil 70/65, Farbe RAL 7016, 4 mm PC Platte",11113.2]
[32750140,"Modell P9 - Innenmass B 3,85 x L 8,53 x H 0,56 mt, 4 Module, Profil 70/65, Farbe RAL 7016, 4 mm PC Platte",13246.55]
[32750145,"Modell P9 - Innenmass B 3,85 x L 9,49 x H 0,56 mt, 4 Module, Profil 70/65, Farbe RAL 7016, 4 mm PC Platte",14437.25]
[32750150,"Modell P9 - Innenmass B 3,85 x L 10,67 x H 0,65 mt, 5 Module, Profil 70/65, Farbe RAL 7016, 4 mm PC Platte",16372.13]
[32750155,"Modell P9 - Innenmass B 3,85 x L 11,87 x H 0,65 mt, 5 Module, Profil 70/65, Farbe RAL 7016, 4 mm PC Platte",17860.5]
[32750160,"Modell P9 - Innenmass B 4,1 x L 4,25 x H 0,38 mt, 2 Module, Profil 70/65, Farbe RAL 7016, 4 mm PC Platte",7392.27]
[32750165,"Modell P9 - Innenmass B 4,1 x L 4,73 x H 0,38 mt, 2 Module, Profil 70/65, Farbe RAL 7016, 4 mm PC Platte",8037.23]
[32750170,"Modell P9 - Innenmass B 4,1 x L 6,39 x H 0,47 mt, 3 Module, Profil 70/65, Farbe RAL 7016, 4 mm PC Platte",10468.25]
[32750175,"Modell P9 - Innenmass B 4,1 x L 7,11 x H 0,47 mt, 3 Module, Profil 70/65, Farbe RAL 7016, 4 mm PC Platte",11410.88]
[32750180,"Modell P9 - Innenmass B 4,1 x L 8,53 x H 0,56 mt, 4 Module, Profil 70/65, Farbe RAL 7016, 4 mm PC Platte",13593.83]
[32750185,"Modell P9 - Innenmass B 4,1 x L 9,49 x H 0,56 mt, 4 Module, Profil 70/65, Farbe RAL 7016, 4 mm PC Platte",14834.15]
[32750190,"Modell P9 - Innenmass B 4,1 x L 10,67 x H 0,65 mt, 5 Module, Profil 70/65, Farbe RAL 7016, 4 mm PC Platte",16769.03]
[32750195,"Modell P9 - Innenmass B 4,1 x L 11,87 x H 0,65 mt, 5 Module, Profil 70/65, Farbe RAL 7016, 4 mm PC Platte",18307.02]
[32750200,"Modell P9 - Innenmass B 4,35 x L 4,25 x H 0,38 mt, 2 Module, Profil 70/65, Farbe RAL 7016, 4 mm PC Platte",7590.72]
[32750205,"Modell P9 - Innenmass B 4,35 x L 4,73 x H 0,38 mt, 2 Module, Profil 70/65, Farbe RAL 7016, 4 mm PC Platte",8235.68]
[32750210,"Modell P9 - Innenmass B 4,35 x L 6,39 x H 0,47 mt, 3 Module, Profil 70/65, Farbe RAL 7016, 4 mm PC Platte",10765.92]
[32750215,"Modell P9 - Innenmass B 4,35 x L 7,11 x H 0,47 mt, 3 Module, Profil 70/65, Farbe RAL 7016, 4 mm PC Platte",11708.55]
[32750220,"Modell P9 - Innenmass B 4,35 x L 8,53 x H 0,56 mt, 4 Module, Profil 70/65, Farbe RAL 7016, 4 mm PC Platte",13941.12]
[32750225,"Modell P9 - Innenmass B 4,35 x L 9,49 x H 0,56 mt, 4 Module, Profil 70/65, Farbe RAL 7016, 4 mm PC Platte",15231.05]
[32750230,"Modell P9 - Innenmass B 4,35 x L 10,67 x H 0,65 mt, 5 Module, Profil 70/65, Farbe RAL 7016, 4 mm PC Platte",17215.55]
[32750235,"Modell P9 - Innenmass B 4,35 x L 11,87 x H 0,65 mt, 5 Module, Profil 70/65, Farbe RAL 7016, 4 mm PC Platte",18803.150000000001]
[32750240,"Modell P9 - Innenmass B 4,6 x L 4,25 x H 0,39 mt, 2 Module, Profil 70/65, Farbe RAL 7016, 4 mm PC Platte",7065]
[32750245,"Modell P9 - Innenmass B 4,6 x L 4,73 x H 0,39 mt, 2 Module, Profil 70/65, Farbe RAL 7016, 4 mm PC Platte",7650]
[32750250,"Modell P9 - Innenmass B 4,6 x L 6,39 x H 0,48 mt, 3 Module, Profil 70/65, Farbe RAL 7016, 4 mm PC Platte",9990]
[32750255,"Modell P9 - Innenmass B 4,6 x L 7,11 x H 0,48 mt, 3 Module, Profil 70/65, Farbe RAL 7016, 4 mm PC Platte",10890]
[32750260,"Modell P9 - Innenmass B 4,6 x L 8,53 x H 0,57 mt, 4 Module, Profil 70/65, Farbe RAL 7016, 4 mm PC Platte",12960]
[32750265,"Modell P9 - Innenmass B 4,6 x L 9,49 x H 0,57 mt, 4 Module, Profil 70/65, Farbe RAL 7016, 4 mm PC Platte",14130]
[32750270,"Modell P9 - Innenmass B 4,6 x L 10,67 x H 0,66 mt, 5 Module, Profil 70/65, Farbe RAL 7016, 4 mm PC Platte",15975]
[32750275,"Modell P9 - Innenmass B 4,6 x L 11,87 x H 0,66 mt, 5 Module, Profil 70/65, Farbe RAL 7016, 4 mm PC Platte",17460]
[32750280,"Modell P9 - Innenmass B 4,85 x L 4,25 x H 0,39 mt, 2 Module, Profil 70/65, Farbe RAL 7016, 4 mm PC Platte",7245]
[32750285,"Modell P9 - Innenmass B 4,85 x L 4,73 x H 0,39 mt, 2 Module, Profil 70/65, Farbe RAL 7016, 4 mm PC Platte",7830]
[32750290,"Modell P9 - Innenmass B 4,85 x L 6,39 x H 0,48 mt, 3 Module, Profil 70/65, Farbe RAL 7016, 4 mm PC Platte",10260]
[32750295,"Modell P9 - Innenmass B 4,85 x L 7,11 x H 0,48 mt, 3 Module, Profil 70/65, Farbe RAL 7016, 4 mm PC Platte",11160]
[32750300,"Modell P9 - Innenmass B 4,85 x L 8,53 x H 0,57 mt, 4 Module, Profil 70/65, Farbe RAL 7016, 4 mm PC Platte",13275]
[32750305,"Modell P9 - Innenmass B 4,85 x L 9,49 x H 0,57 mt, 4 Module, Profil 70/65, Farbe RAL 7016, 4 mm PC Platte",14490]
[32750310,"Modell P9 - Innenmass B 4,85 x L 10,87 x H 0,66 mt, 5 Module, Profil 70/65, Farbe RAL 7016, 4 mm PC Platte",16380]
[32750315,"Modell P9 - Innenmass B 4,85 x L 11,87 x H 0,66 mt, 5 Module, Profil 70/65, Farbe RAL 7016, 4 mm PC Platte",17865]
[32759999,"Sonderbestellung Prestige P9 - lt. Angebot Nr.: inkl. Skizze",0]
[32800005,"Änderung der Höhe - pro 10 cm / + 2,5% Aufpreis",0]
[32800010,"Verwendung von farbigem Polycarbonat Dicke 8 mm - per m2",10.27]
[32800015,"PC-Acrylglas 4mm, per m2, UV Beschichtung, DE-Produktion- Komplette Überdachung",33.700000000000003]
[32800018,"SAN Platte 4mm - per m2 (kompakt aber spröder als PC)",19.97]
[32800020,"Schiene Premium - alle Module mit durchgehender Laufschiene",8.1999999999999993]
[32800025,"Zusätzliche Laufschiene für Parkraum",14.45]
[32800030,"PRESTIGE - Aufpreis für Schienenlose Überdachung",0]
[32800035,"Absperrbare Segmente - pro Module",46.1]
[32800040,"Türe versperrbar",47.5]
[32800045,"Farbe der Konstruktion RAL 7016 / + 5% Aufpreis auf Grundpreis",0]
[32800050,"RAL Farbe der Konstruktion nach Wahl + 20% auf Grundpreis",0]
[32800055,"Holzdekor - Aufpreis + 35% auf Grundpreis",0]
[32800060,"Seitliche Schiebetüre (optional Absperrung)",422]
[32800065,"Lieferung / Transport - POPP Überdachung > 800 km mit Aufpreis",849]
[32800080,"Klappbare Stirnwand - geteilt",346.41]
[32800081,"Klappbare Rückwand - geteilt",346.41]
[32800090,"Schiebetür Stirnwand",346.41]
[32800095,"Drehtüre in Vorderwand od. Rückwand",321.27]
[32800097,"Falttüre in Stirnwand",710.39]
[32800110,"Arretierung der Module - Laufschiene od. Segment",0]
[32800120,"Schiene PRESTIGE - alle Module mit durchgehender Laufschiene",0]
[32800125,"ABGESTUFTE Laufschiene Premium - Verschub nur in eine Richtung",0]
[32800145,"Abzug - für Schiebetüre in der Standardausstattung",-142.13999999999999]
[32800195,"Laufschiene Premium VERSENKT in Boden",0]
[32800215,"Werksmontage",720]
[32800233,"MAGNETISCHE Dichtung - aufklappbar (Vorder o. Rückwand)",141]
[32800245,"EINSEITIGE Laufschiene LI od. RE",0]
[32800260,"PRESTIGE - Elektrischer Vorschub",3620.58]
[32800275,"PRESTIGE - Elektrischer Vorschub - nur Vorbereitung",419.05]
[32800290,"Versperrung Module auf Laufschiene - Links od. Rechts?",136.88999999999999]
[32800299,"PRESTIGE Laufschiene in ELOX GRAU o. ELOX SILBER",0]
[32800445,"Klappbare Stirnwand (patentiert)",475]
[32800449,"Änderung der Länge und Breite im Raster - KOSTENLOS",0]
[32800550,"EXTRA - PREMIUM Laufschiene - per mt.",0]
[32800580,"Abnehmbare Stirnfläche",162.03]
[32800595,"Erhöhung Stirnwand / Rückwand (Dichtung z. Boden) 8 oder 12 cm?",0]
[32800720,"Erhöhtes 1.stes Modul - VARIANT (Klasik-Komfort-Exklusiv)",0]
[32800750,"EXTRA - PRESTIGE Laufschiene - per mt.",0]
[32805555,"ANZAHLUNG für POPP Überdachungen",0]
[32805566,"RESTZAHLUNG für POPP Überdachungen",0]
[32909999,"ROLLABDECKPLANE (m2, Farbe, Aufpreise) lt. Berechnung >>>>",0]
[32910001,"PROFLEX Rollabdeckplane - auf Maß per m2",49.92]
[33000014,"Rollabdeckplane 600 x 300 cm - Farbe blau 090",1229.17]
[33000015,"Rollabdeckplane 700 x 350 cm - Farbe blau 090",1656.67]
[33000016,"Rollabdeckplane 800 x 400 cm - Farbe blau 090",2082.5]
[33000017,"Rollabdeckplane auf Maß pro m2 - ca. 140 cm Stangenabstand",57.42]
[33000019,"Rollabdeckplane auf Maß per m2 - ca. 80 cm Stangenabstand",64.92]
[33000029,"Rollabdeckplane - 6% Aufpreis von Hellblau 090 auf Sonderfarbe nach Wahl",416.67]
[33000030,"Rollabdeckplane - Aufpreis unter 21 m2 Fläche, per m2",40.75]
[33000035,"Rollabdeckplane - Aufpreis für längseitige Treppen",326]
[33000038,"Kurbel und Getriebe 1:3 Übersetzung",199.17]
[33000039,"Kurbel und Getriebe 1:7 Übersetzung",199.17]
[33000040,"Schwerspanneinheit Edelstahl (Sicherungsstift) A2",4.92]
[33000041,"Alu - Nutrohrendkappe mit 13 mm Innensacklock - f. Rohr 50/2 mm",50.5]
[33000042,"Gummiexpander - zur seitlichen Verspannung der Folie",2.42]
[33000045,"Rollabdeckplane - 6 % Aufpreis für Oval / Rundbecken u. röm. Treppe",416.67]
[33000048,"Spannsystem mit Nirosta Spannschloss - für Rollabdeckplane",36.340000000000003]
[33000049,"Spannsystem mit Alu Klemmschnalle (Lagerseite)",19.57]
[33000050,"Gurtband zum Schließen der Rollabdeckplane",32.25]
[33000060,"Rundrohrkappen für 50 mm Rohr. Farbe.: schwarz",1.82]
[33000061,"Rundrohrkappe 40 mm Rohr. Farbe.: schwarz",2.08]
[33000070,"Handkurbel bei Überflur Schwimmbecken höher > 50 cm",114.35]
[33000085,"Gurtband mit Schlaufe + Stegschnalle (Teil bei Spannvorrichtung)",11.12]
[33000092,"12% Abzug bei Kauf eine Plane - \"ohne\" Alurohre und \"kein\" Zubehör",309]
[33000095,"NIRO Quadratstahl 13/13mm /Ersatzteil zur SB Kurbel",36.96]
[33000150,"Transportverpackung des Hersteller - Selbstkostenpreis (Rollabdeckplane",45.83]
[33000170,"Expanderschlinge L=200 mm - Fixierung der Plane - per lfm",1.77]
[33000179,"Alu-Rohr 40x2 mm, Länge 450 cm - für Rollabdeckplane",27.72]
[33000180,"Alu-Rohr 40x2 mm, Länge 600 cm - für Rollabdeckplane",38.1]
[33000182,"Alu-Rohr 50x2 mm, Länge 450 cm - für Rollabdeckplane",41.58]
[33000217,"BIERI Rollschutz SWISS - Farbe blau, per m2",70.2]
[33000218,"BIERI Rollschutz SWISS - Farbe grün, per m2",70.2]
[33000219,"BIERI Rollschutz SWISS - Farbe transparent, per m2",78]
[33000221,"BIERI Rollschutz UNIVERSAL - Farbe blau, per m2",66.3]
[33000222,"BIERI Rollschutz UNIVERSAL - Farbe grün, per m2",66.3]
[33000223,"BIERI Rollschutz UNIVERSAL - Farbe transparent, per m2",73.12]
[33000225,"BIERI Rollschutz NOVAROLL - Farbe blau, per m2",59.47]
[33000226,"BIERI Rollschutz NOVAROLL - Farbe grün, per m2",59.47]
[33000227,"BIERI Rollschutz NOVAROLL - Farbe transparent, per m2",67.28]
[33000229,"Ausschnitt für Leiter/Gegenstromanlage - Rollabdeckplane",165.83]
[33000235,"3 x Gurtbandverlängerung mit Klemmschnalle bis 200 cm (auf Lagerseite)",24.92]
[33000236,"Gurtbandverlängerung bei Spannschloss bis 150 cm",20.75]
[33000237,"Windsicherung mittels Gurtbandsystem SET L=500cm",57.58]
[33000238,"Windsicherung mittels Gurtbandsystem SET L=700cm",62.92]
[33000817,"BIERI Rollschutz SWISS - Farbe hellgrau, per m2",70.2]
[33000818,"BIERI Rollschutz SWISS - Farbe sand, per m2",70.2]
[33000821,"BIERI Rollschutz UNIVERSAL - Farbe hellgrau, per m2",66.3]
[33000822,"BIERI Rollschutz UNIVERSAL - Farbe sand, per m2",66.3]
[33000825,"BIERI Rollschutz NOVAROLL - Farbe hellgrau, per m2",59.47]
[33000826,"BIERI Rollschutz NOVAROLL - Farbe sand, per m2",59.47]
[33000940,"6% Fertigungszuschlag für Treppe (Römer, Griechisch usw.)",0]
[33000948,"Aufpreis für Fertigung mit 50 mm Alu-Rohren - Modell Light",8.25]
[33000950,"10% Sonderausführung >550 cm - Verlängerung der 40 mm Rohre und des 50 mm Antriebrohres",0]
[33000957,"Aufpreis für Fertigung mit 50 mm Alu-Rohren - Modell Standard",14.58]
[33001114,"Rollabdeckplane 600 x 300 cm - Farbe kieselgrau 820",1332.5]
[33002001,"Schneelastträger BIG SET für Rollschutzplane maximal 850 x 400",1249.17]
[33002002,"Schneelastträger EASY 300 für Rollschutzplane maximal 300 cm",190.83]
[33002003,"Schneelastträger EASY 450 für Rollschutzplane maximal 450 cm",224.17]
[33002004,"Überbrückungsprofil für seitliche Treppen max. 300 cm",182.5]
[33007050,"EASY TOP - Stangenabdeckung auf Maß - per m2",66.58]
[33007080,"ROLLTROTT 2 - Eigenantrieb-Motorsystem",832.5]
[33007081,"Adapter 13mm für ROLLTROTT",103.5]
[33008045,"EASYTOP - 20 % Aufpreis für Oval / Rundbecken u. röm. Treppe",416.67]
[33009999,"3 - 6 Wochen",0.83]
[33100702,"Holzpool - Modell 593 B - TECHNIKRAUM (2/3)",0.83]
[33511000,"EASY TOP Rollabdeckplane - FARBE BLAU",0]
[33512000,"EASY TOP Rollabdeckplane - FARBE GRÜN",0]
[33513000,"EASY TOP Rollabdeckplane - FARBE AMANDE",0]
[33514000,"EASY TOP Rollabdeckplane - FARBE DUNKELGRAU",0]
[33515000,"EASY TOP Rollabdeckplane - FARBE GRAU",0]
[33521000,"PROFLEX Rollabdeckplane - FARBE BLAU",0]
[33522000,"PROFLEX Rollabdeckplane - FARBE GRÜN",0]
[33523000,"PROFLEX Rollabdeckplane - FARBE BEIGE/SAND",0]
[33524000,"PROFLEX Rollabdeckplane - FARBE GRAU",0]
[33525000,"PROFLEX Rollabdeckplane - FARBE SOLAR/WEISS - 10% Aufpreis",0]
[33528090,"PROFLEX - 10 % Aufpreis für Oval / Rundbecken u. röm. Treppe",0]
[33528095,"PROFLEX +10 % Aufpreis für Farbe SOLAR-WEISS",0]
[33528099,"PROFLEX Transport - DIREKT AB WERK",57.5]
[34000462,"CH - Versandkosten Solarmatte - Schweiz bis 32 m2",90]
[34000463,"DE - Versandkosten Solarmatte - Deutschland bis 37 m2",273.25]
[34000464,"AT - Versandkosten Solarmatte - Österreich bis 37 m2",15.6]
[34000465,"UV-Schutzplane für Solarmatte - per lfm",9.92]
[34000466,"Solarmatte STANDARD 400 my, Maßanfertigung / pro m2",8.25]
[34000467,"Aufpreis Versandkosten Solarmatte - >37 m2",10.3]
[34000468,"Solarmatte: Gewebeband für Aufrollstange Länge: 200 cm Länge",4.08]
[34000469,"Drucköse - Befestigungs-Clip für Gewebeband / Zugseil Solarmatte",1.58]
[34000470,"Solarmatte: Lasche/Hohlsaum - für Zugstange - per lfm",0]
[34000800,"Solarmatte - Luftpolsterfolie 400 my für Rundbecken Fun Ø 320 cm",82.5]
[34000801,"Solarmatte - Luftpolsterfolie 400 my für Rundbecken Fun Ø 350 cm",99.17]
[34000802,"Solarmatte - Luftpolsterfolie 400 my für Rundbecken Fun Ø 400 cm",123.33]
[34000803,"Solarmatte - Luftpolsterfolie 400 my für Rundbecken Fun Ø 420 cm",132.5]
[34000804,"Solarmatte - Luftpolsterfolie 400 my für Rundbecken Fun Ø 460 cm",165.83]
[34000805,"Solarmatte - Luftpolsterfolie 400 my für Rundbecken Fun Ø 500 cm",199.17]
[34000806,"Solarmatte - Luftpolsterfolie 400 my für Rundbecken Fun Ø 550 cm",232.5]
[34000807,"Solarmatte - Luftpolsterfolie 400 my für Rundbecken Fun Ø 600 cm",282.5]
[34000808,"Solarmatte - Luftpolsterfolie 400 my für Rundbecken Fun Ø 640 cm",324.17]
[34000809,"Solarmatte - Luftpolsterfolie 400 my für Rundbecken Fun Ø 700 cm",374.17]
[34000810,"Solarmatte - Luftpolsterfolie 400 my für Rundbecken Fun Ø 750 cm",361]
[34000811,"Solarmatte - Luftpolsterfolie 400 my für Rundbecken Fun Ø 800 cm",398.72]
[34000812,"Solarmatte - Luftpolsterfolie 400 my für Rundbecken Fun Ø 900 cm",504.63]
[34000813,"Solarmatte - Luftpolsterfolie 400 my für Rundbecken Fun Ø1000 cm",623]
[34000814,"Solarmatte 400 my für Family/Swim Ø 470 x 300 cm",107.5]
[34000815,"Solarmatte 400 my für Family/Swim Ø 525x320 /530x320 cm",132.5]
[34000816,"Solarmatte 400 my für Family/Swim Ø 540x350 cm",140.83000000000001]
[34000817,"Solarmatte 400 my für Family/Swim Ø 625x360 / 623x360 cm",165.83]
[34000818,"Solarmatte 400 my für Family Ø 650x420 cm",215.83]
[34000819,"Solarmatte 400 my für Family Ø 725 x 460 cm",265.83]
[34000820,"Solarmatte 400 my für Family Ø 770x500 cm",307.5]
[34000821,"Solarmatte 400 my für Swim Ø 855x500 cm",332.5]
[34000822,"Solarmatte 400 my für Swim Ø 700x350 cm",190.83]
[34000823,"Solarmatte 400 my für Swim Ø 737 x 360 cm",207.5]
[34000824,"Solarmatte 400 my für Swim Ø 800x400 cm",249.17]
[34000825,"Solarmatte 400 my für Swim Ø 916x460 cm",332.5]
[34000826,"Solarmatte 400 my für Swim Ø 1100x550 cm",376.92]
[34000827,"Solarmatte 400 my für Rechteckbecken 700 x 350 cm",157.5]
[34000828,"Solarmatte 400 my für Rechteckbecken 800 x 400 cm",264]
[34001825,"Solarmatte 400 my Family/Swim Ø 920x600 cm",343.9]
[34005060,"GEO-BUBBLE Thermofolie - 400 my, blau/schwarz per m2",10.75]
[34005070,"Thermofolie Zusatzausstattung: Hohlsaum 40 mm, 2 Ösen",0]
[34005072,"Thermofolie Zusatzausstattung: Ösen alle 50 cm + Zugseile für Au",21.39]
[34005078,"Reflektierende Schutzplane f. Thermofolie per LFM",8.25]
[34005080,"Thermofolie Zusatzausstattung: Randverstärkung mit PE-Folie auf Länge - per LFM",8.41]
[34005097,"GeoBubble 800 x 400 Eckig - blau/schwarz, 400my",324.17]
[34005098,"GeoBubble 700 x 350 Eckig - blau/schwarz, 400my",249.17]
[34005099,"GeoBubble 600 x 300 Eckig - blau/schwarz, 400my",182.5]
[34005182,"EnergyGuard GeoBubble - 500 my, pro m2",14.92]
[34005183,"CoolGuard GeoBubble - 500 my, pro m2",14.92]
[34005184,"SOL+GUARD-Thermofolie 500 my, per m2, transparent",14.08]
[34005500,"UV - Reflektierende Schutzplane für 3 m Breite",24.08]
[34005501,"UV - Reflektierende Schutzplane für 3,5 m Breite",28.25]
[34005502,"UV - Reflektierende Schutzplane für 4 m Breite",31.58]
[34015110,"Sol+Guard 600 x 300 Eckig - 500 my, transparent",240.83]
[34015111,"Sol+Guard 700 x 350 Eckig - 500 my, transparent",315.83]
[34015112,"Sol+Guard 800 x 400 Eckig - 500 my, transparent",415.83]
[34026050,"Solarmatte ECKIG 6,0 x 3,0 blau, 500 my, gefertigt",115.83]
[34026060,"Solarmatte ECKIG 7,0 x 3,5 blau, 500 my, gefertigt",165.83]
[34026070,"Solarmatte ECKIG 8,0 x 4,0 blau, 500 my, gefertigt",215.83]
[34026080,"Solarmatte ECKIG 9,0 x 4,0 blau, 500 my, gefertigt",240.83]
[34026090,"Solarmatte ECKIG 10,0 x 5,0 blau, 500 my, gefertigt",324.17]
[34026360,"Solarmatte 3,60 mt, Rundbecken gefertigt, 500my",90.83]
[34026400,"Solarmatte 4,0 mt, Rundbecken gefertigt, 500my",107.5]
[34026420,"Solarmatte 4,2 mt, Rundbecken gefertigt, 500my",115.83]
[34026460,"Solarmatte 4,6 mt, Rundbecken gefertigt, 500my",140.83000000000001]
[34026500,"Solarmatte 5,0 mt, Rundbecken gefertigt, 500my",165.83]
[34026550,"Solarmatte 5,50 mt, Rundbecken gefertigt, 500my",199.17]
[34026600,"Solarmatte 6,00 mt, Rundbecken gefertigt, 500my",240.83]
[34026810,"Solarmatte Ovalbecken 5,3 x 3,2 blau, 500 my",115.83]
[34026811,"Solarmatte Ovalbecken 6,23 x 3,6 blau, 500 my, gefertigt",149.16999999999999]
[34026812,"Solarmatte Ovalbecken 7,37 x 3,6 blau, 500 my, gefertigt",157.5]
[34100471,"Aufrollvorrichtungset Olympic (Halterung + Aluwelle 2,4 - 6,8 m)",190.83]
[34100472,"Rauchglaskonsolen für Luftpolsterfolien bis max. 4,5 x 8",215.83]
[34100473,"Alu-Dreieckskonsolen für Luftpolsterfolien bis max. 5 x 10",249.17]
[34100475,"KURBEL einzeln - zu Alu-Dreieckskonsolen",54]
[34100477,"Welle Aluminium 6,0 m Länge D 60 mm x 2,0 mm, alu eloxiert",119.4]
[34100479,"Klipse schwarz - Fixierklammer",2.5]
[34100480,"Verlängerungsbänderset, für 150 cm Wellenlänge",32.5]
[34100481,"Aufrollkonsolen gebogen mit Flanschmontage per Paar",242.58]
[34100482,"Aufrollkonsolen höhenverstellbar 500-800 mm Flanschmontage",249.33]
[34100483,"Welle D 100 mm, Länge: 4,5 mtr",294.83]
[34100484,"Welle D 100 mm, Länge: 5,5 mtr (07623)",339.42]
[34100488,"Welle Aluminium bis 520 cm D 60 mm x 2,0 mm (Alu Rundrohr)/ Teleskop",93.6]
[34100491,"Aluwelle L 2,4-6,8 m - Olympic Aufroller",132.5]
[34100492,"Olympic Auffrollvorrichtung D50 - ND16 (Kompletter Montagesockel) 1 Colli",87.08]
[34100499,"Rundrohr 55 mm - ALU - (EN 755-8 - 55 x 2 mm)",103]
[34100505,"Mobile Aufrollvorrichtung (Edelstahl - Alu) - bis 550 cm Breite",215.83]
[34100595,"WELLE zu Mobiler Aufrollvorrichtung - Alu - bis 550 cm Breite",124.17]
[34100596,"GESTELL mit Räder zu Mobiler Aufrollvorrichtung - (Edelstahl - Alu)",132.6]
[34102550,"Aufrollvorrichtung Olympic - Handrad - 05.100.220",18.72]
[34102551,"Aufrollvorrichtung Olympic - Welle (f.Rohr) - 05.100.221",11.5]
[34102552,"Aufrollvorrichtung Olympic - Wellenlager (Auflage) - 05.100.222",10.81]
[34102553,"Aufrollvorrichtung Olympic - Sockel für Wellenlager - 05.100.225",15.06]
[34102554,"Aufrollvorrichtung Olympic - Sockelhalter per Stk. - 05.100.226",4.9400000000000004]
[34102563,"NEPTUN - Schrauben - 6x16 mm V4A - per Stk.",1.67]
[34102565,"Aufrollvorrichtung Olympic - Bänderset",18.170000000000002]
[34102695,"AKTION - Solarmatte Bänderset - 8 Gurte a 180 cm mit Klipsen",20.75]
[34103032,"Welle Aluminium bis 520 cm D 60 mm x 2,0 mm (Alu Rundrohr)/ Teleskop",68.599999999999994]
[34103033,"Blechschrauben (10 Stk 3,9 x 25) zur Fixierung der Welle Aluminium / Teleskop + Anleitung",1.24]
[35200094,"HP - Winterabdeckung für Rundbecken 300",155.69999999999999]
[35200095,"HP - Winterabdeckung für Rundbecken 350",216.4]
[35200096,"HP - Winterabdeckung für Rundbecken 400",238.2]
[35200097,"HP - Winterabdeckung für Rundbecken 420",279.72000000000003]
[35200098,"HP - Winterabdeckung für Rundbecken 450",304]
[35200099,"HP - Winterabdeckung für Rundbecken 500",331]
[35200100,"HP - Winterabdeckung für Rundbecken 600",436.42]
[35200101,"HP - Winterabdeckung für Rundbecken 700",556.74]
[35200102,"HP - Winterabdeckung für Rundbecken 800",708.9]
[35200103,"HP - Winterabdeckung für Rundbecken 900",860.95]
[35200104,"HP - Winterabdeckung für Rundbecken 1000",1048.4100000000001]
[35200105,"HP - Winterabdeckung für Ovalbecken 486 x 250",235.91]
[35200106,"HP - Winterabdeckung für Ovalbecken 488 x 300",280.79000000000002]
[35200107,"HP - Winterabdeckung für Ovalbecken 586 x 350",322.02999999999997]
[35200108,"HP - Winterabdeckung für Ovalbecken 614 x 300",333.89]
[35200109,"HP - Winterabdeckung für Ovalbecken 623 x 360",391.63]
[35200110,"HP - Winterabdeckung für Ovalbecken 703 x 420",448.18]
[35200111,"HP - Winterabdeckung für Ovalbecken 714 x 400",453.03]
[35200112,"HP - Winterabdeckung für Ovalbecken 737 x 360",463.61]
[35200113,"HP - Winterabdeckung für Ovalbecken 742 x 350",405.88]
[35200114,"HP - Winterabdeckung für Ovalbecken 814 x 500",570.99]
[35200115,"HP - Winterabdeckung für Ovalbecken 820 x 420",503.65]
[35200116,"HP - Winterabdeckung für Ovalbecken 859 x 420",523.83000000000004]
[35200117,"HP - Winterabdeckung für Ovalbecken 871 x 400",553.19000000000005]
[35200118,"HP - Winterabdeckung für Ovalbecken 900 x 500",583.86]
[35200119,"HP - Winterabdeckung für Rechteckbecken 400 x 250",252.64]
[35200120,"HP - Winterabdeckung für Rechteckbecken 400 x 300",253.72]
[35200121,"HP - Winterabdeckung für Rechteckbecken 400 x 350",294.95]
[35200122,"HP - Winterabdeckung für Rechteckbecken 400 x 400",296.13]
[35200123,"HP - Winterabdeckung für Rechteckbecken 500 x 250",305.52]
[35200124,"HP - Winterabdeckung für Rechteckbecken 500 x 300",306.69]
[35200125,"HP - Winterabdeckung für Rechteckbecken 500 x 350",355.05]
[35200126,"HP - Winterabdeckung für Rechteckbecken 550 x 300",306.69]
[35200127,"HP - Winterabdeckung für Rechteckbecken 550 x 350",379.86]
[35200128,"HP - Winterabdeckung für Rechteckbecken 550 x 400",379.86]
[35200129,"HP - Winterabdeckung für Rechteckbecken 600 x 300",348.04]
[35200130,"HP - Winterabdeckung für Rechteckbecken 600 x 350",403.39]
[35200131,"HP - Winterabdeckung für Rechteckbecken 600 x 400",404.58]
[35200132,"HP - Winterabdeckung für Rechteckbecken 650 x 300",385.91]
[35200133,"HP - Winterabdeckung für Rechteckbecken 650 x 350",444.73]
[35200134,"HP - Winterabdeckung für Rechteckbecken 650 x 400",444.73]
[35200135,"HP - Winterabdeckung für Rechteckbecken 700 x 300",406.96]
[35200136,"HP - Winterabdeckung für Rechteckbecken 700 x 350",469.44]
[35200137,"HP - Winterabdeckung für Rechteckbecken 700 x 400",485]
[35200138,"HP - Winterabdeckung für Rechteckbecken 700 x 450",532.02]
[35200139,"HP - Winterabdeckung für Rechteckbecken 750 x 300",429.4]
[35200140,"HP - Winterabdeckung für Rechteckbecken 750 x 350",494.26]
[35200141,"HP - Winterabdeckung für Rechteckbecken 750 x 400",495.34]
[35200142,"HP - Winterabdeckung für Rechteckbecken 800 x 300",450.66]
[35200143,"HP - Winterabdeckung für Rechteckbecken 800 x 350",520.28]
[35200144,"HP - Winterabdeckung für Rechteckbecken 800 x 400",536]
[35200145,"HP - Winterabdeckung für Rechteckbecken 850 x 300",493.17]
[35200146,"HP - Winterabdeckung für Rechteckbecken 850 x 350",566.14]
[35200147,"HP - Winterabdeckung für Rechteckbecken 850 x 400",566.14]
[35200148,"HP - Winterabdeckung für Rechteckbecken 850 x 450",639.29999999999995]
[35200149,"HP - Winterabdeckung für Rechteckbecken 900 x 300",516.71]
[35200150,"HP - Winterabdeckung für Rechteckbecken 900 x 350",592.15]
[35200151,"HP - Winterabdeckung für Rechteckbecken 900 x 400",592.15]
[35200152,"HP - Winterabdeckung für Rechteckbecken 900 x 450",668.87]
[35200153,"HP - Winterabdeckung für Rechteckbecken 900 x 500",668.87]
[35200154,"HP - Winterabdeckung für Rechteckbecken 950 x 300",539.15]
[35200155,"HP - Winterabdeckung für Rechteckbecken 950 x 350",636.54999999999995]
[35200156,"HP - Winterabdeckung für Rechteckbecken 950 x 400",619.34]
[35200157,"HP - Winterabdeckung für Rechteckbecken 950 x 450",698.23]
[35200158,"HP - Winterabdeckung für Rechteckbecken 950 x 500",698.23]
[35200159,"HP - Winterabdeckung für Rechteckbecken 950 x 550",778.41]
[35200160,"HP - Winterabdeckung für Rechteckbecken 1000 x 300",561.49]
[35200161,"HP - Winterabdeckung für Rechteckbecken 1000 x 350",643.95000000000005]
[35200162,"HP - Winterabdeckung für Rechteckbecken 1000 x 400",645.24]
[35200163,"HP - Winterabdeckung für Rechteckbecken 1000 x 450",727.79]
[35200164,"HP - Winterabdeckung für Rechteckbecken 1000 x 500",728.86]
[35200165,"HP - Winterabdeckung für Rechteckbecken 1000 x 550",811.43]
[35200166,"HP - Winterabdeckung für Rechteckbecken 1000 x 600",811.43]
[35200167,"HP - Winterabdeckung für Rechteckbecken 1100 x 400",576.28]
[35200168,"HP - Winterabdeckung für Rechteckbecken 1100 x 450",752.4]
[35200169,"HP - Winterabdeckung für Rechteckbecken 1100 x 500",672.1]
[35200170,"HP - Winterabdeckung für Rechteckbecken 1100 x 550",731.68]
[35200171,"HP - Winterabdeckung für Rechteckbecken 1100 x 600",764.05]
[35200516,"Wassersack - Länge 200 cm, 15 cm Durchmesser, schwarz",16.579999999999998]
[35200901,"FP-Winterabdeckplane aus PEB für Rundbecken Fun Ø 350/360 cm",49.17]
[35200902,"FP-Winterabdeckplane aus PEB für Rundbecken Fun Ø 400 cm",62.5]
[35200903,"FP-Winterabdeckplane aus PEB für Rundbecken Fun Ø 420 cm",65.83]
[35200904,"FP-Winterabdeckplane aus PEB für Rundbecken Fun Ø 460 cm",70.83]
[35200905,"FP-Winterabdeckplane aus PEB für Rundbecken Fun Ø 500 cm",82.5]
[35200906,"FP-Winterabdeckplane aus PEB für Rundbecken Fun Ø 550 cm",90.83]
[35200907,"FP-Winterabdeckplane aus PEB für Rundbecken Fun Ø 600 cm",132.5]
[35200908,"FP-Winterabdeckplane aus PEB für Rundbecken Fun Ø 640 cm",124.17]
[35200909,"FP-Winterabdeckplane aus PEB für Rundbecken Fun Ø 700 cm",165.83]
[35200910,"FP-Winterabdeckplane aus PEB für Rundbecken Fun Ø 750 cm",182.5]
[35200911,"FP-Winterabdeckplane aus PEB für Rundbecken Fun Ø 800 cm",174.17]
[35200913,"FP-Winterabdeckplane aus PEB für Rundbecken Fun Ø 1000 cm",249.17]
[35200914,"FP-Winterabdeckplane aus PEB für Swim Ø 470 x 300 cm, Oval",57.5]
[35200915,"FP-Winterabdeckplane aus PEB für Family/Swim Ø 525x320 / 530x320, Oval",79.17]
[35200916,"FP-Winterabdeckplane aus PEB für Family/Swim Ø 540x350 cm, Oval",74.17]
[35200917,"FP-Winterabdeckplane aus PEB für Family/Swim Ø 625x360 / 623x360, Oval",132.5]
[35200918,"FP-Winterabdeckplane aus PEB für Family Ø 650x420 cm, Oval",99.17]
[35200919,"FP-Winterabdeckplane aus PEB für Family Ø 725x460 cm, Oval",115.83]
[35200920,"FP-Winterabdeckplane aus PEB für Family Ø 770x500 cm, Oval",132.5]
[35200921,"FP-Winterabdeckplane aus PEB für Swim Ø 855x500 cm, Oval",140.83000000000001]
[35200922,"FP-Winterabdeckplane aus PEB für Swim Ø 700x350 cm, Oval",90.83]
[35200923,"FP-Winterabdeckplane aus PEB für Swim Ø 737 x 360 cm, Oval",95.83]
[35200924,"FP-Winterabdeckplane aus PEB für Swim Ø 800x400 cm, Oval",99.17]
[35200925,"FP-Winterabdeckplane aus PEB für Swim Ø 916x460 cm, Oval",124.17]
[35200926,"FP-Winterabdeckplane aus PEB für Swim Ø 1100x550 cm, Oval",190.83]
[35200930,"FP-Winterabdeckplane aus PEB für Family Ø 920x600 cm, Oval",174.17]
[35201079,"Abdeckplane PEB grün/schwarz - PLANE als Fläche",9.08]
[35201080,"PEB- Abdeckplane 200 gr. - PLANE mit WINTERABSENKUNG",12.42]
[35201081,"Abdeckplane PEB grün/schwarz - HAUBE mit WINTERABSENKUNG",14.92]
[35201082,"PEB- Abdeckplane 200 gr. grün/schwarz - HAUBE",12.42]
[35201090,"Sonderform Abdeckplane PEB grün/schwarz - 12% Aufpreis",0]
[35201095,"Sonderanfertigung Stufenausbildung - PEB- Abdeckplane 200 gr. (n",207.5]
[35201902,"PEB-Abdeckplane 200 gr. / blau - Rundbecken 360 cm ( + 60-70 cm größer)",38.42]
[35201903,"PEB-Abdeckplane 200 gr. / blau - Rundbecken 400 cm ( + 60-70 cm größer)",53.08]
[35201904,"PEB-Abdeckplane 200 gr. / blau - Rundbecken 420 cm ( + 60-70 cm größer)",55.83]
[35201905,"PEB-Abdeckplane 200 gr. / blau - Rundbecken 460 cm ( + 60-70 cm größer)",60.42]
[35201906,"PEB-Abdeckplane 200 gr. / blau - Rundbecken 500 cm ( + 60-70 cm größer)",70.5]
[35201907,"PEB-Abdeckplane 200 gr. / blau - Rundbecken 550 cm ( + 60-70 cm größer)",83.5]
[35201908,"PEB-Abdeckplane 200 gr. / blau - Rundbecken 600 cm ( + 60-70 cm größer)",107.58]
[35201909,"PEB-Abdeckplane 200 gr. / blau - Rundbecken 640 cm ( + 60-70 cm größer)",114.17]
[35201910,"PEB-Abdeckplane 200 gr. / blau - Rundbecken 700 cm ( + 60-70 cm größer)",131.66999999999999]
[35201911,"PEB-Abdeckplane 200 gr. / blau - Rundbecken 750 cm ( + 70/80 cm größer)",160.08000000000001]
[35201912,"PEB-Abdeckplane 200 gr. / blau - Rundbecken 800 cm ( + 70/80 cm größer)",166.67]
[35201920,"PEB-Abdeckplane 200 gr. / blau - Ovalbecken 470x300 cm (+ 70 cm größer)",47.42]
[35201921,"PEB-Abdeckplane 200 gr. / blau - Ovalbecken 525x320 cm (+ 70 cm größer)",50.83]
[35201922,"PEB-Abdeckplane 200 gr. / blau - Ovalbecken 650x420 cm (+ 70 cm größer)",90.75]
[35201923,"PEB-Abdeckplane 200 gr. / blau - Ovalbecken 725x460 cm (+ 70 cm größer)",107.58]
[35201924,"PEB-Abdeckplane 200 gr. / blau - Ovalbecken 770x500 cm (+ 80 cm größer)",123.92]
[35201930,"PEB-Abdeckplane 200 gr. / blau - Ovalbecken 490x300 cm (+ 70 cm größer)",40.5]
[35201931,"PEB-Abdeckplane 200 gr. / blau - Ovalbecken 625x360 cm (+ 70 cm größer)",73.17]
[35201933,"PEB-Abdeckplane 200 gr. / blau - Ovalbecken 700x350 cm (+ 80 cm größer)",81]
[35201934,"PEB-Abdeckplane 200 gr. / blau - Ovalbecken 737x360 cm (+ 80 cm größer)",83.58]
[35201935,"PEB-Abdeckplane 200 gr. / blau - Ovalbecken 800x400 cm (+ 80 cm größer)",91.17]
[35201936,"PEB-Abdeckplane 200 gr. / blau - Ovalbecken 916x460 cm (+ 80 cm größer)",115.5]
[35201937,"PEB-Abdeckplane 200 gr. / blau - Ovalbecken 540x350 cm (+ 80 cm größer)",66.92]
[35201938,"PEB-Abdeckplane 200 gr. / blau - Ovalbecken 1100x500 cm (+ 90 cm größer)",169.17]
[35201940,"PEB-Abdeckplane 200 gr. / blau - Eckig, Fläche 1200 x 800 cm, Fixmaß",232.5]
[35201946,"PEB-Abdeckplane 200 gr. / blau - Eckig, Fläche 800 x 500 cm, Fixmaß",124.17]
[35201948,"PEB-Abdeckplane 200 gr. / blau - Eckig, Fläche 900 x 550 cm, Fixmaß",149.16999999999999]
[35202030,"Aufpreis für Treppe als Lappen - nach Aussen gefertigt",49.92]
[35202936,"PEB-Abdeckplane 200 gr. / blau - Eckig, Fläche 700 x 400 cm, Fixmaß",90.83]
[35202937,"PEB-Abdeckplane 200 gr. / blau - Eckig, Fläche 1000 x 600 cm, Fixmaß",182.5]
[35300351,"Pro-Tect Winterabdeckplane Rundbecken 320 cm",168.8]
[35300352,"Pro-Tect Winterabdeckplane Rundbecken 350 cm",183.3]
[35300353,"Pro-Tect Winterabdeckplane Rundbecken 360 cm",189.8]
[35300354,"Pro-Tect Winterabdeckplane Rundbecken 400 cm",213.3]
[35300355,"Pro-Tect Winterabdeckplane Rundbecken 420 cm",218.7]
[35300356,"Pro-Tect Winterabdeckplane Rundbecken 450 cm",244.2]
[35300357,"Pro-Tect Winterabdeckplane Rundbecken 460 cm",244.5]
[35300358,"Pro-Tect Winterabdeckplane Rundbecken 500 cm",329.22]
[35300359,"Pro-Tect Winterabdeckplane Rundbecken 550 cm",337]
[35300360,"Pro-Tect Winterabdeckplane Rundbecken 600 cm",367]
[35300361,"Pro-Tect Winterabdeckplane Achtformbecken 470 x 300",234.9]
[35300362,"Pro-Tect Winterabdeckplane Achtformbecken 525 x 320",264]
[35300363,"Pro-Tect Winterabdeckplane Achtformbecken 540 x 350",280.5]
[35300364,"Pro-Tect Winterabdeckplane Achtformbecken 625 x 360",300]
[35300365,"Pro-Tect Winterabdeckplane Ovalbecken 450 x 300",234.9]
[35300366,"Pro-Tect Winterabdeckplane Ovalbecken 530 x 320",250.3]
[35300367,"Pro-Tect Winterabdeckplane Ovalbecken 623 x 360",282]
[35300368,"Pro-Tect Winterabdeckplane Ovalbecken 700 x 350",288]
[35300369,"Pro-Tect Winterabdeckplane Ovalbecken 737 x 360",328]
[35300370,"Pro-Tect Winterabdeckplane Ovalbecken 800 x 400",399]
[36100042,"CABRIO DOME 4,0 / 4,2 m - RUND, schmaler Handlauf",774.17]
[36100043,"CABRIO DOME 4,5 / 4,6 m - RUND, schmaler Handlauf",799.17]
[36100044,"CABRIO DOME 5,0m - RUND, schmaler Handlauf",849.17]
[36100045,"CABRIO DOME 6,0m - RUND, schmaler Handlauf",1070.83]
[36100046,"CABRIO DOME 5,5m - RUND, schmaler Handlauf",987.5]
[36100095,"CABRIO DOME 6,4 m - RUND, schmaler Handlauf",1200]
[36100151,"CABRIO DOME - OVAL 5,25m x 3,20m - schmaler Handlauf",1070.83]
[36100253,"CABRIO DOME - OVAL 6,23 x 3,50 m - schmaler Handlauf",1158.33]
[36100453,"CABRIO DOME - OVAL 7,37 x 3,60 m - schmaler Handlauf",1243.74]
[36101043,"CABRIO DOME 3,5 / 3,6 m - RUND, schmaler Handlauf",707.5]
[36102043,"CABRIO DOME 3,00m / 320 cm RUND - schmaler Handlauf",704.17]
[36103300,"CABRIO DOME - Sonderbestellung",0]
[36103351,"CABRIO DOME 370 cm - RUND, breiter Handlauf (8-25 cm)",762.5]
[36103352,"CABRIO DOME 450/460 cm - RUND, breiter Handlauf (8-25 cm)",858.33]
[36103353,"CABRIO DOME 550 cm - RUND, breiter Handlauf (8-25 cm)",1020.83]
[36103355,"CABRIO DOME - 5,6 x 3,6 m - OVAL - breiter Handlauf (8-25 cm)",1070.83]
[36103356,"CABRIO DOME - 5,8 x 3,9 m - OVAL - breiter Handlauf (8-25 cm)",1124.17]
[36103357,"CABRIO DOME - 7,3 x 3,7 m - OVAL - breiter Handlauf (8-25 cm)",1241.67]
[36103360,"Befestigungsgarnitur für Volleingebaute Becken",32.5]
[36103450,"CABRIO DOME für Holzbecken Weka Trinidad",790.83]
[36103451,"CABRIO DOME für Holzbecken Weka Capri/Korsika",900]
[36103452,"CABRIO DOME für Holzbecken Weka Madeira",987.5]
[36103455,"CABRIO DOME für Holzbecken OCTO 540",1040.83]
[36103470,"CABRIO DOME für Holzbecken Karibu 1 - 378 cm",957.5]
[36103471,"CABRIO DOME für Holzbecken Karibu 2 - 448 cm",1040.83]
[36104510,"CABRIO DOME für Intex Ultra Frame 4,88",1029.17]
[36104520,"CABRIO DOME für Intex Ultra Frame 5,49",1115.83]
[36105510,"CABRIO DOME für Intex Frame Pool Wood 4,78",1029.17]
[36105520,"CABRIO DOME für Intex Frame Pool Wood 5,69",1115.83]
[36300002,"Cabrio Dach Rund 3,60 * 1,80 m - mit 9 Streben",2744]
[36300003,"Cabrio Dach Rund 4,00 * 2,00 m - mit 9 Streben",2864]
[36300004,"Cabrio Dach Rund 4,40 * 2,20 m - mit 9 Streben",2990]
[36300005,"Cabrio Dach Rund 4,80 * 2,40 m - mit 9 Streben",3150]
[36300006,"Cabrio Dach Rund 5,20 * 2,50 m - mit 9 Streben",3326]
[36300007,"Cabrio Dach Rund 5,60 * 2,70 m - mit 9 Streben",3620]
[36300008,"Cabrio Dach Rund 6,00 * 2,90 m - mit 11 Streben",3914]
[36300009,"Cabrio Dach Rund 6,40 * 3,10 m - mit 11 Streben",4088]
[36300010,"Cabrio Dach Rund 6,80 * 3,30 m - mit 11 Streben",4320]
[36300011,"Cabrio Dach OVAL 6,40 * 480 * 2,40 m - mit 9 Streben",4200]
[36300030,"Cabrio Dach Rund 7,60 * 3,70 m - mit 11 Streben",5104]
[36302190,"Cabrio Dach OVAL 7,60 * 5,20 * 2,60 m, 9 Streben",4600]
[36302191,"Cabrio Dach Rund 3,60 * 1,80 m, 7 Streben",2310]
[36302192,"Cabrio Dach Rund 4,00 * 2,00 m, 7 Streben",2534]
[36302193,"Cabrio Dach Rund 4,40 * 2,20 m, 7 Streben",2640]
[36302194,"Cabrio Dach Rund 4,80 * 2,40 m, 7 Streben",2940]
[36302200,"Cabrio Dach Rund 7,20 * 3,50 m, 11 Streben",4670]
[37001000,"Pooldeck Modell MARE",0]
[37002000,"Pooldeck Modell GROTTA",0]
[37003000,"Pooldeck Modell FARFALLE",0]
[37004000,"Alu Querlattung für Pooldecks",0]
[37004010,"Zwischenträger Isolierung für Pooldecks",0]
[37004020,"Upgrade Salzwasserpool für Pooldecks",0]
[37004030,"Schiebestange für Pooldecks",0]
[37004040,"Verriegelung inkl. Anschlagplatte für Pooldecks",0]
[37004050,"Abschlusswinkel mit Bürste für Pooldecks",0]
[37004500,"Transportoption Selbstabholung für Pooldecks",0]
[37004510,"Transportoption Lieferung - Abladung mit Stapler für Pooldecks",0]
[37004520,"Transportoption Lieferung - Abladung manuell für Pooldecks",0]
[37004530,"Montage durch Hersteller für Pooldecks",0]
[38059999,"LOOPLOC Winternetz (m2, evtl. Zubehör) lt. Berechnung >>>>",0]
[38100468,"Luftpolster 100 x 100 cm - Auftrieb für Abdeckplanen",40.83]
[38100469,"Luftpolster 200 x 100 cm - Auftrieb für Abdeckplanen",74.17]
[38100470,"Luftpolster 300 x 200 cm - Auftrieb für Abdeckplanen",157.5]
[38102374,"Aufpreis Sicherheitsnetz Betonanker > Erdanker - per Stk (Loop-Loc)",8.5500000000000007]
[38102375,"Aufpreis Sicherheitsnetz Betonanker > Befestigungsbolzen für Holz p. Stück (LL)",7.6]
[38102376,"Aufpreis Sicherheitsnetz - 12% für Freiformbeckenausbildung",760]
[38102495,"Aufpreis für Wandanker m. Einkerbung - per Set (Loop Loc)",9.5]
[38104371,"Aufpreis Sicherheitsnetz für Treppe - Loop Loc",0]
[38200377,"HP - Winternetz für Rundbecken 300",118.01]
[38200378,"HP - Winternetz für Rundbecken 350",165.26]
[38200379,"HP - Winternetz für Rundbecken 360",168.35]
[38200380,"HP - Winternetz für Rundbecken 400",187.6]
[38200381,"HP - Winternetz für Rundbecken 420",219.93]
[38200382,"HP - Winternetz für Rundbecken 450",232.63]
[38200383,"HP - Winternetz für Rundbecken 460",242.9]
[38200384,"HP - Winternetz für Rundbecken 500",261]
[38200385,"HP - Winternetz für Rundbecken 550",332]
[38200386,"HP - Winternetz für Rundbecken 600",345.15]
[38200387,"HP - Winternetz für Rundbecken 640",408.19]
[38200388,"HP - Winternetz für Rundbecken 650",413.49]
[38200389,"HP - Winternetz für Rundbecken 700",455]
[38200390,"HP - Winternetz für Rundbecken 750",532.36]
[38200391,"HP - Winternetz für Rundbecken 800",562.86]
[38200392,"HP - Winternetz für Rundbecken 850",650.07000000000005]
[38200393,"HP - Winternetz für Rundbecken 900",683.66]
[38200394,"HP - Winternetz für Rundbecken 1000",835.26]
[38200395,"HP - Winternetz für Ovalbecken 486 x 250",187.31]
[38200396,"HP - Winternetz für Ovalbecken 488 x 300",229.9]
[38200397,"HP - Winternetz für Ovalbecken 560 x 420",287.22000000000003]
[38200398,"HP - Winternetz für Ovalbecken 570 x 300",249.48]
[38200399,"HP - Winternetz für Ovalbecken 575 x 350",253.62]
[38200400,"HP - Winternetz für Ovalbecken 586 x 350",256.79000000000002]
[38200401,"HP - Winternetz für Ovalbecken 600 x 300",266.23]
[38200402,"HP - Winternetz für Ovalbecken 614 x 300",271.52]
[38200403,"HP - Winternetz für Ovalbecken 620 x 350",313.58]
[38200404,"HP - Winternetz für Ovalbecken 623 x 360",305.12]
[38200405,"HP - Winternetz für Ovalbecken 630 x 360",295.48]
[38200406,"HP - Winternetz für Ovalbecken 700 x 300",305.12]
[38200407,"HP - Winternetz für Ovalbecken 700 x 350",305.12]
[38200408,"HP - Winternetz für Ovalbecken 703 x 420",522.77]
[38200409,"HP - Winternetz für Ovalbecken 714 x 400",361.99]
[38200410,"HP - Winternetz für Ovalbecken 730 x 420",366.14]
[38200411,"HP - Winternetz für Ovalbecken 737 x 360",369.32]
[38200412,"HP - Winternetz für Ovalbecken 742 x 350",321.95999999999998]
[38200413,"HP - Winternetz für Ovalbecken 750 x 350",323.02]
[38200414,"HP - Winternetz für Ovalbecken 770 x 500",448]
[38200415,"HP - Winternetz für Ovalbecken 800 x 400",393.57]
[38200416,"HP - Winternetz für Ovalbecken 814 x 500",456.7]
[38200417,"HP - Winternetz für Ovalbecken 820 x 420",401.94]
[38200418,"HP - Winternetz für Ovalbecken 859 x 420",417.73]
[38200419,"HP - Winternetz für Ovalbecken 871 x 400",440.83]
[38200420,"HP - Winternetz für Ovalbecken 900 x 450",450.35]
[38200421,"HP - Winternetz für Ovalbecken 900 x 500",510.23]
[38200422,"HP - Winternetz für Ovalbecken 916 x 460",535]
[38200423,"HP - Winternetz für Ovalbecken 950 x 420",470.38]
[38200424,"HP - Winternetz für Ovalbecken 1000 x 600",622.74]
[38200425,"HP - Winternetz für Ovalbecken 1030 x 500",571.15]
[38200426,"HP - Winternetz für Ovalbecken 1100 x 550",623.79999999999995]
[38200427,"HP - Winternetz für Ovalbecken 1130 x 600",710.04]
[38200428,"HP - Winternetz für Ovalbecken 1230 x 600",764.81]
[38200429,"HP - Winternetz für Ovalbecken 1260 x 600",780.58]
[38200430,"HP - Winternetz für Ovalbecken 1385 x 600",850.95]
[38200431,"HP - Winternetz für Rechteckbecken 400 x 250",202.12]
[38200432,"HP - Winternetz für Rechteckbecken 400 x 300",215.79]
[38200433,"HP - Winternetz für Rechteckbecken 400 x 350",215.79]
[38200434,"HP - Winternetz für Rechteckbecken 400 x 400",237.73]
[38200435,"HP - Winternetz für Rechteckbecken 500 x 250",244.08]
[38200436,"HP - Winternetz für Rechteckbecken 500 x 300",252.57]
[38200437,"HP - Winternetz für Rechteckbecken 500 x 350",284.02999999999997]
[38200438,"HP - Winternetz für Rechteckbecken 550 x 300",252.57]
[38200439,"HP - Winternetz für Rechteckbecken 550 x 350",284.02999999999997]
[38200440,"HP - Winternetz für Rechteckbecken 550 x 400",314.64]
[38200441,"HP - Winternetz für Rechteckbecken 600 x 300",286]
[38200442,"HP - Winternetz für Rechteckbecken 600 x 350",323.02]
[38200443,"HP - Winternetz für Rechteckbecken 600 x 400",323.02]
[38200444,"HP - Winternetz für Rechteckbecken 650 x 300",306.17]
[38200445,"HP - Winternetz für Rechteckbecken 650 x 350",366]
[38200446,"HP - Winternetz für Rechteckbecken 650 x 400",367.19]
[38200447,"HP - Winternetz für Rechteckbecken 700 x 300",323.02]
[38200448,"HP - Winternetz für Rechteckbecken 700 x 350",386]
[38200449,"HP - Winternetz für Rechteckbecken 700 x 400",389.24]
[38200450,"HP - Winternetz für Rechteckbecken 700 x 450",427.15]
[38200451,"HP - Winternetz für Rechteckbecken 750 x 300",341.02]
[38200452,"HP - Winternetz für Rechteckbecken 750 x 350",394.53]
[38200453,"HP - Winternetz für Rechteckbecken 750 x 400",395.59]
[38200454,"HP - Winternetz für Rechteckbecken 800 x 300",357.77]
[38200455,"HP - Winternetz für Rechteckbecken 800 x 350",414.55]
[38200456,"HP - Winternetz für Rechteckbecken 800 x 400",429]
[38200457,"HP - Winternetz für Rechteckbecken 850 x 300",390.39]
[38200458,"HP - Winternetz für Rechteckbecken 850 x 350",450.35]
[38200459,"HP - Winternetz für Rechteckbecken 850 x 400",473.45]
[38200460,"HP - Winternetz für Rechteckbecken 850 x 450",511.29]
[38200461,"HP - Winternetz für Rechteckbecken 900 x 300",408.19]
[38200462,"HP - Winternetz für Rechteckbecken 900 x 350",471.34]
[38200463,"HP - Winternetz für Rechteckbecken 900 x 400",515]
[38200464,"HP - Winternetz für Rechteckbecken 900 x 450",534.39]
[38200465,"HP - Winternetz für Rechteckbecken 900 x 500",556.51]
[38301001,"Loop-Loc Sicherheitsnetz - ECKIG - 400 x 250",940.35]
[38301002,"Loop-Loc Sicherheitsnetz - ECKIG - 400 x 300",1043.53]
[38301003,"Loop-Loc Sicherheitsnetz - ECKIG - 400 x 350",1144.05]
[38301004,"Loop-Loc Sicherheitsnetz - ECKIG - 400 x 400",1246.92]
[38301005,"Loop-Loc Sicherheitsnetz - ECKIG - 500 x 250",1080.8599999999999]
[38301006,"Loop-Loc Sicherheitsnetz - ECKIG - 500 x 350",1327.9]
[38301007,"Loop-Loc Sicherheitsnetz - ECKIG - 550 x 300",1284.1099999999999]
[38301008,"Loop-Loc Sicherheitsnetz - ECKIG - 550 x 350",1419.8]
[38301009,"Loop-Loc Sicherheitsnetz - ECKIG - 550 x 400",1520.88]
[38301010,"Loop-Loc Sicherheitsnetz - ECKIG - 600 x 300",1165.83]
[38301011,"Loop-Loc Sicherheitsnetz - ECKIG - 600 x 350",1478.29]
[38301012,"Loop-Loc Sicherheitsnetz - ECKIG - 400 x 400",1246.92]
[38301013,"Loop-Loc Sicherheitsnetz - ECKIG - 650 x 300",1446.06]
[38301014,"Loop-Loc Sicherheitsnetz - ECKIG - 650 x 350",1567.72]
[38301015,"Loop-Loc Sicherheitsnetz - ECKIG - 700 x 300",1493.21]
[38301016,"Loop-Loc Sicherheitsnetz - ECKIG - 700 x 350",1665.83]
[38301017,"Loop-Loc Sicherheitsnetz - ECKIG - 700 x 400",1749.75]
[38301018,"Loop-Loc Sicherheitsnetz - ECKIG - 750 x 300",1571.98]
[38301019,"Loop-Loc Sicherheitsnetz - ECKIG - 750 x 350",1678.66]
[38301020,"Loop-Loc Sicherheitsnetz - ECKIG - 750 x 400",1789]
[38301021,"Loop-Loc Sicherheitsnetz - ECKIG - 800 x 300",1650.77]
[38301022,"Loop-Loc Sicherheitsnetz - ECKIG - 800 x 400",2082.5]
[38301023,"Loop-Loc Sicherheitsnetz - ECKIG - 850 x 300",1662.42]
[38301024,"Loop-Loc Sicherheitsnetz - ECKIG - 850 x 350",1792.92]
[38301025,"Loop-Loc Sicherheitsnetz - ECKIG - 850 x 400",1887.76]
[38301026,"Loop-Loc Sicherheitsnetz - ECKIG - 850 x 350",1792.92]
[38301027,"Loop-Loc Sicherheitsnetz - ECKIG - 850 x 400",1887.76]
[38301028,"Loop-Loc Sicherheitsnetz - ECKIG - 850 x 450",2001.97]
[38301029,"Loop-Loc Sicherheitsnetz - ECKIG - 900 x 300",1737.57]
[38301030,"Loop-Loc Sicherheitsnetz - ECKIG - 900 x 350",1875.16]
[38301031,"Loop-Loc Sicherheitsnetz - ECKIG - 900 x 400",1975.15]
[38301032,"Loop-Loc Sicherheitsnetz - ECKIG - 900 x 450",2095.58]
[38301033,"Loop-Loc Sicherheitsnetz - ECKIG - 900 x 500",2270.13]
[38301034,"Loop-Loc Sicherheitsnetz - ECKIG - 950 x 300",1757.67]
[38301035,"Loop-Loc Sicherheitsnetz - ECKIG - 950 x 350",1872.89]
[38301036,"Loop-Loc Sicherheitsnetz - ECKIG - 950 x 400",2005.58]
[38301037,"Loop-Loc Sicherheitsnetz - ECKIG - 950 x 450",2189.15]
[38301038,"Loop-Loc Sicherheitsnetz - ECKIG - 950 x 500",2265.1999999999998]
[38301039,"Loop-Loc Sicherheitsnetz - ECKIG - 950 x 550",2414.5500000000002]
[38301040,"Loop-Loc Sicherheitsnetz - ECKIG - 1000 x 300",1830.11]
[38301041,"Loop-Loc Sicherheitsnetz - ECKIG - 1000 x 350",1950.98]
[38301042,"Loop-Loc Sicherheitsnetz - ECKIG - 1000 x 400",2090.17]
[38301043,"Loop-Loc Sicherheitsnetz - ECKIG - 1000 x 450",2179.83]
[38301044,"Loop-Loc Sicherheitsnetz - ECKIG - 1000 x 500",2249.17]
[38301045,"Loop-Loc Sicherheitsnetz - ECKIG - 1000 x 550",2423.3200000000002]
[38301046,"Loop-Loc Sicherheitsnetz - ECKIG - 1000 x 600",2596.16]
[38301047,"Loop-Loc Sicherheitsnetz - ECKIG - 1200 x 600",2883.19]
[38302001,"Loop-Loc Sicherheitsnetz - OVAL - 490 x 300",1397.06]
[38302002,"Loop-Loc Sicherheitsnetz - OVAL - 530 x 320",1541.54]
[38302003,"Loop-Loc Sicherheitsnetz - OVAL - 626 x 360",1810.65]
[38302004,"Loop-Loc Sicherheitsnetz - OVAL - 700 x 350",1934.02]
[38302005,"Loop-Loc Sicherheitsnetz - OVAL - 737 x 360",1954.46]
[38302006,"Loop-Loc Sicherheitsnetz - OVAL - 800 x 400",2199.0100000000002]
[38302007,"Loop-Loc Sicherheitsnetz - OVAL - 916 x 460",2532.85]
[38302008,"Loop-Loc Sicherheitsnetz - OVAL - 1100 x 550",3244.64]
[38303001,"Loop-Loc Sicherheitsnetz - RUND - 300",1038.02]
[38303002,"Loop-Loc Sicherheitsnetz - RUND - 320",1122.18]
[38303003,"Loop-Loc Sicherheitsnetz - RUND - 350",1256.72]
[38303004,"Loop-Loc Sicherheitsnetz - RUND - 400",1470.92]
[38303005,"Loop-Loc Sicherheitsnetz - RUND - 420",1574.44]
[38303006,"Loop-Loc Sicherheitsnetz - RUND - 450",1737.79]
[38303007,"Loop-Loc Sicherheitsnetz - RUND - 500",1847.78]
[38303008,"Loop-Loc Sicherheitsnetz - RUND - 550",2084.04]
[38303009,"Loop-Loc Sicherheitsnetz - RUND - 600",2298.2399999999998]
[38303010,"Loop-Loc Sicherheitsnetz - RUND - 640",2453.19]
[38303011,"Loop-Loc Sicherheitsnetz - RUND - 700",2820.02]
[38303012,"Loop-Loc Sicherheitsnetz - RUND - 750",3028.03]
[38303013,"Loop-Loc Sicherheitsnetz - RUND - 800",3243.58]
[38303014,"Loop-Loc Sicherheitsnetz - RUND - 900",3790.02]
[38303015,"Loop-Loc Sicherheitsnetz - RUND - 1000",4490.75]
[38304001,"Loop-Loc Zubehör - Betonanker - per Stk.",8.25]
[38304002,"Loop-Loc Zubehör - Befestigung f. Holz - per Stk.",11.58]
[38304003,"Loop-Loc Zubehör - Erdanker 38 cm - per Stk.",24.92]
[38304007,"Krafthebel für Verpsannung - per Stk.",19]
[38305001,"Loop-Loc Sicherheitsnetz - Sonderanfertigung (35 cm Rand)",44.08]
[38306010,"Loop-Loc Sicherheitsnetz - Sonderanfertigung TREPPE",44.08]
[38306011,"Loop-Loc Sicherheitsnetz - Sonderanfertigung + ca. 70 cm größer - per m2 : FREIFORM",44.08]
[38306577,"Loop-Loc - Sonderfarbe BLAU - Aufpreis 15%",150]
[38306588,"Loop-Loc - Sonderfarbe GRAU - Aufpreis 15%",150]
[38306599,"Loop-Loc - Sonderfarbe BEIGE - Aufpreis 15%",150]
[38306677,"5 - 8 Wochen",0.83]
[38309898,"Loop-Loc - Mindermengenzuschlag unter 20 m2 Fläche",165.83]
[38409999,"AUBLASBARE HAUBE (m2, evtl. Zubehör) lt. Berechnung >>>>",0]
[38500347,"Gebläsepumpe für aufblasbare Haube",83.33]
[38500348,"Gummiseil zur Befestigung PE - per LFM",1.08]
[38500750,"Gebläsepumpe für aufblasbare Haube - KOSTENLOS in Aktion",0]
[38500760,"Mindermengenzuschlag unter 20 m2 Fläche der Aufblasbaren Haube",75]
[38503020,"Sonderanfertigung Aufblasbare Haube - RUND - per m2",30.75]
[38503030,"Sonderanfertigung Aufblasbare Haube - OVAL - per m2",30.75]
[38503040,"Sonderanfertigung Aufblasbare Haube - ECKIG - per m2",30.75]
[38503050,"Sonderanfertigung Treppe als Lappen/Latz - per m2 (nur Eckige Fertigung)",23.25]
[38503051,"Sicherheitsventil für Aufblasbare Haube",16.579999999999998]
[38503052,"AirCover-Reparaturset - blau",20.170000000000002]
[38503053,"AirCover-Reparaturset - grau",20.170000000000002]
[38503055,"Sonderanfertigung Haube - Zuschnitt nach Kundenschablone",82.5]
[38503058,"Aufpreis 15 % Sonderanfertigung in Farbe \"GRAU\", (RAL 7035)",82.5]
[38503060,"Sonderanfertigung Aufblasbare Haube - ACHTFORM / OVAL - per m2",30.75]
[38503070,"Sonderanfertigung Aufblasbare Haube - ACHTECK - per m2",30.75]
[38503099,"10% Aufpreis Sonderanfertigung bei Abweichungen (Eck, Rund u. Oval)",333.33]
[38503201,"Aufblasbare Haube - Rund 3 m",357.5]
[38503202,"Aufblasbare Haube - Rund 3,2 m",390.83]
[38503203,"Aufblasbare Haube - Rund 3,5/3,6 m",449.17]
[38503204,"Aufblasbare Haube - Rund 4 m",499.17]
[38503205,"Aufblasbare Haube - Rund 4,2 m",540.83000000000004]
[38503206,"Aufblasbare Haube - Rund 4,5 / 4,6 m",624.16999999999996]
[38503207,"Aufblasbare Haube - Rund 5 m",715.83]
[38503208,"Aufblasbare Haube - Rund 5,5 m",715.83]
[38503209,"Aufblasbare Haube - Rund 6 m",915.83]
[38503210,"Aufblasbare Haube - Rund 6,5 m",1299.17]
[38503211,"Aufblasbare Haube - Rund 7 m",1415.83]
[38503215,"Aufblasbare Haube - Eckig 5 x 3 m",574.16999999999996]
[38503216,"Aufblasbare Haube - Eckig 6 x 3 m",649.16999999999996]
[38503217,"Aufblasbare Haube - Eckig 7 x 3,5 m",857.5]
[38503218,"Aufblasbare Haube - Eckig 7 x 4 m",907.5]
[38503219,"Aufblasbare Haube - Eckig 8 x 4 m",999.17]
[38503220,"Aufblasbare Haube - Eckig 9 x 4 m",1082.5]
[38503221,"Aufblasbare Haube - Eckig 9 x 5 m",1165.83]
[38503222,"Aufblasbare Haube - Eckig 10 x 5 m",1415.83]
[38503225,"Aufblasbare Haube - Oval 4,5 x 3 m",449.17]
[38503226,"Aufblasbare Haube - Oval 4,9 x 3 m",524.16999999999996]
[38503227,"Aufblasbare Haube - Oval 5,3 x 3,2 m",565.83000000000004]
[38503228,"Aufblasbare Haube - Oval 6 x 3 m",615.83000000000004]
[38503229,"Aufblasbare Haube - Oval 6,23 x 3,6 m",715.83]
[38503230,"Aufblasbare Haube - Oval 7 x 3 m",774.17]
[38503231,"Aufblasbare Haube - Oval 7 x 3,5 m",807.5]
[38503232,"Aufblasbare Haube - Oval 7,37 x 3,6 m",824.17]
[38503233,"Aufblasbare Haube - Oval 8 x 4 m",940.83]
[38503234,"Aufblasbare Haube - Oval 9,16 x 4,6 m",1190.83]
[38503235,"Aufblasbare Haube - Oval 11 x 5,5 m",1432.5]
[38503240,"Aufblasbare Haube - Achtform 4,7 x 3 m",499.17]
[38503241,"Aufblasbare Haube - Achtform 5,25 x 3,2 m",565.83000000000004]
[38503242,"Aufblasbare Haube - Achtform 5,4 x 3,5 m",615.83000000000004]
[38503243,"Aufblasbare Haube - Achtform 6,25 x 3,6 m",715.83]
[38503244,"Aufblasbare Haube - Achtform 6,5 x 4,2 m",840.83]
[38503245,"Aufblasbare Haube - Achtform 7,25 x 4,6 m",965.83]
[38503246,"Aufblasbare Haube - Achtform 7,7 x 5 m",999.17]
[38503247,"Aufblasbare Haube - Achtform 8,55 x 5 m",1124.17]
[38503501,"Aufblasbare Haube - Weka Trinidad",407.5]
[38503502,"Aufblasbare Haube - Weka Capri/Korsika 1",499.17]
[38503503,"Aufblasbare Haube - Weka Madeira/Korsika 2",715.83]
[38503504,"Aufblasbare Haube - Weka Korfu",749.17]
[38503505,"Aufblasbare Haube - Weka Malta",949.17]
[38503532,"Aufblasbare Haube - Oval 7,37 x 3,6 m - Lagerware",707.5]
[38503601,"Aufblasbare Haube - OCTO 414 / 440",540.83000000000004]
[38503602,"Aufblasbare Haube - OCTO 505 / 530",732.5]
[38503603,"Aufblasbare Haube - Karibu Modell 1",499.17]
[38503604,"Aufblasbare Haube - Karibu Modell 2",657.5]
[38503605,"Aufblasbare Haube - Karibu Modell 4",740.83]
[38504400,"Reparaturset Haube",16.579999999999998]
[38509898,"10% SONDER - RABATT - Aufblasbare Haube (nicht auf Zubehör)",-50]
[38509991,"Versandkosten AB WERK BIS 20 m2 - AT und DE",15]
[38509992,"Versandkosten AB WERK ÜBER 20 m2 - AT und DE",30]
[38509993,"1 - 2 Wochen",60]
[39200010,"OPEN AERO Aufrollvorrichtung bis 3 m - inkl. Appsteuerung",2332.5]
[39200012,"OPEN AERO Aufrollvorrichtung bis 3.5 m - inkl. Appsteuerung",2415.83]
[39200013,"OPEN AERO Aufrollvorrichtung bis 4,0 m - inkl. Appsteuerung",2499.17]
[39200014,"OPEN AERO Aufrollvorrichtung bis 4,5 m - inkl. Appsteuerung",2624.17]
[39200015,"OPEN AERO Aufrollvorrichtung bis 5,0 m - inkl. Appsteuerung",2749.17]
[39200019,"OPEN AERO Fussgestell Farbe Schwarz",155]
[39200021,"OPEN PVC-Lamellen ABRIBLUE 83 mm - WEISS",64.92]
[39200022,"OPEN PVC-Lamellen ABRIBLUE 83 mm - BLAU",70.75]
[39200023,"OPEN PVC-Lamellen ABRIBLUE 83 mm - HELLGRAU",70.75]
[39200024,"OPEN PVC-Lamellen ABRIBLUE 83 mm - SAND",70.75]
[39200025,"OPEN Polycarbonat-Lamellen 83 mm SOLAR - TRANSPARENT",149.16999999999999]
[39200026,"OPEN Polycarbonat-Lamellen 83 mm SOLAR - BLÄULICH",149.16999999999999]
[39200027,"OPEN Polycarbonat-Lamellen 83 mm SOLAR - SCHWARZ FUMEE",149.16999999999999]
[39200131,"OPEN Polycarbonat-Lamellen Zweischicht - PERLMUTT",174.17]
[39200132,"OPEN Polycarbonat-Lamellen Zweischicht - TRANSP/SCHWARZ",174.17]
[39200133,"OPEN Polycarbonat-Lamellen Zweischicht - BLÄULICH",174.17]
[39200510,"OPEN AERO Pool Rolladen Bsp 6 x 3 m - WEISS",4133.33]
[39200511,"OPEN AERO Pool Rolladen Bsp 7 x 3.5 m - WEISS",4665.83]
[39200512,"OPEN AERO Pool Rolladen Bsp 8 x 4 m - WEISS",5224.17]
[39200513,"OPEN AERO Pool Rolladen Bsp 9 x 4.5 m - WEISS",5165.83]
[39200514,"OPEN AERO Pool Rolladen Bsp 10 x 5 m - WEISS",6665.83]
[39200600,"OPEN DESIGN Pool Rolladen Bsp 6 x 3 m - WEISS",5415.83]
[39200601,"OPEN PVC Lamellen - Aufpreis GERADE TREPPE < 2m",349.17]
[39200602,"OPEN PVC Lamellen - Aufpreis GERADE TREPPE < 2,5m",465.83]
[39200603,"OPEN PVC Lamellen - Aufpreis RÖMISCHE TREPPE < 3 m",474.17]
[39200604,"OPEN PVC Lamellen - Aufpreis RÖMISCHE TREPPE > 3 m",632.5]
[39200610,"OPEN DESIGN Pool Rolladen Bsp 7 x 3,5 m - WEISS",5965.83]
[39200620,"OPEN DESIGN Pool Rolladen Bsp 8 x 4 m - WEISS",6582.5]
[39200630,"OPEN DESIGN Pool Rolladen Bsp 10 x 5 m - WEISS",8065.83]
[39200705,"Aufpreis Farbe STRUKTUR Aufrollvorrichtung",159.69999999999999]
[39200801,"Sicherheitsbefestigung COVERLOCK - WEISS",82.5]
[39200802,"Sicherheitsbefestigung COVERLOCK - SAND",82.5]
[39200803,"Sicherheitsbefestigung COVERLOCK - HELLGRAU",82.5]
[39201010,"OPEN MANU Aufrollvorrichtung mit Kurbel - bis 3 m",1132.5]
[39201011,"OPEN MANU Aufrollvorrichtung mit Kurbel - bis 3,5 m",1199.17]
[39201012,"OPEN MANU Aufrollvorrichtung mit Kurbel - bis 4,0 m",1240.83]
[39201013,"OPEN MANU Aufrollvorrichtung mit Kurbel - bis 4,5 m",1357.5]
[39201014,"OPEN MANU Aufrollvorrichtung mit Kurbel - bis 5,0 m",1382.5]
[39201510,"OPEN MANU Pool Rolladen Bsp 6 x 3 m - WEISS",2970]
[39201511,"OPEN MANU Pool Rolladen Bsp 7 x 3.5 m - WEISS",3493.33]
[39201512,"OPEN MANU Pool Rolladen Bsp 8 x 4 m - WEISS",3999.17]
[39201514,"OPEN MANU Pool Rolladen Bsp 10 x 5 m - WEISS",5375]
[39202010,"OPEN NEO Aufrollvorrichtung - Netz 230 Volt - bis 3 m",1790.83]
[39202011,"OPEN NEO Aufrollvorrichtung - Netz 230 Volt - bis 3.5 m",1849.17]
[39202012,"OPEN NEO Aufrollvorrichtung - Netz 230 Volt - bis 4 m",1999.17]
[39202013,"OPEN NEO Aufrollvorrichtung - Netz 230 Volt - bis 4.5 m",2065.83]
[39202014,"OPEN NEO Aufrollvorrichtung - Netz 230 Volt - bis 5 m",2149.17]
[39202510,"OPEN NEO Pool Rolladen Bsp 6 x 3 m - WEISS",2907.5]
[39202511,"OPEN NEO Pool Rolladen Bsp 7 x 3.5 m - WEISS",3332.5]
[39202512,"OPEN NEO Pool Rolladen Bsp 8 x 4 m - WEISS",3999.17]
[39202514,"OPEN NEO Pool Rolladen Bsp 10 x 5 m - WEISS",5265.83]
[39203010,"OPEN SOLAR Aufrollvorrichtung bis 3 m",2499.17]
[39203011,"OPEN SOLAR Aufrollvorrichtung bis 3.5 m",2574.17]
[39203012,"OPEN SOLAR Aufrollvorrichtung bis 4 m",2707.5]
[39203013,"OPEN SOLAR Aufrollvorrichtung bis 4.5 m",2799.17]
[39203014,"OPEN SOLAR Aufrollvorrichtung bis 5 m",2915.83]
[39203351,"OPEN CLASSIC Aufrollvorrichtung - Netz 230 Volt - bis 3 m",2017]
[39203352,"OPEN CLASSIC Aufrollvorrichtung - Netz 230 Volt - bis 3.5 m",2075]
[39203353,"OPEN CLASSIC Aufrollvorrichtung - Netz 230 Volt - bis 4 m",2266]
[39203354,"OPEN CLASSIC Aufrollvorrichtung - Netz 230 Volt - bis 4.5 m",2300]
[39203355,"OPEN CLASSIC Aufrollvorrichtung - Netz 230 Volt - bis 5 m",2413]
[39203356,"OPEN CLASSIC Aufrollvorrichtung - Netz 230 Volt - bis 5.5 m",2778]
[39203357,"OPEN CLASSIC Aufrollvorrichtung - Netz 230 Volt - bis 6 m",3467]
[39203358,"OPEN CLASSIC Aufrollvorrichtung - Netz 230 Volt - bis 6.5 m",3861]
[39203359,"OPEN CLASSIC Aufrollvorrichtung - Netz 230 Volt - bis 7 m",4323]
[39203410,"OPEN CLASSIC Bluetooth Steuerung per Smartphone",185]
[39203420,"OPEN CLASSIC Kabellose Steuereinheit Abriblue mit Halterung",241]
[39203430,"OPEN CLASSIC Antenne für kabellose Steuereinheit",61]
[39203440,"OPEN CLASSIC Versetzter Schlüsselschalter mit Netzkabel",61]
[39203450,"OPEN - Achse aus Verbundmaterial (maximale Breite 5m!)",242]
[39203460,"OPEN CLASSIC WING SYSTEM Gerade bis 2 m2 / max. Tiefe 1m",750]
[39203470,"OPEN CLASSIC WING SYSTEM Römisch bis 2 m2 / max. Tiefe 1m",950]
[39203510,"OPEN SOLAR Pool Rolladen Bsp 6 x 3 m - WEISS",4295]
[39203511,"OPEN SOLAR Pool Rolladen Bsp 7 x 3.5 m - WEISS",4824.17]
[39203512,"OPEN SOLAR Pool Rolladen Bsp 8 x 4 m - WEISS",5415.83]
[39203514,"OPEN SOLAR Pool Rolladen Bsp 10 x 5 m - WEISS",6864.17]
[39203599,"ProCover - Winterschutz für Lamellen",18.25]
[39203650,"AUSSCHNITT Rollladen (zB.Leiter,Gegenstromanlage (nur mit Skizze)",195]
[39204010,"IMMAX Unterflur Rolladen bis 3 m",6265.83]
[39204011,"IMMAX Unterflur Rolladen bis 3.5 m",6499.17]
[39204012,"IMMAX Unterflur Rolladen bis 4 m",6665.83]
[39204013,"IMMAX Unterflur Rolladen bis 4.5 m",7199.17]
[39204014,"IMMAX Unterflur Rolladen bis 5 m",7382.5]
[39204015,"IMMAX Unterflur - Aufpreis auf Holz 15%",833.33]
[39204099,"Wanddurchführung - mit Flanschset und Kabelverschraubung - verklebt",24.92]
[39204510,"IMMAX Unterflur Rolladen Bsp 6 x 3 m - WEISS",7249.17]
[39204511,"IMMAX Unterflur Rolladen Bsp 7 x 3.5 m - WEISS",7832.5]
[39204512,"IMMAX Unterflur Rolladen Bsp 8 x 4 m - WEISS",8415.83]
[39204513,"IMMAX Unterflur Rolladen Bsp 10 x 5 m - WEISS",10132.5]
[39204910,"BANC DESIGN Rolladen bis 3 m",6158.33]
[39204911,"BANC DESIGN Rolladen bis 3.5 m",6300]
[39204912,"BANC DESIGN Rolladen bis 4 m",6462]
[39204913,"BANC DESIGN Rolladen bis 4.5 m",6801]
[39204914,"BANC DESIGN Rolladen bis 5 m",7140]
[39204920,"BANC DESIGN - Option Liegestuhl",443]
[39204921,"BANC DESIGN - Option LED auf Längsträger",594]
[39204922,"BANC DESIGN - Option Ablage",101]
[39204923,"BANC DESIGN - Option kleiner Blumenkasten",328]
[39204924,"BANC DESIGN - Option großer Blumenkasten",384]
[39204925,"BANC DESIGN - Option seitlicher Staukasten",622]
[39204926,"BANC DESIGN - Option getrennter Staukasten",994]
[39205581,"OPEN DESIGN Aufrollvorrichtung bis 3 m - inkl. Appsteuerung",3467.5]
[39205582,"OPEN DESIGN Aufrollvorrichtung bis 3.5 m - inkl. Appsteuerung",3538.75]
[39205583,"OPEN DESIGN Aufrollvorrichtung bis 4 m - inkl. Appsteuerung",3610]
[39205584,"OPEN DESIGN Aufrollvorrichtung bis 4.5 m - inkl. Appsteuerung",3681.25]
[39205585,"OPEN DESIGN Aufrollvorrichtung bis 5 m - inkl. Appsteuerung",3752.5]
[39205586,"OPEN DESIGN Aufrollvorrichtung bis 5.5 m - inkl. Appsteuerung",3823.75]
[39205587,"OPEN DESIGN Aufrollvorrichtung bis 6 m - inkl. Appsteuerung",3895]
[39205591,"OPEN DESIGN - Aufpreis Struktur: Aluminium",80]
[39205592,"OPEN DESIGN - Aufpreis Struktur: Holzoptik",80]
[39205593,"OPEN DESIGN - Aufpreis Struktur: HOLZ",110]
[39205594,"OPEN DESIGN - Aufpreis Struktur: Marmor",80]
[39205855,"OPEN Aufpreis mit Bürstenflügel PRO LFM",49.17]
[39206666,"3% BONUS 2023 - LAMELLENABDECKUNG",-0.83]
[39206667,"Unterflur-Achsmotor C300Nm mit Endanschlag 2 m-Kabel",1532.92]
[39206668,"Kabellose Steuereinheit ABRIBLUE für Open Aero",263.25]
[39206669,"Gehäuse IMM'AX mit Automat 120/300",1108.17]
[39206670,"Rohrmotor BECKER 120Nm ohne Zubehör",800]
[39206671,"Verkabelte Bluetooth-Steuerkarte im Schutzgehäuse für AERO",410.08]
[39206672,"Bluetooth-Steuerung für OPEN / BANC (Classic und Solar)",206.42]
[39208745,"AUFPREIS - Ausschnitt für Leiter/Gegenstromanlage Stirnseite",249]
[39209999,"4 - 6 Wochen",0.83]
[39211001,"OPEN DIVER - Unterflur Aufrollvorrichtung - bis 3m",6665.83]
[39211002,"OPEN DIVER - Unterflur Aufrollvorrichtung - bis 3.5m",6999.17]
[39211003,"OPEN DIVER - Unterflur Aufrollvorrichtung - bis 4m",7332.5]
[39211004,"OPEN DIVER - Unterflur Aufrollvorrichtung - bis 4.5m",7407.5]
[39211005,"OPEN DIVER - Unterflur Aufrollvorrichtung - bis 5m",7832.5]
[39211006,"OPEN DIVER - Aufpreis auf Holzverkleidung 25%",2000]
[39211018,"OPEN DIVER - Kabeldurchführung",449]
[39211019,"OPEN DIVER - Kabeldurchführung für Trockenhäuse",271]
[39219999,"ROLLADEN (m2, Farbe, Aufpreise) lt. Berechnung >>>>",0]
[41101132,"Solarkollektor - NBR 3 m x 0,5 m = 1,5 m2",125.86]
[41101133,"Solarkollektor - NBR 4 m x 0,5 m = 2,0 m2",147.57]
[41101134,"Solarkollektor - NBR 5,0 m x 0,5 m = 2,5 m2",170.02]
[41101135,"Solarkollektor - NBR 6,0 m x 0,5 m = 3,0 m2",194.3]
[41101136,"Solarkollektor - NBR 7,0 m x 0,5 m = 3,5 m2",209.76]
[41101137,"Solarkollektor - NBR 8,0 m x 0,5 m = 4,0 m2",240.3]
[41101138,"Solarkollektor - NBR 9,0 m x 0,5 m = 4,5 m2",262.38]
[41101139,"Solarkollektor - NBR 10,0 m x 0,5 m = 5,0 m2",284.45999999999998]
[41101140,"Solarkollektor - NBR 11,0 m x 0,5 m = 5,5",308.75]
[41101141,"Solarkollektor - NBR 12,0 m x 0,5 m = 6,0 m2",330.83]
[41101143,"Klebemasse 300 cm3 - Kartusche",12.42]
[41101144,"Einseitanschluß EPDM Kollektor",12.17]
[41101147,"Verlängerungs- u. Reparatur Set zu EPDM Schlauch (5 Stk Set)",24.9]
[41101150,"Schnellentlüfter - Messing MV15/S",24.92]
[41101155,"Temperaturfühler zu Resol E1 - Sensortyp KTY (FRY6)",42.7]
[41101157,"Temperaturfühler zu Deltasol BS - Kollektorfühler",49.17]
[41101159,"Temperaturfühler zu Deltasol BS - Beckenfühler",49.17]
[41101180,"Temperaturfühler zu Solarmanager - NTC 10 K B=3950",24.92]
[41101181,"Temperaturfühler zu Solarmanager PT 1000 - schwarzes/graues Kabel",24]
[41101199,"Tauchhülse 1/2 - 50 mm mit Fühlerfixierung",22.47]
[41101245,"Solarsteuerung Deltasol BS - digitale Anzeigen",232.5]
[41101250,"Solarsteuerung Evolution SC01 - Komplettset mit 2-Wege Motorven",515.83000000000004]
[41101255,"Solarsteuerung Evolution SC01 - Komplettset mit 3-Wege Motorv.",615.83000000000004]
[41101290,"Solarsteuerung Solar Manager - komplett mit Fühler",182.5]
[41101291,"Steuereinheit Solar Manager",100]
[41101350,"Schnellentlüfter SET für Solaranlage",29.08]
[41104812,"Verteilerrohr 54,0 x 5,0 cm, für Kautschukkollektor",11.94]
[41104815,"Klips zu Verteilerrohr Kautschukkollektor (6x pro Set notwendig)",0.47]
[41104816,"Klemme und O-Ring zu Verteilerrohr Kautschukkollektor",5.69]
[41201148,"Rippenrohr Kollektor",0]
[41202174,"Fühlerverlängerungskabel per lfm",2.42]
[41202223,"POOLRIPP Rippenrohrkollektor Einseitig 2 x 3 m",565.83000000000004]
[41202224,"POOLRIPP Rippenrohrkollektor Einseitig 2 x 4 m",615.83000000000004]
[41202225,"POOLRIPP Rippenrohrkollektor Einseitig 2 x 5 m",665.83]
[41202226,"POOLRIPP Rippenrohrkollektor Einseitig 2 x 6 m",715.83]
[41202227,"POOLRIPP Rippenrohrkollektor Einseitig 2 x 7 m",765.83]
[41202228,"POOLRIPP Rippenrohrkollektor Einseitig 2 x 8 m",815.83]
[41202229,"POOLRIPP Rippenrohrkollektor Einseitig 2 x 9 m",865.83]
[41202233,"POOLRIPP Rippenrohrkollektor Einseitig 3 x 3 m",774.17]
[41202234,"POOLRIPP Rippenrohrkollektor Einseitig 3 x 4 m",874.17]
[41202235,"POOLRIPP Rippenrohrkollektor Einseitig 3 x 5 m",932.5]
[41202236,"POOLRIPP Rippenrohrkollektor Einseitig 3 x 6 m",1024.17]
[41202237,"POOLRIPP Rippenrohrkollektor Einseitig 3 x 7 m",1124.17]
[41202238,"POOLRIPP Rippenrohrkollektor Einseitig 3 x 8 m",1182.5]
[41202239,"POOLRIPP Rippenrohrkollektor Einseitig 3 x 9 m",1274.17]
[41202244,"POOLRIPP Rippenrohrkollektor Einseitig 4 x 4 m",1157.5]
[41202245,"POOLRIPP Rippenrohrkollektor Einseitig 4 x 5 m",1257.5]
[41202246,"POOLRIPP Rippenrohrkollektor Einseitig 4 x 6 m",1357.5]
[41202247,"POOLRIPP Rippenrohrkollektor Einseitig 4 x 7 m",1499.17]
[41202248,"POOLRIPP Rippenrohrkollektor Einseitig 4 x 8 m",1599.17]
[41202258,"POOLRIPP Rippenrohrkollektor Einseitig 5 x 8 m",1965.83]
[41202323,"POOLRIPP Rippenrohrkollektor Diagonal 2 x 3 m",565.83000000000004]
[41202324,"POOLRIPP Rippenrohrkollektor Diagonal 2 x 4 m",615.83000000000004]
[41202325,"POOLRIPP Rippenrohrkollektor Diagonal 2 x 5 m",665.83]
[41202326,"POOLRIPP Rippenrohrkollektor Diagonal 2 x 6 m",715.83]
[41202327,"POOLRIPP Rippenrohrkollektor Diagonal 2 x 7 m",765.83]
[41202328,"POOLRIPP Rippenrohrkollektor Diagonal 2 x 8 m",815.83]
[41202329,"POOLRIPP Rippenrohrkollektor Diagonal 2 x 9 m",865.83]
[41202332,"POOLRIPP Rippenrohrkollektor Diagonal 3 x 3 m",774.17]
[41202333,"POOLRIPP Rippenrohrkollektor Diagonal 3 x 3 m",774.17]
[41202334,"POOLRIPP Rippenrohrkollektor Diagonal 3 x 4 m",874.17]
[41202335,"POOLRIPP Rippenrohrkollektor Diagonal 3 x 5 m",932.5]
[41202336,"POOLRIPP Rippenrohrkollektor Diagonal 3 x 6 m",1024.17]
[41202337,"POOLRIPP Rippenrohrkollektor Diagonal 3 x 7 m",1124.17]
[41202338,"POOLRIPP Rippenrohrkollektor Diagonal 3 x 8 m",1182.5]
[41202339,"POOLRIPP Rippenrohrkollektor Diagonal 3 x 9 m",1274.17]
[41202344,"POOLRIPP Rippenrohrkollektor Diagonal 4 x 4 m",1157.5]
[41202345,"POOLRIPP Rippenrohrkollektor Diagonal 4 x 5 m",1257.5]
[41202346,"POOLRIPP Rippenrohrkollektor Diagonal 4 x 6 m",1357.5]
[41202347,"POOLRIPP Rippenrohrkollektor Diagonal 4 x 7 m",1499.17]
[41202348,"POOLRIPP Rippenrohrkollektor Diagonal 4 x 8 m",1599.17]
[41202358,"POOLRIPP Rippenrohrkollektor Diagonal 5 x 8 m",1965.83]
[41203155,"Lochbandrolle 10m - einfache Befestigung bei Ziegeldach",18.25]
[41203301,"POOLRIPP Rippenrohrkollektor Diagonal 1 x 3 m",307.5]
[41203302,"POOLRIPP Rippenrohrkollektor Diagonal 1 x 4 m",349.17]
[41203303,"POOLRIPP Rippenrohrkollektor Diagonal 1 x 5 m",365.83]
[41203304,"POOLRIPP Rippenrohrkollektor Diagonal 1 x 6 m",399.17]
[41203305,"POOLRIPP Rippenrohrkollektor Diagonal 1 x 7 m",432.5]
[41203306,"POOLRIPP Rippenrohrkollektor Diagonal 1 x 8 m",465.83]
[41203307,"POOLRIPP Rippenrohrkollektor Diagonal 1 x 9 m",499.17]
[41203311,"POOLRIPP Rippenrohrkollektor Diagonal 1.5 x 3 m",440.83]
[41203312,"POOLRIPP Rippenrohrkollektor Diagonal 1.5 x 4 m",490.83]
[41203313,"POOLRIPP Rippenrohrkollektor Diagonal 1.5 x 5 m",515.83000000000004]
[41203314,"POOLRIPP Rippenrohrkollektor Diagonal 1.5 x 6 m",540.83000000000004]
[41203315,"POOLRIPP Rippenrohrkollektor Diagonal 1.5 x 7 m",582.5]
[41203316,"POOLRIPP Rippenrohrkollektor Diagonal 1.5 x 8 m",632.5]
[41203317,"POOLRIPP Rippenrohrkollektor Diagonal 1.5 x 9 m",682.5]
[41205148,"Rippenrohr Kollektor",0]
[41305400,"Lippendichtung - zu POWERFLEX Solar Kollektor",0.4]
[41305410,"Stützhülse - zu POWERFLEX Solar Kollektor",0.26]
[41305420,"POOLRIPP Fertigung - PE-Rohr + Bohrungen mit Nippel Montage",0.5]
[41305425,"Gummiring (>Sammelrohr)",0.8]
[41305428,"Solarverbinder",0.8]
[41305429,"PE-Sammelrohr per 100 cm - inkl. Gummiringe und Solarnippel komplett gefertigt",55]
[41305430,"Lippendichtung (>Rippenrohr)",0.8]
[41305433,"Stützhülse (>Rippenrohr)",0.46]
[41305435,"Reparatur und Verlängerungsset = 5x Verbinder + 10x Dichtung",12.5]
[41305438,"Clipleiste (12 fach = 42cm)",1.75]
[41305439,"Solarverbinder mit Gewindeanschluss 3/4\" Außengewinde",0.86]
[41305440,"Solar Rippenrohr - Wellschlauch - Einzelne Meter",0.94]
[41305441,"Solar Rippenrohr - Wellschlauch - Bund mit 50 lfm",74.17]
[41305443,"Entlüftungset manuell / Entleerungsset - zur Selbstmontage im Sammelrohr",7.92]
[41305445,"Solarverbinder mit Gewindeanschluss 3/4\" Innengewinde",0.89]
[41305460,"Solar Rippenrohr - Wellschlauch - 100 Meter Bund",154]
[41305465,"PE-Reduzierung DN50-DN38 - inkl. Fertigung auf Sammelrohr",10.58]
[41305478,"Automatischer Entlüfter 3/4\" AG - (Kunststoff, grün)",29.64]
[41305480,"Solar Rippenrohr - Wellschlauch - 300 Meter Bund",374.17]
[41305490,"Solarverbinder - zu POWERFLEX Solar Kollektor",0.26]
[41305491,"Gummiring zu Solarverbinder - zu POWERFLEX Solar Kollektor (35605)",0.26]
[41305495,"VA Schlauchschelle 50 - 70 mm",1.67]
[41305498,"Rohr PE 100 schwarz, per Laufmeter 50 x 4,6 SDR11 ISO S-5 (5 mt. Stange)",4.13]
[41305505,"Clipleiste (12 fach = 42cm) - POWERFLEX",0.62]
[41305551,"Poolripp PE-Sammelrohr per 100 cm - inkl. Gummiringe und Solarnippel komplett gefertigt",91.67]
[41305599,"2 - 4 Wochen",0.83]
[41307437,"PE Endkappe 50 - fertig verschweißt auf Sammellrohr",9]
[41307520,"EPDM Endkappe - 50 mm",5.75]
[41307530,"Kabelbinder - Verbindung der Klipleisten miteinander (UV-stabil) 100 Stk.VP",3.5]
[41307535,"Spülmittel - für leichte Montage der Schläuche",3.25]
[41307755,"POOLRIPP Aufbauanleitung",3.33]
[41308510,"Plattenkollektor 200 cm",100]
[41308511,"Plattenkollektor 300 cm",200]
[41308512,"Plattenkollektor 400 cm",300]
[41308524,"3-Wege-Motorstellantrieb 230 V",465.83]
[41308525,"2-Wege-Motorstellantrieb 230 V",357.5]
[41308527,"2-Wege-Motorstellantrieb DA63 - 230 V",415.83]
[41308528,"3-Wege-Motorstellantrieb DA63 - 230 V",549.16999999999996]
[41308540,"Gummi Schlauchkupplung mit 2 Schellen",8.25]
[41308550,"Poolripp Entwässerung SET",12.5]
[41308552,"Gummi Endkappe mit Schelle",5.75]
[41308570,"POOLRIPP Rippenrohr-Kollektor - DIAGONAL (Z-design)",1035]
[41308585,"POOLRIPP Rippenrohr Kollektor - EINSEITIG (U-design)",1000]
[41308850,"SAMMELROHR 98 cm 26 Nippel OHNE KAPPE",125.17]
[41308851,"SAMMELROHR 98 cm 27 Nippel MIT KAPPE - EINSEITIG",128.91999999999999]
[41308852,"SAMMELROHR 148 cm 40 Nippel",177.5]
[41308853,"SAMMELROHR 200 cm 55 Nippel",216.42]
[41308854,"SAMMELROHR 200 cm 54 Nippel (1x FREI in MITTE) - EINSEITIG",224.17]
[41308855,"SAMMELROHR 119 cm 33 Nippel OHNE KAPPE",147.08000000000001]
[41308856,"SAMMELROHR 165 cm 45 Nippel OHNE KAPPE",186]
[41309950,"POWERFLEX Rippenrohr-Kollektorset - DIAGONAL",1000]
[41309960,"POWERFLEX Rippenrohr-Kollektorset - EINSEITIG",1030]
[41309999,"SOLARABSORBER (Kollektor und Zubehör) lt. Berechnung >>>>",0]
[41355650,"POWERFLEX Rippenrohr - Wellschlauch - 50 Meter Bund - Art. Nr.35601",37.5]
[41355655,"POWERFLEX Rippenrohr - Wellschlauch - 100 Meter Bund",65.83]
[41355659,"POWERFLEX Rippenrohr - Wellschlauch - 300 Meter Bund",199.17]
[42001175,"Titan Röhren-Wärmetauscher 40 KW, Heat Line 40",657.5]
[42001176,"Titan Röhren-Wärmetauscher 70 KW, Heat Line 70",790.83]
[42001178,"Titan Röhren-Wärmetauscher Heat Line 40 - m. Ausstattung",1207.5]
[42001179,"Titan Röhren-Wärmetauscher Heat Line 70 - m. Ausstattung",1332.5]
[42001184,"V4A Heizungswärmetauscher HWT 35 / 40 KW",257.5]
[42001185,"V4A Heizungswärmetauscher HWT 65 / 75 KW",515.83000000000004]
[42001186,"V4A Heizungswärmetauscher HWT 93 / 105 KW",749.17]
[42001195,"Gummischlauchmontagessatz NW 50",22.67]
[42001286,"Solarwärmetauscher NWT 18 KW",462.4]
[42001287,"V4A Heizungswärmetauscher HWT 122 / 140 KW",1065.83]
[42001299,"Wärmetauscher Halterung - DA125",8.25]
[42001387,"Solarwärmetauscher NWT 35 KW",749.17]
[42001388,"V4A Heizungswärmetauscher HWT 182 / 209 KW",1207.5]
[42001399,"Wärmetauscher Halterung - DA160 - per Stk",13.33]
[42001802,"Reduktion 63/50mm für POOL SMART Plus T-Stück",9.33]
[42002501,"Plattenwärmetauscher D-PWT 30/30 KW V4A",249.17]
[42002502,"Plattenwärmetauscher D-PWT 50/50 KW V4A",282.5]
[42002503,"Plattenwärmetauscher D-PWT 75/75 KW V4A",432.5]
[42002505,"Isolierung zu D-PWT 30",65.83]
[42002506,"Isolierung zu D-PWT 50",65.83]
[42002507,"Isolierung zu D-PWT 75",65.83]
[42002601,"Plattenwärmetauscher G-PWT 30/32 KW TITAN",890.83]
[42002602,"Plattenwärmetauscher G-PWT 50/53 KW TITAN",1240.83]
[42002603,"Plattenwärmetauscher G-PWT 70/74 KW TITAN",1615.83]
[42003205,"TITAN Wärmetauscher D-TWT 35 / 40 kW",665.83]
[42003206,"TITAN Wärmetauscher D-TWT 65 / 75 kW",999.17]
[42003307,"TITAN Wärmetauscher D-TWT 93 / 105 kW",1582.5]
[42005206,"Wärmetauscher KstW 200 - 47,5kW - Salzwasserfest",315.83]
[42006025,"TITAN Wärmetauscher 25 kW, Mehrrohrwärmetauscher , bis max. 3 BAR",299.17]
[42006040,"TITAN Wärmetauscher 40 kW, Mehrrohrwärmetauscher , bis max. 3 BAR",357.5]
[42006070,"TITAN Wärmetauscher 70 kW, Mehrrohrwärmetauscher , bis max. 3 BAR",435.71]
[42007040,"EDELSTAHL Wärmetauscher 40 kW - Topqualität",274.17]
[42007070,"EDELSTAHL Wärmetauscher 70 kW, Topqualität",357.5]
[42008100,"POOL SMART Plus - Steuerung für Wärmetauscher",365.83]
[42008101,"T-Stück für POOL SMART Plus - Steuerung für Wärmetauscher",13.73]
[42008110,"STRÖMUNGSSCHALTER für Heizung- Dosieranlagen",39.67]
[42008325,"TITAN Wärmetauscher 25 kW - SET , kompl. mit Ausstattung (2 Colli)",590.72]
[42008340,"TITAN Wärmetauscher 40 kW - SET , kompl. mit Ausstattung (2 Colli)",649.37]
[42008370,"TITAN Wärmetauscher 70 kW - Set - kompl. mit Ausstattung (2 Colli)",728.97]
[42009340,"EDELSTAHL Wärmetauscher 40 kW - kompl. mit Ausstattung",499.17]
[42009370,"EDELSTAHL Wärmetauscher 70 kW - kompl. mit Ausstattung",582.5]
[43003020,"Wärmepumpe - Leistung 9 kW",1749.17]
[43003030,"Wärmepumpe - Leistung 12 kW",1998.33]
[43003040,"Wärmepumpe - Leistung 16 kW",2249.17]
[43004020,"Wärmepumpe PHP 07 - Leistung 6.5 kW",832.5]
[43004021,"Wärmepumpe BPN08 - Inverter 8 kW",1073]
[43005020,"Wärmepumpe - Leistung 23 kW",3575]
[43006020,"Wärmepumpe PHP - Leistung 10 kW",1541.67]
[43006030,"Wärmepumpe PHP - Leistung 13.5 kW",1998.33]
[43006040,"Wärmepumpe PHP - Leistung 17.5 kW",2241.67]
[43006050,"Wärmepumpe PHP - Leistung 28 kW 400V",3741.67]
[43006060,"Wärmepumpe PHP - Leistung 33 kW 400V",3832.5]
[43007740,"Wärmepumpe AI17 - Inverter",2499.17]
[43007750,"Wärmepumpe AI13 - Inverter",2290.83]
[43007760,"Wärmepumpe AI10 - Inverter",1665.83]
[43007770,"Wärmepumpe AI28T 400V - Inverter",3741.67]
[43007781,"Wärmepumpe AIR08 - Inverter",1665.83]
[43007788,"Wärmepumpe CPI13 - Inverter",1966]
[43007791,"Wärmepumpe AXR10 - TurboSilence Inverter",2082.5]
[43007792,"Wärmepumpe AXR13 - TurboSilence Inverter",2624.17]
[43007793,"Wärmepumpe AXR17 - TurboSilence Inverter",3224.17]
[43007794,"Wärmepumpe AXR32T - TurboSilence Inverter - 400V",5832.5]
[43007795,"Programm-Writer für Wärmepumpen",16.079999999999998]
[43007801,"Integrated board (Heater) für AXR10",406.18]
[43007802,"Integrated board (Heater) für AXR13",406.18]
[43007803,"Integrated board (Heater) für AXR17",406.18]
[43007804,"Touch controller für AXR10 / AXR13 / AXR32T",106.44]
[43007805,"Water flow switch",65]
[43007806,"Fan Motor für AIR13/15/17 AXR13",141.34]
[43007807,"Water union (Black, 50mm) für AXR13",13.96]
[43007808,"Drainage kit für AXR13",7.86]
[43007809,"PC board (Heat) für AXR32T",28.8]
[43007810,"Inverter board für AIR08",200]
[43007811,"PC board (Heat) für AIR08",164.02]
[43007812,"Touch controller with built-in WIFI für AIR08",95.98]
[43007813,"Fan motor für AIR06/08/10",127.38]
[43007814,"High&low pressure protection switch für PHP13",12.22]
[43007815,"Water union für Wärmepumpen",13.96]
[43007816,"Wärmetauscher für AI28T",809.64]
[43007817,"WiFi Board für Wärmepumpen",26.92]
[43007818,"Fan Motor Driving Modul 80W3 für Wärmepumpen AI06/08/10/12/13/17/21",82.5]
[43007819,"PC Board für PHP17 FL007",196.3]
[43007820,"On/off square LED controller 034020050000",121.5]
[43007821,"PC Board für BPH016J",219.6]
[43007822,"PC Board für BPH016J",219.6]
[43007823,"Inverter Board IPM300",200]
[43007824,"Touch controller 033090450000H68S",385.5]
[43007825,"Touch controller B35T3-00",128.5]
[43007826,"PC Board für BPH016J",219.6]
[43007827,"Power filter plate PA 18 / LB303-V1-18A",80]
[43007828,"Sensor-Set 035043010000-RN",36.200000000000003]
[43007829,"Sensor-Set 035043010000-R",36.200000000000003]
[43007830,"Sensor-Set Z35043000200",36.200000000000003]
[43007831,"Oval LED (Heat) 1H35H1-Y",128.5]
[43007832,"Oval LED (Heat) H35H2-Y / PHP13",128.5]
[43007833,"Oval LED (Heat) B35H3 - 14",128.5]
[43007834,"Oval LED (Heat) B35H3",128.5]
[43007835,"Oval LED (Heat) B35H2",128.5]
[43007836,"Ablaufschlauch & Kniestück THP09",9.4]
[43007837,"Ablaufschlauch & Kniestück THP10L",9.4]
[43007838,"Ablaufschlauch & Kniestück THP12",9.4]
[43007839,"4-Wege-Ventil THP16",108.7]
[43007840,"4-Wege-Ventil 006110080001",58.4]
[43007841,"4-Wege-Ventil THP09",68.900000000000006]
[43007842,"Water flow switch JR-B688 / PHP13",31.6]
[43007843,"Temperature Sensor PHP10",8.1999999999999993]
[43007844,"Temperature Sensor THP10L",8.1999999999999993]
[43007845,"Anschlussdichtung 004980050000-R (rot)",2.6]
[43007846,"Düsendichtung THP12 (blau)",6.3]
[43007847,"Reaktor (big) 041301090000",25.7]
[43007848,"WIFI Box 033090860000",49.1]
[43007849,"WIFI Box 5168S161103A0078",49.1]
[43007850,"Water flow switch für AXR17",65]
[43007851,"Fan Motor für AI28T 400V",236.92]
[43007852,"Fan Motor-Halterung für AI28T 400V",41.42]
[43007853,"Fan für AI28T 400V",46]
[43007854,"Sensor-Set Z35043000400",35.67]
[43007855,"Inverter board",745.17]
[43007856,"Elektronisches Expansionsventil 006121000001",113.83]
[43007857,"Wärmetauscher für THP10L",308]
[43007858,"Wärmetauscher für THP09",308]
[43007859,"Wärmetauscher für THP06N",240]
[43007860,"Wärmetauscher für AI13",476]
[43007861,"Wärmetauscher für AI17",572]
[43007862,"Wärmetauscher für AXR10",650]
[43007863,"PC board (Heat) für AI08 - Bj. 2020-2023",188]
[43007864,"Inverter board für Wärmepumpe AI13 - Bj. 2017-2018",296.67]
[43007865,"Inverter board für Wärmepumpe AI13 / AI17 - Bj. 2017",632.5]
[43007866,"Inverter board für Wärmepumpe AI10 / AI12 - Bj. 2018",289.83]
[43007867,"PC board (Heat) für AI08 - Bj. 2018-2019",188]
[43007868,"Fan motor für AI06/08/10 - Bj. 2017-2021",138]
[43007869,"Integrated board (Heater) für AXR17 - Bj. 2021",466]
[43007870,"Integrated board (Heater) für AXR13 - Bj. 2020-2021",466]
[43007871,"Integrated board (Heater) für AXR10 - Bj. 2021",466]
[43007872,"Wärmetauscher für AI08",455.42]
[43007960,"Wärmepumpe AI10 - Version 2018",1709]
[43017791,"ABVERKAUF Wärmepumpe AXR10 - TurboSilence Inverter",2165.83]
[43017792,"ABVERKAUF Hochbeckenleiter 4+4 Stufen, für Becken 120 cm tief",265.83]
[43017793,"ABVERKAUF Wärmepumpe AIR08 - Inverter",1665.58]
[44001501,"TITAN Elektrowärmetauscher Modell 3 KW, 230V",507.5]
[44001504,"TITAN Elektrowärmetauscher Modell 9 KW, 400V",799.17]
[44001506,"TITAN Elektrowärmetauscher Modell 12 KW, 400/3 Volt, 18 Ampere",665.83]
[44001508,"TITAN Elektrowärmetauscher Modell 18 KW, 400V",740.83]
[44001510,"TITAN Elektrowärmetauscher Modell 24 KW, 400/3 Volt, 35 Ampere",765.83]
[44001555,"Elektrowärmetauscher Easy 3 kW",349.17]
[44002210,"3 kW - Elektrowärmetauscher V4A, D-EWT, 230 V",349.17]
[44002211,"9 kW - Elektrowärmetauscher V4A, D-EWT, 400 V",374.17]
[44002212,"18 kW - Elektrowärmetauscher V4A, D-EWT, 400 V",374.17]
[44003210,"3 kW - Elektrowärmetauscher Titan, D-EWT-T, 400 V",582.5]
[44003211,"6 kW - Elektrowärmetauscher Titan, D-EWT-T, 400 V",582.5]
[44003212,"9 kW - Elektrowärmetauscher Titan, D-EWT-T, 400 V",649.16999999999996]
[44003213,"12 kW - Elektrowärmetauscher Titan, D-EWT-T, 400 V",665.83]
[44003214,"18 kW - Elektrowärmetauscher Titan, D-EWT-T, 400 V",707.5]
[44100702,"Holzpool - Modell 593 B - ZUBEHÖR (3/3)",0.83]
[50501212,"ECOTURBINO WR10",49.92]
[50501313,"ECOTURBINO WR10 - Ihre KOSTENLOSE Poolfüllung!",0]
[51001247,"BAYROL- CHLORLiquid 25 kg",59.92]
[51001250,"Pool-Tester (Chlor + pH-Wert)",10.73]
[51001347,"Aktion CHLOR 25 kg flüssig (nur Abholung)",29.08]
[51001350,"Dosierschwimmer",5.92]
[51003129,"START SET Poolpflege",27.92]
[51003248,"Aktion PH-MINUS 22 kg flüssig (nur Abholung)",39.92]
[51003249,"Chlor-Granulat - 56% - 5 kg",21.92]
[51003250,"Chlor-Granulat - 56% - 1,0 kg",7.43]
[51003253,"Chlor Langzeittabs - 200g einzelverpackt - 1,0 kg",6.92]
[51003255,"Chlor Langzeittabs - 200g einzelverpackt - 5,0 kg",25.75]
[51003257,"CHLOR SCHOCK GRANULAT 67%, \"Dose 1,0 kg\" - anorganisch (weiches Wasser)",8.25]
[51003259,"DUO TABS - 200 gr, \"Dose 1 kg\" einzelverpackt",7.56]
[51003260,"Chlor - Multitab 500g - 1 Stk.",4.58]
[51003261,"Kombi-Tabs - 200g einzelverpackt - 1,0 kg",7.04]
[51003263,"Chlor Kombi Tabs 200g einzelverpackt 5,0 kg",27.42]
[51004129,"Kalklöser, \" 1 Liter Flasche - zur Verwendung bei Kalkablagerungen",5.25]
[51005265,"Chlor - Multitab 500g - 10 Stk. im Eimer",33.25]
[51005451,"Tabletten DPD - Chlor frei - SCUBA+ Plus, 50 Stück Blisterpacku",8.85]
[51005453,"Tablette DPD - pH-Wert 6,5 --8,4 - SCUBA+ Plus, 50 Stück Bliste",8.5]
[51005454,"Tabletten Cyanursäure - SCUBA+ Plus, 50 Stück Blisterpackung",9]
[51005455,"Tabletten Alkalität - SCUBA+ Plus, 50 Stück Blisterpackung",9]
[51005459,"Lovibond SCUBA II",113.58]
[51005490,"PoolLAB + SCUBA II - DPD 1",1.58]
[51005491,"PoolLAB + SCUBA II - pH Phenolred",1.58]
[51005492,"PoolLAB + SCUBA II - DPD3 Chlor gesamt",1.63]
[51005493,"PoolLab + SCUBA II - Cyanursäure",1.63]
[51005494,"PoolLAB + SCUBA II - Alkalität",1.63]
[51005799,"PoolLAB 1.0 Photometer",110.8]
[52001248,"BayroSoft 22 kg Kanister - chlorfreie Desinfektion - Abholprei",65.069999999999993]
[54000910,"SALTMASTER Standard U 2000, - 20gr./h, bis 80 m3, kein Selfclea",570]
[54000911,"SALTMANAGER Self-Cleaner P4 - 15gr./h, bis 50 m3",857.5]
[54000912,"SALTMANAGER Self-Cleaner P6 - 20gr./h, bis 80 m3",1037.5]
[54000914,"Zinkplatte für Edelstahlleiter",18.25]
[54000916,"SALTMANAGER Kombigerät P4 (Self-Cleaner + pH-Regelung) 15gr./h, 50 m3",1741.67]
[54005040,"SALT Chlorinator SMC20, Selfcleaner - 22gr./h, bis 80 m3",1065.83]
[54005041,"SALT Chlorinator SMC30, Selfcleaner - 32gr./h, bis 140 m3",1124.17]
[54005050,"SALT Chlorinator RP-MINI Selfcleaner, bis max. 20 m3",524.16999999999996]
[54005075,"Zellengehäuse zu SMC Chlorinator RP-Mini",69.3]
[54005080,"Electrode zu SALT Chlorinator RP-MINI Selfcleaner",264]
[54005081,"Electrode zu SALT Chlorinator SMC 20",514.88]
[54005082,"Electrode zu SALT Chlorinator SMC 30",577.5]
[54005083,"Zellengehäuse zu SALT Chlorinator SMC 20 / 30",69.3]
[54005084,"Überwurfmutter zu Zellengehäuse / SALT Chlorinator SMC 20 / 30",24.75]
[54005085,"Dichtung zu Zellengehäuse / SALT Chlorinator SMC 20 / 30",16.5]
[54005090,"Verschraubung zu Zellengehäuse SALT MANAGER per Stk.",41.58]
[54005093,"Elektrodenstecker mit Kable zu / SALT Chlorinator SMC 20 / 30",34]
[54005094,"Platine zu SALT Chlorinator SMC 20",346.5]
[54005095,"Zellengehäuse zu SALT MANAGER - Maxi",124.17]
[54005097,"Electrode zu SALT MANAGER Mini 7 gr. - ohne Zellgehäuse (R-458)",379.17]
[54005099,"Electrode zu SALT MANAGER SM 21gr/h - ohne Zellgehäuse (R-460)",582.5]
[54005100,"Elektrode zu SALT MANAGER MAXI 30 gr. (R-461)",740.83]
[54005101,"Elektrode zu SALT MANAGER DOM24 - R-059",707.5]
[54005102,"Elektrode zu SALT MANAGER DOMOTIC Low Salt - ohne Zellgehäuse",1048.58]
[54005240,"SALT MANAGER Mini - 7gr./h, bis 25 m3 (SM-7)",557.5]
[54005241,"Steuereinheit für SALT MANAGER Mini - 7gr./h, bis 25 m3 (SM-7)",183.33]
[54005250,"SALT MANAGER - 21gr./h, bis 80 m3 (SM-21)",832.5]
[54005251,"Steuereinheit SALT MANAGER - 21gr./h, bis 80 m3 (SM-21)",216.67]
[54005252,"Steuereinheit DOM2-24LS",750]
[54005253,"Steuereinheit DOM-24LS",750]
[54005254,"Display zu DOM2-24LS",456.09]
[54005255,"TECNO 2 - Salt Manager bis 80m3 von IDEGIS - 21 gr./h",957.5]
[54005260,"!!! SALT MANAGER Maxi - 30gr./h, bis 130 m3 (SM-30)",1249.17]
[54005270,"SALT MANAGER Low Salt - 24gr./h, bis 80 m3 (Domotic-24)",1290.83]
[54005277,"SALT MANAGER Domotic 2 Low Salt - inkl. Poolstation - 24g bis 80m3",1582.5]
[54005278,"PH-Modul und Pumpe (INTERNET) Domotic",540.83000000000004]
[54005279,"ORP (mV) Modul für Domotic 2 inkl. Sonde",800.58]
[54005280,"POOLSTATION - Steuerung über das Internet - auch Salt/pH + 6 Ausgänge",607.5]
[54005288,"Zellengehäuse (Bipolar) zu SALT MANAGER (Tecno II) - 21 u. 30 gr. - R-411",90.83]
[54005289,"Zellengehäuse - Salt Manager Twin Cell Tecno cell - für Mini 7gr. (R-401)",90.83]
[54005290,"pH Dosieranlage S200 von IDEGIS",474.17]
[54005291,"Zellengehäuse zu SALT MANAGER DOMOTIC II Low Salt",140.83000000000001]
[54005295,"Komplette Zelle 21 gr - inkl. Zellengehäuse",624.16999999999996]
[54005298,"Komplette Zelle 30 gr - inkl. Zellengehäuse",825]
[54005299,"Komplette Zelle DOM 24 LS - inkl. Zellengehäuse",957.4]
[54005898,"O-Ring EPDM zu Salt Manager Zellgehäuse",25.03]
[54005899,"Abdeckung für Kontakte zu Salt Manager Zellgehäuse",9.5]
[54005900,"Einbautopf Nr. 20",73.19]
[54005901,"BOMBA PG-Verschraubung zu Einbautopf Nr. 14",7.45]
[54005902,"BOMBA Dichtung zur PG-Verschraubung für Einbautopf Nr.15",0.9]
[54005903,"BOMBA Schrauben zum Einbautopf Nr. 19",1.56]
[54005904,"Schrauben DIN 966 M6x24 für Einbauscheinwerfer / Einbausatz B-039-25 (16 Stk. Beutel)",26.68]
[54005905,"Einlassdichtungen zu Universalskimmer MINI",1.02]
[54005906,"Gummidichtung der Einlaufdüse zu Skimmerset MINI",0.72]
[54005907,"Einlassmutter Universalskimmer MINI",2.1]
[54005908,"O-Ring zu Bomba Sichtteil Nr. 12",4.17]
[54006001,"Platine - Power card DT-7 model",233.33]
[54006002,"Platine - Power card DT-30 model Tecno",486.75]
[54006003,"Platine - Power card DT-21 model Tecno",440.01]
[54006006,"Trafo Power transformer 110VA / DT-7 model Tecno",104.17]
[54006007,"Trafo Power transformer 230VA / DT-21 model Tecno",199.37]
[54006008,"Trafo Power transformer 340VA / DT-30 model Tecno",129]
[54006015,"Sicherung - Fuse 1A for DT-7 model",0.91]
[54006016,"Sicherung - Fuse 2A for DT-21 model",0.91]
[54006017,"Sicherung - Fuse 3.15A for DT-30 model",0]
[54006020,"Sicherung - Fuse Holder 5X20",6.2]
[54007290,"REDOX- Dosieranlage S200 von IDEGIS",474.17]
[54007743,"Mess-Station - Sonden Bottich",107.5]
[54008050,"EASY DIP Teststreifen Salz (Chloride). 20 Kappilar-Teststreife",11.58]
[54008080,"SOLEOX - vollaut. Steuerung für den Salt Manager",332.5]
[54008090,"ORPHEO - vollautomatische pH-Redox Steuerung",599.16999999999996]
[54008100,"NEU - ORPHEO X - vollautomatische pH-Redox Steuerung (1 kompaktes Gerät - inkl. Zelipod)",790]
[54009090,"POOLSALZ - Salzgranulat im Sack 25 kg",13.25]
[55001245,"BAYROL- PH-MINUS 20 L",45.75]
[55001246,"BAYROL- PH-PLUS !!! 25 kg - Kanister (nur Abholung)",66.599999999999994]
[55001249,"Quickflock Automatic - Abholpreis",63.83]
[55001254,"Nachfüllpackung für Pool-Tester AktivSauerstoff",6.08]
[55001258,"Nachfüllpackung Lovibond für die Pool-Tester Cl-pH und Br-pH.",6.16]
[55001265,"Tabletten DPD4 - Streifen zu 10 Stück - für AktivSauerstoff",0.92]
[55001342,"Chlorstabilisator Granulat - Dose 1 kg",19.739999999999998]
[55001442,"Decalcit-Super KS-Kanister - 10 Liter (Abholpreis)",46.26]
[55002328,"Automatik Chlor-Dosierschleuse",105.83]
[56000514,"Eisdruckpolster",9.17]
[57002600,"Wunder-Schwamm mit Griff und 2 Ersatzschwämmen",11.05]
[57002650,"Wunder-Schwamm - 3 Ersatzschwämme",6.58]
[57002800,"Wunder-Schwamm - 4 Stück - ausgezeichnete Reinigung",5.75]
[57003189,"Tabletten MIX-SET DPD1 / Phenol Red - 2 x 10 Streifen a 10 Stk",12.42]
[57003268,"Tabletten DPD1 (Chlor) - 1 Streifen zu 10 Stück",0.75]
[57003269,"Tabletten SET DPD1 (Chlor) - 10 Streifen zu 10 Stück",6.58]
[57003270,"Tabletten Phenol Red (pH-Wert) - 1 Streifen zu 10 Stück",0.77]
[57003271,"Tabletten SET Phenol Red (pH-Wert) - 10 Streifen zu 10 Stück",6.58]
[57003281,"Algenschutzmittel TOP - 1 Liter",4.75]
[57003283,"Algenschutzmittel TOP, \" 5 Liter Kanister \" (nur Abholung - keine Versand)",22.92]
[57003284,"pH-Minus Granulat 1,5 kg",4.08]
[57003286,"pH-Minus Granulat, Eimer 5 kg",9.6999999999999993]
[57003287,"pH-Minus Granulat, \" Eimer 10 kg \"",17.420000000000002]
[57003288,"pH-Plus Granulat 1,0 kg",4.08]
[57003289,"Tabletten MIX-SET DPD1 / Phenol Red - 2 x 3 Streifen zu 10 Stk",4.08]
[57003290,"-Plus Granulat - \" Eimer 5,0 kg \"",11.93]
[57003295,"Flockungsmittel Granulat - 1 kg",3.58]
[57003298,"Flockungsmittelkartuschen, (Karton 8 x 125 g)",11.58]
[57003299,"Wasserhärtestabilisator 1,0 Liter",5.58]
[57003300,"Wasserhärtestabilisator \"3,0 Liter Kanister\"",14.08]
[57003301,"Winterfit 1,0 Liter",5.95]
[57003302,"Winterfit, \" 3,0 Liter Kanister \" (nur Abholung - keine Versand)",14.92]
[57003303,"Beckenrandreiniger GEL 1,0 Liter",5.75]
[57003304,"Beckenrandreiniger GEL 3,0 Liter",14.58]
[57003401,"Bayrol Calcinex 1 Liter",14.22]
[57003470,"Teststreifen (Chlor + pH-Wert + Alkalität) - 50 Stk.",4.08]
[57003487,"Alkorplus Metallionenbinder 1l",32.5]
[57004332,"NANO FOLIEN Oberflächenversiegelung 50 ml",25]
[57004755,"Natural Forte G10 Randreiniger Gel - 1l",8.5399999999999991]
[57004756,"Natural Forte Entkalker MULTI",7.42]
[57006601,"Bademeister T-Shirt - Herren",25.7]
[57006602,"Poolparty T-Shirt - Damen",24.92]
[57006603,"Aqua Lounge - Luftmatratze für Pool",25.7]
[57006604,"Pool Bar für Getränke, aufblasbar",24.92]
[57009845,"Folien & Planen Kraft-Reiniger 1l",17.079999999999998]
[58009001,"SpaBalancer - biologische Wasserpflege für Whirlpool",82.5]
[58009002,"SpaBalancer - UltraShock",36.67]
[58009003,"Kartuschenreiniger - Filterbrause aus Aluminium",29.08]
[58009004,"Bayrol Schaumex SPA - 1 L",26]
[58009011,"SpaBalancer - Filter Clean 0,5 l",11.67]
[58009012,"SpaBalancer - System Flush 1,0 l",14.57]
[58009013,"SpaBalancer - Soft Water Filter",16.579999999999998]
[58009015,"SpaBalancer - Teststreifen",7.68]
[58009018,"SpaBalancer - AntiFoam 0,5l - gegen Schaum",8.25]
[58009019,"SpaBalancer - Filter Sprayer",29.6]
[58009020,"SpaBalancer - Soft Water 1L",14.85]
[61301328,"SET Granit + Röm. Tr., 800x400 - Radius 100 cm I: 1/4 Stab / A: ECKIG - B-GREY",1480.12]
[61301329,"SET GRANIT 800x400 ECKIG IK:1/4 Stab gerundet, AK: Eckig - Farbe B-GREY",1061]
[61301330,"SET GRANIT 800x400 ECKIG I: 1/4 Stab gerundet / A: 1/4 Stab gerundet - Farbe B-GREY",1218]
[61301331,"SET Granit + Röm. Tr., 800x400 - Radius 125 cm I: 1/4 Stab / A: ECKIG - B-GREY",1480.12]
[61301332,"SET Granit + Röm. Tr., 800x400 - Radius 150 cm I: 1/4 Stab / A: ECKIG - B-GREY",1480.12]
[61301333,"SET Granit + Röm. Tr., 800x400 - Radius 150 cm IK: 1/4 Stab / AK: 1/4 Stab - B-GREY",1611.33]
[61301334,"SET Granit + Röm. Tr., 800x400 - Radius 125 cm IK: 1/4 Stab / AK: 1/4 Stab - B-GREY",1611.33]
[61301335,"SET Granit + Röm. Tr., 800x400 - Radius 100 cm IK: 1/4 Stab / AK: 1/4 Stab - B-GREY",1660]
[61301336,"ABVERKAUF - SET Granit f. OVALBECKEN 737x360cm - IK 1/4 Rundstab poliert - AK gefast - B-GREY",2082.5]
[61301337,"ABVERKAUF - SET Granit f. OVALBECKEN 530x320cm - IK 1/4 Rundstab poliert - AK gefast - B-GREY",1890.83]
[61302050,"Granit - Randplatte 129 x 32 x 3 cm - B-GREY - IK:1/4 Stab gerundet, AK:ECKIG - SETPREIS",61.6]
[61302051,"Granit - Randplatte 129 x 32 x 3 cm - B-GREY - IK:1/4 Stab gerundet, AK:1/4 Stab gerundet - SETPREIS",61]
[61302052,"Granit - Eckstück 45x45 cm - B-GREY IK:1/4 Stab gerundet, AK: Eckig - SETPREIS",26]
[61302053,"Granit - Eckstück 45x45 cm - B-GREY - IK:1/4 Stab gerundet, AK: 1/4 Stab gerundet - SETPREIS",38.799999999999997]
[61302229,"Multibond - glasklar. Verfugung- u. Klebemasse, 310 ml",16.579999999999998]
[61302329,"SET GRANIT 700x350 ECKIG IK:1/4 Stab gerundet, AK: Eckig (K-GREY)",905.27]
[61302330,"SET GRANIT 700x350 cm : IK:1/4 Stab gerundet, AK: 1/4 Stab gerundet (gamma white) - K-GREY",1063.73]
[61302331,"SET GRANIT 600x300 cm : IK:1/4 Stab gerundet, AK: 1/4 Stab gerunde t - K-GREY",945.29]
[61302465,"Granit - Aussenecke (Innne) 45x45 cm - B-GREY - IK: 1/4 Stab gerundet, AK: Eckig - SETPREIS",29.9]
[61303329,"SET GRANIT 600x300 ECKIG IK:1/4 Stab gerundet, AK: Eckig - K-GREY",785.69]
[61303330,"SET GRANIT 900x500 cm : IK:1/4 Stab gerundet, AK: 1/4 Stab gerundet - K-GREY",1419.07]
[61305329,"SET GRANIT 900x500 ECKIG IK:1/4 Stab gerundet, AK: Eckig - K-GREY",1264.03]
[61306130,"Granit ist ein Naturstein - daher können wir keine Garantie für die Farbgebung geben - Schwankungen entsprechen der Norm!",0]
[61308100,"15% Aufpreis für Modell Rosa Tarn (G635) - auf BG bianco-grey",0]
[61308150,"30% Aufpreis für Modell Donaugelb (G682)- auf BG bianco-grey",0]
[61308165,"55 % Aufpreis für Modell Rauberger mittelgrau - auf BG bianco-grey",0]
[61308169,"20 % Aufpreis für TAIFUN Grey - - auf BG bianco-grey - keine iInenecken lieferbar",0]
[61308185,"55 % Aufpreis für Rauberger Wolkig-weiß (Oberfläche grob sandgestrahlt) - auf BG bianco-grey",0]
[61308200,"14% Aufpreis für Modell Nordic Grey (G614) - auf BG bianco-grey",0]
[61308250,"35% Aufpreis für Modell Africa Grey (G654) - auf BG bianco-grey",0]
[61402075,"Granit - Aussenecke f. röm. Treppe R-75 cm, (L I+ RE-SET) B 32x3",123]
[61402100,"Granit - SET Aussenecke f. röm. Treppe R-100 cm, (links + rechts) B 32x3 cm",132.5]
[61402125,"Granit - SET Aussenecke f. röm. Treppe R-125 cm, (links + rechts) B 32x3 cm",132.5]
[61402150,"Granit - SET Aussenecke f. röm. Treppe R-150 cm, (links + rechts) B 32x3 cm",132.5]
[61405020,"Randstein Frankreich - gerade Platte",0]
[61405021,"Randstein Frankreich - Rundstein 150 cm Radius",0]
[61405022,"Randstein Frankreich - Rundstein 175 cm Radius",0]
[61405023,"Randstein Frankreich - Rundstein 200 cm Radius",0]
[61405024,"Randstein Frankreich - Rundstein 250 cm Radius",0]
[61405026,"Randstein Frankreich - Innenecke 90°",0]
[61405027,"Randstein Frankreich - Aussenecke 33 x 33 cm",0]
[61405030,"Randstein Frankreich - Fugenmittel 25 kg",0]
[61405075,"Granit - BOGENSTEIN R-75 cm, B 32x3 cm (45,7cm)",39.08]
[61405100,"Granit - BOGENSTEIN R-100 cm, B 32x3 cm (51,1cm)",39.08]
[61405125,"Granit - BOGENSTEIN R-125 cm, B 32x3 cm (48,0 cm)",39.08]
[61405150,"Granit - BOGENSTEIN R-150 cm, B 32x3 cm (51,3 cm)",39.08]
[61405175,"Granit - BOGENSTEIN R-175 cm, B 32x3 cm (49,1 cm)",39.08]
[61405200,"Granit - BOGENSTEIN R-200 cm, B 32x3 cm (51,5cm)",39.08]
[61405250,"Granit - BOGENSTEIN R-250 cm, B 32x3 cm (48,3cm)",39.08]
[61405300,"Granit - BOGENSTEIN R-300 cm, B 32x3 cm (51,6 cm)",39.08]
[61405600,"Granit - GERADE PLATTE - 65/32/3 cm - AK:GF-P",24.92]
[61405610,"Granit - SKIMMERSTEIN - 40/32/3 cm - AK:GF-P",70.75]
[61405645,"Granit - INNENECKE - 45/45/3 cm - AK:GF-P",32.5]
[61405790,"Granit - AUSSENECKE - 45/45/3 cm - AK:GF-P",38.25]
[61405860,"Granit - Überdachungstein 28/15 - gerade - 65/50/3 cm",42.94]
[61407201,"High Level Granit - GERADE PLATTE - 120/40/3 cm - HELL - G603",54.08]
[61407202,"High Level Granit - INNENECKE - 53/53/3 cm - HELL - G603",49.92]
[61407203,"High Level Granit - SKIMMERSTEIN - 40/40/3 cm - HELL - G603",82.5]
[61407308,"High Level Granit - GERADE PLATTE - 120/40/3 cm - DUNKEL - G654",66.58]
[61407309,"High Level Granit - INNENECKE - 53/53/3 cm - DUNKEL - G654",58.25]
[61407310,"High Level Granit - SKIMMERSTEIN - 40/40/3 cm - DUNKEL - G654",82.5]
[61408101,"Aufpreis Römische Treppe - R100 - 200cm breit - Radius AUSSEN angesetzt",338.81]
[61408102,"Aufpreis Römische Treppe - R125 - 250cm breit - Radius AUSSEN angesetzt",364.5]
[61408103,"Aufpreis Römische Treppe - R150 - 300cm breit - Radius AUSSEN angesetzt",391.5]
[61408201,"Aufpreis Römische Treppe - R100 - 200cm breit - Radius INNEN angesetzt",406.69]
[61408202,"Aufpreis Römische Treppe - R125 - 250cm breit - Radius INNEN angesetzt",432.38]
[61408203,"Aufpreis Römische Treppe - R150 - 300cm breit - Radius INNEN angesetzt",459.38]
[61408301,"Aufpreis Römische Treppe - Fertigtreppe 200cm breit - ROC200 - Dom Composit",358.88]
[61408302,"Aufpreis Römische Treppe - Fertigtreppe 250cm breit - ROT250 - Dom Composit",382.31]
[61408303,"Aufpreis Römische Treppe - Fertigtreppe 300cm breit - ROC300 - Dom Composit",478.13]
[61409999,"Randsteine SET (Anzahl Steine) lt. Berechnung >>>>",0]
[61413295,"Randsteinset Eckig Granit 500 x 300 cm",782.5]
[61413300,"Randsteinset Eckig Granit 600 x 300 cm",857.5]
[61413310,"Randsteinset Eckig Granit 700 x 350 cm",982.5]
[61413315,"Randsteinset Eckig Granit 700 x 400 cm",999.17]
[61413320,"Randsteinset Eckig Granit 800 x 400 cm",1074.17]
[61413325,"Randsteinset Eckig Granit 900 x 400 cm",1157.5]
[61413330,"Randsteinset Eckig Granit 900 x 500 cm",1249.17]
[61413335,"Randsteinset Eckig Granit 1000 x 500 cm",1324.17]
[61414000,"Randsteinset Rundbecken Granit 320 cm",832.5]
[61414001,"Randsteinset Rundbecken Granit 350 cm",940.83]
[61414003,"Randsteinset Rundbecken Granit 400 cm",982.5]
[61414004,"Randsteinset Rundbecken Granit 450 cm",1124.17]
[61414005,"Randsteinset Rundbecken Granit 500 cm",1190.83]
[61414006,"Randsteinset Rundbecken Granit 550 cm",1324.17]
[61414007,"Randsteinset Rundbecken Granit 600 cm",1390.83]
[61415000,"Randsteinset Achtform Granit 470 x 300 cm",1232.5]
[61415001,"Randsteinset Achtform Granit 525 x 320 cm",1274.17]
[61415002,"Randsteinset Achtform Granit 540 x 350 cm",1449.17]
[61415003,"Randsteinset Achtform Granit 625 x 360 cm",1490.83]
[61415004,"Randsteinset Achtform Granit 650 x 420 cm",1582.5]
[61415005,"Randsteinset Achtform Granit 725 x 460 cm",1599.17]
[61415006,"Randsteinset Achtform Granit 770 x 500 cm",1465.83]
[61415007,"Randsteinset Achtform Granit 855 x 500 cm",1782.5]
[61416000,"Randsteinset Ovalbecken Granit 450 x 300 cm",949.17]
[61416001,"Randsteinset Ovalbecken Granit 530 x 320 cm",1032.5]
[61416002,"Randsteinset Ovalbecken Granit 623 x 360 cm",1232.5]
[61416003,"Randsteinset Ovalbecken Granit 700 x 350 cm",1240.83]
[61416004,"Randsteinset Ovalbecken Granit 737 x 360 cm",1265.83]
[61416005,"Randsteinset Ovalbecken Granit 800 x 400 cm",1332.5]
[61416006,"Randsteinset Ovalbecken Granit 916 x 460 cm",1524.17]
[61416007,"Randsteinset Ovalbecken Granit 1100 x 550 cm",1774.17]
[61502000,"20% Aufpreis auf WELLE weiss - Modell FLACH - Farbe WEISS",0]
[61502001,"20% Aufpreis auf WEISS - Modell FLACH - Farbe GELB",0]
[61502002,"30% Aufpreis auf WEISS - Modell FLACH - Farbe ROSA",0]
[61502003,"30% Aufpreis auf WEISS - Modell FLACH - Farbe GRAU",0]
[61502004,"30% Aufpreis auf WEISS - Modell FLACH - Farbe COTTA",0]
[61502010,"20% Aufpreis auf WEISS - Modell WELLE - Farbe GELB",0]
[61502011,"25% Aufpreis - Modell WELLE - Farbe ROSA",0]
[61502012,"25% Aufpreis auf WEISS - Modell WELLE - Farbe COTTA",0]
[61502013,"25% Aufpreis auf WEISS - Modell WELLE - Farbe GRAU",0]
[61502020,"5 % Aufpreis auf SANDBEIGE - Modell TORO XL - Farbe WEISS",0]
[61502025,"45% Aufpreis auf SANDBEIGE - Modell TORO XL - Farbe GRAU",0]
[61502030,"45% Aufpreis auf SANDBEIGE - Modell TORO XL - Farbe ROSA",0]
[61502035,"45% Aufpreis auf SANDBEIGE - Modell TORO XL - Farbe COTTO",0]
[61502040,"Welle Weiss - GERADE 60x33 cm, (65-30 mm), weiss-sandgestrahlt",27.42]
[61502050,"Welle Weiss - Innenecke 90°, 39x39 cm, Welle (65-30 mm), weiss-sandgestrahlt",29.83]
[61502060,"Welle Weiss - gerundet, R-100 cm, Länge 53 cm, (65-30 mm), weiss-sandgestrahl",34.83]
[61502065,"Welle Weiss - gerundet, R-125 cm, Länge 51 cm, (65-30 mm), weiss-sandgestrahlt",34.83]
[61502070,"Welle Weiss - gerundet, R-150 cm, Länge 51 cm, (65-30 mm), weiss-sandgestrahlt",34.83]
[61502075,"Welle Weiss - gerundet, R-175 cm, Länge 56 cm, (65-30 mm), weiss-sandgestrahlt",34.83]
[61502080,"Welle Weiss - gerundet, R-200 cm, Länge 56 cm, (65-30 mm), weiss-sandgestrahlt",34.83]
[61502085,"Welle Weiss - gerundet, R-250 cm, Länge 56 cm, (65-30 mm), weiss-sandgestrahlt",34.83]
[61502090,"Welle Weiss - Außennecke 90°, 37x37 cm, (65-30 mm), weiss-sand",29.83]
[61502100,"Welle Weiss - 2x Aussenecke R-100 cm (LI + RE)) gerundet zu röm. Treppe",144.41999999999999]
[61502110,"Welle Weiss - 2x Aussenecke R-125 cm (LI + RE)) gerundet zu röm. Treppe",144.41999999999999]
[61502111,"Welle Weiss - 2x Aussenecke R-150 cm (LI + RE)) gerundet zu röm. Treppe",144.41999999999999]
[61502120,"BEACH Pflasterstein 49,5 x 49,5 x 3,5 cm, WEISS-sandgestrahlt",22.25]
[61502130,"Fugenmittel 25 kg - winterfest, exakt abgestimmt auf die Farbe",74.17]
[61502233,"SMACOIL - Fleckentferner - 500 gr",16.579999999999998]
[61502234,"WATERPROOF D10 - Imprägnierung - 5 Lt.",72.900000000000006]
[61503050,"TORO XL Flach GERADE 50x39.5 cm, sandgestrahlt - SANDBEIGE",29.92]
[61503060,"TORO XL Flach Innenecke 50x39.5 cm, sandgestrahlt - SANDBEIGE",37.5]
[61503062,"TORO XL Flach Aussenecke 50x39.5 cm, sandgestrahlt - SANDBEIGE",37.5]
[61503120,"OASI Pflasterstein 49,5 x 49,5 x 2,5 cm, WEISS-sandgestrahlt",20.170000000000002]
[61503295,"Randsteinset Welle 500 x 300 cm, Eckig",865.83]
[61503300,"Randsteinset Welle 600 x 300 cm, Eckig",932.5]
[61503310,"Randsteinset Welle 700 x 350 cm, Eckig",1057.5]
[61503315,"Randsteinset Welle 700 x 400 cm, Eckig",1107.5]
[61503320,"Randsteinset Welle 800 x 400 cm, Eckig",1165.83]
[61503325,"Randsteinset Welle 900 x 400 cm, Eckig",1282.5]
[61503330,"Randsteinset Welle 900 x 500 cm, Eckig",1357.5]
[61503335,"Randsteinset Welle 1000 x 500 cm, Eckig",1415.83]
[61504000,"Randsteinset Welle 320 cm, Rundbecken",699.17]
[61504001,"Randsteinset Welle 350 cm, Rundbecken",699.17]
[61504002,"Randsteinset Welle 400 cm, Rundbecken",782.5]
[61504003,"Randsteinset Welle 420 cm, Rundbecken",815.83]
[61504004,"Randsteinset Welle 450 cm, Rundbecken",899.17]
[61504005,"Randsteinset Welle 500 cm, Rundbecken",957.5]
[61504006,"Randsteinset Welle 550 cm, Rundbecken",1049.17]
[61504007,"Randsteinset Welle 600 cm, Rundbecken",1107.5]
[61504120,"ROCCIA Pflasterstein 60 x 32 x 3,5 cm, WEISS-sandgestrahlt",15.8]
[61505000,"Randsteinset Welle 470 x 300 cm, Achtform",990.83]
[61505001,"Randsteinset Welle 525 x 320 cm, Achtform",1049.17]
[61505002,"Randsteinset Welle 540 x 350 cm, Achtform",1049.17]
[61505003,"Randsteinset Welle 625 x 360 cm, Achtform",1082.5]
[61505004,"Randsteinset Welle 650 x 420 cm, Achtform",1224.17]
[61505005,"Randsteinset Welle 725 x 460 cm, Achtform",1374.17]
[61505006,"Randsteinset Welle 770 x 500 cm, Achtform",1415.83]
[61505007,"Randsteinset Welle 855 x 500 cm, Achtform",1415.83]
[61505120,"PIEDRA Pflasterstein 59,5 x 30 x 3,2 cm, WEISS-sandgestrahlt",22.33]
[61506000,"Randsteinset Welle 450 x 300 cm, Ovalbecken",815.83]
[61506001,"Randsteinset Welle 530 x 320 cm Ovalbecken",890.83]
[61506002,"Randsteinset Welle 623 x 360 cm, Ovalbecken",974.17]
[61506003,"Randsteinset Welle 700 x 350 cm, Ovalbecken",990.83]
[61506004,"Randsteinset Welle 737 x 360 cm, Ovalbecken",1065.83]
[61506005,"Randsteinset Welle 800 x 400 cm, Ovalbecken",1149.17]
[61506006,"Randsteinset Welle 916 x 460 cm, Ovalbecken",1315.83]
[61506007,"Randsteinset Welle 1100 x 550 cm, Ovalbecken",1582.5]
[61506501,"RESTPOSTEN - Randsteinset Welle 530 x 320 cm Ovalbecken - FLACHE Version",907.5]
[61508101,"Aufpreis Römische Treppe - R100 - 200cm breit - Radius AUSSEN angesetzt",233.24]
[61508102,"Aufpreis Römische Treppe - R125 - 250cm breit - Radius AUSSEN angesetzt",238.11]
[61508103,"Aufpreis Römische Treppe - R150 - 300cm breit - Radius AUSSEN angesetzt",272.13]
[61508201,"Aufpreis Römische Treppe - R100 - 200cm breit - Radius INNEN angesetzt",289.91000000000003]
[61508202,"Aufpreis Römische Treppe - R125 - 250cm breit - Radius INNEN angesetzt",294.77]
[61508203,"Aufpreis Römische Treppe - R150 - 300cm breit - Radius INNEN angesetzt",328.79]
[61508301,"Aufpreis Römische Treppe - Fertigtreppe 200cm breit - ROC200 - Dom Composit",260.75]
[61508302,"Aufpreis Römische Treppe - Fertigtreppe 250cm breit - ROT250 - Dom Composit",294.77]
[61508303,"Aufpreis Römische Treppe - Fertigtreppe 300cm breit - ROC300 - Dom Composit",357.95]
[61509898,"3 - 4 Wochen",0.83]
[61702030,"KERAMIK Terassenplatten 60x60x2 - BEIGE pro m2",40.83]
[61702040,"KERAMIK Terassenplatten 60x60x2 - RUST pro m2",40.83]
[61702050,"KERAMIK Terassenplatten 60x60x2 - ANTHRACITE pro m2",40.83]
[63004480,"Edelstahl - Aussenleuchte 316L RGB",84.6]
[63004481,"Edelstahl - Projektor 316L RGB",165]
[63004482,"Funksteuerungsmodul - 4 Kanäle inkl. Fernbedienung",83.08]
[63004490,"SET 1 - Pool- und Gartenbeleuchtung",832.5]
[63004580,"Edelstahl - Aussenleuchte WEISS",65.83]
[63004581,"Edelstahl - Projektor WEISS",165]
[63004582,"Funksteuerungsmodul - Extra Antenne",25.7]
[63004680,"Befestigung Erdspieß Edelstahl - Projektor",8.25]
[71105461,"Infrarotkabine Obertauern",3658.33]
[71105462,"Infrarotkabine Hinterglemm",4575]
[71105463,"Infrarotkabine Venus Vital",1832.5]
[71105464,"Infrarotkabine Onni Infra Mini",2240.83]
[71105465,"Infrarotkabine Onni Infra Small",2407.5]
[71111873,"Zeitschaltuhr für IR-Strahler, Einbau",37.42]
[71111874,"Schutzbrille",18.8]
[71111875,"Brandschutzband 250cm Länge",6.58]
[71111876,"Brandschutzmatte 30 cm Breite /H 100 cm",6.73]
[71111880,"Ersatz-Vollspektrum Heizstab 500 W, Standardlänge",140.83000000000001]
[71111881,"Ersatz - VITAE Heizstab 750 W, (lange Bauform 78 cm)",124.17]
[71111882,"Ersatz - VITAE Heizstab 1300 W, (lange Bauform 78 cm)",132.5]
[71111897,"Funkschalt - Zwischenstecker 3-fach-Set (bis 1500 Watt)",27.9]
[71111981,"Ersatz - VITAE Heizstab 500 W, (lange Bauform 78 cm)",115.83]
[71111982,"Ersatz - VITAE Heizstab 350 W, (Standardlänge 60 cm)",75]
[71131240,"Schwenkbarer Einbaukasten zu Saunafluter",83.25]
[71131241,"Einbaukasten zu IR-Saunafluter DECKE",62.42]
[71131242,"Einbaukasten IR-Saunafluter 500 Watt RÜCKEN",70.75]
[71131250,"Ultraschall Solevernebler (110) SALTAIR 102 - Kunsttoffgehäuse",415.83]
[71131260,"Ultraschall Solevernebler (110) SALTAIR 103 - Edelstahlgehäuse",607.5]
[71131270,"Ultraschall Solevernebler (330) SALTAIR 104 - Edelstahlgehäuse",807.5]
[71131280,"Ultraschall Solevernebler (660) SALTAIR 204 - Edelstahlgehäuse",949.17]
[71131290,"Ultraschall Solevernebler SALTAIR 305 - Edelstahlgehäuse",1149.17]
[71131302,"RS 500 QL Rückwandstrahler Philips Vitae Einbauset - 92 cm Länge",240.83]
[71131340,"Eckeinbaumodul - für Rotlicht+ 500 W",99.17]
[71131341,"Duftschale zu ROTLICHT+ Eckeinbaumodul",15.83]
[71131349,"ROTLICHT+ MULTIMODUL (Aufbaugehäuse für Wand,Seite u. Decke)",94.4]
[71131354,"RS 350 M Rückwandstrahler",104.17]
[71131355,"VWS 350M Vorderwand Einbauset",99.17]
[71131356,"VWS 500M Vorderwand Einbauset",99.17]
[71131357,"ES 350 M Eckstrahler Einbauset",99.17]
[71131358,"ES 500 M Eckstrahler Einbauset",99.17]
[71131359,"ES 200 M Eckstrahler Einbauset",104.17]
[71131360,"RS 200 M Bedarfsstrahler Einbauset (halbe Länge)",99.17]
[71131361,"VWS 200 M Vorderwand Einbauset (halbe Länge)",99.17]
[71131362,"RS 350 K Rückwandstrahler Einbausets",106.87]
[71131363,"VWS 500 K Vorderwand Einbauset",104.7]
[71131364,"VWS 350 K Vorderwand Einbauset",104.7]
[71131365,"ES 350 K Eckstrahler Einbauset",106.87]
[71131366,"ES 500 K Eckstrahler Einbauset",115.83]
[71131367,"ES 200 K Eckstrahler Einbauset (halbe Länge)",106.87]
[71131368,"RS 200 K Bedarfsstrahler Einbauset (halbe Länge)",106.87]
[71131369,"VWS 200 K Vorderwand Einbauset (halbe Länge)",99.51]
[71131373,"RS 500 Q Rückwandstrahler Philips Vitae Einbauset",224.17]
[71131374,"VWS 500 Q Vorderwandstrahler Philips Vitae - Einbauset",215.83]
[71131375,"ES 500 Q Philips Vitae Eckstrahler Einbauset",215.83]
[71131376,"Typ 1 Anschlusskabel Strahler - Dach, 3 m lang",8.3699999999999992]
[71131377,"Typ 2 Verbindungskabel Steuerung - Dach, 2 m lang",6.24]
[71131378,"Typ 3 Anschlusskabel Kabine - Steckdose - Steuerung, 5 m lang",12.71]
[71131379,"Typ 4 Verbinder zwischen 2 Mehrfachverteilern (altes Modell!)",7.13]
[71131380,"Typ 6 Stecker/Steckkupplung - 3 m lang",12.09]
[71131381,"3-fach Kompaktverteiler",11.94]
[71131382,"5-fach Kompaktverteiler",16.739999999999998]
[71131385,"IR1 electronic Temperatur-/Zeitsteuerung, 0-60 min., 0-80°C,",199.17]
[71131389,"Typ 10 Anschlusskabel (Adapterkabel zu Steuerung)",5.19]
[71131390,"5-Fach Kompaktverteiler G- Version",16.739999999999998]
[71131391,"Typ 4 Verbindungskabel G-Version",7.13]
[71131392,"3-Fach Kompaktverteiler G-Version",11.94]
[71131393,"VWS 750 QL Vorderwandstrahler Philips Vitae Einbauset - lang",232.5]
[71131394,"VWS 500 QL Vorderwandstrahler Philips Vitae Einbauset - lang",232.5]
[71131395,"Belüftungs-Schiebegitter, rot samtbeflockt",24.17]
[71131396,"Abdeckgitter für Temperaturfühler, rot samtbeflockt",4.17]
[71131398,"AROMASTREAM",54.08]
[71131399,"Ersatz-Duftkartusche für AROMASTREAM",4.79]
[71131400,"IRDUOdigital,- digitale Universal-Temperatur - Zeitsteuerung",245.83]
[71131401,"IR-Lüftereinheit - speziell für Vollspektrumlampen - ROT",107.5]
[71131420,"Elementsauna Onni, 1,60 x 1,60 x 2,00 m",2749.17]
[71131471,"Plate 1 - 1030 x 340 mm - Flächenheizung - Farbe SCHWARZ",82.5]
[71131472,"Plate 2 - 740 x 490 mm - Flächenheizung - Farbe SCHWARZ",90.83]
[71131496,"Abdeckgitter für Temperaturfühler, SILBER samtbeflockt",3.38]
[71131540,"DIMMER 1300 - 3 - Kombinierte Steuerung für Leistungs- und Zeitregelung für 3 Strahler",307.5]
[71131550,"IR-Stufenlos - für kurzwellige Strahlung",535.52]
[71131572,"Holzrahmen in Holzart Espe für Plate 1",29.17]
[71131573,"Holzrahmen in Holzart Espe für Plate 2",29.17]
[71131574,"Holzrahmen für Plate 1 mit Schutzleisten lang",37.5]
[71131575,"Holzrahmen für Plate 1 mit Schutzleisten quer",37.5]
[71131576,"Holzrahmen für Plate 2 mit Anlehnleisten",40.83]
[71131588,"Holzrahmen in Holzart Espe für Plate 3",29.17]
[71131590,"IRcompact2 - Infrarotsteuerung - Leistungsregelung",419.33]
[71131593,"VWS 750 QL Vorderwandstrahler Philips Vitae Einbauset - SILBER Gitter",240.83]
[71131871,"Plate 1 - 1030 x 340 mm - Flächenheizung - Farbe ROT",82.5]
[71131872,"Plate 2 - 740 x 490 mm - Flächenheizung - Farbe ROT",90.83]
[71131971,"Plate 1 - 1030 x 340 mm - Flächenheizung - Farbe GRÜN",82.5]
[71131972,"Plate 2 - 740 x 490 mm - Flächenheizung - Farbe GRÜN",90.83]
[71131975,"Plate 3 - 700 x 340 mm Flächenheizung für Saunas - Farbe GRÜN",82.5]
[71131976,"Plate 3 - 700 x 340 mm Flächenheizung für Saunas - Farbe ROT",82.5]
[71131977,"Plate 3 - 700 x 340 mm Flächenheizung für Saunas - Farbe SCHWA",82.5]
[71132010,"Schutzgitter aus Holz für Inframagic RS - Strahler, Normallänge",27.4]
[71132015,"Schutzgitter aus Holz für Inframagic RS/QL - Strahler lang",26.55]
[71132020,"Schutzgitter aus Holz für Inframagic ES - Strahler, Normallänge",27.4]
[71132025,"Schutzgitter aus Holz für Inframagic ES/QL - Strahler lang",34.51]
[71132030,"Schutzgitter aus Holz für Inframagic VWS Strahler, Normallänge",27.4]
[71132035,"Schutzgitter aus Holz für Inframagic VWS/QL - Strahler lang",26.55]
[71132038,"Schutzgitter zu ROTLICHT+ Strahler",49.17]
[71132042,"Berührungsschutzgitter RAL 9006 (silber pulverbeschichtet) oder weiss",32.090000000000003]
[71132396,"Belüftungs-Schiebegitter, SILBER, samtbeflockt",24.17]
[71133188,"IR1Q - electronic - Temperatur-/Zeitsteuerung, Vollspekt. Rot",219.33]
[71133296,"Lüftungsschieber zu Inframagic ROT oder Silber",16]
[71134000,"ES 500 QL Eckstrahler Philips Vitae Einbauset - lange Ausführung",232.5]
[71134001,"ES 750 QL Eckstrahler Philips Vitae Einbauset - lange Ausführung",240.83]
[71134002,"VWS 350 Q Vorderwandstrahler Philips Vitae - Einbauset",207.5]
[71134003,"RS 350 Q Rückwandstrahler Philips Vitae Einbauset",215.83]
[71134004,"ES 350 Q Eckstrahler Philips Vitae Einbauset",215.83]
[71134188,"IR1Q - electronic - Temperatur-/Zeitsteuerung, Vollspekt. Silber",219.33]
[71134401,"IR-Lüftereinheit - speziell für Vollspektrumlampen - SILBER",107.5]
[71135000,"Preisreduktion bei Setbezug - 4 Teile (Strahler o. Steuerung)",0]
[71135367,"Ersatz - Keramik Infrarot Heizstab 200 Watt kurz",67.27]
[71135368,"Ersatz - Keramik Infrarot Heizstab 350 Watt",67.27]
[71135369,"Ersatz - Keramik Infrarot Heizstab 500 Watt",67.27]
[71135375,"Ersatz - Magnesiumoxyd Infrarot Heizstab 200 Watt kurz",40.83]
[71135376,"Ersatz - Magnesiumoxyd Infrarot Heizstab 350 Watt",40.83]
[71135377,"Ersatz - Magnesiumoxyd Infrarot Heizstab 500 Watt",49.17]
[71135378,"Ersatz - Magnesiumoxyd Infrarot Heizstab 750 Watt",49.17]
[71135385,"Ersatz - Heizstab zu Thermolight 350 Watt (60 cm kurz)",82.5]
[71135386,"Ersatz - Heizstab zu Thermolight 500 Watt (60 cm kurz)",99.17]
[71135387,"Ersatz - Heizstab zu Thermolight 500 Watt (78 cm Länge)",107.5]
[71135388,"Ersatz - Heizstab zu Thermolight 750 Watt (78 cm Länge)",107.5]
[71135389,"Ersatz - Heizstab zu Thermolight 1300 Watt (78 cm Länge)",124.17]
[71135560,"ES 350 Q THERMOlight - Eckstrahler Einbauset - 76 cm Länge",165.83]
[71135561,"ES 500 Q THERMOlight - Eckstrahler Einbauset - 76 cm Länge",165.83]
[71135562,"ES 500 QL THERMOlight - Eckstrahler Einbauset - Länge 92 cm",174.17]
[71135563,"ES 750 QL THERMOlight - Eckstrahler Einbauset - Länge 92 cm",182.5]
[71135564,"RS 350 Q THERMOlight - Rückwandstrahler Einbauset - 76 cm Länge",165.83]
[71135565,"RS 500 Q THERMOlight - Rückwandstrahler Einbauset - 76 cm Länge",165.83]
[71135566,"RS 500 QL THERMOlight - Vorderwandstrahler Einbauset - 92 cm Lä",174.17]
[71135567,"VWS 350 Q THERMOlight - Vorderwandstrahler Einbauset - 76 cm Lä",165.83]
[71135568,"VWS 500 Q THERMOlight - Vorderwandstrahler Einbauset - 76 cm Lä",157.5]
[71135569,"VWS 500 QL THERMOlight - Vorderwandstrahler Einbauset - 92 cm L",174.17]
[71135570,"VWS 750 QL THERMOlight - Vorderwandstrahler Einbauset - 92 cm Lä",174.17]
[71138005,"Infrarotkabine Bausatz Style 1 - für 1 Person",2748.33]
[71138015,"Infrarotkabine Bausatz Style 2 - für 2 Personen",3081.67]
[71141215,"SONNENLICHT \"Classic 2 - HELLSTRAHLER\" - Breite 106 cm",2374.17]
[71141216,"SONNENLICHT \"Classic 2 - INFRAMAGIC\" - Breite 106 cm",2374.17]
[71141217,"SONNENLICHT \"Classic 2 - ROTLICHT\" - B 106 x T 115 cm, Fichte",2575]
[71141220,"SONNENLICHT \"Classic 3 - HELLSTRAHLER\" - Breite 130 cm",2582.5]
[71141221,"SONNENLICHT \"Classic 3 - ROTLICHT Strahler\" - Breite 130 cm",2874.17]
[71141222,"SONNENLICHT \"Classic 3 - INFRAMAGIC\" - Breite 130 cm",2582.5]
[71141230,"Leuchtenblende mit Gitter (Pappel) f. Fluter",28.25]
[71141270,"SONNENLICHT \"Classic 1 - HELLSTRAHLER\" Größe 125 x 75 cm",1915.83]
[71141271,"SONNENLICHT \"Classic 1\" INFRAMAGIC Strahler - Breite 125 x 75 cm, Fichte",1915.83]
[71141275,"SONNENLICHT \"Classic 1 - ROTLICHT\" - Größe 125 x 75 cm",2040.83]
[71141515,"Infrarotkabine Bausatz - B 106 x T 115 cm - SONNENLICHT - Strahler: ROTLICHT",1381.6]
[71141520,"Infrarotkabine Bausatz - B 130 x T 115 cm - SONNENLICHT - Strahler: ROTLICHT",1601.4]
[71141525,"Infrarotkabine Bausatz Eckkabine - 140 x 140 cm Breite - SONNENLICHT",4194]
[71141530,"Infrarotkabine Bausatz - B 125 x T 75 cm - SONNENLICHT - Strahler: ROTLICHT",1224.5]
[71146001,"Infrarotkabine ZEDER - Komfort SINGLE",1582.5]
[71146002,"Infrarotkabine ZEDER - Komfort DUO",1832.5]
[71146003,"Infrarotkabine ZEDER - DESIGN RUND",1915.83]
[71146004,"Infrarotkabine ZEDER - FAMILY",1831.67]
[71146005,"Infrarotkabine ZEDER - DESIGN ECK",1658.33]
[71146006,"Infrarotkabine ZEDER - CLASSIC",1630]
[71146007,"Infrarotkabine ZEDER - CLASSIC Mini",1415.83]
[71146008,"Infrarotkabine ZEDER - PANORAMA",2103]
[71146009,"Infrarotkabine ZEDER - EXCLUSIV",1999.17]
[71146010,"Infrarot - FASS",3581.67]
[71146011,"Infrarotkabine ZEDER - FUTURE",1749.17]
[71146050,"Infrarotkabine Bausatz - B 75,2 x 130 cm - SONNENLICHT Modell \"Therapy\"",2491.67]
[71147060,"SONNENLICHT \"Therapy 1 - INFRAMAGIC\" - B 75 x T 130 cm",2491.67]
[71162005,"2 Personen Infrarotkabine Modell HL-200K, Red Cedar, Größe 120 x 120 x 190 cm",2016]
[71162010,"2 Personen Infrarotkabine Modell HL-200A, Hemlock, Größe 120 x 120 x 190 cm",1362]
[71162015,"2 Personen Infrarotkabine Modell HL-200B, Hemlock, Größe 120 x 120 x 190 cm",1380]
[71162020,"1 Personen Infrarotkabine Modell HL-100B, Hemlock, Größe 90 x 105 x 190 cm",1362]
[71194550,"Montagematerial Infrarotstrahler - je 4 Stück SPAX Schrauben 6 x 140 mm (Decke) + 3 x 20 mm (Winkel)",0]
[71200003,"EOS Vitae 350 - Vollspektrumstrahler Leistung 350 W",140.58000000000001]
[71200004,"EOS Vitae 500 - Vollspektrumstrahler Leistung 500 W",163.85]
[71200005,"EOS Vitae 750 - Vollspektrumstrahler Leistung 750 W",172.55]
[71200012,"SAWOTEC Kombiofen 8 KW - Feuchte- und Saunabetrieb",415.83]
[71200015,"Schutzgitter aus Holz für VSB Strahler",14.08]
[71200025,"SAWOTEC Kombiofenset 8,0 kW u. Saunasteuerung K3-NEXT",599.16999999999996]
[71200080,"IRelax Infrarot mit Wand-/Deckenhalterung 500 Watt",433.67]
[71200090,"IRelax Infrarot mit Wand-/Deckenhalterung 750 Watt",515.83000000000004]
[71200100,"DUO Tiefenwärmekabine",0]
[71200109,"ROTLICHT SF 500 Q-H HINTEN Montage, Vitae Lampe - 500 Watt",365.83]
[71200110,"ROTLICHT SF 750 Q-H, HINTEN Montage, Vitae Lampe 750 Watt",374.17]
[71200111,"ROTLICHT SF 1300 Q-H, HINTEN Montage, Vitae Lampe 1300 Watt",592.08000000000004]
[71200114,"SAWOTEC Kombiofen 9 KW - Feuchte- und Saunabetrieb",499.17]
[71200116,"Einbauwinkel \"V\" für Infrarotfluter - Montage von VORNE (Set 2 Stk)",13.69]
[71200117,"Einbauwinkel \"H\" für Infrarotfluter - Montage von HINTEN (Set 2 Stk.)",13.7]
[71200118,"Einbauwinkel \"VR\" für Infrarotfluter - Montage mit gefrästen Rahmen (Set 2 Stk.)",17.75]
[71200119,"Inframagic - \"Aluminium Abdeckrahmen - gefräst\" - passend zu Einbauwinkel VR",37.06]
[71200150,"SAWOTEC KOMBIOFEN SAVONIA 12 KW - Feuchte / Saunabetrieb",982.5]
[71200160,"Ausstellungsstück Kombiofen Concept R Kombi - 9 kW",1133.33]
[71200170,"ABVERKAUF - Saunaofen Concept R - 9 kW",857.5]
[71200171,"Ausstellungsstück Holzreling zu Saunaofen Concept R - ESPE",40.83]
[71200174,"Ausstellungsstück Halterungsset zu Ofenreling - Saunaofen Concept R - ESPE/Zeder",70]
[71200222,"ROTLICHT SF 1300 Q- VR - VORNE, Vitae Lampe, Montage m. Rahmen",515.83000000000004]
[71200225,"ROTir Infrarotfluter VITAE 500 VQ mit Rahmen",488.33]
[71200227,"ROTir Infrarotfluter VITAE 750 VQ mit Rahmen",501.67]
[71200229,"ROTir Infrarotfluter VITAE 1300 VQ mit Rahmen",540.83000000000004]
[71200625,"ROTir Infrarotfluter ThermoLight 500 VQ mit Rahmen",332.32]
[71200628,"ROTir Infrarotfluter ThermoLight 750 VQ mit Rahmen",364.5]
[71201014,"Silikonkabel 3 x 1,5 mm2 - per lfm",2.4300000000000002]
[71201114,"Silikonkabel 5 x 2,5 mm2 - per lfm",5.12]
[71201300,"ROTLICHT Infrarotfluter TL 1300 Q-V , VORNE, THERMOlight Lampe",332.5]
[71202114,"SAWOTEC Saunaofen Mini 3 kW - integrierte Steuerung",282.5]
[71202115,"SAWOTEC Saunaofen Scandia 6 kW - ohne Steuerung",265.83]
[71202116,"SAWOTEC Saunaofen Scandia 8 kW (71202116 - SCA-80NS-N)",282.5]
[71202117,"SAWOTEC Saunaofen Scandia 9 kW, 400 V. (71202117, SCA-90NS)",290.83]
[71202118,"SAWOTEC Saunaofen SAVONIA 10,5 kW - ohne Steuerung",999.17]
[71202119,"SAWOTEC Saunaofen SAVONIA 12,0 kW - ohne Steuerung",1040.83]
[71202120,"SAWOTEC Saunaofen SAVONIA 15,0 kW - ohne Steuerung",1165.83]
[71202121,"SAWOTEC Saunaofen SAVONIA 18,0 kW - ohne Steuerung",1249.17]
[71202122,"SAWOTEC Saunaofen Mini 3,6 kW - integrierte Steuerung, Eckvarian",290.83]
[71202130,"Saunaofen IRON I 7,5kW",104.17]
[71202132,"Saunaofen IRON I 9kW",115.83]
[71202134,"Saunaofen SET IRON I 7,5kW mit Steuerung K2-NEXT",240.83]
[71202135,"SAWOTEC Scandia 8,0 kW mit integrierter Steuerung",374.17]
[71202136,"Saunaofen SET IRON I 9kW mit Steuerung K2-NEXT",249.17]
[71202300,"ROTLICHT SF 1300 Q-V, VORNE Montage, Vitae Lampe - 1300 Watt",592.12]
[71203001,"Holzbefeuerter Saunaofen S2 für Gartensauna",415.83]
[71203002,"Stahlschnornstein 1500 mm Schwarz",540.83000000000004]
[71203003,"Bodenschutzplatte, schwarz",190.83]
[71203109,"ROTLICHT SF 500 Q-V, VORNE Montage, Vitae Lampe - 500 Watt",539.38]
[71204000,"Vollspektrumstrahlerset DECKE - 1300 Watt",599.16999999999996]
[71204005,"Vollspektrumstrahlerset VORNE - 750 Watt",574.16999999999996]
[71204010,"Vollspektrumstrahlerset RÜCKEN - 500 Watt",549.16999999999996]
[71204020,"Vollspektrumstrahlerset Vorne - 750 Watt",390.83]
[71204025,"Vollspektrumstrahlerset Vorne - 1300 Watt",399.17]
[71205000,"Infra Steam 200 - Verdampfer für IR-Wärmekabine",507]
[71205001,"Saunasteuerung K2-NEXT- FINN",175]
[71205002,"Saunasteuerung K3-NEXT- BIO",200]
[71205100,"Vitae Infrarotstrahler Nextrema Dunkel 500W",392]
[71205105,"Vitae Infrarotstrahler Nextrema Dunkel 1300W",415]
[71205108,"Edelstahlblende zu Nextrema Strahler",57.67]
[71205109,"ROTLICHT+ Infrarotstrahler 500 Q- VR - VORNE, Vitae Lampe, Montage m. Rahmen",465.83]
[71205110,"ROTLICHT SF 750 Q-V, VORNE Montage, Vitae Lampe - 750 Watt",551.59]
[71205115,"ROTLICHT Infrarotfluter TL 750 Q-V , VORNE, THERMOlight Lampe",324.17]
[71205198,"ROTLICHT Infrarotfluter TL 500 Q-V , VORNE, THERMOlight Lampe",315.83]
[71205200,"ROTLICHT Infrarotfluter TL 500 Q-H, HINTEN, THERMOlight Lampe",315.83]
[71205201,"ROTLICHT Infrarotfluter TL 750 Q-H, HINTEN, THERMOlight Lampe",324.17]
[71205202,"ROTLICHT Saunafluter TL 1300 Q-H, HINTEN, THERMOlight Lampe, Montagematerial",332.5]
[71205205,"ROTLICHT+ Infrarotfluter TL 500 Q-VR -VORNE - gefräster Rahmen",329.11]
[71207109,"ROTLICHT+ Infrarotstrahler 750 Q- VR - VORNE, Vitae Lampe, Montage m. Rahmen",490.83]
[71207205,"ROTLICHT+ Infrarotfluter TL 750 Q- VR - VORNE - gefr. Alu Rahme",324.17]
[71207255,"ROTir Infrarotfluter ThermoLight 1300 VQ mit Rahmen",375.28]
[71208424,"ROTLICHT NOVUM Infrabox - Schwarz",332.5]
[71208425,"ROTLICHT NOVUM Infrabox - Weiss",332.5]
[71208426,"ROTLICHT NOVUM Infrabox - Verbindungskabel",9.92]
[71208427,"ROTLICHT NOVUM Infrabox - 5-fach Verteiler",15.33]
[71208428,"Verteiler T-Form (3-polig) zu ROTLICHT NOVUM Infrabox",8.33]
[71208429,"Kabel GST18i/3s - GST18i/3B zu ROTLICHT NOVUM Infrabox",14]
[71230020,"SKY Sternenhimmelset mit 20 Stück RGB-LED Kristallen m. FB",900]
[71230040,"SKY Sternenhimmelset mit 40 Stück RGB-LED Kristallen",1241.67]
[71250020,"ROTLICHT NOVUM Vollspektrumstrahler - 500 W",349.17]
[71250030,"ROTLICHT NOVUM Vollspektrumstrahler - 750 W",357.5]
[71250040,"ROTLICHT NOVUM Vollspektrumstrahler - 1300 W",374.17]
[71261300,"Strahlerset 1300 Watt - Nextrema inkl. Blende (Lehne) Prestige (Sauna)",374.17]
[71265515,"Duftsteine zu Aromaduftlampe - 3 Stück/Karton",4.3600000000000003]
[71265516,"2 Holzrahmen für Lautsprecher Sauna - aus Erle",54.25]
[71265517,"Lautsprecher für Sauna",73.150000000000006]
[71268512,"Zubehör-Set Infrarot, 5-teilig, im Tragekarton",33.020000000000003]
[71268513,"Ergonomische Rückenlehne aus Pappel, 520 x 400 x 70 mm",58.33]
[71268515,"Aromaduftlampe, ø 10 cm, inkl. Aufbewahrungsbehälter",61.67]
[71268516,"Thermometer Glas, Messgerät ø 100 mm",33.25]
[71268517,"Aromatopf aus Terrakotta, ø 12 cm, Höhe 9,5 cm",34.78]
[71268518,"Rückenlehne Design Espe",75]
[71268519,"Rückenlehne Ergonomisch Espe",82.5]
[71268549,"Rückenlehne Ergonomisch Zeder",90.83]
[71268599,"Holzlehne Prestige zu ROTLICHT NOVUM 500W",57.5]
[71268600,"Strahlerset 500 Watt - Nextrema inkl. Holzlehne Prestige (Sauna)",349.17]
[71268601,"Holzgitter zu ROTLICHT NOVUM",40.83]
[71268612,"BLENDE Edelstahl zu ROTLICHT NOVUM",65.83]
[71268613,"BLENDE Schwarz zu ROTLICHT NOVUM",57.5]
[71276670,"Vollspektrum ROTir - Vitae Set 1 - Kabine ca. 110 x 110 x 200 cm",1290.83]
[71276680,"Vollspektrum ROTir - Vitae Set 2 - Kabine ca. 130 x 115 x 200 cm",1582.5]
[71276690,"Vollspektrum ROTir - Vitae Set 3 - Kabine ca. 150/170 x 120 x 200 cm",1874.17]
[71277770,"Vollspektrum ROTLICHT+ Plus - THERMOlight Set 1 - Kabine ca. 100 x 110 x 200",1249.17]
[71277780,"Vollspektrum ROTLICHT+ Plus - THERMOlight Set 2 - Kabine ca. 130 x 115 x 200",1540.83]
[71277790,"Vollspektrum ROTLICHT+ Plus - THERMOlight Set 3 - Kabine ca. 150/170 x 120 x 200 cm",1832.5]
[71278005,"Flächenstrahler Set 1 - Kabine ca. 100 x 110 x 200 cm",1082.5]
[71278006,"Flächenstrahler Set 2 - Kabine ca. 130 x 115 x 200 cm",1457.5]
[71278007,"Flächenstrahler Set 3 - Kabine ca. 150 x 120 x 200 cm",1832.5]
[71278025,"Magnesiumstrahler Set 1 - Kabine ca. 100 x 110 x 200 cm",640.83000000000004]
[71278026,"Magnesiumstrahler Set 2 - Kabine ca. 130 x 115 x 200 cm",749.17]
[71278027,"Magnesiumstrahler Set 3 - Kabine ca. 150 x 120 x 200 cm",915.83]
[71278050,"Vollspektrum Inframagic - Vitae Set 1 - Kabine ca. 100 x 110 x 200",1140.83]
[71278051,"Vollspektrum Inframagic - Vitae Set 2 - Kabine ca. 130 x 115 x 200",1332.5]
[71278052,"Vollspektrum Inframagic Vitae Set 3 - Kabine ca. 150 x 120 x 200",1665.83]
[71278062,"Vollspektrum EOS Strahler Set 1 - Kabine 100 x 110 x 200 cm",647.01]
[71278063,"Vollspektrum EOS Strahler Set 2 - Kabine ca. 130 x 115 x 200",805.21]
[71278064,"Vollspektrum EOS Strahler Set 3 - Kabinen 150 x 120 x 200 cm",943.81]
[71278070,"Vollspektrum ROTLICHT Vitae Set 1 - Kabine ca. 100 x 110 x 200",929.38]
[71278071,"Vollspektrum ROTLICHT Vitae Set 2 - Kabine ca. 130 x 115 x 200",1191.68]
[71278072,"Vollspektrum ROTLICHT Vitae Set 3 - Kabine ca. 150 x 120 x 200",1435.64]
[71278870,"Vollspektrum ROTLICHT+ Plus - Vitae Set 1 - Kabine ca. 100 x 110",1415.83]
[71278880,"Vollspektrum ROTLICHT+ Plus - Vitae Set 2 - Kabine ca. 130 x 115",1749.17]
[71278890,"Vollspektrum ROTLICHT+ Plus - Vitae Set 3 - Kabine ca. 150 x 120 x",2082.5]
[71279050,"Vollspektrum Inframagic - ThermoLight Set 1",999.17]
[71279051,"Vollspektrum Inframagic - ThermoLight Set 2",1124.17]
[71279052,"Vollspektrum Inframagic THERMOlight Set 3",1374.17]
[71279060,"Vollspektrum \"ROTLICHT ThermoLight\" Set 1",854.92]
[71279061,"Vollspektrum \"ROTLICHT ThermoLight\" Set 2",1086.54]
[71279062,"Vollspektrum \"ROTLICHT ThermoLight\" Set 3",1303.21]
[71279970,"Vollspektrum ROTir - THERMOlight Set 1 - Kabine ca. 110 x 110 x 200",1124.17]
[71279980,"Vollspektrum ROTir - THERMOlight Set 2 - Kabine ca. 130 x 115 x 200 cm",1374.17]
[71279990,"Vollspektrum ROTir - THERMOlight Set 3 - Kabine ca. 150/170 x 120 x 200 cm",1582.5]
[71890001,"Infrarotkabine Infrawave RR-113",1931]
[71890002,"Infrarotkabine Infrawave RR-133",2070]
[71890003,"Infrarotkabine Infrawave RR-133 ECK",2660]
[71890004,"Infrarotkabine Infrawave RR-153",2317]
[71890005,"Infrarotkabine Sauna COMBI",3082]
[71890006,"Infrarotkabine Infrawave LOUNGE",3519]
[72111388,"MASSIV - SAUNA - ECK, Größe: L: 200 x B: 200 x H: 205 cm",2957.04]
[72111389,"Kombisauna \"MASSIV-ECK\" mit Infrarotstrahler, Größe: 200 x 200 x 205 cm - 5-ECK",3586.85]
[72111392,"Massiv - Sauna - GERADE, Größe: L: 262 x B: 200 x H: 205 cm",4218]
[72111394,"Massiv - Sauna - GERADE, Größe: L: 262 x B: 262 x H: 205 cm",4403]
[72111395,"Massiv - Sauna - GERADE, Größe: L: 200 x B: 200 x H: 205 cm",3056.2]
[72111396,"Massiv - Sauna - GERADE, Größe: L: 200 x B: 175 x H: 205 cm",3034]
[72111397,"Massiv - Sauna - ECK, Größe: L: 200 x B: 138 x H: 205 cm",2597.4]
[72111398,"Massiv - Sauna - ECK, Größe: L: 200 x B: 175 x H: 205 cm",2957.04]
[72111399,"Massiv - Sauna - ECK, Größe: L: 262 x B: 262 x H: 205 cm",4580.6000000000004]
[72131010,"Saunafass - Fass-Sauna - KAPRUN",4165.83]
[72131011,"Saunafass - Regenschutz - KAPRUN",332.5]
[72131012,"Saunafass - Fußboden Holz - KAPRUN",282.5]
[72131020,"Saunafass - Fass-Sauna - SAALBACH",4832.5]
[72131021,"Saunafass - Regenschutz - SAALBACH",374.17]
[72131022,"Saunafass - Fußboden Holz - SAALBACH",325]
[72131031,"Saunafass - Fass-Sauna - KASKI 180 Panorama 2,20 / 1,80",4575]
[72131032,"Saunafass - Fass-Sauna - KASKI 220 Panorama 2,20 / 2,20",4991.67]
[72131033,"Saunafass - Fass-Sauna - KASKI 240 Panorama Canopy 2,20 / 2,40",5249.17]
[72131041,"Saunafass - Fass-Sauna - KUUSI 180 - 2,20 / 1,80",3082.5]
[72131042,"Saunafass - Fass-Sauna - KUUSI 220 - 2,20 / 2,20",3415.83]
[72131043,"Saunafass - Fass-Sauna - KUUSI 240 Canopy - 2,20 / 2,40",3582.5]
[72131200,"Massivsauna Kemi , 2,08 x 2,06 x 2,04 m- 4-Eck",2915.83]
[72131210,"Massivsauna Varberg, 2,06 x 2,06 x 2,04 m, 5-eck",4165.83]
[72131212,"Alaska Corner Infra+ 2,06 x 2,06 x 2,04",4908.33]
[72131213,"Alaska Mini Infra+ 1,6 x 1,1 x 2,04",3325]
[72131214,"Varberg Deluxe LINKS, 2,06 x 2,06 x 2,04m, 5-eck",3741.67]
[72131216,"Varberg Deluxe RECHTS, 2,06 x 2,06 x 2,04m, 5-eck",3741.67]
[72131218,"Varberg Deluxe GERADE, 2,06 x 2,06 x 2,04m",4158.33]
[72131220,"Massivsauna Kuopio , 1,60 x 1,10 x 2,04 m, 4-Eck",2915.83]
[72131222,"Alaska View 2,08 x 2,06 x 2,04",3825]
[72131224,"Arktis Infra+ 2,34 x 2,06 x 2,04",4700]
[72131250,"Massivsauna Helsinki 2,08 x 1,58 x 2,04 m 4-eck",3332.5]
[72131260,"Massivsauna Turku 2,06 x 2,06 x 2,04 m, 4-eck",3499.17]
[72131270,"Massivsauna Göteborg - 2,06 x 2,06 x 2,04 m 5-eck",3499.17]
[72131280,"Massivsauna Tampere 1, 2,34 x 2,06 x 2,04 m 5-eck",3915.83]
[72131290,"Massivsauna Tampere 2, 2,34 x 2,06 x 2,04 m 5-eck",3915.83]
[72131350,"Massivsauna Kokkola, - 2,34 x 2,06 x 2,04 - 6-eck, Türe LINKS",3749.17]
[72131360,"Massivsauna Kokkola, - 2,34 x 2,06 x 2,04 - 6-eck, TA-RECHTS",3749.17]
[72131370,"Massivsauna Salo, 2,06 x 2,06 x 2,04 m -5-Eck",2915.83]
[72131380,"Massivsauna \"Kerava\", 2,06 x 2,06 x 2,04 m - 4-Eck",2915.83]
[72131390,"Massivsauna Pori, 1,45 x 1,45 x 2,04 m - 5-Eck",1999.17]
[72131400,"Elementsauna Stockholm 2,14 x 2,10 x 2,01 m 4-eck",3991.67]
[72131410,"Elementsauna Malmö, 2,14 x 1,60 x 2,01 m 4-eck",3332.5]
[72131480,"Kombisauna SET Stockholm 2,14 x 2,10 x 2,01 m 4-eck",4499.17]
[72132201,"Gartensauna LAVA - 341 x 230 x 270 cm",7407.5]
[72132202,"Gartensauna SCALA Medium - 344 x 313 x 272 cm",5490.83]
[72132203,"Gartensauna SCALA Large - 459 x 313 x 272 cm",7075]
[72132210,"Gartensauna Harvia LEGEND mit Elektrosaunaofen",11665.83]
[72132220,"Gartensauna Harvia LEGEND mit Holzfeuerofen",12082.5]
[72144735,"Infrarot Elementkabine Bausatz 5-ECK 148/148 - Höhe 198, TA-Links",1332.5]
[72144736,"Infrarot Elementkabine Bausatz 5-ECK 148/148 - Höhe 198, TA-Rechts",1332.5]
[72144740,"Infrarot Elementkabine Bausatz 130 x 130 cm, H 198",999]
[72144750,"Infrarot Elementkabine Bausatz 130 x 104 cm, H 198 cm",985.5]
[72145000,"Infrarotkabine Bausatz \"WIEN\" mit A+B+C Strahler - 130 x 104 cm, H 198 cm",2040.83]
[72145010,"Infrarotkabine Bausatz \"LINZ\" mit A+B+C Strahler - 130 x 130 cm",1665.83]
[72145060,"Kombisauna SET KERAVA 2,07 x 2,06 x 2,04 m",4332.5]
[72145070,"Kombisauna SET VARBERG 2,06 x 2,06 x 2,04 m",5332.5]
[72145100,"Kombisauna SET Varberg Deluxe LINKS",5408.33]
[72145120,"Kombisauna SET Varberg Deluxe RECHTS",5408.33]
[72145130,"Kombisauna SET Varberg Deluxe GERADE",5658.33]
[72145580,"Saunahocker (Abachi)",26.27]
[72145581,"Ruheliege, gemuldet, verstellbares Kopfteil (Liegefläche Abachi)",157.5]
[72148859,"AKTION - Elementsauna Harmonie 2, Lagerware, (2,01 x 1,65 x 1,98",1273]
[72148863,"AKTION - Elementsauna Harmonie 4, Lagerware, (2,01 x 2,01)",1437]
[72152000,"Massivsauna Individuell - Preis per Laufmeter",548]
[72152010,"Massivsauna Individuell - Aufpreis Höhe von 205 - 211 cm",428.26]
[72152011,"Massivsauna Individuell - Aufpreis Höhe von 212 - 218 cm",435.55]
[72152012,"Massivsauna Individuell - Aufpreis Schräge",414.6]
[72152013,"Massivsauna Individuell - Aufpreis Dachschräge",564.94000000000005]
[72152014,"Massivsauna Individuell - Aufpreis Inneneinrichtung Emotion - soft",273]
[72152015,"Massivsauna Individuell - Aufpreis Glaselement per m2",145.5]
[72152016,"Massivsauna Individuell - Aufpreis Infrarot-Tiefenwärme",1137.18]
[72152026,"Massivsauna Individuell - Aufpreis 5-Eck/ Eckeinstieg 45°",62.5]
[72173020,"Set Edelstahl, 2-teilig",41.58]
[72173021,"Klimamess-Station Glas, Thermo- und Hygrometer",63.24]
[72173035,"Eckleuchte mit Fassung Tropfenlampe 25 Watt, E27",27.26]
[72173036,"Lüftungsschieber für Saunakabinen",10.68]
[72173048,"Zuluftgitter - Abachi, 49 x 9,5 cm, formschön.",13.16]
[72173090,"Thermo-Hygrometer - Espe mit Speckstein, geteilt, 25,5 x 15,5 c",34.79]
[72173095,"Schöpfkelle aus Edelstahl mit Holzgriff",30]
[72173119,"Sauna Zubehör-Set Standard, - 6-teilig",54.15]
[72173140,"Saunabürsten-Set bestehend aus 2 Bürsten, Laubholz",7.21]
[72174010,"Saunaduft Konzentrate 0,25 l - Eukalyptus (Atmung)",14.25]
[72174011,"Saunaduft Konzentrate 0,25 l - Kiefer (Tonisch)",14.25]
[72174012,"Saunaduft Konzentrate 0,25 l - Euka/Minze (Erfrischend)",14.67]
[72174013,"Saunaduft Konzentrate 0,25 l - Rosmarin (Kräftigend)",16.920000000000002]
[72174014,"Saunaduft Konzentrate 0,25 l - Kajeput/Zitrone (Stimulierend)",15.42]
[72174015,"Saunaduft Konzentrate 0,25 l - Luxus (Energiespendend)",14.58]
[72174016,"Saunaduft Konzentrate 0,25 l - Lavendel (Entspannend)",16.329999999999998]
[72174017,"Saunaduft Konzentrate 0,25 l - Elinya (Schlankmachend)",16.75]
[72174121,"LED-Farblicht Spot - 230 Volt für Infrarotkabinen",90.83]
[72175010,"Saunaduft Konzentrate 1,00 l - Eukalyptus (Atmung)",35.75]
[72175011,"Saunaduft Konzentrate 1,00 l - Kiefer (Tonisch)",36]
[72175012,"Saunaduft Konzentrate 1,00 l - Euka/Minze (Erfrischend)",37.58]
[72175013,"Saunaduft Konzentrate 1,00 l - Rosmarin (Kräftigend)",44.92]
[72175014,"Saunaduft Konzentrate 1,00 l - Kajeput/Zitrone (Stimulierend)",39.83]
[72175015,"Saunaduft Konzentrate 1,00 l - Luxus (Energiespendend)",37.25]
[72175016,"Saunaduft Konzentrate 1,00 l - Lavendel (Entspannend)",43]
[72175017,"Saunaduft Konzentrate 1,00 l - Elinya (Schlankmachend)",44.75]
[72179020,"SAUNA ASPEN - Größe: 2000x2000x2100mm - inkl. Kombiofen SET",4991.67]
[72179080,"SAUNA COLORADO - Größe: 2000x2000x2100mm - inkl. Kombiofen SET",5491.67]
[72179630,"SAUNA NEVADA - Größe: 2000x2000x2100mm - inkl. Kombiofen SET",5325]
[72212155,"SAWOTEC FINN SAUNASET inkl. Scandia 6 kW Ofen + Steurung K2-NEXT",424.17]
[72212156,"SAWOTEC FINN SAUNASET inkl. Scandia 8 kW Ofen + Steuerung K2-NEXT",440.83]
[72212157,"SAWOTEC FINN SAUNASET inkl. Scandia 9 kW Ofen + Steuerung K2-NEXT",449.17]
[72212158,"SAWOTEC FINN SAUNASET inkl. Savonia 12 kW Ofen+Steuerung ASV3-15",999.17]
[72215541,"Saunaofen M3 - 3 kW von EOS mit eingebauter thermischen Steuerun",365.83]
[72215544,"EOS Saunaofen Euro-Max - Anthrazit Perleffekt - 9 kW",983.33]
[72215545,"EOS Saunaofen Euro-Max - Anthrazit Perleffekt - 12 kW",1039]
[72215549,"SAUNAOFENSET THERME - 7,5 kW inkl. Steuerung",574.16999999999996]
[72215555,"SAUNAOFENSET THERME - 9,0 kW inkl. Steuerung",582.5]
[72215560,"Kombiofenset Bi-O Therme 7,5 KW - inkl. Klimasteuerung H1",1082.5]
[72215561,"Kombiofen Bi-O Therme 9,0 KW",749.17]
[72215563,"Kombiofenset Bi-O Therme 9,0 KW - inkl. Klimasteuerung H1",1124.17]
[72215564,"EOS Kombisaunaofen Bi-O Mini - Edelstahl - 3 kW",474.17]
[72215575,"EOS Kombisaunaofen Bi-O Max - Anthrazit Perleffekt - 9 kW",1390.83]
[72215576,"EOS Kombisaunaofen Bi-O Max - Anthrazit Perlefekt - 12 kW",1407.5]
[72215580,"Saunaofen Therme 7,5 kW - ohne Steuerung",340.83]
[72215581,"Saunaofen Therme 9,0 kW - ohne Steuerung",349.17]
[72215590,"Saunaofen Bi-O Therme 7,5 kW",707.5]
[72220913,"Sauna Stereo Einbau-Lautsprecher - 2 Stk.",211.99]
[72225510,"Multicup aus Edelstahl",70.83]
[72225511,"Salzsteine, 1 kg",8.33]
[72225512,"Aufgusskübel",40.28]
[72225513,"Sanduhr",15.28]
[72225515,"Baderegeltafel",3.55]
[72225516,"Thermometer Ø 100 mm, 0-120°C Messbereich",18.36]
[72225517,"Hygrometer, Ø 100 mm, 0-100% rel. Luftfeuchte",15.61]
[72225518,"Klimamesser mit Ø 100 mm, Thermo- und Hygrometer",18.97]
[72225519,"Klimamesser mit Ø 160 mm, Thermo- und Hygrometer",32.94]
[72225520,"Sauna-Set 6-teilig mit Aufgusskübel 5l Lärche",66.58]
[72225535,"Schöpfkelle",13.7]
[72225540,"Verdampfertopf zu Sole-Aqua /Therme - Farbe ROT",43.71]
[72225545,"Verdampfertopf zu Sole-Aqua /Therme - Farbe beige",45.1]
[72225636,"Wand- und Deckenleuchte - max. 40 Watt, Sockel Aluguss",18]
[72225637,"Eckleuchte für Sauna - aus ESG Glas mit Holzrahmen",29.08]
[72225638,"Holzblendschirm Ecke - aus Sperrholz",37.42]
[72225639,"Holzblendschirm aus Sperrholz",24.8]
[72225650,"Sole-Aqua Premium - Verdampfertopf rot",230.64]
[72225651,"Sole-Aqua Premium - Verdampfertopf beige",175.2]
[72225655,"Sole Therme Pur - Verdampferofenaufsatz",191.9]
[72225659,"Sole-Therme Pur beige - für Scandia Verdampferofen",191.9]
[72225660,"Sole-Therme Pur beige - für EOS Bi-O Mini Verdampferofen",191.9]
[72225666,"Salzkristallleuchte - mit naturbelassenen, rosa Salzsteinen.",103.29]
[72225700,"Düfteset Activ - 100% naturreine ätherische Öle.",26.35]
[72225701,"Düfteset - Relax - 100 % naturreine ätherische Öle.",31]
[72226006,"LED Farblicht 360, manuelle Bedienung - AKTION",149.16999999999999]
[72226007,"LED Farblicht FL360 RC - m. Fernbedienung u. Dimmer. 2 Farbwechselprogramme",199.17]
[72226008,"LED Farblicht FL 630, manuelle Bedienung.",115.83]
[72226009,"LED Farblichtgerät FL 630 RC - Fernbedienung u. Dimmer",190.83]
[72226010,"Fernbedienung für LED Farblichtgerät FL 630 RC",12.5]
[72226015,"USB DOCK zu Wave.com 4 sound u light",94.5]
[72226020,"wave.com4 sound & light",1021]
[72226025,"LED Farblicht \"Big Panel\" 53 x 53 cm - m. FB u. Dimmer",248.33]
[72227000,"wave.com4 Farbe - Farblampe und Bedienteil",665.83]
[72227008,"WAVECOM4 - LEDFarblicht",472.15]
[72227010,"WAVECOM4 - Bedienteil zu LEDFarblicht (dunkles Holz)",119.28]
[72228001,"LED Farblicht - Unterbank / Rückenlehne",165.83]
[72235508,"Saunasteuerung ECON D1",249.17]
[72235509,"Saunasteuerung ECON H1",416.67]
[72235520,"Sentiotec Saunasteuerung PRO D2",473.33]
[72235530,"Sentiotec Saunasteuerung PRO D3",528.33000000000004]
[72235535,"Sentiotec S-WIFI und BUS-CON-D - Set",248.33]
[72235538,"Türsensor Home",70.83]
[72235539,"Türsensor Home",70.83]
[72236510,"Feuchtefühler F2 für Steuerung HCS 9003 und HIC 75",155.06]
[72238513,"Leistungserweiterung bis zu 18 kW - mit Gehäuse",249.17]
[72238514,"Leistungs-Erweiterung bis 21 kW",352]
[72238515,"FINN - Saunasteuerung ASV3-15 - für Saunaöfen bis 15 kW",282.5]
[72238520,"WAVECOM4 SET 1 - FINN SAUNAKLIMA",603]
[72238523,"WAVECOM4 SET 2 - inkl. Fernstartelektronik + Bankfühler",715]
[72238526,"WAVECOM4 SET 3 - KOMBISAUNA SET",880]
[72251728,"Saunasteine 20kg",24.17]
[72251828,"Bankfühler F2 für die Saunabank - optional zur Steuerung AVS3",31]
[72251829,"Fühler F1 für Ofen - Thermostat und Ü-Schutz - für K1, K2 u. ASV",43]
[72251830,"Basismodul Ofenfühler F1 dunkles Holz",58.83]
[72251831,"Feuchtefühler dunkles Holz",58.83]
[72251832,"Bankfühler F2 dunkles Holz",58.83]
[72251833,"Basismodul Bedienteil",151.16999999999999]
[72251860,"Auffangschale für Saunaofen Scandia",32]
[72251870,"Heizelement zu Scandia Ofen - 3000 Watt",51]
[73201020,"PN-Taster 1, weiß",20.440000000000001]
[73201055,"Flex- Klebeschlauch DA 20 - (25 lfm)",93.5]
[73201056,"Flex- Klebeschlauch DA 20 - Einzelne Meter",5.5]
[73201059,"Gebläse - 230 Volt, 1.200 W, Luftleistung 60 m3/h",351.83]
[74001031,"Dampfdusche Tylö TYLETTE - Centre white",7085.8]
[74001032,"Dampfbadkabine TYLETTE- Centre, Fußrost aus TEAK-Holz",889.29]
[74002090,"Dampfbad Generator - VB 2/4 Mono/Duo",1082.5]
[74002091,"Dampfbad Generator - VB-06, 6.6 kW(380V)",1099.17]
[74002092,"Dampfbad Generator, VA-06 400V3N~ 6.6 kW(380V)",2572.71]
[74002093,"Dampfbad Generator, VA-09 400V3N~ 9,0 kW(380V)",3093.07]
[74002094,"Dampfbad Generator 12,0 kW (380V) VA-12 400V3N~",3093.16]
[74002095,"Dampfbad Generator 18,0 kW (380V) VA-18 400V3N~",5915.72]
[74002096,"Dampfbad Generator 24,0 kW (380V), VA-24 400V3N~",6691.01]
[74002097,"Dampfbad Steuerung, CC 10- Aufputz",332.5]
[74002098,"Dampfbad Steuerung, CC 10-10S",552.21]
[74002099,"Dampfbad Steuerung, Steuerung CC 50 / 3 bis 12 Std.",437.76]
[74002102,"Dampfbad Steuerung CC 300",981.18]
[74002103,"Dampfbad - Entkalker automatisch",387.79]
[74002104,"Dampfbad Entkalkung Solvent 50 , 1 Pack.",6.56]
[74002107,"Dampfbad Leuchte A, Klassische Wandleuchte, 24 Volt",106.64]
[74002115,"Downlight - Dampfbad Spannung 12 V / 5 W - ohne Trafo",41.08]
[74002125,"Dampfbad Entkalkung Solvent 50 = 10 StückPackung",65.599999999999994]
[74002129,"Dampfbad Licht Trafo 24V/ 200 Watt",180.48]
[74002135,"Dampfbad Steuerung H1 - einfachste Bedienung",467.95]
[74003090,"TYLÖ - Dampfbad Generator - VB 2/4/6",1778.58]
[74003091,"Dampfbad Generator - VB-06, 6.6 kW(380V)",1252.3699999999999]
[74003102,"Dampfbad Generator - Dampfdüse Steam Outlet",74.92]
[74004020,"Dampfbadtür - m. Bodenschwelle, Außenmaß: 79,0 x 189,0 cm",324.17]
[74004022,"Dampfbadtür - m. Bodenschwelle, Außenmaß: 69,0 x 189,0 cm",307.5]
[74005030,"Dampfbad-Duft-Emulsionen 1,00 l - Eukalyptus (Atmung)",22]
[74005031,"Dampfbad-Duft-Emulsionen 1,00 l - Kiefer (Tonisch)",24.25]
[74005032,"Dampfbad-Duft-Emulsionen 1,00 l - Euka/Minze (Erfrischend)",22.92]
[74005034,"Dampfbad-Duft-Emulsionen 1,00 l - Cajeput/Citron (Stimulant)",26.92]
[74005035,"Dampfbad-Duft-Emulsionen 1,00 l - Luxus (Energiespendend)",24.75]
[74005036,"Dampfbad-Duft-Emulsionen 1,00 l - Lavendel (Entspannend)",30.58]
[74005037,"Dampfbad-Duft-Emulsionen 1,00 l - Elinya (Schlankmachend)",29.67]
[74503500,"Dampfdusche Farblicht - Wasserfest, 90 Power Leds",640.83000000000004]
[75009901,"AT - TECHNIK & ZUBEHÖR - Verpackungs- und Versandkosten",89]
[75009902,"DE - POOLTECHNIK & ZUBEHÖR - Verpackungs- und Versandkosten",99]
[75009903,"CH - POOLTECHNIK & ZUBEHÖR - Verpackungs- und Versandkosten",249]
[77101010,"Harvia Legend Hot Tub (inkl. Filtersystemanschluss)",2999.17]
[77101020,"Harvia Legend Hot Tub - Isolierhülle",391.67]
[77101021,"Harvia Legend Hot Tub - Einstiegsstufe schwarz",82.5]
[77101022,"Harvia Legend Hot Tub - Zusatzheizung 3000W / 230V",349.17]
[77778889,"2% FRÜHLINGSAKTION 2022",0]
[78001001,"Whirlpool HOME SPA - Weiss",20250]
[78001002,"Whirlpool CUBE - mit Walnussverkleidung",21379.17]
[78001003,"Whirlpool CUBE - Graphitgrau",21810]
[78001004,"Whirlpool CUBE - Weiss mit Solid Surface",26291.67]
[78001005,"Whirlpool CUBE ERGO - mit Walnussverkleidung",21866.67]
[78001006,"Whirlpool CUBE ERGO - Graphitgrau",21808.33]
[78001007,"Whirlpool CUBE ERGO - Weiss mit Solid Surface",26291.67]
[78001008,"Whirlpool SUITE SPA",13554.17]
[78001009,"Whirlpool QUANTUM",17500]
[78001021,"Whirlpool ESSENCE",14708.33]
[78001022,"Whirlpool VELVET",18091.669999999998]
[78001023,"Whirlpool SOFT",14304.17]
[78001024,"Blueconnect PLUS",650]
[78001031,"Whirlpool TOUCH",9108.33]
[78001032,"Whirlpool PULSE",9216.67]
[78001033,"Whirlpool AQUALIFE 7",11187.5]
[78001034,"Whirlpool AQUALIFE 5",9445.83]
[78001035,"Whirlpool SUNDOWN",10350]
[78001036,"Whirlpool FEEL",9727.5]
[78002000,"ABZUG Whirlpool - AKTION",0]
[78100001,"Whirlpool-Treppe mit 2 Stufen AQUAVIA - GRAPHITGRAU",580]
[78100002,"Whirlpool - Spa Cover - THALASSA",1000]
[78100003,"Whirlpool-Treppe mit 2 Stufen AQUAVIA - NUSSBAUM",580]
[78100004,"Whirlpool-Treppe mit 2 Stufen AQUAVIA - THUNDERGRAU",580]
[78100005,"Whirlpool-Treppe mit 2 Stufen AQUAVIA - BUTTERFLY",580]
[78100006,"Whirlpool-Treppe mit 2 Stufen AQUAVIA - ENIGMA",580]
[78100007,"Whirlpool-Treppe \"BASIC\"",198]
[78100008,"Whirlpool-Treppe \"EXCLUSIVE 1 STUFE SOLID SURFACE WEISS\"",586]
[78100009,"Whirlpool - SICHERHEITSSTANGE",397]
[78100010,"Whirlpool - SONNENSCHIRM",1430]
[78100011,"Whirlpool - COVER LIFTER",472]
[78100012,"Whirlpool - ACCESS-UNTERSTÜTZUNG PORTABLE SPA",813]
[78100013,"Whirlpool - FLORAL ESSENCE Aromatherapie",12]
[78100014,"Whirlpool - PERGOLA VENICE 3000x3000x243 Graphit mit Markise",4850]
[78100015,"Whirlpool - PERGOLA VENICE 3000x3000x243 WEISS mit Markise",4850]
[78100016,"Whirlpool - AQUAVIVA WATER CARE",221]
[78100017,"Whirlpool - OCEAN BREEZE Aromatherapie",12]
[78109999,"Lieferzeit: AUF ANFRAGE",0]
[78150001,"Whirlpool - Option Exclusive: Verkleidung NUSSBAUM Woodermax",0]
[78150002,"Whirlpool - Option Exclusive: Verkleidung THUNDERGRAU Woodermax",0]
[78150003,"Whirlpool - Option Exclusive: Wi-Fi Balboa Steuerung",320]
[78150004,"Whirlpool - Option Exclusive: Nordische Isolierung - nur für ECO SPA möglich",248]
[78150005,"Whirlpool - Option Exclusive: SURROUND BLUETOOTH Audio 4.1",1379]
[78150006,"Whirlpool - Option Exclusive: BLUE CONNECT Plus",650]
[78150007,"Exclusive:Modell SUIT SPA u. QUANTUM - 5% Abzug ohne Verkleidung (Whirlpool - Option)",900]
[78160001,"Whirlpool - Option Premium: Verkleidung NUSSBAUM Woodermax",0]
[78160002,"Whirlpool - Option Premium: Verkleidung GRAPHITGRAU Woodermax",0]
[78160003,"Whirlpool - Option Premium: Verkleidung THUNDERGRAU Woodermax",0]
[78160004,"Whirlpool - Option Premium: Verkleidung BUTTERFLY Woodermax",0]
[78160005,"Whirlpool - Option Premium: Verkleidung SOFT RAIN (DARK GREY)",2468]
[78160006,"Whirlpool - Option Premium: ECO SPA",682]
[78160007,"Whirlpool - Option Premium: Nordische Isolierung - nur bei EcoSpa möglich",248]
[78160008,"Whirlpool - Option Premium: Wi-Fi Balboa Steuerung",320]
[78160009,"Whirlpool - Option Premium: Pure Line Lightning",788]
[78160010,"Whirlpool - Option Premium: BLUE CONNECT Plus",637]
[78160011,"Whirlpool - Option Premium: SURROUND BLUETOOTH Audio 4.1",1407]
[78170001,"Whirlpool - Option Aqualife: Doppelte Isolierung für SUNDOWN",471]
[78170002,"Whirlpool - Option Aqualife: Doppelte Isolierung für CALYPSO",471]
[78170003,"Whirlpool - Option Aqualife: EcoSpa",682]
[78170004,"Whirlpool - Option Aqualife: Nordische Isolierung - nur bei EcoSpa möglich",248]
[78170005,"Whirlpool - Option Aqualife: Woodermax Verkelidung THUNDERGRAU",669]
[78170006,"Whirlpool - Option Aqualife: Woodermax Verkelidung NUSSBAUM",669]
[78170007,"Whirlpool - Option Aqualife: Woodermax Verkelidung BUTTERFLY",669]
[78170008,"Whirlpool - Option Aqualife: 3 LED - Evironmental Lightning System",326]
[78170009,"Whirlpool - Option Aqualife: Farbe Perle CAMEO",205]
[78170010,"Whirlpool - Option Aqualife: Farbe STERLING MARBLE",205]
[78170011,"Whirlpool - Option Aqualife: Farbe SAND",205]
[78170012,"Whirlpool - Option Aqualife: BLUETOOTH AUDIO 2.1",981]
[78170013,"Whirlpool - Option Aqualife: Wi-Fi BALBOA STEUERUNG + COLOUR TOUCH PANEL",565]
[78200001,"Temperaturfühler GS/ GL f. Whirlpools",201.6]
[78200002,"Heizung 3KW GS I GL f. Whirlpools",254.88]
[78200003,"Füllstandssensor für BP Systeme f. Whirlpools",39.85]
[78200004,"Platine BP21G1WL f. Whirlpools",388.23]
[78200005,"Platine BP6013G1 f. Whirlpools",459.54]
[78200006,"Platine BP6013G2 f. Whirlpools",467.26]
[78200007,"Filterpumpe 200W IBE136 f. Whirlpools",219.12]
[78200008,"Massagepumpe LP250 CV f. Whirlpools",490.58]
[78200009,"Gebläsepumpe 1150W mit Heizung f. Whirlpools",393.08]
[78200010,"SPA Gebläse 400W f. Whirlpools",202.97]
[78200011,"Bedienfeld TP600 W/OVERLAY f. Whirlpools",268.2]
[78200012,"Abdeckung 1 Pumpe / Gebläse TP600 f. Whirlpools",46.47]
[78200013,"Abdeckung 2 Pumpen TP600 f. Whirlpools",46.47]
[78200014,"Abdeckung 1 Pumpe TP600 f. Whirlpools",46.47]
[78200015,"Bedienfeld SPATOUCH2T minimalistisch f. Whirlpools",619.9]
[78200016,"Scheinwerfer LED Set RD f. Whirlpools",61.88]
[78200017,"Scheinwerfer MASTER LED f. Whirlpools",117.42]
[78200018,"Scheinwerfer SLAVE LED f. Whirlpools",103.93]
[78200019,"Einströmdüsen BODY SET 2\" f. Whirlpools",20.62]
[78200020,"Einströmdüsen BODY SET 3\" f. Whirlpools",23.7]
[78200021,"Ozon KIT f. Whirlpools",169.77]
[78200022,"Filterkartusche SKIMFILTER RD f. Whirlpools",84.95]
[78200023,"Massagepumpe LP300 3CV f. Whirlpools",526.24]
[78200024,"Kabelsatz 4 Ausgänge + LEDS f. Whirlpools",106.62]
[78200025,"UV Desinfektionssystem 21W",345.03]
[78200026,"Rückschlagventil D32",33.35]
[78200027,"Düsen f. Whirlpools",21.83]
[78200028,"Bedienfeld Spa Touch 3 f. Whirlpools",677.33]
[78200029,"Trafo zu LED Home Spa",345]
[78200030,"LED-Lichter zu Außenverkleidung Home Spa",115]
[78200031,"Eck-Kissen für Whirlpool (Feel)",0]
[78200032,"Kopfstütze für Whirlpool (Cubierta Para)",149.25]
[78200033,"Verschraubungen zu Heizung f. Whirlpools (2 Stk.)",61.88]
[80001000,"SONDERBESTELLUNG - SCHWIMMBECKEN",0]
[80002000,"SONDERBESTELLUNG - Schwimmbecken ABDECKUNG",0]
[80005000,"SONDERBESTELLUNG - Schwimmbecken TECHNIK",0]
[80006000,"SONDERBESTELLUNG - Schwimmbecken RANDSTEINE",0]
[80007000,"SONDERBESTELLUNG - Sauna:",0]
[80007500,"SONDERBESTELLUNG - Infrarot:",0]
[80007700,"SONDERBESTELLUNG - Dampfdusche:",0]
[80007800,"SONDERBESTELLUNG - Whirlpool:",0]
[80008000,"DE - Verpackung und Versandkosten Paket Post bis 30 kg, bis 100 cm",7.73]
[80009999,"Sonderbestellung Ersatzteil:",0]
[81002000,"AT - Frachtkosten Randsteinset - 1 Palette",149]
[81002005,"Vorfracht AT - Frachtkosten Randsteinset - 1 Palette",82.4]
[81002011,"CH - Frachtkosten Randsteinset - 1 Palette, unverzollt",226.6]
[81002015,"Vorfracht ab Werk - CH- Frachtkosten Randsteinset - 1 Palette",80]
[81002040,"%% Jetzt in Aktion %% - FRACHTFREIE Lieferung von Albixon !!!",0]
[81002050,"Aufpreis Fracht - bei 2 Sendungen ISO MASSIV SETS (Vorbereitung + Restlieferung)",60]
[81002100,"Frachtkosten Randsteinset - 1 Palette - ab Werk Italien",289]
[81002521,"Versand und Verpackung Laufschiene - 200-325 cm Länge (Laufschiene)",280]
[81002522,"Versand und Verpackung Laufschiene - 200-325 cm Länge (Laufschiene)",280]
[81002543,"Versand + Verpackungskosten vom Werk aus Horovicze CZ - max. 20 kg.",37.1]
[81002549,"Versand+ Verpackungskosten vom Werk aus Horovicze - > 2 mm Fläche (Platten)",390]
[81002580,"ISO- Massiv Transport nach Vereinbarung - andere Länder",0]
[81003002,"DE - Frachtkosten Randsteinset ab Werk",189]
[81003005,"Vorfracht ab Werk - DE - Frachtkosten Randsteinset - 1 Palette",82.4]
[81003200,"Rollladen Schutzbehälter für Transport - Kiste",139]
[81003300,"Rolladen Transport ab Werk France < 310 cm Länge",599]
[81003350,"Rolladen Transport ab Werk France < 410 cm Länge",649]
[81003400,"Rolladen Transport ab Werk France < 510 cm Länge",749]
[81005000,"Fracht für Zustellung Whirlpool ab WERK inkl. Inbetriebnahme",1083.33]
[81005001,"Whirlpool AUFPREIS für Kran, zzgl. behördlicher Genehmigungen",750]
[81005050,"AKTION - FRACHT bei SETKAUF lt. Shopaktion 2020",65.84]
[81005555,"Selbstabholung der Ware in Linz",0]
[81006666,"EASY-TOP Frachtkosten ab Werk Frankreich",241.67]
[81007105,"Lagergebühr bei Selbstabholung - pro Palette /Tag",2.5]
[81007501,"DE - Sauna - Versandkosten (Direktanlieferung) ab Werk",216.3]
[81008050,"AT - Versandkosten POOLRIPP - 2022 FRACHTFREI Aktion",0]
[81008060,"DE - Versandkosten POOLRIPP - 2022 FRACHTFREI Aktion",0]
[81008070,"CH - Versandkosten POOLRIPP Rippenrohrkollektor - SET",255]
[81008100,"Verpackung + Versandkosten + Verwaltung",7.92]
[81008110,"Verpackung + Versandkosten + Verwaltung - bei Mindermenge unter 50,00 Euro",15]
[81008111,"Mindermengenzuschlag unter 30,00 Euro Warenwert",10]
[81008150,"AT+ DE Versandkosten Folie ab Werk (bis 40 m2)",41.4]
[81008160,"AT+ DE Versandkosten POOL - FOLIE",95]
[81008170,"CH Versandkosten ab Werk - FOLIE bis 70 m2 (keine zusätzlichen Produkte)",139.1]
[81008180,"AT+ DE Versandkosten ab Werk - für Folie",37.1]
[81008190,"Vorfracht + Verpackung bei Selbstabholung",25.8]
[81008200,"Stahlwandpool - Versandkosten AT + DE",75]
[81008203,"AT Versandkostenanteil - Holzbecken SET (Direktanlieferung)",86.3]
[81008204,"CH - Holzbecken Versandkostenanteil",360]
[81008520,"BONUS bei Bestellsumme über 4000,00 bis 8000,- Euro netto. (exkl. Gewebefolie u. Fracht)",0]
[81008530,"BONUS bei Bestellsumme über 8000,00 bis 12000,- Euro netto. (exkl. Gewebefolie u. Fracht)",0]
[81008540,"BONUS bei Bestellsumme über 12000,00 bis 16000,- Euro netto. (exkl. Gewebefolie u. Fracht)",0]
[81008550,"BONUS bei Bestellsumme über 16000,- Euro netto. (exkl. Gewebefolie u. Fracht)",0]
[81008590,"2% BONUS/Rabatt für kompletten SETKAUF - (exkl. Fracht)",0]
[81008595,"GUTSCHEIN Onlineaktion",0]
[81008596,"GUTSCHEIN Onlineaktion",0]
[81008800,"AT - Versandkosten Pool SET- lt. ihrer Kalkulation",250]
[81008888,"AT - Transportkosten Überdachung Selbstbausatz",423]
[81008900,"DE - Versandkosten Pool SET- lt. ihrer Kalkulation",209]
[81008950,"CH - Versandkosten Pool SET- lt. ihrer Kalkulation, Frei Haus, unverzollt",412]
[81008953,"Versandkosten Pool SET- 1.ste Lieferung (Teilversand)",0]
[81008955,"Versandkosten Pool SET- 2te Restlieferung (Teilversand)",0]
[81009000,"POOLDOKTOR Getränkehalter - Poolbar",32.520000000000003]
[81009100,"CH - ab 20 kg, Verpackung- und Versandkosten, unverzollt",90]
[81009997,"CH- Fracht- Rollabdeckplane m. Transportversicherung",370]
[81009998,"DE- Fracht- Rollabdeckplane m. Transportversicherung",224.17]
[81009999,"AT- Fracht- Rollabdeckplane m. Transportversicherung",208.75]
[81448954,"AT + DE - Versandkosten WEKA - AB WERK DE",99.17]
[81505100,"Bedienungsanleitung Massageanleitung",0]
[81505200,"Bedienungsanleitung BOMBA Gegenstromanlage",0]
[81505300,"Bedienungsanleitung Sandfilteranlage LISBOA",0]
[81505400,"Bedienungsanleitung POOLRIPP Kollektoren",0]
[81505500,"Bauhinweise / Anleitung ISO MASSIV Schwimmbecken",0]
[81505550,"Bauhinweise - WUNDER STONE - Verarbeitungshinweise !",0]
[81505600,"Anleitung LED-Scheinwerfer FLACH (Paket 23105511)",1]
[85008500,"Vorfracht Werk Überdachung Selbstbausatz > Selbstabholung in Linz",100]
[88881001,"ABVERKAUF - SPECK-Pumpe Badu Prime 90/11 - 230 V Pumpenleistung ca. 11 m³/h",532.5]
[88881002,"ABVERKAUF - SPECK-Pumpe Badu Prime 90/11 - 400 V Pumpenleistung ca. 11 m³/h",499.17]
[88881003,"ABVERKAUF - SPECK-Pumpe Badu Prime 90/15 - 400 V Pumpenleistung ca. 17 m³/h",565.83000000000004]
[88881005,"ABVERKAUF - STA-RITE Pumpe 5P2RD-1 - 13 m3/h - 230 V",499.17]
[88881006,"ABVERKAUF - STA-RITE Pumpe 5P2RD-3 - 13 m3/h - 400 V",482.5]
[90000043,"Luftventile 3/8\" - Luftansaugung (Rückschlagventil)",15.83]
[90000089,"Freier Artikel - für Kassa",17.5]
[90000090,"Verteiler T-Form (3polig)",31.9]
[90000135,"Google Bewertung ?",0]
[90000144,"ABVERKAUF - Ersatz - INNENHÜLLE zu Weka Pool - CAPRI/KORSIKA - 0,6mm blau",282.5]
[90000147,"ABVERKAUF - INNENHÜLLE Rundbecken PVC 0,8mm ø4,00m H 120 cm - BLAU",249.17]
[90000172,"Edelstahl - Siebeinschub Skimmer V4A",297.67]
[90000173,"LEIHGERÄT Dolphin SUPREME M5 PRO - M500 - PVC-Bürste",1665.83]
[90000174,"Blende ohne Flansch, Dichtung und Schrauben, weiß, zu Slim Skimmer (456176)",11.18]
[90000175,"Flansch mit Blende und Schrauben, ohne Dichtung, anthrazit zu Skimmer (458382A)",37.049999999999997]
[90000176,"Dolphin - Trafo Bio mit Timer für Dolphin Supreme Bio und Dolphin Supreme M500",207.42]
[90000177,"Dolphin - Führungsrad zu Primus Junior",17.920000000000002]
[90000178,"Dolphin - Trafo IOT 120W für S300i",387.17]
[90000179,"Skimmerschaft rund und Deckel weiß zu Skimmer",28.15]
[90000180,"Vaumstrip kit (10 Stück) für Dolphin",25.92]
[90000181,"Rückschlagklappe für Dolphin",6.76]
[90000182,"ABVERKAUF - PROFLEX Rollabdeckplane 726 x 327 - HELLBLAU",1000]
[90000183,"LEIHGERÄT Dolphin - Trafo E10,E20,S200",182.5]
[90000184,"Lüfterrad und Lüfterhaube f. 0,75 kW - Torpedo Pumpe",14.75]
[90000185,"AirCover-Reparaturset - adria blau",20.170000000000002]
[90000186,"Flansch mit Blende und Schrauben, ohne Dichtung, weiß zu Skimmer (04307)",30.96]
[90000187,"PC Board für PHP10",204.67]
[90000188,"Ausstellungstück Dolphin X90",1617.75]
[90000189,"Ausstellungstück Dolphin X70",1351.25]
[90000190,"Ausstellungstück Dolphin S300i",1187.58]
[90000191,"Ausstellungstück Dolphin S200",1024.17]
[90000192,"Ausstellungstück Dolphin Junior",619.83000000000004]
[90000193,"Ausstellungstück Dolphin E10",568.58000000000004]
[90000194,"Filterdeckel transparent zu Filterkessel Europa",40.270000000000003]
[90000195,"Wassereinlauftrichter zu Filterkessel Europa",9.64]
[90000196,"Schutzschalter ink.Schutzhaube zu Niagara 150 / 1,12 KW",57.43]
[90000197,"Gutschein Online",0]
[90000198,"Dolphin - Trafo IOT 180W für M600 / X70",284.58]
[90000199,"Skimmerdeckel weiß",18.22]
[90000200,"Rückschlagklappe Grau links für Dolphin Dynamic Plus",9.34]
[90000201,"EASY TOP Schutzpuffer pro Einheit (1 Puffer + 3 Nieten zum Einsetzen)",14.72]
[90000202,"EASY First und One Schutzpuffer pro Einheit (1 Puffer + 3 Nieten zum Einsetzen)",14.72]
[90000203,"EASY Schutzpuffer-Set für nicht rechteckige Becken (selbst einzubauen)",5.0599999999999996]
[90000204,"Flansch mit Blende und Schrauben, ohne Dichtung, weiß zu Skimmer (458382)",30.96]
[90000205,"Impellerrad f. DIY MU",13.52]
[90000206,"Verrigelung Filterabdeckung - blau",3.86]
[90000207,"LEIHGERÄT Dolphin - Trafo EU Dynamic Reset (X90, M500)",182.5]
[91009040,"20% Manipulationsgebür für die Rückgabe der Sonderbestellung",0]
[91009050,"WICHTIG HINWEISE ZUR WARENÜBERNAHME",0]
[91009060,"Wichtiger Hinweis: Bei der Anlieferung stellt der Kunde eine Abladehilfe!",0]
[91009100,"ANGEBOT GÜLTIG bei Bestellung bis (Angebotsdatum + 14 Tage) !",0]
[91009150,"0,8 mm Folie Sonderbestellung ! Maße (L= B= H= )werden vom Kunden gleich nach Erstellung des Ausgleichsbehälters mitgeteilt! 4 Wochen Fertigungszeit.",0]
[92009200,"Poolgröße:L=000 B=000 H=000 cm - Treppe: JA/Nein Form: ECKIG - Sitzbank:JA/Nein - Folie: 0,8mm/Gewebefolie",0]
[92009206,"Poolgröße ECKIG 600 x 300 x 150 inkl. Treppe (Gewebefolie verlegt) und Technikschacht",0]
[92009207,"Poolgröße ECKIG 700 x 350 x 150 inkl. Treppe (Gewebefolie verlegt) und Technikschacht",0]
[92009208,"Poolgröße ECKIG 800 x 400 x 150 inkl. Treppe (Gewebefolie verlegt) und Technikschacht",0]
[92009209,"Poolgröße ECKIG 900 x 400 x 150 inkl. Treppe (Gewebefolie verlegt) und Technikschacht",0]
[92009210,"Poolgröße ECKIG 1000 x 500 x 150 inkl. Treppe (Gewebefolie verlegt) und Technikschacht",0]
[93009300,"INFO ZU VORKASSE",0]
[99009900,"REPARATURAUFTRAG - Reparaturschein",0]
[99119951,"ABVERKAUF - Alkorplan Natura Pool - dunkelgrau - 2,05 - 20 lfm",915.83]
[99990150,"Ausstellungstück Dolphin M600",808.33]
[99990165,"AUSSTELLUNG Wärmepumpe AXR13 - TurboSilence Inverter",2749.17]
[99990166,"ABVERKAUF Wärmepumpe AXR13 - TurboSilence Inverter",2558.33]
[99990167,"ABVERKAUF Wärmepumpe AXR17 - TurboSilence Inverter",3225.14]
[99991118,"Ausstellungsstück EKS Single Vakuumsolarbrause Verkleidung Edelstahl gebürstet",1557.5]
[99992120,"ABVERKAUF - RUNDBECKEN 500 cm *150 cm - 0,8 mm Folie, BLAU",1040.83]
[99992130,"ABVERKAUF - RUNDBECKEN 450 cm *120 cm - 0,8 mm Folie, BLAU",790.83]
[99992140,"ABVERKAUF - RUNDBECKEN 400 cm *120 cm - 0,8 mm Folie, BLAU",699.17]
[99992150,"ABVERKAUF - RUNDBECKEN 600 cm*135 cm - 0,8 mm Folie, SAND",1249.17]
[99992160,"ABVERKAUF - RUNDBECKEN 500 cm*150 cm - 0,8 mm Folie, SAND",1199.17]
[99992170,"ABVERKAUF - ACHTFORMBECKEN 470 x 300 x 120 cm - 0,8 mm Folie, SAND",1457.5]
[99992625,"Ausstellungstück Kartuschenfilteranlage SK 2 - verklebt, Torpedo 50 Filterpumpe (2 Colli)",415.83]
[99993801,"ABVERKAUF - Innenhülle 0,8mm - ECKIG - 700 x 350 x 150 - Mod 3 - Farbe HELLBLAU",632.5]
[99993802,"ABVERKAUF - Innenhülle 0,8mm - ECKIG - 600 x 300 x 150 - Mod 3 - Farbe DUNKELGRAU",549.16999999999996]
[99994125,"ABVERKAUF - INNENHÜLLE Rundbecken PVC 0,8mm ø5,00m H 120 cm - BLAU",415.83]
[99994126,"ABVERKAUF - INNENHÜLLE Rundbecken PVC 0,8mm ø5,00m H 150 cm - SAND",499.17]
[99994215,"ABVERKAUF - INNENHÜLLE Rundbecken PVC 0,6mm ø3,50m H 150 cm - BLAU",274.17]
[99995020,"ABVERKAUF - GeoBubble 700 x 304 Eckig - blau/schwarz, 400my",175.5]
[99995021,"ABVERKAUF - Sol+Guard 500 x 300 Eckig - 500 my, transparent",173.75]
[99995022,"ABVERKAUF - Sol+Guard 600 x 300 Eckig - 500 my, transparent",199.17]
[99995023,"ABVERKAUF - GeoBubble 700 x 350 Eckig - blau/schwarz, 400my",249.17]
[99995024,"ABVERKAUF - PVC Abdeckplane RUND 350 - GRAU",100]
[99995025,"ABVERKAUF - PVC Abdeckplane Oval 7,73 x 3,60 - GRAU",100]
[99995026,"ABVERKAUF - PEB 200gr Abdeckplane ECKIG 1000 x 600 cm",182.5]
[99995027,"ABVERKAUF SAWOTEC Saunaofen Scandia 8,0 kW mit integrierter Steuerung (1 Karton)",274.17]
[99995029,"ABVERKAUF - Sol+Guard 737 x 360 Eckig - 500 my, transparent",307.33]
[99995030,"ABVERKAUF - Solarmatte ECKIG 6,0 x 3,0 blau, 400my, gefertigt",142.5]
[99995031,"ABVERKAUF - Solarmatte ECKIG 9,28 x 2,43 blau, 400my, gefertigt",178.92]
[99995032,"ABVERKAUF - Solarmatte RUND 360 cm blau, 400my, gefertigt",90.83]
[99995033,"ABVERKAUF - Solarmatte RUND 500 cm blau, 500my, gefertigt",165.83]
[99995056,"ABVERKAUF - Dolphin RS1",249.17]
[99995057,"Ausstellungstück Solardusche SABA",499.17]
[99995059,"Ausstellungstück Dusche HELENA",657.5]
[99995060,"Ausstellungstück Solardusche JAMAICA",982.5]
[99995061,"Ausstellungstück Solardusche TOBAGO",957.5]
[99995062,"Ausstellungstück DUSCHE ELBA",657.5]
[99995063,"Ausstellungstück Schwalldusche PHOENIX /Bali mini",474.17]
[99995064,"Ausstellungstück Schwallrohr mit Flachstrahl",166.58]
[99995065,"Ausstellungstück Solardusche QUADRA",1232.5]
[99995066,"Ausstellungstück Solardusche PLUVIUM",949.17]
[99995067,"Ausstellungstück Solardusche Trinidad",915]
[99995068,"Ausstellungstück Solardusche NIAGARA",615.83000000000004]
[99995069,"AUSSTELLUNG Solardusche ANGEL",391.04]
[99995075,"Ausstellungstück Poolpumpe EPV-150 - Variabel",582.5]
[99995076,"Ausstellungstück Sandfilterkessel LISBOA 500 - alleine",349.17]
[99995077,"Ausstellungstück Sandfilterkessel Mono 400 - alleine",245]
[99995078,"Ausstellungstück Sandfilterkessel LISBOA 450 - alleine",315.83]
[99995079,"Ausstellungstück Sandfilterkessel Lisboa 500 mit 6-Wegeventil",349.17]
[99995080,"Ausstellungstück SET Sandfilteranlage Lisboa 600 mit Torpedo 100",749.17]
[99995081,"Ausstellungstück SET Sandfilteranlage Lisboa 750 mit Niagara 150",1032.5]
[99995082,"Ausstellungstück SET Sandfilteranlage SF 400 mit Torpedo 50",507.5]
[99995083,"Ausstellungstück SET Sandfilteranlage Lisboa 450 mit Torpedo 50",565.83000000000004]
[99995085,"Ausstellungstück Solardusche KUBA",982.5]
[99995086,"Ausstellungstück Duschtasse zu Solardusche PLUVIUM",282.5]
[99995087,"Ausstellungstück Blockbohlen Kassettensauna  DIAMANT 8, Größe: 2,29 x 1,99 x 2,0",3800]
[99995091,"Ausstellungstück Infrarotkabine Komfort DUO",1740]
[99995096,"Ausstellungstück Infrawave RR - 133 ECK",2665.83]
[99995097,"Ausstellungstück Infrarotkabine Infrawave RR - 133",1957.5]
[99995098,"Ausstellungstück Infrarotkabine Infrawave LOUNGE",3458.33]
[99995164,"Ausstellungstück Solardusche IGUAZU SOLAR",1215.83]
[99995187,"Ausstellungstück SET Varberg Deluxe RECHTS inkl. 2 Tiefenwärmestrahler",3572.86]
[99995196,"Ausstellungstück Infrawave RR - 113",1832.5]
[99995251,"Ausstellungstück WEKA Holzbecken Korsika 1",1989.17]
[99995252,"Ausstellungstück Aufroller mit Räder",199.17]
[99995258,"Ausstellungstück Future Pool Rundbecken Wood 350 x 120 cm - Folie blau",1817.17]
[99995287,"Ausstellungstück SET Varberg Deluxe GERADE - inkl. 2 Tiefenwärmestrahler",3915.83]
[99995288,"Ausstellungstück Sandfilteranlage MONO 400 DM - Pumpe TORPEDO 50, 230 V - 8 m3 /h Filterleistung",374.17]
[99995289,"Ausstellungstück Edelstahlleiter 120 V2A, 4 + 4 Stufen",249.17]
[99995456,"Ausstellungstück Polyestertreppe Ravenna 250 cm",2280]
[99995459,"Ausstellungstück \"WANDMONTAGE\" Polyestertreppe ELEGANZ 60 - Farbe weiß 60 \"U\" CK",1066.5]
[99995547,"ABVERKAUF - INNENHÜLLE Ovalb. PVC 0,8mm, ø8,20x4,20m, H 150 cm - BLAU",782.5]
[99997410,"ABVERKAUF - INNENHÜLLE Rundbecken PVC 0,8mm ø4,00m H 120 cm - BLAU",249.17]
[99997411,"ABVERKAUF - INNENHÜLLE Rundbecken PVC 0,8mm ø4,50m H 150 cm - BLAU",399.17]
[99997412,"ABVERKAUF - INNENHÜLLE Ovalb. PVC 0,8mm, ø6,30x3,60m, H 120 cm - BLAU",449.17]
[99997414,"ABVERKAUF - PROFLEX Rollabdeckplane - 650 x 350 - GRAU",813.25]
[99997415,"ABVERKAUF - INNENHÜLLE Rundbecken PVC 0,8mm ø6,00m H 120 cm - BLAU",515.83000000000004]
[99997419,"ABVERKAUF - INNENHÜLLE Achtformb. PVC 0,8mm, ø5,25x3,20m, H 120cm - BLAU",407.5]
[99997420,"ABVERKAUF - INNENHÜLLE Ovalb. PVC 0,8mm, ø8,00x4,00m, H 120 cm - BLAU",574.16999999999996]
[99997421,"ABVERKAUF - INNENHÜLLE Ovalb. PVC 0,8mm, ø5,30x3,20m, H 120 cm, BLAU",315.83]
[99997430,"ABVERKAUF - Innenhülle 0,8mm - ECKIG - 700 x 350 x 150 - Mod 3 - Farbe DUNKELGRAU",632.5]
[99997431,"ABVERKAUF - Innenhülle 0,8mm - ECKIG - 800 x 400 x 150 - Mod 3 - Farbe DUNKELGRAU",774.17]
[99997435,"ABVERKAUF - Innenhülle 0,8mm - ECKIG - 800 x 400 x 150 - Mod 3 - Farbe GRAU",774.17]
[99997450,"ABVERKAUF - INNENHÜLLE Eckig 9,00x4,00x1,50m, PVC 0,8mm, BLAU, Mod.3",842.66]
[99997489,"ABVERKAUF - Innenhülle / Rundbecken d= 5,00 m, h= 1,20 m, Folie 0,8 mm - SAND",510.16]
[99997499,"ABVERKAUF - Innenhülle / Rundbecken d= 5,00 m, h= 1,20 m, Folie 0,8 mm - BLAU",249.08]
[99997510,"ABVERKAUF - CABRIO DOME 370 cm - RUND, breiter Handlauf (8-25 cm)",682.5]
[99997520,"ABVERKAUF - CABRIO DOME 4,0 / 4,2 m - RUND, schmaler Handlauf",715.83]
[99997530,"ABVERKAUF - CABRIO DOME 550 cm - RUND, breiter Handlauf (8-25 cm)",874.17]
[99997531,"ABVERKAUF - CABRIO DOME 550 cm - RUND, schmaler Handlauf",832.5]
[99997532,"ABVERKAUF - CABRIO DOME 600 cm - RUND, schmaler Handlauf inkl. Befestigungsgarnitur",1040.83]
[99997533,"ABVERKAUF - FP-Winterabdeckplane aus PEB für Rundbecken Fun Ø 1000 cm",249.17]
[99997534,"ABVERKAUF Einhänge - Edelstahlleiter WEIT, 4-stufig",224.17]
[99997535,"ABVERKAUF - INNENHÜLLE Halboval PVC 0,8mm, ø6,0x3,0 m, H 150 cm - marmorweiß",532.5]
[99997536,"ABVERKAUF - INNENHÜLLE Rundbecken PVC 0,8mm ø4,50m H 120 cm - HELLBLAU",433]
[99997537,"ABVERKAUF - INNENHÜLLE Ovalb. PVC 0,8mm, ø5,30x3,20m, H 150 cm, BLAU",415.83]
[99997538,"ABVERKAUF - Innenhülle 0,8mm - ECKIG - 700 x 400 x 150 - Mod 3 - Farbe GRAU",774.17]
[99997540,"ABVERKAUF - Ersatzfolie zu Cabrio Dome 300/320 cm - schmaler Handlauf",267]
[99998020,"ABVERKAUF - Aufblasbare Haube - Weka Capri/Korsika 1",465.83]
[99998021,"ABVERKAUF - Aufblasbare Haube - Oval 7 x 3,5 m",682.5]
[99998022,"ABVERKAUF - Aufblasbare Haube - Oval 6,23 x 3,6 m",624.16999999999996]
[99998023,"ABVERKAUF - Aufblasbare Haube - Rund 3,5/3,6 m",374.17]
[99998024,"ABVERKAUF - Aufblasbare Haube - ECKIG 4,50 x 3,0 m",515.83000000000004]
[99998025,"ABVERKAUF - Aufblasbare Haube - Rund 4,39 m GRAU",657.5]
[99998050,"Ausstellungstück Sauaofen Scandia 8,0 kW - Finnisch",182.5]
[99998051,"Ausstellungstück Sauaofen Therme 7,5 kW - Finnisch",240.83]
[99998052,"Ausstellungstück Sauaofen BIO-THERM 7,5 kW - inkl. Dampf",553.83000000000004]
[99998053,"Ausstellungstück Sauaofen IRON 7,5 kW - Finnisch",115.83]
[99998054,"Ausstellungstück Kombiofen Scandia 8,0 kW - inkl. Dampf",340.83]
[99998055,"Ausstellungstück Saunasteuerung ECON D1",159]
[99998056,"Ausstellungstück Saunasteuerung ECON H1",274.17]
[99998057,"Ausstellungstück Saunasteuerung K2-NEXT- FINN",115.83]
[99998058,"Ausstellungstück Saunasteuerung K3-NEXT- BIO",157.5]
[99998059,"Ausstellungstück WAVECOM4 SET 1 - FINN SAUNAKLIMA",412.5]
[99998060,"Ausstellungstück POOLVOLTAIK - Photovoltaik Modul 300 Watt",466.83]
[99998061,"Ausstellungstück POOLVOLTAIK - Bügel für Bodenmontage",79.17]
[99998062,"Ausstellungstück SPECK Pumpe Magic II / 6 - 6m3/h - 8mWs - passend zu Filterkessel d 400 mm",282.58]
[99998063,"Ausstellungstück SPECK-Pumpe BADU TOP II (Bettar) 12 - 230 Volt - ca. 11 m³/h",340.75]
[99998064,"Ausstellungstück Poolpumpe TORPEDO 75 - 230 Volt - SA075M",265.83]
[99998065,"Ausstellungstück GEGENSTROMPUMPE 2,9 KW - 400 V, 7,3A - 78 m3/h / 4 mWS",790.75]
[99998066,"Ausstellungstück Poolpumpe NIAGARA 150 - 21,5 m3/h - 8 m WS, 1,12 kW - 230 Volt",365.83]
[99998067,"Ausstellungstück STA-RITE Pumpe 5P2RC-1 - 8 m3/h - 230 V",596.08000000000004]
[99998068,"Ausstellungstück PVC - Ü-Nippel D50/DA63 - 2 Zoll Außengewinde",3.25]
[99998069,"Ausstellungstück PVC - Kreuz DA50",10.75]
[99998070,"Ausstellungstück PVC - Winkel 45° D50",2.42]
[99998071,"Ausstellungstück PVC - Winkel 90° Klebe D50 - 1 1/2 \" AG",4.08]
[99998072,"Ausstellungstück PVC - Bogen 90° D50",7.42]
[99998073,"Ausstellungstück PVC - Übergangsstück - Klebemuffe D50 - 1,5 Zoll IG",4.92]
[99998074,"Ausstellungstück PVC - Ü-Nippel DA50 - 6/4 Zoll Außengewinde",3.25]
[99998075,"Ausstellungstück PVC - T-Stück 90° D50",3.25]
[99998076,"Ausstellungstück PVC - T-Stück 90° D63",4.92]
[99998077,"Ausstellungstück Reduktion DA63 / D50",2.08]
[99998078,"Ausstellungstück PVC - Muffe D63",4.08]
[99998079,"Ausstellungstück PVC - Winkel 90° D50",2.42]
[99998080,"Ausstellungstück PVC - Winkel 90° D63",4.08]
[99998081,"Ausstellungstück PVC - Rückschlagventil D50 mit 3/4 IG für Ablassventil",65.83]
[99998082,"Ausstellungstück PVC - Bogen 90° D63",10.75]
[99998083,"Ausstellungstück D63!! - PVC - Kugelhahn D63",33.25]
[99998084,"Ausstellungstück PVC - T-Stück 45° D63",11.58]
[99998085,"Ausstellungstück PVC - Kugelhahn D50",16.579999999999998]
[99998086,"Ausstellungstück PVC - Rückschlagventil D63",37.42]
[99998087,"Ausstellungstück PVC - Reduktion DA90/75",6.58]
[99998088,"Ausstellungstück PVC - Winkel 90° D75",8.25]
[99998089,"Ausstellungstück PVC - Winkel 45° D75",8.25]
[99998090,"Ausstellungstück PVC - Verschraubung D75 / D75",24.92]
[99998091,"Ausstellungstück PVC - Bogen 90° D75",15.75]
[99998092,"Ausstellungstück PVC - T-Stück 90° D75",12.42]
[99998093,"Ausstellungstück PVC - Kugelhahn D75",82.5]
[99998094,"Ausstellungstück Blue Lagoon UV-C Tech 40.000 / 40 Watt",249.17]
[99998095,"Ausstellungstück ANTHRAZIT !!!! ASTRAL Einbauskimmer (in der Mauer)",249.17]
[99998096,"Ausstellungstück ASTRAL Einbauskimmer",115.83]
[99998097,"Ausstellungstück ASTRAL Weithalsskimmer III, Saugöffnung 37x16 cm, Tiefe 580 mm",149.16999999999999]
[99998098,"Ausstellungstück ASTRAL Einbauskimmer II, Saugöffnung 21x15 cm, Tiefe 510 mm",140.83000000000001]
[99998099,"Ausstellungstück ASTRAL - Oberflächenabsauger SLIM 500 KS",181.17]
[99998100,"Ausstellungstück Einhängeskimmer-Set, verklebt (keine Kartusche inkludiert)",207.58]
[99998101,"Ausstellungstück OCEAN Einbauskimmer",190.83]
[99998102,"Ausstellungstück NEPTUN Oberflächenabsauger - ABS, Tiefe nur 245 mm.",132.5]
[99998103,"Ausstellungstück Standardskimmer - Stahlwandpool inkl. Einlaufdüse (A-050-B)",49.17]
[99998104,"Ausstellungstück ASTRAL Bodeneinlaufdüse - für Folienbecken - mengenverstellbar und verschließbar, Anschluss: 2\" AG / Klebemuffe 50 mm",101.67]
[99998105,"Ausstellungstück PREMIUM Einlaufdüse 18 mm - ABS",6.58]
[99998106,"Ausstellungstück PREMIUM Mauerdurchführung Lang 250 mm - ABS",14.92]
[99998107,"Ausstellungstück TITAN Wärmetauscher D-TWT 35 / 40 kW",699]
[99998108,"Ausstellungstück V4A Heizungswärmetauscher HWT 35 / 40 KW",273.83]
[99998109,"Ausstellungstück Elektrowärmetauscher Easy 3 kW",324.25]
[99998110,"Ausstellungstück 18 kW - Elektrowärmetauscher V4A, D-EWT, 400 V",374.25]
[99998111,"Ausstellungstück LED LAMPE FLACH - RGB mit Fernbedienung (ohne Einbauzubehör)",207.5]
[99998112,"Ausstellungstück Verteilerdose - Kabeldose für Scheinwerfer",13.25]
[99998113,"Ausstellungstück Ersatzbirne für Scheinwerfer 12 Volt / 300 Watt PAR 56",24.92]
[99998114,"Ausstellungstück LED-RGB Ersatzlampe (PAR56) für Einbauscheinwerfer inkl. FB",140.83000000000001]
[99998115,"Ausstellungstück AKTION - LED-Lampe (PAR56) WEISS, ABS-Gehäuse",90.83]
[99998116,"Ausstellungstück Akku LED Beleuchtung - WEISS",49.17]
[99998117,"Ausstellungstück Akku LED Beleuchtung - RGB",49.17]
[99998118,"Ausstellungstück BOMBA Einbautopf zu GSA - inkl. Flansch, Dichtungen, Schrauben",169.17]
[99998119,"Ausstellungstück BOMBA Sichtteil zu Einbautopf f. Gegenstromanlage (im Becken)",182.5]
[99998120,"Ausstellungstück Pneum. Steuerung f. Pumpe 4,0 kW / 400 V - 9 - 14 Ampere",215.83]
[99998121,"Ausstellungstück GEGENSTROMPUMPE 2,2 KW - 230 Volt, 8,6 A / 63 m3 / 4mWs",624.08000000000004]
[99998122,"Ausstellungstück Luftventile 3/8\" - Luftansaugung (Rückschlagventil)",15.83]
[99998123,"Ausstellungstück Filtersteuerung MAXI 230 Volt - mit Trafo 600 VA, FI 30mA, Zeitu",265.83]
[99998124,"Ausstellungstück Filtersteuerung MINI, 230 Volt (mit Zeituhr, 30 mA FI)",107.5]
[99998125,"Ausstellungstück SET! Salz & PH Anlage",2119.58]
[99998126,"Ausstellungstück ASTRAL Edelstahlblende für SLIM Skimmer 500 V4A",189.83]
[99998127,"Ausstellungstück Wasserstandsregler mechanisch - für Beton-, Folien und Fliese.",74.17]
[99998128,"Ausstellungstück ASTRAL Bodenablauf Kunststoff - Höhe 120 mm",41.58]
[99998129,"Ausstellungstück PREMIUM Bodenablauf / ABS f. Folie (inkl. Reduktion.63/50)",30.75]
[99998130,"Ausstellungstück ANTHRAZIT !! - PREMIUM Bodenablauf Nur Blende/Gitter",12.42]
[99998131,"Ausstellungstück ANTHRAZIT!! - PREMIUM Einlaufdüse 18 mm",8.25]
[99998132,"Ausstellungstück PREMIUM Flanschsatz Kunststoff - ABS",6.58]
[99998133,"Ausstellungstück Überwinterungsstopfen 1 1/2 mit O-Ring",5.75]
[99998134,"Ausstellungstück Winterstopfen Gummi - NW 42 - 50 mm AS",8.25]
[99998135,"Ausstellungstück Verlängerung 3-5 cm zu NEPTUN Bodenablauf/Absaugtopf",107.5]
[99998136,"Ausstellungstück AirCover-Reparaturset - blau",20.170000000000002]
[99998137,"Ausstellungstück Klebemasse 300 cm3 - Kartusche",12.42]
[99998138,"Ausstellungstück POOL MASTIC - 290ml",20.75]
[99998139,"Ausstellungstück Multibond - glasklar. Verfugung- u. Klebemasse, 310 ml",16.579999999999998]
[99998140,"Ausstellungstück Reparatur-Set für Schwimmbecken-Folie aus PVC",11.58]
[99998141,"Ausstellungstück MASTIC REPAIR - 2 Komponenten EPOXY",14.92]
[99998142,"Ausstellungstück REPARATUR - STREIFEN",8.25]
[99998143,"Ausstellungstück Pool Leckage Dichtmittel",33.25]
[99998144,"Ausstellungstück Eckprofil 90° - Breite 105 mm, für Folie Modell 3 - per Stk",11.58]
[99998145,"Ausstellungstück Rauchglaskonsolen für Luftpolsterfolien bis max. 4,5 x 8",215.83]
[99998146,"Ausstellungstück SOL+GUARD-Thermofolie 500 my, per m2, transparent - MUSTER",14.08]
[99998147,"Ausstellungstück Eisdruckpolster - 50 x 23 x 5 cm",8.25]
[99998148,"Ausstellungstück POOL SMART Plus - Steuerung für Wärmetauscher",365.83]
[99998149,"Ausstellungstück ASTRAL Rückspülventil 1 1/2 BASIC",624.25]
[99998150,"Ausstellungstück Abdrückarmatur",0]
[99998151,"Ausstellungstück 3-Wege-Motorstellantrieb D50 - 230 Volt",449.33]
[99998152,"Ausstellungstück PVC - 3-Wege Kugelhahn D50",74.17]
[99998153,"Ausstellungstück Poolpumpe TORPEDO 50 - 230 Volt - SA050M",232.5]
[99998154,"Ausstellungstück Wassersack - Länge 200 cm, 15 cm Durchmesser, schwarz",16.579999999999998]
[99998155,"Ausstellungstück Solardusche TONGA - 25 lt. Solartank, Glasfront schwarz/edelstahl",1332.83]
[99998156,"Ausstellungstück SET Pumpenvergleich",676.67]
[99998157,"Ausstellungstück WUNDER-STONE- ISOLIERSTEIN PS 50 +-10% Toleranz - SET",16.579999999999998]
[99998158,"Ausstellungstück WUNDER-STONE ENDSCHUBER",1.58]
[99998159,"Ausstellungstück POOLRIPP Rippenrohrkollektor",307.83]
[99998160,"Ausstellungstück SET Poolaufbau",746.58]
[99998161,"Ausstellungstück Sandfilteranlage LISBOA 500 - mit TORPEDO 100",554.83000000000004]
[99998162,"Ausstellungstück Fibalon rope 3D - Filtermaterial",29.08]
[99998163,"Ausstellungstück LISBOA Sandfilterkessel FS-600 - Polyester, ohne 6-Wegeventil",499.17]
[99998164,"Ausstellungstück LISBOA Sandfilterkessel FS-750 - Polyester, ohne 6-Wegeventil - HÖHE 120 CM",944.83]
[99998165,"Ausstellungstück Schnellentlüfter SET für Solaranlage",29.08]
[99998166,"Ausstellungstück ISO-MASSIV BIGSTONE PS 40 +-10% Toleranz - GERADE - bei Setkauf!",18.25]
[99998167,"Ausstellungstück ISO-MASSIV - ISOLIERPLATTE PS 50 +-10% Toleranz (100x50x5cm) Bodenisolierung, trittfest",13.25]
[99998168,"Ausstellungstück Schwalldusche Nevada / Bali - 30m3/h",1415.58]
[99998169,"Ausstellungstück Solardusche TRINIDAD - 25 lt. Solartank, Edelstahlfront",1165.75]
[99998170,"Ausstellungstück Mobile Aufrollvorrichtung (Edelstahl - Alu) - bis 550 cm Breite",215.83]
[99998171,"Ausstellungstück Rollabdeckplane auf Maß per m2 - ca. 80 cm Stangenabstand - MUSTER",62.42]
[99998172,"Ausstellungstück ROLLTROTT 2 - Eigenantrieb-Motorsystem",832.58]
[99998173,"Ausstellungstück Kurbel und Getriebe 1:3 - für Rollabdeckplane und Rollschutz (Dorn 13 x 13 mm)",165.83]
[99998174,"Ausstellungstück GRANIT versch. Sorten - MUSTER",982.5]
[99998175,"Ausstellungstück SpaBalancer - biologische Wasserpflege für Whirlpool",82.5]
[99998176,"Ausstellungstück SpaBalancer - UltraShock",36.67]
[99998177,"Ausstellungstück Catfish Ultra - (Schmutzsauger mit Akku)",124.17]
[99998178,"Ausstellungstück Bodensaugbürste Luxus - mit seitlichen Bürsten",19.079999999999998]
[99998179,"Ausstellungstück Fibalon compact PRO - für Whirlpools",30.75]
[99998180,"Ausstellungstück HIGH LEVEL POOL - MUSTER",3983]
[99998181,"Ausstellungstück MULTI CYCLONE PLUS - inkl. Kartuschenfilter - Zentrifugale Wasserfiltration",465.83]
[99998182,"Ausstellungstück Poolpumpe TORPEDO 33 - 230 Volt - SA033M",215.75]
[99998183,"Ausstellungstück Sole-Aqua Premium - Verdampfertopf beige",175.17]
[99998184,"Ausstellungstück Whirlpool - BLUE CONNECT Plus",637.16999999999996]
[99998185,"Ausstellungstück SpaBalancer - Teststreifen",7.67]
[99998186,"Ausstellungstück Saunafass - Fass-Sauna - KAPRUN",3332.5]
[99998187,"Ausstellungstück Set Edelstahl, 2-teilig",41.58]
[99998188,"Ausstellungstück Whirlpool CUBE ERGO - Graphitgrau",21381.58]
[99998189,"Ausstellungstück Whirlpool PULSE",9036.83]
[99998190,"Ausstellungstück Kombiofen Bi-O Therme 9,0 KW, 400 Volt",815.83]
[99998191,"Ausstellungstück Whirlpool QUANTUM",17207.580000000002]
[99998192,"Ausstellungstück Whirlpool TOUCH",8929.25]
[99998193,"Ausstellungstück Whirlpool ESSENCE",14422.33]
[99998194,"Ausstellungstück Whirlpool SUITE SPA",13288.25]
[99998195,"Ausstellungstück Infrarotkabine Hinterglemm",4166.58]
[99998196,"Ausstellungstück Infrarotkabine Obertauern",3333.58]
[99998197,"Ausstellungstück Whirlpool - FLORAL ESSENCE Aromatherapie",12]
[99998198,"Ausstellungstück Whirlpool HOME SPA - Weiss",19846.669999999998]
[99998199,"Ausstellungstück ROTLICHT NOVUM Infrabox - Weiss",290.83]
[99998200,"Ausstellungstück LED Farblichtgerät FL 630 RC - Fernbedienung u. Dimmer",190.83]
[99998201,"Ausstellungstück SET Infrarotstrahler versch. Sorten - MUSTER",3200]
[99998202,"Ausstellungstück DIMMER 1300 - 3 - Kombinierte Steuerung für Leistungs- und Zeitregelung für 3 Strahler",249.17]
[99998203,"Ausstellungstück Schutzgitter aus Holz für VSB Strahler",14.08]
[99998204,"Ausstellungstück SET - OPEN Polycarbonat-Lamellen 83 mm - MUSTER",140.83000000000001]
[99998205,"Ausstellungstück ECK - Einstelltreppe FLEXIBLE, Farbe WEISS",1550.33]
[99998206,"Ausstellungstück Handlauf zu Einstelltreppe inkl. Montageset",415.75]
[99998207,"Ausstellungstück Einhänge - Edelstahlleiter ENG 3-stufig",207.58]
[99998208,"Ausstellungstück WEKA Holzbecken - MUSTER",800]
[99998209,"Ausstellungstück aufblasbare Hauben - MUSTER",240]
[99998210,"Ausstellungstück Gebläsepumpe für aufblasbare Haube",82.5]
[99998211,"Ausstellungstück WPC Holzpool VIERECK - Ebensee",4500.5]
[99998212,"Ausstellungstück WPC Holzpool TECHNIK SET - MUSTER",1357.92]
[99998213,"ABVERKAUF WPC Holzpool Filteranlage FS300 SET",251.75]
[99999010,"ABVERKAUF - Poolpumpe TORPEDO 33 - 230 Volt",224.17]
[99999011,"ABVERKAUF - Poolpumpe TORPEDO 50 - 230 Volt",117.6]
[99999012,"ABVERKAUF - Poolpumpe TORPEDO 75 - 230 Volt",274.17]
[99999013,"ABVERKAUF - Poolpumpe TORPEDO 100 - 230 Volt",151.9]
[99999014,"ABVERKAUF - Poolpumpe TORPEDO 125 - 230 Volt",158.19999999999999]
[99999025,"Ausstellungstück Poolpumpe Hayward - 230 Volt",191.67]
[99999050,"ABVERKAUF - Poolpumpe EPV-150 Variable Poolpumpe - 6 bis 25m3/h - 230 V",415.83]
[99999051,"ABVERKAUF - SPECK BADU JET ACTIVE V2 - 0,75 KW - 230 Volt",1450.08]